{"text_format":"3","workbook":"xls","n_sheets":5,"sheets":["配件","机器零部件","其他资产类","钜全单价查询","精工单价查询"],"not_rendered":{"external_links":1,"defined_names":3},"read":"whole","date_system":"1900","formulas":"cached_only"}

{"sheet":"配件","index":0,"n_rows":189,"n_cols":5,"rows_kept":189,"merged":[[0,0,0,4]],"flags":["formulas_cached_only"]}
["配件类清单"]
["序号","零件号","名称","数量","备注"]
[1,"C015-0810","20Cr;8X28BO-168;活塞销",3000]
[2,"C015-0811","20Cr;8X22BO-219;活塞销;",38]
[3,"C015-0908","20Cr;9X29.6BO-183;活塞销",1033]
[4,"C015-0912","9X37B-235;换档定位轴",380]
[5,"C015-1245","20Cr;12X35.5B-193;活塞销",35987]
[6,"C015-1342","20Cr;13X30B;活塞销",99]
[7,"C015-1366","20Cr;13X40.5B;活塞销",3000]
[8,"C015-1369","20Cr;13X35.5B-186;活塞销",25000]
[9,"C015-1373","20Cr;13X30.5BO-197;销;",81]
[10,"C015-1403","20Cr;14X42A;活塞销",1397]
[11,"C015-1466","20Cr;14X36.2B-236;活塞销",150]
[12,"C015-1512","20Cr;15X43.5B;活塞销",471]
[13,"C015-1581","20Cr;15X38.3B;活塞销",100]
[14,"C015-1619","20Cr;16X45B;活塞销",2100]
[15,"C015-1622","20#;16X54.5B;活塞销",550]
[16,"C015-1703","20Cr;17X56B;活塞销",1820]
[17,"C015-1705","20Cr;17X57A;活塞销",142]
[18,"C015-1816","20Cr;18X53.5B;活塞销",896]
[19,"C015-1827","20Cr;18X56B-114;活塞销",3421]
[20,"C015-1924","20Cr;19X58.4B;活塞销",330]
[21,"C015-1926","20Cr;19.05X67B-100;销",953]
[22,"C015-2037","20Cr;20X56A;活塞销",60]
[23,"C015-2229","20Cr;22X70.7B;活塞销",281]
[24,"C015-2308","20Cr;23X66BO-165(2);销",2760]
[25,"C017-0908","单钩扣环;9.6X0.7BO-062",1075]
[26,"C017-0912","单钩扣环;9.2X0.7BO-103;",3264]
[27,"C017-1006","板型扣环;10.54X0.6BO-059",40288]
[28,"C017-1009","双钩扣环;10.5X0.8B-092;",2490]
[29,"C017-1110","单钩扣环;11.9X0.8BO-070",17]
[30,"C017-1114","单钩扣环;11.3X0.8B-105",105]
[31,"C017-1207","单钩扣环;12X1.00BO-060",36720]
[32,"C017-1208","单钩扣环;12X1.00BO-073",800]
[33,"C017-1211","无钩扣环;12X1.0BO-107;",969]
[34,"C017-1306","双钩扣环;13.9X1.0B-088",5866]
[35,"C017-1501","无钩扣环;15X1.00BO",2000]
[36,"C017-1504","单钩扣环;15X1.00BO",4000]
[37,"C017-1511","无钩扣环;15X1.0BO;",2102]
[38,"C017-1610","无钩扣环;16X1.00BO",1000]
[39,"C017-1612","无钩扣环;16.28X1.0B;黑线",500]
[40,"C017-1714","无钩扣环;17X1.00B-087;",18010]
[41,"C017-1715","无钩扣环;17.6X1.2B0-091;",200]
[42,"C017-1717","无钩扣环;17X1.0BO-115;",75]
[43,"C017-1802","无钩扣环;18X1.00A",7000]
[44,"C017-1804","无钩扣环;18X1.00B;黑线材",7090]
[45,"C017-1812","单钩扣环;18.5X1.2B-121;",3000]
[46,"C017-2104","无钩扣环;21X1.4B;黑线材",4800]
[47,"C017-2110","无钩扣环;21X1.2B-040黑线",2050]
[48,"C017-2112","无钩扣环;21X1.4B-214黑线",1100]
[49,"C017-2113","无钩扣环;21.4X1.2BO-100;",525]
[50,"C017-2115","无钩扣环;21X1.0B-118;",860]
[51,"C017-2203","无钩扣环;22X1.4B;黑线材",5000]
[52,"C017-2204","单钩扣环;22X1.4B",6500]
[53,"C017-2205","无钩扣环;22.55X1.6B;黑线",2560]
[54,"C017-2207","无钩扣环;22.05X1.4B;黑线",1088]
[55,"C017-2209","无钩扣环;22.55X1.4B;黑线",1600]
[56,"C017-2210","无钩扣环;22.9X1.4B;黑线",1400]
[57,"C017-2212","无钩扣环;22.558X1.4B-214",100]
[58,"C017-2214","无钩扣环;22X1.0B-117;",1830]
[59,"C017-2303","无钩扣环;23X1.4A",500]
[60,"C017-2304","无钩扣环;23X1.4B",250]
[61,"C017-2310","无钩扣环;23X1.4B-214黑线",700]
[62,"C017-2405","无钩扣环;24X1.4B-214黑线",1400]
[63,"C017-2505","无钩扣环;25X1.4B-214黑线",3300]
[64,"C017-2601","无钩扣环;26X1.6B;黑线材",500]
[65,"C017-2604","无钩扣环;26.08X1.6B-214;",1000]
[66,"C017-2710","单钩扣环;27X1.6BO",2000]
[67,"C017-3501","无钩扣环;35X1.8A",124]
[68,"C020-0608-000","CG125;STD;活塞环;",360]
[69,"C020-0609-000A","CG125;STD;活塞环;",314]
[70,"C020-1986-000","9291-310001;STD;活塞环",1503]
[71,"C020-2188-000","9189-332102;STD;活塞环",50]
[72,"C020-2199-000","9189-GP0101;STD;活塞环",118]
[73,"C020-2368-000","9189-334501;STD;活塞环",100]
[74,"C020-2375-000","9189-310801-A;STD;活塞环",100]
[75,"C020-2514-000","9189-311001;STD;活塞环",666]
[76,"C020-2521-000","P217AC-07A0004E;STD;环",200]
[77,"C020-2559-000","9189-MD2001;STD;活塞环",100]
[78,"C020-2580-000","9189-MD2001-1;STD;活塞环",88]
[79,"C020-2664-001","N5010520*;STD;第一道环",25250]
[80,"C020-2664-002","N5010530*;STD;第二道环",25250]
[81,"C020-2664-003","N5010540*;STD;专用油环",25250]
[82,"C020-2894-000","037.132.021;STD;活塞环",1074]
[83,"C020-3806-000","9189-312001;STD;活塞环;",546]
[84,"C020-3886-000","CG125;STD;活塞环",3000]
[85,"C020-3905-050","JOG50;0.50;活塞环",3000]
[86,"C020-3905-100","JOG50;1.00;活塞环",3000]
[87,"C020-3908-000","AX100;STD;活塞环",6000]
[88,"C020-3908-025","AX100;0.25;活塞环",3000]
[89,"C020-3908-050","AX100;0.50;活塞环",6000]
[90,"C020-3908-100","AX100;1.00;活塞环",3000]
[91,"C020-4020-000","9189-311501;STD;活塞环",130]
[92,"C020-4135-000","505155801;STD;活塞环;",106]
[93,"C020-4180-000","5219266;STD;活塞环;",147]
[94,"C020-4181-000","5219262;STD;活塞环;",113]
[95,"C020-4213-000","5226214;STD;活塞环;",90]
[96,"C020-4298-000","530-019283;STD;活塞环;",55]
[97,"C020-4301-000","576633001;STD;活塞环",3670]
[98,"C020-4497-000","51CC;STD;活塞环;",120]
[99,"C020-4578-001","K6020120;STD;第一道环;",50]
[100,"C020-4578-002","K6020120;STD;第二道环;",50]
[101,"C020-4578-003","K6020120;STD;专用油环;",50]
[102,"C020-4591-000","4134-034-3001-A;STD;环",98]
[103,"C020-4667-000","1140-034-3000-A;STD;环;",67]
[104,"C020-4747-001","N4020450;STD;第一道环;",40]
[105,"C020-4747-002","N5020250;STD;第二道环;",40]
[106,"C020-4747-003","N4020470;STD;油环;",40]
[107,"C020-4989-000","319407-2;STD;活塞环;",17]
[108,"C020-CK013","五金件;678001002(01)",60]
[109,"C020-CK014","五金件;678001003(01)",332]
[110,"C020-AR022-000","GB5;活塞环;STD",1638]
[111,"C020-AR022-025","GB5;活塞环;0.25",252]
[112,"C020-AR054-025","CB125T;活塞环;0.25",114]
[113,"C020-AR055-000","GY6;活塞环;STD",101]
[114,"C020-AR055-025","GY6;活塞环;0.25",45]
[115,"C020-AR055-050","GY6;活塞环;0.50",284]
[116,"C020-AR055-075","GY6;活塞环;0.75",7]
[117,"C020-AR056-000","4CW;活塞环;STD",51]
[118,"C020-AR056-025","4CW;活塞环;0.25",95]
[119,"C020-AR056-050","4CW;活塞环;0.50",1]
[120,"C020-AR056-075","4CW;活塞环;0.75",1]
[121,"C020-AR056-100","4CW;活塞环;1.00",1]
[122,"C020-AR059-025","XC125;活塞环;0.25",18]
[123,"C020-AR059-050","XC125;活塞环;0.50",148]
[124,"C020-AR062-000","CG125;活塞环;STD",55]
[125,"C020-AR062-050","CG125;活塞环;0.50",60]
[126,"C020-AR062-075","CG125;活塞环;0.75",1]
[127,"C020-RG004-000","TA55;活塞环;STD",276]
[128,"C020-RG004-025","TA55;活塞环;0.25",86]
[129,"C020-RG004-050","TA55;活塞环;0.50",286]
[130,"C020-RG004-075","TA55;活塞环;0.75",116]
[131,"C020-RG004-100","TA55;活塞环;1.00",129]
[132,"C020-RG035-000","AX100;活塞环;STD",90]
[133,"C9FH-035-000","AX100福环;STD",845]
[134,"C9GT-702-3-000","376缸套;STD",90]
[135,"C9GT-702-3-079","376缸套;79.5",102]
[136,"C9GT-702-3-080","376缸套;80",98]
[137,"C9GT-714-4-000","4G64缸套;STD",96]
[138,"C9GT-730-3-000","308缸套;STD",8]
[139,"C9GT-731-4-000","462缸套;STD",29]
[140,"C9GT-734-4-000","465缸套;STD",36]
[141,"C9GT-767-4-000","JGE1缸套;STD",45]
[142,"C9JB-022-000","GB5精品环;STD",1642]
[143,"C9JB-022-025","GB5精品环;0.25",259]
[144,"C9JB-043-000","WIN100精品环;STD",97]
[145,"C9JB-054-000","CB125T精品环;STD",579]
[146,"C9JB-054-025","CB125T精品环;0.25",1731]
[147,"C9JB-054-050","CB125T精品环;0.50",79]
[148,"C9JB-055-000","GY6精品环;STD",37]
[149,"C9JB-055-025","GY6精品环;0.25",291]
[150,"C9JB-055-050","GY6精品环;0.50",1629]
[151,"C9JB-055-075","GY6精品环;0.75",626]
[152,"C9JB-056-000","4CW精品环;STD",10]
[153,"C9JB-056-025","4CW精品环;0.25",5]
[154,"C9JB-062-025","CG125精品环;0.25",263]
[155,"C9JB-062-050","CG125精品环;0.50",405]
[156,"C9JB-062-075","CG125精品环;0.75",844]
[157,"C9JB-066-000","GS125精品环;STD",625]
[158,"C9JB-066-025","GS125精品环;0.25",310]
[159,"C9JB-067-000","CG150精品环;STD",27]
[160,"C9JB-067-025","CG150精品环;0.25",1166]
[161,"C9JB-067-050","CG150精品环;0.50",198]
[162,"C9JB-067-100","CG150精品环;1.00",40]
[163,"C9JB-702-3-000","TJ376精品环;STD",322]
[164,"C9JB-702-3-025","TJ376精品环;0.25",327]
[165,"C9JB-702-3-050","TJ376精品环;0.50",358]
[166,"C9JB-714-4-000","4G64精品环;STD",96]
[167,"C9JB-731-4-000","462精品环;STD",1163]
[168,"C9JB-731-4-025","462精品环;0.25",759]
[169,"C9JB-731-4-050","462精品环;0.50",348]
[170,"C9JB-734-4-000","465精品环;STD",36]
[171,"C9JB-734-4-025","465精品环;0.25",191]
[172,"C9JB-734-4-050","465精品环;0.50",55]
[173,"C9JB-761-4-000","4G63精品环;STD",96]
[174,"C9JB-767-4-000","JGE1精品环;STD",32]
[175,"C9LG-027-000","JH70连杆;STD",395]
[176,"C9LG-033-000","WIN100连杆;STD",299]
[177,"C9LG-053-000","CG125连杆;STD",1122]
[178,"C9LG-118-000","AX100连杆;STD",10]
[179,"C9LG-216-000","劲风90连杆;STD",3]
[180,"C9LG-228-000","4CW连杆;STD",38]
[181,"C9NP-022-000","JH70NPR环;STD",51]
[182,"C9NP-043-000","WIN100NPR环;STD",511]
[183,"C9NP-055-000","GY6NPR环;STD",342]
[184,"C9NP-055-025","GY6NPR环;0.25",494]
[185,"C9NP-062-000","CG125NPR环;STD",82]
[186,"C9NP-062-025","CG125NPR环;0.25",161]
[187,"C9NP-066-000","GS125ETNPR环;STD",5]

{"sheet":"机器零部件","index":1,"n_rows":2105,"n_cols":6,"rows_kept":2105,"merged":[[0,0,0,5]],"flags":["formulas_cached_only"]}
["机器零部件类清单"]
["序号","零件号","名称","零件说明","数量","备注"]
[1,"EAAH023","钨钢片;2.3X20X20",null,18]
[2,"EAAH028","钨钢片;2.7X3X17",null,219]
[3,"EAAH031","钨钢片;2.8X20X20",null,14]
[4,"EAAH037","钨钢片;3.3X20X20",null,14]
[5,"EAAH043","钨钢片;4.5X12.8X10",null,70]
[6,"EBGE001","温控表","FUJIRXV4TAY2-1V000",1]
[7,"EDF007","油温油面计;YF-3;","油田油压",1]
[8,"EDF011","油温油位计;LS-3″",null,3]
[9,"EDF011","油温油位计;LS-3″",null,2]
[10,"F040-0023","连杆螺栓;7CT-E1654-00;","M8X1.25-6g;泰州雅马哈7CT",900]
[11,"F040-0024","连杆螺栓;7CN-E1654-00;","M7×1.0-4h;泰州雅马哈7CN",2700]
[12,"F040-0025","连杆螺栓;嘉陵本田","90001-ZE1-0003;",19086]
[13,"F040-0027","连杆螺栓;Z7EA/ZE8;","M8×1.25;嘉陵本田ZIC.ZID",100]
[14,"F040-0028","Copeland连杆螺栓;","M6X0.75-6h6g;100-0440-00",2800]
[15,"F040-0029","Copeland连杆螺栓;","M8×1-6g;100-0440-01",300]
[16,"F040-0030","Copeland连杆螺栓;","M8×1-6g;100-0440-02",3621]
[17,"F040-0031","Copeland连杆衬套;","φ19×20;035-0437-00",3000]
[18,"F040-0032","Copeland连杆衬套;","φ22×23;035-0437-01",1120]
[19,"F040-0033","Copeland连杆螺母;","M8×1-6H;101-0169-00",2500]
[20,"F040-0039","GEA BOCK连杆六角头螺栓;","M6×40(10.9);ISO4014",296]
[21,"F040-0040","BOCK连杆平垫圈;","Washer DIN 125-6.4-300HV",296]
[22,"F040-0041","GEA BOCK连杆弹性销;","8×0.75×28;ISO13337",296]
[23,"F045-034","垫圈;5746456","富士华H465(D49)汽缸配件",5960]
[24,"F045-035","进(排)气阀;","545-234801",8000]
[25,"F045-036","橡胶密封圈","545-235101",8000]
[26,"F045-037","弹簧","545-235001",5500]
[27,"F045-038","弹簧挡圈","545-234901",3400]
[28,"F045-039","管接头;5034243;","富士华D49汽缸配件",3500]
[29,"F305-009","双头螺柱;0105060270;","M6×100L\r",8800]
[30,"JB034","兰皮本",null,2815]
[31,"JB034","兰皮本",null,1879]
[32,"JCAA005","限位开关;D4E-1A20N OMRON",null,69]
[33,"JCAA044","近接开关;E2E-X5ME1",null,1]
[34,"JCAA102","翘板明开关;250V/6A",null,3]
[35,"JCAA110","拉线开关;4A",null,10]
[36,"JCAA113","微动开关;KWX",null,3]
[37,"JCAA122","按钮开关;LA20-3H",null,1]
[38,"JCAA138","切换开关;ABS-111N",null,1]
[39,"JCAA139","切换开关;ASN111B",null,1]
[40,"JCAA140","切换开关;ASN311B",null,1]
[41,"JCAA141","切换按钮开关;XSPA-3020B",null,1]
[42,"JCAA144","转换开关;HZ10-10R3",null,1]
[43,"JCAA170","流量感应器;SI1010",null,1]
[44,"JCAA206","门锁装置开关;AY-SL161型",null,5]
[45,"JCAA222","电容式接近开关;","E2K-C25ME1;OMRON",2]
[46,"JCAB003","漆包线;0.23;方圆",null,16.5]
[47,"JCAB004","漆包线;0.25;方圆",null,20.0499992370605]
[48,"JCAB010","漆包线;0.51;方圆",null,19.5200004577637]
[49,"JCAB015","漆包线;0.75;方圆",null,19]
[50,"JCAB060","电线;124-2564/18AWG",null,1]
[51,"JCAB061","电线;124-2766/20AWG",null,1]
[52,"JCAB062","电线;124-2788/20AWG",null,1]
[53,"JCAC039","碘钨灯管;1000W",null,6]
[54,"JCAC042","碘钨灯架;1000W防雨型",null,2]
[55,"JCAC044","碘钨灯管;300W",null,5]
[56,"JCAC046","高压纳灯泡;HG100/110W",null,6]
[57,"JCAC047","高压钠灯泡;250W",null,2]
[58,"JCAC057","紫外线灯",null,1]
[59,"JCAC058","激光泵浦灯",null,2]
[60,"JCAC102","指示灯;AD17-22/AC220V红;","天逸",19]
[61,"JCAE011","三级空开;5A",null,4]
[62,"JCAE017","空气开关;单极L7-1/1/C",null,116]
[63,"JCAE082","熔芯;RL1-60/30A",null,7]
[64,"JCAE084","熔芯;RT19",null,48]
[65,"JCAE099","快速熔断器;150A/500V",null,3]
[66,"JCAE104","快速熔断器;RSO,500V/300A",null,7]
[67,"JCAE109","快速熔断器;RTO-600A",null,4]
[68,"JCAE110","快速熔断器;60A/500V",null,3]
[69,"JCAE134","三极空气开关;","BHC33C10;士林",19]
[70,"JCAF002","升降机按钮;KAN-AID型","D02LKAN-AID",6]
[71,"JCAF027","电位器旋钮;带刻度;","南通星火电位器厂",3]
[72,"JCAG031","钢精扎片;5#",null,3]
[73,"JCAG040","黄腊管;1MM",null,75]
[74,"JCAG049","线板;JC-4",null,14]
[75,"JCAG077","棉布扎带;Φ135mm;宽10MM",null,7]
[76,"JCAH008","端子盘;10A双层;天德",null,3600]
[77,"JCAH008","端子盘;10A双层;天德",null,100]
[78,"JCAH018","端子盘;20A单层",null,3380]
[79,"JCAH022","端子盘;30A单层;天德",null,380]
[80,"JCAH046","端子;ASD-CNSC0050;台达",null,5]
[81,"JCAH046","端子;ASD-CNSC0050;台达",null,15]
[82,"JCAH047","端子;ASD-CAEN0000;台达",null,4]
[83,"JCAH048","端子;ASD-CAPW0000;台达",null,2]
[84,"JCAH048","端子;ASD-CAPW0000;台达",null,28]
[85,"JCAH051","端子;ASD-CAEN1000;台达",null,5]
[86,"JCAH051","端子;ASD-CAEN1000;台达",null,20]
[87,"JCAH055","端子;ASD-CAPW0105;台达",null,16]
[88,"JCAH062","端子;ASD-CAWP2000;台达",null,1]
[89,"JCAH068","端子;","ASDBCAPW0000(动力);台达",11]
[90,"JCAH069","端子;","ASDBCAEN0000(CN2);台达",27]
[91,"JCAH081","端子;YDM30200347;台达",null,5]
[92,"JCAH082","端子;YDM30200447;台达",null,5]
[93,"JCAH083","端子;ASDBCNEP0000;",null,3]
[94,"JCAH083","端子;ASDBCNEP0000;",null,2]
[95,"JCAH084","端子;ASDBCNEP0100;",null,3]
[96,"JCAH084","端子;ASDBCNEP0100;",null,1]
[97,"JCAH084","端子;ASDBCNEP0100;",null,2]
[98,"JCAH085","端子;YDM30200100;台达",null,5]
[99,"JCAH085","端子;YDM30200100;台达",null,5]
[100,"JCAH087","重载接插件;48芯;螺钉连接","Weidmuller",3]
[101,"JCAH088","重载接插件;16芯;螺钉连接","Weidmuller",107]
[102,"JCAH089","重载接插件;10芯;螺钉连接","Weidmuller",30]
[103,"JCAJ001","润滑电机;MPDA20ZA01-35W",null,5]
[104,"JCAJ004","步进电机;3A",null,2]
[105,"JCAJ009","电机;1.5KW-4P-90L",null,8]
[106,"JCAJ011","减速电机;1/4HP490LES150",null,1]
[107,"JCAJ012","减速电机;E28-750-5-S",null,4]
[108,"JCAJ022","电机;Y112M-4-4KW(大连)",null,4]
[109,"JCAJ056","大连电机;Y100L1-4;JB/T9616-1999",null,15]
[110,"JCAJ067","大连产电机;Y90L-4",null,5]
[111,"JCAJ067","大连产电机;Y90L-4",null,2]
[112,"JCAJ069","电机;YEJ100L2-4",null,3]
[113,"JCAJ073","变速马达;4RK 25GN-4GK75K",null,3]
[114,"JCAJ094","变速马达;GF18-200-13S3B",null,2]
[115,"JCAJ103","大连主轴电机;Y100L2-4",null,9]
[116,"JCAJ138","伺服电机;ASMT10M250BK",null,1]
[117,"JCAJ203","伺服电机;ASMT30M250BK;台达",null,1]
[118,"JCAJ207","齿轮减速机;带刹车;强生;","QRW-67-Y0.75/4P-106.64M1",1]
[119,"JCAJ263","减速电机;带刹车;输出轴35","QRW-77-Y2.2/4P-46.72-M1",2]
[120,"JCAJ264","减速机;带刹车;输出轴孔35","QSFK-67-Y2.2/4P-24.11-M1",1]
[121,"JCAK045","行灯变压器JMB-4KVA 380V/2.5~5V",null,1]
[122,"JCAL013","电气箱;1220X600X355",null,1]
[123,"JCAL036","电气箱;480X300X150",null,1]
[124,"JCAL038","电气箱;200X420X480","图K",1]
[125,"JCAL040","气密机电控箱","ATEQ F2P F2P REF 103.00",1]
[126,"JCAL048","电气箱;550X430X220",null,1]
[127,"JCAL050","电气箱;610X400X180",null,3]
[128,"JCAL052","电气箱;720X710X200",null,1]
[129,"JCAL053","打标机控制箱",null,1]
[130,"JCAM033","电磁接触器","S-P11-10/110V",9]
[131,"JCAM034","电磁接触器","S-P16-10/110V",1]
[132,"JCAM037","交流驱动器","ASD-A0721LA;台达",9]
[133,"JCAM048","交流驱动器;ASD-A3023MA;台达",null,2]
[134,"JCAM065","伺服驱动器;ASD-A3023AB;台达",null,1]
[135,"JCAN001","电度表",null,1]
[136,"JCAN002","电表;三相6A",null,1]
[137,"JCAN017","电流表;42L6-A",null,1]
[138,"JCAN038","真空表;","760;1/4;浙江红旗",1]
[139,"JCAN039","氧气压力表",null,1]
[140,"JCAN042","防震压力表;25MPA-1/4",null,2]
[141,"JCAN045","气压表;0-10KG/表面直径50",null,1]
[142,"JCAN062","耐震压力表","YTN100-60MPA-M20X1.5",8]
[143,"JCAN066","乙炔减压器;YQE-222",null,2]
[144,"JCAN100","数显位控仪表;GL-3000-02;","广通",248]
[145,"JCAQ015","固态继电器;G3NH-2075B",null,18]
[146,"JCAQ025","热继电器;LRD08KN;施德耐",null,3]
[147,"JCAQ036","温度继电器;JVC-1W/80H",null,6]
[148,"JCAS024","快速驱动电流;KSD-1",null,11]
[149,"JCAS049","导电块组合;DK7732(苏三光",null,4]
[150,"JCAS099","行车刹车片;φ200;2T",null,1]
[151,"JCBB011","可编程序控制器;","FX3U-48MR-ES-A;",23]
[152,"JCBB016","控制器;CE-0085AR0415",null,3]
[153,"JCBB018","控制器;ZT870",null,3]
[154,"JCBB077","可编程序控制器;","FX2N-16MR-001;三菱",9]
[155,"JCBE002","功放三极管;","BU208A;东芝",10]
[156,"JCBE012","功放三极管;MJ15003",null,2]
[157,"JCBF001","可控硅;KS-200A P23-836",null,5]
[158,"JCBF003","可控硅;KP-100A/1000V",null,5]
[159,"JCBF005","可控硅;KP-200A/1000V",null,1]
[160,"JCBG003","吊扇电容器;2.5VF",null,5]
[161,"JCBG004","风扇电容器;2VF",null,5]
[162,"JCBH001","电路板",null,1]
[163,"JCBJ005","三菱PLC电源模块;A1S62PN",null,1]
[164,"JCBJ005","三菱PLC电源模块;A1S62PN",null,39]
[165,"JCBJ006","PLC扩展模块;20EDR",null,1]
[166,"JCBJ019","PLC扩展模块;FX2N-16EX",null,2]
[167,"JCBJ025","扩展模块;DVP08HM11N;台达",null,2]
[168,"JCBJ025","扩展模块;DVP08HM11N;台达",null,1]
[169,"JCBJ029","扩展模块;DVP48HP00R;台达",null,1]
[170,"JCBJ029","扩展模块;DVP48HP00R;台达",null,6]
[171,"JCBJ030","扩展模块;FX2N-48ER",null,9]
[172,"JCBJ034","扩展模块;DVP32HP00R;台达",null,1]
[173,"JCBJ034","扩展模块;DVP32HP00R;台达",null,1]
[174,"JCBJ036","扩展模块;FX2N-16EX16点输入;三菱",null,3]
[175,"JCBK006","计数器;H7CR-A",null,1]
[176,"JCBL008","电位器;1K1/2W",null,4]
[177,"JCBL058","编码转换器;PG-ABZ;台达",null,100]
[178,"JCCB1242","机械零件;","TE-A-XGCQJ-013",1]
[179,"JCCB1246","机械零件;","TE-A-XGCQJ-017",1]
[180,"JCCB2026","刮屑板（前）","te-b-zpx-037",8]
[181,"JCCB205","机械零件;","3R-50-III-ZDT-059",5]
[182,"JCCB2659","机械零件;","0003-P18-210",4]
[183,"JCCB3104","导螺杆;1/4″-28;UNF-2B",null,2]
[184,"JCCB3586","机械零件;5005-C09-290",null,2]
[185,"JCCB3587","机械零件;5005-C09-630",null,2]
[186,"JCCB3720","机械零件;","5005-N02-200",3]
[187,"JCCB3721","机械零件;","5005-N02-210",3]
[188,"JCCB3722","机械零件;","5005-N02-220",3]
[189,"JCCB3723","机械零件;","5005-N02-230",3]
[190,"JCCB3724","机械零件;","5005-N02-240",3]
[191,"JCCB3725","机械零件;","5005-N02-250",3]
[192,"JCCB3726","机械零件;","5005-N02-260",3]
[193,"JCCB3727","机械零件;","5005-N02-270",3]
[194,"JCCB3728","机械零件;","5005-N02-280",3]
[195,"JCCB3729","机械零件;","5005-N02-560",3]
[196,"JCCB3732","机械零件;","5005-N02-590",3]
[197,"JCCB3733","机械零件;","5005-N02-600",3]
[198,"JCCB3734","机械零件;","5005-N02-610",3]
[199,"JCCB3735","机械零件;","5005-N02-100",3]
[200,"JCCB3736","机械零件;","5005-N02-110",3]
[201,"JCCB3737","机械零件;","5005-N02-120",3]
[202,"JCCB3738","机械零件;","5005-N02-130",3]
[203,"JCCB3739","机械零件;","5005-N02-140",3]
[204,"JCCB3740","机械零件;","5005-N02-150",3]
[205,"JCCB3741","机械零件;","5005-N02-160",3]
[206,"JCCB3742","机械零件;","5005-N02-170",3]
[207,"JCCB3743","机械零件;","5005-N02-180",3]
[208,"JCCB3749","机械零件;","5005-N02-550",3]
[209,"JCCB4844","滚珠丝杆;上银;","PG005-0893-000-11",2]
[210,"JCCB-GNZZI","机械零件;GNZZI",null,4]
[211,"JCCB-HXVLM","机械零件;HXVLM",null,3]
[212,"JCCB-LHJKV","机械零件;LHJKV",null,5]
[213,"JCCC027","三杆吊式喷砂叶片",null,24]
[214,"JCCC033","滚珠丝杆;19X190",null,1]
[215,"JCCC034","滚珠丝杆;25X200",null,1]
[216,"JCCC036","滚珠丝杆;31X440",null,2]
[217,"JCCC038","滚珠导轨;SC20UU",null,4]
[218,"JCCC039","滚珠导轨;SC25UU",null,4]
[219,"JCCC132","气动手指;MHZ2-40S",null,1]
[220,"JCCC140","伺服气缸膜片;SA4",null,1]
[221,"JCCC141","液压马达;012-1140",null,2]
[222,"JCCC232","轴瓦;配空压机VA-80",null,4]
[223,"JCCC233","连杆;配空压机VA-80",null,2]
[224,"JCCC345","Y轴滚珠丝杆;WZALS;","配LNC-42车床",2]
[225,"JCCC346","X轴滚珠丝杆;OHJVU;","配LNC-42车床",2]
[226,"JCCC351","滚珠螺杆;1R25-12B1","-1FSWC-528-1040-0.018",1]
[227,"JCDA007","超薄气缸;","DA-25X20",2]
[228,"JCDA009","气缸;MAC-25X40",null,2]
[229,"JCDA011","气缸;32X110-32X120",null,1]
[230,"JCDA013","气缸;XGBK232×160LB",null,1]
[231,"JCDA016","气缸;XGBK1-32×60TC",null,2]
[232,"JCDA017","无杆气缸;M46032 M/690",null,1]
[233,"JCDA025","气缸;40X140-40X240",null,1]
[234,"JCDA027","气缸;40X200-40X400",null,1]
[235,"JCDA028","气缸;40X300",null,1]
[236,"JCDA028","气缸;40X300",null,3]
[237,"JCDA029","气缸;40X300-40X380",null,1]
[238,"JCDA030","气缸;40X360",null,2]
[239,"JCDA031","气缸;40X50",null,2]
[240,"JCDA035","气缸;50X125",null,3]
[241,"JCDA036","气缸;63X360",null,1]
[242,"JCDA037","气缸;63X370",null,1]
[243,"JCDA038","气缸;63X50",null,48]
[244,"JCDA038","气缸;63X50",null,6]
[245,"JCDA041","气缸;CA1BN40-500",null,5]
[246,"JCDA042","气缸;CA1BN40-600(LB)",null,13]
[247,"JCDA043","气缸;CA1BN40-680-L04",null,63]
[248,"JCDA045","气缸;CA1BN50-600",null,3]
[249,"JCDA045","气缸;CA1BN50-600",null,6]
[250,"JCDA058","气缸;CDQ2B32X15D",null,4]
[251,"JCDA062","气缸;CDQ2R32X75D",null,2]
[252,"JCDA065","气缸;MAL-CA;20×50",null,22]
[253,"JCDA066","气缸;CM2B20-85",null,4]
[254,"JCDA072","气缸;CQ2A50-10DM",null,12]
[255,"JCDA079","气缸;CQ2B50-25D",null,33]
[256,"JCDA080","短行程气缸","CQ2B50-30D;SMC",2]
[257,"JCDA102","气缸;MALV32X50-FA",null,2]
[258,"JCDA103","气缸;MBB32X175",null,1]
[259,"JCDA107","气缸;MBB-50B50-F1",null,4]
[260,"JCDA110","气缸;MDBB40-100",null,37]
[261,"JCDA112","气缸;MGPM20-50",null,3]
[262,"JCDA118","气缸;MXS12-50",null,1]
[263,"JCDA122","气缸;SC×63×35×FA",null,9]
[264,"JCDA125","薄型气缸;SDA20×30",null,3]
[265,"JCDA129","薄型气缸;SDA63×10",null,3]
[266,"JCDA132","行程气缸;SDA80×75",null,2]
[267,"JCDA133","气缸;SDAS20×10",null,4]
[268,"JCDA138","气缸;XQGK240×70CA",null,4]
[269,"JCDA146","回转摆动气缸","CRB1BW50×270S",28]
[270,"JCDA154","气缸;CDQ2A50-50DCM",null,1]
[271,"JCDA155","摆动气缸;CDRQBS40-180C",null,1]
[272,"JCDA160","薄型气缸;CQ2B80-20D",null,2]
[273,"JCDA162","薄型气缸;CQSB25-50DM",null,4]
[274,"JCDA163","气缸;DA25X10",null,7]
[275,"JCDA171","气缸;MBB63-300-FA",null,14]
[276,"JCDA172","气缸;MBB63X80SMC",null,2]
[277,"JCDA174","气缸;MDBB40-450",null,1]
[278,"JCDA174","气缸;MDBB40-450",null,2]
[279,"JCDA175","回转夹紧缸;MKA40-10R;","DMC",2]
[280,"JCDA186","气缸;SU-32×100-F1",null,12]
[281,"JCDA187","气缸;SU-32×60-F1",null,37]
[282,"JCDA189","气缸;XQGB32×55",null,5]
[283,"JCDA200","气缸;DX-50-25D",null,1]
[284,"JCDA201","气缸;MBB40*580L",null,2]
[285,"JCDA208","自动门气缸","CAIBL40-580-L04",91]
[286,"JCDA210","气缸;CDM2B-25-50",null,1]
[287,"JCDA211","气缸;MAL32×50-SDB-Y;",null,2]
[288,"JCDA225","空压转角缸;ASC-40SL×90DMC",null,1]
[289,"JCDA225","空压转角缸;ASC-40SL×90","DMC",2]
[290,"JCDA242","薄型汽缸;DA32×10",null,13]
[291,"JCDA243","薄型汽缸;DA40×10",null,18]
[292,"JCDA243","薄型汽缸;DA40×10",null,4]
[293,"JCDA246","薄型汽缸;DA63×10",null,10]
[294,"JCDA249","超薄气缸;DA32×60",null,13]
[295,"JCDA252","气缸;MKS20×20R",null,2]
[296,"JCDA254","气缸;TN10×50",null,17]
[297,"JCDA255","气缸;","MBB-50B700-F1;DMC",1]
[298,"JCDA256","气缸;DA40×50",null,3]
[299,"JCDA259","气缸;DA25×5",null,18]
[300,"JCDA259","气缸;DA25×5",null,27]
[301,"JCDA264","气缸;DA40×30",null,3]
[302,"JCDA267","空压转角缸;ASC-25SL×45",null,5]
[303,"JCDA268","空压转角缸;ASC-25SR×45",null,5]
[304,"JCDA269","气缸;DA20×100",null,6]
[305,"JCDA270","薄型气缸;CQ2B12-10D",null,4]
[306,"JCDA271","薄型气缸;CQ2B20-30D",null,20]
[307,"JCDA273","气缸;DMA-U-40×125FA;DMC",null,1]
[308,"JCDA280","空压转角缸;ASC-63DR×90",null,8]
[309,"JCDA286","气缸;DA32×5",null,2]
[310,"JCDA292","气缸;","MBB-50B500-F1;DMC",1]
[311,"JCDA297","气缸;SU-50×80-F1;DMC",null,19]
[312,"JCDA306","气缸;MBB80×50-FA",null,17]
[313,"JCDA321","超薄气缸;DA-40×25",null,2]
[314,"JCDA333","气缸;DAS-40×20;","DMC",2]
[315,"JCDA337","超薄气缸;DA-32×50-B;","DMC",3]
[316,"JCDA351","气缸;MSI-80×100;DMC",null,4]
[317,"JCDA360","超薄气缸;DA-32×60-B;DMC",null,1]
[318,"JCDA375","气缸;","MBB-50B1000-F1;DMC\r\n",1]
[319,"JCDA384","气缸;MBB-40×60-S-F2;DMC","带开关DC24V和固定架各1件",3]
[320,"JCDA389","气缸;SU-32×75-S-P4;DMC;","带开关DC24V和固定架各2件",2]
[321,"JCDA392","气缸;","DA-32×15-B;DMC",7]
[322,"JCDA453","气缸;SU80×50-S;","配感应开关及开关架;DMC",1]
[323,"JCDA454","气缸;ACQS50×50-B;亚德客","配感应开关及开关架",2]
[324,"JCDA461","气缸;CA1BN40-400;","SMC",12]
[325,"JCDA471","滑台气缸;STM-25×25-SD2;","气立可",4]
[326,"JCDB001","手控阀阀体;FESTO SV-3-M5",null,21]
[327,"JCDB024","气动电磁阀","SY5220-4DZD-01",21]
[328,"JCDB024","气动电磁阀","SY5220-4DZD-01",2]
[329,"JCDB025","气动电磁阀;","SY5220-4LZD-01;SMC",14]
[330,"JCDB027","气动电磁阀","SY5420-4LZD-01",8]
[331,"JCDB028","电磁阀;SY5520-4LZD-01",null,1]
[332,"JCDB032","气动电磁阀","SY7220-4DZD-02",2]
[333,"JCDB033","气动电磁阀","SY7420-4DZD-02",3]
[334,"JCDB034","电磁阀","V3108-001D-X56（AC100V）",1]
[335,"JCDB036","气动电磁阀","VF3530-4DZB-02",16]
[336,"JCDB038","气动电磁阀;VF5120-4D-03",null,5]
[337,"JCDB039","气动电磁阀;VF5220-4G-03",null,1]
[338,"JCDB042","气动电磁阀;VFS4210-4DB",null,23]
[339,"JCDB047","气动电磁阀","VS4220-024 SMC",17]
[340,"JCDB048","电磁阀;VX3224A-02-4DZ",null,1]
[341,"JCDB049","空压阀;VNB201A-15A",null,1]
[342,"JCDB054","与门气闸;ZK-PK-3",null,5]
[343,"JCDB058","气动单向节流阀;AS2000-01",null,36]
[344,"JCDB063","气动单向节流阀","AS3201F-03-10S",14]
[345,"JCDB064","手动换向阀;DRT-03-2B2-0",null,4]
[346,"JCDB065","节流阀;GRLA-M5-B",null,4]
[347,"JCDB073","气阀线圈","配4V110-06AC220V",3]
[348,"JCDB078","减压阀;AR2000",null,6]
[349,"JCDB116","气动机械阀;MSV86-52-1-PB",null,13]
[350,"JCDB125","气动机械换向阀","MSV86-32-1-PP",6]
[351,"JCDB240","二位二通直动式电磁阀;","DWU-50-AC220V-V;DMC",1]
[352,"JCDC006","金属消声器;AN200-02",null,30]
[353,"JCDC009","消声器;G1/4",null,6]
[354,"JCDC010","消音器;AN101-02(SMC)",null,27]
[355,"JCDC016","消声器;BSLM-01;亚德客",null,24]
[356,"JCDC018","消声器;BSL-04",null,4]
[357,"JCDD001","汇流板;200M1F;亚德客",null,6]
[358,"JCDD003","汇流板;PMF-100-2;DMC",null,21]
[359,"JCDD006","气路板底座;100M1F",null,4]
[360,"JCDD009","汇流板;PMF-200-2",null,1]
[361,"JCDD015","汇流板;200M-4F;DMC",null,2]
[362,"JCDE006","三点组合;AF3000-03D",null,1]
[363,"JCDE013","油雾分离器;AM150-03D-T",null,1]
[364,"JCDE017","三点组合;AC4000-03",null,1]
[365,"JCDE048","滤源处理器;GC600-20-F1;","亚德客",1]
[366,"JCDF003","空气滤清器;HS-1163;","油田油压",1]
[367,"JCDG003","气缸限流器","ASS2201FM-02-08S",7]
[368,"JCEA004","转角油缸;HSC-25SL×90DMC",null,1]
[369,"JCEA016","油缸;MOB-FA-40×30",null,3]
[370,"JCEA016","油缸;MOB-FA-40×30",null,2]
[371,"JCEA019","油缸;30X100",null,5]
[372,"JCEA019","油缸;30X100",null,12]
[373,"JCEA023","油缸;30X50",null,57]
[374,"JCEA023","油缸;30X50",null,65]
[375,"JCEA023","油缸;30X50",null,2]
[376,"JCEA029","油缸;40X110",null,3]
[377,"JCEA031","油缸;ROB40X110FB",null,9]
[378,"JCEA033","油缸;40-150",null,3]
[379,"JCEA033","油缸;40-150",null,16]
[380,"JCEA034","非标油缸;40X180",null,4]
[381,"JCEA034","非标油缸;40X180",null,3]
[382,"JCEA035","油缸;40X200",null,1]
[383,"JCEA037","油缸;40X60",null,32]
[384,"JCEA037","油缸;40X60",null,10]
[385,"JCEA038","油缸;40X80",null,31]
[386,"JCEA038","油缸;40X80",null,17]
[387,"JCEA043","油缸;50X150",null,1]
[388,"JCEA044","油缸;MOB-FA-φ50×180;","油田油压",4]
[389,"JCEA045","油缸;50X20",null,2]
[390,"JCEA045","油缸;50X20",null,2]
[391,"JCEA045","油缸;50X20",null,3]
[392,"JCEA046","油缸;50X20X25",null,2]
[393,"JCEA047","油缸;50X200",null,1]
[394,"JCEA048","中座油缸;50X240",null,68]
[395,"JCEA048","中座油缸;50X240",null,8]
[396,"JCEA059","油缸;80X60;TE-D-LXZ-011",null,3]
[397,"JCEA063","双出轴油缸;FA40X30",null,8]
[398,"JCEA063","双出轴油缸;FA40X30",null,30]
[399,"JCEA063","双出轴油缸;FA40X30",null,36]
[400,"JCEA064","双出轴油缸;FA40X60",null,18]
[401,"JCEA067","油缸;HCO-30-50",null,1]
[402,"JCEA073","油缸;HCO-FA-30X20",null,9]
[403,"JCEA075","油缸;HCO-FA-30-150",null,3]
[404,"JCEA076","油缸;HCO-FA-30-16-100",null,6]
[405,"JCEA084","油缸;HCO-FA-32-15",null,7]
[406,"JCEA087","油缸;HCO-FA-40-20-110",null,20]
[407,"JCEA090","油缸;HCO-FA-40-20-60",null,5]
[408,"JCEA093","油缸;HCO-FA-50-20-100",null,9]
[409,"JCEA100","油缸;HCO-FB-32-16-250",null,1]
[410,"JCEA100","油缸;HCO-FB-32-16-250",null,24]
[411,"JCEA100","油缸;HCO-FB-32-16-250",null,38]
[412,"JCEA103","油缸;HCO-LB-40-20-110",null,36]
[413,"JCEA104","油缸;HCO-LB-50-20-110",null,58]
[414,"JCEA104","油缸;HCO-LB-50-20-110",null,21]
[415,"JCEA105","油缸;HCO-LB-50-20-140",null,1]
[416,"JCEA106","油缸;HCO-LB-50-20-145",null,19]
[417,"JCEA110","油压旋转缸;H4C-80",null,6]
[418,"JCEA113","油缸;HOB-100-60",null,1]
[419,"JCEA114","油缸;HOB-100-650-55",null,3]
[420,"JCEA116","油缸;HOB-CA-100X426",null,6]
[421,"JCEA117","油缸;HOB-FA-100X120",null,3]
[422,"JCEA117","油缸;HOB-FA-100X120",null,3]
[423,"JCEA118","油缸;HOB-FA-125X650",null,1]
[424,"JCEA124","双出杆油缸;MDD30X60",null,1]
[425,"JCEA126","油缸;MOB-FA-30×100",null,5]
[426,"JCEA130","油缸;MOB40X100",null,15]
[427,"JCEA130","油缸;MOB40X100",null,70]
[428,"JCEA130","油缸;MOB40X100",null,98]
[429,"JCEA130","油缸;MOB40X100",null,10]
[430,"JCEA136","油缸;MOB-FA-50×90",null,50]
[431,"JCEA136","油缸;MOB-FA-50×90",null,64]
[432,"JCEA149","油缸HCO-FA-30-16-50",null,35]
[433,"JCEA152","油缸;HCO-FA-50-20-145",null,9]
[434,"JCEA153","油缸;50-30-145FA",null,128]
[435,"JCEA154","液压缸;HCO-FA-63-25-300",null,2]
[436,"JCEA160","油缸;MOB-FA-40×60",null,8]
[437,"JCEA160","油缸;MOB-FA-40×60",null,10]
[438,"JCEA160","油缸;MOB-FA-40×60",null,38]
[439,"JCEA161","油缸;MOB-FB-30×450",null,1]
[440,"JCEA162","油缸;MOB-FB-50×200",null,10]
[441,"JCEA162","油缸;MOB-FB-50×200",null,24]
[442,"JCEA165","非标油缸;30*40",null,19]
[443,"JCEA166","油缸;50*160",null,7]
[444,"JCEA168","油缸;MOB-FA-50×150;","油田油压",6]
[445,"JCEA168","油缸;MOB-FA-50×150;","油田油压",6]
[446,"JCEA168","油缸;MOB-FA-50×150;","油田油压",2]
[447,"JCEA171","油缸;MOB-FA-63×500-100",null,1]
[448,"JCEA177","转角油缸;HSC-63SL×90",null,3]
[449,"JCEA179","薄型油缸;HTB-SD40×35-W",null,4]
[450,"JCEA182","油缸;HCB 32/20 Z",null,18]
[451,"JCEA188","油缸;MOB-FA-40×40",null,10]
[452,"JCEA188","油缸;MOB-FA-40×40",null,6]
[453,"JCEA190","油缸;HCO-FB-32-16-270",null,1]
[454,"JCEA191","油缸;MOB-FA-40×50",null,8]
[455,"JCEA193","油缸;MOB-LB-30×450",null,4]
[456,"JCEA209","油缸;MOB-LB-φ30×320",null,2]
[457,"JCEA212","转角油缸;HSC-25SL×60",null,5]
[458,"JCEA216","薄型油缸;HCB50/60",null,6]
[459,"JCEA219","双轴油缸;MOD-φ50×100",null,1]
[460,"JCEA220","油缸;MOB-FB-φ30×300",null,5]
[461,"JCEA220","油缸;MOB-FB-φ30×300",null,5]
[462,"JCEA220","油缸;MOB-FB-φ30×300",null,3]
[463,"JCEA221","薄型油缸;HCB32/50Z",null,3]
[464,"JCEA222","油缸;MOB-FA-φ63×50",null,2]
[465,"JCEA227","油缸;MOB-FA-Φ50×360",null,2]
[466,"JCEA230","油缸;MOB-FA-φ40×120",null,1]
[467,"JCEA230","油缸;MOB-FA-φ40×120",null,2]
[468,"JCEA232","油缸;MOB-CA-63×130",null,3]
[469,"JCEA245","薄型油缸;HE40×10",null,1]
[470,"JCEA253","油缸;MOB-FA-Φ50×100",null,32]
[471,"JCEA253","油缸;MOB-FA-Φ50×100",null,19]
[472,"JCEA259","油缸;MOD-FA-Φ40×70;","油田油压",1]
[473,"JCEA261","油缸;MOB-FA-Φ63×400;","油田油压",1]
[474,"JCEA286","油缸;MOD-FA-φ50×95-10;","油田油压",2]
[475,"JCEA287","油缸;MOD-FA-φ50×95-45;","油田油压",4]
[476,"JCEA323","油缸;MOB-FA-φ50×350;","油田油压",4]
[477,"JCEA418","转角油缸;HSC-32 DR X90-E","嘉刚",3]
[478,"JCEA421","非标油缸;TKUDN;M14×1.5;","MOD-FA-φ40×70-56;油田;",6]
[479,"JCEA421","非标油缸;TKUDN;M14×1.5;","MOD-FA-φ40×70-56;油田;",20]
[480,"JCEB005","油路板;MMC-02-A-2",null,9]
[481,"JCEB015","油路板;YL-03F-3",null,207]
[482,"JCEB016","油路板;YL-03F-1",null,7]
[483,"JCEB016","油路板;YL-03F-1",null,205]
[484,"JCEB017","油路板;YL-03F-2",null,1]
[485,"JCEB017","油路板;YL-03F-2",null,30]
[486,"JCEB021","油路板;YL-03F-6",null,1]
[487,"JCEB021","油路板;YL-03F-6",null,7]
[488,"JCEB031","油路板;MMC-04B-3","油田油压",8]
[489,"JCEC001","电磁调速阀;SDF-G06-A220",null,2]
[490,"JCEC002","电磁阀;2GMF",null,1]
[491,"JCEC003","电磁阀;D4-02-2B2;油田",null,3]
[492,"JCEC005","电磁阀;D4-02-2D2",null,29]
[493,"JCEC005","电磁阀;D4-02-2D2",null,6]
[494,"JCEC006","电磁阀;D4-03-2B2-A2-5-LED;DMC",null,46]
[495,"JCEC006","电磁阀;","D4-03-2B2-A2-5-LED;DMC",33]
[496,"JCEC006","电磁阀;","D4-03-2B2-A2-5-LED;DMC",23]
[497,"JCEC006","电磁阀;D4-03-2B2-A2-5-LED;DMC",null,3]
[498,"JCEC009","电磁阀;D4-03-3C11",null,9]
[499,"JCEC010","电磁阀D4-03-3C2-A2-5-LED",null,3]
[500,"JCEC014","液压电磁阀;D5-03-2B2-A25",null,28]
[501,"JCEC014","液压电磁阀;D5-03-2B2-A25",null,156]
[502,"JCEC014","液压电磁阀;D5-03-2B2-A25",null,14]
[503,"JCEC016","液压电磁阀;D5-03-3C2",null,1]
[504,"JCEC016","液压电磁阀;D5-03-3C2",null,95]
[505,"JCEC019","电磁阀","DSG-03-2B2-A100-5074",1]
[506,"JCEC020","电磁阀","DSG-03-2B2A-A100-5074",1]
[507,"JCEC023","单向阀;CIT-08-A",null,25]
[508,"JCEC024","液控单向阀;CPD-T10-A1-E",null,2]
[509,"JCEC029","电磁换向阀;D4-03-3C2",null,14]
[510,"JCEC032","液压单向调速阀","FKC-G03-2B-L",13]
[511,"JCEC035","液压单向调速阀","FKC-G03-MAL",51]
[512,"JCEC036","液压单向调速阀","FKC-G03-MAR",47]
[513,"JCEC036","液压单向调速阀FKC-G03-MAR",null,9]
[514,"JCEC040","电控调速阀","FSC-G03-2-220-01",13]
[515,"JCEC044","调速阀（精搪孔机）","FPR-MGKS2-03-01",1]
[516,"JCEC049","调速器(日本)","HF2-PG2K-02A",1]
[517,"JCEC052","单向阀;CIT-04",null,57]
[518,"JCEC056","二位五通机控阀;K25C1-L6",null,8]
[519,"JCEC057","液压单向节流阀;KC-03;","油田油压",4]
[520,"JCEC063","减压阀;RCT-03-B",null,26]
[521,"JCEC063","减压阀;RCT-03-B",null,23]
[522,"JCEC066","单向节流阀;SRT-03",null,8]
[523,"JCEC071","交流阀用电磁铁;MFJ1-4.5",null,3]
[524,"JCEC072","交流阀电磁铁;MFJ1-5.5",null,3]
[525,"JCEC085","电磁阀线圈;220V","D5-3C4-3G",4]
[526,"JCEC093","叠加式减压阀;MRB-03B",null,5]
[527,"JCEC095","叠加式减压阀;MRP-03-A-M;","油田油压",29]
[528,"JCEC095","叠加式减压阀;MRP-03-A-M;","油田油压",11]
[529,"JCEC097","管式减压阀;RCT-03-B",null,121]
[530,"JCEC102","叠加电磁调速阀FMC-G0-03",null,28]
[531,"JCEC106","单向阀;CIT-03",null,14]
[532,"JCEC112","双电控电磁阀;","D4-03-3C2-A2;",81]
[533,"JCEC112","双电控电磁阀;","D4-03-3C2-A2;",23]
[534,"JCEC119","减压阀;R-03;DMC",null,17]
[535,"JCEC121","叠加式液控单向阀","PCVB-03-A",54]
[536,"JCEC124","机械流量控制阀;VM13",null,13]
[537,"JCEC131","液控单向阀;CPD-T03-A1-E",null,5]
[538,"JCEC137","液控单向阀;CPD-G03-A1-E;","油田油压",4]
[539,"JCEC140","液压单向调速阀","FKC-G03-04R",3]
[540,"JCEC141","液控单向阀;MCV-02P",null,3]
[541,"JCEC143","叠加式液控单向阀","PCVW-03-A",13]
[542,"JCEC144","叠加式减压阀;BRVA-03-LB",null,4]
[543,"JCEC185","电磁阀线圈;","VIA021-AC220V HDX",4]
[544,"JCEC190","电磁阀线圈;","4V210阀/110V;旭日",4]
[545,"JCEC191","叠加式减压阀","BRVP-04-L-B;油田油压",30]
[546,"JCEC192","电磁方向阀","D4-04-3C2-A2;油田油压",15]
[547,"JCEC193","液控单向阀","PCVW-04-B;油田油压",20]
[548,"JCEC194","电磁调速阀","HFKCS-G03-6-Ac220V;HDX",8]
[549,"JCEC199","叠加式减压阀;BRVP-03-A-M","直动型",30]
[550,"JCED003","过滤器杯;AF202D-02D",null,11]
[551,"JCED006","油过滤器;3",null,3]
[552,"JCED009","空气过滤器;AF911-20",null,1]
[553,"JCED026","油雾器;AL2000-02",null,1]
[554,"JCED027","油过滤器;SA-475A;复盛",null,2]
[555,"JCED060","滤水杯","配475A空压机",1]
[556,"JCED081","回油滤油器;SFW-04B",null,1]
[557,"JCEF002","防震油压表;250KG;","台湾登胜",3]
[558,"JCF011","变量泵;HVP-VE1-F40A2-R",null,1]
[559,"JCF040","柴油泵;S-25",null,2]
[560,"JCF040","柴油泵;S-25",null,1]
[561,"JCF112","耐腐蚀离心泵头;80FP-32;","新安江",2]
[562,"JCG007","油压电磁阀;DSG-02-3C2-A2",null,1]
[563,"JCG011","电磁阀;DSHG-03-3C12",null,2]
[564,"JCG012","电控溢流阀","SB-G-10-1PN-H-A2",2]
[565,"JCG017","叠加式单向节流阀","TVCW-03-L-Y",3]
[566,"JCG017","叠加式单向节流阀","TVCW-03-L-Y",1]
[567,"JCG023","单向调速阀;FKC-G02",null,26]
[568,"JCG024","调速阀;FKC-G03-02R",null,2]
[569,"JCG054","延时自闭冲水阀;8",null,2]
[570,"JCG083","齿轮减速器","5IK40GN-C/5GN60K",2]
[571,"JCG149","蝶阀;DN150;三厘;",null,5]
[572,"JCHA040","万能管束;16MM",null,7]
[573,"JCHA069","铜气管接头;15",null,4]
[574,"JCHA070","变径直接;25×15",null,2]
[575,"JCHA074","补芯;15",null,1]
[576,"JCHA084","变径外牙弯头;13/16-5/8",null,10]
[577,"JCHA090","变径弯头;20×15",null,1]
[578,"JCHA096","不锈钢弯头;40",null,79]
[579,"JCHA116","变径外牙直接头;13/16-3/4",null,3]
[580,"JCHA117","直接;φ15;水暖",null,1]
[581,"JCHA141","内牙接头;13/16",null,11]
[582,"JCHA162","接头;1/4X5/16",null,35]
[583,"JCHA183","塑料接头;φ8",null,980]
[584,"JCHA185","高速旋转接头;KSH06-02S;","SMC",2]
[585,"JCHA222","堵头;φ25",null,20]
[586,"JCHA225","堵头;φ50",null,2]
[587,"JCHA264","不锈钢外直接;φ40",null,2]
[588,"JCHA318","快插三通;Φ6",null,2]
[589,"JCHB001","空气管套筒;13/16-3/4",null,7]
[590,"JCHB002","筒套;1/4",null,18]
[591,"JCHB014","钢管三通;89",null,1]
[592,"JCHB017","三通接头;φ6",null,9]
[593,"JCHB018","三通接头;φ8",null,3]
[594,"JCHB057","浮动接头;DFC1014;",null,20]
[595,"JCHB065","铝盖直通;CK1/8-PK4",null,33]
[596,"JCHB075","铝盖直通;CK3/8-PK6",null,21]
[597,"JCHB082","拧盖弯头;GCK1/4-PK6",null,81]
[598,"JCHB084","拧盖弯头;GCK1/8-PK4",null,53]
[599,"JCHB098","快插式气路管接头","SC8-01(限出)",20]
[600,"JCHB099","快插式气路管接头;AC8-01",null,8]
[601,"JCHB100","快插式气路管接头;AY8",null,4]
[602,"JCHB101","快插式气路管接头;AZA8;","DMC",8]
[603,"JCHB104","螺纹直通气动管接头;","AC10-02;DMC",7]
[604,"JCHB124","螺纹直通气动管接头;","AC6-01;DMC",14]
[605,"JCHB125","快插直通;AC6-M5;DMC",null,7]
[606,"JCHB126","螺纹直通气动管接头;","AC8-01;DMC",5]
[607,"JCHB131","T型减径三通气动管接头;","AEG10-8;DMC",3]
[608,"JCHB135","T型减径三通;APEG12-10",null,1]
[609,"JCHB136","减径直通;APG10-8",null,2]
[610,"JCHB137","五通;APK8",null,3]
[611,"JCHB146","气路管减径三通","AWY12-8",4]
[612,"JCHB147","气路管减径三通","AWY12-10",13]
[613,"JCHB152","T型细纹三通;APB8-02",null,2]
[614,"JCHB153","T型减径三通气动管接头","AEG8-6",4]
[615,"JCHB209","浮动接头;DFC1012;","M12×1.25;DMC",3]
[616,"JCHB213","快插接头;MC8-M6",null,3]
[617,"JCHC006","铸造用油管三通;9586",null,7]
[618,"JCHC012","补心;G1/2-G3/8(钢)",null,25]
[619,"JCHC013","补心;G1/4-G1/8(钢)",null,19]
[620,"JCHC014","补心;G3/8-G1/4(钢)",null,22]
[621,"JCHC019","弯头;1/2",null,12]
[622,"JCHC024","外牙弯头;13/16",null,16]
[623,"JCHC025","外牙弯头;5/8",null,15]
[624,"JCHC026","油管弯头;3/8-3/8;铸铁",null,7]
[625,"JCHC028","油管弯头;3/8-3/8;钢管",null,34]
[626,"JCHC035","快速接头;1/8-6",null,100]
[627,"JCHC036","变径外牙直接头","11/16-13/16",3]
[628,"JCHC067","外牙管接头;1/2-1/2",null,30]
[629,"JCHC069","外牙管接头;PT1/8-PT1/4",null,4]
[630,"JCHC077","直通卡套接头;1/8-6",null,35]
[631,"JCHC124","油缸Y型直接头;M10×1.25","(带轴销、挡圈);DMC",20]
[632,"JCHD021","高压油管","OMB25 280KG-12X960JJ",1]
[633,"JCHD025","高压油管","OMB25 280KG-19X1000JK",1]
[634,"JCHD026","高压油管","OMB25 280KG-19X1600JJ",1]
[635,"JCHD029","高压油管","OMB25 280KG-25X1650KP",1]
[636,"JCHD036","高压油管;3/8X2000","H05C3/8*2000",23]
[637,"JCHD057","高压油管;8II×300",null,31]
[638,"JCHD061","高压油管;8II×650",null,50]
[639,"JCHD064","高压油管;8II×750",null,21]
[640,"JCHD064","高压油管;8II×750",null,4]
[641,"JCHD065","高压油管;8II×800",null,428]
[642,"JCHD067","高压油管;8II×850",null,68]
[643,"JCHD069","高压油管;8II×1000",null,25]
[644,"JCHD075","高压油管;8II×1800",null,7]
[645,"JCHD076","高压油管;8II×400",null,94]
[646,"JCHD077","高压油管;8II×500",null,438]
[647,"JCHD079","高压油管;8II×600",null,204]
[648,"JCHD079","高压油管;8II×600",null,60]
[649,"JCHD080","高压油管;8II×700",null,125]
[650,"JCHD080","高压油管;8II×700",null,65]
[651,"JCHD082","高压油管;8II×900",null,52]
[652,"JCHD127","PU管;4×2.5",null,200]
[653,"JCHD134","PU管;6×4",null,200]
[654,"JCHD148","空气胶管",null,30]
[655,"JCHD153","蛇皮金属管;Φ10",null,3]
[656,"JCHD254","热缩管;Φ10;永佳",null,200]
[657,"JCHD255","热缩管;Φ15;永佳",null,100]
[658,"JCHD275","高压油管;PT1/2×600;","DMC",10]
[659,"JDA036","硫酸;A.R;2.5L/瓶",null,232]
[660,"JDC003","铁佛龙润滑剂;D-7409",null,25]
[661,"JDE134","绝缘漆;","台鹏",5]
[662,"JE004","摩托车",null,1]
[663,"JFBB005","\"R1\"01L油;杉野;进口",null,1]
[664,"JGB003","识别卡塑料袋;10X6旁开",null,4700]
[665,"JGB047","活塞识别卡;QC-F204;黄色;","120g;97×60;带铁丝",5000]
[666,"JGB082","印刷卡纸;40×40MM;1000张","(深绿色 STD)",2]
[667,"JGB083","印刷卡纸;40×40MM;1000张","(深兰色 0.25)",2]
[668,"JGB084","印刷卡纸;40×40MM;1000张","(粉红色 0.50)",21]
[669,"JGB085","印刷卡纸;40×40MM;1000张","(鲜绿色 0.75)",2]
[670,"JGB086","印刷卡纸;40×40MM;1000张","(橙色 1.00)",2]
[671,"JGB087","印刷卡纸;40×40MM;1000张","(牙黄色 1.25)",1]
[672,"JGB088","印刷卡纸;40×40MM;1000张","(天蓝色 1.50)",1]
[673,"JGB089","印刷卡纸;40×40MM;1000张","(深黄色 1.75)",1]
[674,"JGB090","印刷卡纸;40×40MM;1000张","(紫色 2.00)",1]
[675,"JHC001","油杯;10X1",null,115]
[676,"JJDD014","滤袋;φ145×380L;","上海頣慧机电",10]
[677,"JJEA001","镶硬质合金顶针;2#",null,1]
[678,"JJEA002","镶硬质合金顶针;3#",null,1]
[679,"JJEA005","呆顶针;5#",null,2]
[680,"JJEC033","盘丝;K11C-200;","环球牌",4]
[681,"JJEC034","C型滑座;K11C-200;","环球牌",4]
[682,"JJEC039","超薄型夹盘;","SE-04;千岛",1]
[683,"JJEE002","弹簧夹头;Φ16",null,2]
[684,"JJEE033","夹具;614W8001",null,1]
[685,"JJEE036","筒夹;56.2",null,10]
[686,"JJEE038","夹头;10",null,1]
[687,"JJEE039","夹头;16",null,2]
[688,"JJEE041","夹头;25",null,4]
[689,"JJEE042","夹头;32",null,1]
[690,"JJEE066","弹性筒夹;ER25-16",null,1]
[691,"JJEE067","弹性筒夹;ER25-3",null,1]
[692,"JJEE068","弹性筒夹;ER25-7",null,1]
[693,"JJEE095","六角筒夹;C-6489 Φ5.0",null,12]
[694,"JJEE100","钻夹头;0.6-6",null,5]
[695,"JJEE120","筒夹;C-6×φ5.5",null,16]
[696,"JJEE138","钻夹;C-9×φ4.4",null,19]
[697,"JJEE139","钻夹;CT-9×φ5.5",null,49]
[698,"JJEE140","钻夹;CT-9×φ5.0",null,13]
[699,"JJEE146","筒夹;C-9×φ7.3",null,6]
[700,"JJEE147","筒夹;CS-12-φ8.3;附牙",null,4]
[701,"JJEE148","筒夹;CS-12-φ11;附牙",null,8]
[702,"JJEE149","筒夹;CS-14-φ12;附牙",null,2]
[703,"JJEF002","铣刀套",null,1]
[704,"JJEF005","铣刀套;12",null,3]
[705,"JJEF006","铣刀套;14",null,3]
[706,"JJEF007","铣刀套;18",null,1]
[707,"JJEF011","铣刀套;3",null,1]
[708,"JJEF012","铣刀套;3-1",null,1]
[709,"JJEF013","铣刀套;4",null,3]
[710,"JJEF014","铣刀套;5",null,4]
[711,"JJEF017","铣刀套;8",null,7]
[712,"JJEF024","莫氏锥套;4#",null,1]
[713,"JJEG006","光轴;SFC16-160-0",null,4]
[714,"JJEG007","光轴;SFC20-592-0;LMK20UU",null,6]
[715,"JJEG008","光轴;SFC25-161-0",null,6]
[716,"JJEG009","光轴;SFC30-1416-0",null,2]
[717,"JJEG014","机械轴;AD5-85;T-108",null,14]
[718,"JJEG053","多轴器钻轴;911250","攻牙机T-360",2]
[719,"JJEG055","多轴器钻轴;930640A","攻牙机T-360",2]
[720,"JJEG056","多轴器钻轴;930990A","攻牙机T-360",1]
[721,"JJEG059","传动轴;12件号","A-116钻孔可调多轴器",7]
[722,"JJEH020","三心架",null,4]
[723,"JJEH022","六面体平台",null,2]
[724,"JJEH023","机床夹",null,1]
[725,"JJEH024","铣床配件",null,1]
[726,"JJEH027","锥柄;MASI/BT40拉钉450",null,1]
[727,"JJEH028","直角座",null,4]
[728,"JJEH046","法兰盘堵板;89",null,1]
[729,"JJH133","打字胶带;9M/M",null,5]
[730,"JJJ019","高铝超硬板;600×400×50",null,25]
[731,"JJJ095","涂模剂;193T;Acheson",null,40]
[732,"JKAA022","压线钳;YYT8",null,1]
[733,"JKAA044","快速夹钳;GH-203-F;嘉刚",null,20]
[734,"JKAA070","快速夹钳;GH-305-EM;","GOODHAND",13]
[735,"JKAA072","气动夹钳;CH-36003-A;","台湾嘉刚",2]
[736,"JKAB073","钩形扳手",null,8]
[737,"JKAB101","风动扳手接头;4MM;内六角",null,3]
[738,"JKAB108","风动扳手接头;8MM;内六角",null,7]
[739,"JKAB112","套筒扳手;10-32",null,1]
[740,"JKAB175","套筒扳手;NANYU E8",null,4]
[741,"jkad008","油漆喷涂枪;W-71;木子牌",null,2]
[742,"JKAE021","叉车工具箱",null,1]
[743,"JKCB007","带锯条;27×4470×3/4T;","斯尔",30]
[744,"JKCG008","丝锥;10;渭河",null,2]
[745,"JKCH001","扳牙;1/2",null,1]
[746,"JKEAA007","普通直柄麻花钻;1.3",null,80]
[747,"JKEAA013","普通直柄麻花钻;","1.8;上海工具厂",27]
[748,"JKEAA038","普通直柄麻花钻;","2.4;上海工具厂",12]
[749,"JKEAA042","普通直柄麻花钻;2.0加长;","φ2.0×刃长56×85L;上工",50]
[750,"JKEAA046","普通直柄麻花钻;","3;上海工具厂",48]
[751,"JKEAA047","普通直柄麻花钻;3.1",null,56]
[752,"JKEAA048","普通直柄麻花钻;3.2",null,20]
[753,"JKEAA052","普通直柄麻花钻;3.7",null,88]
[754,"JKEAA053","普通直柄麻花钻;","3.8;上海工具厂",30]
[755,"JKEAA061","普通直柄麻花钻;4.4",null,14]
[756,"JKEAA068","普通直柄麻花钻","φ4×刃长78×119L",5]
[757,"JKEAA185","普通直柄麻花钻","φ4.5×刃长82×126L",5]
[758,"JKEAB123","压钉套筒直柄钨钢钻头","φ1.455X25X45;TT-DSK-11",22]
[759,"JKEAB124","压钉套筒直柄钨钢钻头","φ1.585X25X45;TT-DSK-117",20]
[760,"JKEAB126","压钉套筒直柄钨钢钻头","φ1.985X25X45;TT-DSK-117",19]
[761,"JKEAB127","压钉套筒直柄钨钢钻头","φ2.385X25X45;TT-DSK-117",20]
[762,"JKEAB128","压钉套筒定柄钨钢钻头","φ1.1X19X40L;TT-DSK-118",17]
[763,"JKEAB129","压钉套筒定柄钨钢钻头","φ1.3X19X40L;TT-DSK-118",15]
[764,"JKEAB130","压钉套筒定柄钨钢钻头","φ1.5X19X40L;TT-DSK-118",32]
[765,"JKEAB131","压钉套筒定柄钨钢钻头","φ1.7X19X40L;TT-DSK-118",20]
[766,"JKEAB132","压钉套筒定柄钨钢钻头","φ1.9X19X40L;TT-DSK-118",25]
[767,"JKEAB133","压钉套筒定柄钨钢钻头","φ2.3X19X40L;TT-DSK-118",19]
[768,"JKEAB261","直柄钨钢钻头;","φ1.56(0+0.005)X刃10X30L",10]
[769,"JKEAB267","直柄钨钢钻头;","φ1.43(0+0.005)X刃10X30L",20]
[770,"JKEAB268","直柄钨钢钻头;","φ1.20(0+0.005)X刃10X30L",29]
[771,"JKEAB269","直柄钨钢钻头;","φ1.76(0+0.005)X刃10X30L",8]
[772,"JKEAB270","直柄钨钢钻头;","φ1.96(0+0.005)X刃10X30L",42]
[773,"JKEAB279","直柄钨钢钻头;","φ2.08(0+0.005)X刃10X30L",29]
[774,"JKEAB280","直柄钨钢钻头;","φ1.0(0-0.005)X刃10X30L",36]
[775,"JKEAC005","中心钻;","带护锥;5;上海工具厂",3]
[776,"JKEAC006","中心钻;B型;6.3",null,2]
[777,"JKEAC008","中心钻;A3.15/8GB6078-85",null,15]
[778,"JKEAH215","合金二刃钻头","φ1.75×刃长16×50L",15]
[779,"JKEAH233","合金二刃钻头;GB1435-85","φ2.1×刃长15×40L",10]
[780,"JKEAH248","合金二刃钻头","φ2.9×刃长25×80L;钢用",5]
[781,"JKEAH276","合金二刃钻头;","φ1.8×刃长40×80L",50]
[782,"JKEAH280","合金二刃钻头;","φ2.9×刃长15×45L;钢用",10]
[783,"JKEB012","机用铰刀;3",null,5]
[784,"JKEB013","机用铰刀;4",null,6]
[785,"JKEB024","手用铰刀;3",null,5]
[786,"JKEB025","手用铰刀;4",null,10]
[787,"JKED002","平面砂轮;KINIK WA60MB30A",null,47]
[788,"JKED005","带柄砂轮;25X10X6;","EDMMOLYS",14]
[789,"JKED035","砂轮片","GC80H12V1A;305X32X76.2",1]
[790,"JKED036","外磨砂轮","GC60L5V;300X40X127",1]
[791,"JKED043","外圆磨砂轮;锚牌","WA60K;300X40X127",2]
[792,"JKED052","CBN砂轮","350DX6UX20TX4XX152.4H",3]
[793,"JKED054","砂轮;GC80L","200X25X32;绿色",4]
[794,"JKED055","砂轮;GC60L;150X20X32;绿",null,2]
[795,"JKED071","抛光布轮;150×32×20",null,1]
[796,"JKED080","钻石砂轮;325#",null,1]
[797,"JKED081","钻石砂轮","KINIK 6A2150X25X15.88",3]
[798,"JKED117","软珩磨刷","B1BC38MM180AO/SC",60]
[799,"JKED118","砂轮;GC-100K8V",null,3]
[800,"JKED167","碗形钻石砂轮","150×27×32×10×5",1]
[801,"JKED194","软珩磨刷","B1BC35MM180AO/SC",148]
[802,"JKED369","磨R机修整器砂轮;","80×24×13",30]
[803,"JKED382","陶瓷基砂轮;W5808;","φ125×10×5×φ25;中拓",6]
[804,"JKEGC025","去大中心窝刀垫;A:15",null,60]
[805,"JKEJC004","圆粗外径车刀;60左",null,5]
[806,"JKEJC005","圆外径车刀;H＝80",null,9]
[807,"JKEJC006","圆粗外径车刀;80左",null,9]
[808,"JKEJJ004","钨钢棒;2X100",null,69]
[809,"JKEJJ006","钨钢棒;3X10",null,582]
[810,"JKEJJ007","钨钢棒;3X100",null,149]
[811,"JKEJL005","去中心窝铣刀;4BC2-19",null,1]
[812,"JKEJL006","去中心窝铣刀;4BE1-40.2",null,2]
[813,"JKEJL007","去中心窝铣刀;4JA1-32",null,6]
[814,"JKEJL008","去中心窝铣刀;4JA1-35",null,3]
[815,"JKEJL009","去中心窝铣刀;4JB1-36",null,1]
[816,"JKEJL010","去中心窝铣刀;CT484Q",null,4]
[817,"JKEJL011","去中心窝铣刀","HZ410ZQ-34.5",2]
[818,"JKEJP008","头部成型车刀","14B-R2.5;TF-SDI-091-1",6]
[819,"JKEJP009","头部成型车刀","14B-R5;TF-SDI-091-2",5]
[820,"JKEJP012","头部成型车刀;186F",null,2]
[821,"JKEJP017","头部成型车刀;6BD1",null,3]
[822,"JKEJP018","头部成型车刀;6D15",null,3]
[823,"JKEJP025","头部成型刀;依维柯",null,9]
[824,"JKEJQ002","头部球形铣刀;4BC2  19",null,1]
[825,"JKEJQ003","头部球形铣刀;4JA1  14",null,7]
[826,"JKEJQ005","头部球形铣刀;4JB1  R7.5",null,12]
[827,"JKEJQ006","头部球形铣刀","CT484Q  R4.5",5]
[828,"JKEJQ007","头部球形铣刀;CT484Q  R5",null,5]
[829,"JKEJQ008","头部球形铣刀;HZ410ZQ",null,1]
[830,"JKEJQ013","头部阀刀铣刀;4BC2  20",null,2]
[831,"JKEJQ014","头部阀门铣刀;4BC2  34.5",null,2]
[832,"JKEJQ015","头部阀门铣刀;4BC2  40",null,2]
[833,"JKEJQ016","头部阀门铣刀;4BC2  48",null,1]
[834,"JKEJQ018","头部阀门铣刀;4JA1  39.5",null,1]
[835,"JKEJQ019","头部阀门铣刀;4JA1 39.8",null,1]
[836,"JKEJQ020","头部阀门铣刀;4JA1  44.2",null,1]
[837,"JKEJQ021","头部阀门铣刀;4JA1  44.3",null,1]
[838,"JKEJQ022","头部阀门铣刀","4JB1-1  39.4",5]
[839,"JKEJQ023","头部阀门铣刀","4JB1-1  39.8",1]
[840,"JKEJQ024","头部阀门铣刀;4JB1  39.8",null,2]
[841,"JKEJQ025","头部阀门铣刀;4JB1  44.3",null,1]
[842,"JKEJQ026","头部阀门铣刀;6BD1  47",null,3]
[843,"JKEJQ027","头部阀门铣刀;6D14  41.5",null,2]
[844,"JKEJQ028","头部阀门铣刀;C223  42.4",null,2]
[845,"JKEJQ029","头部阀门铣刀;大众81  16",null,4]
[846,"JKEJQ030","头部阀门铣刀;大众81  28",null,2]
[847,"JKEJQ031","头部阀门铣刀;R376Q  26.8",null,6]
[848,"JKEJQ032","头部阀门铣刀;R376Q  29",null,1]
[849,"JKEJQ033","头部阀门铣刀;R376Q  29.2",null,5]
[850,"JKEJQ034","头部阀门铣刀","SY55 SY62  19",5]
[851,"JKEKA001","耐磨环用板车刀杆",null,100]
[852,"JKEKB003","内径倒角刀杆","12X41-DSK-012",255]
[853,"JKEKB005","钻石内径车刀刀体","8X40-DSK-084-1/2",50]
[854,"JKEKG001","头部粗车刀柄","TT-DSK-088-1/2-1",90]
[855,"JKEKG002","头部精车刀柄","TT-DSK-088-2/2-1",90]
[856,"JKELA002","钨钢片;1.3X20X20",null,13]
[857,"JKELA004","钨钢片;1.5X20X20",null,17]
[858,"JKELA009","钨钢片;1.8X20X20",null,19]
[859,"JKELA036","钨钢片;3.8X20X20",null,21]
[860,"JKELA048","钨钢片;4.3X20X20",null,9]
[861,"JKELA049","钨钢片;4.5X3X17",null,135]
[862,"JKELA050","钨钢片;4.5X5X12",null,98]
[863,"JKELB014","硬质合金刀片;B214",null,39]
[864,"JKELB015","硬质合金刀片;C110",null,367]
[865,"JLCC002","盖板坯",null,116.699996948242]
[866,"JLCC003","顶模坯",null,42.2299995422363]
[867,"JLCC004","嵌块坯",null,93.3000030517578]
[868,"JLCC005","外模坯",null,661.599975585938]
[869,"JLCC016","凹形铁;FS;160",null,15]
[870,"JLCC023","凹形铁;85",null,50]
[871,"JLCC041","铸铁块;100×150×180",null,2]
[872,"JLCC059","外模;2T;39.8kg",null,13]
[873,"JLCC060","外模;B1-1;25kg",null,15]
[874,"JLCC061","外模;B2-1;36kg",null,3]
[875,"JLCC062","外模;B5-1;24.8kg",null,3]
[876,"JLCC063","外模;B6-1;20.5kg",null,11]
[877,"JLCC066","外模;D21;24.9kg",null,5]
[878,"JLCC067","外模;D32;29kg",null,4]
[879,"JLCC071","外模;F3-1;20kg",null,32]
[880,"JLCC073","外模;F4-1;11.7kg",null,24.5]
[881,"JLCC075","外模;F5-1;15.1kg",null,7]
[882,"JLCC076","外模;F6;19.5kg",null,3]
[883,"JLCC079","外模;G4;11.6kg",null,22]
[884,"JLCC082","外模;G8-1;40.6kg",null,13.5]
[885,"JLCC083","外模;G8-1-1;43.5kg",null,1]
[886,"JLCC084","外模;G8-2;31kg",null,16]
[887,"JLCC085","外模;G8-3;34kg",null,18.5]
[888,"JLCC086","外模;G8-4;45kg",null,23]
[889,"JLCC087","外模;G8-5;53kg",null,20.5]
[890,"JLCC088","外模;G8-6;33.7kg",null,11]
[891,"JLCC089","外模;G9;29.6kg",null,6]
[892,"JLCC091","外模;H1-1;15.5kg",null,10]
[893,"JLCC097","外模;H6-1;17kg",null,2]
[894,"JLCC098","外模;H7;20kg",null,1.5]
[895,"JLCC102","外模;K6;17.8kg",null,1]
[896,"JLCC105","外模;T1;13.5kg",null,41]
[897,"JLCC106","外模;T2;13.3kg",null,29]
[898,"JLCC107","外模;T3;14kg",null,44]
[899,"JLCC108","外模;T4;15.7kg",null,35]
[900,"JLCC109","外模;T5;16kg",null,44]
[901,"JLCC110","外模;复盛120;49.5kg",null,1]
[902,"JLCC122","底模;Φ140;7.4kg",null,15]
[903,"JLCC123","底模;Φ140;加高;11.4kg",null,17]
[904,"JLCC124","底模;Φ150;13kg",null,2]
[905,"JLCC125","底模;Φ170;15.2kg",null,31]
[906,"JLCC126","外模;B4-1;24.25kg",null,5]
[907,"JLCC128","铸铁内模坯","FCD450-04-CG125;3.3KG",22]
[908,"JLCC150","铸铁内模坯","FCD450-06-ET950;2KG",19]
[909,"JLCC151","铸铁内模坯","FCD450-10-GB5;2.1KG",16]
[910,"JLCC152","铸铁内模坯","FCD450-03-GN5;2.3KG",30]
[911,"JLCC153","铸铁内模坯","FCD450-12-GY6;2.5KG",22]
[912,"JLCC154","铸铁内模坯","FCD450-08-CB125;3KG",12]
[913,"JLCC155","铸铁内模坯","FCD450-07-EX170;3.5KG",10]
[914,"JLCC156","铸铁内模坯","FCD450-05-EX270;4.5KG",26]
[915,"JLCC158","铸铁内模坯","FCD450-02-186F;6KG",1]
[916,"JLCC160","铸铁内模坯","FCD450-11-L110;3KG",27]
[917,"JLCC164","内模坯;3.806KG;","FCD450-40-28123411H3",1]
[918,"JLCC169","内模坯;3.544KG;","FCD450-45-KVC",19]
[919,"JLCC171","内模坯;1.505KG;","FCD450-47-GFC",13]
[920,"JLCC172","内模坯;2.855KG;","FCD450-48-LH150T",1]
[921,"JLCC175","内模坯;5.795KG;","FCD450-27-7CR",9]
[922,"JLCC176","内模坯;2.815KG;","FCD450-28-CG150-005-2161",3]
[923,"JLCC178","内模坯;2.284KG;","FCD450-30-豪迈60-1",17]
[924,"JLCC179","内模坯;3.99KG;","FCD450-31-LH250",23]
[925,"JLCC180","内模坯;2.284KG;","FCD450-32-KTT",1]
[926,"JLCC182","内模坯;2.71KG;","FCD450-34-KRW",1]
[927,"JLCC184","内模坯;2.34KG;","FCD450-36-5WB",8]
[928,"JLCC185","内模坯;3.644KG;","FCD450-37-CN175",25]
[929,"JLCC187","内模坯;3.555KG;","FCD450-39-豪汉150",3]
[930,"JLCC189","内模坯;3.39KG;","FCD450-14-KEW",15]
[931,"JLCC191","内模坯;4.87KG;","FCD450-16-KM178FA",6]
[932,"JLCC192","内模坯;4.92KG;","FCD450-17-TU5",3]
[933,"JLCC194","内模坯;4.105KG;","FCD450-19-CG150-005-1995",19]
[934,"JLCC197","内模坯;4.32KG;","FCD450-22-28223411H3",1]
[935,"JLCC199","内模坯;2.68KG;","FCD450-24-100T",1]
[936,"JLCC200","内模坯;2.53KG;","FCD450-25-AN125",29]
[937,"JLCC205","底模坯;球墨铸铁;","φ70;3.7KG",42]
[938,"JLCC206","底模坯;球墨铸铁;","φ75;3.8KG",51]
[939,"JLCC207","底模坯;球墨铸铁;","φ80;4KG",35]
[940,"JLCC207","底模坯;球墨铸铁;","φ80;4KG",20]
[941,"JLCC208","底模坯;球墨铸铁;","φ85;4.7KG",26]
[942,"JLCC209","底模坯;球墨铸铁;","φ90;5.5KG",38]
[943,"JLCC210","底模坯;球墨铸铁;","φ100;5.3KG",22]
[944,"JLCC212","底模坯;球墨铸铁;","φ95;5.15KG",7]
[945,"JLCC212","底模坯;球墨铸铁;","φ95;5.15KG",17]
[946,"JLCC214","底模坯;球墨铸铁;","φ100;加高;6.2KG",13]
[947,"JLCC215","底模坯;球墨铸铁;","φ120;加高;9.15KG",3]
[948,"JLCC252","底模坯;球墨铸铁;","φ110;5.5KG",31]
[949,"JLCC265","铸铁板(HT200);","160×160×25",5]
[950,"JLCC266","铸铁板(HT200);","135×135×25",4]
[951,"JLCC267","铸铁板(HT200);","130×130×25",10]
[952,"JLCC268","铸铁板(HT200);","155×155×25",5]
[953,"JLCC269","铸铁板(HT200);","150×150×25",5]
[954,"JLCC276","外模坯;70-75-115(QT450)",null,14]
[955,"JLCC277","内模坯;70-75-165-23","(QT550)",22]
[956,"JLCC278","底模坯;75-80 DXM-01","(QT550)",7]
[957,"JLCC281","外模坯;63-70-115","(QT450)",2]
[958,"JLCC281","外模坯;63-70-115","(QT450)",2]
[959,"JLCC282","外模坯;63-70-125","(QT450)",8]
[960,"JLCC283","外模坯;63-70-135","(QT450)",6]
[961,"JLCC284","外模坯;70-75-125","(QT450)",18]
[962,"JLCC285","外模坯;70-75-145","(QT450)",11]
[963,"JLCC286","外模坯;75-80-115","(QT450)",3]
[964,"JLCC287","外模坯;75-80-125","(QT450)",21]
[965,"JLCC288","内模坯;63-70-165-23","(QT450)",20]
[966,"JLCC290","内模坯;63-70-175-26","(QT450)",3]
[967,"JLCC291","内模坯;63-70-180-26","(QT450)",8]
[968,"JLCC292","内模坯;70-75-170-26","(QT450)",33]
[969,"JLCC293","内模坯;70-75-180-26","(QT450)",9]
[970,"JLCC295","内模坯;75-80-170-26","(QT450)",4]
[971,"JLCC296","内模坯;80-85-180-26","(QT450)",21]
[972,"JLCC297","内模坯;80-85-175-26","(QT450)",25]
[973,"JLCC298","内模坯;85-90-185-26","(QT450)",15]
[974,"JLCC299","内模坯;85-90-180-26","(QT450)",12]
[975,"JLCC301","外模坯;80-85-145","(QT450)",9]
[976,"JLCC303","内模坯;80-85-165-31","(QT450)",5]
[977,"JLCC304","内模坯;75-80-180-26","(QT450)",23]
[978,"JLCC305","内模坯;70-75-175-26","(QT450)",22]
[979,"JLCC306","内模坯;85-90-170-20","(QT450)",10]
[980,"JLCC307","内模坯;80-85-170-26","(QT450)",23]
[981,"JLCC308","内模坯;75-80-175-26","(QT450)",21]
[982,"JLCC309","外模坯;63-70-145","(QT450)",10]
[983,"JLCC310","外模坯;70-75-135","(QT450)",24]
[984,"JLCC311","外模坯;90-95-125","(QT450)",14]
[985,"JLCC312","外模坯;85-90-135","(QT450)",9]
[986,"JLCC312","外模坯;85-90-135","(QT450)",17]
[987,"JLCC313","外模坯;90-95-135","(QT450)",17]
[988,"JLCC314","外模坯;85-90-125","(QT450)",4]
[989,"JLCC315","底模坯;75-80;DXM-01-H55","(QT450)",11]
[990,"JLCC315","底模坯;75-80;DXM-01-H55","(QT450)",30]
[991,"JLCC316","底模坯;80-85;DXM-02-H55","(QT450)",40]
[992,"JLCC317","底模坯;85-90;DXM-03-H55","(QT450)",44]
[993,"JLCC318","底模坯;90-95;DXM-04-H55","(QT450)",22]
[994,"JLCC319","底模坯;95-100;DXM-05-H55","(QT450)",27]
[995,"JLCC320","内模坯;75-80-165-23;","(QT450)",19]
[996,"JLCC321","外模坯;75-80-135;","(QT450)",2]
[997,"JLCC321","外模坯;75-80-135;","(QT450)",8]
[998,"JLCC322","外模坯;75-80-145;","(QT450)",14]
[999,"JLCC325","内模坯;95-105-175-26",null,11]
[1000,"JLCC326","内模坯;95-105-180-26",null,24]
[1001,"JLCC327","内模坯;95-105-185-26",null,6]
[1002,"JLCC328","内模坯;95-105-190-26",null,9]
[1003,"JLCC329","内模坯;90-95-175-26",null,2]
[1004,"JLCC330","内模坯;90-95-180-26",null,11]
[1005,"JLCC331","内模坯;90-95-185-26",null,11]
[1006,"JLCC332","内模坯;90-95-190-26",null,9]
[1007,"JLCC333","内模坯;85-90-175-26",null,28]
[1008,"JLCC334","外模坯;95-105-125",null,5]
[1009,"JLCC335","外模坯;95-105-135",null,4]
[1010,"JLCC336","外模坯;95-105-145",null,4]
[1011,"JLCC337","外模坯;90-95-145",null,18]
[1012,"JLCC338","外模坯;80-85-115",null,9]
[1013,"JLCC339","外模坯;80-85-125",null,4]
[1014,"JLCC339","外模坯;80-85-125",null,13]
[1015,"JLCC340","外模坯;80-85-135",null,11]
[1016,"JLCC341","外模坯;85-90-115",null,5]
[1017,"JLCC344","内模坯;70-75-195",null,1]
[1018,"JLCC345","底模坯;40-60-φ45",null,13]
[1019,"JLCC345","底模坯;40-60-φ45",null,43]
[1020,"JLCC346","底模坯;40-60-φ55",null,28]
[1021,"JLCC347","外模坯;40-60-105",null,29]
[1022,"JLCC348","外模坯;40-60-110",null,20]
[1023,"JLCC349","外模坯;40-60-120",null,25]
[1024,"JLCC350","外模坯;40-60-130",null,27]
[1025,"JLCC351","外模坯;40-60-140",null,28]
[1026,"JLCC352","内模坯;40-60-150",null,28]
[1027,"JLCC353","内模坯;40-60-160",null,1]
[1028,"JLCC354","内模坯;40-60-170",null,33]
[1029,"JLCC355","内模坯;40-60-180",null,30]
[1030,"JLCC356","内模坯;40-60-190",null,23]
[1031,"JLCC359","内模坯;85-90-195-26",null,14]
[1032,"JLCC366","铸铁件",null,477.809997558594]
[1033,"JLCD002","圆钢;3CR2W8V",null,600]
[1034,"JLCD031","圆钢;T10",null,107.110000610352]
[1035,"JLCR005","行车导线环;2T",null,2]
[1036,"JLCR014","钢丝绳;8MM",null,20]
[1037,"JMAA007","内六角螺丝","1/4-20X100;12.9级",848]
[1038,"JMAA013","内六角螺丝;10X20;12.9级;","晋亿",70]
[1039,"JMAA016","内六角螺丝;10X30;12.9级;","正中",168]
[1040,"JMAA017","内六角螺丝;10X30;12.9级;","晋亿",50]
[1041,"JMAA018","内六角螺丝;10X35",null,95]
[1042,"JMAA022","内六角螺丝;10X45",null,20]
[1043,"JMAA026","内六角螺丝;10X60",null,68]
[1044,"JMAA043","内六角螺丝;12X30;12.9级;","正中",38]
[1045,"JMAA045","内六角螺丝;12X35",null,198]
[1046,"JMAA056","内六角螺丝;14X100;","12.9级;正中",49]
[1047,"JMAA069","内六角螺丝;14X80;12.9级;","正中",30]
[1048,"JMAA102","内六角螺丝;4X35;12.9级;","晋亿",4]
[1049,"JMAA104","内六角螺丝;4X50;12.9级;","晋亿",15]
[1050,"JMAA110","内六角螺丝;5X12;12.9级;","晋亿",80]
[1051,"JMAA118","内六角螺丝;5X25;12.9级;","晋亿",13]
[1052,"JMAA120","内六角螺丝;5X30;12.9级;","晋亿",1414]
[1053,"JMAA120","内六角螺丝;5X30;12.9级;","晋亿",100]
[1054,"JMAA128","内六角螺丝;5X60;12.9级;","晋亿",213]
[1055,"JMAA140","内六角螺丝;6X100;12.9级;","晋亿",115]
[1056,"JMAA150","内六角螺丝;6X25;12.9级;","晋亿",29]
[1057,"JMAA152","内六角螺丝;6X30;12.9级;","晋亿",54]
[1058,"JMAA154","内六角螺丝;6X35;12.9级;","晋亿",32]
[1059,"JMAA156","内六角螺丝;6X40;12.9级;","晋亿",177]
[1060,"JMAA159","内六角螺丝;6X50",null,85]
[1061,"JMAA160","内六角螺丝;6X50;12.9级;","晋亿",18]
[1062,"JMAA168","内六角盘头螺丝;8X1X12",null,15]
[1063,"JMAA169","内六角盘头螺丝;8X1.25X25",null,200]
[1064,"JMAA171","内六角螺丝;8X100",null,110]
[1065,"JMAA180","内六角螺丝;8X16",null,274]
[1066,"JMAA182","内六角螺丝;8X20;12.9级;","晋亿",467]
[1067,"JMAA186","内六角螺丝;8X30;12.9级;","晋亿",46]
[1068,"JMAA211","六角螺丝;10X100",null,200]
[1069,"JMAA216","外六角螺丝;M10X50;","8.8级;晋亿",84]
[1070,"JMAA222","六角螺丝;12X120",null,409]
[1071,"JMAA267","六角螺丝;8X100",null,149]
[1072,"JMAA272","六角螺丝;8X40",null,35]
[1073,"JMAA273","六角螺丝;8X60",null,54]
[1074,"JMAA277","止付螺丝;10X120",null,20]
[1075,"JMAA280","止付螺丝;12X100",null,9]
[1076,"JMAA314","止付螺丝;10X20",null,30]
[1077,"JMAA334","膨胀螺丝;6X80",null,56]
[1078,"JMAA350","平头十字螺丝;3X10",null,80]
[1079,"JMAA359","沉头十字螺丝;6X8",null,196]
[1080,"JMAA367","不锈钢螺丝;5X30",null,48]
[1081,"JMAA382","塞头螺丝;1/2",null,10]
[1082,"JMAA386","全牙螺丝;1/2X1000",null,1]
[1083,"JMAA387","全牙螺丝;1/4X1000",null,43]
[1084,"JMAA413","沉头十字螺丝;3X20",null,34]
[1085,"JMAA536","十字槽盘头螺钉;M3×5","GB/T67-2000",10]
[1086,"JMAA586","圆头右牙螺丝;16件号","A-116钻孔可调多轴器",10]
[1087,"JMAA633","内六角盘头螺丝","8×1.25×15",140]
[1088,"JMAA697","止付螺丝;M5×20;12.39级","GB77",80]
[1089,"JMAA698","止付螺丝;M8×20;12.39级","GB77",30]
[1090,"JMAD004","螺母;10",null,493]
[1091,"JMAD036","车床用铜罗母;40",null,1]
[1092,"JMAD053","螺母;M8;晋亿",null,100]
[1093,"JMAD070","精密螺帽;YSRM20×1;","台湾嘉刚",2]
[1094,"JMAD070","精密螺帽;YSRM20×1;","台湾嘉刚",2]
[1095,"JMAD093","喘气帽;M24",null,2]
[1096,"JMAE008","平垫片;12;晋亿",null,48]
[1097,"JMAE032","弹簧垫片;10",null,476]
[1098,"JMAE033","弹簧垫片;12",null,66]
[1099,"JMAE034","弹簧垫片;14",null,294]
[1100,"JMAE038","弹簧垫片;25",null,16]
[1101,"JMAE041","平垫片;32×10×2;不锈钢",null,39]
[1102,"JMAE043","弹簧垫片;4",null,170]
[1103,"JMAE044","弹簧垫片;5",null,196]
[1104,"JMAE045","弹簧垫片;φ6;晋亿",null,535]
[1105,"JMAE048","铜垫片;8",null,4]
[1106,"JMBA013","无油轴承;2012",null,74]
[1107,"JMBA021","轴承;234416",null,5]
[1108,"JMBA025","自润轴承;261830",null,1]
[1109,"JMBA058","轴承;31321",null,4]
[1110,"JMBA081","自润轴承;506230",null,2]
[1111,"JMBA083","推力轴承;51100",null,1]
[1112,"JMBA091","轴承;51110",null,5]
[1113,"JMBA096","推力轴承;51113",null,5]
[1114,"JMBA099","轴承;5NK;20/20",null,14]
[1115,"JMBA206","轴承;7203AC",null,1]
[1116,"JMBA220","推力轴承;7219L",null,1]
[1117,"JMBA223","圆锥滚子轴承;7505",null,3]
[1118,"JMBA225","轴承;80024",null,4]
[1119,"JMBA235","带座轴承;FL208",null,1]
[1120,"JMBA236","滚针轴承;HK1210B",null,8]
[1121,"JMBA237","轴承;LM20UU",null,40]
[1122,"JMBA238","直线轴承;LMK16UU",null,4]
[1123,"JMBA240","直线轴承;LMK25UU",null,12]
[1124,"JMBA246","轴承;NN3016K",null,3]
[1125,"JMBA250","直线轴承;SC30UU",null,6]
[1126,"JMBA254","轴承;UCF207;日本NACHI",null,6]
[1127,"JMBA256","带座轴承;UCP204",null,2]
[1128,"JMBA259","带座轴承;UCP309-TR",null,2]
[1129,"JMBA319","轴承;51100;进口",null,2]
[1130,"JMBA338","带座轴承;UCF208",null,8]
[1131,"JMBA340","双面滚珠轴承;1211;进口",null,2]
[1132,"JMBA342","角接触轴承;7203B-P5",null,10]
[1133,"JMBA345","轴承;61910Z-P5;","GB/T276-1994",2]
[1134,"JMBA362","轴承;17×6×6",null,8]
[1135,"JMBA379","轴承;NU207;NACHI",null,2]
[1136,"JMBA397","带座轴承;L307",null,2]
[1137,"JMBA404","轴承;NU209",null,2]
[1138,"JMBA423","轴承;32010J;进口",null,3]
[1139,"JMBA428","轴承;30215;NSK",null,2]
[1140,"JMBA429","轴承;30216;NSK",null,2]
[1141,"JMBA5032","直线滑动轴承;","TK-01-30-1×300;易格斯",4]
[1142,"JMBA5063","带座轴承;F211;","电镀线专用",3]
[1143,"JMBA5064","平面推力轴承;51311;","电镀线专用",3]
[1144,"JMBB002","轴承座;TU1507",null,5]
[1145,"JMBF022","后导轮;苏三光;DK7732;","含四个轴承",2]
[1146,"JMBF025","导轮组合;DK7732(苏三光);","含四个轴承",4]
[1147,"JMBF027","排丝轮组合;","DK7732;苏三光;含四个轴承",8]
[1148,"JMBF028","上丝轮组合;","DK7732;苏长风;含四个轴承",4]
[1149,"JMBF034","中心齿轮;M2.Z72",null,1]
[1150,"JMBF036","钢丝绳导线环;500KG",null,2]
[1151,"JMBF088","胶木齿轮;60×Φ125×13","配CL6136车床",5]
[1152,"JMBG021","三角皮带;A-2007",null,3]
[1153,"JMBG022","三角皮带;A-2108",null,8]
[1154,"JMBG023","三角皮带;B-2184",null,3]
[1155,"JMBG049","三角皮带;B-1905",null,7]
[1156,"JMBG061","三角皮带;ZWG-4B",null,16]
[1157,"JMBG062","高速传动平胶带",null,4]
[1158,"JMBG063","聚氨脂同步齿形带","1.6X118X8",4]
[1159,"JMBG078","齿形皮带;410L",null,1]
[1160,"JMBG088","齿形皮带;TM950",null,5]
[1161,"JMBG092","三角多楔皮带;10×680",null,467]
[1162,"JMBG093","三角多楔皮带;13×1650",null,5]
[1163,"JMBG094","三角多楔皮带;13×1665",null,5]
[1164,"JMBG095","三角多楔皮带;13×1715",null,5]
[1165,"JMBG096","三角多楔皮带;13×1870",null,5]
[1166,"JMBG097","三角多楔皮带;15×1350",null,3]
[1167,"JMBG098","三角多楔皮带;17×1675",null,5]
[1168,"JMBG099","三角多楔皮带;17×1725",null,5]
[1169,"JMBG100","三角多楔皮带;17×1910",null,4]
[1170,"JMBG101","三角多楔皮带;17×2140",null,3]
[1171,"JMBG102","三角多楔皮带;20×1130",null,2]
[1172,"JMBG103","三角多楔皮带;20×1145",null,3]
[1173,"JMBG104","三角多楔皮带;20×1160",null,4]
[1174,"JMBG105","三角多楔皮带;20×1175",null,5]
[1175,"JMBG106","三角多楔皮带;20×1185",null,5]
[1176,"JMBG107","三角多楔皮带;20×1380",null,3]
[1177,"JMBG108","三角多楔皮带;20×1425",null,3]
[1178,"JMBG109","三角多楔皮带;20×1695",null,6]
[1179,"JMBG110","三角多楔皮带;20×2150",null,7]
[1180,"JMBG111","三角多楔皮带;20×2180",null,5]
[1181,"JMBG112","三角多楔皮带;20×2185",null,6]
[1182,"JMBG113","活络皮带;C型",null,1]
[1183,"JMBG114","活络皮带;D型",null,1]
[1184,"JMBG135","同步带;570H",null,2]
[1185,"JMBG136","三角皮带;A560",null,2]
[1186,"JMBG141","多楔皮带;BELT 240J",null,4]
[1187,"JMBG152","三角皮带;B-2032",null,5]
[1188,"JMBG234","三角皮带;B-1473;","勇字",4]
[1189,"JMBG238","三角皮带;B-1930;",null,5]
[1190,"JMBG257","同步齿型带;松田;","HTD 760-8M-25MM",10]
[1191,"JMBJ034","不锈钢链条;16A-1-2.4米;","GB/T1243-1997",8]
[1192,"JMBJ035","不锈钢链扣;16A;","GB/T1243-1997",16]
[1193,"JMBK020","轴用弹性挡圈;8","GB894.2-86-8",150]
[1194,"JMBK021","轴用弹性挡圈;25",null,1]
[1195,"JMBN006","直线导轨","SBG25FL-2-K1-310-N",14]
[1196,"JMBN020","直线导轨","LG20AAP12X220FIIJ",6]
[1197,"JMBN021","直线导轨","LG20AAP12×300",4]
[1198,"JMBN022","直线导轨","LG20AAP12×320",1]
[1199,"JMBN042","直线导轨;凯特HTSD-LG25AAP22X340DIIJ",null,2]
[1200,"JMBN043","直线导轨","LG25AAP22X460DIIJ",1]
[1201,"JMBN055","直线导轨","LG25EAP11X200FIIJ",3]
[1202,"JMBN056","直线导轨","LG25EAP22X1200FIIJ",1]
[1203,"JMBN059","直线导轨","LG25EAP22X290FIIJ",8]
[1204,"JMBN061","直线导轨","LG25EAP23X1600FIIJ",1]
[1205,"JMBN062","直线导轨","LG25EAP32X250DIIJ",2]
[1206,"JMBN064","直线导轨","LG25EAP32X450DIIJ",2]
[1207,"JMBN066","直线导轨","LG25HAAP01X420GIIJ",12]
[1208,"JMBN075","直线导轨","LG30AAP02X420FIIJ",16]
[1209,"JMBN077","直线导轨副","LG30AAP12X310FIIJ",9]
[1210,"JMBN086","直线导轨","LG30AAP23X920CIIJ",2]
[1211,"JMBN094","直线导轨","LG30EAP22X420EIIJ",94]
[1212,"JMBN096","直线导轨;新会凯特;LG30EAP22X420FIIJ",null,10]
[1213,"JMBN101","直线导轨","LG30EAP22X520FIIJ",14]
[1214,"JMBN105","直线导轨","LG30EAP22X630FIIJ",1]
[1215,"JMBN106","直线导轨","LG30EAP22X760FIIJ",2]
[1216,"JMBN113","直线导轨付","LG30FAP02X1000GIIJ",30]
[1217,"JMBN124","直线导轨;凯特;","HTSD-LG35AAP12X440FIIJ",2]
[1218,"JMBN142","直线导轨","LMW15AAP01X70FIIJ",5]
[1219,"JMBN148","直线导轨","SBG25FL-2-K1-250L",2]
[1220,"JMBN149","直线导轨","SBG25-FL-2-K1-250-N",2]
[1221,"JMBN151","直线导轨","SBG25FL-2-K3-393-P",2]
[1222,"JMBN153","直线导轨","SBG-25FL-450-NX2",1]
[1223,"JMBN154","直线导轨（太敬）","SBG30FL-2-K1-310-N",4]
[1224,"JMBN156","直线导轨","SBG30-FLL-2-K1-450-N",2]
[1225,"JMBN157","直线导轨","SBG30-FLL-2-K3-450-P",2]
[1226,"JMBN164","直线导轨","SEB15WAUU2T1-450N",2]
[1227,"JMBN175","直线导轨付","SGL20TFB3T2-400-P/W2F",5]
[1228,"JMBN179","直线导轨副","SGL35HTFB2T2-440P/F",4]
[1229,"JMBN188","直线导轨","HTSDLG25AAP21*160EIJ",1]
[1230,"JMBN191","直线导轨副","HTSD-LG30AAP01*210DIIJ",22]
[1231,"JMBN192","直线导轨副","HTSD-LG30AAP22*280DIIJ",6]
[1232,"JMBN193","直线导轨","LG30AAP22×440CIIJ",2]
[1233,"JMBN198","直线导轨","LG30AAP22*450FIIJ",1]
[1234,"JMBN199","直线导轨","LG30AAP22*635FIIJ",1]
[1235,"JMBN200","直线导轨","LG70EAP11*120DIIJ",6]
[1236,"JMBN203","直线导轨","LG35AAP22×520CIIJ",2]
[1237,"JMBN217","直线滑轨","LG30EAP22×520DIIJ",6]
[1238,"JMBN224","直线滑轨","LMV15AAP12×450GIIJ",3]
[1239,"jmbn224","直线滑轨","LMV15AAP12×450GIIJ",2]
[1240,"JMBN271","直线导轨","HGH25CA2R340Z2PⅡ",2]
[1241,"JMBN272","直线导轨","HGH20CA3R400Z2PⅡ",8]
[1242,"JMBN283","直线导轨;凯特;HTSD-LG20HAAP11×160DIIJ",null,2]
[1243,"JMBN287","直线导轨;凯特;","HTSD-LG25HAAP11×160DIIJ",1]
[1244,"JMBN287","直线导轨;凯特;HTSD-LG25HAAP11×160DIIJ",null,20]
[1245,"JMBN306","直线导轨;凯特;HTSD-LG20AAP22×220DⅡJ",null,4]
[1246,"JMBN316","直线导轨;凯特;HTSD-LG20AAP11×220FⅡJ",null,2]
[1247,"JMBN333","直线导轨;凯特;","LG30ANP22×440CⅡJ",2]
[1248,"JMBP043","联轴器缓冲垫;","外径75×内孔36×厚16",2]
[1249,"JMBP044","联轴器缓冲垫;","外径93×内孔44×厚17",2]
[1250,"JMCA005","黄铜气焊条;3×1000",null,3]
[1251,"JMDA006","O型密封圈;10×2",null,4]
[1252,"JMDA008","O型密封圈;10.5×2",null,4]
[1253,"JMDA011","O型密封圈;140×100×12",null,1]
[1254,"JMDA024","O型密封圈;150×120×12",null,1]
[1255,"JMDA033","O型密封圈;135×5",null,2]
[1256,"JMDA098","密封圈;HP12",null,2]
[1257,"JMDA107","密封圈;U12×5×4",null,6]
[1258,"JMDA127","O型密封圈;YD14×25",null,25]
[1259,"JMDA150","O型密封圈;孔径25×线径2",null,19]
[1260,"JMDA198","O型密封圈;35×2.5",null,19]
[1261,"JMDA199","O型密封圈;52×35×8",null,3]
[1262,"JMDA209","O型密封圈;41×3.5",null,3]
[1263,"JMDA217","O型密封圈;45×3",null,20]
[1264,"JMDA246","O型密封圈;60×3",null,2]
[1265,"JMDA254","O型密封圈;85×65×12",null,2]
[1266,"JMDA260","O型密封圈;70×3",null,1]
[1267,"JMDA342","防尘油封;SDR-75",null,5]
[1268,"JMDA357","密封圈;42*3.5",null,7]
[1269,"JMDA362","O型密封圈;35*2.65",null,17]
[1270,"JMDA401","O型密封圈;40×3.5",null,40]
[1271,"JMDA6007","机械密封圈;WB2A-30;","新安江",4]
[1272,"JQA034","模具机加工计件工票;","B5;60g;一式两联;50份",10]
[1273,"JQA038","工模科日生产安排表;","A4;60g;100张;单面",2]
[1274,"JQA040","工模与品检治具交接登记表","B5;60g;100张;单面",1]
[1275,"JQA047","包装个人产量日报表;","B5;70克;单面;100张",10]
[1276,"JQA067","活塞环进仓明细表",null,5]
[1277,"JQA289","活塞重量确定协作单;","QC-F045;32开40g100张单面",3]
[1278,"JQA322","出货通知单;SO-F008",null,80]
[1279,"JQA346","设备巡检表;TE-F002;","单面;B5;100张;60克",4]
[1280,"JQA347","电房值班记录表;TE-F03;","单面;B5;100张;60克",2]
[1281,"JQA348","空压机运行保养记录表;","TE-F004单面;B5;100张;60g",2]
[1282,"JQA378","交接卡;TM-B003",null,2]
[1283,"JQA380","加工生产用具准备状况表;","TM-F004;A4;70g;100张",11]
[1284,"JQA384","毛坯出库申请反馈单;免碳;","TM-F009;大32开;三联;33份",20]
[1285,"JQA385","加工备用人员日生产状况表","TM-F010",19]
[1286,"JQA388","预报废物料登记表;TM-F016",";B5;70g;100张;单面",2]
[1287,"JQA394","加工生产用具借用卡;","TM-F022;A4;60g;100张",60]
[1288,"JQA397","加工科治具借用情况记录表","TM-F026;A3;80g;单面",200]
[1289,"JQA432","加工科各线当日生产状况表","LTG-F001;B5;60g;100张",22]
[1290,"JQA495","不良追踪卡;LQC-F063",null,300]
[1291,"JQA501","加工现场刀具送修单;免碳;","LT-F019;1式2联;60张;32开",11]
[1292,"JQA6218","转盘定期保养记录;单面;","LTE-F006;100张;B5;60克",2]
[1293,"JQA6268","休止时间表;TM-F032;","B5;70g;100张;单面",86]
[1294,"JQA6279","打字首检记录表;QA-F007;","A4;100张",2]
[1295,"JQA6300","氧化质量自检表;TD-F007;","A4;80g;100张;单面",3]
[1296,"JQA6306","镀铁质量自检表;TD-F005;","A4;80g;100张;单面",2]
[1297,"JQA6388","QA稽核(外观检查)记录表;","QA-F009;A4;70g;100张双面",2]
[1298,"JQA6400","成品流转单;T-F023;","B5;180g;双面;深绿色(STD)",100]
[1299,"JQA6401","成品流转单;T-F023;","B5;180g双面;深兰色(0.25)",100]
[1300,"JQA6402","成品流转单;T-F023;","B5;180g双面;粉红色(0.50)",100]
[1301,"JQA6403","成品流转单;T-F023;","B5;180g双面;鲜绿色(0.75)",100]
[1302,"JQA6404","成品流转单;T-F023;","B5;180g;双面;橙色(1.00)",50]
[1303,"JQA6405","成品流转单;T-F023;","B5;180g双面;牙黄色(1.25)",200]
[1304,"JQA6406","成品流转单;T-F023;","B5;180g双面;天蓝色(1.50)",500]
[1305,"JQA6407","成品流转单;T-F023;","B5;180g双面;深黄色(1.75)",500]
[1306,"JQA6408","成品流转单;T-F023;","B5;180g;双面;紫色(2.00)",800]
[1307,"JQA6431","部门补充治具制作单;免碳;","T-F044;大32开40g;3联33份",2]
[1308,"JQA6441","电镀、前处理、检测记录表","LTD-F005;A4;70g;100张",2]
[1309,"JQA6473","五金调拨单;MH-F010;免碳","三联;150页;A4;",8]
[1310,"JQB006","直尺;650CM木质",null,1]
[1311,"JQB007","无头圆规 (内卡)",null,3]
[1312,"JQB008","绘图工具",null,1]
[1313,"JQB013","绘图ROTING;ROTING",null,2]
[1314,"JQB015","绘图圆规",null,1]
[1315,"JQB097","仪表墨水",null,23]
[1316,"JQD025","电风扇叶片;350~400MM",null,8]
[1317,"JQD051","热水器",null,1]
[1318,"JQF015","对讲机;摩托罗拉T5300",null,15]
[1319,"JQJC011","对讲机电池",null,15]
[1320,"JQJC146","扣式电池;3V",null,2]
[1321,"M010-0000-001","外模木模具",null,14]
[1322,"M130-0033-001","导管毛坯模具;C700",null,1]
[1323,"PG005-0000-001-00","底模木模毛坯;KM376Z",null,1]
[1324,"PG005-0000-002-00","木模;B1-1",null,1]
[1325,"PG005-0000-003-00","木模;B2-1",null,1]
[1326,"PG005-0000-004-00","木模;B3-1",null,1]
[1327,"PG005-0000-005-00","木模;B4-1",null,1]
[1328,"PG005-0000-006-00","木模;B5-1",null,1]
[1329,"PG005-0000-007-00","木模;B6-1",null,1]
[1330,"PG005-0000-008-00","头型木模毛坯;KM376Z",null,1]
[1331,"PG005-0000-009-00","翻转铸台外模模毛坯","KM376Z",1]
[1332,"PG005-0000-010-00","木模;F3",null,1]
[1333,"PG005-0000-011-00","木模;F3-2",null,1]
[1334,"PG005-0000-012-00","木模;F4",null,1]
[1335,"PG005-0000-013-00","木模;F4-1",null,2]
[1336,"PG005-0000-014-00","木模;F5-1",null,1]
[1337,"PG005-0000-015-00","木模;H1-1",null,1]
[1338,"PG005-0000-016-00","木模;H6-1",null,1]
[1339,"PG005-0000-017-00","木模;F3-1",null,1]
[1340,"PG005-0000-018-00","木模;T1",null,1]
[1341,"PG005-0000-019-00","木模;T2",null,1]
[1342,"PG005-0000-020-00","木模;T3",null,1]
[1343,"PG005-0000-021-00","木模;T4",null,1]
[1344,"PG005-0000-022-00","木模;T5",null,1]
[1345,"PG500-0014-005-00","丹佛斯底座钻攻M4孔工装",null,1]
[1346,"PJ404-003","扣环位置止规;C207160",null,1]
[1347,"PJ410-001","扣环位置通规;C207160",null,1]
[1348,"PS132-2616","精靠模;CG150;","005-2616",1]
[1349,"PS132-2678","精靠模;010-860","005-2678",1]
[1350,"PS132-2682","精靠模;CG125F","005-2682",1]
[1351,"PS132-2682","精靠模;CG125F","005-2682",1]
[1352,"PS132-2682","精靠模;CG125F","005-2682",1]
[1353,"PS132-2685","精靠模;CG125","005-2685",1]
[1354,"PS132-2685","精靠模;CG125","005-2685",1]
[1355,"PS132-2685","精靠模;CG125","005-2685",1]
[1356,"PS132-2686","精靠模;CG125","005-2686",1]
[1357,"PS132-2687","精靠模;豪迈125","005-2687",1]
[1358,"PS132-2687","精靠模;豪迈125","005-2687",1]
[1359,"PS132-2687","精靠模;豪迈125","005-2687",1]
[1360,"PS132-2690","精靠模;QJ125","005-2690",1]
[1361,"PS132-2691","精靠模;DK719","005-2691",1]
[1362,"PS132-2691","精靠模;DK719","005-2691",1]
[1363,"PS132-2695","精靠模;AN125","005-2695",1]
[1364,"PS132-2696","精靠模;4Y","005-2696",1]
[1365,"PS132-2696","精靠模;4Y","005-2696",1]
[1366,"PS132-2698","精靠模;491Q","005-2698",1]
[1367,"PS132-2702","精靠模;豪迈125","005-2702",1]
[1368,"PS132-2706","精靠模;GN5","005-2706",1]
[1369,"PS132-2707","精靠模;JOG-1","005-2707",1]
[1370,"PS132-2713","精靠模;GN5","005-2713",1]
[1371,"PS132-2717","精靠模;GN5","005-2717",1]
[1372,"PS132-2738","精靠模;4G63ZF2","005-2738",1]
[1373,"PS132-2744","精靠模;561200-1500","005-2744",1]
[1374,"PS132-2746","精靠模;DA476Q","005-2746",1]
[1375,"PS132-2746","精靠模;DA476Q","005-2746",1]
[1376,"PS132-2746","精靠模;DA476Q","005-2746",1]
[1377,"PS132-2746","精靠模;DA476Q","005-2746",1]
[1378,"PS132-2754","精靠模;GZ125","005-2754",1]
[1379,"PS132-2760","精靠模;TU3","005-2760",1]
[1380,"PS132-2761","精靠模;TU5","005-2761",1]
[1381,"PS132-2765","精靠模;215609","005-2765",1]
[1382,"PS132-2765","精靠模;215609","005-2765",1]
[1383,"PS132-2765","精靠模;215609","005-2765",1]
[1384,"PS132-2765","精靠模;215609","005-2765",1]
[1385,"PS132-2772","精靠模;UE125","005-2772",1]
[1386,"PS132-2773","精靠模;TJ378QE;","005-2773",1]
[1387,"PS132-2780","精靠模;MR479Q","005-2780",1]
[1388,"PS132-2780","精靠模;MR479Q","005-2780",1]
[1389,"PS132-2780","精靠模;MR479Q","005-2780",1]
[1390,"PS132-2782","精靠模;B05","005-2782",1]
[1391,"PS132-2795","精靠模;GY6","005-2795",1]
[1392,"PS132-2805","精靠模;CG150","005-2805",1]
[1393,"PS132-2805","精靠模;CG150","005-2805",1]
[1394,"PS132-2821","精靠模;CG150","005-2821",1]
[1395,"PS132-2822","精靠模;CG150","005-2822",1]
[1396,"PS132-2822","精靠模;CG150","005-2822",1]
[1397,"PS132-2831","精靠模;CG150","005-2831",1]
[1398,"PS132-2832","精靠模;CG150F","005-2832",1]
[1399,"PS132-2832","精靠模;CG150F","005-2832",1]
[1400,"PS132-2833","精靠模;CG150F-1","005-2833",1]
[1401,"PS132-2833","精靠模;CG150F-1","005-2833",1]
[1402,"PS132-2840","精靠模;VTA-80","005-2840",1]
[1403,"PS132-2844","精靠模;CB125","005-2844",1]
[1404,"PS132-2844","精靠模;CB125","005-2844",1]
[1405,"PS132-2854","精靠模;CB150","005-2854",1]
[1406,"PS132-2854","精靠模;CB150","005-2854",1]
[1407,"PS132-2855","精靠模;MR479QA","005-2855",1]
[1408,"PS132-2859","精靠模;GT125;","005-2859",1]
[1409,"PS132-2869","精靠模;VTA51","005-2869",1]
[1410,"PS132-2877","精靠模;CG125FN","005-2877",1]
[1411,"PS132-2888","精靠模;QS110","005-2888",1]
[1412,"PS132-2888","精靠模;QS110","005-2888",1]
[1413,"PS132-2898","精靠模;CG125精品;","005-2898",1]
[1414,"PS132-2944","精靠模;QS150T-1","005-2944",1]
[1415,"PS132-2952","精靠模;GN5;","005-2952",1]
[1416,"PS132-2952","精靠模;GN5;","005-2952",1]
[1417,"PS132-2952","精靠模;GN5;","005-2952",1]
[1418,"PS132-2965","精靠模;SJ110;","005-2965",1]
[1419,"PS132-2971","精靠模;CG125;","005-2971",1]
[1420,"PS132-2971","精靠模;CG125;","005-2971",1]
[1421,"PS132-2971","精靠模;CG125;","005-2971",1]
[1422,"PS132-2980","精靠模;CVTA65","005-2980",1]
[1423,"PS132-2985","精靠模;476Q-1004010;","005-2985",1]
[1424,"PS132-2985","精靠模;476Q-1004010;","005-2985",1]
[1425,"PS132-2985","精靠模;476Q-1004010;","005-2985",1]
[1426,"PS132-2985","精靠模;476Q-1004010;","005-2985",1]
[1427,"PS132-2985","精靠模;476Q-1004010;","005-2985",1]
[1428,"PS132-2985","精靠模;476Q-1004010;","005-2985",1]
[1429,"PS132-2986","精靠模;DA476Q-A5;","005-2986",1]
[1430,"PS132-2986","精靠模;DA476Q-A5;","005-2986",1]
[1431,"PS132-2994","精靠模;4RB4","005-2994",1]
[1432,"PS132-2998","精靠模;DA471Q-A5;","005-2998",1]
[1433,"PS132-2998","精靠模;DA471Q-A5;","005-2998",1]
[1434,"PS132-2998","精靠模;DA471Q-A5;","005-2998",1]
[1435,"PS132-2998","精靠模;DA471Q-A5;","005-2998",1]
[1436,"PS132-3004","精靠模;KCP;","005-3004",1]
[1437,"PS132-3016","精靠模;豪迈125;","005-3016",1]
[1438,"PS132-3021","精靠模;LH150T;","005-3021",1]
[1439,"PS132-3023","精靠模;CG150;","005-3023",1]
[1440,"PS132-3034","精靠模;豪迈125;","005-3034",1]
[1441,"PS132-3037","精靠模;UZ125;","005-3037",1]
[1442,"PS132-3039","精靠模;豪迈125;","005-3039",1]
[1443,"PS132-3040","精靠模;N5010490*;","005-3040",1]
[1444,"PS132-3040","精靠模;N5010490*;","005-3040",1]
[1445,"PS132-3042","精靠模;4G22D4;","005-3042",1]
[1446,"PS132-3042","精靠模;4G22D4;","005-3042",1]
[1447,"PS132-3050","精靠模;豪迈50;","005-3050",1]
[1448,"PS132-3051","精靠模;CG125;","005-3051",1]
[1449,"PS132-3057","精靠模;277FD;","005-3057",1]
[1450,"PS132-3064","精靠模;DAMD329139;","005-3064",1]
[1451,"PS132-3095","精靠模;QJ150FMG;","005-3095",1]
[1452,"PS132-3097","精靠模;CB125精品;","005-3097",1]
[1453,"PS132-3100","精靠模;308677001;","005-3100",1]
[1454,"PS132-3100","精靠模;308677001;","005-3100",1]
[1455,"PS132-3100","精靠模;308677001;","005-3100",1]
[1456,"PS132-3100","精靠模;308677001;","005-3100",1]
[1457,"PS132-3100","精靠模;308677001;","005-3100",1]
[1458,"PS132-3100","精靠模;308677001;","005-3100",1]
[1459,"PS132-3100","精靠模;308677001;","005-3100",1]
[1460,"PS132-3100","精靠模;308677001;","005-3100",1]
[1461,"PS132-3100","精靠模;308677001;","005-3100",1]
[1462,"PS132-3104","精靠模;GY100;","005-3104",1]
[1463,"PS132-3107","精靠模;JL166FD;","005-3107",1]
[1464,"PS132-3108","精靠模;640350002;","005-3108",1]
[1465,"PS132-3111","精靠模;豪迈50;","005-3111",1]
[1466,"PS132-3113","精靠模;豪迈50;","005-3113",1]
[1467,"PS132-3115","精靠模;T4CW;","005-3115",1]
[1468,"PS132-3116","精靠模;CB150-2C;","005-3116",1]
[1469,"PS132-3117","精靠模;TJ376QE;","005-3117",1]
[1470,"PS132-3117","精靠模;TJ376QE;","005-3117",1]
[1471,"PS132-3121","精靠模;CB150-2C;","005-3121",1]
[1472,"PS132-3122","精靠模;REBEL250;","005-3122",1]
[1473,"PS132-3123","精靠模;REBEL250;","005-3123",1]
[1474,"PS132-3126","精靠模;REBEL250;","005-3126",1]
[1475,"PS132-3130","精靠模;LF110;","005-3130",1]
[1476,"PS132-3133","精靠模;GN125;","005-3133",1]
[1477,"PS132-3134","精靠模;L110;","005-3134",1]
[1478,"PS132-3138","精靠模;VTA100;","005-3138",1]
[1479,"PS132-3139","精靠模;CG150喷涂;","005-3139",1]
[1480,"PS132-3140","精靠模;CG125D;","005-3140",1]
[1481,"PS132-3151","精靠模;双缸250;","005-3151",1]
[1482,"PS132-3154","精靠模;AN150-2;","005-3154",1]
[1483,"PS132-3157","精靠模;DD300E;","005-3157",1]
[1484,"PS132-3161","精靠模;JL185F;","005-3161",1]
[1485,"PS132-3163","精靠模;30827400401;","005-3163",1]
[1486,"PS132-3163","精靠模;30827400401;","005-3163",1]
[1487,"PS132-3163","精靠模;30827400401;","005-3163",1]
[1488,"PS132-3163","精靠模;30827400401;","005-3163",1]
[1489,"PS132-3163","精靠模;30827400401;","005-3163",1]
[1490,"PS132-3163","精靠模;30827400401;","005-3163",1]
[1491,"PS132-3163","精靠模;30827400401;","005-3163",1]
[1492,"PS132-3163","精靠模;30827400401;","005-3163",1]
[1493,"PS132-3163","精靠模;30827400401;","005-3163",1]
[1494,"PS132-3164","精靠模;100-104;","005-3164",1]
[1495,"PS132-3166","精靠模;640826001(01);","005-3166",1]
[1496,"PS132-3166","精靠模;640826001(01);","005-3166",1]
[1497,"PS132-3168","精靠模;150QMH;","005-3168",1]
[1498,"PS132-3169","精靠模;9290-310004;","005-3169",1]
[1499,"PS132-3170","精靠模;9290-310502;","005-3170",1]
[1500,"PS132-3171","精靠模;L15F;","005-3171",1]
[1501,"PS132-3173","精靠模;134GG;","005-3173",1]
[1502,"PS132-3176","精靠模;848-F08-41A2;","005-3176",1]
[1503,"PS132-3177","精靠模;T2100-41110;","005-3177",1]
[1504,"PS132-3178","精靠模;Z2618-41112;","005-3178",1]
[1505,"PS132-3178","精靠模;Z2618-41112;","005-3178",1]
[1506,"PS132-3179","精靠模;Z2841-41112;","005-3179",1]
[1507,"PS132-3181","精靠模;EHS400;","005-3181",1]
[1508,"PS132-3186","精靠模;HY25CCA;","005-3186",1]
[1509,"PS132-3187","精靠模;848-HEO-41AO;","005-3187",1]
[1510,"PS132-3188","精靠模;LH50T;","005-3188",1]
[1511,"PS132-3191","精靠模;Z2750-41110;","005-3191",1]
[1512,"PS132-3192","精靠模;LY90;","005-3192",1]
[1513,"PS132-3193","精靠模;Z2850-41110;","005-3193",1]
[1514,"PS132-3200","精靠模;SL25CC;","005-3200",1]
[1515,"PS132-3205","精靠模;9290-332101;","005-3205",1]
[1516,"PS132-3206","精靠模;9290-GP0101;","005-3206",1]
[1517,"PS132-3212","精靠模;9290-334501;","005-3212",1]
[1518,"PS132-3214","精靠模;9290-311001;","005-3214",1]
[1519,"PS132-3214","精靠模;9290-311001;","005-3214",1]
[1520,"PS132-3214","精靠模;9290-311001;","005-3214",1]
[1521,"PS132-3214","精靠模;9290-311001;","005-3214",1]
[1522,"PS132-3215","精靠模;9290-310501;","005-3215",1]
[1523,"PS132-3218","精靠模;9290-310201;","005-3218",1]
[1524,"PS132-3219","精靠模;GT125-1;","005-3219",1]
[1525,"PS132-3220","精靠模;9290-31C201-A;","005-3220",1]
[1526,"PS132-3221","精靠模;848-HEO-41A0-02;","005-3221",1]
[1527,"PS132-3222","精靠模;9290-336202;","005-3222",1]
[1528,"PS132-3222","精靠模;9290-336202;","005-3222",1]
[1529,"PS132-3222","精靠模;9290-336202;","005-3222",1]
[1530,"PS132-3223","精靠模;LBD4;","005-3223",1]
[1531,"PS132-3225","精靠模;YMH50;","005-3225",1]
[1532,"PS132-3226","精靠模;TB60PT;","005-3226",1]
[1533,"PS132-3227","精靠模;984376001;","005-3227",1]
[1534,"PS132-3227","精靠模;984376001;","005-3227",1]
[1535,"PS132-3228","精靠模;9290-MD1801-1;","005-3228",1]
[1536,"PS132-3229","精靠模;ET950;","005-3229",1]
[1537,"PS132-3231","精靠模;ET950;","005-3231",1]
[1538,"PS132-3231","精靠模;ET950;","005-3231",1]
[1539,"PS132-3233","精靠模;640920002(01);","005-3233",1]
[1540,"PS132-3234","精靠模;AX100;","005-3234",1]
[1541,"PS132-3234","精靠模;AX100;","005-3234",1]
[1542,"PS132-3235","精靠模;640839001(01);","005-3235",1]
[1543,"PS132-3235","精靠模;640839001(01);","005-3235",1]
[1544,"PS132-3235","精靠模;640839001(01);","005-3235",1]
[1545,"PS132-3235","精靠模;640839001(01);","005-3235",1]
[1546,"PS132-3236","精靠模;308156002(01);","005-3236",1]
[1547,"PS132-3236","精靠模;308156002(01);","005-3236",1]
[1548,"PS132-3236","精靠模;308156002(01);","005-3236",1]
[1549,"PS132-3236","精靠模;308156002(01);","005-3236",1]
[1550,"PS132-3236","精靠模;308156002(01);","005-3236",1]
[1551,"PS132-3237","精靠模;640573003(02);","005-3237",1]
[1552,"PS132-3237","精靠模;640573003(02);","005-3237",1]
[1553,"PS132-3239","精靠模;640821001(01);","005-3239",1]
[1554,"PS132-3242","精靠模;PEUGEOT50;","005-3242",1]
[1555,"PS132-3243","精靠模;CBD250;","005-3243",1]
[1556,"PS132-3244","精靠模;83404;","005-3244",1]
[1557,"PS132-3247","精靠模;83403;","005-3247",1]
[1558,"PS132-3253","精靠模;GN5;","005-3253",1]
[1559,"PS132-3253","精靠模;GN5;","005-3253",1]
[1560,"PS132-3256","精靠模;KCC;","005-3256",1]
[1561,"PS132-3256","精靠模;KCC;","005-3256",1]
[1562,"PS132-3258","精靠模;C100;","005-3258",1]
[1563,"PS132-3259","精靠模;640974002;","005-3259",1]
[1564,"PS132-3260","精靠模;166FD;","005-3260",1]
[1565,"PS132-3262","精靠模;K3011020;","005-3262",1]
[1566,"PS132-3262","精靠模;K3011020;","005-3262",1]
[1567,"PS132-3267","精靠模;25CC;","005-3267",1]
[1568,"PS132-3267","精靠模;25CC;","005-3267",1]
[1569,"PS132-3267","精靠模;25CC;","005-3267",1]
[1570,"PS132-3267","精靠模;25CC;","005-3267",1]
[1571,"PS132-3267","精靠模;25CC;","005-3267",1]
[1572,"PS132-3267","精靠模;25CC;","005-3267",1]
[1573,"PS132-3268","精靠模;28CC;","005-3268",1]
[1574,"PS132-3268","精靠模;28CC;","005-3268",1]
[1575,"PS132-3272","精靠模;T1551;","005-3272",1]
[1576,"PS132-3281","精靠模;88B4-B01526;","005-3281",1]
[1577,"PS132-3283","精靠模;大黑鲨;","005-3283",1]
[1578,"PS132-3289","精靠模;010-821P;","005-3289",1]
[1579,"PS132-3291","精靠模;010-817P;","005-3291",1]
[1580,"PS132-3296","精靠模;50-300P;","005-3296",1]
[1581,"PS132-3297","精靠模;100-205;","005-3297",1]
[1582,"PS132-3298","精靠模;50-315P;","005-3298",1]
[1583,"PS132-3299","精靠模;50-520P;","005-3299",1]
[1584,"PS132-3303","精靠模;010-820P;","005-3303",1]
[1585,"PS132-3304","精靠模;50-530P;","005-3304",1]
[1586,"PS132-3306","精靠模;010-840P;","005-3306",1]
[1587,"PS132-3307","精靠模;010-286P;","005-3307",1]
[1588,"PS132-3308","精靠模;9290-370101;","005-3308",1]
[1589,"PS132-3310","精靠模;010-819P;","005-3310",1]
[1590,"PS132-3311","精靠模;SG150H;","005-3311",1]
[1591,"PS132-3315","精靠模;46290;","005-3315",1]
[1592,"PS132-3317","精靠模;CN200-I;","005-3317",1]
[1593,"PS132-3322","精靠模;010-842P;","005-3322",1]
[1594,"PS132-3327","精靠模;JH70;","005-3327",1]
[1595,"PS132-3328","精靠模;010-818P;","005-3328",1]
[1596,"PS132-3330","精靠模;Z5LA;","005-3330",1]
[1597,"PS132-3333","精靠模;CG/TITAN2000;","005-3333",1]
[1598,"PS132-3335","精靠模;CG125;","005-3335",1]
[1599,"PS132-3346","精靠模;CG/TTN2002/6455;","005-3346",1]
[1600,"PS132-3347","精靠模;XT600E;","005-3347",1]
[1601,"PS132-3348","精靠模;PEUGEOT50-1;","005-3348",1]
[1602,"PS132-3348","精靠模;PEUGEOT50-1;","005-3348",1]
[1603,"PS132-3350","精靠模;TORNADO;","005-3350",1]
[1604,"PS132-3353","精靠模;Z5HA;","005-3353",1]
[1605,"PS132-3355","精靠模;64097400301;","005-3355",1]
[1606,"PS132-3356","精靠模;DT180;","005-3356",1]
[1607,"PS132-3357","精靠模;RX/TT125;","005-3357",1]
[1608,"PS132-3360","精靠模;010-841P;","005-3360",1]
[1609,"PS132-3362","精靠模;CG125F;","005-3362",1]
[1610,"PS132-3364","精靠模;BIZ125;","005-3364",1]
[1611,"PS132-3366","精靠模;PALIO;","005-3366",1]
[1612,"PS132-3366","精靠模;PALIO;","005-3366",1]
[1613,"PS132-3367","精靠模;T110;","005-3367",1]
[1614,"PS132-3368","精靠模;CG150;","005-3368",1]
[1615,"PS132-3373","精靠模;JOG;","005-3373",1]
[1616,"PS132-3376","精靠模;07113;","005-3376",1]
[1617,"PS132-3376","精靠模;07113;","005-3376",1]
[1618,"PS132-3377","精靠模;CB600F;","005-3377",1]
[1619,"PS132-3381","精靠模;AKROS90;","005-3381",1]
[1620,"PS132-3381","精靠模;AKROS90;","005-3381",1]
[1621,"PS132-3382","精靠模;AGRALLE16.5;","005-3382",1]
[1622,"PS132-3383","精靠模;CG125;","005-3383",1]
[1623,"PS132-3383","精靠模;CG125;","005-3383",1]
[1624,"PS132-3384","精靠模;SHADOW;","005-3384",1]
[1625,"PS132-3386","精靠模;4CW;","005-3386",1]
[1626,"PS132-3388","精靠模;XVS650;","005-3388",1]
[1627,"PS132-3389","精靠模;CR250;","005-3389",1]
[1628,"PS132-3390","精靠模;CR125;","005-3390",1]
[1629,"PS132-3391","精靠模;INTRUDER125;","005-3391",1]
[1630,"PS132-3394","精靠模;HERO PUCH;","005-3394",1]
[1631,"PS132-3395","精靠模;MOBYLETTE;","005-3395",1]
[1632,"PS132-3408","精靠模;LF168Q;","005-3408",1]
[1633,"PS132-3409","精靠模;168FD;","005-3409",1]
[1634,"PS132-3409","精靠模;168FD;","005-3409",1]
[1635,"PS132-3414","精靠模;L110B3;","005-3414",1]
[1636,"PS132-3420","精靠模;GFY6;","005-3420",1]
[1637,"PS132-3423","精靠模;SG90;","005-3423",1]
[1638,"PS132-3426","精靠模;162FMJ;","005-3426",1]
[1639,"PS132-3429","精靠模;LH150T;","005-3429",1]
[1640,"PS132-3432","精靠模;83040;","005-3432",1]
[1641,"PS132-3433","精靠模;82922;","005-3433",1]
[1642,"PS132-3435","精靠模;9290-334701;","005-3435",1]
[1643,"PS132-3436","精靠模;XF125F;","005-3436",1]
[1644,"PS132-3439","精靠模;010-808P;","005-3439",1]
[1645,"PS132-3442","精靠模;PO10670*;","005-3442",1]
[1646,"PS132-3442","精靠模;PO10670*;","005-3442",1]
[1647,"PS132-3443","精靠模;M7020330;","005-3443",1]
[1648,"PS132-3444","精靠模;60400058(01);","005-3444",1]
[1649,"PS132-3445","精靠模;010-809P;","005-3445",1]
[1650,"PS132-3446","精靠模;CG125;","005-3446",1]
[1651,"PS132-3449","精靠模;010-828P;","005-3449",1]
[1652,"PS132-3450","精靠模;010-825P;","005-3450",1]
[1653,"PS132-3453","精靠模;010-832P;","005-3453",1]
[1654,"PS132-3455","精靠模;010-827P;","005-3455",1]
[1655,"PS132-3457","精靠模;45CC;","005-3457",1]
[1656,"PS132-3459","精靠模;010-829P;","005-3459",1]
[1657,"PS132-3460","精靠模;TDR-1;","005-3460",1]
[1658,"PS132-3461","精靠模;CB125T;","005-3461",1]
[1659,"PS132-3462","精靠模;309111001;","005-3462",1]
[1660,"PS132-3464","精靠模;UC125;","005-3464",1]
[1661,"PS132-3467","精靠模;DX100;","005-3467",1]
[1662,"PS132-3468","精靠模;AJ50;","005-3468",1]
[1663,"PS132-3474","精靠模;640353001A;","005-3474",1]
[1664,"PS132-3474","精靠模;640353001A;","005-3474",1]
[1665,"PS132-3475","精靠模;CG125平台;","005-3475",1]
[1666,"PS132-3476","精靠模;010-824;","005-3476",1]
[1667,"PS132-3477","精靠模;50-306P;","005-3477",1]
[1668,"PS132-3481","精靠模;TDR-2;","005-3481",1]
[1669,"PS132-3483","精靠模;100-210;","005-3483",1]
[1670,"PS132-3483","精靠模;100-210;","005-3483",1]
[1671,"PS132-3484","精靠模;100-133P;","005-3484",1]
[1672,"PS132-3485","精靠模;TDR5;","005-3485",1]
[1673,"PS132-3487","精靠模;100-270S;","005-3487",1]
[1674,"PS132-3489","精靠模;100-210;","005-3489",1]
[1675,"PS132-3489","精靠模;100-210;","005-3489",1]
[1676,"PS132-3490","精靠模;DJJ23401J3;","005-3490",1]
[1677,"PS132-3491","精靠模;DJH23401H3;","005-3491",1]
[1678,"PS132-3492","精靠模;100-275S;","005-3492",1]
[1679,"PS132-3493","精靠模;TDR-4;","005-3493",1]
[1680,"PS132-3497","精靠模;100-280P;","005-3497",1]
[1681,"PS132-3499","精靠模;100-285P;","005-3499",1]
[1682,"PS132-3502","精靠模;豪迈100;","005-3502",1]
[1683,"PS132-3503","精靠模;4GB3;","005-3503",1]
[1684,"PS132-3506","精靠模;309110001(01);","005-3506",1]
[1685,"PS132-3506","精靠模;309110001(01);","005-3506",1]
[1686,"PS132-3508","精靠模;CB150;","005-3508",1]
[1687,"PS132-3509","精靠模;RDZ125;","005-3509",1]
[1688,"PS132-3511","精靠模;K6020120;","005-3511",1]
[1689,"PS132-3512","精靠模;KPH-1;","005-3512",1]
[1690,"PS132-3514","精靠模;100-05;","005-3514",1]
[1691,"PS132-3516","精靠模;100-103;","005-3516",1]
[1692,"PS132-3517","精靠模;010-843P;","005-3517",1]
[1693,"PS132-3519","精靠模;CN-14;","005-3519",1]
[1694,"PS132-3521","精靠模;V80;","005-3521",1]
[1695,"PS132-3522","精靠模;V80;","005-3522",1]
[1696,"PS132-3523","精靠模;F0RCEI;","005-3523",1]
[1697,"PS132-3524","精靠模;SHOGUN;","005-3524",1]
[1698,"PS132-3525","精靠模;DAGC994278;","005-3525",1]
[1699,"PS132-3525","精靠模;DAGC994278;","005-3525",1]
[1700,"PS132-3525","精靠模;DAGC994278;","005-3525",1]
[1701,"PS132-3526","精靠模;RXK;","005-3526",1]
[1702,"PS132-3527","精靠模;F10A;","005-3527",1]
[1703,"PS132-3528","精靠模;C70MK3;","005-3528",1]
[1704,"PS132-3530","精靠模;09-778;","005-3530",1]
[1705,"PS132-3531","精靠模;462-B;","005-3531",1]
[1706,"PS132-3532","精靠模;CRYPTON;","005-3532",1]
[1707,"PS132-3537","精靠模;GL100;","005-3537",1]
[1708,"PS132-3538","精靠模;L2SN;","005-3538",1]
[1709,"PS132-3539","精靠模;ASTREA;","005-3539",1]
[1710,"PS132-3546","精靠模;RC110;","005-3546",1]
[1711,"PS132-3547","精靠模;GLPRO;","005-3547",1]
[1712,"PS132-3548","精靠模;C100;","005-3548",1]
[1713,"PS132-3549","精靠模;640995001(01);","005-3549",1]
[1714,"PS132-3550","精靠模;WIN;","005-3550",1]
[1715,"PS132-3551","精靠模;A100-7;","005-3551",1]
[1716,"PS132-3553","精靠模;Y100;","005-3553",1]
[1717,"PS132-3554","精靠模;GLMAX;","005-3554",1]
[1718,"PS132-3556","精靠模;SMASH;","005-3556",1]
[1719,"PS132-3557","精靠模;KAZE;","005-3557",1]
[1720,"PS132-3559","精靠模;RXS;","005-3559",1]
[1721,"PS132-3560","精靠模;KARISMA;","005-3560",1]
[1722,"PS132-3561","精靠模;SATRIA;","005-3561",1]
[1723,"PS132-3562","精靠模;TIGER;","005-3562",1]
[1724,"PS132-3563","精靠模;GL125;","005-3563",1]
[1725,"PS132-3564","精靠模;JUPITERZ;","005-3564",1]
[1726,"PS132-3565","精靠模;010-835P;","005-3565",1]
[1727,"PS132-3566","精靠模;CS90Z;","005-3566",1]
[1728,"PS132-3567","精靠模;MAXNEOTECH;","005-3567",1]
[1729,"PS132-3568","精靠模;C700;","005-3568",1]
[1730,"PS132-3569","精靠模;CB100K2;","005-3569",1]
[1731,"PS132-3570","精靠模;RC100;","005-3570",1]
[1732,"PS132-3571","精靠模;YB100;","005-3571",1]
[1733,"PS132-3573","精靠模;C800;","005-3573",1]
[1734,"PS132-3574","精靠模;RC80;","005-3574",1]
[1735,"PS132-3575","精靠模;ASTREASTAR;","005-3575",1]
[1736,"PS132-3576","精靠模;GP125(TRZ);","005-3576",1]
[1737,"PS132-3577","精靠模;FR80N;","005-3577",1]
[1738,"PS132-3578","精靠模;GP100;","005-3578",1]
[1739,"PS132-3579","精靠模;TRS;","005-3579",1]
[1740,"PS132-3580","精靠模;CHURY;","005-3580",1]
[1741,"PS132-3581","精靠模;A100-5;","005-3581",1]
[1742,"PS132-3583","精靠模;CB100K3;","005-3583",1]
[1743,"PS132-3584","精靠模;TACT;","005-3584",1]
[1744,"PS132-3585","精靠模;LF100;","005-3585",1]
[1745,"PS132-3586","精靠模;SEPIA50;","005-3586",1]
[1746,"PS132-3587","精靠模;DI050;","005-3587",1]
[1747,"PS132-3588","精靠模;LOVE50;","005-3588",1]
[1748,"PS132-3589","精靠模;DI03;","005-3589",1]
[1749,"PS132-3592","精靠模;RX100;","005-3592",1]
[1750,"PS132-3593","精靠模;DT-100X;","005-3593",1]
[1751,"PS132-3594","精靠模;CRYPTON;","005-3594",1]
[1752,"PS132-3595","精靠模;MA50;","005-3595",1]
[1753,"PS132-3597","精靠模;KARISMA;","005-3597",1]
[1754,"PS132-3598","精靠模;WAVE110;","005-3598",1]
[1755,"PS132-3600","精靠模;GN5-2;","005-3600",1]
[1756,"PS132-3601","精靠模;RXK;","005-3601",1]
[1757,"PS132-3602","精靠模;KAZE;","005-3602",1]
[1758,"PS132-3603","精靠模;SPRINT;","005-3603",1]
[1759,"PS132-3604","精靠模;FORCEI;","005-3604",1]
[1760,"PS132-3605","精靠模;KG2;","005-3605",1]
[1761,"PS132-3606","精靠模;RC100;","005-3606",1]
[1762,"PS132-3607","精靠模;TIGER;","005-3607",1]
[1763,"PS132-3608","精靠模;100-125P;","005-3608",1]
[1764,"PS132-3609","精靠模;NEOTECH-MAX;","005-3609",1]
[1765,"PS132-3610","精靠模;CG125;","005-3610",1]
[1766,"PS132-3611","精靠模;CG110;","005-3611",1]
[1767,"PS132-3612","精靠模;GL125;","005-3612",1]
[1768,"PS132-3617","精靠模;P150X;","005-3617",1]
[1769,"PS132-3618","精靠模;TS100C;","005-3618",1]
[1770,"PS132-3619","精靠模;100-125S;","005-3619",1]
[1771,"PS132-3620","精靠模;C900;","005-3620",1]
[1772,"PS132-3621","精靠模;GBO;","005-3621",1]
[1773,"PS132-3623","精靠模;C70;","005-3623",1]
[1774,"PS132-3625","精靠模;GB6;","005-3625",1]
[1775,"PS132-3626","精靠模;GN8;","005-3626",1]
[1776,"PS132-3629","精靠模;GF6;","005-3629",1]
[1777,"PS132-3632","精靠模;T4CW;","005-3632",1]
[1778,"PS132-3635","精靠模;4R;","005-3635",1]
[1779,"PS132-3636","精靠模;CG125;","005-3636",1]
[1780,"PS132-3637","精靠模;L110改进;","005-3637",1]
[1781,"PS132-3637","精靠模;L110改进;","005-3637",1]
[1782,"PS132-3638","精靠模;GLMAX;","005-3638",1]
[1783,"PS132-3640","精靠模;GL125;","005-3640",1]
[1784,"PS132-3641","精靠模;640353001A-1;","005-3641",1]
[1785,"PS132-3647","精靠模;GL100;","005-3647",1]
[1786,"PS132-3648","精靠模;KG2;","005-3648",1]
[1787,"PS132-3649","精靠模;RC100;","005-3649",1]
[1788,"PS132-3650","精靠模;RC110;","005-3650",1]
[1789,"PS132-3652","精靠模;RC110;","005-3652",1]
[1790,"PS132-3653","精靠模;A100-1;","005-3653",1]
[1791,"PS132-3654","精靠模;A100-2;","005-3654",1]
[1792,"PS132-3655","精靠模;CY50;","005-3655",1]
[1793,"PS132-3656","精靠模;豪迈80;","005-3656",1]
[1794,"PS132-3660","精靠模;大路易50;","005-3660",1]
[1795,"PS132-3663","精靠模;AG100;","005-3663",1]
[1796,"PS132-3665","精靠模;XF90;","005-3665",1]
[1797,"PS132-3667","精靠模;BILP;","005-3667",1]
[1798,"PS132-3671","精靠模;G7S;","005-3671",1]
[1799,"PS132-3676","精靠模;4G54;","005-3676",1]
[1800,"PS132-3678","精靠模;赐你安兜风;","005-3678",1]
[1801,"PS132-3681","精靠模;LH100T;","005-3681",1]
[1802,"PS132-3682","精靠模;YB100;","005-3682",1]
[1803,"PS132-3684","精靠模;GP125;","005-3684",1]
[1804,"PS132-3685","精靠模;RS100-1;","005-3685",1]
[1805,"PS132-3685","精靠模;RS100-1;","005-3685",1]
[1806,"PS132-3686","精靠模;幻象50;","005-3686",1]
[1807,"PS132-3689","精靠模;KB5;","005-3689",1]
[1808,"PS132-3690","精靠模;VB5;","005-3690",1]
[1809,"PS132-3694","精靠模;ALFA;","005-3694",1]
[1810,"PS132-3695","精靠模;RXZ;","005-3695",1]
[1811,"PS132-3697","精靠模;RGR;","005-3697",1]
[1812,"PS132-3700","精靠模;RXS;","005-3700",1]
[1813,"PS132-3701","精靠模;SHOGON;","005-3701",1]
[1814,"PS132-3703","精靠模;CRYPTON;","005-3703",1]
[1815,"PS132-3705","精靠模;JUPITERZ;","005-3705",1]
[1816,"PS132-3706","精靠模;NEOTECH-PRO;","005-3706",1]
[1817,"PS132-3712","精靠模;SHOGVN;","005-3712",1]
[1818,"PS132-3720","精靠模;GB4;","005-3720",1]
[1819,"PS132-3721","精靠模;100-130P;","005-3721",1]
[1820,"PS132-3722","精靠模;SMASH;","005-3722",1]
[1821,"PS132-3723","精靠模;CB150改进;","005-3723",1]
[1822,"PS132-3725","精靠模;JEEP213;","005-3725",1]
[1823,"PS132-3726","精靠模;CUB70;","005-3726",1]
[1824,"PS132-3727","精靠模;CUB90;","005-3727",1]
[1825,"PS132-3728","精靠模;G110;","005-3728",1]
[1826,"PS132-3729","精靠模;KPW;","005-3729",1]
[1827,"PS132-3730","精靠模;CG125;","005-3730",1]
[1828,"PS132-3731","精靠模;C700;","005-3731",1]
[1829,"PS132-3732","精靠模;SUPRA FIT NEW;","005-3732",1]
[1830,"PS132-3733","精靠模;GK65;","005-3733",1]
[1831,"PS132-3735","精靠模;C70;","005-3735",1]
[1832,"PS132-3738","精靠模;GB2;","005-3738",1]
[1833,"PS132-3740","精靠模;GL90;","005-3740",1]
[1834,"PS132-3741","精靠模;C65;","005-3741",1]
[1835,"PS132-3742","精靠模;CG125;","005-3742",1]
[1836,"PS132-3743","精靠模;GY6;","005-3743",1]
[1837,"PS132-3744","精靠模;SY125;","005-3744",1]
[1838,"PS132-3745","精靠模;GB6;","005-3745",1]
[1839,"PS132-3749","精靠模;RT168F-2;","005-3749",1]
[1840,"PS132-3751","精靠模;SY150;","005-3751",1]
[1841,"PS132-3752","精靠模;LLH6;","005-3752",1]
[1842,"PS132-3753","精靠模;NOVA-RS;","005-3753",1]
[1843,"PS132-3754","精靠模;VIVA;","005-3754",1]
[1844,"PS132-3755","精靠模;FB100;","005-3755",1]
[1845,"PS132-3756","精靠模;AX-I;","005-3756",1]
[1846,"PS132-3758","精靠模;C700;","005-3758",1]
[1847,"PS132-3760","精靠模;C70MK3;","005-3760",1]
[1848,"PS132-3761","精靠模;640354001 K;","005-3761",1]
[1849,"PS132-3762","精靠模;LH54;","005-3762",1]
[1850,"PS132-3763","精靠模;9290-311601;","005-3763",1]
[1851,"PS132-3764","精靠模;C800A;","005-3764",1]
[1852,"PS132-3765","精靠模;CB100K3;","005-3765",1]
[1853,"PS132-3766","精靠模;GL100;","005-3766",1]
[1854,"PS132-3767","精靠模;KHARISMA;","005-3767",1]
[1855,"PS132-3769","精靠模;CS90Z;","005-3769",1]
[1856,"PS132-3772","精靠模;LEGENDA;","005-3772",1]
[1857,"PS132-3776","精靠模;GLPRO-NT;","005-3776",1]
[1858,"PS132-3778","精靠模;GL125;","005-3778",1]
[1859,"PS132-3779","精靠模;LH70;","005-3779",1]
[1860,"PS132-3780","精靠模;188;","005-3780",1]
[1861,"PS132-3782","精靠模;64035000203;","005-3782",1]
[1862,"PS132-3782","精靠模;64035000203;","005-3782",1]
[1863,"PS132-3784","精靠模;KAZE;","005-3784",1]
[1864,"PS132-3785","精靠模;38CC;","005-3785",1]
[1865,"PS132-3786","精靠模;GLMAXNT;","005-3786",1]
[1866,"PS132-3789","精靠模;CB125S2;","005-3789",1]
[1867,"PS132-3790","精靠模;RC80;","005-3790",1]
[1868,"PS132-3793","精靠模;TRS;","005-3793",1]
[1869,"PS132-3794","精靠模;A100;","005-3794",1]
[1870,"PS132-3795","精靠模;FR80;","005-3795",1]
[1871,"PS132-3797","精靠模;RC110;","005-3797",1]
[1872,"PS132-3798","精靠模;GTO;","005-3798",1]
[1873,"PS132-3800","精靠模;GP100;","005-3800",1]
[1874,"PS132-3801","精靠模;465QE;","005-3801",1]
[1875,"PS132-3802","精靠模;SATRIA;","005-3802",1]
[1876,"PS132-3804","精靠模;SHOGUN;","005-3804",1]
[1877,"PS132-3805","精靠模;VESPA;","005-3805",1]
[1878,"PS132-3806","精靠模;9290-31XX01;","005-3806",1]
[1879,"PS132-3806","精靠模;9290-31XX01;","005-3806",1]
[1880,"PS132-3808","精靠模;RXS;","005-3808",1]
[1881,"PS132-3810","精靠模;GP125;","005-3810",1]
[1882,"PS132-3811","精靠模;ALFA;","005-3811",1]
[1883,"PS132-3811","精靠模;ALFA;","005-3811",1]
[1884,"PS132-3812","精靠模;V80;","005-3812",1]
[1885,"PS132-3814","精靠模;L2SN;","005-3814",1]
[1886,"PS132-3816","精靠模;L110;","005-3816",1]
[1887,"PS132-3817","精靠模;YB100;","005-3817",1]
[1888,"PS132-3822","精靠模;RXK;","005-3822",1]
[1889,"PS132-3824","精靠模;JUPITERZ;","005-3824",1]
[1890,"PS132-3826","精靠模;CRYPTON;","005-3826",1]
[1891,"PS132-3827","精靠模;640350003(01);","005-3827",1]
[1892,"PS132-3827","精靠模;640350003(01);","005-3827",1]
[1893,"PS132-3828","精靠模;640350002E;","005-3828",1]
[1894,"PS132-3833","精靠模;TIGER;","005-3833",1]
[1895,"PS132-3835","精靠模;FORCEI;","005-3835",1]
[1896,"PS132-3839","精靠模;09-682;","005-3839",1]
[1897,"PS132-3844","精靠模;09-681;","005-3844",1]
[1898,"PS132-3847","精靠模;YB-100;","005-3847",1]
[1899,"PS132-3848","精靠模;MN195453;","005-3848",1]
[1900,"PS132-3849","精靠模;MW250887;","005-3849",1]
[1901,"PS132-3855","精靠模;09-692;","005-3855",1]
[1902,"PS132-3856","精靠模;09-696;","005-3856",1]
[1903,"PS132-3863","精靠模;09-716;","005-3863",1]
[1904,"PS132-3865","精靠模;09-711;","005-3865",1]
[1905,"PS132-3866","精靠模;R160;","005-3866",1]
[1906,"PS132-3867","精靠模;09-730;","005-3867",1]
[1907,"PS132-3868","精靠模;09-752;","005-3868",1]
[1908,"PS132-3869","精靠模;09-722;","005-3869",1]
[1909,"PS132-3871","精靠模;09-727;","005-3871",1]
[1910,"PS132-3872","精靠模;09-751;","005-3872",1]
[1911,"PS132-3873","精靠模;09-728;","005-3873",1]
[1912,"PS132-3875","精靠模;09-741;","005-3875",1]
[1913,"PS132-3878","精靠模;09-761;","005-3878",1]
[1914,"PS132-3879","精靠模;09-774;","005-3879",1]
[1915,"PS132-3881","精靠模;09-772;","005-3881",1]
[1916,"PS132-3882","精靠模;09-776;","005-3882",1]
[1917,"PS132-3883","精靠模;34CC;","005-3883",1]
[1918,"PS132-3884","精靠模;50CC;","005-3884",1]
[1919,"PS132-3886","精靠模;CG125;","005-3886",1]
[1920,"PS132-3887","精靠模;09-773;","005-3887",1]
[1921,"PS132-3888","精靠模;4Y-B;","005-3888",1]
[1922,"PS132-3889","精靠模;L110;","005-3889",1]
[1923,"PS132-3890","精靠模;GB5;","005-3890",1]
[1924,"PS132-3891","精靠模;GBO;","005-3891",1]
[1925,"PS132-3892","精靠模;09-813;","005-3892",1]
[1926,"PS132-3893","精靠模;09-783;","005-3893",1]
[1927,"PS132-3894","精靠模;09-779;","005-3894",1]
[1928,"PS132-3895","精靠模;09-800;","005-3895",1]
[1929,"PS132-3896","精靠模;09-785;","005-3896",1]
[1930,"PS132-3897","精靠模;09-780;","005-3897",1]
[1931,"PS132-3898","精靠模;ST188F;","005-3898",1]
[1932,"PS132-3899","精靠模;09-817;","005-3899",1]
[1933,"PS132-3901","精靠模;09-684;","005-3901",1]
[1934,"PS132-3904","精靠模;09-782;","005-3904",1]
[1935,"PS132-3905","精靠模;JOG50;","005-3905",1]
[1936,"PS132-3906","精靠模;C70;","005-3906",1]
[1937,"PS132-3907","精靠模;09-802;","005-3907",1]
[1938,"PS132-3908","精靠模;AX100;","005-3908",1]
[1939,"PS132-3909","精靠模;GN5;","005-3909",1]
[1940,"PS132-3910","精靠模;09-826;","005-3910",1]
[1941,"PS132-3911","精靠模;09-808;","005-3911",1]
[1942,"PS132-3912","精靠模;BM125;","005-3912",1]
[1943,"PS132-3913","精靠模;BM175;","005-3913",1]
[1944,"PS132-3914","精靠模;RXS;","005-3914",1]
[1945,"PS132-3915","精靠模;100-110P;","005-3915",1]
[1946,"PS132-3916","精靠模;09-662;","005-3916",1]
[1947,"PS132-3917","精靠模;100-06;","005-3917",1]
[1948,"PS132-3918","精靠模;100-104P;","005-3918",1]
[1949,"PS132-3919","精靠模;30911000102;","005-3919",1]
[1950,"PS132-3929","精靠模;S481-超人;","005-3929",1]
[1951,"PS132-3930","精靠模;640354001L;","005-3930",1]
[1952,"PS132-3930","精靠模;640354001L;","005-3930",1]
[1953,"PS132-3932","精靠模;L110;","005-3932",1]
[1954,"PS132-3933","精靠模;L110;","005-3933",1]
[1955,"PS132-3934","精靠模;CG125;","005-3934",1]
[1956,"PS132-3949","精靠模;夺标50;","005-3949",1]
[1957,"PS132-3958","精靠模;309110001RA;","005-3958",1]
[1958,"PS132-3959","精靠模;309110001RB;","005-3959",1]
[1959,"PS132-3961","精靠模;MANTIZ125;","005-3961",1]
[1960,"PS132-3962","精靠模;MIO;","005-3962",1]
[1961,"PS132-3964","精靠模;EX5;","005-3964",1]
[1962,"PS132-3965","精靠模;Y125Z;","005-3965",1]
[1963,"PS132-3968","精靠模;JUPITERZ;","005-3968",1]
[1964,"PS132-3970","精靠模;5YP/LC135;","005-3970",1]
[1965,"PS132-3971","精靠模;KRISS;","005-3971",1]
[1966,"PS132-3972","精靠模;33CC;","005-3972",1]
[1967,"PS132-3974","精靠模;Y110;","005-3974",1]
[1968,"PS132-3976","精靠模;RXZ;","005-3976",1]
[1969,"PS132-3988","精靠模;474Q-B-11102;","005-3988",1]
[1970,"PS132-3989","精靠模;813267;","005-3989",1]
[1971,"PS132-3989","精靠模;813267;","005-3989",1]
[1972,"PS132-3995","精靠模;07112;","005-3995",1]
[1973,"PS132-4005","精靠模;42CC-1;","005-4005",1]
[1974,"PS132-4010","精靠模;9290-310502(原图)","005-4010",1]
[1975,"PS132-4011","精靠模;9290-310801-A","(原图);005-4011",1]
[1976,"PS132-4013","精靠模;9290-334501(原图","005-4013",1]
[1977,"PS132-4013","精靠模;9290-334501(原图","005-4013",1]
[1978,"PS132-4014","精靠模;9290-31C201-A","(原图);005-4014",1]
[1979,"PS132-4019","精靠模;09-790;","005-4019",1]
[1980,"PS132-4020","精靠模;9290-311501;","005-4020",1]
[1981,"PS132-4021","精靠模;100-20S;","005-4021",1]
[1982,"PS132-4023","精靠模;13101-BA1-0100;","005-4023",1]
[1983,"PS132-4025","精靠模;TN328;","005-4025",1]
[1984,"PS132-4025","精靠模;TN328;","005-4025",1]
[1985,"PS132-4041","精靠模;09-650;","005-4041",1]
[1986,"PS132-4042","精靠模;09-609;","005-4042",1]
[1987,"PS132-4043","精靠模;09-683;","005-4043",1]
[1988,"PS132-4044","精靠模;09-719;","005-4044",1]
[1989,"PS132-4045","精靠模;09-718;","005-4045",1]
[1990,"PS132-4046","精靠模;09-709;","005-4046",1]
[1991,"PS132-4047","精靠模;09-657;","005-4047",1]
[1992,"PS132-4048","精靠模;09-806;","005-4048",1]
[1993,"PS132-4049","精靠模;09-731;","005-4049",1]
[1994,"PS132-4050","精靠模;09-721;","005-4050",1]
[1995,"PS132-4057","精靠模;09-781;","005-4057",1]
[1996,"PS132-4059","精靠模;09-831;","005-4059",1]
[1997,"PS132-4067","精靠模;K90;","005-4067",1]
[1998,"PS132-4071","精靠模;52P;","005-4071",1]
[1999,"PS132-4073","精靠模;100-40;","005-4073",1]
[2000,"PS132-4086","精靠模;19074;","005-4086",1]
[2001,"PS132-4097","精靠模;309110001(03);","005-4097",1]
[2002,"PS132-4106","精靠模;4G63-JYH;","005-4106",1]
[2003,"PS132-4106","精靠模;4G63-JYH;","005-4106",1]
[2004,"PS132-4114","精靠模;162FMJ;","005-4114",1]
[2005,"PS132-4116","精靠模;ML-4C;","005-4116",1]
[2006,"PS132-4119","精靠模;JUPITER;","005-4119",1]
[2007,"PS132-4127","精靠模;530012358;","005-4127",1]
[2008,"PS132-4128","精靠模;JL1000;","005-4128",1]
[2009,"PS132-4135","精靠模;510223801;","005-4135",1]
[2010,"PS132-4135","精靠模;510223801;","005-4135",1]
[2011,"PS132-4135","精靠模;510223801;","005-4135",1]
[2012,"PS132-4136","精靠模;693200058-1;","005-4136",1]
[2013,"PS132-4142","精靠模;004-0436-00;","005-4142",1]
[2014,"PS132-4143","精靠模;004-0437-00;","005-4143",1]
[2015,"PS132-4144","精靠模;004-0438-00;","005-4144",1]
[2016,"PS132-4145","精靠模;004-0439-00;","005-4145",1]
[2017,"PS132-4146","精靠模;004-0440-00;","005-4146",1]
[2018,"PS132-4148","精靠模;E1003252;","005-4148",1]
[2019,"PS132-4153","精靠模;50CC;","005-4153",1]
[2020,"PS132-4154","精靠模;09-829;","005-4154",1]
[2021,"PS132-4157","精靠模;CG200-B;","005-4157",1]
[2022,"PS132-4159","精靠模;09-695;","005-4159",1]
[2023,"PS132-4161","精靠模;09-714;","005-4161",1]
[2024,"PS132-4162","精靠模;09-726;","005-4162",1]
[2025,"PS132-4165","精靠模;09-713;","005-4165",1]
[2026,"PS132-4166","精靠模;E100335;","005-4166",1]
[2027,"PS132-4175","精靠模;T125改进;","005-4175",1]
[2028,"PS132-4177","精靠模;100-100P;","005-4177",1]
[2029,"PS132-4179","精靠模;E200008;","005-4179",1]
[2030,"PS132-4180","精靠模;44CC;","005-4180",1]
[2031,"PS132-4188","精靠模;AX115;","005-4188",1]
[2032,"PS132-4213","精靠模;5226213(D41);","005-4213",1]
[2033,"PS132-4218","精靠模;545-231201;","005-4218",1]
[2034,"PS132-4219","精靠模;09-717;","005-4219",1]
[2035,"PS132-4222","精靠模;KCC;","005-4222",1]
[2036,"PS132-4230","精靠模;309110001(05);","005-4230",1]
[2037,"PS132-4250","精靠模;100-135S;","005-4250",1]
[2038,"PS132-4251","精靠模;640995001E;","005-4251",1]
[2039,"PS132-4255","精靠模;豪迈50W;","005-4255",1]
[2040,"PS132-4256","精靠模;CA4GA1;","005-4256",1]
[2041,"PS132-4256","精靠模;CA4GA1;","005-4256",1]
[2042,"PS132-4259","精靠模;50-310P","005-4259",1]
[2043,"PS132-4262","精靠模;SRL110-52;","005-4262",1]
[2044,"PS132-4269","精靠模;4G13;","005-4269",1]
[2045,"PS132-4271","精靠模;ML-4C镀铁;","005-4271",1]
[2046,"PS132-4293","精靠模;64035000301手改版","005-4293",1]
[2047,"PS132-4295","精靠模;LF125;","005-4298",1]
[2048,"PS132-4298","精靠模;575-504301;","005-4298",1]
[2049,"PS132-4301","精靠模;5766903-01","005-4301",1]
[2050,"PS132-4312","精靠模;WAVE125;","005-4312",1]
[2051,"PS132-4333","精靠模;WAVE100;","005-4333",1]
[2052,"PS132-4334","精靠模;RG110;","005-4334",1]
[2053,"PS132-4335","精靠模;GBO;","005-4335",1]
[2054,"PS132-4338","精靠模;Y100;","005-4338",1]
[2055,"PS132-4341","精靠模;100-15;","005-4341",1]
[2056,"PS132-4342","精靠模;100-265;","005-4342",1]
[2057,"PS132-4344","精靠模;100-102;","005-4344",1]
[2058,"PS132-4345","精靠模;100-101;","005-4345",1]
[2059,"PS132-4350","精靠模;劲豹150;","005-4350",1]
[2060,"PS132-4366","精靠模;100-134S;","005-4366",1]
[2061,"PS132-4381","精靠模;Φ86活塞;","005-4381",1]
[2062,"PS132-4387","精靠模;WY100;","005-4387",1]
[2063,"PS132-4388","精靠模;1004016-476;","005-4388",1]
[2064,"PS132-4413","精靠模;E202968;","005-4413",1]
[2065,"PS132-4426","精靠模;F28-2;","005-4426",1]
[2066,"PS132-4430","精靠模;E101823;","005-4430",1]
[2067,"PS132-4442","精靠模;308677001B;","005-4442",1]
[2068,"PS132-4465","精靠模;09-687;","005-4465",1]
[2069,"PS132-4467","精靠模;100-30S;","005-4467",1]
[2070,"PS132-4474","精靠模;100-45P;","005-4474",1]
[2071,"PS132-4491","精靠模;CG125 2009;","005-4491",1]
[2072,"PS132-4491","精靠模;CG125 2009;","005-4491",1]
[2073,"PS132-4498","精靠模;K6020120丝网印刷;","005-4498",1]
[2074,"PS132-4513","精靠模;308677001C1;","005-4513",1]
[2075,"PS132-4514","精靠模;070活塞;","005-4514",1]
[2076,"PS132-4515","精靠模;308677001A1;","005-4515",1]
[2077,"PS132-4517","精靠模;308677001B1;","005-4517",1]
[2078,"PS132-4576","精靠模;TCG125;","005-4576",1]
[2079,"PS132-4580","精靠模;13101-BA1-0100;","005-4580",1]
[2080,"PS132-4581","精靠模;R3020140;","005-4581",1]
[2081,"PS132-4581","精靠模;R3020140;","005-4581",1]
[2082,"PS132-4583","精靠模;Kawasaki 4S;","005-4583",1]
[2083,"PS132-4593","精靠模;MARUTI-800","005-4593",1]
[2084,"PS132-4616","精靠模;640350010;","005-4616",1]
[2085,"PS132-4620","精靠模;100-50P;","005-4620",1]
[2086,"PS132-4621","精靠模;100-25;","005-4621",1]
[2087,"PS132-4691","精靠模;579-585001;","005-4691",1]
[2088,"PS132-4696","精靠模;100-255","005-4696",1]
[2089,"PS132-4697","精靠模;100-140P","005-4697",1]
[2090,"PS132-4698","精靠模;100-07","005-4698",1]
[2091,"PS132-4699","精靠模;100-252","005-4699",1]
[2092,"PS132-4725","精靠模;580437101","005-4725",1]
[2093,"PS132-4734","精靠模;580767101","005-4734",1]
[2094,"PS132-4887","精靠模;Φ75活塞;","005-4887",1]
[2095,"PS132-4888","精靠模;Φ95活塞;","005-4888",1]
[2096,"PS200-010","创科33CC汽缸工装","045-043(06853)-05F-00",1]
[2097,"PS200-011","创科33CC汽缸工装","045-043(06853)-04F-00",1]
[2098,"PS200-393","曲轴箱镗孔治具","ET950(2)-01",1]
[2099,"PS200-394","曲轴箱铣平面治具","ET950(2)-02",1]
[2100,"PS200-397","曲轴箱铣平面治具","ET950(2)-03",1]
[2101,"PS200-415","L型板;XL0039D-010","阀体XL26切帽口治具",1]
[2102,"PS200-416","挡板;XL0039D-010","阀体XL26切帽口治具",1]
[2103,"PTAP006","弹性圆柱销;12X35",null,15]

{"sheet":"其他资产类","index":2,"n_rows":223,"n_cols":6,"rows_kept":223,"merged":[[0,0,0,5]],"flags":["formulas_cached_only"]}
["其他资产类清单"]
["序号","名称","类别","规格","数量","备注"]
[1,"万能投影机","机器设备类",null,1]
[2,"饮水机","机器设备类",null,1,"电房围墙旁边"]
[3,"饮水机","机器设备类",null,1,"电房围墙旁边"]
[4,"饮水机","机器设备类",null,1,"电房围墙旁边"]
[5,"饮水机","机器设备类",null,1,"电房围墙旁边"]
[6,"饮水机","机器设备类",null,1,"电房围墙旁边"]
[7,"剪钉机1","机器设备类",null,1,"一车间二层品检"]
[8,"靠模机","机器设备类",null,1,"一车间三层冶具仓库"]
[9,"旧靠模机","机器设备类",null,1,"电房"]
[10,"喷涂机","机器设备类",null,1,"三车间三层"]
[11,"喷涂机","机器设备类",null,1,"三车间三层"]
[12,"禄智节电器","机器设备类","LI-3D-380",1,"一车间二层品检"]
[13,"铸造抛光区监控系统一批","机器设备类","新视宝",1,"福新厂"]
[14,"禄智节电器","机器设备类","LI-3D-380",1,"一车间二层品检"]
[15,"禄智节电器","机器设备类","LI-3D-380",1,"一车间二层品检"]
[16,"禄智节电器","机器设备类","LI-3D-380",1,"一车间二层品检"]
[17,"禄智节电器","机器设备类","LI-3D-380",1,"一车间二层品检"]
[18,"刻字机","机器设备类","X4222A",1,"福新厂"]
[19,"禄智节电器","机器设备类","LI-3D-380",1,"一车间二层品检"]
[20,"禄智节电器","机器设备类","LI-3D-380",1,"一车间二层品检"]
[21,"禄智节电器","机器设备类","LI-3D-380",1,"一车间二层品检"]
[22,"禄智节电器","机器设备类","LI-110K-A",1,"一车间二层品检"]
[23,"春兰空调","电子设备类","KF-70LW",2,"业务部"]
[24,"春兰空调","电子设备类","KF-40GW",1,"人事培训室"]
[25,"春兰空调","电子设备类","KF-40LW",1,"607会议室"]
[26,"春兰空调","电子设备类","KF-32GW",1,"一车间二层加工会议室"]
[27,"网络工程系统","电子设备类",null,1,"福新厂"]
[28,"春兰空调","电子设备类",null,2,"大办公室"]
[29,"春兰空调","电子设备类","5P",1,"一车间二层品检"]
[30,"春兰空调","电子设备类","KFR-40GW",1,"一车间二层品检"]
[31,"威力空调","电子设备类","KF50GW",1,"大办公室"]
[32,"春兰空调","电子设备类",null,1,"大办公室"]
[33,"春兰空调","电子设备类","KFR--120LW/S",1,"贵宾室"]
[34,"春兰空调","电子设备类","KFR--50LW",1,"贵宾室办公室"]
[35,"科龙空调","电子设备类","KF-25GW/D",1,"精工毛坯库边上"]
[36,"海尔空调","电子设备类","KFRD-120LW",1,"会议室二"]
[37,"空调","电子设备类","格力空调KFR-60GW/A100D",6,"信息部"]
[38,"空调","电子设备类","海信空调KFR-720/LW/D",6,"一车间二层品检"]
[39,"电话","电子设备类","OKI集团电话",1,"福新厂"]
[40,"春兰除湿机","电子设备类","CF3D",1,"一车间二层品检"]
[41,"春兰除湿机","电子设备类","3F-3D",1,"一车间二层品检"]
[42,"空调","电子设备类","格力空调KF-50GW/A110D,KC-25/(2514A)",7,"一车间一层恒温室"]
[43,"空调","电子设备类","格力空调KFR-70GW/A130  3匹壁式",1,"财务部"]
[44,"IBM867121X服务器","电子设备类",null,1,"福新厂"]
[45,"IBM867441X服务器","电子设备类",null,1,"福新厂"]
[46,"IBM86861RX服务器","电子设备类",null,1,"福新厂"]
[47,"EC2000*600*930服务器机柜","电子设备类",null,1,"福新厂"]
[48,"传真机","电子设备类","515兄弟传真机",1,"福新厂"]
[49,"电子扫描板","电子设备类","松下普通纸",1,"福新厂"]
[50,"新视宝监控糸统设备一批","电子设备类",null,1,"福新厂"]
[51,"十字电子显示条屏","电子设备类",null,1,"福新厂"]
[52,"格力空调","电子设备类","KFR-35GW/(3558B)  1.5冷暖",3,"总机"]
[53,"春兰空调(5P冷暖1台,1匹1台,5P单冷1台)","电子设备类","KFR-120LW/CDS,KF-23GW/T,KF-120LW/HS",3,"一车间二层品检"]
[54,"考勤售饭一卡通","电子设备类",null,1,"福新厂"]
[55,"刻录机","电子设备类","SONY  DVD",1,"福新厂"]
[56,"春兰空调(3P冷暖)","电子设备类","KFR-70LW/EDS",1,"一车间一层样品室"]
[57,"考勤售饭机","电子设备类",null,2,"福新厂"]
[58,"电话会议终端","电子设备类","POLYCOM SOUNDSTATION",1,"福新厂"]
[59,"十字电子显示条屏","电子设备类",null,3,"福新厂"]
[60,"30字电子显示屏","电子设备类","每字24.4CM",1,"福新厂"]
[61,"30字电子显示屏","电子设备类","每字12.2CM",3,"福新厂"]
[62,"投影机","电子设备类","EMP-735",1,"福新厂"]
[63,"电话会议终端","电子设备类","POLYOOM SOUNDSTATION",1,"福新厂"]
[64,"安桥功放","电子设备类","YX-SR601(G)",1,"福新厂"]
[65,"激光打标机","电子设备类","A3",1,"福新厂"]
[66,"IBM服务器","电子设备类",null,1,"福新厂"]
[67,"传真服务器","电子设备类","TraFax Server传真服务器",1,"福新厂"]
[68,"投影机","电子设备类",null,1,"福新厂"]
[69,"春兰空调","电子设备类","KFR-120LW/CDS  （5P冷暖）",1,"精工办公室"]
[70,"IBM图形工作站","电子设备类","Z-PR06221-48c（包括19寸IBM显示器一台）",1,"福新厂"]
[71,"IBM终端服务器","电子设备类","X-345",1,"福新厂"]
[72,"电子扫描板","电子设备类","松下普通纸电子扫描板",1,"福新厂"]
[73,"笔记本电脑","电子设备类","S200",2,"福新厂"]
[74,"复印机","电子设备类",null,1,"福新厂"]
[75,"监控设备","电子设备类",null,1,"福新厂"]
[76,"UPS","电子设备类","信宝,SB-W3KL",1,"福新厂"]
[77,"CPU","电子设备类","IBMX360服务器专用CPU",1,"福新厂"]
[78,"传真机","电子设备类","三星SF-555P",1,"福新厂"]
[79,"传真机","电子设备类",null,1,"福新厂"]
[80,"复印机(含扫描组件、送稿器)","电子设备类",null,1,"福新厂"]
[81,"新视宝监控糸统设备一批","电子设备类",null,1,"福新厂"]
[82,"中英文打字机","电子设备类","PT1650",1,"福新厂"]
[83,"监控设备","电子设备类","文教室包装品检等地安装",1,"福新厂"]
[84,"碎纸机","电子设备类","科密牌:劲霸S-A3000",1,"业务部"]
[85,"笔记本电脑","电子设备类","ACER3682NWXC",1,"福新厂"]
[86,"爱普生投影机","电子设备类","EPSON EMP-6000",1,"福新厂"]
[87,"购索尼摄像机","电子设备类","SR200E  ",1,"福新厂"]
[88,"视频展台","电子设备类","SS-P998HM",1,"福新厂"]
[89,"数码相机","电子设备类","POWER SHOT A570佳能",1,"福新厂"]
[90,"商用电脑","电子设备类","APF1:17\"",1,"福新厂"]
[91,"商用电脑","电子设备类","APF1:17\"",1,"福新厂"]
[92,"UPS电源","电子设备类","3KVA/2H",1,"福新厂"]
[93,"商用电脑","电子设备类","APF1;17\"LCD",1,"福新厂"]
[94,"商用电脑","电子设备类","APF1;17\"LCD",2,"福新厂"]
[95,"商用电脑","电子设备类","APF1;17\"CRT",1,"福新厂"]
[96,"复印机","电子设备类",null,1,"福新厂"]
[97,"电脑","电子设备类","宏基M460",2,"福新厂"]
[98,"商用电脑主机","电子设备类","M460",1,"福新厂"]
[99,"电脑","电子设备类","E5200 2G 320G",1,"福新厂"]
[100,"图形工作站","电子设备类","HP Z600",1,"福新厂"]
[101,"笔记本电脑","电子设备类","ACER 4740G",1,"福新厂"]
[102,"电脑","电子设备类","阳天T4900W",1,"福新厂"]
[103,"电脑","电子设备类","联想t2900v",3,"福新厂"]
[104,"电脑","电子设备类","联想杨天T2939V",9,"福新厂"]
[105,"电脑","电子设备类",null,5,"福新厂"]
[106,"吉星环境自动监理检测系统","电子设备类",null,2,"福新厂"]
[107,"（传真机）一体机","电子设备类","松下 KX-788CN",1,"福新厂"]
[108,"人脸识别考勤机","电子设备类","E350A",4,"福新厂"]
[109,"电子秤","电子设备类","4.1kg/0.01g",1,"一车间二层品检"]
[110,"激光打印机","电子设备类","hp-laser-jet-1020-plus",1,"福新厂"]
[111,"彩色激光打印机","电子设备类"," HP ColorLaserJetPROM351a",1,"福新厂"]
[112,"记录仪XUGJ-101","仪器仪表、工具器具类",null,1,"福新厂"]
[113,"数字高度规","仪器仪表、工具器具类",null,1,"一车间二层品检"]
[114,"油细分离器","仪器仪表、工具器具类",null,1,"精工冶具库"]
[115,"激光打标机","仪器仪表、工具器具类","99D",1,"福新厂"]
[116,"金属试样镶嵌机","仪器仪表、工具器具类","KQ-2AQ22型",1,"三车间"]
[117,"机械印字机(打号机)","仪器仪表、工具器具类","PY—700",1,"福新厂"]
[118,"传真机","仪器仪表、工具器具类","L380（松下）",1,"福新厂"]
[119,"塑料袋封口机","仪器仪表、工具器具类","900#",1,"图档室"]
[120,"氩孤手工两用机","仪器仪表、工具器具类","250A",1,"三车间三层"]
[121,"台钻","仪器仪表、工具器具类","切沟钻孔机（Z4116）",2,"一车间三层冶具仓库"]
[122,"空压自动钻孔机","仪器仪表、工具器具类","D5-85",9,"电房"]
[123,"钻孔机","仪器仪表、工具器具类","AF1-112型",16,"电房围墙旁边"]
[124,"手动液压搬运车","仪器仪表、工具器具类","1.5TNP15-T12",1,"成品库"]
[125,"传感器","仪器仪表、工具器具类","335-6384",2,"福新厂"]
[126,"钻孔机","仪器仪表、工具器具类","U50",20,"精工冶具库"]
[127,"打包机","仪器仪表、工具器具类",null,2,"新厂房二层"]
[128,"打包机","仪器仪表、工具器具类",null,1,"新厂房二层"]
[129,"摇臂推车","仪器仪表、工具器具类",null,5,"办公楼顶"]
[130,"叉车","仪器仪表、工具器具类",null,1,"成品库"]
[131,"去湿机","仪器仪表、工具器具类","CF-3D",1,"一车间二层品检"]
[132,"打包机;高台;四达牌","仪器仪表、工具器具类","YA0016",2,"新厂房二层"]
[133,"自动稳压稳流可控硅整流器","仪器仪表、工具器具类",null,1,"原电镀车间（废弃）"]
[134,"自动稳压稳流可控硅整流器","仪器仪表、工具器具类",null,1,"原电镀车间（废弃）"]
[135,"数位照相机","其他设备类",null,1,"福新厂"]
[136,"碎纸机","其他设备类","C-22CC",1,"财务部"]
[137,"打卡机","其他设备类",null,1,"福新厂"]
[138,"报警器","其他设备类",null,1,"福新厂"]
[139,"健身器材","其他设备类",null,3,"食堂"]
[140,"沙发","其他设备类",null,1,"办公二层楼梯口"]
[141,"手提778数码机","其他设备类",null,1,"福新厂"]
[142,"服务器机柜","其他设备类",null,1,"福新厂"]
[143,"线号机","其他设备类","LM-370A MAX",1,"福新厂"]
[144,"工业吸尘器","其他设备类","ZZ220-Y2KC",1,"一车间围墙边"]
[145,"电子打印地磅","其他设备类","1T(1.2*1.5M)",1,"福新厂"]
[146,"线号机","其他设备类",null,1,"福新厂"]
[147,"摄像机","其他设备类",null,1,"福新厂"]
[148,"轻型台钻","机器设备类","ZQ4132",1,"精工冶具库"]
[149,"轻型台钻","机器设备类","ZQ4132",1,"精工冶具库"]
[150,"条码打印机一台","机器设备类","C1612E",1,"福新厂"]
[151,"不间断电源UPS","机器设备类","C3K;YB0104",1,"福新厂"]
[152,"喷码机","仪器仪表、工具器具类","VJ1210,伟迪捷",3,"福新厂"]
[153,"考勤系统","电子设备类",null,1,"福新厂"]
[154,"空调","电子设备类",null,1,"三车间三层"]
[155,"打印机一台","电子设备类","EPSINI900KPRO",1,"福新厂"]
[156,"投影仪","电子设备类","JT-3020(Z)",1,"福新厂"]
[157,"商用电脑","电子设备类","APF1;17\";YB0060",2,"福新厂"]
[158,"笔记本电脑","电子设备类","ACER 3684NWXC;CM1.86G 512M 80GB 14.1\";YB0136",1,"福新厂"]
[159,"8台海信液晶电视","电子设备类",null,8,"福新厂"]
[160,"电子显示屏","电子设备类",null,1,"福新厂"]
[161,"电脑","电子设备类",null,1,"福新厂"]
[162,"数字图像打印机1台","电子设备类","UP-D897 CNC",1,"福新厂"]
[163,"笔记本电脑一台","电子设备类","宏基Aspireone  A0756,845B，2G",1,"福新厂"]
[164,"长虹彩电","电子设备类","32寸",4,"福新厂"]
[165,"多功能激光一体机","电子设备类","Hp laser Jet Pro M1216 nfh",1,"福新厂"]
[166,"手动液压叉车三部","其他设备类","2.5T奥津牌",3,"精工毛坯库"]
[167,"电脑","电子设备类","ACER台式机 15\"CRT",4,"福新厂"]
[168,"电脑","电子设备类","ACER台式机 15\"CRT",1,"福新厂"]
[169,"交换机","电子设备类","DES1026G",1,"福新厂"]
[170,"传真机","电子设备类","松下513CN",1,"福新厂"]
[171,"宝德服务器","电子设备类","PT6310XEON",1,"福新厂"]
[172,"打印机","电子设备类","1900K  (针式宽行)",1,"福新厂"]
[173,"电脑","电子设备类","APF1:17\"",1,"福新厂"]
[174,"打印机","电子设备类","LQ-635K",1,"福新厂"]
[175,"电脑","电子设备类","APF1:15\"",2,"福新厂"]
[176,"电脑","电子设备类",null,1,"福新厂"]
[177,"不间断电源","电子设备类",null,1,"福新厂"]
[178,"条形码打印机","电子设备类",null,1,"福新厂"]
[179,"激光打印机","电子设备类","HP2410",1,"福新厂"]
[180,"商用电脑","电子设备类","15寸",1,"福新厂"]
[181,"考勤消费系统","电子设备类",null,1,"福新厂"]
[182,"电脑","电子设备类","APF1:17\"(东方曙光)",1,"福新厂"]
[183,"商用电脑","电子设备类","VM261 17\"CRT",1,"福新厂"]
[184,"本田发电机","其他设备类",null,1,"出货平台"]
[185,"冰箱海尔","电子设备类","BC-117FC",1,"贵宾室"]
[186,"播音器","电子设备类",null,1,"出货平台"]
[187,"播音器","电子设备类",null,3,"出货平台"]
[188,"播音器","电子设备类",null,1,"文教室"]
[189,"播音器配二台电脑","电子设备类",null,3,"一车间二层加工科办公室"]
[190,"电视长虹","电子设备类","PT4206",1,"人事培训室"]
[191,"风幕机","电子设备类","FIN-1212N-2",2,"分级室"]
[192,"虎头钳","其他设备类",null,1,"一车间二层品检"]
[193,"会议桌小","办公设备",null,1,"606会议室"]
[194,"会议桌小","办公设备",null,1,"605会议室"]
[195,"会议桌小","办公设备",null,1,"603会议室"]
[196,"会议桌小","办公设备",null,1,"602会议室"]
[197,"会议桌中等","办公设备",null,1,"607会议室"]
[198,"绘图板","办公设备",null,1,"技术科"]
[199,"空气能中央热水器","电子设备类",null,1,"三车间围墙边"]
[200,"空调海信","电子设备类",null,1,"分级室"]
[201,"摩托车","交通运输类",null,1,"会议室一"]
[202,"排风扇","其他设备类",null,1,"一车间二层加工科"]
[203,"砂轮机","其他设备类",null,1,"一车间三层冶具仓库"]
[204,"砂轮机","其他设备类",null,1,"精工毛坯库"]
[205,"通风机","其他设备类","富川机械厂",1,"办公楼顶"]
[206,"通风机","其他设备类","富川机械厂",1,"办公楼顶"]
[207,"通风机","其他设备类","富川机械厂",1,"办公楼顶"]
[208,"通风机","其他设备类","富川机械厂",1,"办公楼顶"]
[209,"通风机","其他设备类","富川机械厂",1,"办公楼顶"]
[210,"通风机","其他设备类","富川机械厂",1,"办公楼顶"]
[211,"通风机","其他设备类","富川机械厂",1,"办公楼顶"]
[212,"通风机","其他设备类","广州市兴华环保",8,"新厂房楼顶"]
[213,"温湿度表","仪器仪表、工具器具类",null,1,"一车间二层品检"]
[214,"不知名工具","其他设备类","BDM-901D",1,"出货平台"]
[215,"洗车水枪","其他设备类",null,1,"门卫边上"]
[216,"移动式白板","办公设备",null,1,"会议室二"]
[217,"移动式白板","办公设备",null,1,"608会议室"]
[218,"移动式白板","办公设备","松下",1,"608会议室"]
[219,"移动式白板","办公设备",null,1,"文教室"]
[220,"鱼缸一套","办公设备",null,1,"大办公室"]
[221,"装订机","办公设备",null,2,"财务部"]

{"sheet":"钜全单价查询","index":3,"n_rows":5345,"n_cols":11,"rows_kept":5345,"hidden":true,"flags":["formulas_cached_only"]}
["库位","零件号1","零件号","名称",null,"数量",null,"单价","金额","科目编码","科目名称"]
["库位: 005A011","C005","C005-2788-701","004-0283-15;STD;活塞; OTHER;NC四冲;JCC","A",591,"EA",6.34171,{"v":3747.95,"d":"3,747.95"},12430101,"库存商品-产成品"]
["库位: 005A011","C005","C005-2810-701","004-0282-15;STD;活塞; OTHER;NC四冲;JCC","A",{"v":2586,"d":"2,586.00"},"EA",7.10955,{"v":18385.29,"d":"18,385.29"},12430101,"库存商品-产成品"]
["库位: 005A011","C005","C005-2837-701","004-0286-02;STD;活塞; OTHER;NC四冲;JCC;","A",{"v":1116,"d":"1,116.00"},"EA",7.79659,{"v":8701,"d":"8,701.00"},12430101,"库存商品-产成品"]
["库位: 005A011","C005","C005-2882-702","004-0284-24;0.508;活塞; OTHER;NC四冲;JCC;","A",55,"EA",6.77033,372.37,12430101,"库存商品-产成品"]
["库位: 005A011","C005","C005-2889-701","004-0283-11;STD;活塞; OTHER;NC四冲;JCC","A",382,"EA",6.77807,{"v":2589.22,"d":"2,589.22"},12430101,"库存商品-产成品"]
["库位: 005A011","C005","C005-2905-701","004-0362-15;STD;活塞; OTHER;NC四冲;JCC","A",{"v":2016,"d":"2,016.00"},"EA",10.30752,{"v":20779.96,"d":"20,779.96"},12430101,"库存商品-产成品"]
["库位: 005A011","C005","C005-2929-703","004-0282-31;0.762;活塞; OTHER;NC四冲;JCC","A",411,"EA",7.28045,{"v":2992.27,"d":"2,992.27"},12430101,"库存商品-产成品"]
["库位: 005A011","C005","C005-2932-703","004-0282-32;0.762;活塞; OTHER;NC四冲;JCC","A",605,"EA",7.32542,{"v":4431.88,"d":"4,431.88"},12430101,"库存商品-产成品"]
["库位: 005A011","C005","C005-2936-701","004-0285-04;STD;活塞; OTHER;NC四冲;JCC;","A",{"v":1636,"d":"1,636.00"},"EA",7.36397,{"v":12047.46,"d":"12,047.46"},12430101,"库存商品-产成品"]
["库位: 005A011","C005","C005-4142-701","004-0436-00;STD;活塞; OTHER;NC四冲;JCC","A",{"v":3107,"d":"3,107.00"},"EA",7.03986,{"v":21872.85,"d":"21,872.85"},12430101,"库存商品-产成品"]
["库位: 005A011","C005","C005-4648-701","004-0476-00;STD;活塞; OTHER;NC四冲;JCC","A",58,"EA",3.50531,203.31,12430101,"库存商品-产成品"]
["库位: 005A011","C005","C005-4726-702","A1000773;B2;活塞; OTHER;NC四冲;比亚乔专用","A",39,"EA",4.67083,182.16,12430101,"库存商品-产成品"]
["库位: 005A011","C005","C005-4726-703","A1000773;C2;活塞; OTHER;NC四冲;比亚乔专用","A",16,"EA",4.67083,74.73,12430101,"库存商品-产成品"]
["库位: 005A011","C005","C005-4726-704","A1000773;D2;活塞; OTHER;NC四冲;比亚乔专用","A",5,"EA",4.67083,23.35,12430101,"库存商品-产成品"]
["库位: 005A011","C005","C005-4887-701","φ75活塞;STD;活塞; OTHER;NC四冲;JCC;","A",261,"EA",4.26729,{"v":1113.76,"d":"1,113.76"},12430101,"库存商品-产成品"]
["库位: 005A012","C005","C005-2788-702","004-0283-25;0.508;活塞; OTHER;NC四冲;JCC","A",{"v":1846,"d":"1,846.00"},"EA",6.29945,{"v":11628.78,"d":"11,628.78"},12430101,"库存商品-产成品"]
["库位: 005A012","C005","C005-2802-701","004-0281-15;STD;活塞; OTHER;NC四冲;JCC;","A",{"v":2475,"d":"2,475.00"},"EA",8.48657,{"v":21004.25,"d":"21,004.25"},12430101,"库存商品-产成品"]
["库位: 005A012","C005","C005-2921-702","004-0285-24;0.508;活塞; OTHER;NC四冲;JCC;","A",56,"EA",7.22171,404.42,12430101,"库存商品-产成品"]
["库位: 005A012","C005","C005-2962-701","004-0277-04;STD;活塞; OTHER;NC四冲;JCC;","A",{"v":3777,"d":"3,777.00"},"EA",6.27287,{"v":23692.63,"d":"23,692.63"},12430101,"库存商品-产成品"]
["库位: 005A012","C005","C005-2972-702","004-0444-25;0.508;活塞; OTHER;NC四冲;JCC","A",560,"EA",6.52558,{"v":3654.32,"d":"3,654.32"},12430101,"库存商品-产成品"]
["库位: 005A012","C005","C005-4143-701","004-0437-00;STD;活塞; OTHER;NC四冲;JCC","A",{"v":5668,"d":"5,668.00"},"EA",6.41912,{"v":36383.6,"d":"36,383.60"},12430101,"库存商品-产成品"]
["库位: 005A012","C005","C005-4507-701","004-0286-55;STD;活塞; OTHER;NC四冲;JCC","A",550,"EA",20.68238,{"v":11375.31,"d":"11,375.31"},12430101,"库存商品-产成品"]
["库位: 005A013","C005","C005-2781-701","004-0283-15;STD;活塞; OTHER;NC四冲;JCC","A",51,"EA",6.51994,332.52,12430101,"库存商品-产成品"]
["库位: 005A013","C005","C005-2884-701","004-0284-02;STD;活塞; OTHER;NC四冲;JCC","A",729,"EA",6.89339,{"v":5025.28,"d":"5,025.28"},12430101,"库存商品-产成品"]
["库位: 005A013","C005","C005-2921-701","004-0285-02;STD;活塞; OTHER;NC四冲;JCC;","A",809,"EA",11.91599,{"v":9640.03,"d":"9,640.03"},12430101,"库存商品-产成品"]
["库位: 005A013","C005","C005-2923-701","004-0285-02;STD;活塞; OTHER;NC四冲;JCC;","A",485,"EA",7.23355,{"v":3508.27,"d":"3,508.27"},12430101,"库存商品-产成品"]
["库位: 005A013","C005","C005-2926-701","004-0282-02;STD;活塞; OTHER;NC四冲;JCC","A",{"v":2494,"d":"2,494.00"},"EA",7.3167,{"v":18247.85,"d":"18,247.85"},12430101,"库存商品-产成品"]
["库位: 005A013","C005","C005-2951-701","004-0276-00;STD;活塞; OTHER;NC四冲;JCC;","A",{"v":5430,"d":"5,430.00"},"EA",5.03974,{"v":27365.78,"d":"27,365.78"},12430101,"库存商品-产成品"]
["库位: 005A013","C005","C005-4330-701","004-0445-55;STD;活塞; OTHER;NC四冲;JCC;","A",{"v":1397,"d":"1,397.00"},"EA",7.24585,{"v":10122.45,"d":"10,122.45"},12430101,"库存商品-产成品"]
["库位: 005A014","C005","C005-2781-701","004-0283-15;STD;活塞; OTHER;NC四冲;JCC","A",909,"EA",6.51994,{"v":5926.62,"d":"5,926.62"},12430101,"库存商品-产成品"]
["库位: 005A014","C005","C005-2828-701","004-0429-00;STD;活塞; OTHER;NC四冲;JCC;","A",53,"EA",6.68411,354.26,12430101,"库存商品-产成品"]
["库位: 005A014","C005","C005-2851-701","004-0286-11;STD;活塞; OTHER;NC四冲;JCC;","A",658,"EA",7.82702,{"v":5150.18,"d":"5,150.18"},12430101,"库存商品-产成品"]
["库位: 005A014","C005","C005-2863-701","004-0434-01;STD;活塞; OTHER;NC四冲;JCC;","A",937,"EA",11.59403,{"v":10863.6,"d":"10,863.60"},12430101,"库存商品-产成品"]
["库位: 005A014","C005","C005-2907-702","004-0362-21;0.508;活塞; OTHER;NC四冲;JCC","A",{"v":1587,"d":"1,587.00"},"EA",8.41621,{"v":13356.53,"d":"13,356.53"},12430101,"库存商品-产成品"]
["库位: 005A014","C005","C005-2937-701","004-0285-04;STD;活塞; OTHER;NC四冲;JCC;","A",358,"EA",7.36397,{"v":2636.3,"d":"2,636.30"},12430101,"库存商品-产成品"]
["库位: 005A014","C005","C005-2941-701","004-0273-00;STD;活塞; OTHER;NC四冲;JCC","A",808,"EA",4.22506,{"v":3413.85,"d":"3,413.85"},12430101,"库存商品-产成品"]
["库位: 005A014","C005","C005-2948-701","004-0278-02;STD;活塞; OTHER;NC四冲;JCC;","A",{"v":1563,"d":"1,563.00"},"EA",7.48281,{"v":11695.63,"d":"11,695.63"},12430101,"库存商品-产成品"]
["库位: 005A014","C005","C005-2983-701","004-0445-15;STD;活塞; OTHER;NC四冲;JCC;","A",761,"EA",7.85007,{"v":5973.91,"d":"5,973.91"},12430101,"库存商品-产成品"]
["库位: 005A014","C005","C005-4145-701","004-0439-00;STD;活塞; OTHER;NC四冲;JCC","A",153,"EA",7.67672,{"v":1174.54,"d":"1,174.54"},12430101,"库存商品-产成品"]
["库位: 005A014","C005","C005-4173-701","031-01750-200;STD;活塞; OTHER;NC二冲;JCC","A",{"v":1980,"d":"1,980.00"},"EA",4.46327,{"v":8837.27,"d":"8,837.27"},12430101,"库存商品-产成品"]
["库位: 005A014","C005","C005-4304-701","004-0286-16;STD;活塞; OTHER;NC四冲;JCC;","A",203,"EA",7.35046,{"v":1492.14,"d":"1,492.14"},12430101,"库存商品-产成品"]
["库位: 005A014","C005","C005-4328-701","004-0466-00;STD;活塞; OTHER;NC四冲;JCC;","A",{"v":5054,"d":"5,054.00"},"EA",8.04798,{"v":40674.49,"d":"40,674.49"},12430101,"库存商品-产成品"]
["库位: 005A014","C005","C005-4329-701","004-0468-00;STD;活塞; OTHER;NC四冲;JCC;","A",{"v":1749,"d":"1,749.00"},"EA",8.24665,{"v":14423.39,"d":"14,423.39"},12430101,"库存商品-产成品"]
["库位: 005A014","C005","C005-4753-701","004-0434-03;STD;活塞; OTHER;NC四冲;JCC;","A",811,"EA",10.90687,{"v":8845.47,"d":"8,845.47"},12430101,"库存商品-产成品"]
["库位: 005A014","C005","C005-4774-701","C2151382;STD;活塞; OTHER;NC四冲;JCC","A",{"v":1948,"d":"1,948.00"},"EA",6.47604,{"v":12615.32,"d":"12,615.32"},12430101,"库存商品-产成品"]
["库位: 005A021","C005","C005-2798-702","004-0362-25;0.508;活塞 OTHER;NC四冲;JCC","A",{"v":1284,"d":"1,284.00"},"EA",7.61944,{"v":9783.36,"d":"9,783.36"},12430101,"库存商品-产成品"]
["库位: 005A021","C005","C005-2801-701","004-0281-15;STD;活塞; OTHER;NC四冲;JCC","A",864,"EA",8.45614,{"v":7306.1,"d":"7,306.10"},12430101,"库存商品-产成品"]
["库位: 005A021","C005","C005-2804-701","004-0281-00;STD;活塞; OTHER;NC四冲;JCC","A",{"v":1323,"d":"1,323.00"},"EA",8.68325,{"v":11487.94,"d":"11,487.94"},12430101,"库存商品-产成品"]
["库位: 005A021","C005","C005-2849-701","004-0284-15;STD;活塞; OTHER;NC四冲;JCC","A",{"v":1168,"d":"1,168.00"},"EA",6.43568,{"v":7516.87,"d":"7,516.87"},12430101,"库存商品-产成品"]
["库位: 005A021","C005","C005-2850-701","004-0284-15;STD;活塞; OTHER;NC四冲;JCC;","A",{"v":2837,"d":"2,837.00"},"EA",6.63525,{"v":18824.21,"d":"18,824.21"},12430101,"库存商品-产成品"]
["库位: 005A021","C005","C005-2880-701","004-0434-02;STD;活塞; OTHER;NC四冲;JCC;","A",662,"EA",8.89585,{"v":5889.05,"d":"5,889.05"},12430101,"库存商品-产成品"]
["库位: 005A021","C005","C005-2907-701","004-0362-11;STD;活塞; OTHER;NC四冲;JCC","A",{"v":1674,"d":"1,674.00"},"EA",8.42805,{"v":14108.55,"d":"14,108.55"},12430101,"库存商品-产成品"]
["库位: 005A021","C005","C005-2938-702","004-0285-21;0.508;活塞; OTHER;NC四冲;JCC;","A",{"v":3808,"d":"3,808.00"},"EA",7.17675,{"v":27329.05,"d":"27,329.05"},12430101,"库存商品-产成品"]
["库位: 005A021","C005","C005-4148-701","E1003252;STD;活塞; OTHER;NC二冲;JCC","A",{"v":3770,"d":"3,770.00"},"EA",5.20178,{"v":19610.7,"d":"19,610.70"},12430101,"库存商品-产成品"]
["库位: 005A021","C005","C005-4649-701","004-0477-00;STD;活塞; OTHER;NC四冲;JCC","A",198,"EA",5.30144,{"v":1049.68,"d":"1,049.68"},12430101,"库存商品-产成品"]
["库位: 005A022","C005","C005-2794-701","004-0286-16;STD;活塞; OTHER;NC四冲;JCC;","A",472,"EA",7.43905,{"v":3511.23,"d":"3,511.23"},12430101,"库存商品-产成品"]
["库位: 005A022","C005","C005-2828-701","004-0429-00;STD;活塞; OTHER;NC四冲;JCC;","A",{"v":1347,"d":"1,347.00"},"EA",6.68411,{"v":9003.5,"d":"9,003.50"},12430101,"库存商品-产成品"]
["库位: 005A022","C005","C005-2849-701","004-0284-15;STD;活塞; OTHER;NC四冲;JCC","A",238,"EA",6.43568,{"v":1531.69,"d":"1,531.69"},12430101,"库存商品-产成品"]
["库位: 005A022","C005","C005-2875-701","004-0434-01;STD;活塞; OTHER;NC四冲;JCC;","A",595,"EA",11.59403,{"v":6898.45,"d":"6,898.45"},12430101,"库存商品-产成品"]
["库位: 005A022","C005","C005-2885-701","004-0284-11;STD;活塞; OTHER;NC四冲;JCC;","A",534,"EA",6.89339,{"v":3681.07,"d":"3,681.07"},12430101,"库存商品-产成品"]
["库位: 005A022","C005","C005-2885-703","004-0284-31;0.762;活塞; OTHER;NC四冲;JCC;","A",889,"EA",6.83659,{"v":6077.72,"d":"6,077.72"},12430101,"库存商品-产成品"]
["库位: 005A022","C005","C005-2927-701","004-0282-02;STD;活塞; OTHER;NC四冲;JCC","A",{"v":2206,"d":"2,206.00"},"EA",7.22227,{"v":15932.33,"d":"15,932.33"},12430101,"库存商品-产成品"]
["库位: 005A022","C005","C005-2932-702","004-0282-22;0.508;活塞; OTHER;NC四冲;JCC","A",768,"EA",7.32542,{"v":5625.92,"d":"5,625.92"},12430101,"库存商品-产成品"]
["库位: 005A022","C005","C005-2938-701","004-0285-11;STD;活塞; OTHER;NC四冲;JCC;","A",{"v":2546,"d":"2,546.00"},"EA",6.78995,{"v":17287.2,"d":"17,287.20"},12430101,"库存商品-产成品"]
["库位: 005A022","C005","C005-4940-701","004-0495-00;STD;活塞; OTHER;NC四冲;JCC","A",{"v":1274,"d":"1,274.00"},"EA",3.19339,{"v":4068.38,"d":"4,068.38"},12430101,"库存商品-产成品"]
["库位: 005A023","C005","C005-2798-701","004-0362-15;STD;活塞; OTHER;NC四冲;JCC","A",{"v":3763,"d":"3,763.00"},"EA",18.55044,{"v":69805.3,"d":"69,805.30"},12430101,"库存商品-产成品"]
["库位: 005A023","C005","C005-2827-701","004-0428-00;STD;活塞; OTHER;NC四冲;JCC;","A",{"v":1808,"d":"1,808.00"},"EA",7.11531,{"v":12864.48,"d":"12,864.48"},12430101,"库存商品-产成品"]
["库位: 005A023","C005","C005-2842-701","004-0286-15;STD;活塞; OTHER;NC四冲;JCC","A",{"v":1331,"d":"1,331.00"},"EA",7.55257,{"v":10052.47,"d":"10,052.47"},12430101,"库存商品-产成品"]
["库位: 005A023","C005","C005-2881-701","004-0434-02;STD;活塞; OTHER;NC四冲;JCC;","A",{"v":3423,"d":"3,423.00"},"EA",8.83793,{"v":30252.22,"d":"30,252.22"},12430101,"库存商品-产成品"]
["库位: 005A023","C005","C005-2890-701","004-0283-11;STD;活塞; OTHER;NC四冲;JCC","A",{"v":2868,"d":"2,868.00"},"EA",6.8085,{"v":19526.78,"d":"19,526.78"},12430101,"库存商品-产成品"]
["库位: 005A023","C005","C005-2901-701","004-0285-15;STD;活塞; OTHER;NC四冲;JCC;","A",{"v":3217,"d":"3,217.00"},"EA",6.48383,{"v":20858.49,"d":"20,858.49"},12430101,"库存商品-产成品"]
["库位: 005A023","C005","C005-2929-701","004-0282-11;STD;活塞; OTHER;NC四冲;JCC","A",{"v":1438,"d":"1,438.00"},"EA",7.33725,{"v":10550.97,"d":"10,550.97"},12430101,"库存商品-产成品"]
["库位: 005A023","C005","C005-2949-701","004-0278-04;STD;活塞; OTHER;NC四冲;JCC","A",{"v":2461,"d":"2,461.00"},"EA",7.61324,{"v":18736.18,"d":"18,736.18"},12430101,"库存商品-产成品"]
["库位: 005A023","C005","C005-2950-701","004-0277-00;STD;活塞; OTHER;NC四冲;JCC;","A",315,"EA",6.16195,{"v":1941.01,"d":"1,941.01"},12430101,"库存商品-产成品"]
["库位: 005A023","C005","C005-2970-701","004-0279-00;STD;活塞; OTHER;NC四冲;JCC;","A",711,"EA",7.53743,{"v":5359.11,"d":"5,359.11"},12430101,"库存商品-产成品"]
["库位: 005A023","C005","C005-2978-701","004-0275-00;STD;活塞; OTHER;NC四冲;JCC;","A",16,"EA",4.87068,77.93,12430101,"库存商品-产成品"]
["库位: 005A023","C005","C005-4144-701","004-0438-00;STD;活塞; OTHER;NC四冲;JCC","A",{"v":1636,"d":"1,636.00"},"EA",6.50995,{"v":10650.28,"d":"10,650.28"},12430101,"库存商品-产成品"]
["库位: 005A023","C005","C005-4146-701","004-0440-00;STD;活塞; OTHER;NC四冲;JCC","A",848,"EA",7.84439,{"v":6652.04,"d":"6,652.04"},12430101,"库存商品-产成品"]
["库位: 005A023","C005","C005-4651-701","004-0471-00;STD;活塞; OTHER;NC四冲;JCC","A",816,"EA",5.31277,{"v":4335.22,"d":"4,335.22"},12430101,"库存商品-产成品"]
["库位: 005A023","C005","C005-4752-701","004-0434-04;STD;活塞; OTHER;NC四冲;JCC;","A",499,"EA",8.21745,{"v":4100.51,"d":"4,100.51"},12430101,"库存商品-产成品"]
["库位: 005A024","C005","C005-2794-702","004-0286-18;0.508;活塞; OTHER;NC四冲;JCC;","A",777,"EA",7.42722,{"v":5770.95,"d":"5,770.95"},12430101,"库存商品-产成品"]
["库位: 005A024","C005","C005-2801-702","004-0281-16;0.508;活塞; OTHER;NC四冲;JCC","A",105,"EA",8.39934,881.93,12430101,"库存商品-产成品"]
["库位: 005A024","C005","C005-2810-702","004-0282-25;0.508;活塞; OTHER;NC四冲;JCC","A",{"v":1380,"d":"1,380.00"},"EA",7.06729,{"v":9752.86,"d":"9,752.86"},12430101,"库存商品-产成品"]
["库位: 005A024","C005","C005-2834-701","004-0282-15;STD;活塞; OTHER;NC四冲;JCC","A",965,"EA",7.10955,{"v":6860.72,"d":"6,860.72"},12430101,"库存商品-产成品"]
["库位: 005A024","C005","C005-2842-702","004-0286-25;0.508;活塞; OTHER;NC四冲;JCC","A",55,"EA",7.46534,410.59,12430101,"库存商品-产成品"]
["库位: 005A024","C005","C005-2871-702","27323422J3;0.25;活塞; OTHER;NC四冲;JCC及专用","A",101,"EA",8.61729,870.35,12430101,"库存商品-产成品"]
["库位: 005A024","C005","C005-2871-703","27323423J3;0.50;活塞; OTHER;NC四冲;JCC及专用","A",50,"EA",8.61729,430.86,12430101,"库存商品-产成品"]
["库位: 005A024","C005","C005-2876-703","291-23404-H3;0.50;活塞; OTHER;NC四冲;JCC及专用","A",5,"EA",6.43238,32.16,12430101,"库存商品-产成品"]
["库位: 005A024","C005","C005-2882-701","004-0284-02;STD;活塞; OTHER;NC四冲;JCC;","A",267,"EA",6.82713,{"v":1822.84,"d":"1,822.84"},12430101,"库存商品-产成品"]
["库位: 005A024","C005","C005-2901-701","004-0285-15;STD;活塞; OTHER;NC四冲;JCC;","A",616,"EA",6.48383,{"v":3994.04,"d":"3,994.04"},12430101,"库存商品-产成品"]
["库位: 005A024","C005","C005-2903-701","004-0285-15;STD;活塞; OTHER;NC四冲;JCC;","A",923,"EA",6.51426,{"v":6012.66,"d":"6,012.66"},12430101,"库存商品-产成品"]
["库位: 005A024","C005","C005-2909-701","004-0285-00;STD;活塞; OTHER;NC四冲;JCC;","A",56,"EA",7.17134,401.6,12430101,"库存商品-产成品"]
["库位: 005A024","C005","C005-2927-702","004-0282-24;0.508;活塞; OTHER;NC四冲;JCC","A",87,"EA",4.90452,426.69,12430101,"库存商品-产成品"]
["库位: 005A024","C005","C005-2932-701","004-0282-12;STD;活塞; OTHER;NC四冲;JCC","A",{"v":2810,"d":"2,810.00"},"EA",7.36768,{"v":20703.19,"d":"20,703.19"},12430101,"库存商品-产成品"]
["库位: 005A024","C005","C005-2947-701","004-0278-00;STD;活塞; OTHER;NC四冲;JCC;","A",342,"EA",7.33183,{"v":2507.49,"d":"2,507.49"},12430101,"库存商品-产成品"]
["库位: 005A024","C005","C005-2959-701","004-0276-04;STD;活塞; OTHER;NC四冲;JCC","A",{"v":1790,"d":"1,790.00"},"EA",5.3048,{"v":9495.6,"d":"9,495.60"},12430101,"库存商品-产成品"]
["库位: 005A024","C005","C005-2972-701","004-0444-15;STD;活塞; OTHER;NC四冲;JCC","A",{"v":1416,"d":"1,416.00"},"EA",6.56784,{"v":9300.06,"d":"9,300.06"},12430101,"库存商品-产成品"]
["库位: 005A024","C005","C005-2979-701","004-0275-02;STD;活塞; OTHER;NC四冲;JCC;","A",{"v":1314,"d":"1,314.00"},"EA",4.88823,{"v":6423.14,"d":"6,423.14"},12430101,"库存商品-产成品"]
["库位: 005A024","C005","C005-4337-701","004-0467-00;STD;活塞; OTHER;NC四冲;JCC;","A",{"v":1151,"d":"1,151.00"},"EA",8.8535,{"v":10190.38,"d":"10,190.38"},12430101,"库存商品-产成品"]
["库位: 005A031","C005","C005-3876-101","Z7B;STD;活塞; HONDA;NC四冲;JCC","A",{"v":6042,"d":"6,042.00"},"EA",8.44651,{"v":51033.84,"d":"51,033.84"},12430101,"库存商品-产成品"]
["库位: 005A032","C005","C005-5037-101","13101-Z6L-0202;STD;活塞; HONDA;NC四冲;JCC,FW","A",{"v":3050,"d":"3,050.00"},"EA",7.90749,{"v":24117.84,"d":"24,117.84"},12430101,"库存商品-产成品"]
["库位: 005A033","C005","C005-5195-101","13101-Z1T-0103;STD;活塞; HONDA;NC四冲;JCC","A",{"v":16810,"d":"16,810.00"},"EA",5.36309,{"v":90153.55,"d":"90,153.55"},12430101,"库存商品-产成品"]
["库位: 005A034","C005","C005-2698-101","491Q;1,GB;活塞; TOYOTA;NC汽车;JCC","A",580,"EA",14.90585,{"v":8645.39,"d":"8,645.39"},12430101,"库存商品-产成品"]
["库位: 005A034","C005","C005-3902-101","Z7E;STD;活塞; HONDA;NC四冲;JCC","A",{"v":7236,"d":"7,236.00"},"EA",11.62347,{"v":84107.43,"d":"84,107.43"},12430101,"库存商品-产成品"]
["库位: 005A034","C005","C005-4256-105","CA4GA1;C,红;活塞; DAIHATSH;NC汽车;JCC;","A",{"v":1814,"d":"1,814.00"},"EA",9.69216,{"v":17581.58,"d":"17,581.58"},12430101,"库存商品-产成品"]
["库位: 005A041","C005","C005-2806-101","13101-Z1T-0000;STD;活塞; HONDA;NC四冲;JCC","A",{"v":3011,"d":"3,011.00"},"EA",7.18332,{"v":21628.98,"d":"21,628.98"},12430101,"库存商品-产成品"]
["库位: 005A041","C005","C005-3028-104","13101-Z1T-0102;0.75;活塞 HONDA;NC四冲;JCC","A",213,"EA",6.47594,{"v":1379.37,"d":"1,379.37"},12430101,"库存商品-产成品"]
["库位: 005A041","C005","C005-3876-101","Z7B;STD;活塞; HONDA;NC四冲;JCC","A",840,"EA",8.44651,{"v":7095.07,"d":"7,095.07"},12430101,"库存商品-产成品"]
["库位: 005A041","C005","C005-4115-101","4G63M;A;活塞; MITSUBISHI;NC汽车;JCC","A",198,"EA",13.57333,{"v":2687.52,"d":"2,687.52"},12430101,"库存商品-产成品"]
["库位: 005A041","C005","C005-4482-101","MW251988;STD;活塞; MITSUBISHI;NC汽车;JCC","A",222,"EA",7.78221,{"v":1727.65,"d":"1,727.65"},12430101,"库存商品-产成品"]
["库位: 005A041","C005","C005-4657-104","13104-ZCW-0000;0.75;活塞 HONDA;NC四冲;JCC,ZCW","A",40,"EA",6.06205,242.48,12430101,"库存商品-产成品"]
["库位: 005A041","C005","C005-4960-103","4G64J3-5;C;活塞; MITSUBISHI;NC汽车;JCC","A",25,"EA",10.02151,250.54,12430101,"库存商品-产成品"]
["库位: 005A041","C005","C005-5138-101","DAED148380;A;活塞; MITSUBISHI;NC汽车;JCC","A",13,"EA",6.0909,79.18,12430101,"库存商品-产成品"]
["库位: 005A041","C005","C005-5138-102","DAED148380;B;活塞; MITSUBISHI;NC汽车;JCC","A",35,"EA",6.0909,213.18,12430101,"库存商品-产成品"]
["库位: 005A041","C005","C005-5138-103","DAED148380;C;活塞; MITSUBISHI;NC汽车;JCC","A",12,"EA",6.0909,73.09,12430101,"库存商品-产成品"]
["库位: 005A041","C005","C005-5206-101","0-22;STD;活塞; OTHER;NC二冲;NO MARK;","A",33,"EA",3.27339,108.02,12430101,"库存商品-产成品"]
["库位: 005A042","C005","C005-3902-101","Z7E;STD;活塞; HONDA;NC四冲;JCC","A",446,"EA",11.62347,{"v":5184.07,"d":"5,184.07"},12430101,"库存商品-产成品"]
["库位: 005A043","c005","c005-4106-103","4G63-JYH;C;活塞; MITSUBISHI;NC汽车;JCC","A",{"v":2547,"d":"2,547.00"},"EA",12.21523,{"v":31112.19,"d":"31,112.19"},12430101,"库存商品-产成品"]
["库位: 005A043","C005","C005-4657-101","ZCW;STD;活塞; HONDA;NC四冲;JCC,ZCW","A",{"v":10550,"d":"10,550.00"},"EA",6.06205,{"v":63954.6,"d":"63,954.60"},12430101,"库存商品-产成品"]
["库位: 005A044","C005","C005-2746-102","DA476Q;B;活塞; MITSUBISHI;NC汽车;JCC","A",718,"EA",9.40758,{"v":6754.65,"d":"6,754.65"},12430101,"库存商品-产成品"]
["库位: 005A044","c005","c005-4256-106","CA4GA1;C,黄;活塞; DAIHATSH;NC汽车;JCC;","A",286,"EA",9.69216,{"v":2771.96,"d":"2,771.96"},12430101,"库存商品-产成品"]
["库位: 005A044","C005","C005-5208-101","DAED148413;A;活塞; MITSUBISHI;NC汽车;JCC","A",{"v":3223,"d":"3,223.00"},"EA",10.91282,{"v":35172.02,"d":"35,172.02"},12430101,"库存商品-产成品"]
["库位: 005A051","C005","C005-4106-101","4G63-JYH;A;活塞; MITSUBISHI;NC汽车;JCC","A",936,"EA",12.21523,{"v":11433.45,"d":"11,433.45"},12430101,"库存商品-产成品"]
["库位: 005A052","C005","C005-3407-102","DA1110A021;B;活塞; MITSUBISHI;NC汽车;JCC","A",{"v":18040,"d":"18,040.00"},"EA",11.08891,{"v":200043.98,"d":"200,043.98"},12430101,"库存商品-产成品"]
["库位: 005A052","C005","C005-3788-102","4G20;2;活塞; TOYOTA;NC汽车;JCC","A",{"v":4687,"d":"4,687.00"},"EA",11.4261,{"v":53554.12,"d":"53,554.12"},12430101,"库存商品-产成品"]
["库位: 005A053","C005","C005-2986-103","DA476Q-A5;C;活塞; MITSUBISHI;NC汽车;JCC","A",394,"EA",10.86959,{"v":4282.62,"d":"4,282.62"},12430101,"库存商品-产成品"]
["库位: 005A053","C005","C005-2998-101","DA471Q-A5;A;活塞; MITSUBISHI;NC汽车;JCC","A",81,"EA",10.81407,875.94,12430101,"库存商品-产成品"]
["库位: 005A053","C005","C005-2998-102","DA471Q-A5;B;活塞; MITSUBISHI;NC汽车;JCC","A",34,"EA",10.81407,367.68,12430101,"库存商品-产成品"]
["库位: 005A053","C005","C005-2998-103","DA471Q-A5;C;活塞; MITSUBISHI;NC汽车;JCC","A",103,"EA",10.81407,{"v":1113.85,"d":"1,113.85"},12430101,"库存商品-产成品"]
["库位: 005A053","C005","C005-3788-102","4G20;2;活塞; TOYOTA;NC汽车;JCC","A",{"v":1704,"d":"1,704.00"},"EA",11.4261,{"v":19470.07,"d":"19,470.07"},12430101,"库存商品-产成品"]
["库位: 005A053","C005","C005-4437-102","4G15S2-1004010;B;活塞 MITSUBISHI;NC汽车;JCC","A",{"v":7310,"d":"7,310.00"},"EA",10.53787,{"v":77031.83,"d":"77,031.83"},12430101,"库存商品-产成品"]
["库位: 005A053","C005","C005-4504-102","13001-2207;E;活塞; OTHER;NC四冲;JCC","A",132,"EA",7.18033,947.8,12430101,"库存商品-产成品"]
["库位: 005A053","C005","C005-4960-101","4G64J3-5;A;活塞; MITSUBISHI;NC汽车;JCC","A",352,"EA",10.02151,{"v":3527.57,"d":"3,527.57"},12430101,"库存商品-产成品"]
["库位: 005A053","C005","C005-4960-102","4G64J3-5;B;活塞; MITSUBISHI;NC汽车;JCC","A",617,"EA",10.02151,{"v":6183.27,"d":"6,183.27"},12430101,"库存商品-产成品"]
["库位: 005A054","C005","C005-2745-103","4G63;C;活塞; MITSUBISHI;NC汽车;JCC","A",720,"EA",12.8106,{"v":9223.64,"d":"9,223.64"},12430101,"库存商品-产成品"]
["库位: 005A054","C005","C005-2751-103","4G64;C;活塞; MITSUBISHI;NC汽车;JCC","A",720,"EA",12.31852,{"v":8869.33,"d":"8,869.33"},12430101,"库存商品-产成品"]
["库位: 005A054","C005","C005-2858-103","4G69;B;活塞; MT;NC汽车;JCC及专用","A",830,"EA",11.03521,{"v":9159.22,"d":"9,159.22"},12430101,"库存商品-产成品"]
["库位: 005A054","C005","C005-2985-101","476Q-1004010;A;活塞; MITSUBISHI;NC汽车;JCC","A",844,"EA",11.56367,{"v":9759.74,"d":"9,759.74"},12430101,"库存商品-产成品"]
["库位: 005A054","C005","C005-2986-102","DA476Q-A5;B;活塞; MITSUBISHI;NC汽车;JCC","A",557,"EA",10.86959,{"v":6054.36,"d":"6,054.36"},12430101,"库存商品-产成品"]
["库位: 005A054","C005","C005-3788-101","4G20;1;活塞; TOYOTA;NC汽车;JCC","A",{"v":1221,"d":"1,221.00"},"EA",11.4261,{"v":13951.26,"d":"13,951.26"},12430101,"库存商品-产成品"]
["库位: 005A054","C005","C005-4106-102","4G63-JYH;B;活塞; MITSUBISHI;NC汽车;JCC","A",{"v":2445,"d":"2,445.00"},"EA",12.21523,{"v":29866.24,"d":"29,866.24"},12430101,"库存商品-产成品"]
["库位: 005A054","C005","C005-4197-102","PS;B;活塞; MITSUBISHI;NC汽车;JCC","A",{"v":1336,"d":"1,336.00"},"EA",13.93836,{"v":18621.64,"d":"18,621.64"},12430101,"库存商品-产成品"]
["库位: 005A054","C005","C005-4438-101","476Q-1004020;A;活塞; MITSUBISHI;NC汽车;JCC","A",240,"EA",10.7688,{"v":2584.51,"d":"2,584.51"},12430101,"库存商品-产成品"]
["库位: 005A054","C005","C005-4438-103","476Q-1004020;C;活塞; MITSUBISHI;NC汽车;JCC","A",51,"EA",10.7688,549.21,12430101,"库存商品-产成品"]
["库位: 005A061","C005","C005-2858-102","4G69;A;活塞; MT;NC汽车;JCC及专用","A",287,"EA",11.03521,{"v":3167.1,"d":"3,167.10"},12430101,"库存商品-产成品"]
["库位: 005A061","C005","C005-3407-102","DA1110A021;B;活塞; MITSUBISHI;NC汽车;JCC","A",{"v":3099,"d":"3,099.00"},"EA",11.08891,{"v":34364.54,"d":"34,364.54"},12430101,"库存商品-产成品"]
["库位: 005A061","C005","C005-4657-103","13103-ZCW-0000;0.50;活塞 HONDA;NC四冲;JCC,ZCW","A",17,"EA",6.06205,103.05,12430101,"库存商品-产成品"]
["库位: 005A061","C005","C005-4937-101","DAED158556S1;A;活塞; MITSUBISHI;NC汽车;JCC","A",31,"EA",10.47756,324.8,12430101,"库存商品-产成品"]
["库位: 005A061","C005","C005-4937-102","DAED158556S1;B;活塞; MITSUBISHI;NC汽车;JCC","A",28,"EA",10.47756,293.37,12430101,"库存商品-产成品"]
["库位: 005A061","C005","C005-4937-103","DAED158556S1;C;活塞; MITSUBISHI;NC汽车;JCC","A",18,"EA",10.47756,188.6,12430101,"库存商品-产成品"]
["库位: 005A061","C005","C005-4990-101","N03G1004111氧化;STD;活塞 MT;NC汽车;JCC,HM15","A",24,"EA",9.25005,222,12430101,"库存商品-产成品"]
["库位: 005A062","C005","C005-4106-101","4G63-JYH;A;活塞; MITSUBISHI;NC汽车;JCC","A",754,"EA",12.21523,{"v":9210.28,"d":"9,210.28"},12430101,"库存商品-产成品"]
["库位: 005A062","C005","C005-4126-101","4G69FR;A;活塞; MITSUBISHI;NC汽车;JCC","A",207,"EA",13.69072,{"v":2833.98,"d":"2,833.98"},12430101,"库存商品-产成品"]
["库位: 005A062","C005","C005-5183-101","4G69V;A;活塞; MT;NC汽车;JCC及专用","A",{"v":1236,"d":"1,236.00"},"EA",10.1091,{"v":12494.85,"d":"12,494.85"},12430101,"库存商品-产成品"]
["库位: 005A062","C005","C005-5208-102","DAED148413;B;活塞; MITSUBISHI;NC汽车;JCC","A",{"v":5880,"d":"5,880.00"},"EA",10.91282,{"v":64167.39,"d":"64,167.39"},12430101,"库存商品-产成品"]
["库位: 005A063","C005","C005-2985-103","476Q-1004010;C;活塞; MITSUBISHI;NC汽车;JCC","A",612,"EA",11.56367,{"v":7076.96,"d":"7,076.96"},12430101,"库存商品-产成品"]
["库位: 005A063","C005","C005-4126-103","4G69FR;C;活塞; MITSUBISHI;NC汽车;JCC","A",282,"EA",13.69072,{"v":3860.78,"d":"3,860.78"},12430101,"库存商品-产成品"]
["库位: 005A063","C005","C005-4437-101","4G15S2-1004010;A;活塞 MITSUBISHI;NC汽车;JCC","A",{"v":1322,"d":"1,322.00"},"EA",10.53787,{"v":13931.06,"d":"13,931.06"},12430101,"库存商品-产成品"]
["库位: 005A063","C005","C005-4437-102","4G15S2-1004010;B;活塞 MITSUBISHI;NC汽车;JCC","A",{"v":3325,"d":"3,325.00"},"EA",10.53787,{"v":35038.42,"d":"35,038.42"},12430101,"库存商品-产成品"]
["库位: 005A063","C005","C005-4438-102","476Q-1004020;B;活塞; MITSUBISHI;NC汽车;JCC","A",875,"EA",10.7688,{"v":9422.7,"d":"9,422.70"},12430101,"库存商品-产成品"]
["库位: 005A063","C005","C005-5074-101","DAED161583S1;A;活塞; MITSUBISHI;NC汽车;JCC;","A",27,"EA",0.80695,21.79,12430101,"库存商品-产成品"]
["库位: 005A063","C005","C005-5074-102","DAED161583S1;B;活塞; MITSUBISHI;NC汽车;JCC;","A",88,"EA",0.80695,71.01,12430101,"库存商品-产成品"]
["库位: 005A063","C005","C005-5074-103","DAED161583S1;C;活塞; MITSUBISHI;NC汽车;JCC;","A",26,"EA",0.80695,20.98,12430101,"库存商品-产成品"]
["库位: 005A064","C005","C005-2745-101","4G63;A;活塞; MITSUBISHI;NC汽车;JCC","A",792,"EA",12.8106,{"v":10146,"d":"10,146.00"},12430101,"库存商品-产成品"]
["库位: 005A064","C005","C005-2745-103","4G63;C;活塞; MITSUBISHI;NC汽车;JCC","A",810,"EA",12.8106,{"v":10376.59,"d":"10,376.59"},12430101,"库存商品-产成品"]
["库位: 005A064","C005","C005-2751-103","4G64;C;活塞; MITSUBISHI;NC汽车;JCC","A",{"v":1584,"d":"1,584.00"},"EA",12.31852,{"v":19512.53,"d":"19,512.53"},12430101,"库存商品-产成品"]
["库位: 005A064","C005","C005-3407-101","DA1110A021;A;活塞; MITSUBISHI;NC汽车;JCC","A",880,"EA",11.08891,{"v":9758.24,"d":"9,758.24"},12430101,"库存商品-产成品"]
["库位: 005A064","C005","C005-3407-103","DA1110A021;C;活塞; MITSUBISHI;NC汽车;JCC","A",{"v":2802,"d":"2,802.00"},"EA",11.08891,{"v":31071.13,"d":"31,071.13"},12430101,"库存商品-产成品"]
["库位: 005A064","C005","C005-4511-101","13001-2206;STD;活塞; OTHER;NC四冲;JCC","A",52,"EA",8.25522,429.27,12430101,"库存商品-产成品"]
["库位: 005A064","C005","C005-4986-102","4G69氧化;B;活塞; MT;NC汽车;JCC及专用","A",633,"EA",10.31364,{"v":6528.53,"d":"6,528.53"},12430101,"库存商品-产成品"]
["库位: 005A064","C005","C005-4986-103","4G69氧化;C;活塞; MT;NC汽车;JCC及专用","A",44,"EA",10.31364,453.8,12430101,"库存商品-产成品"]
["库位: 005A064","C005","C005-5073-101","DAED114472S1;A;活塞; MITSUBISHI;NC汽车;JCC;","A",10,"EA",7.41209,74.12,12430101,"库存商品-产成品"]
["库位: 005A064","C005","C005-5073-102","DAED114472S1;B;活塞; MITSUBISHI;NC汽车;JCC;","A",54,"EA",7.41209,400.25,12430101,"库存商品-产成品"]
["库位: 005A064","C005","C005-5073-103","DAED114472S1;C;活塞; MITSUBISHI;NC汽车;JCC;","A",12,"EA",7.41209,88.95,12430101,"库存商品-产成品"]
["库位: 005A071","C005","C005-4112-102","4G69G;B;活塞; MITSUBISHI;NC汽车;JCC","A",8,"EA",13.73692,109.9,12430101,"库存商品-产成品"]
["库位: 005A071","C005","C005-4115-102","4G63M;B;活塞; MITSUBISHI;NC汽车;JCC","A",38,"EA",13.57333,515.79,12430101,"库存商品-产成品"]
["库位: 005A071","C005","C005-4557-101","13001-2203;STD;活塞; KAWASAKI;NC四冲;JCC;","A",{"v":2761,"d":"2,761.00"},"EA",5.54801,{"v":15318.05,"d":"15,318.05"},12430101,"库存商品-产成品"]
["库位: 005A071","C005","C005-4657-102","13102-ZCW-0000;0.25;活塞 HONDA;NC四冲;JCC,ZCW","A",44,"EA",6.06205,266.73,12430101,"库存商品-产成品"]
["库位: 005A071","C005","C005-4770-101","4G18S2-1004010-B;A;活塞 MITSUBISHI;NC汽车;JCC","A",42,"EA",8.82616,370.7,12430101,"库存商品-产成品"]
["库位: 005A071","C005","C005-4770-102","4G18S2-1004010-B;B;活塞 MITSUBISHI;NC汽车;JCC","A",66,"EA",8.82616,582.53,12430101,"库存商品-产成品"]
["库位: 005A071","C005","C005-4770-103","4G18S2-1004010-B;C;活塞 MITSUBISHI;NC汽车;JCC","A",48,"EA",8.82616,423.66,12430101,"库存商品-产成品"]
["库位: 005A071","C005","C005-4986-101","4G69氧化;A;活塞; MT;NC汽车;JCC及专用","A",17,"EA",10.31364,175.33,12430101,"库存商品-产成品"]
["库位: 005A071","C005","C005-4986-104","4G69氧化;0.50;活塞; MT;NC汽车;JCC及专用","A",31,"EA",10.31364,319.72,12430101,"库存商品-产成品"]
["库位: 005A071","C005","C005-5122-101","DA1110A021-2;A;活塞; MITSUBISHI;NC汽车;JCC","A",2,"EA",6.00031,12,12430101,"库存商品-产成品"]
["库位: 005A071","C005","C005-5122-102","DA1110A021-2;B;活塞; MITSUBISHI;NC汽车;JCC","A",2,"EA",6.00031,12,12430101,"库存商品-产成品"]
["库位: 005A071","C005","C005-5123-101","DA1110A021-3;A;活塞; MITSUBISHI;NC汽车;JCC","A",9,"EA",6.00031,54,12430101,"库存商品-产成品"]
["库位: 005A071","C005","C005-5123-102","DA1110A021-3;B;活塞; MITSUBISHI;NC汽车;JCC","A",19,"EA",6.00031,114.01,12430101,"库存商品-产成品"]
["库位: 005A071","C005","C005-5123-103","DA1110A021-3;C;活塞; MITSUBISHI;NC汽车;JCC","A",5,"EA",6.00031,30,12430101,"库存商品-产成品"]
["库位: 005A072","C005","C005-2746-101","DA476Q;A;活塞; MITSUBISHI;NC汽车;JCC","A",111,"EA",9.40758,{"v":1044.24,"d":"1,044.24"},12430101,"库存商品-产成品"]
["库位: 005A072","C005","C005-2986-101","DA476Q-A5;A;活塞; MITSUBISHI;NC汽车;JCC","A",994,"EA",10.86959,{"v":10804.38,"d":"10,804.38"},12430101,"库存商品-产成品"]
["库位: 005A072","C005","C005-3903-101","Z7D;STD;活塞; HONDA;NC四冲;JCC","A",{"v":2313,"d":"2,313.00"},"EA",8.94559,{"v":20691.15,"d":"20,691.15"},12430101,"库存商品-产成品"]
["库位: 005A072","C005","C005-4504-101","13001-2207;E1;活塞; OTHER;NC四冲;JCC","A",{"v":11945,"d":"11,945.00"},"EA",7.18033,{"v":85769.08,"d":"85,769.08"},12430101,"库存商品-产成品"]
["库位: 005A072","C005","C005-5208-102","DAED148413;B;活塞; MITSUBISHI;NC汽车;JCC","A",{"v":13349,"d":"13,349.00"},"EA",10.91282,{"v":145675.25,"d":"145,675.25"},12430101,"库存商品-产成品"]
["库位: 005A073","C005","C005-2751-101","4G64;A;活塞; MITSUBISHI;NC汽车;JCC","A",{"v":1045,"d":"1,045.00"},"EA",12.31852,{"v":12872.85,"d":"12,872.85"},12430101,"库存商品-产成品"]
["库位: 005A073","C005","C005-2858-104","4G69;C;活塞; MT;NC汽车;JCC及专用","A",6,"EA",11.03521,66.21,12430101,"库存商品-产成品"]
["库位: 005A073","C005","C005-4126-102","4G69FR;B;活塞; MITSUBISHI;NC汽车;JCC","A",{"v":1155,"d":"1,155.00"},"EA",13.69072,{"v":15812.78,"d":"15,812.78"},12430101,"库存商品-产成品"]
["库位: 005A074","C005","C005-2745-102","4G63;B;活塞; MITSUBISHI;NC汽车;JCC","A",{"v":2527,"d":"2,527.00"},"EA",12.78876,{"v":32317.19,"d":"32,317.19"},12430101,"库存商品-产成品"]
["库位: 005A074","C005","C005-3849-101","MW250887;STD;活塞; MITSUBISHI;NC汽车;JCC","A",{"v":4762,"d":"4,762.00"},"EA",8.2558,{"v":39314.11,"d":"39,314.11"},12430101,"库存商品-产成品"]
["库位: 005A08","C005","C005-2746-103","DA476Q;C;活塞; MITSUBISHI;NC汽车;JCC","A",{"v":3791,"d":"3,791.00"},"EA",9.40758,{"v":35664.15,"d":"35,664.15"},12430101,"库存商品-产成品"]
["库位: 005A08","C005","C005-3540-101","812464;STD;活塞; OTHER;NC四冲;JCC及专MARK","A",622,"EA",8.95439,{"v":5569.63,"d":"5,569.63"},12430101,"库存商品-产成品"]
["库位: 005A08","C005","C005-4156-101","216832;STD;活塞; OTHER;NC四冲;JCC及专MARK","A",400,"EA",10.42363,{"v":4169.45,"d":"4,169.45"},12430101,"库存商品-产成品"]
["库位: 005A08","C005","C005-4197-101","PS;A;活塞; MITSUBISHI;NC汽车;JCC","A",74,"EA",13.93836,{"v":1031.44,"d":"1,031.44"},12430101,"库存商品-产成品"]
["库位: 005A08","C005","C005-4197-103","PS;C;活塞; MITSUBISHI;NC汽车;JCC","A",475,"EA",13.93836,{"v":6620.72,"d":"6,620.72"},12430101,"库存商品-产成品"]
["库位: 005A08","C005","C005-4437-103","4G15S2-1004010;C;活塞 MITSUBISHI;NC汽车;JCC","A",{"v":2945,"d":"2,945.00"},"EA",10.53787,{"v":31034.03,"d":"31,034.03"},12430101,"库存商品-产成品"]
["库位: 005A08","C005","C005-4625-101","813467;STD;活塞; OTHER;NC四冲;JCC","A",941,"EA",7.11256,{"v":6692.92,"d":"6,692.92"},12430101,"库存商品-产成品"]
["库位: 005A08","C005","C005-5183-103","4G69V;C;活塞; MT;NC汽车;JCC及专用","A",{"v":1200,"d":"1,200.00"},"EA",10.1091,{"v":12130.92,"d":"12,130.92"},12430101,"库存商品-产成品"]
["库位: 005A09","C005","C005-4227-104","1TZ;I,GA;活塞; TOYOTA;NC汽车;JCC","A",111,"EA",12.21206,{"v":1355.54,"d":"1,355.54"},12430101,"库存商品-产成品"]
["库位: 005A09","C005","C005-4227-106","1TZ;II,GA;活塞; TOYOTA;NC汽车;JCC","A",{"v":2821,"d":"2,821.00"},"EA",12.21206,{"v":34450.21,"d":"34,450.21"},12430101,"库存商品-产成品"]
["库位: 005A09","C005","C005-4781-102","V22-1004015;1,GB;活塞; TOYOTA;NC汽车;JCC","A",690,"EA",15.94942,{"v":11005.1,"d":"11,005.10"},12430101,"库存商品-产成品"]
["库位: 005A09","C005","C005-4781-105","V22-1004015;2,GB;活塞; TOYOTA;NC汽车;JCC","A",{"v":8647,"d":"8,647.00"},"EA",15.94942,{"v":137914.63,"d":"137,914.63"},12430101,"库存商品-产成品"]
["库位: 005A09","C005","C005-5174-701","1137-034-0506-A;STD;活塞 OTHER;NC二冲;JCC及Stihl","A",10,"EA",3.29776,32.98,12430101,"库存商品-产成品"]
["库位: 005A09","C005","C005-5208-103","DAED148413;C;活塞; MITSUBISHI;NC汽车;JCC","A",556,"EA",10.91282,{"v":6067.53,"d":"6,067.53"},12430101,"库存商品-产成品"]
["库位: 005A09","C007","C007-4591-7800","4134-030-2005-A;活塞组件","A",{"v":5400,"d":"5,400.00"},"EA",6.61504,{"v":35721.19,"d":"35,721.19"},12430101,"库存商品-产成品"]
["库位: 005A09","C007","C007-4712-7800","1130-030-2009-A;活塞组件","A",{"v":4000,"d":"4,000.00"},"EA",6.69594,{"v":26783.74,"d":"26,783.74"},12430101,"库存商品-产成品"]
["库位: 005A09","C007","C007-4749-7800","4140-030-2002-B;活塞组件","A",{"v":21600,"d":"21,600.00"},"EA",3.89141,{"v":84054.37,"d":"84,054.37"},12430101,"库存商品-产成品"]
["库位: 005A09","C007","C007-4771-7800","1130-030-2008-A;活塞组件","A",{"v":6720,"d":"6,720.00"},"EA",6.3117,{"v":42414.6,"d":"42,414.60"},12430101,"库存商品-产成品"]
["库位: 005A09","C007","C007-4838-7800","1130-030-2013-A;活塞组件","A",{"v":8640,"d":"8,640.00"},"EA",5.90731,{"v":51039.14,"d":"51,039.14"},12430101,"库存商品-产成品"]
["库位: 005A09","C007","C007-4895-7800","4144-030-2006-A;活塞组件","A",{"v":19063,"d":"19,063.00"},"EA",5.29882,{"v":101011.41,"d":"101,011.41"},12430101,"库存商品-产成品"]
["库位: 005A09","C007","C007-4930-7800","1137-030-2006-B; 活塞组件","A",{"v":11880,"d":"11,880.00"},"EA",5.13561,{"v":61010.99,"d":"61,010.99"},12430101,"库存商品-产成品"]
["库位: 005A09","C007","C007-5069-7800","4149-030-2005-A;活塞组件","A",{"v":7200,"d":"7,200.00"},"EA",7.527,{"v":54194.42,"d":"54,194.42"},12430101,"库存商品-产成品"]
["库位: 005A09","C007","C007-5170-7800","4140-030-2008-A;活塞组件","A",{"v":5400,"d":"5,400.00"},"EA",4.63281,{"v":25017.2,"d":"25,017.20"},12430101,"库存商品-产成品"]
["库位: 005A09","C007","C007-5180-7800","1137-030-2009-A-1; 活塞组件","A",{"v":12960,"d":"12,960.00"},"EA",4.87712,{"v":63207.52,"d":"63,207.52"},12430101,"库存商品-产成品"]
["库位: 005A13","C005","C005-2985-102","476Q-1004010;B;活塞; MITSUBISHI;NC汽车;JCC","A",{"v":2357,"d":"2,357.00"},"EA",11.56367,{"v":27255.57,"d":"27,255.57"},12430101,"库存商品-产成品"]
["库位: 005A13","C005","C005-4738-101","M22G1004102;STD;活塞; Haima;NC汽车;JCC","A",512,"EA",7.5671,{"v":3874.36,"d":"3,874.36"},12430101,"库存商品-产成品"]
["库位: 005A14","C005","C005-4767-101","N03G1004111;STD;活塞; MT;NC汽车;JCC,HM15","A",{"v":20397,"d":"20,397.00"},"EA",8.77049,{"v":178891.71,"d":"178,891.71"},12430101,"库存商品-产成品"]
["库位: 005A16","C005","C005-4751-104","3Y-3;1,GB;活塞; TOYOTA;NC汽车;JCC","A",430,"EA",13.41943,{"v":5770.35,"d":"5,770.35"},12430101,"库存商品-产成品"]
["库位: 005A16","C005","C005-4751-105","3Y-3;2,GB;活塞; TOYOTA;NC汽车;JCC","A",{"v":1073,"d":"1,073.00"},"EA",13.41943,{"v":14399.04,"d":"14,399.04"},12430101,"库存商品-产成品"]
["库位: 005A16","C005","C005-4768-101","N07G1004111;STD;活塞; MT;NC汽车;JCC,HM15","A",{"v":16486,"d":"16,486.00"},"EA",8.81235,{"v":145280.45,"d":"145,280.45"},12430101,"库存商品-产成品"]
["库位: 005A16","C005","C005-4876-101","474Q-C-11102-1;STD;活塞; MT;NC汽车;JCC,HM15","A",{"v":13197,"d":"13,197.00"},"EA",8.23648,{"v":108696.77,"d":"108,696.77"},12430101,"库存商品-产成品"]
["库位: 005A16","C005","C005-5033-102","2TZ-1004013S;I,GB;活塞; TOYOTA;NC汽车;JCC","A",{"v":4348,"d":"4,348.00"},"EA",14.3459,{"v":62375.96,"d":"62,375.96"},12430101,"库存商品-产成品"]
["库位: 005A16","C005","C005-5157-101","217539;STD;活塞; OTHER;NC四冲;专用MARK;","A",324,"EA",16.7153,{"v":5415.76,"d":"5,415.76"},12430101,"库存商品-产成品"]
["库位: 005A16","C005","C005-5183-102","4G69V;B;活塞; MT;NC汽车;JCC及专用","A",{"v":1774,"d":"1,774.00"},"EA",10.1091,{"v":17933.54,"d":"17,933.54"},12430101,"库存商品-产成品"]
["库位: 005A221","C005","C005-4267-701","E100865;STD;活塞; OTHER;NC二冲;JCC","A",{"v":5591,"d":"5,591.00"},"EA",5.70486,{"v":31895.88,"d":"31,895.88"},12430101,"库存商品-产成品"]
["库位: 005A221","C005","C005-5124-701","319627-8;STD;活塞; OTHER;NC四冲;无MARK;","A",421,"EA",2.78162,{"v":1171.06,"d":"1,171.06"},12430101,"库存商品-产成品"]
["库位: 005A221","C005","C005-5146-701","7B3-11631-00;STD;活塞; OTHER;NC四冲;JCC及专MARK","A",{"v":1976,"d":"1,976.00"},"EA",8.59669,{"v":16987.06,"d":"16,987.06"},12430101,"库存商品-产成品"]
["库位: 005A222","C005","C005-4260-701","C215138;STD;活塞; OTHER;NC四冲;JCC","A",628,"EA",6.13892,{"v":3855.24,"d":"3,855.24"},12430101,"库存商品-产成品"]
["库位: 005A222","C005","C005-4261-701","C215159;STD;活塞; OTHER;NC四冲;JCC;","A",593,"EA",4.41861,{"v":2620.24,"d":"2,620.24"},12430101,"库存商品-产成品"]
["库位: 005A222","C005","C005-4532-701","E100349;STD;活塞; OTHER;NC二冲;JCC;","A",718,"EA",4.46642,{"v":3206.89,"d":"3,206.89"},12430101,"库存商品-产成品"]
["库位: 005A222","C005","C005-4567-701","C215945;STD;活塞; OTHER;NC四冲;JCC","A",224,"EA",5.53054,{"v":1238.84,"d":"1,238.84"},12430101,"库存商品-产成品"]
["库位: 005A223","C005","C005-2796-701","26223401H3;STD;活塞; OTHER;NC汽车;JCC及专MARK","A",788,"EA",10.93791,{"v":8619.07,"d":"8,619.07"},12430101,"库存商品-产成品"]
["库位: 005A223","C005","C005-4533-701","50CC;STD;活塞; OTHER;NC二冲;富士华专用","A",200,"EA",5.59417,{"v":1118.83,"d":"1,118.83"},12430101,"库存商品-产成品"]
["库位: 005A223","C005","C005-5087-701","C218184B;STD;活塞; OTHER;NC二冲;JCC","A",{"v":2970,"d":"2,970.00"},"EA",4.24267,{"v":12600.74,"d":"12,600.74"},12430101,"库存商品-产成品"]
["库位: 005A224","C005","C005-2870-703","27023403H3;0.50;活塞; OTHER;NC四冲;JCC及专MARK","A",394,"EA",7.40112,{"v":2916.04,"d":"2,916.04"},12430101,"库存商品-产成品"]
["库位: 005A224","C005","C005-2975-701","27923401H3;STD;活塞; OTEHR;NC四冲;JCC专MARK","A",10,"EA",16.38272,163.83,12430101,"库存商品-产成品"]
["库位: 005A224","C005","C005-3240-701","15923411H1;STD;活塞; OTHER;NC二冲;JCC及专用","A",750,"EA",13.58379,{"v":10187.84,"d":"10,187.84"},12430101,"库存商品-产成品"]
["库位: 005A224","C005","C005-4202-701","E200672;STD;活塞; OTHER;NC二冲;JCC","A",{"v":3786,"d":"3,786.00"},"EA",4.39768,{"v":16649.62,"d":"16,649.62"},12430101,"库存商品-产成品"]
["库位: 005A224","C005","C005-4232-703","22B23404J3;0.50;活塞; OTHER;NC四冲;JCC及专用","A",19,"EA",8.35055,158.66,12430101,"库存商品-产成品"]
["库位: 005A224","C005","C005-5147-701","7D3-11631-00;STD;活塞; OTHER;NC四冲;JCC及专MARK","A",{"v":15408,"d":"15,408.00"},"EA",8.06004,{"v":124189.05,"d":"124,189.05"},12430101,"库存商品-产成品"]
["库位: 005A224","C005","C005-5147-702","7D3-11635-00;0.25;活塞; OTHER;NC四冲;JCC及专MARK","A",64,"EA",8.06004,515.84,12430101,"库存商品-产成品"]
["库位: 005A224","C005","C005-5147-703","7D3-11636-00;0.50;活塞; OTHER;NC四冲;JCC及专MARK","A",89,"EA",8.06004,717.34,12430101,"库存商品-产成品"]
["库位: 005A231","C005","C005-3208-701","031-04066-201;STD;活塞; OTHER;NC二冲;JCC","A",{"v":1840,"d":"1,840.00"},"EA",5.23249,{"v":9627.78,"d":"9,627.78"},12430101,"库存商品-产成品"]
["库位: 005A231","C005","C005-4989-701","319407-2;STD;活塞; OTHER;NC二冲;JCC及专MARK","A",300,"EA",0.29168,87.5,12430101,"库存商品-产成品"]
["库位: 005A231","C005","C005-5027-701","13101-K40-F300;STD;活塞 HONDA;NC四冲;40F,JCC;","A",45,"EA",2.64696,119.11,12430101,"库存商品-产成品"]
["库位: 005A232","C005","C005-4481-701","17723441J1;STD;活塞; OTHER;NC 二冲;JCC专MARK","A",{"v":2450,"d":"2,450.00"},"EA",13.26597,{"v":32501.62,"d":"32,501.62"},12430101,"库存商品-产成品"]
["库位: 005A232","C005","C005-4584-701","13101-KYZ-9000;STD;活塞 HONDA;NC四冲;专用MARK","A",{"v":20000,"d":"20,000.00"},"EA",4.60389,{"v":92077.79,"d":"92,077.79"},12430101,"库存商品-产成品"]
["库位: 005A233","C005","C005-3202-701","318831-6;STD;活塞; OTHER;NC二冲;JCC","A",900,"EA",4.19495,{"v":3775.46,"d":"3,775.46"},12430101,"库存商品-产成品"]
["库位: 005A234","C005","C005-2747-701","28223411H3;STD;活塞; OTHER;NC四冲;JCC及专用;","A",36,"EA",6.29108,226.48,12430101,"库存商品-产成品"]
["库位: 005A234","C005","C005-5011-701","13101-K81-N000;STD;活塞 HONDA;NC四冲;专MARK;","A",{"v":2840,"d":"2,840.00"},"EA",4.06629,{"v":11548.27,"d":"11,548.27"},12430101,"库存商品-产成品"]
["库位: 005A241","C005","C005-3175-701","031-07130-200;STD;活塞; OTHER;NC二冲;JCC","A",{"v":4543,"d":"4,543.00"},"EA",3.99011,{"v":18127.06,"d":"18,127.06"},12430101,"库存商品-产成品"]
["库位: 005A241","C005","C005-3207-701","031-05004-811;STD;活塞; OTHER;NC二冲;JCC","A",{"v":2243,"d":"2,243.00"},"EA",4.74619,{"v":10645.7,"d":"10,645.70"},12430101,"库存商品-产成品"]
["库位: 005A241","C005","C005-3240-702","15923412H1;0.25;活塞; OTHER;NC二冲;JCC及专用","A",157,"EA",13.52699,{"v":2123.74,"d":"2,123.74"},12430101,"库存商品-产成品"]
["库位: 005A241","C005","C005-3300-501","436242;STD;活塞; MJ;NC二冲;UPC","A",114,"EA",18.02236,{"v":2054.55,"d":"2,054.55"},12430101,"库存商品-产成品"]
["库位: 005A241","C005","C005-4086-502","19074;020;活塞; OTHER;NC 四冲;morgo","A",23,"EA",13.05445,300.25,12430101,"库存商品-产成品"]
["库位: 005A241","C005","C005-4141-701","E100376;STD;活塞; OTHER;NC二冲;JCC","A",563,"EA",3.81277,{"v":2146.59,"d":"2,146.59"},12430101,"库存商品-产成品"]
["库位: 005A241","C005","C005-4167-702","28923402H3;0.25;活塞; OTHER;NC四冲;JCC专MARK","A",28,"EA",11.009,308.25,12430101,"库存商品-产成品"]
["库位: 005A241","C005","C005-4203-701","E200847;STD;活塞; OTHER;NC二冲;JCC","A",400,"EA",4.18045,{"v":1672.18,"d":"1,672.18"},12430101,"库存商品-产成品"]
["库位: 005A241","C005","C005-4580-701","13101-BA1-0100;STD;活塞; OTHER;NC四冲;JCC","A",245,"EA",4.39659,{"v":1077.16,"d":"1,077.16"},12430101,"库存商品-产成品"]
["库位: 005A241","C005","C005-4712-701","1130-034-0504-A;STD;活塞 OTHER;NC二冲;JCC及专MARK","A",173,"EA",4.23345,732.39,12430101,"库存商品-产成品"]
["库位: 005A241","C005","C005-4749-701","4140-034-0502-B;STD;活塞 OTHER;NC二冲;JCC及专用","A",125,"EA",2.49266,311.58,12430101,"库存商品-产成品"]
["库位: 005A241","C005","C005-5072-701","1A008514;A;活塞; OTHER;NC四冲;JCC","A",6,"EA",1.14189,6.85,12430101,"库存商品-产成品"]
["库位: 005A241","C005","C005-5072-702","1A008514;B;活塞; OTHER;NC四冲;JCC","A",50,"EA",1.14189,57.09,12430101,"库存商品-产成品"]
["库位: 005A241","C005","C005-5072-703","1A008514;C;活塞; OTHER;NC四冲;JCC","A",57,"EA",1.14189,65.09,12430101,"库存商品-产成品"]
["库位: 005A241","C005","C005-5072-704","1A008514;D;活塞; OTHER;NC四冲;JCC","A",54,"EA",1.14189,61.66,12430101,"库存商品-产成品"]
["库位: 005A242","C005","C005-2737-703","25623403H3;0.50;活塞; OTHER;NC四冲;JCC及专用","A",268,"EA",10.61703,{"v":2845.36,"d":"2,845.36"},12430101,"库存商品-产成品"]
["库位: 005A242","C005","C005-3040-701","N5010500;A,黄;活塞; OTHER;NC四冲;JCC","A",240,"EA",5.30821,{"v":1273.97,"d":"1,273.97"},12430101,"库存商品-产成品"]
["库位: 005A242","C005","C005-3040-702","N5010510;B,黄;活塞; OTHER;NC四冲;JCC","A",526,"EA",5.30821,{"v":2792.12,"d":"2,792.12"},12430101,"库存商品-产成品"]
["库位: 005A242","C005","C005-3040-703","N5010490*;C,黄;活塞; OTHER;NC四冲;JCC","A",{"v":2591,"d":"2,591.00"},"EA",5.30821,{"v":13753.56,"d":"13,753.56"},12430101,"库存商品-产成品"]
["库位: 005A242","C005","C005-3040-704","N5010720;D,黄;活塞; OTHER;NC四冲;JCC","A",49,"EA",5.30821,260.1,12430101,"库存商品-产成品"]
["库位: 005A242","C005","C005-3040-705","N5010730;E,黄;活塞; OTHER;NC四冲;JCC","A",45,"EA",5.30821,238.87,12430101,"库存商品-产成品"]
["库位: 005A242","C005","C005-3040-708","N5010490*;C,兰;活塞; OTHER;NC四冲;JCC","A",113,"EA",5.30821,599.83,12430101,"库存商品-产成品"]
["库位: 005A242","C005","C005-3174-701","031-01800-202;STD;活塞; OTHER;NC二冲;JCC","A",{"v":2688,"d":"2,688.00"},"EA",4.85032,{"v":13037.66,"d":"13,037.66"},12430101,"库存商品-产成品"]
["库位: 005A242","C005","C005-4486-701","E102986;STD;活塞; OTHER;NC二冲;JCC","A",{"v":1268,"d":"1,268.00"},"EA",4.69249,{"v":5950.07,"d":"5,950.07"},12430101,"库存商品-产成品"]
["库位: 005A242","c005","c005-4747-704","R3020060;D;黄;活塞; OTHER;NC四冲;NO MARK","A",{"v":4000,"d":"4,000.00"},"EA",5.05564,{"v":20222.56,"d":"20,222.56"},12430101,"库存商品-产成品"]
["库位: 005A242","C005","C005-4747-709","R3020060;D;蓝;活塞; OTHER;NC四冲;NO MARK","A",{"v":10096,"d":"10,096.00"},"EA",5.05564,{"v":51041.75,"d":"51,041.75"},12430101,"库存商品-产成品"]
["库位: 005A242","C005","C005-5136-701","19285;STD;活塞; OTHER;NC四冲;MORGO;","A",28,"EA",10.48156,293.48,12430101,"库存商品-产成品"]
["库位: 005A242","C005","C005-5136-703","19285;1.016;活塞; OTHER;NC四冲;MORGO;","A",27,"EA",10.48156,283,12430101,"库存商品-产成品"]
["库位: 005A242","C007","C007-4645-7800","4144-030-2006-A;活塞组件","A",{"v":4287,"d":"4,287.00"},"EA",5.14779,{"v":22068.58,"d":"22,068.58"},12430101,"库存商品-产成品"]
["库位: 005A243","C005","C005-2737-702","25623402H3;0.25;活塞; OTHER;NC四冲;JCC及专用","A",477,"EA",10.61703,{"v":5064.32,"d":"5,064.32"},12430101,"库存商品-产成品"]
["库位: 005A243","C005","C005-3083-703","20B23404J3;0.50;活塞; OTHER;NC四冲;JCC及专用","A",390,"EA",8.22032,{"v":3205.92,"d":"3,205.92"},12430101,"库存商品-产成品"]
["库位: 005A243","C005","C005-3376-701","07113;STD;活塞; OTHER;NC四冲BOCK.07113.D","A",548,"EA",5.66913,{"v":3106.68,"d":"3,106.68"},12430101,"库存商品-产成品"]
["库位: 005A243","C005","C005-4498-702","K6020120网印;B;兰;活塞; OTHER;NC四冲;JCC","A",658,"EA",3.24139,{"v":2132.83,"d":"2,132.83"},12430101,"库存商品-产成品"]
["库位: 005A243","C005","C005-4498-703","K6020120网印;C;兰;活塞; OTHER;NC四冲;JCC","A",126,"EA",3.24139,408.41,12430101,"库存商品-产成品"]
["库位: 005A243","C005","C005-4747-704","R3020060;D;黄;活塞; OTHER;NC四冲;NO MARK","A",{"v":9508,"d":"9,508.00"},"EA",5.05564,{"v":48069.03,"d":"48,069.03"},12430101,"库存商品-产成品"]
["库位: 005A243","C005","C005-4747-706","R3020060;A;蓝;活塞; OTHER;NC四冲;NO MARK","A",344,"EA",5.05564,{"v":1739.14,"d":"1,739.14"},12430101,"库存商品-产成品"]
["库位: 005A243","C005","C005-4747-708","R3020060;C;蓝;活塞; OTHER;NC四冲;NO MARK","A",{"v":3916,"d":"3,916.00"},"EA",5.05564,{"v":19797.89,"d":"19,797.89"},12430101,"库存商品-产成品"]
["库位: 005A243","C005","C005-4747-710","R3020060;E;蓝;活塞; OTHER;NC四冲;NO MARK","A",813,"EA",5.05564,{"v":4110.24,"d":"4,110.24"},12430101,"库存商品-产成品"]
["库位: 005A244","C005","C005-5027-701","13101-K40-F300;STD;活塞 HONDA;NC四冲;40F,JCC;","A",{"v":1464,"d":"1,464.00"},"EA",2.64696,{"v":3875.14,"d":"3,875.14"},12430101,"库存商品-产成品"]
["库位: 005A251","C005","C005-2724-703","25523403H3;0.50;活塞; OTHER;NC四冲;JCC及专用","A",725,"EA",9.95307,{"v":7215.98,"d":"7,215.98"},12430101,"库存商品-产成品"]
["库位: 005A251","C005","C005-2796-703","26223403H3;0.50;活塞; OTHER;NC汽车;JCC及专MARK","A",305,"EA",10.93791,{"v":3336.06,"d":"3,336.06"},12430101,"库存商品-产成品"]
["库位: 005A251","C005","C005-4086-501","19074;STD;活塞; OTHER;NC四冲;morgo","A",252,"EA",13.05445,{"v":3289.72,"d":"3,289.72"},12430101,"库存商品-产成品"]
["库位: 005A251","C005","C005-4086-503","19074;040;活塞; OTHER;NC 四冲;morgo","A",39,"EA",13.05445,509.12,12430101,"库存商品-产成品"]
["库位: 005A251","C005","C005-4095-701","E300814;STD;活塞; OTHER;NC二冲;JCC","A",{"v":12754,"d":"12,754.00"},"EA",5.05407,{"v":64459.64,"d":"64,459.64"},12430101,"库存商品-产成品"]
["库位: 005A251","C005","C005-4190-701","031-07020-210;STD;活塞; OTHER;NC二冲;JCC","A",{"v":2011,"d":"2,011.00"},"EA",4.2866,{"v":8620.35,"d":"8,620.35"},12430101,"库存商品-产成品"]
["库位: 005A251","C005","C005-4601-701","13101-KZL-9300;STD;活塞; HONDA;NC四冲;盾牌、KZL;","A",90,"EA",3.82067,343.86,12430101,"库存商品-产成品"]
["库位: 005A251","C005","C005-4747-705","R3020060;E;黄;活塞; OTHER;NC四冲;NO MARK","A",{"v":2545,"d":"2,545.00"},"EA",5.05564,{"v":12866.6,"d":"12,866.60"},12430101,"库存商品-产成品"]
["库位: 005A251","C005","C005-4754-701","B018924;A;活塞; OTHER;NC四冲;比亚乔专用","A",15,"EA",4.34593,65.19,12430101,"库存商品-产成品"]
["库位: 005A251","C005","C005-4754-702","B018924;B;活塞; OTHER;NC四冲;比亚乔专用","A",16,"EA",4.34593,69.53,12430101,"库存商品-产成品"]
["库位: 005A251","C005","C005-4754-703","B018924;C;活塞; OTHER;NC四冲;比亚乔专用","A",12,"EA",4.34593,52.15,12430101,"库存商品-产成品"]
["库位: 005A251","C005","C005-4754-704","B018924;D;活塞; OTHER;NC四冲;比亚乔专用","A",11,"EA",4.34593,47.81,12430101,"库存商品-产成品"]
["库位: 005A251","C007","C007-4929-7800","1137-030-2006-A1; 活塞组件","A",{"v":2400,"d":"2,400.00"},"EA",4.98672,{"v":11968.13,"d":"11,968.13"},12430101,"库存商品-产成品"]
["库位: 005A251","C007","C007-5069-7800","4149-030-2005-A;活塞组件","A",900,"EA",7.527,{"v":6774.3,"d":"6,774.30"},12430101,"库存商品-产成品"]
["库位: 005A252","C005","C005-3443-701","M7020330;A;黄;活塞; OTHER;NC四冲;JCC","A",{"v":4814,"d":"4,814.00"},"EA",5.68764,{"v":27380.3,"d":"27,380.30"},12430101,"库存商品-产成品"]
["库位: 005A252","C005","C005-3443-704","M7020330;A;兰;活塞; OTHER;NC四冲;JCC","A",{"v":1568,"d":"1,568.00"},"EA",5.68764,{"v":8918.22,"d":"8,918.22"},12430101,"库存商品-产成品"]
["库位: 005A252","C005","C005-4581-703","R3020140;C;黄;活塞; OTHER;NC四冲;NO MARK","A",500,"EA",4.45572,{"v":2227.86,"d":"2,227.86"},12430101,"库存商品-产成品"]
["库位: 005A252","C005","C005-4747-707","R3020060;B;蓝;活塞; OTHER;NC四冲;NO MARK","A",{"v":1043,"d":"1,043.00"},"EA",5.05564,{"v":5273.03,"d":"5,273.03"},12430101,"库存商品-产成品"]
["库位: 005A252","C005","C005-4888-701","φ95活塞;STD;活塞; OTHER;NC四冲;JCC;","A",364,"EA",6.20683,{"v":2259.29,"d":"2,259.29"},12430101,"库存商品-产成品"]
["库位: 005A252","C005","C005-5163-702","1A008515-1;B;活塞; OTHER;NC四冲;JCC","A",52,"EA",1.22189,63.54,12430101,"库存商品-产成品"]
["库位: 005A252","C005","C005-5163-703","1A008515-1;C;活塞; OTHER;NC四冲;JCC","A",49,"EA",1.22189,59.87,12430101,"库存商品-产成品"]
["库位: 005A252","C005","C005-5163-704","1A008515-1;D;活塞; OTHER;NC四冲;JCC","A",44,"EA",1.22189,53.76,12430101,"库存商品-产成品"]
["库位: 005A252","C005","C005-5164-702","1A008515-2;B;活塞; OTHER;NC四冲;JCC","A",77,"EA",1.22189,94.09,12430101,"库存商品-产成品"]
["库位: 005A252","C005","C005-5164-703","1A008515-2;C;活塞; OTHER;NC四冲;JCC","A",67,"EA",1.22189,81.87,12430101,"库存商品-产成品"]
["库位: 005A253","C005","C005-3131-701","031-04063-203;STD;活塞; OTHER;NC二冲;JCC","A",263,"EA",5.30782,{"v":1395.96,"d":"1,395.96"},12430101,"库存商品-产成品"]
["库位: 005A253","C005","C005-3203-701","031-04085-201;STD;活塞; OTHER;NC二冲;JCC","A",785,"EA",4.9628,{"v":3895.8,"d":"3,895.80"},12430101,"库存商品-产成品"]
["库位: 005A253","C005","C005-3244-701","83404;STD;活塞; OTHER;NC四冲;DAYTONA,JA","A",{"v":1461,"d":"1,461.00"},"EA",4.49631,{"v":6569.1,"d":"6,569.10"},12430101,"库存商品-产成品"]
["库位: 005A253","C005","C005-3268-701","28CC;STD;活塞; OTHER;NC二冲;JCC.28","A",494,"EA",6.00539,{"v":2966.66,"d":"2,966.66"},12430101,"库存商品-产成品"]
["库位: 005A253","C005","C005-4166-701","E100335;STD;活塞; OTHER;NC二冲;JCC","A",465,"EA",4.51887,{"v":2101.27,"d":"2,101.27"},12430101,"库存商品-产成品"]
["库位: 005A253","C005","C005-4179-701","E200008;STD;活塞; OTHER;NC四冲;JCC","A",406,"EA",2.79318,{"v":1134.03,"d":"1,134.03"},12430101,"库存商品-产成品"]
["库位: 005A253","C007","C007-5181-7800","1137-030-2010-A-1; 活塞组件","A",132,"EA",2.6704,352.49,12430101,"库存商品-产成品"]
["库位: 005A253","C007","C007-5182-7800","1137-030-2011-A-1; 活塞组件;","A",155,"EA",2.6704,413.91,12430101,"库存商品-产成品"]
["库位: 005A254","C005","C005-4404-701","E102227;STD;活塞; OTHER;NC二冲;JCC","A",{"v":1648,"d":"1,648.00"},"EA",4.47341,{"v":7372.18,"d":"7,372.18"},12430101,"库存商品-产成品"]
["库位: 005A254","C005","C005-4674-701","13101-KWN-9021;STD;活塞; HONDA;NC四冲;盾牌YT,KWN","A",{"v":7481,"d":"7,481.00"},"EA",5.12811,{"v":38363.36,"d":"38,363.36"},12430101,"库存商品-产成品"]
["库位: 005A261","C005","C005-4617-701","1A007279R;A;活塞; OTHER;NC四冲;JCC","A",850,"EA",5.42104,{"v":4607.88,"d":"4,607.88"},12430101,"库存商品-产成品"]
["库位: 005A261","C005","C005-4617-702","1A007279R;B;活塞; OTHER;NC四冲;JCC","A",619,"EA",5.42104,{"v":3355.62,"d":"3,355.62"},12430101,"库存商品-产成品"]
["库位: 005A261","C005","C005-4617-703","1A007279R;C;活塞; OTHER;NC四冲;JCC","A",{"v":1305,"d":"1,305.00"},"EA",5.42104,{"v":7074.45,"d":"7,074.45"},12430101,"库存商品-产成品"]
["库位: 005A261","C005","C005-4617-704","1A007279R;D;活塞; OTHER;NC四冲;JCC","A",992,"EA",5.42104,{"v":5377.67,"d":"5,377.67"},12430101,"库存商品-产成品"]
["库位: 005A261","C005","C005-4690-701","13101-K02-9010;STD;活塞 HONDA;NC四冲;盾牌YT","A",33,"EA",4.59772,151.72,12430101,"库存商品-产成品"]
["库位: 005A261","C005","C005-4690-702","13101-K02-9010;0.25;活塞 HONDA;NC四冲;盾牌YT","A",20,"EA",4.59034,91.81,12430101,"库存商品-产成品"]
["库位: 005A261","C005","C005-4690-703","13101-K02-9010;0.50;活塞 HONDA;NC四冲;盾牌YT","A",136,"EA",4.59034,624.29,12430101,"库存商品-产成品"]
["库位: 005A261","C005","C005-4717-702","83075R;N;活塞; OTHER;NC四冲;JCC及专用","A",125,"EA",8.25541,{"v":1031.93,"d":"1,031.93"},12430101,"库存商品-产成品"]
["库位: 005A261","C005","C005-4717-704","83075R;P;活塞; OTHER;NC四冲;JCC及专用","A",37,"EA",8.25541,305.45,12430101,"库存商品-产成品"]
["库位: 005A261","C005","C005-4899-702","13101-K40-F000;0.25;活塞 HONDA;NC四冲;专MARK","A",77,"EA",2.57616,198.36,12430101,"库存商品-产成品"]
["库位: 005A261","C005","C005-4899-703","13101-K40-F000;0.50;活塞 HONDA;NC四冲;专MARK","A",15,"EA",2.57616,38.64,12430101,"库存商品-产成品"]
["库位: 005A261","C005","C005-4899-704","13101-K40-F000;0.75;活塞 HONDA;NC四冲;专MARK","A",23,"EA",2.57616,59.25,12430101,"库存商品-产成品"]
["库位: 005A261","C005","C005-4899-705","13101-K40-F000;1.00;活塞 HONDA;NC四冲;专MARK","A",18,"EA",2.57616,46.37,12430101,"库存商品-产成品"]
["库位: 005A262","C005","C005-4302-701","82972R(878847);M;活塞; OTEHR;NC四冲;JCC","A",{"v":1723,"d":"1,723.00"},"EA",7.62424,{"v":13136.56,"d":"13,136.56"},12430101,"库存商品-产成品"]
["库位: 005A262","C005","C005-4302-702","82972R(878847);N;活塞; OTEHR;NC四冲;JCC","A",907,"EA",7.62424,{"v":6915.19,"d":"6,915.19"},12430101,"库存商品-产成品"]
["库位: 005A262","C005","C005-4302-703","82972R(878847);O;活塞; OTEHR;NC四冲;JCC","A",881,"EA",7.62424,{"v":6716.96,"d":"6,716.96"},12430101,"库存商品-产成品"]
["库位: 005A262","C005","C005-4302-704","82972R(878847);P;活塞; OTEHR;NC四冲;JCC","A",229,"EA",7.62424,{"v":1745.95,"d":"1,745.95"},12430101,"库存商品-产成品"]
["库位: 005A262","C005","C005-4899-701","13101-K40-F000;STD;活塞 HONDA;NC四冲;专MARK","A",333,"EA",2.57616,857.86,12430101,"库存商品-产成品"]
["库位: 005A263","C005","C005-4717-702","83075R;N;活塞; OTHER;NC四冲;JCC及专用","A",{"v":1334,"d":"1,334.00"},"EA",8.25541,{"v":11012.72,"d":"11,012.72"},12430101,"库存商品-产成品"]
["库位: 005A263","C005","C005-4717-703","83075R;O;活塞; OTHER;NC四冲;JCC及专用","A",{"v":4014,"d":"4,014.00"},"EA",8.25541,{"v":33137.22,"d":"33,137.22"},12430101,"库存商品-产成品"]
["库位: 005A264","C005","C005-4544-701","E103484;STD;活塞; OTHER;NC二冲;JCC","A",{"v":11052,"d":"11,052.00"},"EA",4.75147,{"v":52513.26,"d":"52,513.26"},12430101,"库存商品-产成品"]
["库位: 005A264","C005","C005-4582-701","KWW;STD;活塞; HONDA;NC四冲;JCC","A",{"v":3190,"d":"3,190.00"},"EA",3.87898,{"v":12373.94,"d":"12,373.94"},12430101,"库存商品-产成品"]
["库位: 005A271","C005","C005-3071-101","KV3;STD;活塞; HONDA;NC四冲;JCC","A",618,"EA",5.40321,{"v":3339.18,"d":"3,339.18"},12430101,"库存商品-产成品"]
["库位: 005A271","C005","C005-4673-103","13103-KCS-W010;0.50;活塞 HONDA;NC四冲;JCC","A",167,"EA",5.28642,882.83,12430101,"库存商品-产成品"]
["库位: 005A271","C005","C005-4961-101","KYY;STD;活塞; HONDA;NC四冲;KYY JCC","A",{"v":8600,"d":"8,600.00"},"EA",4.38778,{"v":37734.92,"d":"37,734.92"},12430101,"库存商品-产成品"]
["库位: 005A271","C005","C005-5166-101","13101-K70-6000;STD;活塞; HONDA;NC四冲;JCC","A",78,"EA",2.97771,232.26,12430101,"库存商品-产成品"]
["库位: 005A271","C005","C005-5193-101","13101-KRM-9304;STD;活塞; HONDA;NC四冲;盾牌,KRM","A",{"v":4300,"d":"4,300.00"},"EA",4.99701,{"v":21487.13,"d":"21,487.13"},12430101,"库存商品-产成品"]
["库位: 005A272","C005","C005-3666-101","GFMF;STD;活塞; HONDA;NC四冲;JCC","A",478,"EA",4.24744,{"v":2030.28,"d":"2,030.28"},12430101,"库存商品-产成品"]
["库位: 005A272","C005","C005-3666-102","GFMF;0.25;活塞; HONDA;NC四冲;JCC","A",15,"EA",4.23463,63.52,12430101,"库存商品-产成品"]
["库位: 005A272","C005","C005-4693-101","KRM;STD;活塞; HONDA;NC四冲;盾牌,KRM","A",{"v":7100,"d":"7,100.00"},"EA",5.26137,{"v":37355.71,"d":"37,355.71"},12430101,"库存商品-产成品"]
["库位: 005A272","C005","C005-4759-102","KTE;0.25;活塞; HONDA;NC四冲;JCC","A",{"v":1351,"d":"1,351.00"},"EA",5.15088,{"v":6958.84,"d":"6,958.84"},12430101,"库存商品-产成品"]
["库位: 005A272","C005","C005-4759-103","KTE;0.50;活塞; HONDA;NC四冲;JCC","A",{"v":1455,"d":"1,455.00"},"EA",5.15088,{"v":7494.53,"d":"7,494.53"},12430101,"库存商品-产成品"]
["库位: 005A272","C005","C005-4961-102","KYY;0.25;活塞; HONDA;NC四冲;KYY JCC","A",453,"EA",4.38778,{"v":1987.66,"d":"1,987.66"},12430101,"库存商品-产成品"]
["库位: 005A273","C005","C005-2701-104","KRW;0.75;活塞; HONDA;NC四冲;JCC","A",469,"EA",4.28513,{"v":2009.73,"d":"2,009.73"},12430101,"库存商品-产成品"]
["库位: 005A273","C005","C005-2741-102","KTT;0.25;活塞; HONDA;NC四冲;JCC","A",892,"EA",5.50401,{"v":4909.58,"d":"4,909.58"},12430101,"库存商品-产成品"]
["库位: 005A273","C005","C005-2741-103","KTT;0.50;活塞; HONDA;NC四冲;JCC","A",909,"EA",5.50401,{"v":5003.14,"d":"5,003.14"},12430101,"库存商品-产成品"]
["库位: 005A273","C005","C005-2741-104","KTT;0.75;活塞; HONDA;NC四冲;JCC","A",378,"EA",5.50401,{"v":2080.52,"d":"2,080.52"},12430101,"库存商品-产成品"]
["库位: 005A273","C005","C005-2755-103","KRF;0.50;活塞; HONDA;NC四冲;JCC","A",{"v":2728,"d":"2,728.00"},"EA",5.54331,{"v":15122.16,"d":"15,122.16"},12430101,"库存商品-产成品"]
["库位: 005A273","C005","C005-4693-102","KRM;0.25;活塞; HONDA;NC四冲;盾牌,KRM","A",523,"EA",5.26137,{"v":2751.7,"d":"2,751.70"},12430101,"库存商品-产成品"]
["库位: 005A273","C005","C005-4693-103","KRM;0.50;活塞; HONDA;NC四冲;盾牌,KRM","A",83,"EA",5.26137,436.69,12430101,"库存商品-产成品"]
["库位: 005A273","C005","C005-4693-104","KRM;0.75;活塞; HONDA;NC四冲;盾牌,KRM","A",218,"EA",5.26137,{"v":1146.98,"d":"1,146.98"},12430101,"库存商品-产成品"]
["库位: 005A273","C005","C005-4693-105","KRM;1.00;活塞; HONDA;NC四冲;盾牌,KRM","A",148,"EA",5.26137,778.68,12430101,"库存商品-产成品"]
["库位: 005A273","C005","C005-4715-102","GEL;0.25;活塞; HONDA;NC四冲;JCC","A",524,"EA",3.20493,{"v":1679.38,"d":"1,679.38"},12430101,"库存商品-产成品"]
["库位: 005A273","C005","C005-4715-103","GEL;0.50;活塞; HONDA;NC四冲;JCC","A",497,"EA",3.20493,{"v":1592.85,"d":"1,592.85"},12430101,"库存商品-产成品"]
["库位: 005A273","C005","C005-4938-101","13101-K03-H100;STD;活塞; HONDA;NC四冲;JCC;","A",2,"EA",3.33607,6.67,12430101,"库存商品-产成品"]
["库位: 005A273","C005","C005-4961-103","KYY;0.50;活塞; HONDA;NC四冲;KYY JCC","A",{"v":1388,"d":"1,388.00"},"EA",4.38778,{"v":6090.24,"d":"6,090.24"},12430101,"库存商品-产成品"]
["库位: 005A273","C005","C005-5035-103","13103-K69-6000;0.50;活塞 HONDA;NC四冲;JCC","A",865,"EA",4.4195,{"v":3822.87,"d":"3,822.87"},12430101,"库存商品-产成品"]
["库位: 005A273","C005","C005-5193-101","13101-KRM-9304;STD;活塞; HONDA;NC四冲;盾牌,KRM","A",253,"EA",4.99701,{"v":1264.24,"d":"1,264.24"},12430101,"库存商品-产成品"]
["库位: 005A274","C005","C005-2741-105","KTT;1.00;活塞; HONDA;NC四冲;JCC","A",89,"EA",5.50401,489.86,12430101,"库存商品-产成品"]
["库位: 005A274","C005","C005-2750-102","GCC;0.25;活塞; HONDA;NC四冲;JCC","A",164,"EA",4.49355,736.94,12430101,"库存商品-产成品"]
["库位: 005A274","C005","C005-2755-104","KRF;0.75;活塞; HONDA;NC四冲;JCC","A",699,"EA",5.54331,{"v":3874.78,"d":"3,874.78"},12430101,"库存商品-产成品"]
["库位: 005A274","C005","C005-2861-103","KVC;0.50;活塞; HONDA;NC四冲;JCC","A",251,"EA",5.51012,{"v":1383.04,"d":"1,383.04"},12430101,"库存商品-产成品"]
["库位: 005A274","C005","C005-2861-104","KVC;0.75;活塞; HONDA;NC四冲;JCC","A",227,"EA",5.51012,{"v":1250.8,"d":"1,250.80"},12430101,"库存商品-产成品"]
["库位: 005A274","C005","C005-2861-105","KVC;1.00;活塞; HONDA;NC四冲;JCC","A",47,"EA",5.51012,258.98,12430101,"库存商品-产成品"]
["库位: 005A274","C005","C005-3071-102","KV3;0.25;活塞; HONDA;NC四冲;JCC","A",4,"EA",5.34968,21.4,12430101,"库存商品-产成品"]
["库位: 005A274","C005","C005-3071-103","KV3;0.50;活塞; HONDA;NC四冲;JCC","A",284,"EA",5.34968,{"v":1519.31,"d":"1,519.31"},12430101,"库存商品-产成品"]
["库位: 005A274","C005","C005-3405-102","KVX;0.50;活塞; HONDA;NC四冲;JCC","A",329,"EA",5.08232,{"v":1672.08,"d":"1,672.08"},12430101,"库存商品-产成品"]
["库位: 005A274","C005","C005-3405-103","KVX;0.25;活塞; HONDA;NC四冲;JCC","A",324,"EA",5.08232,{"v":1646.67,"d":"1,646.67"},12430101,"库存商品-产成品"]
["库位: 005A274","C005","C005-3405-104","KVX;0.75;活塞; HONDA;NC四冲;JCC","A",196,"EA",5.08232,996.13,12430101,"库存商品-产成品"]
["库位: 005A274","C005","C005-3405-105","KVX;1.00;活塞; HONDA;NC四冲;JCC","A",197,"EA",5.08232,{"v":1001.22,"d":"1,001.22"},12430101,"库存商品-产成品"]
["库位: 005A274","C005","C005-3666-103","GFMF;0.50;活塞; HONDA;NC四冲;JCC","A",402,"EA",4.23463,{"v":1702.32,"d":"1,702.32"},12430101,"库存商品-产成品"]
["库位: 005A274","C005","C005-3666-104","GFMF;0.75;活塞; HONDA;NC四冲;JCC","A",214,"EA",4.23463,906.21,12430101,"库存商品-产成品"]
["库位: 005A274","c005","c005-3666-105","GFMF;1.00;活塞; HONDA;NC四冲;JCC","A",279,"EA",4.23463,{"v":1181.46,"d":"1,181.46"},12430101,"库存商品-产成品"]
["库位: 005A274","C005","C005-3990-102","KVR;0.25;活塞; HONDA;NC四冲;JCC","A",238,"EA",4.40992,{"v":1049.56,"d":"1,049.56"},12430101,"库存商品-产成品"]
["库位: 005A274","C005","C005-3990-103","KVR;0.50;活塞; HONDA;NC四冲;JCC","A",42,"EA",4.40992,185.22,12430101,"库存商品-产成品"]
["库位: 005A274","C005","C005-3990-104","KVR;0.75;活塞; HONDA;NC四冲;JCC","A",73,"EA",4.40992,321.92,12430101,"库存商品-产成品"]
["库位: 005A274","C005","C005-3990-105","KVR;1.00;活塞; HONDA;NC四冲;JCC","A",96,"EA",4.40992,423.35,12430101,"库存商品-产成品"]
["库位: 005A274","C005","C005-4027-103","161QMK;A,II;活塞; OTHER;NC四冲;JCC","A",119,"EA",4.67064,555.81,12430101,"库存商品-产成品"]
["库位: 005A274","C005","C005-4054-102","GGC;0.25;活塞; HONDA;NC四冲;JCC","A",312,"EA",3.72458,{"v":1162.07,"d":"1,162.07"},12430101,"库存商品-产成品"]
["库位: 005A274","C005","C005-4054-103","GGC;0.50;活塞; HONDA;NC四冲;JCC","A",346,"EA",3.72458,{"v":1288.71,"d":"1,288.71"},12430101,"库存商品-产成品"]
["库位: 005A274","C005","C005-4054-104","GGC;0.75;活塞; HONDA;NC四冲;JCC","A",330,"EA",3.72458,{"v":1229.11,"d":"1,229.11"},12430101,"库存商品-产成品"]
["库位: 005A274","C005","C005-4054-105","GGC;1.00;活塞; HONDA;NC四冲;JCC","A",165,"EA",3.72458,614.56,12430101,"库存商品-产成品"]
["库位: 005A274","C005","C005-4401-102","KZL;0.25;活塞; HONDA;NC四冲;JCC KVY","A",{"v":1529,"d":"1,529.00"},"EA",3.88301,{"v":5937.12,"d":"5,937.12"},12430101,"库存商品-产成品"]
["库位: 005A274","C005","C005-4401-103","KZL;0.50;活塞; HONDA;NC四冲;JCC KVY","A",611,"EA",3.88301,{"v":2372.52,"d":"2,372.52"},12430101,"库存商品-产成品"]
["库位: 005A274","C005","C005-4401-104","KZL;0.75;活塞; HONDA;NC四冲;JCC KVY","A",470,"EA",3.88301,{"v":1825.01,"d":"1,825.01"},12430101,"库存商品-产成品"]
["库位: 005A274","C005","C005-4401-105","KZL;1.00;活塞; HONDA;NC四冲;JCC KVY","A",451,"EA",3.88301,{"v":1751.24,"d":"1,751.24"},12430101,"库存商品-产成品"]
["库位: 005A274","C005","C005-4439-105","7DH-1;0.50;活塞; YAMAHA;NC四冲;JCC","A",138,"EA",1.76206,243.16,12430101,"库存商品-产成品"]
["库位: 005A274","C005","C005-4487-102","KYY;0.25;活塞; HONDA;NC四冲;KYY JCC","A",5,"EA",4.32457,21.62,12430101,"库存商品-产成品"]
["库位: 005A274","C005","C005-4487-103","KYY;0.50;活塞; HONDA;NC四冲;KYY JCC","A",42,"EA",4.32457,181.63,12430101,"库存商品-产成品"]
["库位: 005A274","C005","C005-4487-104","KYY;0.75;活塞; HONDA;NC四冲;KYY JCC","A",100,"EA",4.32457,432.46,12430101,"库存商品-产成品"]
["库位: 005A274","C005","C005-4582-102","KWW;0.25;活塞; HONDA;NC四冲;JCC","A",735,"EA",4.07679,{"v":2996.44,"d":"2,996.44"},12430101,"库存商品-产成品"]
["库位: 005A274","C005","C005-4582-103","KWW;0.50;活塞; HONDA;NC四冲;JCC","A",675,"EA",4.07679,{"v":2751.83,"d":"2,751.83"},12430101,"库存商品-产成品"]
["库位: 005A274","C005","C005-4582-104","KWW;0.75;活塞; HONDA;NC四冲;JCC","A",489,"EA",4.07679,{"v":1993.55,"d":"1,993.55"},12430101,"库存商品-产成品"]
["库位: 005A274","C005","C005-4582-105","KWW;1.00;活塞; HONDA;NC四冲;JCC","A",389,"EA",4.07679,{"v":1585.87,"d":"1,585.87"},12430101,"库存商品-产成品"]
["库位: 005A274","C005","C005-4673-102","13102-KCS-W010;0.25;活塞 HONDA;NC四冲;JCC","A",89,"EA",5.28642,470.49,12430101,"库存商品-产成品"]
["库位: 005A274","C005","C005-4742-102","13101-K08-9000;0.25;活塞 HONDA;NC四冲;JCC;","A",180,"EA",4.26472,767.65,12430101,"库存商品-产成品"]
["库位: 005A274","C005","C005-4742-103","13101-K08-9000;0.50;活塞 HONDA;NC四冲;JCC;","A",49,"EA",4.26472,208.97,12430101,"库存商品-产成品"]
["库位: 005A274","C005","C005-4759-104","KTE;0.75;活塞; HONDA;NC四冲;JCC","A",517,"EA",5.15088,{"v":2663,"d":"2,663.00"},12430101,"库存商品-产成品"]
["库位: 005A274","C005","C005-4759-105","KTE;1.00;活塞; HONDA;NC四冲;JCC","A",222,"EA",5.15088,{"v":1143.5,"d":"1,143.50"},12430101,"库存商品-产成品"]
["库位: 005A274","C005","C005-4879-102","13102-K48-A000;0.25;活塞 HONDA;NC四冲;JCC","A",671,"EA",3.95618,{"v":2654.6,"d":"2,654.60"},12430101,"库存商品-产成品"]
["库位: 005A274","C005","C005-4879-103","13103-K48-A000;0.50;活塞 HONDA;NC四冲;JCC","A",579,"EA",3.95618,{"v":2290.63,"d":"2,290.63"},12430101,"库存商品-产成品"]
["库位: 005A274","C005","C005-4879-104","13104-K48-A000;0.75;活塞 HONDA;NC四冲;JCC","A",341,"EA",3.95618,{"v":1349.06,"d":"1,349.06"},12430101,"库存商品-产成品"]
["库位: 005A274","C005","C005-4879-105","13105-K48-A000;1.00;活塞 HONDA;NC四冲;JCC","A",550,"EA",3.95618,{"v":2175.9,"d":"2,175.90"},12430101,"库存商品-产成品"]
["库位: 005A274","C005","C005-4942-105","KTE;1.00;活塞; HONDA;NC四冲;JCC","A",183,"EA",4.47426,818.79,12430101,"库存商品-产成品"]
["库位: 005A274","C005","C005-4944-101","13101-K70-6000;STD;活塞 HONDA;NC四冲;JCC","A",20,"EA",2.97771,59.55,12430101,"库存商品-产成品"]
["库位: 005A274","C005","C005-4946-103","13103-K70-6000;0.50;活塞 HONDA;NC四冲;JCC","A",390,"EA",5.11119,{"v":1993.36,"d":"1,993.36"},12430101,"库存商品-产成品"]
["库位: 005A274","C005","C005-4946-104","13104-K70-6000;0.75;活塞 HONDA;NC四冲;JCC","A",485,"EA",5.11119,{"v":2478.93,"d":"2,478.93"},12430101,"库存商品-产成品"]
["库位: 005A274","C005","C005-4946-105","13105-K70-6000;1.00;活塞 HONDA;NC四冲;JCC","A",330,"EA",5.11119,{"v":1686.69,"d":"1,686.69"},12430101,"库存商品-产成品"]
["库位: 005A274","C005","C005-4947-102","13101-KPN-A700;0.25;活塞 HONDA;NC四冲;JCC","A",459,"EA",4.94358,{"v":2269.1,"d":"2,269.10"},12430101,"库存商品-产成品"]
["库位: 005A274","C005","C005-4947-104","13101-KPN-A700;0.75;活塞 HONDA;NC四冲;JCC","A",389,"EA",4.94358,{"v":1923.05,"d":"1,923.05"},12430101,"库存商品-产成品"]
["库位: 005A274","C005","C005-4947-105","13101-KPN-A700;1.00;活塞 HONDA;NC四冲;JCC","A",296,"EA",4.94358,{"v":1463.3,"d":"1,463.30"},12430101,"库存商品-产成品"]
["库位: 005A274","C005","C005-4961-104","KYY;0.75;活塞; HONDA;NC四冲;KYY JCC","A",414,"EA",4.38778,{"v":1816.54,"d":"1,816.54"},12430101,"库存商品-产成品"]
["库位: 005A274","C005","C005-4961-105","KYY;1.00;活塞; HONDA;NC四冲;KYY JCC","A",390,"EA",4.38778,{"v":1711.23,"d":"1,711.23"},12430101,"库存商品-产成品"]
["库位: 005A274","C005","C005-5014-101","13101-GCC-D000;STD;活塞; HONDA;NC四冲;JCC","A",131,"EA",4.273,559.76,12430101,"库存商品-产成品"]
["库位: 005A274","C005","C005-5032-101","JC152-7;绿;活塞; OTHER;NC四冲;JCC","A",36,"EA",2.93083,105.51,12430101,"库存商品-产成品"]
["库位: 005A274","C005","C005-5032-102","JC152-7;白;活塞; OTHER;NC四冲;JCC","A",{"v":2989,"d":"2,989.00"},"EA",2.93083,{"v":8760.25,"d":"8,760.25"},12430101,"库存商品-产成品"]
["库位: 005A274","C005","C005-5034-101","13101-KPN-A700;STD;活塞; HONDA;NC四冲;JCC","A",13,"EA",4.90418,63.75,12430101,"库存商品-产成品"]
["库位: 005A274","C005","C005-5035-102","13102-K69-6000;0.25;活塞 HONDA;NC四冲;JCC","A",914,"EA",4.4195,{"v":4039.43,"d":"4,039.43"},12430101,"库存商品-产成品"]
["库位: 005A281","C005","C005-3071-101","KV3;STD;活塞; HONDA;NC四冲;JCC","A",{"v":7500,"d":"7,500.00"},"EA",5.40321,{"v":40524.05,"d":"40,524.05"},12430101,"库存商品-产成品"]
["库位: 005A281","C005","C005-4759-101","KTE;STD;活塞; HONDA;NC四冲;JCC","A",{"v":1490,"d":"1,490.00"},"EA",5.15088,{"v":7674.81,"d":"7,674.81"},12430101,"库存商品-产成品"]
["库位: 005A281","C005","C005-5167-101","KTT;STD;活塞; HONDA;NC四冲;JCC","A",{"v":1409,"d":"1,409.00"},"EA",5.24165,{"v":7385.48,"d":"7,385.48"},12430101,"库存商品-产成品"]
["库位: 005A282","C005","C005-4961-101","KYY;STD;活塞; HONDA;NC四冲;KYY JCC","A",{"v":4879,"d":"4,879.00"},"EA",4.38778,{"v":21407.98,"d":"21,407.98"},12430101,"库存商品-产成品"]
["库位: 005A282","C005","C005-5184-101","13101-K03-H101;STD;活塞; HONDA;NC四冲;JCC;","A",{"v":7168,"d":"7,168.00"},"EA",3.88469,{"v":27845.44,"d":"27,845.44"},12430101,"库存商品-产成品"]
["库位: 005A283","C005","C005-4401-101","KZL;STD;活塞; HONDA;NC四冲;JCC KVY","A",55,"EA",3.89044,213.97,12430101,"库存商品-产成品"]
["库位: 005A283","C005","C005-4582-101","KWW;STD;活塞; HONDA;NC四冲;JCC","A",{"v":3520,"d":"3,520.00"},"EA",4.07679,{"v":14350.31,"d":"14,350.31"},12430101,"库存商品-产成品"]
["库位: 005A283","C005","C005-4693-101","KRM;STD;活塞; HONDA;NC四冲;盾牌,KRM","A",{"v":11502,"d":"11,502.00"},"EA",5.26137,{"v":60516.25,"d":"60,516.25"},12430101,"库存商品-产成品"]
["库位: 005A284","C005","C005-4879-101","13101-K48-A000;STD;活塞; HONDA;NC四冲;JCC","A",{"v":10100,"d":"10,100.00"},"EA",3.95618,{"v":39957.44,"d":"39,957.44"},12430101,"库存商品-产成品"]
["库位: 005A284","C005","C005-4947-101","13101-KPN-A700;STD;活塞; HONDA;NC四冲;JCC","A",{"v":2623,"d":"2,623.00"},"EA",4.94358,{"v":12967.01,"d":"12,967.01"},12430101,"库存商品-产成品"]
["库位: 005A291","C005","C005-2701-102","KRW;0.25;活塞; HONDA;NC四冲;JCC","A",278,"EA",4.28513,{"v":1191.27,"d":"1,191.27"},12430101,"库存商品-产成品"]
["库位: 005A291","c005","c005-2701-103","KRW;0.50;活塞; HONDA;NC四冲;JCC","A",737,"EA",4.28513,{"v":3158.14,"d":"3,158.14"},12430101,"库存商品-产成品"]
["库位: 005A291","C005","C005-2701-105","KRW;1.00;活塞; HONDA;NC四冲;JCC","A",460,"EA",4.28513,{"v":1971.16,"d":"1,971.16"},12430101,"库存商品-产成品"]
["库位: 005A291","C005","C005-2896-103","GZ125;红(E);活塞; SUZUKI;NC四冲;JCC;","A",153,"EA",5.61889,859.69,12430101,"库存商品-产成品"]
["库位: 005A291","C005","C005-4673-104","13104-KCS-W010;0.75;活塞 HONDA;NC四冲;JCC","A",221,"EA",7.68172,{"v":1697.66,"d":"1,697.66"},12430101,"库存商品-产成品"]
["库位: 005A291","C005","C005-4673-105","13105-KCS-W010;1.00;活塞 HONDA;NC四冲;JCC","A",378,"EA",7.68172,{"v":2903.69,"d":"2,903.69"},12430101,"库存商品-产成品"]
["库位: 005A291","C005","C005-4722-101","KYA;STD;活塞; HONDA;NC四冲;JCC","A",{"v":1836,"d":"1,836.00"},"EA",4.7397,{"v":8702.09,"d":"8,702.09"},12430101,"库存商品-产成品"]
["库位: 005A291","C005","C005-4742-101","13101-K08-9000;STD;活塞; HONDA;NC四冲;JCC;","A",{"v":2382,"d":"2,382.00"},"EA",4.26472,{"v":10158.57,"d":"10,158.57"},12430101,"库存商品-产成品"]
["库位: 005A291","C005","C005-5035-101","13101-K69-6001;STD;活塞; HONDA;NC四冲;JCC","A",{"v":16161,"d":"16,161.00"},"EA",4.4195,{"v":71423.62,"d":"71,423.62"},12430101,"库存商品-产成品"]
["库位: 005A291","C005","C005-5187-102","13101-K79-E001;0.25;活塞 HONDA;NC四冲;JCC","A",219,"EA",4.95084,{"v":1084.23,"d":"1,084.23"},12430101,"库存商品-产成品"]
["库位: 005A291","C005","C005-5187-103","13101-K79-E001;0.50;活塞 HONDA;NC四冲;JCC","A",228,"EA",4.95084,{"v":1128.79,"d":"1,128.79"},12430101,"库存商品-产成品"]
["库位: 005A291","C005","C005-5187-104","13101-K79-E001;0.75;活塞 HONDA;NC四冲;JCC","A",219,"EA",4.95084,{"v":1084.23,"d":"1,084.23"},12430101,"库存商品-产成品"]
["库位: 005A291","C005","C005-5187-105","13101-K79-E001;1.00;活塞 HONDA;NC四冲;JCC","A",260,"EA",4.95084,{"v":1287.22,"d":"1,287.22"},12430101,"库存商品-产成品"]
["库位: 005A292","C005","C005-2741-101","KTT;STD;活塞; HONDA;NC四冲;JCC","A",{"v":1700,"d":"1,700.00"},"EA",16.32651,{"v":27755.07,"d":"27,755.07"},12430101,"库存商品-产成品"]
["库位: 005A292","C005","C005-2755-102","KRF;0.25;活塞; HONDA;NC四冲;JCC","A",{"v":1240,"d":"1,240.00"},"EA",5.54331,{"v":6873.71,"d":"6,873.71"},12430101,"库存商品-产成品"]
["库位: 005A292","C005","C005-4759-101","KTE;STD;活塞; HONDA;NC四冲;JCC","A",{"v":7300,"d":"7,300.00"},"EA",5.15088,{"v":37601.42,"d":"37,601.42"},12430101,"库存商品-产成品"]
["库位: 005A292","C005","C005-4946-101","13101-K70-6000;STD;活塞 HONDA;NC四冲;JCC","A",400,"EA",5.05461,{"v":2021.84,"d":"2,021.84"},12430101,"库存商品-产成品"]
["库位: 005A292","C005","C005-5031-101","13101-K48-A000;STD;活塞; HONDA;NC四冲;JCC","A",28,"EA",3.978,111.38,12430101,"库存商品-产成品"]
["库位: 005A293","C005","C005-2750-101","GCC;STD;活塞; HONDA;NC四冲;JCC","A",{"v":5453,"d":"5,453.00"},"EA",4.50068,{"v":24542.18,"d":"24,542.18"},12430101,"库存商品-产成品"]
["库位: 005A293","C005","C005-2755-101","KRF;STD;活塞; HONDA;NC四冲;JCC","A",{"v":1600,"d":"1,600.00"},"EA",12.12304,{"v":19396.86,"d":"19,396.86"},12430101,"库存商品-产成品"]
["库位: 005A293","C005","C005-4715-101","GEL;STD;活塞; HONDA;NC四冲;JCC","A",{"v":8023,"d":"8,023.00"},"EA",3.20493,{"v":25713.15,"d":"25,713.15"},12430101,"库存商品-产成品"]
["库位: 005A294","C005","C005-2755-105","KRF;1.00;活塞; HONDA;NC四冲;JCC","A",492,"EA",8.52577,{"v":4194.68,"d":"4,194.68"},12430101,"库存商品-产成品"]
["库位: 005A294","C005","C005-2808-102","KG40;I(黄);活塞; HONDA;NC四冲;JCC","A",{"v":1527,"d":"1,527.00"},"EA",4.41807,{"v":6746.4,"d":"6,746.40"},12430101,"库存商品-产成品"]
["库位: 005A294","C005","C005-4000-101","GFC-1;STD;活塞; HONDA;NC四冲;JCC","A",969,"EA",4.27488,{"v":4142.36,"d":"4,142.36"},12430101,"库存商品-产成品"]
["库位: 005A294","C005","C005-4607-101","K19A;STD;活塞; HONDA;NC四冲;JCC","A",29,"EA",4.31547,125.15,12430101,"库存商品-产成品"]
["库位: 005A294","C005","C005-5117-101","13101-K88-L000;STD;活塞 HONDA;NC四冲;JCC;","A",{"v":5470,"d":"5,470.00"},"EA",5.58627,{"v":30556.88,"d":"30,556.88"},12430101,"库存商品-产成品"]
["库位: 005A294","C005","C005-5205-101","13101-K79-E001-PE;STD; 活塞;HONDA;NC四冲;JCC","A",625,"EA",4.95084,{"v":3094.27,"d":"3,094.27"},12430101,"库存商品-产成品"]
["库位: 005A301","C005","C005-2741-101","KTT;STD;活塞; HONDA;NC四冲;JCC","A",{"v":17558,"d":"17,558.00"},"EA",16.32651,{"v":286660.86,"d":"286,660.86"},12430101,"库存商品-产成品"]
["库位: 005A301","C005","C005-4054-101","GGC;STD;活塞; HONDA;NC四冲;JCC","A",759,"EA",3.73498,{"v":2834.85,"d":"2,834.85"},12430101,"库存商品-产成品"]
["库位: 005A302","C005","C005-2701-101","KRW;STD;活塞; HONDA;NC四冲;JCC","A",{"v":4613,"d":"4,613.00"},"EA",4.35816,{"v":20104.21,"d":"20,104.21"},12430101,"库存商品-产成品"]
["库位: 005A302","C005","C005-3990-101","KVR;STD;活塞; HONDA;NC四冲;JCC","A",{"v":1625,"d":"1,625.00"},"EA",4.40686,{"v":7161.15,"d":"7,161.15"},12430101,"库存商品-产成品"]
["库位: 005A302","C005","C005-4692-101","KWG;STD;活塞; HONDA;NC四冲;盾牌","A",{"v":3153,"d":"3,153.00"},"EA",4.88825,{"v":15412.65,"d":"15,412.65"},12430101,"库存商品-产成品"]
["库位: 005A302","C005","C005-4879-101","13101-K48-A000;STD;活塞; HONDA;NC四冲;JCC","A",{"v":7285,"d":"7,285.00"},"EA",3.95618,{"v":28820.79,"d":"28,820.79"},12430101,"库存商品-产成品"]
["库位: 005A303","C005","C005-4582-101","KWW;STD;活塞; HONDA;NC四冲;JCC","A",{"v":11670,"d":"11,670.00"},"EA",4.07679,{"v":47576.15,"d":"47,576.15"},12430101,"库存商品-产成品"]
["库位: 005A303","C005","C005-4759-101","KTE;STD;活塞; HONDA;NC四冲;JCC","A",{"v":1700,"d":"1,700.00"},"EA",5.15088,{"v":8756.49,"d":"8,756.49"},12430101,"库存商品-产成品"]
["库位: 005A303","C005","C005-4946-101","13101-K70-6000;STD;活塞 HONDA;NC四冲;JCC","A",{"v":3000,"d":"3,000.00"},"EA",5.05461,{"v":15163.82,"d":"15,163.82"},12430101,"库存商品-产成品"]
["库位: 005A304","C005","C005-2755-101","KRF;STD;活塞; HONDA;NC四冲;JCC","A",{"v":8090,"d":"8,090.00"},"EA",12.12304,{"v":98075.38,"d":"98,075.38"},12430101,"库存商品-产成品"]
["库位: 005A304","C005","C005-2861-101","KVC;STD;活塞; HONDA;NC四冲;JCC","A",{"v":1251,"d":"1,251.00"},"EA",5.52294,{"v":6909.2,"d":"6,909.20"},12430101,"库存商品-产成品"]
["库位: 005A304","C005","C005-3680-103","20G23401H3;0.50;活塞; OTHER;NC四冲;JCC专MARK","A",462,"EA",3.68899,{"v":1704.32,"d":"1,704.32"},12430101,"库存商品-产成品"]
["库位: 005A304","C005","C005-4759-101","KTE;STD;活塞; HONDA;NC四冲;JCC","A",{"v":1000,"d":"1,000.00"},"EA",5.15088,{"v":5150.88,"d":"5,150.88"},12430101,"库存商品-产成品"]
["库位: 005A311","C005","C005-2748-101","GFC;STD;活塞; HONDA;NC四冲;JCC","A",{"v":2587,"d":"2,587.00"},"EA",3.85926,{"v":9983.89,"d":"9,983.89"},12430101,"库存商品-产成品"]
["库位: 005A311","C005","C005-3061-102","GZ150;红;活塞; SUZUKI;NC四冲;JCC","A",{"v":1695,"d":"1,695.00"},"EA",5.14229,{"v":8716.19,"d":"8,716.19"},12430101,"库存商品-产成品"]
["库位: 005A311","C005","C005-4253-101","1CC;A;活塞; YAMAHA;NC四冲;JCC,1CC;","A",{"v":1754,"d":"1,754.00"},"EA",6.49403,{"v":11390.53,"d":"11,390.53"},12430101,"库存商品-产成品"]
["库位: 005A311","C005","C005-4523-102","1JD;B(橙);活塞; YAMAHA;NC四冲;JCC 1JD","A",{"v":2580,"d":"2,580.00"},"EA",3.81618,{"v":9845.74,"d":"9,845.74"},12430101,"库存商品-产成品"]
["库位: 005A311","C005","C005-4562-101","13101-SEB-0000;STD;活塞; OTHER;NC四冲;JCC","A",167,"EA",3.45913,577.68,12430101,"库存商品-产成品"]
["库位: 005A311","C005","C005-4769-101","豪汉150氧化;A;活塞; HONDA;NC四冲;JCC","A",29,"EA",13.53965,392.65,12430101,"库存商品-产成品"]
["库位: 005A312","C005","C005-2741-101","KTT;STD;活塞; HONDA;NC四冲;JCC","A",{"v":7100,"d":"7,100.00"},"EA",16.32651,{"v":115918.22,"d":"115,918.22"},12430101,"库存商品-产成品"]
["库位: 005A312","C005","C005-4432-103","AWA;蓝;活塞; OTHER;NC四冲;JCC","A",{"v":1038,"d":"1,038.00"},"EA",2.84151,{"v":2949.49,"d":"2,949.49"},12430101,"库存商品-产成品"]
["库位: 005A312","C005","C005-4644-101","13101-GGN-J000;STD;活塞; HONDA;NC四冲;JCC","A",{"v":6203,"d":"6,203.00"},"EA",4.22541,{"v":26210.19,"d":"26,210.19"},12430101,"库存商品-产成品"]
["库位: 005A312","C005","C005-4987-101","13101-KSS-F200;STD;活塞; HONDA;NC四冲;JCC","A",811,"EA",5.22492,{"v":4237.41,"d":"4,237.41"},12430101,"库存商品-产成品"]
["库位: 005A312","C005","C005-5034-101","13101-KPN-A700;STD;活塞; HONDA;NC四冲;JCC","A",{"v":5349,"d":"5,349.00"},"EA",4.90418,{"v":26232.46,"d":"26,232.46"},12430101,"库存商品-产成品"]
["库位: 005A313","C005","C005-3679-103","20F23403H3;0.50;活塞; OTHER;NC四冲;JCC专MARK","A",220,"EA",3.6644,806.17,12430101,"库存商品-产成品"]
["库位: 005A313","C005","C005-4253-102","1CC;B;活塞; YAMAHA;NC四冲;JCC,1CC;","A",606,"EA",6.49403,{"v":3935.38,"d":"3,935.38"},12430101,"库存商品-产成品"]
["库位: 005A313","C005","C005-4292-103","5VL;C(绿);活塞; YAMAHA;NC四冲;JCC","A",10,"EA",4.80084,48.01,12430101,"库存商品-产成品"]
["库位: 005A313","C005","C005-4399-101","21E23401H3;STD;活塞; OTHER;NC四冲;JCC专MARK","A",298,"EA",16.1174,{"v":4802.99,"d":"4,802.99"},12430101,"库存商品-产成品"]
["库位: 005A313","C005","C005-4487-101","KYY;STD;活塞; HONDA;NC四冲;KYY JCC","A",11,"EA",4.37809,48.16,12430101,"库存商品-产成品"]
["库位: 005A313","C005","C005-4889-101","KTT;STD;活塞; HONDA;NC四冲;JCC","A",700,"EA",5.26532,{"v":3685.72,"d":"3,685.72"},12430101,"库存商品-产成品"]
["库位: 005A313","C005","C005-5184-101","13101-K03-H101;STD;活塞; HONDA;NC四冲;JCC;","A",{"v":1769,"d":"1,769.00"},"EA",3.88469,{"v":6872.01,"d":"6,872.01"},12430101,"库存商品-产成品"]
["库位: 005A313","C005","C005-5187-101","13101-K79-E001;STD;活塞; HONDA;NC四冲;JCC","A",{"v":5313,"d":"5,313.00"},"EA",4.95084,{"v":26303.79,"d":"26,303.79"},12430101,"库存商品-产成品"]
["库位: 005A314","C005","C005-2741-101","KTT;STD;活塞; HONDA;NC四冲;JCC","A",{"v":2341,"d":"2,341.00"},"EA",16.32651,{"v":38220.36,"d":"38,220.36"},12430101,"库存商品-产成品"]
["库位: 005A314","C005","C005-2755-101","KRF;STD;活塞; HONDA;NC四冲;JCC","A",{"v":9600,"d":"9,600.00"},"EA",12.12304,{"v":116381.16,"d":"116,381.16"},12430101,"库存商品-产成品"]
["库位: 005A314","C005","C005-2988-106","157QMJ;ⅠB;活塞; HONDA;NC四冲;JCC","A",9,"EA",4.42355,39.81,12430101,"库存商品-产成品"]
["库位: 005A321","C005","C005-2229-102","SY40G;STD;赤;活塞; 压缩机;四冲;JCC;","A",434,"EA",6.21467,{"v":2697.17,"d":"2,697.17"},12430101,"库存商品-产成品"]
["库位: 005A321","C005","C005-2750-101","GCC;STD;活塞; HONDA;NC四冲;JCC","A",115,"EA",4.50068,517.58,12430101,"库存商品-产成品"]
["库位: 005A321","C005","C005-3748-102","F34;绿;活塞; YAMAHA;NC四冲;JCC","A",{"v":1527,"d":"1,527.00"},"EA",10.25939,{"v":15666.09,"d":"15,666.09"},12430101,"库存商品-产成品"]
["库位: 005A321","C005","C005-3938-101","A1A;红;活塞; OTHER;NC四冲;JCC","A",47,"EA",2.90294,136.44,12430101,"库存商品-产成品"]
["库位: 005A321","C005","C005-3938-102","A1A;绿;活塞; OTHER;NC四冲;JCC","A",75,"EA",2.90294,217.72,12430101,"库存商品-产成品"]
["库位: 005A321","C005","C005-3938-103","A1A;蓝;活塞; OTHER;NC四冲;JCC","A",35,"EA",2.90294,101.6,12430101,"库存商品-产成品"]
["库位: 005A321","C005","C005-4027-101","161QMK;A,I;活塞; OTHER;NC四冲;JCC","A",42,"EA",4.67064,196.17,12430101,"库存商品-产成品"]
["库位: 005A321","C005","C005-4242-101","13001-0773B;STD;活塞; OTHER;NC二冲;JCC","A",230,"EA",4.77797,{"v":1098.93,"d":"1,098.93"},12430101,"库存商品-产成品"]
["库位: 005A321","C005","C005-4299-101","B5U-T;红;活塞; HONDA;NC四冲;JCC","A",122,"EA",4.82652,588.84,12430101,"库存商品-产成品"]
["库位: 005A321","C005","C005-4299-103","B5U-T;蓝;活塞; HONDA;NC四冲;JCC","A",194,"EA",4.82652,936.34,12430101,"库存商品-产成品"]
["库位: 005A321","C005","C005-4504-104","13029-0034B;0.50;活塞; OTHER;NC四冲;JCC","A",179,"EA",7.18033,{"v":1285.28,"d":"1,285.28"},12430101,"库存商品-产成品"]
["库位: 005A321","C005","C005-4523-102","1JD;B(橙);活塞; YAMAHA;NC四冲;JCC 1JD","A",{"v":4873,"d":"4,873.00"},"EA",3.81618,{"v":18596.23,"d":"18,596.23"},12430101,"库存商品-产成品"]
["库位: 005A321","c005","c005-4778-102","1P68MM;B,II;活塞; OTHER;NC四冲;JCC;","A",35,"EA",7.2125,252.44,12430101,"库存商品-产成品"]
["库位: 005A321","C005","C005-5031-101","13101-K48-A000;STD;活塞; HONDA;NC四冲;JCC","A",109,"EA",3.978,433.6,12430101,"库存商品-产成品"]
["库位: 005A321","C005","C005-5035-101","13101-K69-6001;STD;活塞; HONDA;NC四冲;JCC","A",296,"EA",4.4195,{"v":1308.17,"d":"1,308.17"},12430101,"库存商品-产成品"]
["库位: 005A321","C005","C005-5116-101","12111-HS100;A;活塞; OTHER;NC二冲;JCC;","A",129,"EA",7.6,980.4,12430101,"库存商品-产成品"]
["库位: 005A321","C005","C005-5116-102","12111-HS100;B;活塞; OTHER;NC二冲;JCC;","A",116,"EA",7.6,881.6,12430101,"库存商品-产成品"]
["库位: 005A321","C005","C005-5158-101","13101-OGOA-0007;STD;活塞 HONDA;NC四冲;JCC;","A",59,"EA",0.23443,13.83,12430101,"库存商品-产成品"]
["库位: 005A321","C005","C005-5203-101","EP4.74.1101;STD;活塞; OTHER;NC二冲;JCC;","A",44,"EA",2.62187,115.36,12430101,"库存商品-产成品"]
["库位: 005A321","C005","C005-5210-102","12111-HS100-1;B;活塞; OTHER;NC二冲;JCC;","A",91,"EA",7.60339,691.91,12430101,"库存商品-产成品"]
["库位: 005A321","C005","C005-5212-101","5VL-E1631-10;B(橙);活塞; YAMAHA;NC四冲;JCC","A",89,"EA",4.69848,418.16,12430101,"库存商品-产成品"]
["库位: 005A321","C005","C005-5212-102","5VL-E1631-10;C(绿);活塞; YAMAHA;NC四冲;JCC","A",59,"EA",4.69848,277.21,12430101,"库存商品-产成品"]
["库位: 005A322","C005","C005-2741-101","KTT;STD;活塞; HONDA;NC四冲;JCC","A",{"v":3300,"d":"3,300.00"},"EA",16.32651,{"v":53877.48,"d":"53,877.48"},12430101,"库存商品-产成品"]
["库位: 005A322","C005","C005-3112-101","DY125;STD;活塞; HONDA;NC四冲;JCC","A",19,"EA",7.09402,134.79,12430101,"库存商品-产成品"]
["库位: 005A322","C005","C005-4182-101","KRH;STD;活塞; HONDA;NC四冲;JCC","A",823,"EA",4.81767,{"v":3964.95,"d":"3,964.95"},12430101,"库存商品-产成品"]
["库位: 005A322","C005","C005-4401-101","KZL;STD;活塞; HONDA;NC四冲;JCC KVY","A",{"v":10344,"d":"10,344.00"},"EA",3.89044,{"v":40242.75,"d":"40,242.75"},12430101,"库存商品-产成品"]
["库位: 005A322","C005","C005-4431-102","4S5;B(橙);活塞; YAMAHA;NC四冲;JCC;","A",{"v":1322,"d":"1,322.00"},"EA",6.73679,{"v":8906.04,"d":"8,906.04"},12430101,"库存商品-产成品"]
["库位: 005A322","C005","C005-5188-101","01N0-E1631-A0;STD;活塞; YAMAHA;NC四冲;JCC、BOX","A",26,"EA",2.48343,64.57,12430101,"库存商品-产成品"]
["库位: 005A322","C005","C005-5189-101","01N0-E1631-B0;STD;活塞; YAMAHA;NC四冲;JCC、BOX","A",39,"EA",2.48343,96.85,12430101,"库存商品-产成品"]
["库位: 005A322","C005","C005-5190-101","01N0-E1631-C0;STD;活塞; YAMAHA;NC四冲;JCC、BOX","A",21,"EA",2.48343,52.15,12430101,"库存商品-产成品"]
["库位: 005A323","C005","C005-2750-101","GCC;STD;活塞; HONDA;NC四冲;JCC","A",{"v":3000,"d":"3,000.00"},"EA",4.50068,{"v":13502.03,"d":"13,502.03"},12430101,"库存商品-产成品"]
["库位: 005A323","C005","C005-2807-101","KG55;1黄;活塞; HONDA;NC四冲;XUE","A",{"v":7927,"d":"7,927.00"},"EA",12.23947,{"v":97022.3,"d":"97,022.30"},12430101,"库存商品-产成品"]
["库位: 005A323","C005","C005-2896-101","GZ125;黄(F);活塞; SUZUKI;NC四冲;JCC;","A",945,"EA",5.61889,{"v":5309.85,"d":"5,309.85"},12430101,"库存商品-产成品"]
["库位: 005A323","C005","C005-3079-102","豪迈50;B,I;活塞; HONDA;NC四冲;JCC","A",{"v":5274,"d":"5,274.00"},"EA",9.08075,{"v":47891.86,"d":"47,891.86"},12430101,"库存商品-产成品"]
["库位: 005A323","C005","C005-3149-102","SGY6;B;活塞; HONDA;NC四冲;JCC","A",{"v":1508,"d":"1,508.00"},"EA",9.78448,{"v":14755,"d":"14,755.00"},12430101,"库存商品-产成品"]
["库位: 005A323","C005","C005-3692-101","F27;A(红);活塞; YAMAHA;NC四冲;XUE","A",{"v":1008,"d":"1,008.00"},"EA",6.40306,{"v":6454.29,"d":"6,454.29"},12430101,"库存商品-产成品"]
["库位: 005A323","C005","C005-4007-101","F3;A绿;活塞; YAMAHA;NC四冲;JCC","A",766,"EA",10.20513,{"v":7817.13,"d":"7,817.13"},12430101,"库存商品-产成品"]
["库位: 005A323","C005","C005-5169-101","BOX-E1631-00;A赤;活塞; YAMAHA;NC四冲;JCC、BOX","A",{"v":1290,"d":"1,290.00"},"EA",4.26788,{"v":5505.56,"d":"5,505.56"},12430101,"库存商品-产成品"]
["库位: 005A324","C005","C005-2693-102","L110;蓝;活塞; HONDA;NC四冲;JCC","A",{"v":2679,"d":"2,679.00"},"EA",10.36449,{"v":27766.48,"d":"27,766.48"},12430101,"库存商品-产成品"]
["库位: 005A324","C005","C005-2807-101","KG55;1黄;活塞; HONDA;NC四冲;XUE","A",{"v":5500,"d":"5,500.00"},"EA",12.23947,{"v":67317.1,"d":"67,317.10"},12430101,"库存商品-产成品"]
["库位: 005A324","C005","C005-2893-101","DY100;STD;活塞; HONDA;NC四冲;JCC","A",8,"EA",9.61873,76.95,12430101,"库存商品-产成品"]
["库位: 005A324","C005","C005-2896-102","GZ125;蓝(G);活塞; SUZUKI;NC四冲;JCC;","A",19,"EA",5.61889,106.76,12430101,"库存商品-产成品"]
["库位: 005A324","C005","C005-3679-102","20F23402H3;0.25;活塞; OTHER;NC四冲;JCC专MARK","A",42,"EA",15.52265,651.95,12430101,"库存商品-产成品"]
["库位: 005A324","C005","C005-3734-102","F28;绿;活塞; YAMAHA;NC四冲;JCC","A",{"v":1671,"d":"1,671.00"},"EA",4.66163,{"v":7789.59,"d":"7,789.59"},12430101,"库存商品-产成品"]
["库位: 005A324","C005","C005-4432-102","AWA;绿;活塞; OTHER;NC四冲;JCC","A",189,"EA",2.84151,537.05,12430101,"库存商品-产成品"]
["库位: 005A324","C005","C005-4529-102","163QML;II;活塞; OTHER;NC四冲;JCC;","A",128,"EA",5.0898,651.49,12430101,"库存商品-产成品"]
["库位: 005A324","C005","C005-4556-101","GGM;STD;活塞; HONDA;NC四冲;JCC","A",751,"EA",3.69513,{"v":2775.05,"d":"2,775.05"},12430101,"库存商品-产成品"]
["库位: 005A324","C005","C005-5026-101","BL8-E1631-00-0;A赤;活塞; YAMAHA;NC四冲;JCC、BL8;","A",65,"EA",0.33051,21.48,12430101,"库存商品-产成品"]
["库位: 005A324","C005","C005-5026-102","BL8-E1631-00-0;B橙;活塞; YAMAHA;NC四冲;JCC、BL8;","A",27,"EA",0.33051,8.92,12430101,"库存商品-产成品"]
["库位: 005A324","C005","C005-5214-101","12111-HS100-2;A;活塞; OTHER;NC二冲;JCC;","A",62,"EA",7.60339,471.41,12430101,"库存商品-产成品"]
["库位: 005A324","C005","C005-5214-103","12111-HS100-2;C;活塞; OTHER;NC二冲;JCC;","A",110,"EA",7.60339,836.37,12430101,"库存商品-产成品"]
["库位: 005A331","C005","C005-2783-101","CG125F;A;活塞; HONDA;NC四冲;JCC","A",206,"EA",5.7265,{"v":1179.66,"d":"1,179.66"},12430101,"库存商品-产成品"]
["库位: 005A331","C005","C005-3734-101","F28;橙;活塞; YAMAHA;NC四冲;JCC","A",{"v":7914,"d":"7,914.00"},"EA",4.66163,{"v":36892.15,"d":"36,892.15"},12430101,"库存商品-产成品"]
["库位: 005A331","C005","C005-3939-104","7CT-2;0.25;活塞; YAMAHA;NC四冲;JCC","A",303,"EA",11.3403,{"v":3436.11,"d":"3,436.11"},12430101,"库存商品-产成品"]
["库位: 005A331","C005","C005-4947-103","13101-KPN-A700;0.50;活塞 HONDA;NC四冲;JCC","A",376,"EA",4.94358,{"v":1858.79,"d":"1,858.79"},12430101,"库存商品-产成品"]
["库位: 005A332","C005","C005-4292-102","5VL;B(橙);活塞; YAMAHA;NC四冲;JCC","A",{"v":1320,"d":"1,320.00"},"EA",4.80084,{"v":6337.11,"d":"6,337.11"},12430101,"库存商品-产成品"]
["库位: 005A333","C005","C005-2750-101","GCC;STD;活塞; HONDA;NC四冲;JCC","A",{"v":7400,"d":"7,400.00"},"EA",4.50068,{"v":33305,"d":"33,305.00"},12430101,"库存商品-产成品"]
["库位: 005A333","C005","C005-4292-102","5VL;B(橙);活塞; YAMAHA;NC四冲;JCC","A",{"v":12256,"d":"12,256.00"},"EA",4.80084,{"v":58839.09,"d":"58,839.09"},12430101,"库存商品-产成品"]
["库位: 005A333","C005","C005-5207-101","13001-0773A;STD;活塞; OTHER;NC二冲;JCC;","A",15,"EA",2.65146,39.77,12430101,"库存商品-产成品"]
["库位: 005A334","C005","C005-3739-102","JY110;蓝;活塞; YAMAHA;NC四冲;JCC","A",{"v":10311,"d":"10,311.00"},"EA",6.64416,{"v":68507.92,"d":"68,507.92"},12430101,"库存商品-产成品"]
["库位: 005A334","C005","C005-3739-103","JY110;黄;活塞; YAMAHA;NC四冲;JCC","A",{"v":9627,"d":"9,627.00"},"EA",3.84436,{"v":37009.63,"d":"37,009.63"},12430101,"库存商品-产成品"]
["库位: 005A334","C005","C005-4026-102","F25;C(蓝);活塞; YAMAHA;NC四冲;JCC","A",{"v":1324,"d":"1,324.00"},"EA",16.86287,{"v":22326.44,"d":"22,326.44"},12430101,"库存商品-产成品"]
["库位: 005A334","C005","C005-4255-101","豪迈50W;AI;活塞; HONDA;NC四冲;JCC","A",33,"EA",3.26878,107.87,12430101,"库存商品-产成品"]
["库位: 005A341","C005","C005-3680-101","20G23401H3;STD;活塞; OTHER;NC四冲;JCC专MARK","A",621,"EA",10.54052,{"v":6545.66,"d":"6,545.66"},12430101,"库存商品-产成品"]
["库位: 005A341","C005","C005-4522-101","13001-2209;1;活塞; OTHER;NC四冲;JCC;","A",274,"EA",4.56708,{"v":1251.38,"d":"1,251.38"},12430101,"库存商品-产成品"]
["库位: 005A341","C005","C005-4522-103","13029-0029A;0.50;活塞; OTHER;NC四冲;JCC;","A",30,"EA",4.56708,137.01,12430101,"库存商品-产成品"]
["库位: 005A341","C005","C005-4883-102","B37-E1631-00;B橙;活塞; YAMAHA;NC四冲;JCC、B37","A",648,"EA",4.75549,{"v":3081.56,"d":"3,081.56"},12430101,"库存商品-产成品"]
["库位: 005A341","C005","C005-5157-102","217540;0.508;活塞; OTHER;NC四冲;专用MARK;","A",118,"EA",16.7153,{"v":1972.41,"d":"1,972.41"},12430101,"库存商品-产成品"]
["库位: 005A341","C005","C005-5193-101","13101-KRM-9304;STD;活塞; HONDA;NC四冲;盾牌,KRM","A",{"v":4300,"d":"4,300.00"},"EA",4.99701,{"v":21487.13,"d":"21,487.13"},12430101,"库存商品-产成品"]
["库位: 005A341","C005","C005-5221-102","5WB改进-1;B(橙);活塞; YAMAHA;NC四冲;JCC","A",253,"EA",5.71541,{"v":1446,"d":"1,446.00"},12430101,"库存商品-产成品"]
["库位: 005A342","C005","C005-2808-103","KG40;II(兰);活塞; HONDA;NC四冲;JCC","A",{"v":1156,"d":"1,156.00"},"EA",4.41807,{"v":5107.29,"d":"5,107.29"},12430101,"库存商品-产成品"]
["库位: 005A342","C005","C005-3734-103","F28;0.25;活塞; YAMAHA;NC四冲;JCC","A",84,"EA",4.69043,394,12430101,"库存商品-产成品"]
["库位: 005A342","C005","C005-4008-102","FG;B(蓝);活塞; OTHER;NC四冲;JCC","A",{"v":1056,"d":"1,056.00"},"EA",7.04311,{"v":7437.52,"d":"7,437.52"},12430101,"库存商品-产成品"]
["库位: 005A342","C005","C005-5036-101","CBF125;STD;活塞; HONDA;NC四冲;JCC","A",41,"EA",3.01188,123.49,12430101,"库存商品-产成品"]
["库位: 005A342","C005","C005-5119-102","268230402K3;0.25;活塞; OTHER;NC四冲;JCC及专MARK","A",335,"EA",2.3308,780.82,12430101,"库存商品-产成品"]
["库位: 005A342","C005","C005-5119-103","268230403K3;0.50;活塞; OTHER;NC四冲;JCC及专MARK","A",328,"EA",2.3308,764.5,12430101,"库存商品-产成品"]
["库位: 005A342","C005","C005-5133-103","484Q-T-11102;C;活塞; OTHER;NC汽车;JCC;","A",660,"EA",19.02697,{"v":12557.8,"d":"12,557.80"},12430101,"库存商品-产成品"]
["库位: 005A342","C005","C005-5193-101","13101-KRM-9304;STD;活塞; HONDA;NC四冲;盾牌,KRM","A",{"v":4200,"d":"4,200.00"},"EA",4.99701,{"v":20987.43,"d":"20,987.43"},12430101,"库存商品-产成品"]
["库位: 005A342","C005","C005-5221-101","5WB改进-1;A(赤);活塞; YAMAHA;NC四冲;JCC","A",{"v":1690,"d":"1,690.00"},"EA",5.71541,{"v":9659.05,"d":"9,659.05"},12430101,"库存商品-产成品"]
["库位: 005A343","C005","C005-3734-104","F28;0.50;活塞; YAMAHA;NC四冲;JCC","A",76,"EA",4.69043,356.47,12430101,"库存商品-产成品"]
["库位: 005A343","C005","C005-4401-101","KZL;STD;活塞; HONDA;NC四冲;JCC KVY","A",{"v":4100,"d":"4,100.00"},"EA",3.89044,{"v":15950.82,"d":"15,950.82"},12430101,"库存商品-产成品"]
["库位: 005A343","C005","C005-4422-105","7CN-1;0.50;活塞; YAMAHA;NC四冲;JCC","A",252,"EA",5.85947,{"v":1476.59,"d":"1,476.59"},12430101,"库存商品-产成品"]
["库位: 005A343","C005","C005-4612-102","ZJ150;B;活塞; HONDA;NC四冲;XUE","A",10,"EA",11.45608,114.56,12430101,"库存商品-产成品"]
["库位: 005A343","C005","C005-4883-101","B37-E1631-00;A赤;活塞; YAMAHA;NC四冲;JCC、B37","A",{"v":1994,"d":"1,994.00"},"EA",4.75549,{"v":9482.45,"d":"9,482.45"},12430101,"库存商品-产成品"]
["库位: 005A343","C005","C005-5016-101","BB6-E1631-00;A赤;活塞; YAMAHA;NC四冲;JCC、B37","A",{"v":1283,"d":"1,283.00"},"EA",4.76733,{"v":6116.48,"d":"6,116.48"},12430101,"库存商品-产成品"]
["库位: 005A343","C005","C005-5169-102","BOX-E1631-00;B橙;活塞; YAMAHA;NC四冲;JCC、BOX","A",{"v":1914,"d":"1,914.00"},"EA",4.26788,{"v":8168.72,"d":"8,168.72"},12430101,"库存商品-产成品"]
["库位: 005A344","C005","C005-2988-109","157QMJ;ⅡB;活塞; HONDA;NC四冲;JCC","A",62,"EA",4.42355,274.26,12430101,"库存商品-产成品"]
["库位: 005A344","C005","C005-4401-101","KZL;STD;活塞; HONDA;NC四冲;JCC KVY","A",{"v":7000,"d":"7,000.00"},"EA",3.89044,{"v":27233.11,"d":"27,233.11"},12430101,"库存商品-产成品"]
["库位: 005A344","C005","C005-4431-101","4S5;A(赤);活塞; YAMAHA;NC四冲;JCC;","A",{"v":2953,"d":"2,953.00"},"EA",6.73679,{"v":19893.75,"d":"19,893.75"},12430101,"库存商品-产成品"]
["库位: 005A344","C005","C005-4566-101","13001-0716;STD;活塞; OTHER;NC四冲;JCC","A",{"v":2220,"d":"2,220.00"},"EA",6.20439,{"v":13773.74,"d":"13,773.74"},12430101,"库存商品-产成品"]
["库位: 005A344","C005","C005-4613-102","ZJ149;B橙;活塞; YAMAHA;NC四冲;XUE","A",851,"EA",6.19265,{"v":5269.95,"d":"5,269.95"},12430101,"库存商品-产成品"]
["库位: 005A344","C005","C005-5148-101","P230;STD;活塞; OTHER;NC二冲;JCC、CASE;","A",{"v":7104,"d":"7,104.00"},"EA",2.8621,{"v":20332.39,"d":"20,332.39"},12430101,"库存商品-产成品"]
["库位: 005A351","C005","C005-2720-102","KM186FA;2;活塞; OTHER;NC汽车;JCC;","A",29,"EA",13.96931,405.11,12430101,"库存商品-产成品"]
["库位: 005A351","C005","C005-3073-101","841599;0.50;活塞; OTHER;NC四冲;专用MARK","A",69,"EA",32.34531,{"v":2231.83,"d":"2,231.83"},12430101,"库存商品-产成品"]
["库位: 005A351","C005","C005-4741-101","1P50MH;STD;活塞; HONDA;NC四冲;XUE,WYS","A",{"v":1354,"d":"1,354.00"},"EA",4.15122,{"v":5620.76,"d":"5,620.76"},12430101,"库存商品-产成品"]
["库位: 005A351","C005","C005-5064-102","0150-E1631-DF;B橙;活塞; YAMAHA;NC四冲;JCC、BE8","A",143,"EA",2.46681,352.75,12430101,"库存商品-产成品"]
["库位: 005A351","C005","C005-5070-102","1P50QMH;白;活塞; HONDA;NC四冲;JCC;","A",{"v":1879,"d":"1,879.00"},"EA",4.13784,{"v":7774.99,"d":"7,774.99"},12430101,"库存商品-产成品"]
["库位: 005A351","C005","C005-5133-102","484Q-T-11102;B;活塞; OTHER;NC汽车;JCC;","A",{"v":1091,"d":"1,091.00"},"EA",19.02697,{"v":20758.42,"d":"20,758.42"},12430101,"库存商品-产成品"]
["库位: 005A351","C005","C005-5133-103","484Q-T-11102;C;活塞; OTHER;NC汽车;JCC;","A",94,"EA",19.02697,{"v":1788.53,"d":"1,788.53"},12430101,"库存商品-产成品"]
["库位: 005A352","C005","C005-2755-101","KRF;STD;活塞; HONDA;NC四冲;JCC","A",{"v":1200,"d":"1,200.00"},"EA",12.12304,{"v":14547.65,"d":"14,547.65"},12430101,"库存商品-产成品"]
["库位: 005A352","c005","c005-2809-101","5WB;A(赤);活塞; YAMAHA;NC四冲;JCC","A",{"v":1182,"d":"1,182.00"},"EA",6.28517,{"v":7429.07,"d":"7,429.07"},12430101,"库存商品-产成品"]
["库位: 005A352","C005","C005-2809-102","5WB;B(橙);活塞; YAMAHA;NC四冲;JCC","A",450,"EA",6.28517,{"v":2828.33,"d":"2,828.33"},12430101,"库存商品-产成品"]
["库位: 005A352","C005","C005-2847-101","28223421H3;STD;活塞; OTHER;NC四冲;JCC及专用","A",{"v":2342,"d":"2,342.00"},"EA",15.28579,{"v":35799.33,"d":"35,799.33"},12430101,"库存商品-产成品"]
["库位: 005A352","C005","C005-3076-101","CG150FG;A;活塞; HONDA;NC四冲;FK","A",973,"EA",16.12255,{"v":15687.24,"d":"15,687.24"},12430101,"库存商品-产成品"]
["库位: 005A352","C005","C005-4393-102","7CR-1;B;活塞; YAMAHA;NC四冲;JCC","A",749,"EA",8.38086,{"v":6277.26,"d":"6,277.26"},12430101,"库存商品-产成品"]
["库位: 005A352","C005","C005-4527-102","13029-0028A;0.50;活塞; HONDA;NC四冲;JCC","A",700,"EA",7.2767,{"v":5093.69,"d":"5,093.69"},12430101,"库存商品-产成品"]
["库位: 005A352","C005","C005-4668-102","5WB改进;B(橙);活塞; YAMAHA;NC四冲;JCC","A",{"v":1600,"d":"1,600.00"},"EA",6.26458,{"v":10023.33,"d":"10,023.33"},12430101,"库存商品-产成品"]
["库位: 005A352","C005","C005-4988-101","22H23411H3;STD;活塞 OTHER;NC四冲;JCC及专MARK","A",10,"EA",2.82173,28.22,12430101,"库存商品-产成品"]
["库位: 005A352","C005","C005-5140-101","G150;STD;活塞; HONDA;NC四冲;JCC","A",{"v":4200,"d":"4,200.00"},"EA",2.49861,{"v":10494.15,"d":"10,494.15"},12430101,"库存商品-产成品"]
["库位: 005A353","C005","C005-2768-103","SY55;STD红;活塞; 压缩机;NC四冲;JCC","A",{"v":2639,"d":"2,639.00"},"EA",6.91359,{"v":18244.96,"d":"18,244.96"},12430101,"库存商品-产成品"]
["库位: 005A353","C005","C005-2846-102","28123422H3;0.25;活塞; OTHER;NC四冲;JCC及专用","A",104,"EA",5.321,553.38,12430101,"库存商品-产成品"]
["库位: 005A353","c005","c005-2846-103","28123423H3;0.50;活塞; OTHER;NC四冲;JCC及专用","A",200,"EA",5.321,{"v":1064.2,"d":"1,064.20"},12430101,"库存商品-产成品"]
["库位: 005A353","C005","C005-2847-102","28223422H3;0.25;活塞; OTHER;NC四冲;JCC及专用","A",81,"EA",15.28579,{"v":1238.15,"d":"1,238.15"},12430101,"库存商品-产成品"]
["库位: 005A353","C005","C005-2847-103","28223423H3;0.50;活塞; OTHER;NC四冲;JCC及专用","A",12,"EA",6.15262,73.83,12430101,"库存商品-产成品"]
["库位: 005A353","C005","C005-4523-101","1JD;A(红);活塞; YAMAHA;NC四冲;JCC 1JD","A",{"v":2936,"d":"2,936.00"},"EA",3.81618,{"v":11204.3,"d":"11,204.30"},12430101,"库存商品-产成品"]
["库位: 005A353","C005","C005-4883-103","B37-E1635-09;0.25;活塞; YAMAHA;NC四冲;JCC、B37","A",7,"EA",4.75549,33.29,12430101,"库存商品-产成品"]
["库位: 005A353","C005","C005-4883-104","B37-E1636-09;0.50;活塞; YAMAHA;NC四冲;JCC、B37","A",212,"EA",4.75549,{"v":1008.16,"d":"1,008.16"},12430101,"库存商品-产成品"]
["库位: 005A353","C005","C005-5118-102","ZT173YMM;B;活塞; OTHER;NC四冲;JCC;","A",{"v":2915,"d":"2,915.00"},"EA",16.54712,{"v":48234.86,"d":"48,234.86"},12430101,"库存商品-产成品"]
["库位: 005A353","C005","C005-5118-103","ZT173YMM;C;活塞; OTHER;NC四冲;JCC;","A",372,"EA",16.54712,{"v":6155.53,"d":"6,155.53"},12430101,"库存商品-产成品"]
["库位: 005A354","C005","C005-4566-101","13001-0716;STD;活塞; OTHER;NC四冲;JCC","A",{"v":5822,"d":"5,822.00"},"EA",6.20439,{"v":36121.95,"d":"36,121.95"},12430101,"库存商品-产成品"]
["库位: 005A354","C005","C005-4613-101","ZJ149;A赤;活塞; YAMAHA;NC四冲;XUE","A",68,"EA",12.37227,841.31,12430101,"库存商品-产成品"]
["库位: 005A354","C005","C005-5133-102","484Q-T-11102;B;活塞; OTHER;NC汽车;JCC;","A",{"v":3020,"d":"3,020.00"},"EA",19.02697,{"v":57461.44,"d":"57,461.44"},12430101,"库存商品-产成品"]
["库位: 005A354","C005","C005-5143-101","502500;STD;活塞; OTHER;NC四冲;JCC及S;","A",688,"EA",1.55231,{"v":1067.99,"d":"1,067.99"},12430101,"库存商品-产成品"]
["库位: 005A361","C005","C005-2989-119","4RB3;I,GA;活塞; TOYOTA;NC汽车;JCC;","A",14,"EA",15.93666,223.11,12430101,"库存商品-产成品"]
["库位: 005A361","C005","C005-4129-103","4A13;Ⅱ,GA;活塞; TOYOTA;NC汽车;JCC","A",173,"EA",9.544,{"v":1651.11,"d":"1,651.11"},12430101,"库存商品-产成品"]
["库位: 005A361","C005","C005-4242-101","13001-0773B;STD;活塞; OTHER;NC二冲;JCC","A",{"v":1245,"d":"1,245.00"},"EA",4.77797,{"v":5948.57,"d":"5,948.57"},12430101,"库存商品-产成品"]
["库位: 005A361","C005","C005-4961-101","KYY;STD;活塞; HONDA;NC四冲;KYY JCC","A",{"v":9900,"d":"9,900.00"},"EA",4.38778,{"v":43439.03,"d":"43,439.03"},12430101,"库存商品-产成品"]
["库位: 005A361","C005","C005-5016-102","BB6-E1631-00;B橙;活塞; YAMAHA;NC四冲;JCC、B37","A",38,"EA",4.76733,181.16,12430101,"库存商品-产成品"]
["库位: 005A361","C005","C005-5141-101","503295;STD;活塞; OTHER;NC四冲;JCC及S;","A",926,"EA",3.8974,{"v":3608.99,"d":"3,608.99"},12430101,"库存商品-产成品"]
["库位: 005A361","C005","C005-5228-102","V22H-1004015;1,GB;活塞; TOYOTA;NC汽车;JCC","A",14,"EA",15.94942,223.29,12430101,"库存商品-产成品"]
["库位: 005A361","C005","C005-5228-105","V22H-1004015;2,GB;活塞; TOYOTA;NC汽车;JCC","A",21,"EA",15.94942,334.94,12430101,"库存商品-产成品"]
["库位: 005A361","C005","C005-5228-108","V22H-1004015;3,GB;活塞; TOYOTA;NC汽车;JCC","A",9,"EA",15.94942,143.54,12430101,"库存商品-产成品"]
["库位: 005A362","C005","C005-2741-101","KTT;STD;活塞; HONDA;NC四冲;JCC","A",{"v":3800,"d":"3,800.00"},"EA",16.32651,{"v":62040.74,"d":"62,040.74"},12430101,"库存商品-产成品"]
["库位: 005A362","C005","C005-2989-121","4RB3;I,GC;活塞; TOYOTA;NC汽车;JCC;","A",37,"EA",15.93666,589.66,12430101,"库存商品-产成品"]
["库位: 005A362","C005","C005-2989-124","4RB3;II,GC;活塞; TOYOTA;NC汽车;JCC;","A",18,"EA",15.93666,286.86,12430101,"库存商品-产成品"]
["库位: 005A362","C005","C005-3759-102","F33;B(蓝);活塞; YAMAHA;NC四冲;JCC、F33","A",{"v":2587,"d":"2,587.00"},"EA",8.68323,{"v":22463.53,"d":"22,463.53"},12430101,"库存商品-产成品"]
["库位: 005A362","C005","C005-5214-102","12111-HS100-2;B;活塞; OTHER;NC二冲;JCC;","A",182,"EA",7.60339,{"v":1383.82,"d":"1,383.82"},12430101,"库存商品-产成品"]
["库位: 005A363","C005","C005-2720-101","KM186FA;1;活塞; OTHER;NC汽车;JCC;","A",{"v":1909,"d":"1,909.00"},"EA",13.96931,{"v":26667.41,"d":"26,667.41"},12430101,"库存商品-产成品"]
["库位: 005A363","C005","C005-5119-101","268230401K3;STD;活塞; OTHER;NC四冲;JCC及专MARK","A",{"v":4659,"d":"4,659.00"},"EA",2.31454,{"v":10783.44,"d":"10,783.44"},12430101,"库存商品-产成品"]
["库位: 005A364","C005","C005-3759-101","F33;A(红);活塞; YAMAHA;NC四冲;JCC、F33","A",{"v":1355,"d":"1,355.00"},"EA",8.68323,{"v":11765.78,"d":"11,765.78"},12430101,"库存商品-产成品"]
["库位: 005A364","C005","C005-4961-101","KYY;STD;活塞; HONDA;NC四冲;KYY JCC","A",{"v":7400,"d":"7,400.00"},"EA",4.38778,{"v":32469.58,"d":"32,469.58"},12430101,"库存商品-产成品"]
["库位: 005A364","C005","C005-5070-101","1P50QMH;绿;活塞; HONDA;NC四冲;JCC;","A",13,"EA",4.13784,53.79,12430101,"库存商品-产成品"]
["库位: 005A371","C005","C005-2809-101","5WB;A(赤);活塞; YAMAHA;NC四冲;JCC","A",{"v":1200,"d":"1,200.00"},"EA",6.28517,{"v":7542.2,"d":"7,542.20"},12430101,"库存商品-产成品"]
["库位: 005A371","C005","C005-2919-103","7DE;B;活塞; YAMAHA;NC四冲;JCC","A",522,"EA",10.66061,{"v":5564.84,"d":"5,564.84"},12430101,"库存商品-产成品"]
["库位: 005A371","C005","C005-3062-101","841126;STD;活塞; OTHER;NC四冲;专用MARK","A",209,"EA",9.94313,{"v":2078.11,"d":"2,078.11"},12430101,"库存商品-产成品"]
["库位: 005A371","C005","C005-4129-104","4A13;Ⅱ,GB;活塞; TOYOTA;NC汽车;JCC","A",{"v":1570,"d":"1,570.00"},"EA",9.544,{"v":14984.09,"d":"14,984.09"},12430101,"库存商品-产成品"]
["库位: 005A371","C005","C005-4393-104","7CR-1;0.25;活塞; YAMAHA;NC四冲;JCC","A",250,"EA",8.40594,{"v":2101.49,"d":"2,101.49"},12430101,"库存商品-产成品"]
["库位: 005A371","C005","C005-5139-101","474Q-T3-11102;STD;活塞; Haima;NC汽车;JCC;","A",605,"EA",8.54696,{"v":5170.91,"d":"5,170.91"},12430101,"库存商品-产成品"]
["库位: 005A372","C005","C005-2989-120","4RB3;I,GB;活塞; TOYOTA;NC汽车;JCC;","A",135,"EA",15.93666,{"v":2151.45,"d":"2,151.45"},12430101,"库存商品-产成品"]
["库位: 005A372","C005","C005-3026-110","豪汉150;B;活塞; HONDA;NC四冲;JCC","A",{"v":3005,"d":"3,005.00"},"EA",12.93304,{"v":38863.77,"d":"38,863.77"},12430101,"库存商品-产成品"]
["库位: 005A372","C005","C005-4172-102","CF83;I,G黄;活塞; OTHER;NC四冲;JCC,CFMOTO","A",90,"EA",8.59488,773.54,12430101,"库存商品-产成品"]
["库位: 005A372","C005","C005-4172-104","CF83;I,G蓝;活塞; OTHER;NC四冲;JCC,CFMOTO","A",88,"EA",8.59488,756.35,12430101,"库存商品-产成品"]
["库位: 005A372","C005","C005-4393-102","7CR-1;B;活塞; YAMAHA;NC四冲;JCC","A",{"v":2965,"d":"2,965.00"},"EA",8.38086,{"v":24849.25,"d":"24,849.25"},12430101,"库存商品-产成品"]
["库位: 005A372","C005","C005-4668-101","5WB改进;A(赤);活塞; YAMAHA;NC四冲;JCC","A",{"v":7787,"d":"7,787.00"},"EA",6.26458,{"v":48782.29,"d":"48,782.29"},12430101,"库存商品-产成品"]
["库位: 005A372","C005","C005-5144-101","502490;STD;活塞; OTHER;NC四冲;JCC及S;","A",203,"EA",5.37495,{"v":1091.11,"d":"1,091.11"},12430101,"库存商品-产成品"]
["库位: 005A373","C005","C005-4027-104","161QMK;B,II;活塞; OTHER;NC四冲;JCC","A",265,"EA",13.79694,{"v":3656.19,"d":"3,656.19"},12430101,"库存商品-产成品"]
["库位: 005A373","C005","C005-4370-101","M05G1004102;STD;活塞; HAIMA;NC汽车;JCC","A",{"v":2000,"d":"2,000.00"},"EA",8.02663,{"v":16053.26,"d":"16,053.26"},12430101,"库存商品-产成品"]
["库位: 005A374","C005","C005-3679-101","20F23401H3;STD;活塞; OTHER;NC四冲;JCC专MARK","A",{"v":3472,"d":"3,472.00"},"EA",3.6452,{"v":12656.12,"d":"12,656.12"},12430101,"库存商品-产成品"]
["库位: 005A374","C005","C005-4421-101","7CL-1;A(赤);活塞; YAMAHA;NC四冲;JCC","A",137,"EA",4.7112,645.43,12430101,"库存商品-产成品"]
["库位: 005A374","C005","C005-4421-102","7CL-1;B(无);活塞; YAMAHA;NC四冲;JCC","A",{"v":2074,"d":"2,074.00"},"EA",4.7112,{"v":9771.04,"d":"9,771.04"},12430101,"库存商品-产成品"]
["库位: 005A374","C005","C005-4424-101","13001-2200;STD;活塞; OTHER;NC二冲;JCC","A",847,"EA",3.75253,{"v":3178.39,"d":"3,178.39"},12430101,"库存商品-产成品"]
["库位: 005A374","C005","C005-4528-101","13001-2210;STD;活塞; HONDA;NC四冲;JCC","A",{"v":6305,"d":"6,305.00"},"EA",22.10421,{"v":139367.02,"d":"139,367.02"},12430101,"库存商品-产成品"]
["库位: 005A374","C005","C005-4668-101","5WB改进;A(赤);活塞; YAMAHA;NC四冲;JCC","A",{"v":4000,"d":"4,000.00"},"EA",6.26458,{"v":25058.32,"d":"25,058.32"},12430101,"库存商品-产成品"]
["库位: 005A381","C005","C005-2946-102","JC50;红;活塞; HONDA;NC四冲;JCC","A",{"v":2095,"d":"2,095.00"},"EA",2.93701,{"v":6153.03,"d":"6,153.03"},12430101,"库存商品-产成品"]
["库位: 005A381","C005","C005-3093-103","LH173M;蓝;活塞; YAMAHA;NC四冲;JCC","A",83,"EA",8.42057,698.91,12430101,"库存商品-产成品"]
["库位: 005A381","C005","C005-4282-101","CF196S-1;I;活塞; OTHER;NC四冲;JCC及专用","A",463,"EA",11.36477,{"v":5261.89,"d":"5,261.89"},12430101,"库存商品-产成品"]
["库位: 005A381","C005","C005-4393-101","7CR-1;A;活塞; YAMAHA;NC四冲;JCC","A",695,"EA",8.38086,{"v":5824.7,"d":"5,824.70"},12430101,"库存商品-产成品"]
["库位: 005A381","C005","C005-4439-101","7DH-1;A(赤);活塞; YAMAHA;NC四冲;JCC","A",456,"EA",5.75708,{"v":2625.23,"d":"2,625.23"},12430101,"库存商品-产成品"]
["库位: 005A381","C005","C005-4512-101","13001-2205;STD;活塞; OTHER;NC四冲;JCC","A",279,"EA",8.25522,{"v":2303.21,"d":"2,303.21"},12430101,"库存商品-产成品"]
["库位: 005A381","C005","C005-5201-101","138QMB;STD;活塞; HONDA;NC四冲;JCC","A",51,"EA",3.66833,187.08,12430101,"库存商品-产成品"]
["库位: 005A382","C005","C005-2696-102","4Y;1B;活塞; TOYOTA;NC汽车;JCC","A",920,"EA",14.9711,{"v":13773.41,"d":"13,773.41"},12430101,"库存商品-产成品"]
["库位: 005A382","C005","C005-3399-102","LH250-1;蓝;活塞; YAMAHA;NC四冲;JCC","A",704,"EA",7.45383,{"v":5247.5,"d":"5,247.50"},12430101,"库存商品-产成品"]
["库位: 005A382","C005","C005-4120-120","2TZ;I,GB;活塞; TOYOTA;NC汽车;JCC","A",{"v":1200,"d":"1,200.00"},"EA",15.39477,{"v":18473.72,"d":"18,473.72"},12430101,"库存商品-产成品"]
["库位: 005A382","C005","C005-5033-105","2TZ-1004013S;II,GB;活塞; TOYOTA;NC汽车;JCC","A",{"v":2760,"d":"2,760.00"},"EA",14.3459,{"v":39594.67,"d":"39,594.67"},12430101,"库存商品-产成品"]
["库位: 005A384","C005","C005-3748-101","F34;橙;活塞; YAMAHA;NC四冲;JCC","A",400,"EA",10.25939,{"v":4103.76,"d":"4,103.76"},12430101,"库存商品-产成品"]
["库位: 005A384","C005","C005-3877-101","13001-2175;STD;活塞; OTHER;NC四冲;JCC","A",{"v":16341,"d":"16,341.00"},"EA",13.54863,{"v":221398.24,"d":"221,398.24"},12430101,"库存商品-产成品"]
["库位: 005A384","C005","C005-4528-101","13001-2210;STD;活塞; HONDA;NC四冲;JCC","A",{"v":2192,"d":"2,192.00"},"EA",22.10421,{"v":48452.42,"d":"48,452.42"},12430101,"库存商品-产成品"]
["库位: 005A384","C005","C005-5183-101","4G69V;A;活塞; MT;NC汽车;JCC及专用","A",{"v":4454,"d":"4,454.00"},"EA",10.1091,{"v":45025.93,"d":"45,025.93"},12430101,"库存商品-产成品"]
["库位: 005A391","C005","C005-2824-102","5MH5;A(赤);活塞; YAMAHA;NC四冲;JCC","A",50,"EA",6.57537,328.77,12430101,"库存商品-产成品"]
["库位: 005A391","C005","C005-2824-103","5MH5;B(橙);活塞; YAMAHA;NC四冲;JCC","A",276,"EA",6.57537,{"v":1814.8,"d":"1,814.80"},12430101,"库存商品-产成品"]
["库位: 005A391","C005","C005-2919-106","7DE;0.50;活塞; YAMAHA;NC四冲;JCC","A",90,"EA",10.71719,964.55,12430101,"库存商品-产成品"]
["库位: 005A391","C005","C005-4528-102","13029-0033A;0.50;活塞; HONDA;NC四冲;JCC","A",400,"EA",7.63765,{"v":3055.06,"d":"3,055.06"},12430101,"库存商品-产成品"]
["库位: 005A391","c005","c005-4558-101","13001-2208;1;活塞; OTHER;NC四冲;JCC","A",{"v":1160,"d":"1,160.00"},"EA",9.29723,{"v":10784.79,"d":"10,784.79"},12430101,"库存商品-产成品"]
["库位: 005A391","C005","C005-4988-102","22H23412H3;0.25;活塞 OTHER;NC四冲;JCC及专MARK","A",113,"EA",2.82173,318.86,12430101,"库存商品-产成品"]
["库位: 005A391","C005","C005-4988-103","22H23413H3;0.50;活塞 OTHER;NC四冲;JCC及专MARK","A",111,"EA",2.82173,313.21,12430101,"库存商品-产成品"]
["库位: 005A392","C005","C005-2689-108","491Q;2,GB;活塞; TOYOTA;NC汽车;JCC","A",520,"EA",14.43164,{"v":7504.45,"d":"7,504.45"},12430101,"库存商品-产成品"]
["库位: 005A392","C005","C005-3048-122","4RB2;II,GA;活塞; TOYOTA;NC汽车;JCC","A",994,"EA",17.28178,{"v":17178.09,"d":"17,178.09"},12430101,"库存商品-产成品"]
["库位: 005A392","C005","C005-4751-104","3Y-3;1,GB;活塞; TOYOTA;NC汽车;JCC","A",{"v":2596,"d":"2,596.00"},"EA",13.41943,{"v":34836.83,"d":"34,836.83"},12430101,"库存商品-产成品"]
["库位: 005A393","C005","C005-2689-105","491Q;1,GB;活塞; TOYOTA;NC汽车;JCC","A",668,"EA",14.43164,{"v":9640.34,"d":"9,640.34"},12430101,"库存商品-产成品"]
["库位: 005A393","C005","C005-3064-101","DAMD329139;A;活塞; MITSUBISHI;NC汽车;JCC","A",{"v":1514,"d":"1,514.00"},"EA",13.43015,{"v":20333.25,"d":"20,333.25"},12430101,"库存商品-产成品"]
["库位: 005A394","C005","C005-2689-108","491Q;2,GB;活塞; TOYOTA;NC汽车;JCC","A",{"v":1745,"d":"1,745.00"},"EA",14.43164,{"v":25183.21,"d":"25,183.21"},12430101,"库存商品-产成品"]
["库位: 005A394","C005","C005-3063-101","807087;STD;活塞; OTHER;NC四冲;专用MARK","A",{"v":1520,"d":"1,520.00"},"EA",9.48957,{"v":14424.14,"d":"14,424.14"},12430101,"库存商品-产成品"]
["库位: 005A394","C005","C005-3064-102","DAMD329139;B;活塞; MITSUBISHI;NC汽车;JCC","A",{"v":1578,"d":"1,578.00"},"EA",13.43015,{"v":21192.78,"d":"21,192.78"},12430101,"库存商品-产成品"]
["库位: 005A394","C005","C005-3064-103","DAMD329139;C;活塞; MITSUBISHI;NC汽车;JCC","A",216,"EA",13.43015,{"v":2900.91,"d":"2,900.91"},12430101,"库存商品-产成品"]
["库位: 005A394","C005","C005-3664-102","842567;0.50;活塞; OTHER;NC四冲;专用MARK","A",137,"EA",6.52947,894.54,12430101,"库存商品-产成品"]
["库位: 005A401","C005","C005-3939-101","7CT-2;A(红);活塞; YAMAHA;NC四冲;JCC","A",92,"EA",11.3341,{"v":1042.74,"d":"1,042.74"},12430101,"库存商品-产成品"]
["库位: 005A401","C005","C005-4558-103","13029-0038A;0.50;活塞; OTHER;NC四冲;JCC","A",610,"EA",9.29723,{"v":5671.31,"d":"5,671.31"},12430101,"库存商品-产成品"]
["库位: 005A401","C005","C005-5033-105","2TZ-1004013S;II,GB;活塞; TOYOTA;NC汽车;JCC","A",{"v":4208,"d":"4,208.00"},"EA",14.3459,{"v":60367.53,"d":"60,367.53"},12430101,"库存商品-产成品"]
["库位: 005A403","C005","C005-3048-119","4RB2;I,GA;活塞; TOYOTA;NC汽车;JCC","A",{"v":4096,"d":"4,096.00"},"EA",17.28178,{"v":70786.19,"d":"70,786.19"},12430101,"库存商品-产成品"]
["库位: 005A404","C005","C005-2989-122","4RB3;II,GA;活塞; TOYOTA;NC汽车;JCC;","A",584,"EA",15.93666,{"v":9307.01,"d":"9,307.01"},12430101,"库存商品-产成品"]
["库位: 005A404","C005","C005-3080-102","皮卡500cc;B(兰);活塞; OTHER;NC汽车;JCC;","A",11,"EA",11.38898,125.28,12430101,"库存商品-产成品"]
["库位: 005A404","C005","C005-4599-102","4G20D4B;2;活塞; OTHER;NC汽车;JCC","A",6,"EA",11.61143,69.67,12430101,"库存商品-产成品"]
["库位: 005A404","C005","C005-4781-108","V22-1004015;3,GB;活塞; TOYOTA;NC汽车;JCC","A",{"v":1215,"d":"1,215.00"},"EA",15.94942,{"v":19378.54,"d":"19,378.54"},12430101,"库存商品-产成品"]
["库位: 005A404","C005","C005-5142-101","503294;STD;活塞; OTHER;NC四冲;JCC及S;","A",{"v":1305,"d":"1,305.00"},"EA",3.8974,{"v":5086.1,"d":"5,086.10"},12430101,"库存商品-产成品"]
["库位: 005A411","C005","C005-4422-101","7CN-1;A(赤);活塞; YAMAHA;NC四冲;JCC","A",{"v":1212,"d":"1,212.00"},"EA",5.84263,{"v":7081.26,"d":"7,081.26"},12430101,"库存商品-产成品"]
["库位: 005A411","C005","C005-4422-104","7CN-1;0.25;活塞; YAMAHA;NC四冲;JCC","A",473,"EA",5.85947,{"v":2771.53,"d":"2,771.53"},12430101,"库存商品-产成品"]
["库位: 005A411","C005","C005-5115-101","115-10-21;A,I;活塞; OTHER;NC二冲;无MARK;","A",39,"EA",0.52635,20.53,12430101,"库存商品-产成品"]
["库位: 005A411","C005","C005-5115-102","115-10-21;B,I;活塞; OTHER;NC二冲;无MARK;","A",72,"EA",0.52635,37.9,12430101,"库存商品-产成品"]
["库位: 005A411","C005","C005-5115-103","115-10-21;C,I;活塞; OTHER;NC二冲;无MARK;","A",58,"EA",0.52635,30.53,12430101,"库存商品-产成品"]
["库位: 005A411","C005","C005-5115-106","115-10-21;B,II;活塞; OTHER;NC二冲;无MARK;","A",16,"EA",0.52635,8.42,12430101,"库存商品-产成品"]
["库位: 005A411","C005","C005-5137-101","DAED107297;A;活塞; MITSUBISHI;NC汽车;JCC","A",{"v":4165,"d":"4,165.00"},"EA",10.21874,{"v":42561.07,"d":"42,561.07"},12430101,"库存商品-产成品"]
["库位: 005A411","C005","C005-5227-102","2TZ-1004013S-1;I,GB;活塞 TOYOTA;NC汽车;JCC","A",44,"EA",7.89159,347.23,12430101,"库存商品-产成品"]
["库位: 005A411","C005","C005-5227-105","2TZ-1004013S-1;II,GB活塞 TOYOTA;NC汽车;JCC","A",51,"EA",7.89159,402.47,12430101,"库存商品-产成品"]
["库位: 005A411","C005","C005-5228-105","V22H-1004015;2,GB;活塞; TOYOTA;NC汽车;JCC","A",13,"EA",15.94942,207.34,12430101,"库存商品-产成品"]
["库位: 005A411","C005","C005-5228-108","V22H-1004015;3,GB;活塞; TOYOTA;NC汽车;JCC","A",9,"EA",15.94942,143.54,12430101,"库存商品-产成品"]
["库位: 005A412","C005","C005-4130-104","4A15;Ⅱ,GB;活塞; TOYOTA;NC汽车;JCC","A",{"v":3815,"d":"3,815.00"},"EA",9.87805,{"v":37684.75,"d":"37,684.75"},12430101,"库存商品-产成品"]
["库位: 005A412","C005","C005-4668-101","5WB改进;A(赤);活塞; YAMAHA;NC四冲;JCC","A",{"v":6870,"d":"6,870.00"},"EA",6.26458,{"v":43037.67,"d":"43,037.67"},12430101,"库存商品-产成品"]
["库位: 005A413","C005","C005-2689-111","491Q;3,GB;活塞; TOYOTA;NC汽车;JCC","A",9,"EA",14.43164,129.88,12430101,"库存商品-产成品"]
["库位: 005A413","C005","C005-4120-121","2TZ;I,GC;活塞; TOYOTA;NC汽车;JCC","A",{"v":1180,"d":"1,180.00"},"EA",15.39477,{"v":18165.83,"d":"18,165.83"},12430101,"库存商品-产成品"]
["库位: 005A413","C005","C005-4130-101","4A15;I,GA;活塞; TOYOTA;NC汽车;JCC","A",386,"EA",9.87805,{"v":3812.93,"d":"3,812.93"},12430101,"库存商品-产成品"]
["库位: 005A413","C005","C005-5015-102","R1-1005401;B;活塞; OTHER;NC四冲;JCC、ASSO-W","A",30,"EA",1.05271,31.58,12430101,"库存商品-产成品"]
["库位: 005A414","C005","C005-3939-102","7CT-2;B(无);活塞; YAMAHA;NC四冲;JCC","A",{"v":3112,"d":"3,112.00"},"EA",11.3341,{"v":35271.73,"d":"35,271.73"},12430101,"库存商品-产成品"]
["库位: 005A414","C005","C005-4001-101","DAMN176307-B;A;活塞; MITSUBISHI;NC汽车;JCC","A",3,"EA",10.88018,32.64,12430101,"库存商品-产成品"]
["库位: 005A414","C005","C005-4001-102","DAMN176307-B;B;活塞; MITSUBISHI;NC汽车;JCC","A",{"v":1890,"d":"1,890.00"},"EA",10.88018,{"v":20563.55,"d":"20,563.55"},12430101,"库存商品-产成品"]
["库位: 005A414","C005","C005-4001-103","DAMN176307-B;C;活塞; MITSUBISHI;NC汽车;JCC","A",68,"EA",10.88018,739.85,12430101,"库存商品-产成品"]
["库位: 005A421","C005","C005-2989-123","4RB3;II,GB;活塞; TOYOTA;NC汽车;JCC;","A",636,"EA",15.93666,{"v":10135.72,"d":"10,135.72"},12430101,"库存商品-产成品"]
["库位: 005A421","C005","C005-4120-121","2TZ;I,GC;活塞; TOYOTA;NC汽车;JCC","A",{"v":1000,"d":"1,000.00"},"EA",15.39477,{"v":15394.77,"d":"15,394.77"},12430101,"库存商品-产成品"]
["库位: 005A421","C005","C005-4130-103","4A15;Ⅱ,GA;活塞; TOYOTA;NC汽车;JCC","A",2,"EA",9.87805,19.76,12430101,"库存商品-产成品"]
["库位: 005A421","C005","C005-4876-101","474Q-C-11102-1;STD;活塞; MT;NC汽车;JCC,HM15","A",{"v":4986,"d":"4,986.00"},"EA",8.23648,{"v":41067.07,"d":"41,067.07"},12430101,"库存商品-产成品"]
["库位: 005A422","C005","C005-4130-102","4A15;I,GB;活塞; TOYOTA;NC汽车;JCC","A",{"v":4222,"d":"4,222.00"},"EA",9.87805,{"v":41705.12,"d":"41,705.12"},12430101,"库存商品-产成品"]
["库位: 005A422","C005","C005-4554-103","471Q-A5-1004010;C;活塞; MITSUBISHI;NC汽车;JCC","A",{"v":5832,"d":"5,832.00"},"EA",10.14102,{"v":59142.46,"d":"59,142.46"},12430101,"库存商品-产成品"]
["库位: 005A422","C005","C005-5140-101","G150;STD;活塞; HONDA;NC四冲;JCC","A",{"v":1646,"d":"1,646.00"},"EA",2.49861,{"v":4112.71,"d":"4,112.71"},12430101,"库存商品-产成品"]
["库位: 005A423","C005","C005-2846-101","28123421H3;STD;活塞; OTHER;NC四冲;JCC及专用","A",{"v":4127,"d":"4,127.00"},"EA",14.1415,{"v":58361.98,"d":"58,361.98"},12430101,"库存商品-产成品"]
["库位: 005A423","C005","C005-3048-119","4RB2;I,GA;活塞; TOYOTA;NC汽车;JCC","A",800,"EA",17.28178,{"v":13825.43,"d":"13,825.43"},12430101,"库存商品-产成品"]
["库位: 005A423","C005","C005-4130-104","4A15;Ⅱ,GB;活塞; TOYOTA;NC汽车;JCC","A",528,"EA",9.87805,{"v":5215.61,"d":"5,215.61"},12430101,"库存商品-产成品"]
["库位: 005A424","C005","C005-2696-105","4Y;2B;活塞; TOYOTA;NC汽车;JCC","A",{"v":2360,"d":"2,360.00"},"EA",14.9711,{"v":35331.79,"d":"35,331.79"},12430101,"库存商品-产成品"]
["库位: 005A424","C005","C005-4130-104","4A15;Ⅱ,GB;活塞; TOYOTA;NC汽车;JCC","A",{"v":4766,"d":"4,766.00"},"EA",9.87805,{"v":47078.78,"d":"47,078.78"},12430101,"库存商品-产成品"]
["库位: 005A431","C005","C005-3988-101","474Q-B-11102;STD;活塞; MT;NC汽车;JCC,HM13","A",{"v":3584,"d":"3,584.00"},"EA",8.70722,{"v":31206.68,"d":"31,206.68"},12430101,"库存商品-产成品"]
["库位: 005A431","C005","C005-4386-103","479Q-11102;C;活塞; Haima;NC汽车;JCC","A",723,"EA",9.62638,{"v":6959.87,"d":"6,959.87"},12430101,"库存商品-产成品"]
["库位: 005A431","C005","C005-4751-106","3Y-3;3,GB;活塞; TOYOTA;NC汽车;JCC","A",{"v":1093,"d":"1,093.00"},"EA",13.41943,{"v":14667.43,"d":"14,667.43"},12430101,"库存商品-产成品"]
["库位: 005A432","C005","C005-2689-102","491Q;0.25;活塞; TOYOTA;NC汽车;JCC","A",{"v":1355,"d":"1,355.00"},"EA",14.29619,{"v":19371.34,"d":"19,371.34"},12430101,"库存商品-产成品"]
["库位: 005A432","c005","c005-4129-104","4A13;Ⅱ,GB;活塞; TOYOTA;NC汽车;JCC","A",{"v":1224,"d":"1,224.00"},"EA",9.544,{"v":11681.86,"d":"11,681.86"},12430101,"库存商品-产成品"]
["库位: 005A432","C005","C005-4868-102","479Q-11102-1;B;活塞; Haima;NC汽车;JCC","A",{"v":1007,"d":"1,007.00"},"EA",9.82895,{"v":9897.75,"d":"9,897.75"},12430101,"库存商品-产成品"]
["库位: 005A433","C005","C005-2596-102","KM2V80-1;2(蓝);活塞; OTHER;NC汽车;JCC;","A",{"v":1266,"d":"1,266.00"},"EA",9.63869,{"v":12202.58,"d":"12,202.58"},12430101,"库存商品-产成品"]
["库位: 005A433","C005","C005-2740-105","170F;2;活塞; OTHER;NC 汽车;JCC","A",536,"EA",9.75849,{"v":5230.55,"d":"5,230.55"},12430101,"库存商品-产成品"]
["库位: 005A433","C005","C005-3048-119","4RB2;I,GA;活塞; TOYOTA;NC汽车;JCC","A",{"v":1704,"d":"1,704.00"},"EA",17.28178,{"v":29448.16,"d":"29,448.16"},12430101,"库存商品-产成品"]
["库位: 005A433","C005","C005-4386-101","479Q-11102;A;活塞; Haima;NC汽车;JCC","A",310,"EA",9.62638,{"v":2984.18,"d":"2,984.18"},12430101,"库存商品-产成品"]
["库位: 005A433","C005","C005-4554-102","471Q-A5-1004010;B;活塞; MITSUBISHI;NC汽车;JCC","A",586,"EA",10.14102,{"v":5942.64,"d":"5,942.64"},12430101,"库存商品-产成品"]
["库位: 005A433","C005","C005-4868-101","479Q-11102-1;A;活塞; Haima;NC汽车;JCC","A",85,"EA",9.82895,835.46,12430101,"库存商品-产成品"]
["库位: 005A433","C005","C005-4868-103","479Q-11102-1;C;活塞; Haima;NC汽车;JCC","A",23,"EA",9.82895,226.07,12430101,"库存商品-产成品"]
["库位: 005A434","C005","C005-2596-101","KM2V80-1;1(黄);活塞; OTHER;NC汽车;JCC;","A",{"v":1067,"d":"1,067.00"},"EA",9.63869,{"v":10284.49,"d":"10,284.49"},12430101,"库存商品-产成品"]
["库位: 005A434","C005","C005-2696-105","4Y;2B;活塞; TOYOTA;NC汽车;JCC","A",{"v":2132,"d":"2,132.00"},"EA",14.9711,{"v":31918.38,"d":"31,918.38"},12430101,"库存商品-产成品"]
["库位: 005A434","C005","C005-4369-101","M01G1004102;STD;活塞; HAIMA;NC汽车;JCC","A",163,"EA",7.49005,{"v":1220.88,"d":"1,220.88"},12430101,"库存商品-产成品"]
["库位: 005A441","C005","C005-3877-101","13001-2175;STD;活塞; OTHER;NC四冲;JCC","A",{"v":8289,"d":"8,289.00"},"EA",13.54863,{"v":112304.63,"d":"112,304.63"},12430101,"库存商品-产成品"]
["库位: 005A441","C005","C005-4112-101","4G69G;A;活塞; MITSUBISHI;NC汽车;JCC","A",174,"EA",13.73692,{"v":2390.22,"d":"2,390.22"},12430101,"库存商品-产成品"]
["库位: 005A441","C005","C005-5025-101","HR198F;STD;活塞; OTHER;NC汽车;HR,JCC;","A",{"v":1233,"d":"1,233.00"},"EA",16.70431,{"v":20596.42,"d":"20,596.42"},12430101,"库存商品-产成品"]
["库位: 005A441","C005","C005-5033-105","2TZ-1004013S;II,GB;活塞; TOYOTA;NC汽车;JCC","A",920,"EA",14.3459,{"v":13198.22,"d":"13,198.22"},12430101,"库存商品-产成品"]
["库位: 005A442","C005","C005-4130-102","4A15;I,GB;活塞; TOYOTA;NC汽车;JCC","A",{"v":3014,"d":"3,014.00"},"EA",9.87805,{"v":29772.44,"d":"29,772.44"},12430101,"库存商品-产成品"]
["库位: 005A443","C005","C005-4120-120","2TZ;I,GB;活塞; TOYOTA;NC汽车;JCC","A",415,"EA",15.39477,{"v":6388.83,"d":"6,388.83"},12430101,"库存商品-产成品"]
["库位: 005A443","C005","C005-4120-123","2TZ;II,GB;活塞; TOYOTA;NC汽车;JCC","A",274,"EA",15.39477,{"v":4218.17,"d":"4,218.17"},12430101,"库存商品-产成品"]
["库位: 005A443","C005","C005-4129-101","4A13;I,GA;活塞; TOYOTA;NC汽车;JCC","A",16,"EA",9.544,152.7,12430101,"库存商品-产成品"]
["库位: 005A443","C005","C005-4433-101","13001-2201;STD;活塞; OTHER;NC二冲;JCC","A",{"v":1543,"d":"1,543.00"},"EA",3.96086,{"v":6111.61,"d":"6,111.61"},12430101,"库存商品-产成品"]
["库位: 005A443","C005","C005-5131-101","474Q-T2-11102;STD;活塞 HAIMA;NC汽车;JCC;","A",328,"EA",8.38469,{"v":2750.18,"d":"2,750.18"},12430101,"库存商品-产成品"]
["库位: 005A444","C005","C005-2740-104","170F;1;活塞; OTHER;NC 汽车;JCC","A",37,"EA",9.75849,361.06,12430101,"库存商品-产成品"]
["库位: 005A444","C005","C005-2797-103","SY10HPG;红;活塞; 压缩机;NC四冲;JCC","A",{"v":1419,"d":"1,419.00"},"EA",9.56803,{"v":13577.03,"d":"13,577.03"},12430101,"库存商品-产成品"]
["库位: 005A444","C005","C005-4751-105","3Y-3;2,GB;活塞; TOYOTA;NC汽车;JCC","A",{"v":6022,"d":"6,022.00"},"EA",13.41943,{"v":80811.78,"d":"80,811.78"},12430101,"库存商品-产成品"]
["库位: 005A444","C005","C005-5029-101","13101-Z6L-X040;STD;活塞; HONDA;NC四冲;JCC,FW","A",60,"EA",7.81812,469.09,12430101,"库存商品-产成品"]
["库位: 005A444","C005","C005-5137-103","DAED107297;C;活塞; MITSUBISHI;NC汽车;JCC","A",{"v":1944,"d":"1,944.00"},"EA",10.21874,{"v":19865.24,"d":"19,865.24"},12430101,"库存商品-产成品"]
["库位: 005A444","C005","C005-5139-101","474Q-T3-11102;STD;活塞; Haima;NC汽车;JCC;","A",79,"EA",8.54696,675.21,12430101,"库存商品-产成品"]
["库位: 005A451","C005","C005-4112-103","4G69G;C;活塞; MITSUBISHI;NC汽车;JCC","A",728,"EA",13.73692,{"v":10000.48,"d":"10,000.48"},12430101,"库存商品-产成品"]
["库位: 005A451","C005","C005-4422-102","7CN-1;B(无);活塞; YAMAHA;NC四冲;JCC","A",{"v":3800,"d":"3,800.00"},"EA",5.84263,{"v":22201.98,"d":"22,201.98"},12430101,"库存商品-产成品"]
["库位: 005A452","C005","C005-3939-102","7CT-2;B(无);活塞; YAMAHA;NC四冲;JCC","A",{"v":2714,"d":"2,714.00"},"EA",11.3341,{"v":30760.75,"d":"30,760.75"},12430101,"库存商品-产成品"]
["库位: 005A453","C005","C005-2847-101","28223421H3;STD;活塞; OTHER;NC四冲;JCC及专用","A",{"v":4075,"d":"4,075.00"},"EA",15.28579,{"v":62289.61,"d":"62,289.61"},12430101,"库存商品-产成品"]
["库位: 005A453","C005","C005-4624-101","F55-220203-0;黄;活塞; YAMAHA;NC四冲;JCC","A",{"v":1858,"d":"1,858.00"},"EA",4.4827,{"v":8328.85,"d":"8,328.85"},12430101,"库存商品-产成品"]
["库位: 005A453","C005","C005-5131-101","474Q-T2-11102;STD;活塞 HAIMA;NC汽车;JCC;","A",413,"EA",8.38469,{"v":3462.88,"d":"3,462.88"},12430101,"库存商品-产成品"]
["库位: 005A454","C005","C005-2596-101","KM2V80-1;1(黄);活塞; OTHER;NC汽车;JCC;","A",252,"EA",9.63869,{"v":2428.95,"d":"2,428.95"},12430101,"库存商品-产成品"]
["库位: 005A454","C005","C005-4129-102","4A13;I,GB;活塞; TOYOTA;NC汽车;JCC","A",{"v":1593,"d":"1,593.00"},"EA",9.544,{"v":15203.6,"d":"15,203.60"},12430101,"库存商品-产成品"]
["库位: 005A454","C005","C005-4439-102","7DH-1;B(无);活塞; YAMAHA;NC四冲;JCC","A",{"v":4100,"d":"4,100.00"},"EA",5.75708,{"v":23604.04,"d":"23,604.04"},12430101,"库存商品-产成品"]
["库位: 005A454","C005","C005-4527-101","13001-2204;STD;活塞; HONDA;NC四冲;JCC","A",{"v":4295,"d":"4,295.00"},"EA",7.214,{"v":30984.14,"d":"30,984.14"},12430101,"库存商品-产成品"]
["库位: 005A461","C005","C005-3834-101","KG170;黄;活塞; OTHER;NC四冲;JCC","A",{"v":2273,"d":"2,273.00"},"EA",5.48304,{"v":12462.95,"d":"12,462.95"},12430101,"库存商品-产成品"]
["库位: 005A461","C005","C005-4439-102","7DH-1;B(无);活塞; YAMAHA;NC四冲;JCC","A",{"v":1094,"d":"1,094.00"},"EA",5.75708,{"v":6298.25,"d":"6,298.25"},12430101,"库存商品-产成品"]
["库位: 005A462","C005","C005-3065-103","DAGC100401;C;活塞; MITSUBISHI;NC汽车;JCC","A",850,"EA",12.85635,{"v":10927.9,"d":"10,927.90"},12430101,"库存商品-产成品"]
["库位: 005A462","C005","C005-4423-101","13001-2199;STD;活塞; OTHER;NC二冲;JCC","A",{"v":1600,"d":"1,600.00"},"EA",3.89887,{"v":6238.19,"d":"6,238.19"},12430101,"库存商品-产成品"]
["库位: 005A462","C005","C005-4436-101","13001-2202;STD;活塞; OTHER;NC二冲;JCC","A",{"v":1200,"d":"1,200.00"},"EA",4.1547,{"v":4985.64,"d":"4,985.64"},12430101,"库存商品-产成品"]
["库位: 005A463","C005","C005-3072-102","KG280-04003;2(黄);活塞; OTHER;NC四冲;JCC","A",{"v":2426,"d":"2,426.00"},"EA",7.87284,{"v":19099.51,"d":"19,099.51"},12430101,"库存商品-产成品"]
["库位: 005A463","C005","C005-4008-101","FG;A(绿);活塞; OTHER;NC四冲;JCC","A",399,"EA",7.04311,{"v":2810.2,"d":"2,810.20"},12430101,"库存商品-产成品"]
["库位: 005A463","C005","C005-4354-101","13001-2195;STD;活塞; OTHER;NC四冲;JCC","A",{"v":5009,"d":"5,009.00"},"EA",4.9389,{"v":24738.94,"d":"24,738.94"},12430101,"库存商品-产成品"]
["库位: 005A463","C005","C005-4554-101","471Q-A5-1004010;A;活塞; MITSUBISHI;NC汽车;JCC","A",{"v":2928,"d":"2,928.00"},"EA",10.14102,{"v":29692.92,"d":"29,692.92"},12430101,"库存商品-产成品"]
["库位: 005A463","C005","C005-4615-101","TY157;STD;活塞; HONDA;NC四冲;XUE","A",376,"EA",4.59558,{"v":1727.94,"d":"1,727.94"},12430101,"库存商品-产成品"]
["库位: 005A464","C005","C005-2698-102","491Q;2,GB;活塞; TOYOTA;NC汽车;JCC","A",351,"EA",14.90585,{"v":5231.95,"d":"5,231.95"},12430101,"库存商品-产成品"]
["库位: 005A464","C005","C005-3398-102","NJ350;B;活塞; OTHER;NC二冲;JCC","A",{"v":1400,"d":"1,400.00"},"EA",10.96373,{"v":15349.22,"d":"15,349.22"},12430101,"库存商品-产成品"]
["库位: 005A464","C005","C005-3939-105","7CT-2;0.50;活塞; YAMAHA;NC四冲;JCC","A",315,"EA",11.3403,{"v":3572.19,"d":"3,572.19"},12430101,"库存商品-产成品"]
["库位: 005A471","C005","C005-2698-103","491Q;3,GB;活塞; TOYOTA;NC汽车;JCC","A",422,"EA",14.90585,{"v":6290.27,"d":"6,290.27"},12430101,"库存商品-产成品"]
["库位: 005A471","C005","C005-2785-101","KEW;STD;活塞; HONDA;NC四冲;JCC","A",48,"EA",5.53915,265.88,12430101,"库存商品-产成品"]
["库位: 005A471","C005","C005-2785-102","KEW;0.25;活塞; HONDA;NC四冲;JCC","A",100,"EA",5.60284,560.28,12430101,"库存商品-产成品"]
["库位: 005A471","C005","C005-2785-103","KEW;0.50;活塞; HONDA;NC四冲;JCC","A",100,"EA",5.60284,560.28,12430101,"库存商品-产成品"]
["库位: 005A471","C005","C005-2914-103","7CT;0.50;活塞; YAMAHA;NC四冲;JCC","A",71,"EA",11.37281,807.47,12430101,"库存商品-产成品"]
["库位: 005A471","C005","C005-2917-106","7CR;0.50;活塞; YAMAHA;NC四冲;JCC","A",80,"EA",9.09002,727.2,12430101,"库存商品-产成品"]
["库位: 005A471","C005","C005-2920-102","7CL;0.25;活塞; YAMAHA;NC四冲;JCC","A",40,"EA",5.04321,201.73,12430101,"库存商品-产成品"]
["库位: 005A471","C005","C005-2920-103","7CL;0.50;活塞; YAMAHA;NC四冲;JCC","A",50,"EA",5.04321,252.16,12430101,"库存商品-产成品"]
["库位: 005A471","C005","C005-2956-102","KCW;0.25;活塞; HONDA;NC四冲;JCC","A",100,"EA",4.17536,417.54,12430101,"库存商品-产成品"]
["库位: 005A471","C005","C005-5132-101","N01G1004111;STD,A;活塞; HAIMA;NC汽车;JCC;","A",51,"EA",2.21123,112.77,12430101,"库存商品-产成品"]
["库位: 005A471","C005","C005-5132-102","N01G1004111;STD,B;活塞; HAIMA;NC汽车;JCC;","A",37,"EA",2.21123,81.82,12430101,"库存商品-产成品"]
["库位: 005A471","C005","C005-5151-101","N07G1004111-1;STD;活塞; MT;NC汽车;JCC,HM15","A",98,"EA",8.169,800.56,12430101,"库存商品-产成品"]
["库位: 005A471","C005","C005-5165-101","474Q-T3-11102S;STD;活塞; Haima;NC汽车;JCC;","A",112,"EA",2.297,257.26,12430101,"库存商品-产成品"]
["库位: 005A472","C005","C005-2596-102","KM2V80-1;2(蓝);活塞; OTHER;NC汽车;JCC;","A",{"v":1224,"d":"1,224.00"},"EA",9.63869,{"v":11797.76,"d":"11,797.76"},12430101,"库存商品-产成品"]
["库位: 005A472","C005","C005-3065-103","DAGC100401;C;活塞; MITSUBISHI;NC汽车;JCC","A",320,"EA",12.85635,{"v":4114.03,"d":"4,114.03"},12430101,"库存商品-产成品"]
["库位: 005A472","C005","C005-4624-102","F55-220203-0;蓝;活塞; YAMAHA;NC四冲;JCC","A",{"v":1498,"d":"1,498.00"},"EA",4.4827,{"v":6715.08,"d":"6,715.08"},12430101,"库存商品-产成品"]
["库位: 005A473","C005","C005-2762-102","SY62;STD红;活塞; 压缩机;NC四冲;JCC","A",{"v":3785,"d":"3,785.00"},"EA",8.08045,{"v":30584.5,"d":"30,584.50"},12430101,"库存商品-产成品"]
["库位: 005A473","C005","C005-2955-103","7CN;0.50;活塞; YAMAHA;NC四冲;JCC","A",22,"EA",6.0095,132.21,12430101,"库存商品-产成品"]
["库位: 005A473","C005","C005-4160-101","MW251240;STD;活塞; MT;NC汽车;JCC","A",{"v":3657,"d":"3,657.00"},"EA",8.37239,{"v":30617.84,"d":"30,617.84"},12430101,"库存商品-产成品"]
["库位: 005A474","C005","C005-2839-104","GFM;0.75;活塞; HONDA;NC四冲;JCC","A",180,"EA",4.26304,767.35,12430101,"库存商品-产成品"]
["库位: 005A474","C005","C005-2839-105","GFM;1.00;活塞; HONDA;NC四冲;JCC","A",91,"EA",4.26304,387.94,12430101,"库存商品-产成品"]
["库位: 005A474","C005","C005-3398-101","NJ350;A;活塞; OTHER;NC二冲;JCC","A",984,"EA",10.96373,{"v":10788.31,"d":"10,788.31"},12430101,"库存商品-产成品"]
["库位: 005A474","C005","C005-4218-101","545-231201;STD;活塞; OTHER;NC四冲;JCC及专MARK","A",185,"EA",6.45302,{"v":1193.81,"d":"1,193.81"},12430101,"库存商品-产成品"]
["库位: 005A474","C005","C005-4558-102","13001-2208;2;活塞; OTHER;NC四冲;JCC","A",996,"EA",9.29723,{"v":9260.04,"d":"9,260.04"},12430101,"库存商品-产成品"]
["库位: 005A50","C005","C005-3211-701","037.132.011;STD;活塞; OTHER;NC二冲;JCC","A",{"v":16327,"d":"16,327.00"},"EA",4.8038,{"v":78431.65,"d":"78,431.65"},12430101,"库存商品-产成品"]
["库位: 005A50","C005","C005-3923-101","216744;STD;活塞; OTHER;NC四冲;专MARK","A",{"v":2619,"d":"2,619.00"},"EA",13.45843,{"v":35247.63,"d":"35,247.63"},12430101,"库存商品-产成品"]
["库位: 005A50","C005","C005-4569-701","13101-KZL-C300;STD;活塞; HONDA;NC四冲;KZL及专用","A",{"v":32630,"d":"32,630.00"},"EA",4.22707,{"v":137929.33,"d":"137,929.33"},12430101,"库存商品-产成品"]
["库位: 005A50","C005","C005-4592-701","4134-034-0504-A;STD;活塞 OTHER;NC二冲;JCC专MARK","A",{"v":25875,"d":"25,875.00"},"EA",3.87427,{"v":100246.74,"d":"100,246.74"},12430101,"库存商品-产成品"]
["库位: 005A50","C005","C005-4935-701","4134-034-0508-A;STD;活塞 OTHER;NC二冲;JCC专MARK","A",{"v":5625,"d":"5,625.00"},"EA",3.79113,{"v":21325.13,"d":"21,325.13"},12430101,"库存商品-产成品"]
["库位: 005B02","C005","C005-5208-102","DAED148413;B;活塞; MITSUBISHI;NC汽车;JCC","A",{"v":1521,"d":"1,521.00"},"EA",10.91282,{"v":16598.4,"d":"16,598.40"},12430101,"库存商品-产成品"]
["库位: 005B03","C005","C005-2748-301","GFC;STD;活塞; HONDA;NC四冲;JCC","A",300,"EA",3.92948,{"v":1178.84,"d":"1,178.84"},12430101,"库存商品-产成品"]
["库位: 005B03","C005","C005-2750-301","GCC;STD;活塞; HONDA;NC四冲;JCC","A",500,"EA",4.89772,{"v":2448.86,"d":"2,448.86"},12430101,"库存商品-产成品"]
["库位: 005B03","C005","C005-2809-301","5WB;STD;活塞; YAMAHA;NC四冲;JCC","A",300,"EA",2.5125,753.75,12430101,"库存商品-产成品"]
["库位: 005B03","C007","C007-3333-5300","CG/TTN2000;活塞组件","A",{"v":2263,"d":"2,263.00"},"EA",9.04047,{"v":20458.58,"d":"20,458.58"},12430101,"库存商品-产成品"]
["库位: 005B03","C007","C007-3336-5300","CG/TDY/92;活塞组件","A",100,"EA",9.69859,969.86,12430101,"库存商品-产成品"]
["库位: 005B03","C007","C007-3340-5300","XLX/NX350;活塞组件","A",{"v":1280,"d":"1,280.00"},"EA",18.04918,{"v":23102.96,"d":"23,102.96"},12430101,"库存商品-产成品"]
["库位: 005B03","C007","C007-3340-5301","XLX/NX350;活塞组件","A",160,"EA",18.04918,{"v":2887.87,"d":"2,887.87"},12430101,"库存商品-产成品"]
["库位: 005B03","C007","C007-3340-5302","XLX/NX350;活塞组件","A",780,"EA",18.04918,{"v":14078.36,"d":"14,078.36"},12430101,"库存商品-产成品"]
["库位: 005B03","C007","C007-3341-5303","CG83/ANTIGA;活塞组件","A",200,"EA",9.56387,{"v":1912.77,"d":"1,912.77"},12430101,"库存商品-产成品"]
["库位: 005B03","C007","C007-3349-5300","CBX/NX150;活塞组件","A",700,"EA",14.64661,{"v":10252.63,"d":"10,252.63"},12430101,"库存商品-产成品"]
["库位: 005B03","C007","C007-3349-5301","CBX/NX150;活塞组件","A",{"v":1000,"d":"1,000.00"},"EA",13.25344,{"v":13253.44,"d":"13,253.44"},12430101,"库存商品-产成品"]
["库位: 005B03","C007","C007-3349-5302","CBX/NX150;活塞组件","A",600,"EA",13.2278,{"v":7936.68,"d":"7,936.68"},12430101,"库存商品-产成品"]
["库位: 005B03","C007","C007-3350-5303","CBX250;活塞组件","A",800,"EA",15.1198,{"v":12095.84,"d":"12,095.84"},12430101,"库存商品-产成品"]
["库位: 005B03","C007","C007-3350-5305","CBX250;活塞组件","A",{"v":1000,"d":"1,000.00"},"EA",15.12835,{"v":15128.35,"d":"15,128.35"},12430101,"库存商品-产成品"]
["库位: 005B03","C007","C007-3350-5306","CBX250;活塞组件","A",600,"EA",15.12835,{"v":9077.01,"d":"9,077.01"},12430101,"库存商品-产成品"]
["库位: 005B03","C007","C007-3356-5302","DT180;活塞组件","A",500,"EA",9.85383,{"v":4926.91,"d":"4,926.91"},12430101,"库存商品-产成品"]
["库位: 005B03","C007","C007-3356-5304","DT180;活塞组件","A",100,"EA",9.85383,985.38,12430101,"库存商品-产成品"]
["库位: 005B03","C007","C007-3363-5300","RDZ135;活塞组件","A",300,"EA",8.64309,{"v":2592.93,"d":"2,592.93"},12430101,"库存商品-产成品"]
["库位: 005B03","C007","C007-3363-5301","RDZ135;活塞组件","A",200,"EA",12.50573,{"v":2501.15,"d":"2,501.15"},12430101,"库存商品-产成品"]
["库位: 005B03","C007","C007-3363-5302","RDZ135;活塞组件","A",700,"EA",12.50573,{"v":8754.01,"d":"8,754.01"},12430101,"库存商品-产成品"]
["库位: 005B03","C007","C007-3363-5305","RDZ135;活塞组件","A",700,"EA",8.64309,{"v":6050.16,"d":"6,050.16"},12430101,"库存商品-产成品"]
["库位: 005B03","C007","C007-3363-5306","RDZ135;活塞组件","A",{"v":1000,"d":"1,000.00"},"EA",8.64309,{"v":8643.09,"d":"8,643.09"},12430101,"库存商品-产成品"]
["库位: 005B03","C007","C007-3363-5307","RDZ135;活塞组件","A",500,"EA",8.64309,{"v":4321.54,"d":"4,321.54"},12430101,"库存商品-产成品"]
["库位: 005B03","C007","C007-3370-5302","CB450;活塞组件","A",{"v":1800,"d":"1,800.00"},"EA",17.16865,{"v":30903.57,"d":"30,903.57"},12430101,"库存商品-产成品"]
["库位: 005B03","C007","C007-3370-5304","CB450;活塞组件","A",{"v":1020,"d":"1,020.00"},"EA",18.69002,{"v":19063.82,"d":"19,063.82"},12430101,"库存商品-产成品"]
["库位: 005B03","C007","C007-3371-5300","CB400;活塞组件","A",{"v":1020,"d":"1,020.00"},"EA",15.89052,{"v":16208.33,"d":"16,208.33"},12430101,"库存商品-产成品"]
["库位: 005B03","C007","C007-3371-5301","CB400;活塞组件","A",720,"EA",15.89052,{"v":11441.17,"d":"11,441.17"},12430101,"库存商品-产成品"]
["库位: 005B03","C007","C007-3371-5302","CB400;活塞组件","A",{"v":1820,"d":"1,820.00"},"EA",15.89052,{"v":28920.74,"d":"28,920.74"},12430101,"库存商品-产成品"]
["库位: 005B03","C007","C007-3371-5303","CB400;活塞组件","A",480,"EA",15.89052,{"v":7627.45,"d":"7,627.45"},12430101,"库存商品-产成品"]
["库位: 005B03","C007","C007-3371-5304","CB400;活塞组件","A",{"v":1020,"d":"1,020.00"},"EA",15.89052,{"v":16208.33,"d":"16,208.33"},12430101,"库存商品-产成品"]
["库位: 005B03","C007","C007-3373-5300","JOG 50;活塞组件","A",700,"EA",5.80196,{"v":4061.37,"d":"4,061.37"},12430101,"库存商品-产成品"]
["库位: 005B03","C007","C007-3373-5301","JOG 50;活塞组件","A",{"v":1000,"d":"1,000.00"},"EA",5.56213,{"v":5562.13,"d":"5,562.13"},12430101,"库存商品-产成品"]
["库位: 005B03","C007","C007-3373-5302","JOG 50;活塞组件","A",900,"EA",5.56213,{"v":5005.91,"d":"5,005.91"},12430101,"库存商品-产成品"]
["库位: 005B03","C007","C007-3373-5303","JOG 50;活塞组件","A",{"v":1000,"d":"1,000.00"},"EA",5.56213,{"v":5562.13,"d":"5,562.13"},12430101,"库存商品-产成品"]
["库位: 005B03","C007","C007-3373-5304","JOG 50;活塞组件","A",800,"EA",5.80196,{"v":4641.56,"d":"4,641.56"},12430101,"库存商品-产成品"]
["库位: 005B03","C007","C007-3380-5302","AGRALLE27.5;活塞组件","A",{"v":1500,"d":"1,500.00"},"EA",11.21762,{"v":16826.43,"d":"16,826.43"},12430101,"库存商品-产成品"]
["库位: 005B03","C007","C007-3380-5304","AGRALLE27.5;活塞组件","A",{"v":1500,"d":"1,500.00"},"EA",11.21762,{"v":16826.43,"d":"16,826.43"},12430101,"库存商品-产成品"]
["库位: 005B03","C007","C007-3393-5305","CG125;活塞组件","A",142,"EA",8.3814,{"v":1190.16,"d":"1,190.16"},12430101,"库存商品-产成品"]
["库位: 005B03","C007","C007-3393-5307","CG125;活塞组件","A",200,"EA",10.73183,{"v":2146.37,"d":"2,146.37"},12430101,"库存商品-产成品"]
["库位: 005B03","C007","C007-3395-5300","MOBYLETTE;活塞组件","A",400,"EA",8.19876,{"v":3279.5,"d":"3,279.50"},12430101,"库存商品-产成品"]
["库位: 005B03","C007","C007-3411-5300","CRYPTON;活塞组件","A",600,"EA",9.10589,{"v":5463.53,"d":"5,463.53"},12430101,"库存商品-产成品"]
["库位: 005B03","C007","C007-3849-1610","MW250867;活塞组件 (南平)","A",941,"EA",15.32564,{"v":14421.43,"d":"14,421.43"},12430101,"库存商品-产成品"]
["库位: 005B03","C007","C007-4106-1602","4G63-JYH;B;活塞组件","A",873,"EA",23.81571,{"v":20791.11,"d":"20,791.11"},12430101,"库存商品-产成品"]
["库位: 005B03","C007","C007-4302-7600","83020R;M;活塞组件","A",250,"EA",19.52382,{"v":4880.95,"d":"4,880.95"},12430101,"库存商品-产成品"]
["库位: 005B03","C007","C007-4302-7601","83020R;N;活塞组件","A",775,"EA",19.52382,{"v":15130.96,"d":"15,130.96"},12430101,"库存商品-产成品"]
["库位: 005B03","C007","C007-4302-7602","83020R;O;活塞组件","A",775,"EA",19.52382,{"v":15130.96,"d":"15,130.96"},12430101,"库存商品-产成品"]
["库位: 005B03","C007","C007-4665-5302","AN125;活塞组件","A",200,"EA",9.76626,{"v":1953.25,"d":"1,953.25"},12430101,"库存商品-产成品"]
["库位: 005B03","C007","C007-4676-5302","GN5;活塞组件","A",{"v":1000,"d":"1,000.00"},"EA",8.02472,{"v":8024.72,"d":"8,024.72"},12430101,"库存商品-产成品"]
["库位: 005B03","C007","C007-4676-5303","GN5;活塞组件","A",{"v":1000,"d":"1,000.00"},"EA",8.02472,{"v":8024.72,"d":"8,024.72"},12430101,"库存商品-产成品"]
["库位: 005B03","C007","C007-4677-5304","CG/TTN2000;活塞组件","A",200,"EA",9.01124,{"v":1802.25,"d":"1,802.25"},12430101,"库存商品-产成品"]
["库位: 005B03","C007","C007-4678-5304","TORNADO;活塞组件","A",{"v":2300,"d":"2,300.00"},"EA",16.74546,{"v":38514.56,"d":"38,514.56"},12430101,"库存商品-产成品"]
["库位: 005B03","C007","C007-4682-5304","RDZ135;活塞组件","A",{"v":2000,"d":"2,000.00"},"EA",8.67042,{"v":17340.84,"d":"17,340.84"},12430101,"库存商品-产成品"]
["库位: 005B03","C007","C007-4684-5302","JOG 50;活塞组件","A",{"v":1400,"d":"1,400.00"},"EA",5.34393,{"v":7481.5,"d":"7,481.50"},12430101,"库存商品-产成品"]
["库位: 005B03","C007","C007-4684-5304","JOG 50;活塞组件","A",400,"EA",5.34393,{"v":2137.57,"d":"2,137.57"},12430101,"库存商品-产成品"]
["库位: 005B03","C007","C007-4686-5308","BROS150;活塞组件","A",{"v":1000,"d":"1,000.00"},"EA",12.62663,{"v":12626.63,"d":"12,626.63"},12430101,"库存商品-产成品"]
["库位: 005B03","C007","C007-4761-5310","CBX/NX200;活塞组件","A",600,"EA",11.81143,{"v":7086.86,"d":"7,086.86"},12430101,"库存商品-产成品"]
["库位: 005B03","C007","C007-4761-5312","CBX/NX200;活塞组件","A",{"v":1000,"d":"1,000.00"},"EA",11.80288,{"v":11802.88,"d":"11,802.88"},12430101,"库存商品-产成品"]
["库位: 005B03","C007","C007-4762-5314","CG/TTN2002;活塞组件","A",200,"EA",10.75353,{"v":2150.71,"d":"2,150.71"},12430101,"库存商品-产成品"]
["库位: 005B03","C007","C007-4764-5306","XT225;活塞组件","A",500,"EA",14.70198,{"v":7350.99,"d":"7,350.99"},12430101,"库存商品-产成品"]
["库位: 005B03","C007","C007-4764-5308","XT225;活塞组件","A",500,"EA",14.59942,{"v":7299.71,"d":"7,299.71"},12430101,"库存商品-产成品"]
["库位: 005B03","C007","C007-4956-5319","CG/TDY/92;活塞组件","A",600,"EA",14.67468,{"v":8804.81,"d":"8,804.81"},12430101,"库存商品-产成品"]
["库位: 005B03","C007","C007-4958-5318","CG125 2009;活塞组件","A",{"v":1200,"d":"1,200.00"},"EA",12.01466,{"v":14417.59,"d":"14,417.59"},12430101,"库存商品-产成品"]
["库位: 005B03","C007","C007-4959-5320","TORNADO;活塞组件","A",200,"EA",22.21555,{"v":4443.11,"d":"4,443.11"},12430101,"库存商品-产成品"]
["库位: 005F25","C025","C025-0028-001","常柴罗宾连杆; 20F2250130","A",{"v":1390,"d":"1,390.00"},"EA",28.46131,{"v":39561.22,"d":"39,561.22"},12430101,"库存商品-产成品"]
["库位: 005F25","C025","C025-0045-001","C215027连杆; C215027","A",148,"EA",7.81269,{"v":1156.28,"d":"1,156.28"},12430101,"库存商品-产成品"]
["库位: 005F25","C025","C025-0047-001","C215002连杆; C215002","A",143,"EA",8.34593,{"v":1193.47,"d":"1,193.47"},12430101,"库存商品-产成品"]
["库位: 005F25","C025","C025-0053-001","常柴罗宾连杆总成; 21E22501H1","A",{"v":1317,"d":"1,317.00"},"EA",16.06587,{"v":21158.75,"d":"21,158.75"},12430101,"库存商品-产成品"]
["库位: 005F25","C025","C025-0058-002","连杆;C215946 2011版","A",{"v":1459,"d":"1,459.00"},"EA",25.82176,{"v":37673.95,"d":"37,673.95"},12430101,"库存商品-产成品"]
["库位: 005F25","C025","C025-0064-001","连杆;520723;","A",50,"EA",38.50482,{"v":1925.24,"d":"1,925.24"},12430101,"库存商品-产成品"]
["库位: 005F25","C305","C305-0001-001","进气歧管; 280-33001-H3","A",19,"EA",52.4359,996.28,12430101,"库存商品-产成品"]
["库位: 005F25","C305","C305-0021-001","富士重工进气歧管总成; 280-33005-H1","A",13,"EA",74.2564,965.33,12430101,"库存商品-产成品"]
["库位: 005F25","C305","C305-0035-001","润滑油泵歧管; SU23093","A",20,"EA",236.39981,{"v":4728,"d":"4,728.00"},12430101,"库存商品-产成品"]
["库位: 005F25","C305","C305-0036-001","润滑油泵歧管; SU23699","A",454,"EA",239.89806,{"v":108913.72,"d":"108,913.72"},12430101,"库存商品-产成品"]
["库位: 005F25","C305","C305-0044-001","雅马哈进气歧管总成; 7B3-13630-00;","A",17,"EA",40.33869,685.76,12430101,"库存商品-产成品"]
["库位: 005F25","C305","C305-0045-001","雅马哈进气歧管; 7D3-13585-00;","A",31,"EA",62.58961,{"v":1940.28,"d":"1,940.28"},12430101,"库存商品-产成品"]
["库位: 005I","C005","C005-2129-301","YBR125;STD;活塞; HONDA;四冲;KMP;","A",800,"EA",5.03877,{"v":4031.02,"d":"4,031.02"},12430101,"库存商品-产成品"]
["库位: 005I","C005","C005-2745-301","4G63;STD;活塞; MITSUBISHI;NC汽车;JCC","A",447,"EA",14.38787,{"v":6431.38,"d":"6,431.38"},12430101,"库存商品-产成品"]
["库位: 005I","C005","C005-2750-301","GCC;STD;活塞; HONDA;NC四冲;JCC","A",{"v":1588,"d":"1,588.00"},"EA",4.89772,{"v":7777.58,"d":"7,777.58"},12430101,"库存商品-产成品"]
["库位: 005I","c005","c005-2787-301","4G64J3;STD;活塞; MITSUBISHI;NC汽车;JCC","A",771,"EA",12.22754,{"v":9427.43,"d":"9,427.43"},12430101,"库存商品-产成品"]
["库位: 005I","C005","C005-3036-301","豪迈125;STD;活塞; HONDA;NC四冲;JCC","A",950,"EA",10.6552,{"v":10122.44,"d":"10,122.44"},12430101,"库存商品-产成品"]
["库位: 005I","C005","C005-3849-301","MW250887;STD;活塞; MITSUBISHI;NC汽车;JCC","A",58,"EA",8.72255,505.91,12430101,"库存商品-产成品"]
["库位: 005I","C005","C005-3850-301","MN195391;STD;活塞; MITSUBISHI;NC汽车;JCC","A",{"v":1836,"d":"1,836.00"},"EA",8.48199,{"v":15572.94,"d":"15,572.94"},12430101,"库存商品-产成品"]
["库位: 005I","C005","C005-4106-301","4G63-JYH;STD;活塞; MITSUBISHI;NC汽车;JCC","A",{"v":13825,"d":"13,825.00"},"EA",12.74968,{"v":176264.31,"d":"176,264.31"},12430101,"库存商品-产成品"]
["库位: 005I","C005","C005-4115-301","4G63M;STD;活塞; MITSUBISHI;NC汽车;JCC","A",460,"EA",14.24492,{"v":6552.66,"d":"6,552.66"},12430101,"库存商品-产成品"]
["库位: 005I","c005","c005-4126-301","4G69FR;STD;活塞; MITSUBISHI;NC汽车;JCC","A",540,"EA",14.24202,{"v":7690.69,"d":"7,690.69"},12430101,"库存商品-产成品"]
["库位: 005I","C005","C005-4386-301","479Q-11102;STD;活塞; Haima;NC汽车;JCC","A",{"v":2831,"d":"2,831.00"},"EA",9.95353,{"v":28178.45,"d":"28,178.45"},12430101,"库存商品-产成品"]
["库位: 005I","C007","C007-2685-3302","CG125;活塞组件","A",450,"EA",6.98753,{"v":3144.39,"d":"3,144.39"},12430101,"库存商品-产成品"]
["库位: 005I","C007","C007-2860-3300","CB125T;活塞组件","A",150,"EA",4.62333,693.5,12430101,"库存商品-产成品"]
["库位: 005I","C007","C007-3675-3300","WIN100;活塞组件","A",8,"EA",5.87418,46.99,12430101,"库存商品-产成品"]
["库位: 005I","C007","C007-3675-3302","WIN100;活塞组件","A",576,"EA",5.23265,{"v":3014,"d":"3,014.00"},12430101,"库存商品-产成品"]
["库位: 005T","C005","C005-3262-701","K3011020;A;黄;活塞; OTHER;NC四冲;JCC","A",{"v":7142,"d":"7,142.00"},"EA",5.08809,{"v":36339.15,"d":"36,339.15"},12430101,"库存商品-产成品"]
["库位: 005T","C005","C005-3262-702","K3011020;B;黄;活塞; OTHER;NC四冲;JCC","A",{"v":1592,"d":"1,592.00"},"EA",5.08809,{"v":8100.24,"d":"8,100.24"},12430101,"库存商品-产成品"]
["库位: 005T","C005","C005-3262-703","K3011020;C;黄;活塞; OTHER;NC四冲;JCC","A",760,"EA",5.08809,{"v":3866.95,"d":"3,866.95"},12430101,"库存商品-产成品"]
["库位: 005T","C005","C005-3262-706","K3011020;A;兰;活塞; OTHER;NC四冲;JCC","A",196,"EA",5.08809,997.27,12430101,"库存商品-产成品"]
["库位: 005T","C005","C005-4368-702","MOPED ECR丝网印刷P,I活塞 OTHER;NC二冲;JCC","A",{"v":1029,"d":"1,029.00"},"EA",6.52941,{"v":6718.76,"d":"6,718.76"},12430101,"库存商品-产成品"]
["库位: 005T","C005","C005-4368-703","MOPEDECR丝网印刷P,II活塞 OTHER;NC二冲;JCC","A",{"v":2122,"d":"2,122.00"},"EA",6.52941,{"v":13855.4,"d":"13,855.40"},12430101,"库存商品-产成品"]
["库位: 005T","C005","C005-4368-704","MOPED ECR丝网印刷G,I活塞 OTHER;NC二冲;JCC","A",{"v":5577,"d":"5,577.00"},"EA",6.52941,{"v":36414.5,"d":"36,414.50"},12430101,"库存商品-产成品"]
["库位: 005T","C005","C005-4368-705","MOPEDECR丝网印刷G,II活塞 OTHER;NC二冲;JCC","A",{"v":7166,"d":"7,166.00"},"EA",6.52941,{"v":46789.73,"d":"46,789.73"},12430101,"库存商品-产成品"]
["库位: 005T","C005","C005-4368-706","MOPED ECR丝网印刷R,I活塞 OTHER;NC二冲;JCC","A",648,"EA",6.52941,{"v":4231.06,"d":"4,231.06"},12430101,"库存商品-产成品"]
["库位: 005T","C005","C005-4368-707","MOPEDECR丝网印刷R,II活塞 OTHER;NC二冲;JCC","A",{"v":2320,"d":"2,320.00"},"EA",6.52941,{"v":15148.22,"d":"15,148.22"},12430101,"库存商品-产成品"]
["库位: 005T","C005","C005-4368-708","MOPED ECR丝网印刷B,I活塞 OTHER;NC二冲;JCC","A",274,"EA",6.52941,{"v":1789.06,"d":"1,789.06"},12430101,"库存商品-产成品"]
["库位: 005T","C005","C005-4368-709","MOPEDECR丝网印刷B,II活塞 OTHER;NC二冲;JCC","A",64,"EA",6.52941,417.88,12430101,"库存商品-产成品"]
["库位: 005T","C005","C005-4583-701","Kawasaki 4S;A,黑;活塞; OTHER;NC四冲;USHA","A",115,"EA",3.71953,427.75,12430101,"库存商品-产成品"]
["库位: 005T","C005","C005-4583-702","Kawasaki 4S;A,白;活塞; OTHER;NC四冲;USHA","A",28,"EA",3.71953,104.15,12430101,"库存商品-产成品"]
["库位: 005T","C005","C005-4583-703","Kawasaki 4S;B,黑;活塞; OTHER;NC四冲;USHA","A",4,"EA",3.71953,14.88,12430101,"库存商品-产成品"]
["库位: 005T","C005","C005-4583-705","Kawasaki 4S;0.25;活塞; OTHER;NC四冲;USHA","A",{"v":8216,"d":"8,216.00"},"EA",3.71953,{"v":30559.67,"d":"30,559.67"},12430101,"库存商品-产成品"]
["库位: 005T","C005","C005-4583-706","Kawasaki 4S;0.50;活塞; OTHER;NC四冲;USHA","A",{"v":1846,"d":"1,846.00"},"EA",3.71953,{"v":6866.25,"d":"6,866.25"},12430101,"库存商品-产成品"]
["库位: 005T","C005","C005-4583-707","Kawasaki 4S;0.75;活塞; OTHER;NC四冲;USHA","A",789,"EA",3.71953,{"v":2934.71,"d":"2,934.71"},12430101,"库存商品-产成品"]
["库位: 005T","C005","C005-4583-708","Kawasaki 4S;1.00;活塞; OTHER;NC四冲;USHA","A",{"v":1257,"d":"1,257.00"},"EA",3.71953,{"v":4675.45,"d":"4,675.45"},12430101,"库存商品-产成品"]
["库位: 005T","C500","C500-0023-001","机油滤清器连接管 YC3E-6884-A2A","A",{"v":1120,"d":"1,120.00"},"EA",231.65325,{"v":259451.64,"d":"259,451.64"},12430101,"库存商品-产成品"]
["库位: 005T012","C500","C500-0023-001","机油滤清器连接管 YC3E-6884-A2A","A",320,"EA",231.65325,{"v":74129.04,"d":"74,129.04"},12430101,"库存商品-产成品"]
["库位: 005T013","C500","C500-0023-001","机油滤清器连接管 YC3E-6884-A2A","A",320,"EA",231.65325,{"v":74129.04,"d":"74,129.04"},12430101,"库存商品-产成品"]
["库位: 005T022","C500","C500-0023-001","机油滤清器连接管 YC3E-6884-A2A","A",320,"EA",231.65325,{"v":74129.04,"d":"74,129.04"},12430101,"库存商品-产成品"]
["库位: 005T023","C500","C500-0023-001","机油滤清器连接管 YC3E-6884-A2A","A",320,"EA",231.65325,{"v":74129.04,"d":"74,129.04"},12430101,"库存商品-产成品"]
["库位: 005T032","C500","C500-0023-001","机油滤清器连接管 YC3E-6884-A2A","A",320,"EA",231.65325,{"v":74129.04,"d":"74,129.04"},12430101,"库存商品-产成品"]
["库位: 005T033","C500","C500-0023-001","机油滤清器连接管 YC3E-6884-A2A","A",320,"EA",231.65325,{"v":74129.04,"d":"74,129.04"},12430101,"库存商品-产成品"]
["库位: 005T04","C500","C500-0023-001","机油滤清器连接管 YC3E-6884-A2A","A",{"v":1749,"d":"1,749.00"},"EA",231.65325,{"v":405161.54,"d":"405,161.54"},12430101,"库存商品-产成品"]
["库位: 005T042","C500","C500-0023-001","机油滤清器连接管 YC3E-6884-A2A","A",320,"EA",231.65325,{"v":74129.04,"d":"74,129.04"},12430101,"库存商品-产成品"]
["库位: 005T043","C500","C500-0023-001","机油滤清器连接管 YC3E-6884-A2A","A",320,"EA",231.65325,{"v":74129.04,"d":"74,129.04"},12430101,"库存商品-产成品"]
["库位: 005T052","C500","C500-0023-001","机油滤清器连接管 YC3E-6884-A2A","A",320,"EA",231.65325,{"v":74129.04,"d":"74,129.04"},12430101,"库存商品-产成品"]
["库位: 005T053","C500","C500-0023-001","机油滤清器连接管 YC3E-6884-A2A","A",320,"EA",231.65325,{"v":74129.04,"d":"74,129.04"},12430101,"库存商品-产成品"]
["库位: 005T062","C500","C500-0023-001","机油滤清器连接管 YC3E-6884-A2A","A",320,"EA",231.65325,{"v":74129.04,"d":"74,129.04"},12430101,"库存商品-产成品"]
["库位: 005T063","C500","C500-0023-001","机油滤清器连接管 YC3E-6884-A2A","A",320,"EA",231.65325,{"v":74129.04,"d":"74,129.04"},12430101,"库存商品-产成品"]
["库位: 005T085","C500","C500-0023-001","机油滤清器连接管 YC3E-6884-A2A","A",320,"EA",231.65325,{"v":74129.04,"d":"74,129.04"},12430101,"库存商品-产成品"]
["库位: 005T095","C500","C500-0023-001","机油滤清器连接管 YC3E-6884-A2A","A",320,"EA",231.65325,{"v":74129.04,"d":"74,129.04"},12430101,"库存商品-产成品"]
["库位: 005T105","C500","C500-0023-001","机油滤清器连接管 YC3E-6884-A2A","A",160,"EA",231.65325,{"v":37064.52,"d":"37,064.52"},12430101,"库存商品-产成品"]
["库位: 005T115","C500","C500-0023-001","机油滤清器连接管 YC3E-6884-A2A","A",320,"EA",231.65325,{"v":74129.04,"d":"74,129.04"},12430101,"库存商品-产成品"]
["库位: 005T125","C500","C500-0023-001","机油滤清器连接管 YC3E-6884-A2A","A",320,"EA",231.65325,{"v":74129.04,"d":"74,129.04"},12430101,"库存商品-产成品"]
["库位: 005T155","C500","C500-0023-001","机油滤清器连接管 YC3E-6884-A2A","A",320,"EA",231.65325,{"v":74129.04,"d":"74,129.04"},12430101,"库存商品-产成品"]
["库位: 005T232","C305","C305-0045-001","雅马哈进气歧管; 7D3-13585-00;","A",648,"EA",62.58961,{"v":40558.07,"d":"40,558.07"},12430101,"库存商品-产成品"]
["库位: 005T234","C305","C305-0036-001","润滑油泵歧管; SU23699","A",216,"EA",239.89806,{"v":51817.98,"d":"51,817.98"},12430101,"库存商品-产成品"]
["库位: 005T242","C305","C305-0044-001","雅马哈进气歧管总成; 7B3-13630-00;","A",216,"EA",40.33869,{"v":8713.16,"d":"8,713.16"},12430101,"库存商品-产成品"]
["库位: 005T242","C305","C305-0045-001","雅马哈进气歧管; 7D3-13585-00;","A",324,"EA",62.58961,{"v":20279.03,"d":"20,279.03"},12430101,"库存商品-产成品"]
["库位: 005T274","C305","C305-0044-001","雅马哈进气歧管总成; 7B3-13630-00;","A",432,"EA",40.33869,{"v":17426.32,"d":"17,426.32"},12430101,"库存商品-产成品"]
["库位: 015","C015","C015-2308","20Cr;23X66BO-165(2);销 4G22D4;005-2241;南配","A",{"v":4680,"d":"4,680.00"},"EA",3.65,{"v":17082,"d":"17,082.00"},12110101,"原材料"]
["库位: 015","C017","C017-0908","单钩扣环;9.6X0.7BO-062 9131-332102","B",{"v":1075,"d":"1,075.00"},"ST",0.06766,72.73,12110101,"原材料"]
["库位: 015","C017","C017-0912","单钩扣环;9.2X0.7BO-103; 7374408-00","B",{"v":3264,"d":"3,264.00"},"ST",0.088,287.23,12110101,"原材料"]
["库位: 015","C017","C017-1006","板型扣环;10.54X0.6BO-059 9CB-08-0.6","B",{"v":40288,"d":"40,288.00"},"ST",0.08798,{"v":3544.54,"d":"3,544.54"},12110101,"原材料"]
["库位: 015","C017","C017-1007","单钩扣环;10X0.8B-065 4140-030-2006B","B",{"v":72000,"d":"72,000.00"},"ST",0.0597,{"v":4298.4,"d":"4,298.40"},12110101,"原材料"]
["库位: 015","C017","C017-1009","双钩扣环;10.5X0.8B-092; 195.132.150;005-3861/62","B",{"v":2490,"d":"2,490.00"},"ST",0.08376,208.56,12110101,"原材料"]
["库位: 015","C017","C017-1110","单钩扣环;11.9X0.8BO-070 9CA-10.3;005-2375","B",17,"ST",0.05247,0.89,12110101,"原材料"]
["库位: 015","C017","C017-1114","单钩扣环;11.3X0.8B-105 5373999;005-4213","B",105,"ST",0.08,8.4,12110101,"原材料"]
["库位: 015","C017","C017-1204","单钩扣环;12X1.00A I-12X1.00SWA","B",{"v":12500,"d":"12,500.00"},"ST",0.05221,652.63,12110101,"原材料"]
["库位: 015","C017","C017-1207","单钩扣环;12X1.00BO-060 HS44F;005-0999;浙江主机","B",{"v":36720,"d":"36,720.00"},"ST",0.05221,{"v":1917.15,"d":"1,917.15"},12110101,"原材料"]
["库位: 015","C017","C017-1208","单钩扣环;12X1.00BO-073 9CA-10.3;005-2514","B",800,"ST",0.05221,41.77,12110101,"原材料"]
["库位: 015","C017","C017-1209","无钩扣环;12X0.8B-089; 9463-650-1000;005-3688","B",{"v":12500,"d":"12,500.00"},"ST",0.06838,854.75,12110101,"原材料"]
["库位: 015","C017","C017-1211","无钩扣环;12X1.0BO-107; 7B1;005-4246","B",969,"ST",0.06,58.14,12110101,"原材料"]
["库位: 015","c017","c017-1306","双钩扣环;13.9X1.0B-088 420950;005-3442","B",{"v":5866,"d":"5,866.00"},"ST",0.06895,404.46,12110101,"原材料"]
["库位: 015","C017","C017-1404","单钩扣环;14X1.00A I-14X1.00SWA","B",{"v":3000,"d":"3,000.00"},"ST",0.05247,157.41,12110101,"原材料"]
["库位: 015","C017","C017-1405","单钩扣环;14X1.00B I-14X1.00SWB","B",{"v":5400,"d":"5,400.00"},"ST",0.05247,283.34,12110101,"原材料"]
["库位: 015","C017","C017-1501","无钩扣环;15X1.00BO I-15X1.00NW","B",{"v":2000,"d":"2,000.00"},"ST",0.055,110,12110101,"原材料"]
["库位: 015","C017","C017-1504","单钩扣环;15X1.00BO I-15X1.00SW","B",{"v":4000,"d":"4,000.00"},"ST",0.05247,209.88,12110101,"原材料"]
["库位: 015","C017","C017-1505","单钩扣环;15X1.00A I-15X1.00SWA","B",{"v":1000,"d":"1,000.00"},"ST",0.05247,52.47,12110101,"原材料"]
["库位: 015","C017","C017-1511","无钩扣环;15X1.0BO; TT-DKZ-093","B",{"v":2102,"d":"2,102.00"},"ST",0.06,126.12,12110101,"原材料"]
["库位: 015","C017","C017-1604","单钩扣环;16X1.00A I-16X1.00SWA","B",{"v":2000,"d":"2,000.00"},"ST",0.05247,104.94,12110101,"原材料"]
["库位: 015","C017","C017-1610","无钩扣环;16X1.00BO","B",{"v":1000,"d":"1,000.00"},"ST",0.0524,52.4,12110101,"原材料"]
["库位: 015","C017","C017-1612","无钩扣环;16.28X1.0B;黑线","B",500,"ST",0.06831,34.16,12110101,"原材料"]
["库位: 015","C017","C017-1615","单钩扣环;16X1.00B; (厦门巨杰)","B",900,"ST",0.11101,99.91,12110101,"原材料"]
["库位: 015","C017","C017-1701","无钩扣环;17X1.00BO I-17X1.00NW","B",{"v":8100,"d":"8,100.00"},"ST",0.05247,425.01,12110101,"原材料"]
["库位: 015","C017","C017-1705","单钩扣环;17X1.00BO I-17X1.00SW","B",{"v":14381,"d":"14,381.00"},"ST",0.05247,754.57,12110101,"原材料"]
["库位: 015","C017","C017-1706","单钩扣环;17X1.00A I-17X1.00SWA","B",{"v":2000,"d":"2,000.00"},"ST",0.05247,104.94,12110101,"原材料"]
["库位: 015","C017","C017-1707","单钩扣环;17X1.00B I-17X1.00SWB","B",{"v":1500,"d":"1,500.00"},"ST",0.05247,78.71,12110101,"原材料"]
["库位: 015","C017","C017-1714","无钩扣环;17X1.00B-087; M1010440;005-3443","B",{"v":18010,"d":"18,010.00"},"ST",0.06,{"v":1080.6,"d":"1,080.60"},12110101,"原材料"]
["库位: 015","C017","C017-1715","无钩扣环;17.6X1.2B0-091; 175-14-P-001-H-P;3912/13","B",200,"ST",0.08,16,12110101,"原材料"]
["库位: 015","C017","C017-1716","无钩扣环;17X1.00B; (厦门巨杰)","B",{"v":2000,"d":"2,000.00"},"ST",0.11101,222.02,12110101,"原材料"]
["库位: 015","C017","C017-1717","无钩扣环;17X1.0BO-115; FK-125A-0610002;005-4563","B",75,"ST",0.0598,4.49,12110101,"原材料"]
["库位: 015","C017","C017-1718","板型扣环;17.3X1.0BO-125; 503295;005-5141;","B",700,"ST",0.3,210,12110101,"原材料"]
["库位: 015","C017","C017-1802","无钩扣环;18X1.00A I-18X1.00NWA","B",{"v":7000,"d":"7,000.00"},"ST",0.05247,367.29,12110101,"原材料"]
["库位: 015","C017","C017-1804","无钩扣环;18X1.00B;黑线材 I-18X1.00NWB1","B",{"v":7090,"d":"7,090.00"},"ST",0.06831,484.32,12110101,"原材料"]
["库位: 015","C017","C017-1812","单钩扣环;18.5X1.2B-121; 13101-MFG-DOO;005-4902","B",{"v":3000,"d":"3,000.00"},"ST",0.08,240,12110101,"原材料"]
["库位: 015","C017","C017-1813","无钩扣环;18.1X1.0BO-127; 875096;005-5218;","B",150,"EA",0.06,9,12110101,"原材料"]
["库位: 015","C017","C017-1908","无钩扣环;19.5X1.2B-033; 19074","B",250,"ST",0.08,20,12110101,"原材料"]
["库位: 015","C017","C017-2003","无钩扣环;20X1.00BO-123; 005-5118;ZT173YMM;","B",{"v":4664,"d":"4,664.00"},"ST",0.09,419.76,12110101,"原材料"]
["库位: 015","C017","C017-2104","无钩扣环;21X1.4B;黑线材 I-21X1.4NWB1","B",{"v":4800,"d":"4,800.00"},"ST",0.11584,556.03,12110101,"原材料"]
["库位: 015","C017","C017-2110","无钩扣环;21X1.2B-040黑线 50-305P;005-1278","B",{"v":2050,"d":"2,050.00"},"ST",0.076,155.8,12110101,"原材料"]
["库位: 015","C017","C017-2112","无钩扣环;21X1.4B-214黑线","B",{"v":1100,"d":"1,100.00"},"ST",0.214,235.4,12110101,"原材料"]
["库位: 015","C017","C017-2113","无钩扣环;21.4X1.2BO-100; CF83活塞专用","B",525,"ST",0.1,52.5,12110101,"原材料"]
["库位: 015","C017","C017-2115","无钩扣环;21X1.0B-118; CB450;005-3370;","B",860,"ST",0.09,77.4,12110101,"原材料"]
["库位: 015","C017","C017-2116","板型扣环;21.6X1.0BO-124; 502500;005-5143;","B",60,"ST",0.33,19.8,12110101,"原材料"]
["库位: 015","C017","C017-2201","无钩扣环;22X1.4A I-22X1.4NWA","B",{"v":1000,"d":"1,000.00"},"ST",0.203,203,12110101,"原材料"]
["库位: 015","C017","C017-2203","无钩扣环;22X1.4B;黑线材 I-22X1.4NWB1","B",{"v":5000,"d":"5,000.00"},"ST",0.214,{"v":1070,"d":"1,070.00"},12110101,"原材料"]
["库位: 015","C017","C017-2204","单钩扣环;22X1.4B I-22X1.4SWB","B",{"v":6500,"d":"6,500.00"},"ST",0.06039,392.54,12110101,"原材料"]
["库位: 015","C017","C017-2205","无钩扣环;22.55X1.6B;黑线 I-22.55X1.6NWB1","B",{"v":2560,"d":"2,560.00"},"ST",0.061,156.16,12110101,"原材料"]
["库位: 015","C017","C017-2207","无钩扣环;22.05X1.4B;黑线","B",{"v":1088,"d":"1,088.00"},"ST",0.069,75.07,12110101,"原材料"]
["库位: 015","C017","C017-2209","无钩扣环;22.55X1.4B;黑线","B",{"v":1600,"d":"1,600.00"},"ST",0.061,97.6,12110101,"原材料"]
["库位: 015","C017","C017-2210","无钩扣环;22.9X1.4B;黑线","B",{"v":1400,"d":"1,400.00"},"ST",0.061,85.4,12110101,"原材料"]
["库位: 015","C017","C017-2212","无钩扣环;22.558X1.4B-214 黑线材","B",100,"ST",0.0684,6.84,12110101,"原材料"]
["库位: 015","C017","C017-2214","无钩扣环;22X1.0B-117; XLX;005-3340;005-3351","B",{"v":1830,"d":"1,830.00"},"ST",0.09,164.7,12110101,"原材料"]
["库位: 015","C017","C017-2303","无钩扣环;23X1.4A I-23X1.4NWA","B",500,"ST",0.06039,30.2,12110101,"原材料"]
["库位: 015","C017","C017-2304","无钩扣环;23X1.4B I-23X1.4NWB","B",250,"ST",0.06039,15.1,12110101,"原材料"]
["库位: 015","C017","C017-2310","无钩扣环;23X1.4B-214黑线","B",700,"ST",0.06831,47.82,12110101,"原材料"]
["库位: 015","C017","C017-2405","无钩扣环;24X1.4B-214黑线","B",{"v":1400,"d":"1,400.00"},"ST",0.06831,95.63,12110101,"原材料"]
["库位: 015","C017","C017-2409","无钩扣环;24.9X1.4BO-108 1TZ;005-4227","B",{"v":9500,"d":"9,500.00"},"ST",0.1,950,12110101,"原材料"]
["库位: 015","C017","C017-2505","无钩扣环;25X1.4B-214黑线","B",{"v":3300,"d":"3,300.00"},"ST",0.07524,248.29,12110101,"原材料"]
["库位: 015","C017","C017-2601","无钩扣环;26X1.6B;黑线材 I-26X1.6NWB1","B",500,"ST",0.1624,81.2,12110101,"原材料"]
["库位: 015","C017","C017-2604","无钩扣环;26.08X1.6B-214; 黑线","B",{"v":1000,"d":"1,000.00"},"ST",0.092,92,12110101,"原材料"]
["库位: 015","C017","C017-2702","无钩扣环;27X1.6BO I-27X1.6NW","B",{"v":7600,"d":"7,600.00"},"ST",0.058,440.8,12110101,"原材料"]
["库位: 015","C017","C017-2703","无钩扣环;27X1.6A I-27X1.6NWA","B",{"v":2500,"d":"2,500.00"},"ST",0.061,152.5,12110101,"原材料"]
["库位: 015","C017","C017-2710","单钩扣环;27X1.6BO","B",{"v":2000,"d":"2,000.00"},"ST",0.05742,114.84,12110101,"原材料"]
["库位: 015","C017","C017-2903","板型扣环;29X1.2BO-114 005-4356;D22A","B",{"v":4500,"d":"4,500.00"},"ST",0.5418,{"v":2438.1,"d":"2,438.10"},12110101,"原材料"]
["库位: 015","C017","C017-3501","无钩扣环;35X1.8A I-35X1.8NWA","B",124,"ST",0.24428,30.29,12110101,"原材料"]
["库位: 015","C020","C020-0608-000","CG125;STD;活塞环; (VIZA)","B",360,"ST",6.48,{"v":2332.8,"d":"2,332.80"},12110101,"原材料"]
["库位: 015","C020","C020-0609-000A","CG125;STD;活塞环; (ENERGI)","B",314,"ST",6.48,{"v":2034.72,"d":"2,034.72"},12110101,"原材料"]
["库位: 015","C020","C020-0893-000A","JGE1;STD;活塞环组件 (南平)","A",{"v":2208,"d":"2,208.00"},"ST",10.15,{"v":22411.2,"d":"22,411.20"},12110101,"原材料"]
["库位: 015","C020","C020-1986-000","9291-310001;STD;活塞环 TT-DH-019","A",{"v":1503,"d":"1,503.00"},"EA",1.099,{"v":1651.8,"d":"1,651.80"},12110101,"原材料"]
["库位: 015","C020","C020-2188-000","9189-332102;STD;活塞环 TT-DH-020","A",50,"EA",1.218,60.9,12110101,"原材料"]
["库位: 015","C020","C020-2199-000","9189-GP0101;STD;活塞环 TT-DH-021","A",118,"EA",1.218,143.72,12110101,"原材料"]
["库位: 015","C020","C020-2264-000","4137-034-3000-ASTD活塞环 TT-DH-024","A",{"v":12000,"d":"12,000.00"},"ST",1.8032,{"v":21638.4,"d":"21,638.40"},12110101,"原材料"]
["库位: 015","C020","C020-2368-000","9189-334501;STD;活塞环 TT-DH-027","A",100,"ST",2.241,224.1,12110101,"原材料"]
["库位: 015","C020","C020-2375-000","9189-310801-A;STD;活塞环 TT-DH-030","A",100,"ST",2.241,224.1,12110101,"原材料"]
["库位: 015","C020","C020-2453-025","H-125;0.25;活塞环 TT-DH-034","A",{"v":3555,"d":"3,555.00"},"ST",6.48,{"v":23036.4,"d":"23,036.40"},12110101,"原材料"]
["库位: 015","C020","C020-2453-050","H-125;0.50;活塞环 TT-DH-034","A",{"v":1112,"d":"1,112.00"},"ST",6.48,{"v":7205.76,"d":"7,205.76"},12110101,"原材料"]
["库位: 015","C020","C020-2453-075","H-125;0.75;活塞环 TT-DH-034","A",667,"ST",6.48,{"v":4322.16,"d":"4,322.16"},12110101,"原材料"]
["库位: 015","C020","C020-2453-100","H-125;1.00;活塞环 TT-DH-034","A",{"v":2556,"d":"2,556.00"},"ST",6.48,{"v":16562.88,"d":"16,562.88"},12110101,"原材料"]
["库位: 015","C020","C020-2453-125","H-125;1.25;活塞环 TT-DH-034","A",{"v":1666,"d":"1,666.00"},"ST",6.48,{"v":10795.68,"d":"10,795.68"},12110101,"原材料"]
["库位: 015","C020","C020-2453-150","H-125;1.50;活塞环 TT-DH-034","A",988,"ST",6.48,{"v":6402.24,"d":"6,402.24"},12110101,"原材料"]
["库位: 015","C020","C020-2514-000","9189-311001;STD;活塞环 TT-DH-039","A",666,"ST",2.241,{"v":1492.51,"d":"1,492.51"},12110101,"原材料"]
["库位: 015","C020","C020-2521-000","P217AC-07A0004E;STD;环 TT-DH-038","A",200,"ST",2.436,487.2,12110101,"原材料"]
["库位: 015","C020","C020-2559-000","9189-MD2001;STD;活塞环 TT-DH-041","A",100,"EA",1.218,121.8,12110101,"原材料"]
["库位: 015","C020","C020-2580-000","9189-MD2001-1;STD;活塞环 TT-DH-042","A",88,"EA",1.218,107.18,12110101,"原材料"]
["库位: 015","c020","c020-2664-001","N5010520*;STD;第一道环 TT-DH-031-01","A",{"v":25250,"d":"25,250.00"},"EA",2.914,{"v":73578.5,"d":"73,578.50"},12110101,"原材料"]
["库位: 015","C020","C020-2664-002","N5010530*;STD;第二道环 TT-DH-031-02","A",{"v":25250,"d":"25,250.00"},"EA",1.589,{"v":40122.25,"d":"40,122.25"},12110101,"原材料"]
["库位: 015","C020","C020-2664-003","N5010540*;STD;专用油环 TT-DH-031-03","A",{"v":25250,"d":"25,250.00"},"EA",2.726,{"v":68831.5,"d":"68,831.50"},12110101,"原材料"]
["库位: 015","C020","C020-2745-000","4G63;STD;活塞环组件; TT-DH-113-01~03","B",60,"ST",11.08,664.8,12110101,"原材料"]
["库位: 015","C020","C020-2751-000","4G64;STD;活塞环组件; TT-DH-114-01~03","B",120,"ST",11.73,{"v":1407.6,"d":"1,407.60"},12110101,"原材料"]
["库位: 015","C020","C020-2858-000","4G69;STD;活塞环组件; TT-DH-112-01~03","B",240,"ST",14.34,{"v":3441.6,"d":"3,441.60"},12110101,"原材料"]
["库位: 015","C020","C020-2894-000","037.132.021;STD;活塞环 TT-DH-053","A",{"v":1074,"d":"1,074.00"},"EA",1.88034,{"v":2019.49,"d":"2,019.49"},12110101,"原材料"]
["库位: 015","C020","C020-3241-000","1130-034-3003-A;活塞环; STD;TT-DH-060","A",{"v":60000,"d":"60,000.00"},"ST",1.9596,{"v":117576,"d":"117,576.00"},12110101,"原材料"]
["库位: 015","C020","C020-3688-000","1130-034-3002-A;活塞环; STD;TT-DH-074","A",{"v":56400,"d":"56,400.00"},"ST",2.116,{"v":119342.4,"d":"119,342.40"},12110101,"原材料"]
["库位: 015","C020","C020-3806-000","9189-312001;STD;活塞环; TT-DH-076","B",546,"ST",2.241,{"v":1223.59,"d":"1,223.59"},12110101,"原材料"]
["库位: 015","C020","C020-3848-000A","MN195453;STD;活塞环组件 (南平)","B",{"v":8530,"d":"8,530.00"},"ST",6.61,{"v":56383.3,"d":"56,383.30"},12110101,"原材料"]
["库位: 015","C020","C020-3886-000","CG125;STD;活塞环 TT-DH-101~101-2","B",{"v":3000,"d":"3,000.00"},"ST",7.265,{"v":21795,"d":"21,795.00"},12110101,"原材料"]
["库位: 015","C020","C020-3905-050","JOG50;0.50;活塞环 TT-DH-099~099-1","B",{"v":3000,"d":"3,000.00"},"ST",6.8376,{"v":20512.8,"d":"20,512.80"},12110101,"原材料"]
["库位: 015","C020","C020-3905-100","JOG50;1.00;活塞环 TT-DH-099~099-1","B",{"v":3000,"d":"3,000.00"},"ST",6.8376,{"v":20512.8,"d":"20,512.80"},12110101,"原材料"]
["库位: 015","C020","C020-3908-000","AX100;STD;活塞环 TT-DH-100","B",{"v":6000,"d":"6,000.00"},"ST",7.265,{"v":43590,"d":"43,590.00"},12110101,"原材料"]
["库位: 015","C020","C020-3908-025","AX100;0.25;活塞环 TT-DH-100","B",{"v":3000,"d":"3,000.00"},"ST",7.265,{"v":21795,"d":"21,795.00"},12110101,"原材料"]
["库位: 015","C020","C020-3908-050","AX100;0.50;活塞环 TT-DH-100","B",{"v":6000,"d":"6,000.00"},"ST",7.265,{"v":43590,"d":"43,590.00"},12110101,"原材料"]
["库位: 015","C020","C020-3908-100","AX100;1.00;活塞环 TT-DH-100","B",{"v":3000,"d":"3,000.00"},"ST",7.265,{"v":21795,"d":"21,795.00"},12110101,"原材料"]
["库位: 015","C020","C020-4020-000","9189-311501;STD;活塞环 TT-DH-085","B",130,"EA",1.233,160.29,12110101,"原材料"]
["库位: 015","C020","C020-4106-000","4G63-JYH;STD;活塞环组件; TT-DH-105-01~03","B",{"v":2376,"d":"2,376.00"},"ST",11.17,{"v":26539.92,"d":"26,539.92"},12110101,"原材料"]
["库位: 015","C020","C020-4135-000","505155801;STD;活塞环; TT-DH-090","B",106,"EA",2.65,280.9,12110101,"原材料"]
["库位: 015","C020","C020-4180-000","5219266;STD;活塞环; TT-DH-093","B",147,"EA",2,294,12110101,"原材料"]
["库位: 015","C020","C020-4181-000","5219262;STD;活塞环; TT-DH-094","B",113,"EA",2,226,12110101,"原材料"]
["库位: 015","C020","C020-4213-000","5226214;STD;活塞环; TT-DH-092","B",90,"EA",2,180,12110101,"原材料"]
["库位: 015","C020","C020-4298-000","530-019283;STD;活塞环; TT-DH-095","B",55,"EA",1.218,66.99,12110101,"原材料"]
["库位: 015","C020","C020-4301-000","576633001;STD;活塞环 TT-DH-096","B",{"v":3670,"d":"3,670.00"},"ST",2.241,{"v":8224.47,"d":"8,224.47"},12110101,"原材料"]
["库位: 015","C020","C020-4302-000","82972R(878847);STD;环 组件","B",{"v":5223,"d":"5,223.00"},"ST",11.462,{"v":59866.03,"d":"59,866.03"},12110101,"原材料"]
["库位: 015","C020","C020-4497-000","51CC;STD;活塞环; TT-DH-104","B",120,"EA",1.218,146.16,12110101,"原材料"]
["库位: 015","C020","C020-4578-001","K6020120;STD;第一道环; TT-DH-103-1;理研","B",50,"EA",3.05,152.5,12110101,"原材料"]
["库位: 015","C020","C020-4578-002","K6020120;STD;第二道环; TT-DH-103-2;理研","B",50,"EA",4.95,247.5,12110101,"原材料"]
["库位: 015","C020","C020-4578-003","K6020120;STD;专用油环; TT-DH-103-3;理研","B",50,"EA",2.475,123.75,12110101,"原材料"]
["库位: 015","C020","C020-4591-000","4134-034-3001-A;STD;环 TT-DH-109","B",98,"ST",2.222,217.76,12110101,"原材料"]
["库位: 015","C020","C020-4592-000","4134-034-3000-A;STD;环 TT-DH-110","B",{"v":27400,"d":"27,400.00"},"ST",2.222,{"v":60882.8,"d":"60,882.80"},12110101,"原材料"]
["库位: 015","C020","C020-4645-000","4144-034-3000-A;STD;环; TT-DH-117","B",{"v":63500,"d":"63,500.00"},"EA",1.0684,{"v":67843.4,"d":"67,843.40"},12110101,"原材料"]
["库位: 015","C020","C020-4667-000","1140-034-3000-A;STD;环; TT-DH-120","B",67,"ST",3.9316,263.42,12110101,"原材料"]
["库位: 015","C020","C020-4747-001","N4020450;STD;第一道环; TT-DH-119-1","A",40,"EA",3.26,130.4,12110101,"原材料"]
["库位: 015","C020","C020-4747-002","N5020250;STD;第二道环; TT-DH-119-2","A",40,"EA",5.16,206.4,12110101,"原材料"]
["库位: 015","C020","C020-4747-003","N4020470;STD;油环; TT-DH-119-3","A",40,"EA",2.555,102.2,12110101,"原材料"]
["库位: 015","C020","C020-4989-000","319407-2;STD;活塞环; TT-DH-126","B",17,"EA",3.3,56.1,12110101,"原材料"]
["库位: 015","C020","C020-5068-000","4149-034-3000-A;STD;活塞 环;TT-DH-127","B",{"v":10060,"d":"10,060.00"},"ST",2.61538,{"v":26310.72,"d":"26,310.72"},12110101,"原材料"]
["库位: 015","C020","C020-5141-000","503295;STD;活塞环; TT-DH-129","B",247,"ST",4.2,{"v":1037.4,"d":"1,037.40"},12110101,"原材料"]
["库位: 015","C020","C020-5143-000","502500;STD;活塞环; TT-DH-130","B",19,"ST",5.95,113.05,12110101,"原材料"]
["库位: 015","C020","C020-5144-000","502490;STD;活塞环; TT-DH-131","B",20,"ST",4.6,92,12110101,"原材料"]
["库位: 015","C020","C020-5154-000","1148-034-3001-A;活塞环; STD;TT-DH-139","A",200,"ST",2.6018,520.36,12110101,"原材料"]
["库位: 015","C020","C020-5161-000","4237-034-3001-A;STD; 活塞环;TT-DH-133","B",{"v":31000,"d":"31,000.00"},"EA",0.479,{"v":14849,"d":"14,849.00"},12110101,"原材料"]
["库位: 015","C020","C020-5172-000","4149-034-3005-A;STD; 活塞环;TT-DH-134","B",{"v":47000,"d":"47,000.00"},"EA",0.347,{"v":16309,"d":"16,309.00"},12110101,"原材料"]
["库位: 015","C020","C020-5206-000","0-24;STD;活塞环; TT-DH-137","B",204,"ST",23,{"v":4692,"d":"4,692.00"},12110101,"原材料"]
["库位: 015","C020","C020-CK013","五金件;678001002(01) [1359];活塞环;辉腾","A",60,"EA",1.21,72.6,12110101,"原材料"]
["库位: 015","C020","C020-CK014","五金件;678001003(01) [4468];活塞环;辉腾","A",332,"EA",1.218,404.38,12110101,"原材料"]
["库位: 015","C9ZH","C9ZHJ-999-000","装环夹;STD","B",{"v":4731,"d":"4,731.00"},"EA",3,{"v":14193,"d":"14,193.00"},12110101,"原材料"]
["库位: 016","c020","c020-ar022-000","GB5;活塞环;STD","A",{"v":1638,"d":"1,638.00"},"ST",3.84615,{"v":6299.99,"d":"6,299.99"},19610101,"外购商品  "]
["库位: 016","C020","C020-AR022-025","GB5;活塞环;0.25","A",252,"ST",4.10256,{"v":1033.85,"d":"1,033.85"},19610101,"外购商品  "]
["库位: 016","C020","C020-AR054-025","CB125T;活塞环;0.25","A",114,"ST",8.547,974.36,19610101,"外购商品  "]
["库位: 016","C020","C020-AR055-000","GY6;活塞环;STD","A",101,"ST",5.1282,517.95,19610101,"外购商品  "]
["库位: 016","C020","C020-AR055-025","GY6;活塞环;0.25","A",45,"ST",5.128,230.76,19610101,"外购商品  "]
["库位: 016","C020","C020-AR055-050","GY6;活塞环;0.50","A",284,"ST",5.1282,{"v":1456.41,"d":"1,456.41"},19610101,"外购商品  "]
["库位: 016","C020","C020-AR055-075","GY6;活塞环;0.75","A",7,"ST",5.1282,35.9,19610101,"外购商品  "]
["库位: 016","C020","C020-AR056-000","4CW;活塞环;STD","A",51,"ST",7.6923,392.31,19610101,"外购商品  "]
["库位: 016","C020","C020-AR056-025","4CW;活塞环;0.25","A",95,"ST",7.6923,730.77,19610101,"外购商品  "]
["库位: 016","C020","C020-AR056-050","4CW;活塞环;0.50","A",1,"ST",7.6923,7.69,19610101,"外购商品  "]
["库位: 016","C020","C020-AR056-075","4CW;活塞环;0.75","A",1,"ST",7.6923,7.69,19610101,"外购商品  "]
["库位: 016","C020","C020-AR056-100","4CW;活塞环;1.00","A",1,"ST",8.54701,8.55,19610101,"外购商品  "]
["库位: 016","C020","C020-AR059-025","XC125;活塞环;0.25","A",18,"ST",8.54701,153.85,19610101,"外购商品  "]
["库位: 016","C020","C020-AR059-050","XC125;活塞环;0.50","A",148,"ST",8.54701,{"v":1264.96,"d":"1,264.96"},19610101,"外购商品  "]
["库位: 016","C020","C020-AR062-000","CG125;活塞环;STD","A",55,"ST",5.1282,282.05,19610101,"外购商品  "]
["库位: 016","C020","C020-AR062-050","CG125;活塞环;0.50","A",60,"ST",5.1282,307.69,19610101,"外购商品  "]
["库位: 016","C020","C020-AR062-075","CG125;活塞环;0.75","A",1,"ST",5.81197,5.81,19610101,"外购商品  "]
["库位: 016","C020","C020-RG004-000","TA55;活塞环;STD","A",276,"ST",2.86969,792.03,19610101,"外购商品  "]
["库位: 016","C020","C020-RG004-025","TA55;活塞环;0.25","A",86,"ST",2.86969,246.79,19610101,"外购商品  "]
["库位: 016","C020","C020-RG004-050","TA55;活塞环;0.50","A",286,"ST",2.86969,820.73,19610101,"外购商品  "]
["库位: 016","C020","C020-RG004-075","TA55;活塞环;0.75","A",116,"ST",2.86969,332.88,19610101,"外购商品  "]
["库位: 016","C020","C020-RG004-100","TA55;活塞环;1.00","A",129,"ST",2.86969,370.19,19610101,"外购商品  "]
["库位: 016","C020","C020-RG035-000","AX100;活塞环;STD","A",90,"ST",2.86969,258.27,19610101,"外购商品  "]
["库位: 016","C9FH","C9FH-035-000","AX100福环;STD","B",845,"ST",3.53074,{"v":2983.48,"d":"2,983.48"},19610101,"外购商品  "]
["库位: 016","c9fh","c9fh-055-000","GY6陶瓷环;STD","B",{"v":2447,"d":"2,447.00"},"ST",7.17949,{"v":17568.22,"d":"17,568.22"},19610101,"外购商品  "]
["库位: 016","C9FH","C9FH-056-000","4CW陶瓷环;STD","B",161,"ST",7.17938,{"v":1155.88,"d":"1,155.88"},19610101,"外购商品  "]
["库位: 016","c9fh","c9fh-062-000","CG125陶瓷环;STD","B",{"v":1821,"d":"1,821.00"},"ST",7.17949,{"v":13073.85,"d":"13,073.85"},19610101,"外购商品  "]
["库位: 016","C9GT","C9GT-702-3-000","376缸套;STD","B",90,"组",30.51468,{"v":2746.32,"d":"2,746.32"},19610101,"外购商品  "]
["库位: 016","C9GT","C9GT-702-3-079","376缸套;79.5","B",102,"组",30.51468,{"v":3112.5,"d":"3,112.50"},19610101,"外购商品  "]
["库位: 016","c9gt","c9gt-702-3-080","376缸套;80","B",98,"组",30.51468,{"v":2990.44,"d":"2,990.44"},19610101,"外购商品  "]
["库位: 016","C9GT","C9GT-714-4-000","4G64缸套;STD","B",96,"组",61.02567,{"v":5858.46,"d":"5,858.46"},19610101,"外购商品  "]
["库位: 016","C9GT","C9GT-730-3-000","308缸套;STD","B",8,"组",26.4705,211.76,19610101,"外购商品  "]
["库位: 016","c9gt","c9gt-731-4-000","462缸套;STD","B",29,"组",34.71468,{"v":1006.73,"d":"1,006.73"},19610101,"外购商品  "]
["库位: 016","c9gt","c9gt-734-4-000","465缸套;STD","B",36,"组",23.88283,859.78,19610101,"外购商品  "]
["库位: 016","C9GT","C9GT-767-4-000","JGE1缸套;STD","B",45,"组",61.02553,{"v":2746.15,"d":"2,746.15"},19610101,"外购商品  "]
["库位: 016","C9JB","C9JB-022-000","GB5精品环;STD","B",{"v":1642,"d":"1,642.00"},"ST",4.33212,{"v":7113.34,"d":"7,113.34"},19610101,"外购商品  "]
["库位: 016","C9JB","C9JB-022-025","GB5精品环;0.25","B",259,"ST",4.33212,{"v":1122.02,"d":"1,122.02"},19610101,"外购商品  "]
["库位: 016","C9JB","C9JB-043-000","WIN100精品环;STD","B",97,"ST",4.67276,453.26,19610101,"外购商品  "]
["库位: 016","c9jb","c9jb-054-000","CB125T精品环;STD","B",579,"ST",4.19463,{"v":2428.69,"d":"2,428.69"},19610101,"外购商品  "]
["库位: 016","C9JB","C9JB-054-025","CB125T精品环;0.25","B",{"v":1731,"d":"1,731.00"},"ST",4.19463,{"v":7260.91,"d":"7,260.91"},19610101,"外购商品  "]
["库位: 016","C9JB","C9JB-054-050","CB125T精品环;0.50","B",79,"ST",4.19463,331.38,19610101,"外购商品  "]
["库位: 016","C9JB","C9JB-055-000","GY6精品环;STD","B",37,"ST",5.78064,213.88,19610101,"外购商品  "]
["库位: 016","C9JB","C9JB-055-025","GY6精品环;0.25","B",291,"ST",5.78064,{"v":1682.16,"d":"1,682.16"},19610101,"外购商品  "]
["库位: 016","C9JB","C9JB-055-050","GY6精品环;0.50","B",{"v":1629,"d":"1,629.00"},"ST",5.78064,{"v":9416.65,"d":"9,416.65"},19610101,"外购商品  "]
["库位: 016","C9JB","C9JB-055-075","GY6精品环;0.75","B",626,"ST",5.78064,{"v":3618.68,"d":"3,618.68"},19610101,"外购商品  "]
["库位: 016","C9JB","C9JB-056-000","4CW精品环;STD","B",10,"ST",4.19463,41.95,19610101,"外购商品  "]
["库位: 016","C9JB","C9JB-056-025","4CW精品环;0.25","B",5,"ST",8.55,42.75,19610101,"外购商品  "]
["库位: 016","c9jb","c9jb-062-025","CG125精品环;0.25","B",263,"ST",5.34364,{"v":1405.38,"d":"1,405.38"},19610101,"外购商品  "]
["库位: 016","c9jb","c9jb-062-050","CG125精品环;0.50","B",405,"ST",5.34364,{"v":2164.17,"d":"2,164.17"},19610101,"外购商品  "]
["库位: 016","C9JB","C9JB-062-075","CG125精品环;0.75","B",844,"ST",5.34364,{"v":4510.03,"d":"4,510.03"},19610101,"外购商品  "]
["库位: 016","C9JB","C9JB-066-000","GS125精品环;STD","B",625,"ST",5.38926,{"v":3368.29,"d":"3,368.29"},19610101,"外购商品  "]
["库位: 016","C9JB","C9JB-066-025","GS125精品环;0.25","B",310,"ST",5.38926,{"v":1670.67,"d":"1,670.67"},19610101,"外购商品  "]
["库位: 016","C9JB","C9JB-067-000","CG150精品环;STD","B",27,"ST",7.2586,195.98,19610101,"外购商品  "]
["库位: 016","C9JB","C9JB-067-025","CG150精品环;0.25","B",{"v":1166,"d":"1,166.00"},"ST",7.2586,{"v":8463.52,"d":"8,463.52"},19610101,"外购商品  "]
["库位: 016","C9JB","C9JB-067-050","CG150精品环;0.50","B",198,"ST",7.2586,{"v":1437.2,"d":"1,437.20"},19610101,"外购商品  "]
["库位: 016","C9JB","C9JB-067-100","CG150精品环;1.00","B",40,"ST",7.2586,290.34,19610101,"外购商品  "]
["库位: 016","C9JB","C9JB-702-3-000","TJ376精品环;STD","B",322,"组",34.8289,{"v":11214.91,"d":"11,214.91"},19610101,"外购商品  "]
["库位: 016","C9JB","C9JB-702-3-025","TJ376精品环;0.25","B",327,"组",34.8289,{"v":11389.05,"d":"11,389.05"},19610101,"外购商品  "]
["库位: 016","C9JB","C9JB-702-3-050","TJ376精品环;0.50","B",358,"组",34.8289,{"v":12468.75,"d":"12,468.75"},19610101,"外购商品  "]
["库位: 016","c9jb","c9jb-714-4-000","4G64精品环;STD","B",96,"组",61.02565,{"v":5858.46,"d":"5,858.46"},19610101,"外购商品  "]
["库位: 016","c9jb","c9jb-731-4-000","462精品环;STD","B",{"v":1163,"d":"1,163.00"},"组",36.06555,{"v":41944.23,"d":"41,944.23"},19610101,"外购商品  "]
["库位: 016","c9jb","c9jb-731-4-025","462精品环;0.25","B",759,"组",36.06555,{"v":27373.75,"d":"27,373.75"},19610101,"外购商品  "]
["库位: 016","C9JB","C9JB-731-4-050","462精品环;0.50","B",348,"组",36.06555,{"v":12550.81,"d":"12,550.81"},19610101,"外购商品  "]
["库位: 016","c9jb","c9jb-734-4-000","465精品环;STD","B",36,"组",29.22984,{"v":1052.27,"d":"1,052.27"},19610101,"外购商品  "]
["库位: 016","c9jb","c9jb-734-4-025","465精品环;0.25","B",191,"组",29.22984,{"v":5582.9,"d":"5,582.90"},19610101,"外购商品  "]
["库位: 016","C9JB","C9JB-734-4-050","465精品环;0.50","B",55,"组",29.22984,{"v":1607.64,"d":"1,607.64"},19610101,"外购商品  "]
["库位: 016","c9jb","c9jb-761-4-000","4G63精品环;STD","B",96,"组",61.02565,{"v":5858.46,"d":"5,858.46"},19610101,"外购商品  "]
["库位: 016","C9JB","C9JB-767-4-000","JGE1精品环;STD","B",32,"组",61.02567,{"v":1952.82,"d":"1,952.82"},19610101,"外购商品  "]
["库位: 016","C9LG","C9LG-027-000","JH70连杆;STD","B",395,"EA",16.99506,{"v":6713.05,"d":"6,713.05"},19610101,"外购商品  "]
["库位: 016","C9LG","C9LG-033-000","WIN100连杆;STD","B",299,"EA",13.03599,{"v":3897.76,"d":"3,897.76"},19610101,"外购商品  "]
["库位: 016","c9lg","c9lg-053-000","CG125连杆;STD","B",{"v":1122,"d":"1,122.00"},"EA",19.26675,{"v":21617.29,"d":"21,617.29"},19610101,"外购商品  "]
["库位: 016","C9LG","C9LG-118-000","AX100连杆;STD","B",10,"EA",11.7075,117.08,19610101,"外购商品  "]
["库位: 016","c9lg","c9lg-216-000","劲风90连杆;STD","B",3,"EA",6.3,18.9,19610101,"外购商品  "]
["库位: 016","C9LG","C9LG-228-000","4CW连杆;STD","B",38,"EA",17.62744,669.84,19610101,"外购商品  "]
["库位: 016","C9NP","C9NP-022-000","JH70NPR环;STD","B",51,"ST",13.33033,679.85,19610101,"外购商品  "]
["库位: 016","C9NP","C9NP-043-000","WIN100NPR环;STD","B",511,"ST",15.65021,{"v":7997.25,"d":"7,997.25"},19610101,"外购商品  "]
["库位: 016","c9np","c9np-055-000","GY6NPR环;STD","B",342,"ST",17.73107,{"v":6064.03,"d":"6,064.03"},19610101,"外购商品  "]
["库位: 016","C9NP","C9NP-055-025","GY6NPR环;0.25","B",494,"ST",17.73107,{"v":8759.15,"d":"8,759.15"},19610101,"外购商品  "]
["库位: 016","c9np","c9np-062-000","CG125NPR环;STD","B",82,"ST",16.90033,{"v":1385.83,"d":"1,385.83"},19610101,"外购商品  "]
["库位: 016","c9np","c9np-062-025","CG125NPR环;0.25","B",161,"ST",16.90033,{"v":2720.95,"d":"2,720.95"},19610101,"外购商品  "]
["库位: 016","C9NP","C9NP-066-000","GS125ETNPR环;STD","B",5,"ST",19.47374,97.37,19610101,"外购商品  "]
["库位: 020a48","c005","c005-2696-301","4Y;STD;活塞; TOYOTA;NC汽车;JCC","A",900,"EA",16.85365,{"v":15168.28,"d":"15,168.28"},12410101,"自制半成品-半成品"]
["库位: 020a48","c005","c005-2809-301","5WB;STD;活塞; YAMAHA;NC四冲;JCC","A",48,"EA",2.5125,120.6,12410101,"自制半成品-半成品"]
["库位: 020a48","C005","C005-2896-301","GZ125;STD;活塞; SUZUKI;NC四冲;JCC;","A",{"v":7535,"d":"7,535.00"},"EA",5.90541,{"v":44497.27,"d":"44,497.27"},12410101,"自制半成品-半成品"]
["库位: 020a48","c005","c005-2981-301","GN300;STD;活塞; SUZUKI;NC四冲;JCC","A",834,"EA",8.60161,{"v":7173.74,"d":"7,173.74"},12410101,"自制半成品-半成品"]
["库位: 020a48","c005","c005-3017-301","4CW;STD;活塞; YAMAHA;NC四冲;JCC","A",100,"EA",7.30769,730.77,12410101,"自制半成品-半成品"]
["库位: 020a48","c005","c005-3675-301","WIN100;STD;活塞; HONDA;NC四冲;JCC","A",{"v":1400,"d":"1,400.00"},"EA",5.25641,{"v":7358.97,"d":"7,358.97"},12410101,"自制半成品-半成品"]
["库位: 020a48","c005","c005-4120-301","2TZ;II,GC;活塞; TOYOTA;NC汽车;JCC","A",{"v":1176,"d":"1,176.00"},"EA",16.43392,{"v":19326.29,"d":"19,326.29"},12410101,"自制半成品-半成品"]
["库位: 020a48","c005","c005-4582-301","KWW;STD;活塞; HONDA;NC四冲;JCC","A",448,"EA",4.09251,{"v":1833.44,"d":"1,833.44"},12410101,"自制半成品-半成品"]
["库位: 020a48","C005","C005-5149-701","1137-034-0505-A;STD;活塞 OTHER;NC二冲;JCC及Stihl","A",{"v":2004,"d":"2,004.00"},"EA",3.20771,{"v":6428.24,"d":"6,428.24"},12410101,"自制半成品-半成品"]
["库位: 020a48","C005","C005-5152-701","1137-034-0505-A;STD;活塞 OTHER;NC二冲;JCC及Stihl","A",428,"EA",4.03307,{"v":1726.15,"d":"1,726.15"},12410101,"自制半成品-半成品"]
["库位: 020a48","C005","C005-5154-701","1148-034-0501-A;STD;活塞 OTHER;NC二冲;JCC及Stihl","A",74,"EA",2.88151,213.23,12410101,"自制半成品-半成品"]
["库位: 020a48","C005","C005-5170-701","4140-034-0504-A;STD;活塞 OTHER;NC二冲;JCC及专MARK","A",225,"EA",3.81086,857.44,12410101,"自制半成品-半成品"]
["库位: 020a48","C005","C005-5174-701","1137-034-0506-A;STD;活塞 OTHER;NC二冲;JCC及Stihl","A",349,"EA",3.29776,{"v":1150.92,"d":"1,150.92"},12410101,"自制半成品-半成品"]
["库位: 020a48","C005","C005-5178-701","1137-034-0508-A;STD;活塞 OTHER;NC二冲;JCC及Stihl","A",180,"EA",1.57821,284.08,12410101,"自制半成品-半成品"]
["库位: 020a48","C005","C005-5218-701","1A014680;M;活塞; OTHER;NC四冲;JCC;","A",9,"EA",0.11406,1.03,12410101,"自制半成品-半成品"]
["库位: 020a48","C005","C005-5218-702","1A014680;N;活塞; OTHER;NC四冲;JCC;","A",15,"EA",0.11406,1.71,12410101,"自制半成品-半成品"]
["库位: 020a48","C005","C005-5218-703","1A014680;O;活塞; OTHER;NC四冲;JCC;","A",19,"EA",0.11406,2.17,12410101,"自制半成品-半成品"]
["库位: 020a48","C005","C005-5218-704","1A014680;P;活塞; OTHER;NC四冲;JCC;","A",13,"EA",0.11406,1.48,12410101,"自制半成品-半成品"]
["库位: 020A50","C005","C005-2775-301","HM483Q;STD;活塞 OTHER;NC汽车;JCC","A",320,"EA",11.47115,{"v":3670.77,"d":"3,670.77"},12410101,"自制半成品-半成品"]
["库位: 020A50","C005","C005-3405-301","KVX;STD;活塞; HONDA;NC四冲;JCC","A",32,"EA",5.27762,168.88,12410101,"自制半成品-半成品"]
["库位: 020A50","C005","C005-3582-301","ZCG125;STD;活塞; HONDA;NC四冲;JCC","A",275,"EA",6.80149,{"v":1870.41,"d":"1,870.41"},12410101,"自制半成品-半成品"]
["库位: 020A50","c005","c005-3666-301","GFMF;STD;活塞; HONDA;NC四冲;JCC","A",52,"EA",4.60958,239.7,12410101,"自制半成品-半成品"]
["库位: 020A50","C005","C005-4644-102","13101-GGN-J000;0.25;活塞 HONDA;NC四冲;JCC","A",679,"EA",4.20364,{"v":2854.27,"d":"2,854.27"},12410101,"自制半成品-半成品"]
["库位: 020A50","C005","C005-4644-103","13101-GGN-J000;0.50;活塞 HONDA;NC四冲;JCC","A",447,"EA",4.20364,{"v":1879.03,"d":"1,879.03"},12410101,"自制半成品-半成品"]
["库位: 020A51","C005","C005-3656-301","豪迈80;STD;活塞 HONDA;NC四冲;JCC","A",878,"EA",2.77684,{"v":2438.07,"d":"2,438.07"},12410101,"自制半成品-半成品"]
["库位: 020A51","C005","C005-3739-301","JY110;STD;活塞; YAMAHA;NC 四冲;JCC","A",{"v":1152,"d":"1,152.00"},"EA",4.28449,{"v":4935.73,"d":"4,935.73"},12410101,"自制半成品-半成品"]
["库位: 020a55","C005","C005-2685-101","CG125;STD;活塞; HONDA;NC四冲;JCC","A",{"v":1543,"d":"1,543.00"},"EA",5.35966,{"v":8269.95,"d":"8,269.95"},12410101,"自制半成品-半成品"]
["库位: 020a55","c005","c005-2751-301","4G64;STD;活塞; MITSUBISHI;NC汽车;JCC","A",946,"EA",13.52235,{"v":12792.14,"d":"12,792.14"},12410101,"自制半成品-半成品"]
["库位: 020a55","C005","C005-2858-301","4G69;STD;活塞; MT;NC汽车;JCC及专用","A",{"v":1300,"d":"1,300.00"},"EA",12.23087,{"v":15900.13,"d":"15,900.13"},12410101,"自制半成品-半成品"]
["库位: 020a55","C005","C005-2968-301","3Y;STD;活塞; TOYOTA;NC汽车;JCC","A",{"v":1782,"d":"1,782.00"},"EA",15.24799,{"v":27171.92,"d":"27,171.92"},12410101,"自制半成品-半成品"]
["库位: 020a55","c005","c005-3048-301","4RB2;STD;活塞; TOYOTA;NC汽车;JCC","A",165,"EA",17.00328,{"v":2805.54,"d":"2,805.54"},12410101,"自制半成品-半成品"]
["库位: 020A57","c005","c005-2745-301","4G63;STD;活塞; MITSUBISHI;NC汽车;JCC","A",{"v":1825,"d":"1,825.00"},"EA",14.38787,{"v":26257.86,"d":"26,257.86"},12410101,"自制半成品-半成品"]
["库位: 020A60","c005","c005-2720-301","KM186FA;1;活塞; OTHER;NC汽车;JCC;","A",407,"EA",16.70672,{"v":6799.64,"d":"6,799.64"},12410101,"自制半成品-半成品"]
["库位: 020A60","C005","C005-2741-301","KTT;STD;活塞; HONDA;NC四冲;JCC","A",57,"EA",5.39477,307.5,12410101,"自制半成品-半成品"]
["库位: 020A60","C005","C005-2944-301","QS150T-1;STD;活塞; SUZUKI;NC四冲;JCC","A",{"v":1224,"d":"1,224.00"},"EA",5.55111,{"v":6794.55,"d":"6,794.55"},12410101,"自制半成品-半成品"]
["库位: 020H12","C005","C005-3254-702","H-125;0.25;活塞; HONDA;NC四冲;LAZER","A",815,"EA",5.3817,{"v":4386.08,"d":"4,386.08"},12410101,"自制半成品-半成品"]
["库位: 020H12","C005","C005-3254-703","H-125;0.50;活塞; HONDA;NC四冲;LAZER","A",{"v":2550,"d":"2,550.00"},"EA",5.3817,{"v":13723.33,"d":"13,723.33"},12410101,"自制半成品-半成品"]
["库位: 020H12","C005","C005-3254-704","H-125;0.75;活塞; HONDA;NC四冲;LAZER","A",216,"EA",5.3817,{"v":1162.45,"d":"1,162.45"},12410101,"自制半成品-半成品"]
["库位: 020H12","C005","C005-3254-705","H-125;1.00;活塞; HONDA;NC四冲;LAZER","A",{"v":2229,"d":"2,229.00"},"EA",5.3817,{"v":11995.81,"d":"11,995.81"},12410101,"自制半成品-半成品"]
["库位: 020H12","C005","C005-3254-706","H-125;1.25;活塞; HONDA;NC四冲;LAZER","A",{"v":1259,"d":"1,259.00"},"EA",5.3817,{"v":6775.56,"d":"6,775.56"},12410101,"自制半成品-半成品"]
["库位: 020H12","C005","C005-4115-301","4G63M;STD;活塞; MITSUBISHI;NC汽车;JCC","A",289,"EA",14.24492,{"v":4116.78,"d":"4,116.78"},12410101,"自制半成品-半成品"]
["库位: 020H12","C005","C005-4431-102","4S5;B(橙);活塞; YAMAHA;NC四冲;JCC;","A",59,"EA",6.73679,397.47,12410101,"自制半成品-半成品"]
["库位: 020H13","c005","c005-2696-301","4Y;STD;活塞; TOYOTA;NC汽车;JCC","A",{"v":2300,"d":"2,300.00"},"EA",16.85365,{"v":38763.39,"d":"38,763.39"},12410101,"自制半成品-半成品"]
["库位: 020H13","C005","C005-2751-301","4G64;STD;活塞; MITSUBISHI;NC汽车;JCC","A",912,"EA",13.52235,{"v":12332.38,"d":"12,332.38"},12410101,"自制半成品-半成品"]
["库位: 020H13","C005","C005-2944-301","QS150T-1;STD;活塞; SUZUKI;NC四冲;JCC","A",{"v":4585,"d":"4,585.00"},"EA",5.55111,{"v":25451.82,"d":"25,451.82"},12410101,"自制半成品-半成品"]
["库位: 020H13","c005","c005-2989-301","4RB3;STD;活塞; TOYOTA;NC汽车;JCC;","A",{"v":1764,"d":"1,764.00"},"EA",15.72057,{"v":27731.09,"d":"27,731.09"},12410101,"自制半成品-半成品"]
["库位: 020H13","C005","C005-4431-102","4S5;B(橙);活塞; YAMAHA;NC四冲;JCC;","A",73,"EA",6.73679,491.79,12410101,"自制半成品-半成品"]
["库位: 020H13","C005","C005-4437-102","4G15S2-1004010;B;活塞 MITSUBISHI;NC汽车;JCC","A",33,"EA",10.53787,347.75,12410101,"自制半成品-半成品"]
["库位: 020H14","C005","C005-0550-301","TCG125;STD;活塞 HN3453167;JCC","A",{"v":2368,"d":"2,368.00"},"EA",5.93788,{"v":14060.9,"d":"14,060.90"},12410101,"自制半成品-半成品"]
["库位: 020H15","c005","c005-2696-301","4Y;STD;活塞; TOYOTA;NC汽车;JCC","A",{"v":1070,"d":"1,070.00"},"EA",16.85365,{"v":18033.4,"d":"18,033.40"},12410101,"自制半成品-半成品"]
["库位: 020J13","C005","C005-3254-707","H-125;1.50;活塞; HONDA;NC四冲;LAZER","A",125,"EA",5.3817,672.71,12410101,"自制半成品-半成品"]
["库位: 025","c010","c010-0014-120","SY40;2.0;JCC;毛坯 CM4301000;8A-1","A",{"v":1347,"d":"1,347.00"},"EA",1.9006,{"v":2560.1,"d":"2,560.10"},12410102,"自制半成品-毛坯"]
["库位: 025","C010","C010-1050-520","19285;2.0;morgo;毛坯 OT2500102;8A-2","A",{"v":2445,"d":"2,445.00"},"EA",8.06932,{"v":19729.49,"d":"19,729.49"},12410102,"自制半成品-毛坯"]
["库位: 025","C010","C010-1872-720","004-0272-00;2.0;毛坯 OT1106306;JCC;8A-1;","A",938,"EA",1.88016,{"v":1763.59,"d":"1,763.59"},12410102,"自制半成品-毛坯"]
["库位: 025","C010","C010-1876-720","004-0275-00;2.0;毛坯 OT1106608;JCC;8A-1","A",{"v":1362,"d":"1,362.00"},"EA",2.29985,{"v":3132.39,"d":"3,132.39"},12410102,"自制半成品-毛坯"]
["库位: 025","C010","C010-2264-720","4140-034-0501-B;2.0;毛坯 OT;二冲;JCC及专用;B390.0","A",{"v":84734,"d":"84,734.00"},"EA",0,0,12410102,"自制半成品-毛坯"]
["库位: 025","C010","C010-2376-120","SY55;2.0;JCC;毛坯; 压缩机;综合四冲;8A-1","A",{"v":4887,"d":"4,887.00"},"EA",3.74672,{"v":18310.2,"d":"18,310.20"},12410102,"自制半成品-毛坯"]
["库位: 025","C010","C010-2387-120","SY62;2.0;JCC;毛坯; 压缩机;综合四冲;8A-1","A",617,"EA",5.21803,{"v":3219.53,"d":"3,219.53"},12410102,"自制半成品-毛坯"]
["库位: 025","C010","C010-2392-120","SY48;2.0;JCC;毛坯; 压缩机;综合四冲;8A-1","A",{"v":1299,"d":"1,299.00"},"EA",2.51358,{"v":3265.14,"d":"3,265.14"},12410102,"自制半成品-毛坯"]
["库位: 025","C010","C010-2592-120","807087;2.0;专用MARK;毛坯 OTHER;综合四冲;8A-1","A",{"v":4847,"d":"4,847.00"},"EA",7.34356,{"v":35594.23,"d":"35,594.23"},12410102,"自制半成品-毛坯"]
["库位: 025","C010","C010-2596-120","KM2V80-1;2.0;JCC;毛坯; OTHER;NC汽车;8A-1","A",676,"EA",6.68472,{"v":4518.87,"d":"4,518.87"},12410102,"自制半成品-毛坯"]
["库位: 025","C010","C010-2693-112","L110;1.2;JCC;毛坯; HONDA;NC四冲;8A-1","A",{"v":3664,"d":"3,664.00"},"EA",2.84203,{"v":10413.19,"d":"10,413.19"},12410102,"自制半成品-毛坯"]
["库位: 025","C010","C010-2700-112","KRW;JCC;1.2;毛坯 HONDA;NC四冲;8A-1","A",{"v":4790,"d":"4,790.00"},"EA",2.43936,{"v":11684.53,"d":"11,684.53"},12410102,"自制半成品-毛坯"]
["库位: 025","C010","C010-2706-120","GN5;2.0;JCC;毛坯; HONDA;NC四冲;8A-1","A",{"v":2028,"d":"2,028.00"},"EA",2.67177,{"v":5418.36,"d":"5,418.36"},12410102,"自制半成品-毛坯"]
["库位: 025","C010","C010-2741-120","KTT;2.0;JCC;毛坯; HONDA;四冲;8A-1;","A",{"v":10525,"d":"10,525.00"},"EA",2.93542,{"v":30895.32,"d":"30,895.32"},12410102,"自制半成品-毛坯"]
["库位: 025","C010","C010-2749-120","28123411H3;2.0;毛坯 OTHER;四冲;8A-1JCC及专用","A",{"v":30669,"d":"30,669.00"},"EA",3.69041,{"v":113181.29,"d":"113,181.29"},12410102,"自制半成品-毛坯"]
["库位: 025","C010","C010-2750-120","GCC;2.0;JCC;毛坯; HONDA;NC四冲;8A-1","A",{"v":1527,"d":"1,527.00"},"EA",2.35457,{"v":3595.44,"d":"3,595.44"},12410102,"自制半成品-毛坯"]
["库位: 025","C010","C010-2751-120","4G64;2.0;JCC;毛坯; MT;NC汽车;三菱专用","A",824,"EA",8.74832,{"v":7208.61,"d":"7,208.61"},12410102,"自制半成品-毛坯"]
["库位: 025","C010","C010-2755-120","KRF;2.0;JCC;毛坯; HONDA;NC四冲;8A-1","A",{"v":18223,"d":"18,223.00"},"EA",3.76189,{"v":68552.95,"d":"68,552.95"},12410102,"自制半成品-毛坯"]
["库位: 025","c010","c010-2756-120","SY10HP;2.0;JCC;毛坯; CM;NC四冲;8A-1","A",814,"EA",4.02572,{"v":3276.93,"d":"3,276.93"},12410102,"自制半成品-毛坯"]
["库位: 025","C010","C010-2768-120","SY55;2.0;JCC;毛坯; 压缩机;NC四冲;8A-1","A",660,"EA",3.74672,{"v":2472.83,"d":"2,472.83"},12410102,"自制半成品-毛坯"]
["库位: 025","C010","C010-2781-720","004-0283-15;2.0;JCC;毛坯 OTHER;NC二冲;8A-1","A",{"v":2465,"d":"2,465.00"},"EA",3.99444,{"v":9846.29,"d":"9,846.29"},12410102,"自制半成品-毛坯"]
["库位: 025","C010","C010-2787-120","4G64J3;JCC;2.0;毛坯; MT;NC汽车;三菱专用;","A",922,"EA",7.2376,{"v":6673.07,"d":"6,673.07"},12410102,"自制半成品-毛坯"]
["库位: 025","C010","C010-2794-715","004-0286-16;1.5;JCC;毛坯 OTHER;NC四冲;8A-1","A",{"v":6473,"d":"6,473.00"},"EA",4.91111,{"v":31789.6,"d":"31,789.60"},12410102,"自制半成品-毛坯"]
["库位: 025","C010","C010-2796-720","26223401H3;2.0;JCC及专用 OTHER;NC汽车;8A-1","A",{"v":1464,"d":"1,464.00"},"EA",7.83471,{"v":11470.01,"d":"11,470.01"},12410102,"自制半成品-毛坯"]
["库位: 025","C010","C010-2801-720","004-0281-15;2.0;JCC;毛坯 OTHER;NC二冲;8A-1","A",{"v":3641,"d":"3,641.00"},"EA",6.11566,{"v":22267.12,"d":"22,267.12"},12410102,"自制半成品-毛坯"]
["库位: 025","C010","C010-2806-120","13101-Z1T-0000;2.0;JCC; 毛坯;HONDA;NC四冲;8A-1","A",{"v":5165,"d":"5,165.00"},"EA",4.80945,{"v":24840.78,"d":"24,840.78"},12410102,"自制半成品-毛坯"]
["库位: 025","C010","C010-2810-725","004-0282-15;2.5;JCC;毛坯 OTHER;NC二冲;8A-1","A",48,"EA",4.51755,216.84,12410102,"自制半成品-毛坯"]
["库位: 025","C010","C010-2824-120","5MH5;JCC;2.0;毛坯; YAMAHA;NC四冲;8A-1","A",{"v":2540,"d":"2,540.00"},"EA",2.36431,{"v":6005.35,"d":"6,005.35"},12410102,"自制半成品-毛坯"]
["库位: 025","C010","C010-2828-720","004-0429-00;2.0;JCC;毛坯 OTHER;NC二冲;8A-1;","A",{"v":7809,"d":"7,809.00"},"EA",3.92972,{"v":30687.22,"d":"30,687.22"},12410102,"自制半成品-毛坯"]
["库位: 025","C010","C010-2861-120","KVC;2.0;JCC;毛坯; HONDA;NC四冲;8A-1","A",537,"EA",3.60923,{"v":1938.16,"d":"1,938.16"},12410102,"自制半成品-毛坯"]
["库位: 025","c010","c010-2863-720","004-0434-01;2.0;JCC;毛坯 OTHER;NC四冲;8A-1","A",{"v":4642,"d":"4,642.00"},"EA",6.18447,{"v":28708.31,"d":"28,708.31"},12410102,"自制半成品-毛坯"]
["库位: 025","C010","C010-2868-735","28423401H3;3.5;毛坯 OTHER;8A-1;JCC及专用","A",{"v":2202,"d":"2,202.00"},"EA",2.25169,{"v":4958.21,"d":"4,958.21"},12410102,"自制半成品-毛坯"]
["库位: 025","C010","C010-2881-720","004-0434-02;2.0;JCC;毛坯 OTHER;NC二冲;8A-1","A",{"v":4945,"d":"4,945.00"},"EA",5.86345,{"v":28994.75,"d":"28,994.75"},12410102,"自制半成品-毛坯"]
["库位: 025","C010","C010-2899-720","004-0271-00;2.0;JCC;毛坯 OTHER;NC四冲;8A-1","A",{"v":4386,"d":"4,386.00"},"EA",1.43607,{"v":6298.58,"d":"6,298.58"},12410102,"自制半成品-毛坯"]
["库位: 025","C010","C010-2900-720","004-0272-00;2.0;毛坯; OTHER;JCC;8A-1;","A",{"v":2563,"d":"2,563.00"},"EA",1.83642,{"v":4706.75,"d":"4,706.75"},12410102,"自制半成品-毛坯"]
["库位: 025","C010","C010-2901-720","004-0285-15;2.0;毛坯;JCC OTHER;NC二冲;8A-1","A",{"v":2555,"d":"2,555.00"},"EA",4.42421,{"v":11303.87,"d":"11,303.87"},12410102,"自制半成品-毛坯"]
["库位: 025","c010","c010-2919-120","7DE;2.0;JCC;毛坯; YAMAHA;NC四冲;8A","A",{"v":2777,"d":"2,777.00"},"EA",7.69429,{"v":21367.05,"d":"21,367.05"},12410102,"自制半成品-毛坯"]
["库位: 025","C010","C010-2946-120","JC50;2.0;JCC;毛坯; HONDA;NC四冲;8A-1","A",{"v":3690,"d":"3,690.00"},"EA",1.56269,{"v":5766.31,"d":"5,766.31"},12410102,"自制半成品-毛坯"]
["库位: 025","C010","C010-2947-720","004-0278-00;2.0;JCC;毛坯 OTHER;NC四冲;8A-1","A",{"v":3172,"d":"3,172.00"},"EA",4.64855,{"v":14745.21,"d":"14,745.21"},12410102,"自制半成品-毛坯"]
["库位: 025","C010","C010-2950-720","004-0277-00;2.0;JCC;毛坯 OTHER;NC四冲;8A-1;","A",{"v":9440,"d":"9,440.00"},"EA",3.45978,{"v":32660.28,"d":"32,660.28"},12410102,"自制半成品-毛坯"]
["库位: 025","C010","C010-2957-720","004-0274-00;2.0;毛坯; OTHER;NC二冲;JCC;8A-1","A",{"v":4838,"d":"4,838.00"},"EA",2.43336,{"v":11772.59,"d":"11,772.59"},12410102,"自制半成品-毛坯"]
["库位: 025","C010","C010-2972-720","004-0444-15;2.0;JCC;毛坯 OTHER;NC二冲;8A-1","A",344,"EA",4.03001,{"v":1386.32,"d":"1,386.32"},12410102,"自制半成品-毛坯"]
["库位: 025","C010","C010-2974-720","27723401J3;2.0;JCC及专用 毛坯;OTHER;8A-1","A",{"v":3652,"d":"3,652.00"},"EA",3.94048,{"v":14390.62,"d":"14,390.62"},12410102,"自制半成品-毛坯"]
["库位: 025","C010","C010-2978-720","004-0275-00;2.0;毛坯 OTHER;NC四冲;JCC;8A-1","A",{"v":6776,"d":"6,776.00"},"EA",2.55293,{"v":17298.66,"d":"17,298.66"},12410102,"自制半成品-毛坯"]
["库位: 025","C010","C010-2985-120","476Q-1004010;2.0;JCC; 毛坯;MT;NC汽车;8A专","A",125,"EA",6.77974,847.47,12410102,"自制半成品-毛坯"]
["库位: 025","C010","C010-2986-120","DA476Q-A5;2.0;JCC;毛坯; MITSUBISHI;NC汽车;8A专","A",{"v":14368,"d":"14,368.00"},"EA",6.20832,{"v":89201.14,"d":"89,201.14"},12410102,"自制半成品-毛坯"]
["库位: 025","C010","C010-2988-120","157QMJ;2.0;JCC;毛坯; HONDA;NC四冲;8A-1","A",{"v":1067,"d":"1,067.00"},"EA",2.95781,{"v":3155.98,"d":"3,155.98"},12410102,"自制半成品-毛坯"]
["库位: 025","c010","c010-2989-120","4RB3;2.0;JCC;毛坯; TOYOTA;NC汽车;8A-1;","A",{"v":4810,"d":"4,810.00"},"EA",9.60704,{"v":46209.85,"d":"46,209.85"},12410102,"自制半成品-毛坯"]
["库位: 025","C010","C010-2992-720","318831-6;2.0;JCC;毛坯; OTHER;综合二冲;8A-1","A",{"v":9016,"d":"9,016.00"},"EA",1.34973,{"v":12169.16,"d":"12,169.16"},12410102,"自制半成品-毛坯"]
["库位: 025","C010","C010-2996-720","28023411H3;2.0;毛坯; NC四冲;JCC及专MARK;8A-1","A",{"v":4693,"d":"4,693.00"},"EA",6.72276,{"v":31549.93,"d":"31,549.93"},12410102,"自制半成品-毛坯"]
["库位: 025","C010","C010-3001-720","26323421J3;2.0;毛坯8A-1; OTHER;NC四冲;JCC及专用","A",{"v":3273,"d":"3,273.00"},"EA",6.0908,{"v":19935.19,"d":"19,935.19"},12410102,"自制半成品-毛坯"]
["库位: 025","C010","C010-3010-120","KG690;2.0;XUE;毛坯; HONDA;NC四冲;8A-1","A",{"v":1620,"d":"1,620.00"},"EA",5.60829,{"v":9085.43,"d":"9,085.43"},12410102,"自制半成品-毛坯"]
["库位: 025","C010","C010-3011-120","KG390;2.0;XUE;毛坯; HONDA;NC四冲;8A-1","A",{"v":1344,"d":"1,344.00"},"EA",7.67122,{"v":10310.11,"d":"10,310.11"},12410102,"自制半成品-毛坯"]
["库位: 025","c010","c010-3027-120","LH250;JCC;2.0;毛坯; YAMAHA;NC四冲;8A-1","A",{"v":1070,"d":"1,070.00"},"EA",4.10942,{"v":4397.08,"d":"4,397.08"},12410102,"自制半成品-毛坯"]
["库位: 025","C010","C010-3048-118","4RB2;1.8;JCC;毛坯; TOYOTA;NC汽车;8A-1","A",226,"EA",10.66775,{"v":2410.91,"d":"2,410.91"},12410102,"自制半成品-毛坯"]
["库位: 025","C010","C010-3048-120","4RB2;2.0;JCC;毛坯; TOYOTA;NC汽车;8A-1","A",{"v":2572,"d":"2,572.00"},"EA",10.66775,{"v":27437.46,"d":"27,437.46"},12410102,"自制半成品-毛坯"]
["库位: 025","C010","C010-3062-120","841126;2.0;专用MARK;毛坯 OTHER;NC四冲;8A-1","A",{"v":10295,"d":"10,295.00"},"EA",7.01742,{"v":72244.34,"d":"72,244.34"},12410102,"自制半成品-毛坯"]
["库位: 025","C010","C010-3071-120","KV3;JCC;2.0;毛坯; HONDA;NC四冲;8A-1","A",{"v":18439,"d":"18,439.00"},"EA",2.49974,{"v":46092.62,"d":"46,092.62"},12410102,"自制半成品-毛坯"]
["库位: 025","C010","C010-3076-120","CG150FG;2.0;FK;毛坯; HONDA;NC四冲;8A-1","A",{"v":1292,"d":"1,292.00"},"EA",3.01184,{"v":3891.3,"d":"3,891.30"},12410102,"自制半成品-毛坯"]
["库位: 025","C010","C010-3080-120","皮卡500cc;2.0;JCC;毛坯; OTHER;NC汽车;8A-1;","A",711,"EA",8.41036,{"v":5979.77,"d":"5,979.77"},12410102,"自制半成品-毛坯"]
["库位: 025","C010","C010-3093-120","LH173M;2.0;JCC;毛坯; YAMAHA;NC四冲;8A-1;","A",{"v":5260,"d":"5,260.00"},"EA",4.57486,{"v":24063.74,"d":"24,063.74"},12410102,"自制半成品-毛坯"]
["库位: 025","C010","C010-3131-720","031-04063-203;3.0;JCC; 毛坯;OTHER;NC二冲;9B","A",{"v":7000,"d":"7,000.00"},"EA",2.10919,{"v":14764.34,"d":"14,764.34"},12410102,"自制半成品-毛坯"]
["库位: 025","C010","C010-3149-120","SGY6;2.0;JCC;毛坯; HONDA;NC四冲;8A-1","A",{"v":4103,"d":"4,103.00"},"EA",2.57321,{"v":10557.89,"d":"10,557.89"},12410102,"自制半成品-毛坯"]
["库位: 025","C010","C010-3174-720","031-01800-202;2.0;JCC; 毛坯;OTHER;NC二冲;9B","A",{"v":2778,"d":"2,778.00"},"EA",2.04943,{"v":5693.33,"d":"5,693.33"},12410102,"自制半成品-毛坯"]
["库位: 025","C010","C010-3175-730","031-07130-200;3.0JCC毛坯 OTHER;NC二冲;8A-1","A",5e-08,"EA",1.30887,0,12410102,"自制半成品-毛坯"]
["库位: 025","C010","C010-3182-120","DY110;2.0;JCC;毛坯; HONDA;NC四冲;8A-1","A",{"v":4909,"d":"4,909.00"},"EA",2.28441,{"v":11214.15,"d":"11,214.15"},12410102,"自制半成品-毛坯"]
["库位: 025","C010","C010-3204-720","031-04087-201;2.0JCC毛坯 OTHER;NC二冲;9B","A",{"v":1221,"d":"1,221.00"},"EA",1.91115,{"v":2333.52,"d":"2,333.52"},12410102,"自制半成品-毛坯"]
["库位: 025","C010","C010-3241-720","1130-034-0503-A;2.0;毛坯 OTHER;JCC及专用;B390.0","A",{"v":74081,"d":"74,081.00"},"EA",1.18853,{"v":88047.82,"d":"88,047.82"},12410102,"自制半成品-毛坯"]
["库位: 025","C010","C010-3254-733","H-125;3.3;LAZER;毛坯; HONDA;NC四冲;8A-1","A",{"v":1355,"d":"1,355.00"},"EA",3.79436,{"v":5141.35,"d":"5,141.35"},12410102,"自制半成品-毛坯"]
["库位: 025","c010","c010-3395-530","MOBYLETTE;3.0;KMP;毛坯; OTHER;NC二冲;9B-1","A",{"v":2166,"d":"2,166.00"},"EA",2.59295,{"v":5616.33,"d":"5,616.33"},12410102,"自制半成品-毛坯"]
["库位: 025","C010","C010-3405-130","KVX;JCC;3.0;毛坯; HONDA;NC四冲;8A-1","A",{"v":1240,"d":"1,240.00"},"EA",2.5224,{"v":3127.77,"d":"3,127.77"},12410102,"自制半成品-毛坯"]
["库位: 025","C010","C010-3669-120","842569;2.0;NO MARK毛坯 OTHER;NC四冲;8A-1","A",{"v":6883,"d":"6,883.00"},"EA",4.7986,{"v":33028.75,"d":"33,028.75"},12410102,"自制半成品-毛坯"]
["库位: 025","C010","C010-3688-720","1130-034-0504-A;2.0;毛坯 OTHER;JCC专MARK;B390.0","A",{"v":116105,"d":"116,105.00"},"EA",1.26021,{"v":146317.09,"d":"146,317.09"},12410102,"自制半成品-毛坯"]
["库位: 025","C010","C010-3837-720","004-0459-01;2.0;JCC;毛坯 OTHER;NC四冲;8A-1","A",{"v":1265,"d":"1,265.00"},"EA",1.64718,{"v":2083.69,"d":"2,083.69"},12410102,"自制半成品-毛坯"]
["库位: 025","C010","C010-3876-130","Z7B;3.0;JCC;毛坯; HONDA;NC四冲;8A-1","A",{"v":9997,"d":"9,997.00"},"EA",5.95667,{"v":59548.88,"d":"59,548.88"},12410102,"自制半成品-毛坯"]
["库位: 025","C010","C010-3903-120","Z7D;2.0;JCC;毛坯; HONDA;NC四冲;8A-1","A",{"v":13014,"d":"13,014.00"},"EA",6.79698,{"v":88455.9,"d":"88,455.90"},12410102,"自制半成品-毛坯"]
["库位: 025","C010","C010-4000-112","GFC-1;1.2;JCC;毛坯; HONDA;NC四冲;8A-1","A",{"v":7064,"d":"7,064.00"},"EA",2.00469,{"v":14161.16,"d":"14,161.16"},12410102,"自制半成品-毛坯"]
["库位: 025","C010","C010-4027-112","161QMK;1.2;JCC;毛坯; OTHER;NC四冲;8A-1","A",{"v":9508,"d":"9,508.00"},"EA",2.9085,{"v":27654.02,"d":"27,654.02"},12410102,"自制半成品-毛坯"]
["库位: 025","C010","C010-4054-130","GGC;3.0;JCC;毛坯; HONDA;NC四冲;8A-1","A",320,"EA",2.17937,697.4,12410102,"自制半成品-毛坯"]
["库位: 025","C010","C010-4105-112","GFMM;1.2;JCC;毛坯; HONDA;NC四冲;8A-1","A",{"v":5084,"d":"5,084.00"},"EA",2.26135,{"v":11496.72,"d":"11,496.72"},12410102,"自制半成品-毛坯"]
["库位: 025","C010","C010-4105-135","GFMM;3.5;JCC;毛坯; HONDA;NC四冲;8A-1","A",{"v":1732,"d":"1,732.00"},"EA",2.26135,{"v":3916.66,"d":"3,916.66"},12410102,"自制半成品-毛坯"]
["库位: 025","C010","C010-4106-112","4G63-JYH;1.2;JCC;毛坯; MT;NC汽车;三菱专用;","A",{"v":3042,"d":"3,042.00"},"EA",8.60096,{"v":26164.13,"d":"26,164.13"},12410102,"自制半成品-毛坯"]
["库位: 025","C010","C010-4115-120","4G63M;2.0;JCC;毛坯; MT;NC汽车;三菱专用","A",{"v":3319,"d":"3,319.00"},"EA",9.82396,{"v":32605.73,"d":"32,605.73"},12410102,"自制半成品-毛坯"]
["库位: 025","C010","C010-4120-112","2TZ;1.2;JCC;毛坯; TOYOTA;NC汽车;8A-1","A",{"v":16303,"d":"16,303.00"},"EA",9.26264,{"v":151008.79,"d":"151,008.79"},12410102,"自制半成品-毛坯"]
["库位: 025","C010","C010-4130-112","4A15;1.2;JCC;毛坯; TOYOTA;NC汽车;8A-1","A",{"v":2986,"d":"2,986.00"},"EA",4.97814,{"v":14864.73,"d":"14,864.73"},12410102,"自制半成品-毛坯"]
["库位: 025","C010","C010-4142-712","004-0436-00;1.2;JCC;毛坯 OTHER;NC四冲;8A-1","A",{"v":1155,"d":"1,155.00"},"EA",3.74447,{"v":4324.87,"d":"4,324.87"},12410102,"自制半成品-毛坯"]
["库位: 025","C010","C010-4143-712","004-0437-00;1.2;JCC;毛坯 OTHER;NC四冲;8A-1","A",{"v":4813,"d":"4,813.00"},"EA",3.70768,{"v":17845.05,"d":"17,845.05"},12410102,"自制半成品-毛坯"]
["库位: 025","C010","C010-4160-112","MW251240;1.2;JCC;毛坯; MT;NC汽车;三菱专用","A",{"v":3365,"d":"3,365.00"},"EA",5.13682,{"v":17285.4,"d":"17,285.40"},12410102,"自制半成品-毛坯"]
["库位: 025","C010","C010-4167-720","28923401H3;2.0;JCC专MARK 毛坯;OTHER;NC四冲;8A-1","A",{"v":1195,"d":"1,195.00"},"EA",7.80393,{"v":9325.69,"d":"9,325.69"},12410102,"自制半成品-毛坯"]
["库位: 025","C010","C010-4197-120","PS;2.0;JCC;毛坯; MT;NC汽车;三菱专用;","A",999,"EA",7.76737,{"v":7759.61,"d":"7,759.61"},12410102,"自制半成品-毛坯"]
["库位: 025","C010","C010-4227-127","1TZ;2.7;JCC;毛坯; TOYOTA;NC汽车;8A-1","A",778,"EA",6.61242,{"v":5144.46,"d":"5,144.46"},12410102,"自制半成品-毛坯"]
["库位: 025","C010","C010-4253-125","1CC;2.5;JCC,1CC;毛坯; YAMAHA;NC四冲;8A-1","A",{"v":5092,"d":"5,092.00"},"EA",2.27951,{"v":11607.26,"d":"11,607.26"},12410102,"自制半成品-毛坯"]
["库位: 025","C010","C010-4260-712","C215138;1.2;JCC;毛坯; OTHER;NC四冲;8A-1","A",{"v":5092,"d":"5,092.00"},"EA",3.5433,{"v":18042.51,"d":"18,042.51"},12410102,"自制半成品-毛坯"]
["库位: 025","C010","C010-4267-710","E100865;1.0;JCC;毛坯 OTHER;NC二冲;B390.0","A",{"v":2361,"d":"2,361.00"},"EA",2.73632,{"v":6460.45,"d":"6,460.45"},12410102,"自制半成品-毛坯"]
["库位: 025","C010","C010-4304-717","004-0286-16;1.7;JCC;毛坯 OTHER;NC四冲;8A-1","A",470,"EA",4.74191,{"v":2228.7,"d":"2,228.70"},12410102,"自制半成品-毛坯"]
["库位: 025","C010","C010-4328-712","004-0466-00;1.2;JCC;毛坯 OTHER;NC四冲;8A-1","A",{"v":4568,"d":"4,568.00"},"EA",5.93588,{"v":27115.09,"d":"27,115.09"},12410102,"自制半成品-毛坯"]
["库位: 025","C010","C010-4329-728","004-0468-00;2.8;JCC;毛坯 OTHER;NC四冲;8A-1","A",{"v":2930,"d":"2,930.00"},"EA",6.12387,{"v":17942.94,"d":"17,942.94"},12410102,"自制半成品-毛坯"]
["库位: 025","C010","C010-4337-719","004-0467-00;1.9;JCC;毛坯 OTHER;NC四冲;8A-1","A",{"v":2488,"d":"2,488.00"},"EA",6.09464,{"v":15163.47,"d":"15,163.47"},12410102,"自制半成品-毛坯"]
["库位: 025","C010","C010-4354-126","13001-2195;2.6;JCC;毛坯; OTHER;NC四冲;8A-1","A",{"v":3245,"d":"3,245.00"},"EA",3.49072,{"v":11327.4,"d":"11,327.40"},12410102,"自制半成品-毛坯"]
["库位: 025","C010","C010-4407-710","E202551;1.0;JCC;毛坯 OTHER;NC二冲;B390.0","A",{"v":10069,"d":"10,069.00"},"EA",2.2735,{"v":22891.87,"d":"22,891.87"},12410102,"自制半成品-毛坯"]
["库位: 025","C010","C010-4431-125","4S5;JCC;2.5;毛坯; YAMAHA;NC四冲;8A-1","A",{"v":20614,"d":"20,614.00"},"EA",2.47869,{"v":51095.79,"d":"51,095.79"},12410102,"自制半成品-毛坯"]
["库位: 025","C010","C010-4433-135","13001-2201;3.5;JCC;毛坯; OTHER;NC二冲;9B","A",366,"EA",1.63887,599.82,12410102,"自制半成品-毛坯"]
["库位: 025","C010","C010-4486-710","E102986;1.0;JCC;毛坯 OTHER;NC二冲;B390.0","A",{"v":8813,"d":"8,813.00"},"EA",2.40341,{"v":21181.25,"d":"21,181.25"},12410102,"自制半成品-毛坯"]
["库位: 025","C010","C010-4490-134","843281;3.4;专用MARK;毛坯 OTHER;NC四冲;8A-1","A",{"v":2208,"d":"2,208.00"},"EA",4.10828,{"v":9071.08,"d":"9,071.08"},12410102,"自制半成品-毛坯"]
["库位: 025","C010","C010-4504-125","13001-2207;2.5;JCC;毛坯; OTHER;NC四冲;8A-1","A",427,"EA",5.22161,{"v":2229.63,"d":"2,229.63"},12410102,"自制半成品-毛坯"]
["库位: 025","C010","C010-4511-125","13001-2206;2.5;JCC;毛坯; OTHER;NC四冲;8A-1","A",767,"EA",6.31335,{"v":4842.34,"d":"4,842.34"},12410102,"自制半成品-毛坯"]
["库位: 025","C010","C010-4512-125","13001-2205;2.5;JCC;毛坯; OTHER;NC四冲;8A-1","A",869,"EA",6.31335,{"v":5486.3,"d":"5,486.30"},12410102,"自制半成品-毛坯"]
["库位: 025","C010","C010-4522-125","13001-2209;2.5;JCC;毛坯; OTHER;NC四冲;8A-1","A",{"v":4717,"d":"4,717.00"},"EA",2.97228,{"v":14020.25,"d":"14,020.25"},12410102,"自制半成品-毛坯"]
["库位: 025","C010","C010-4527-135","13001-2204;3.5;JCC;毛坯; HONDA;NC四冲;8A-1","A",{"v":9907,"d":"9,907.00"},"EA",5.35444,{"v":53046.43,"d":"53,046.43"},12410102,"自制半成品-毛坯"]
["库位: 025","C010","C010-4528-135","13001-2210;3.5;JCC;毛坯; HONDA;NC四冲;8A-1","A",{"v":5654,"d":"5,654.00"},"EA",5.71883,{"v":32334.25,"d":"32,334.25"},12410102,"自制半成品-毛坯"]
["库位: 025","c010","c010-4556-112","GGM;1.2;JCC;毛坯; HONDA;NC四冲;8A-1","A",{"v":2369,"d":"2,369.00"},"EA",2.00837,{"v":4757.84,"d":"4,757.84"},12410102,"自制半成品-毛坯"]
["库位: 025","C010","C010-4557-125","13001-2203;2.5;JCC;毛坯; KAWASAKI;NC四冲;8A-1","A",970,"EA",3.62356,{"v":3514.85,"d":"3,514.85"},12410102,"自制半成品-毛坯"]
["库位: 025","C010","C010-4558-125","13001-2208;2.5;JCC;毛坯; OTHER;NC四冲;8A-1","A",76,"EA",7.37095,560.19,12410102,"自制半成品-毛坯"]
["库位: 025","C010","C010-4565-720","C218184A;2.0;JCC;毛坯; OTHER;NC四冲;8A-1","A",{"v":3240,"d":"3,240.00"},"EA",1.7257,{"v":5591.25,"d":"5,591.25"},12410102,"自制半成品-毛坯"]
["库位: 025","c010","c010-4566-125","13001-0716;2.5;JCC;毛坯; OTHER;NC四冲;8A-1","A",{"v":1397,"d":"1,397.00"},"EA",4.36554,{"v":6098.67,"d":"6,098.67"},12410102,"自制半成品-毛坯"]
["库位: 025","C010","C010-4567-715","C215945;1.5;JCC;毛坯; OTHER;NC四冲;8A-1","A",{"v":3703,"d":"3,703.00"},"EA",2.64153,{"v":9781.58,"d":"9,781.58"},12410102,"自制半成品-毛坯"]
["库位: 025","C010","C010-4582-135","KWW;3.5;JCC;毛坯; HONDA;NC四冲;8A-1","A",{"v":11494,"d":"11,494.00"},"EA",2.08903,{"v":24011.3,"d":"24,011.30"},12410102,"自制半成品-毛坯"]
["库位: 025","C010","C010-4584-735","13101-KYZ-9000;专MARK; 3.5毛坯HONDA;NC四冲;8A-1","A",{"v":37084,"d":"37,084.00"},"EA",2.31878,{"v":85989.76,"d":"85,989.76"},12410102,"自制半成品-毛坯"]
["库位: 025","C010","C010-4591-716","4134-034-0503-A;1.6;毛坯 OTHER;JCC专MARK;B390.0","A",961,"EA",1.47925,{"v":1421.56,"d":"1,421.56"},12410102,"自制半成品-毛坯"]
["库位: 025","C010","C010-4601-730","13101-KZL-9300;3.0;毛坯; HONDA;NC四冲;8A-1;专MARK","A",532,"EA",2.1114,{"v":1123.26,"d":"1,123.26"},12410102,"自制半成品-毛坯"]
["库位: 025","C010","C010-4615-112","TY157;1.2;XUE;毛坯; HONDA;NC四冲;8A-1","A",{"v":2168,"d":"2,168.00"},"EA",2.76099,{"v":5985.83,"d":"5,985.83"},12410102,"自制半成品-毛坯"]
["库位: 025","C010","C010-4626-716","1130-034-0507-A;1.6;毛坯 OTHER;JCC及Stihl;B390.0","A",{"v":68375,"d":"68,375.00"},"EA",1.34964,{"v":92281.77,"d":"92,281.77"},12410102,"自制半成品-毛坯"]
["库位: 025","c010","c010-4644-112","13101-GGN-J000;1.2;JCC; 毛坯;HONDA;NC四冲;8A-1","A",{"v":1501,"d":"1,501.00"},"EA",1.98545,{"v":2980.16,"d":"2,980.16"},12410102,"自制半成品-毛坯"]
["库位: 025","C010","C010-4645-716","4144-034-0504-A;1.6;毛坯 OTHER;JCC及专MARK;B390.0","A",{"v":137870,"d":"137,870.00"},"EA",1.14669,{"v":158094.13,"d":"158,094.13"},12410102,"自制半成品-毛坯"]
["库位: 025","C010","C010-4649-720","004-0477-00;2.0;JCC;毛坯 OTHER;NC二冲;8A-1","A",99,"EA",3.23014,319.78,12410102,"自制半成品-毛坯"]
["库位: 025","C010","C010-4651-720","004-0471-00;2.0;JCC;毛坯 OTHER;NC二冲;8A-1","A",{"v":4048,"d":"4,048.00"},"EA",3.25315,{"v":13168.76,"d":"13,168.76"},12410102,"自制半成品-毛坯"]
["库位: 025","C010","C010-4657-120","ZCW;2.0;JCC,ZCW;毛坯; HONDA;NC四冲;8A-1;","A",{"v":1127,"d":"1,127.00"},"EA",3.98588,{"v":4492.09,"d":"4,492.09"},12410102,"自制半成品-毛坯"]
["库位: 025","C010","C010-4668-125","5WB改进;2.5;JCC;毛坯; YAMAHA;NC四冲;8A-1","A",{"v":1760,"d":"1,760.00"},"EA",2.28734,{"v":4025.72,"d":"4,025.72"},12410102,"自制半成品-毛坯"]
["库位: 025","C010","C010-4674-720","13101-KWN-9021;2.0;毛坯; HONDA;NC四冲;8A-1;YT,KWN","A",{"v":4259,"d":"4,259.00"},"EA",2.19903,{"v":9365.68,"d":"9,365.68"},12410102,"自制半成品-毛坯"]
["库位: 025","c010","c010-4684-545","JOG;4.5;KMP;毛坯; YAMAHA;NC二冲;9B-1","A",{"v":2820,"d":"2,820.00"},"EA",2.42406,{"v":6835.86,"d":"6,835.86"},12410102,"自制半成品-毛坯"]
["库位: 025","C010","C010-4690-720","13101-K02-9010;盾牌;2.0 毛坯;HONDA;NC四冲;8A-1","A",496,"EA",2.68575,{"v":1332.13,"d":"1,332.13"},12410102,"自制半成品-毛坯"]
["库位: 025","C010","C010-4717-712","83075R;1.2;JCC及专用; 毛坯;OTHER;NC四冲;8A-1;","A",{"v":9270,"d":"9,270.00"},"EA",5.68794,{"v":52727.25,"d":"52,727.25"},12410102,"自制半成品-毛坯"]
["库位: 025","C010","C010-4742-130","13101-K08-9000;3.0;JCC; 毛坯;HONDA;NC四冲;8A-1","A",{"v":1579,"d":"1,579.00"},"EA",2.00026,{"v":3158.41,"d":"3,158.41"},12410102,"自制半成品-毛坯"]
["库位: 025","C010","C010-4751-130","3Y-3;3.0;JCC;毛坯; TOYOTA;汽车;8A-1","A",{"v":2486,"d":"2,486.00"},"EA",8.76721,{"v":21795.29,"d":"21,795.29"},12410102,"自制半成品-毛坯"]
["库位: 025","C010","C010-4770-125","4G18S2-1004010-B;2.5;JCC 毛坯;MT;NC汽车;8A专","A",448,"EA",6.0818,{"v":2724.64,"d":"2,724.64"},12410102,"自制半成品-毛坯"]
["库位: 025","C010","C010-4772-130","DA111A021SG1;3.0;JCC毛坯 MITSVBISHI;NC汽车;8A-1专","A",140,"EA",6.11548,856.17,12410102,"自制半成品-毛坯"]
["库位: 025","C010","C010-4778-120","1P68MM;2.0;JCC;毛坯; OTHER;NC四冲;8A-1;","A",118,"EA",4.5637,538.52,12410102,"自制半成品-毛坯"]
["库位: 025","C010","C010-4879-135","13101-K48-A000;3.5;JCC; 毛坯;HONDA;NC四冲;8A-1","A",{"v":12565,"d":"12,565.00"},"EA",2.29454,{"v":28830.89,"d":"28,830.89"},12410102,"自制半成品-毛坯"]
["库位: 025","C010","C010-4883-120","B37-E1631-00;2.0;JCCB37; 毛坯;YAMAHA;NC四冲;8A-1;","A",{"v":3153,"d":"3,153.00"},"EA",2.43975,{"v":7692.54,"d":"7,692.54"},12410102,"自制半成品-毛坯"]
["库位: 025","C010","C010-4899-720","13101-K40-F000;2.0;毛坯; HONDA;NC四冲;8A-1;专MARK","A",931,"EA",0.83444,776.87,12410102,"自制半成品-毛坯"]
["库位: 025","C010","C010-4928-120","RGJ0008192;2.0;毛坯; OTHER;JCC及专MARK;8A-1;","A",{"v":2625,"d":"2,625.00"},"EA",1.09139,{"v":2864.91,"d":"2,864.91"},12410102,"自制半成品-毛坯"]
["库位: 025","C010","C010-4940-720","004-0495-00;2.0;JCC;毛坯 OTHER;NC四冲;8A-1;","A",{"v":3207,"d":"3,207.00"},"EA",1.07432,{"v":3445.34,"d":"3,445.34"},12410102,"自制半成品-毛坯"]
["库位: 025","C010","C010-4946-120","13101-K70-6000;2.0;毛坯 HONDA;JCC;NC四冲;8A-1;","A",463,"EA",3.08549,{"v":1428.58,"d":"1,428.58"},12410102,"自制半成品-毛坯"]
["库位: 025","C010","C010-5014-120","13101-GCC-D000;2.0;JCC; 毛坯;HONDA;NC四冲;8A-1","A",313,"EA",2.34349,733.51,12410102,"自制半成品-毛坯"]
["库位: 025","C010","C010-5025-120","HR198F;2.0;HR,JCC;毛坯; OTHER;NC汽车;8A-1;","A",212,"EA",13.9473,{"v":2956.83,"d":"2,956.83"},12410102,"自制半成品-毛坯"]
["库位: 025","C010","C010-5026-120","BL8-E1631-00-0;2.0;毛坯; YAMAHA;NC四冲BL8,JCC8A-1","A",247,"EA",0.06912,17.07,12410102,"自制半成品-毛坯"]
["库位: 025","C010","C010-5027-720","13101-K40-F300;2.0;毛坯 HONDA;NC二冲40F,JCC;8A-1","A",{"v":8370,"d":"8,370.00"},"EA",0.98716,{"v":8262.54,"d":"8,262.54"},12410102,"自制半成品-毛坯"]
["库位: 025","C010","C010-5033-112","2TZ-1004013S;1.2;JCC毛坯 TOYOTA;NC汽车;8A-1","A",{"v":6176,"d":"6,176.00"},"EA",9.22041,{"v":56945.26,"d":"56,945.26"},12410102,"自制半成品-毛坯"]
["库位: 025","C010","C010-5035-135","13101-K69-6001;JCC;3.5; 毛坯;HONDA;NC四冲;8A-1","A",{"v":9108,"d":"9,108.00"},"EA",2.63991,{"v":24044.34,"d":"24,044.34"},12410102,"自制半成品-毛坯"]
["库位: 025","C010","C010-5068-712","4149-034-0504-A;1.2;毛坯 OTHER;JCC及stihl;B390.0","A",{"v":117887,"d":"117,887.00"},"EA",1.52459,{"v":179729.74,"d":"179,729.74"},12410102,"自制半成品-毛坯"]
["库位: 025","C010","C010-5069-712","4149-034-0505-A;1.2;毛坯 OTHER;JCC及stihl;B390.0","A",{"v":15198,"d":"15,198.00"},"EA",1.37353,{"v":20874.93,"d":"20,874.93"},12410102,"自制半成品-毛坯"]
["库位: 025","C010","C010-5071-720","1147-034-0501-A;2.0;毛坯 STIHL;NC二冲;S655;专MARK","A",206,"EA",1.39101,286.55,12410102,"自制半成品-毛坯"]
["库位: 025","C010","C010-5072-720","1A008514;2.0;JCC;毛坯; OTHER;NC二冲;8A-1;","A",139,"EA",0.85647,119.05,12410102,"自制半成品-毛坯"]
["库位: 025","C010","C010-5073-120","DAED114472S1;JCC;2.0毛坯 MITSUBISHI;NC四冲;8A-1;","A",252,"EA",4.95792,{"v":1249.4,"d":"1,249.40"},12410102,"自制半成品-毛坯"]
["库位: 025","C010","C010-5074-120","DAED161583S1;JCC;2.0毛坯 MITSUBISHI;NC汽车;8A-1;","A",210,"EA",0.0848,17.81,12410102,"自制半成品-毛坯"]
["库位: 025","C010","C010-5086-720","1A008515;2.0;JCC;毛坯; OTHER;NC二冲;8A-1;","A",712,"EA",0.93647,666.77,12410102,"自制半成品-毛坯"]
["库位: 025","C010","C010-5115-120","115-10-21;2.0;无MARK毛坯 OTHER;NC二冲;9A;","A",70,"EA",0.1268,8.88,12410102,"自制半成品-毛坯"]
["库位: 025","C010","C010-5131-120","474Q-T2-11102;2.0;JCC; 毛坯;HAIMA;NC汽车;JC8A+;","A",{"v":1337,"d":"1,337.00"},"EA",5.82575,{"v":7789.03,"d":"7,789.03"},12410102,"自制半成品-毛坯"]
["库位: 025","C010","C010-5132-120","N01G1004111;2.0;JCC;毛坯 HAIMA;NC汽车;JC8A+;","A",164,"EA",1.6754,274.77,12410102,"自制半成品-毛坯"]
["库位: 025","C010","C010-5140-112","G150;1.2;JCC;毛坯; HONDA;NC四冲;8A-1","A",{"v":3868,"d":"3,868.00"},"EA",0.99549,{"v":3850.57,"d":"3,850.57"},12410102,"自制半成品-毛坯"]
["库位: 025","C010","C010-5141-120","503295;2.0;毛坯;8A-1; OTHER;NC四冲;JCC及S;","A",{"v":1113,"d":"1,113.00"},"EA",1.04459,{"v":1162.63,"d":"1,162.63"},12410102,"自制半成品-毛坯"]
["库位: 025","C010","C010-5143-120","502500;2.0;毛坯;8A-1; OTHER;NC四冲;JCC及S;","A",{"v":2326,"d":"2,326.00"},"EA",1.31174,{"v":3051.1,"d":"3,051.10"},12410102,"自制半成品-毛坯"]
["库位: 025","C010","C010-5144-120","502490;2.0;毛坯;8A-1; OTHER;NC四冲;JCC及S;","A",{"v":1149,"d":"1,149.00"},"EA",5.11232,{"v":5874.06,"d":"5,874.06"},12410102,"自制半成品-毛坯"]
["库位: 025","C010","C010-5149-710","1137-034-0505-A;1.0;毛坯 OTHER;JCC及Stihl;B390.0","A",{"v":92052,"d":"92,052.00"},"EA",1.34964,{"v":124237.25,"d":"124,237.25"},12410102,"自制半成品-毛坯"]
["库位: 025","C010","C010-5150-712","1148-034-0507-A;1.2;毛坯 OTHER;JCC及Stihl;B390.0","A",{"v":1947,"d":"1,947.00"},"EA",0.24519,477.39,12410102,"自制半成品-毛坯"]
["库位: 025","C010","C010-5154-712","1148-034-0501-A;1.2;毛坯 OTHER;JCC及Stihl;B390.0","A",{"v":3141,"d":"3,141.00"},"EA",2.75257,{"v":8645.82,"d":"8,645.82"},12410102,"自制半成品-毛坯"]
["库位: 025","C010","C010-5157-120","217539;2.0;专MARK;毛坯; OTHER;NC四冲;554K;","A",877,"EA",13.35681,{"v":11713.92,"d":"11,713.92"},12410102,"自制半成品-毛坯"]
["库位: 025","C010","C010-5158-120","13101-OGOA-0007;2.0;毛坯 HONDA;NC四冲;JCC;8A-1;","A",{"v":1111,"d":"1,111.00"},"EA",0.09528,105.86,12410102,"自制半成品-毛坯"]
["库位: 025","C010","C010-5160-120","13101-5R1-J100;2.0;毛坯; OTHER;NC汽车;JCC;A351;","A",103,"EA",1.65006,169.96,12410102,"自制半成品-毛坯"]
["库位: 025","C010","C010-5161-712","1146-034-0503-A;1.2;毛坯 OTHER;JCC及stihl;B390.0","A",{"v":31619,"d":"31,619.00"},"EA",0.24519,{"v":7752.73,"d":"7,752.73"},12410102,"自制半成品-毛坯"]
["库位: 025","C010","C010-5165-120","474Q-T3-11102S;2.0;JCC; 毛坯;Haima;NC汽车;JC8A+;","A",219,"EA",1.60129,350.68,12410102,"自制半成品-毛坯"]
["库位: 025","C010","C010-5169-120","BOX-E1631-00;2.0;毛坯; YAMAHA;NC四冲JCC,BOX8A-1","A",{"v":6643,"d":"6,643.00"},"EA",2.22204,{"v":14761.04,"d":"14,761.04"},12410102,"自制半成品-毛坯"]
["库位: 025","C010","C010-5184-120","13101-K03-H101;2.0;毛坯; HONDA;JCC;NC四冲;8A-1;","A",{"v":1939,"d":"1,939.00"},"EA",2.18863,{"v":4243.74,"d":"4,243.74"},12410102,"自制半成品-毛坯"]
["库位: 025","C010","C010-5196-135","EH092J5010;3.5;毛坯; OTHER;8A-1;JCC及专用","A",343,"EA",0.89916,308.41,12410102,"自制半成品-毛坯"]
["库位: 025","C010","C010-5206-120","0-22;2.0;NO MARK;毛坯; OTHER;NC二冲;9B;","A",222,"EA",3.12866,694.56,12410102,"自制半成品-毛坯"]
["库位: 025","C010","C010-5208-130","DAED148413;3.0;JCC;毛坯; MITSUBISHI;NC汽车;JC8A+;","A",{"v":6576,"d":"6,576.00"},"EA",6.42,{"v":42217.9,"d":"42,217.90"},12410102,"自制半成品-毛坯"]
["库位: 025","C010","C010-5218-720","1A014680;2.0;JCC;毛坯; OTHER;NC四冲;8A-1;","A",228,"EA",0.11406,26.01,12410102,"自制半成品-毛坯"]
["库位: 025","C010","C010-5227-112","2TZ-1004013S-1;1.2;JCC; 毛坯;TOYOTA;NC汽车;8A-1","A",240,"EA",2.7661,663.86,12410102,"自制半成品-毛坯"]
["库位: 025","C010","C010-5231-130","13101-OHOA-0000;3.0;毛坯 HONDA;NC四冲;JCC;8A-1;","A",{"v":4265,"d":"4,265.00"},"EA",0,0,12410102,"自制半成品-毛坯"]
["库位: 026","C030","C030-0062-001","连杆毛坯;520713;A380;","A",507,"EA",1.37728,698.28,12110101,"原材料"]
["库位: 026","C030","C030-0063-001","连杆毛坯;520714;A380;","A",503,"EA",1.37728,692.77,12110101,"原材料"]
["库位: 026","C030","C030-0067-001","连杆毛坯;520740;A380;","A",553,"EA",1.57839,872.85,12110101,"原材料"]
["库位: 026","c050","c050-0147-001","气缸体毛坯;AC4B; 1F30-023001","A",38,"EA",57.59488,{"v":2188.61,"d":"2,188.61"},12110101,"原材料"]
["库位: 026","C050","C050-0150-001","EP4气缸体毛坯;AC4B;","A",178,"EA",28.35995,{"v":5048.07,"d":"5,048.07"},12110101,"原材料"]
["库位: 026","c300","c300-0035-001","润滑油泵歧管毛坯;4B; SU23092","A",{"v":1841,"d":"1,841.00"},"EA",213.6833,{"v":393390.96,"d":"393,390.96"},12110101,"原材料"]
["库位: 026","C505","C505-0023-001","机油滤清器连接管毛坯 YC3E-6884-A2A","A",993,"EA",137.89125,{"v":136926.01,"d":"136,926.01"},12110101,"原材料"]
["库位: 030","F040","F040-0045","连杆连接套;Φ16×14;S40; 铜;520736连杆配件;","B",20,"EA",7.64,152.8,12110101,"原材料"]
["库位: 030","F040","F040-0046","连杆连接套;Φ18×16;S40; 铜;520738连杆配件;","B",175,"EA",8.5,{"v":1487.5,"d":"1,487.50"},12110101,"原材料"]
["库位: 030","F305","F305-012","双头螺柱;M6×88L; 富士重工进气歧管使用","B",30,"EA",1.1,33,12110101,"原材料"]
["库位: 030","FA00","FA001","纯铝","A",{"v":1290,"d":"1,290.00"},"KG",13.67521,{"v":17641.02,"d":"17,641.02"},12110101,"原材料"]
["库位: 030","FA00","FA002","铝锭;4B","A",{"v":5577,"d":"5,577.00"},"KG",14.52655,{"v":81014.57,"d":"81,014.57"},12110101,"原材料"]
["库位: 030","FA00","FA003","铝锭;8A","A",{"v":15930.5,"d":"15,930.50"},"KG",14.57522,{"v":232190.54,"d":"232,190.54"},12110101,"原材料"]
["库位: 030","FA00","FA004","铝锭;8A-1","A",{"v":30844,"d":"30,844.00"},"KG",12.41213,{"v":382839.74,"d":"382,839.74"},12110101,"原材料"]
["库位: 030","FA00","FA008","铝锭;9B","A",{"v":13246,"d":"13,246.00"},"KG",15.64336,{"v":207211.95,"d":"207,211.95"},12110101,"原材料"]
["库位: 030","FA02","FA022","铝锭;三菱专用","A",{"v":14113,"d":"14,113.00"},"KG",12.55234,{"v":177151.17,"d":"177,151.17"},12110101,"原材料"]
["库位: 030","FA06","FA064","铝锭B","A",{"v":5733,"d":"5,733.00"},"KG",11.86354,{"v":68013.67,"d":"68,013.67"},12110101,"原材料"]
["库位: 030","FA07","FA076","铝锭;M142(JC8A+);","A",{"v":17894,"d":"17,894.00"},"KG",15.37168,{"v":275060.84,"d":"275,060.84"},12110101,"原材料"]
["库位: 030","FB00","FB009","辅助铁;3Y 005-1535;TT-DBT-003","A",{"v":18800,"d":"18,800.00"},"EA",0.4441,{"v":8349.08,"d":"8,349.08"},12110101,"原材料"]
["库位: 030","FB01","FB016","辅助铁;4G63主机用 005-0882;TT-DBT-027","A",{"v":10600,"d":"10,600.00"},"EA",0.4244,{"v":4498.64,"d":"4,498.64"},12110101,"原材料"]
["库位: 030","FB01","FB017","辅助铁;4G64主机用 005-0887;TT-DBT-028","A",{"v":17200,"d":"17,200.00"},"EA",0.3974,{"v":6835.28,"d":"6,835.28"},12110101,"原材料"]
["库位: 030","FB02","FB020","辅助铁;4Y 005-1538;TT-DBT-008","A",{"v":30000,"d":"30,000.00"},"EA",0.3712,{"v":11136,"d":"11,136.00"},12110101,"原材料"]
["库位: 030","FB02","FB029","辅助铁;KM186FA 005-1095;TT-DBT-038","A",{"v":11000,"d":"11,000.00"},"EA",0.4895,{"v":5384.5,"d":"5,384.50"},12110101,"原材料"]
["库位: 030","FF01","FF016","钢线;Φ1.56;台进;","B",75,"KG",18.2325,{"v":1367.44,"d":"1,367.44"},12110101,"原材料"]
["库位: 040","EAAH","EAAH009","钨钢片;1.5X3X40","C",100,"EA",35.46,{"v":3546,"d":"3,546.00"},12310101,"低值易耗品-生产"]
["库位: 040","EAAH","EAAH023","钨钢片;2.3X20X20","C",18,"EA",5,90,12310101,"低值易耗品-生产"]
["库位: 040","EAAH","EAAH028","钨钢片;2.7X3X17","C",219,"EA",1,219,12310101,"低值易耗品-生产"]
["库位: 040","EAAH","EAAH031","钨钢片;2.8X20X20","C",14,"EA",5,70,12310101,"低值易耗品-生产"]
["库位: 040","EAAH","EAAH037","钨钢片;3.3X20X20","C",14,"EA",5,70,12310101,"低值易耗品-生产"]
["库位: 040","EAAH","EAAH043","钨钢片;4.5X12.8X10","C",70,"EA",12.82051,897.44,12310101,"低值易耗品-生产"]
["库位: 040","EBGE","EBGE001","温控表 FUJIRXV4TAY2-1V000","C",1,"EA",512.82051,512.82,12310101,"低值易耗品-生产"]
["库位: 040","EDF0","EDF001","糖量计","C",1,"EA",123,123,12310101,"低值易耗品-生产"]
["库位: 040","EDF0","EDF007","油温油面计;YF-3; 油田油压","C",1,"EA",17.09,17.09,12310101,"低值易耗品-生产"]
["库位: 040","EDF0","EDF011","油温油位计;LS-3″","C",5,"EA",8.5,42.5,12310101,"低值易耗品-生产"]
["库位: 040","EEL0","EEL002","热电偶芯;德力西 (0-1200℃) 长1200","C",30,"EA",59,{"v":1770,"d":"1,770.00"},12310101,"低值易耗品-生产"]
["库位: 040","HD02","HD022","电脑贴纸;72×50MM","A",{"v":5000,"d":"5,000.00"},"EA",0.09735,486.75,12310101,"低值易耗品-生产"]
["库位: 040","HD02","HD025","粘贴纸;45X50MM","A",{"v":2000,"d":"2,000.00"},"EA",0.02235,44.7,12310101,"低值易耗品-生产"]
["库位: 040","HD03","HD033","粘贴纸;60X35MM","C",{"v":1600,"d":"1,600.00"},"EA",0.02142,34.27,12310101,"低值易耗品-生产"]
["库位: 040","HD09","HD091","条码标签; 6.5×4英寸;1000张","C",10,"卷",72.64,726.4,12310101,"低值易耗品-生产"]
["库位: 040","HD09","HD092","条码标签; 6.5×5英寸;1000张","C",5,"卷",92.15,460.75,12310101,"低值易耗品-生产"]
["库位: 040","HD11","HD112","条码标签; 60×40MM;3000张","B",5,"卷",34.9125,174.56,12310101,"低值易耗品-生产"]
["库位: 040","HD18","HD182","条码标签;4×4英寸; 500张;底边中间长孔;","B",40,"卷",19.66,786.4,12310101,"低值易耗品-生产"]
["库位: 040","HF09","HF090","透明胶带;宽5CM×长55码","B",72,"卷",2,144,12310101,"低值易耗品-生产"]
["库位: 040","JB03","JB034","兰皮本","A",{"v":4694,"d":"4,694.00"},"本",10.51,{"v":49333.94,"d":"49,333.94"},12310101,"低值易耗品-生产"]
["库位: 040","JCAA","JCAA005","限位开关;D4E-1A20N OMRON","C",69,"EA",103.0274,{"v":7108.89,"d":"7,108.89"},12310101,"低值易耗品-生产"]
["库位: 040","JCAA","JCAA027","限位开关;ZE-N-2","C",2,"EA",80.3909,160.78,12310101,"低值易耗品-生产"]
["库位: 040","JCAA","JCAA044","近接开关;E2E-X5ME1","C",1,"EA",152.137,152.14,12310101,"低值易耗品-生产"]
["库位: 040","JCAA","JCAA046","近接开关;E2EZ-X4C1/5M8","C",1,"EA",430.411,430.41,12310101,"低值易耗品-生产"]
["库位: 040","JCAA","JCAA102","翘板明开关;250V/6A","C",3,"EA",1.428,4.28,12310101,"低值易耗品-生产"]
["库位: 040","JCAA","JCAA110","拉线开关;4A","C",10,"EA",0.70003,7,12310101,"低值易耗品-生产"]
["库位: 040","JCAA","JCAA113","微动开关;KWX","C",3,"EA",123,369,12310101,"低值易耗品-生产"]
["库位: 040","JCAA","JCAA122","按钮开关;LA20-3H","C",1,"EA",22.22222,22.22,12310101,"低值易耗品-生产"]
["库位: 040","JCAA","JCAA135","行车按钮开关;QA1A6","C",1,"EA",38.8,38.8,12310101,"低值易耗品-生产"]
["库位: 040","JCAA","JCAA144","转换开关;HZ10-10R3","C",1,"EA",14.10256,14.1,12310101,"低值易耗品-生产"]
["库位: 040","JCAA","JCAA186","脚踏开关;FS-5;百丰","C",4,"EA",95.261,381.04,12310101,"低值易耗品-生产"]
["库位: 040","JCAA","JCAA200","接近开关 E2E-X3D1-N/M12常开","C",4,"EA",123,492,12310101,"低值易耗品-生产"]
["库位: 040","JCAA","JCAA204","近接开关 LJ12-Z4NK;","B",16,"EA",89.4463,{"v":1431.14,"d":"1,431.14"},12310101,"低值易耗品-生产"]
["库位: 040","JCAA","JCAA206","门锁装置开关;AY-SL161型","B",5,"EA",299.145,{"v":1495.73,"d":"1,495.73"},12310101,"低值易耗品-生产"]
["库位: 040","JCAA","JCAA221","压力开关;配VA-80空压机","B",2,"EA",102.5642,205.13,12310101,"低值易耗品-生产"]
["库位: 040","JCAA","JCAA223","接近开关;FL7M-2J6HD; 2线制;山武","B",12,"EA",119.6581,{"v":1435.9,"d":"1,435.90"},12310101,"低值易耗品-生产"]
["库位: 040","JCAA","JCAA224","开关;FL7M-4K6A; 防铝/两线;山武","B",76,"EA",200,{"v":15200,"d":"15,200.00"},12310101,"低值易耗品-生产"]
["库位: 040","JCAA","JCAA229","选择开关; XB2BD53C;施耐德","B",20,"EA",19.352,387.04,12310101,"低值易耗品-生产"]
["库位: 040","JCAA","JCAA240","二位选择开关;XB2BD25C; 施耐德","B",20,"EA",21.803,436.06,12310101,"低值易耗品-生产"]
["库位: 040","JCAA","JCAA245","接近开关;FL7M-4J6AD; 山武","B",7,"EA",258.6207,{"v":1810.34,"d":"1,810.34"},12310101,"低值易耗品-生产"]
["库位: 040","JCAB","JCAB003","漆包线;0.23;方圆","C",16.5,"KG",72.799,{"v":1201.18,"d":"1,201.18"},12310101,"低值易耗品-生产"]
["库位: 040","JCAB","JCAB004","漆包线;0.25;方圆","C",20.05,"KG",58,{"v":1162.9,"d":"1,162.90"},12310101,"低值易耗品-生产"]
["库位: 040","JCAB","JCAB010","漆包线;0.51;方圆","C",19.52,"KG",60,{"v":1171.2,"d":"1,171.20"},12310101,"低值易耗品-生产"]
["库位: 040","JCAB","JCAB015","漆包线;0.75;方圆","C",19,"KG",59,{"v":1121,"d":"1,121.00"},12310101,"低值易耗品-生产"]
["库位: 040","JCAB","JCAB033","电线;RVV4×1.5;海通","C",100,"M",4.45869,445.87,12310101,"低值易耗品-生产"]
["库位: 040","JCAB","JCAB060","电线;124-2564/18AWG","C",1,"卷",557.26495,557.26,12310101,"低值易耗品-生产"]
["库位: 040","JCAB","JCAB061","电线;124-2766/20AWG","C",1,"卷",435.89743,435.9,12310101,"低值易耗品-生产"]
["库位: 040","JCAB","JCAB062","电线;124-2788/20AWG","C",1,"卷",435.89743,435.9,12310101,"低值易耗品-生产"]
["库位: 040","JCAB","JCAB132","燃烧机高压线;贵诺","C",20,"M",50,{"v":1000,"d":"1,000.00"},12310101,"低值易耗品-生产"]
["库位: 040","JCAB","JCAB133","电线;0.75MM2;海通牌","C",100,"M",0.53778,53.78,12310101,"低值易耗品-生产"]
["库位: 040","JCAB","JCAB135","电线;RVV4×0.75;海通牌","C",100,"M",2.35144,235.14,12310101,"低值易耗品-生产"]
["库位: 040","JCAB","JCAB138","RVV电缆线;RVV3×0.75MM2; 海通牌","C",100,"M",1.79462,179.46,12310101,"低值易耗品-生产"]
["库位: 040","JCAB","JCAB155","屏蔽线;8芯×0.3mm2;海通","C",100,"M",3.09774,309.77,12310101,"低值易耗品-生产"]
["库位: 040","JCAB","JCAB172","屏蔽线;4芯×0.3mm2;海通","B",100,"M",1.89062,189.06,12310101,"低值易耗品-生产"]
["库位: 040","JCAB","JCAB221","通讯电缆;44P-1.6M; 配宝元主机;派科;","B",5,"EA",122,610,12310101,"低值易耗品-生产"]
["库位: 040","JCAB","JCAB222","通讯电缆;50P-9P/5M; 配台达主机;派科;","B",8,"EA",228,{"v":1824,"d":"1,824.00"},12310101,"低值易耗品-生产"]
["库位: 040","JCAC","JCAC012","卡口灯泡;220V/100W","C",7,"EA",1.30315,9.12,12310101,"低值易耗品-生产"]
["库位: 040","JCAC","JCAC039","碘钨灯管;1000W","C",6,"EA",10.1462,60.88,12310101,"低值易耗品-生产"]
["库位: 040","JCAC","JCAC044","碘钨灯管;300W","C",5,"EA",4.95767,24.79,12310101,"低值易耗品-生产"]
["库位: 040","JCAC","JCAC046","高压纳灯泡;HG100/110W","C",6,"EA",45.29914,271.79,12310101,"低值易耗品-生产"]
["库位: 040","JCAC","JCAC047","高压钠灯泡;250W","C",2,"EA",35,70,12310101,"低值易耗品-生产"]
["库位: 040","JCAC","JCAC054","机床工作照明灯;12V/55W","C",3,"EA",324.9917,974.98,12310101,"低值易耗品-生产"]
["库位: 040","JCAC","JCAC057","紫外线灯","C",1,"EA",123,123,12310101,"低值易耗品-生产"]
["库位: 040","JCAC","JCAC058","激光泵浦灯","C",2,"EA",123,246,12310101,"低值易耗品-生产"]
["库位: 040","JCAC","JCAC059","自镇流汞灯泡;450W","C",3,"EA",23.1,69.3,12310101,"低值易耗品-生产"]
["库位: 040","JCAC","JCAC063","外镇流汞灯;400W","C",2,"EA",20.37,40.74,12310101,"低值易耗品-生产"]
["库位: 040","JCAC","JCAC075","工作灯灯头;E27","C",3,"EA",3.4,10.2,12310101,"低值易耗品-生产"]
["库位: 040","JCAC","JCAC077","高压罗口瓷灯头;E40","B",2,"EA",4.3,8.6,12310101,"低值易耗品-生产"]
["库位: 040","JCAC","JCAC101","节能灯 15W","C",6,"EA",21,126,12310101,"低值易耗品-生产"]
["库位: 040","JCAC","JCAC102","指示灯;AD17-22/AC220V红; 天逸","C",19,"EA",7.506,142.61,12310101,"低值易耗品-生产"]
["库位: 040","JCAC","JCAC118","H3灯泡;12V55W","C",6,"EA",11,66,12310101,"低值易耗品-生产"]
["库位: 040","JCAD","JCAD012","三孔插头;10A;鸿雁","C",4,"EA",4.7,18.8,12310101,"低值易耗品-生产"]
["库位: 040","JCAD","JCAD015","四孔插头;15A","C",18,"EA",5.2,93.6,12310101,"低值易耗品-生产"]
["库位: 040","JCAD","JCAD019","明盒;鸿雁","C",20,"EA",2.3,46,12310101,"低值易耗品-生产"]
["库位: 040","JCAD","JCAD033","五孔暗插座;10A;鸿雁","C",12,"EA",6,72,12310101,"低值易耗品-生产"]
["库位: 040","JCAD","JCAD044","继电器插座;PYF08A;OMRON","C",100,"EA",6.8,680,12310101,"低值易耗品-生产"]
["库位: 040","JCAD","JCAD056","四孔暗插座;15A;鸿雁","C",22,"EA",9.5,209,12310101,"低值易耗品-生产"]
["库位: 040","JCAD","JCAD057","时间继电器插座;P2CF-08","C",23,"EA",19.1,439.3,12310101,"低值易耗品-生产"]
["库位: 040","JCAE","JCAE011","三级空开;5A","C",4,"EA",88.462,353.85,12310101,"低值易耗品-生产"]
["库位: 040","JCAE","JCAE017","空气开关;单极L7-1/1/C","C",116,"EA",33.33,{"v":3866.28,"d":"3,866.28"},12310101,"低值易耗品-生产"]
["库位: 040","JCAE","JCAE025","空气开关;EA103B/100A","C",1,"EA",280.1063,280.11,12310101,"低值易耗品-生产"]
["库位: 040","JCAE","JCAE040","空气开关;EA33/15A; 富士","C",24,"EA",95.261,{"v":2286.26,"d":"2,286.26"},12310101,"低值易耗品-生产"]
["库位: 040","JCAE","JCAE050","三极空开;富士EA53B/50A","C",1,"EA",121.674,121.67,12310101,"低值易耗品-生产"]
["库位: 040","JCAE","JCAE066","三极空气开关; BHC33C6;士林","C",12,"EA",76.4,916.8,12310101,"低值易耗品-生产"]
["库位: 040","JCAE","JCAE082","熔芯;RL1-60/30A","C",7,"EA",123,861,12310101,"低值易耗品-生产"]
["库位: 040","JCAE","JCAE084","熔芯;RT19","C",48,"EA",2.13675,102.56,12310101,"低值易耗品-生产"]
["库位: 040","JCAE","JCAE089","熔丝管;2A.5X20","C",36,"EA",0.194,6.98,12310101,"低值易耗品-生产"]
["库位: 040","JCAE","JCAE092","熔丝管;3A.5X20","C",4,"EA",0.23076,0.92,12310101,"低值易耗品-生产"]
["库位: 040","JCAE","JCAE097","熔丝管;6X30-7A","C",5,"EA",0.291,1.46,12310101,"低值易耗品-生产"]
["库位: 040","JCAE","JCAE099","快速熔断器;150A/500V","C",3,"EA",27.2175,81.65,12310101,"低值易耗品-生产"]
["库位: 040","JCAE","JCAE104","快速熔断器;RSO,500V/300A","C",7,"EA",39,273,12310101,"低值易耗品-生产"]
["库位: 040","JCAE","JCAE109","快速熔断器;RTO-600A","C",4,"EA",55.55555,222.22,12310101,"低值易耗品-生产"]
["库位: 040","JCAE","JCAE110","快速熔断器;60A/500V","C",3,"EA",31.64717,94.94,12310101,"低值易耗品-生产"]
["库位: 040","JCAE","JCAE118","保温炉电炉丝;28KW","B",20,"EA",264.48,{"v":5289.6,"d":"5,289.60"},12310101,"低值易耗品-生产"]
["库位: 040","JCAE","JCAE134","三极空气开关; BHC33C10;士林","B",19,"EA",50.615,961.69,12310101,"低值易耗品-生产"]
["库位: 040","JCAE","JCAE140","熔断器;RSO 500V 1250A","B",2,"EA",184.3,368.6,12310101,"低值易耗品-生产"]
["库位: 040","JCAE","JCAE146","单极空气开关;BKN 1P C3A; LG","B",30,"EA",9.4,282,12310101,"低值易耗品-生产"]
["库位: 040","JCAE","JCAE147","单极空气开关;BKN 1P C6A; LG","B",12,"EA",9.4,112.8,12310101,"低值易耗品-生产"]
["库位: 040","JCAE","JCAE161","空气开关;EA53C;30A","B",2,"EA",135,270,12310101,"低值易耗品-生产"]
["库位: 040","JCAE","JCAE185","单极断路器; iC65N 1P 6A;施耐德;","B",5,"EA",26.5,132.5,12310101,"低值易耗品-生产"]
["库位: 040","JCAE","JCAE186","单极断路器; iC65N 1P 10A;施耐德;","B",6,"EA",19,114,12310101,"低值易耗品-生产"]
["库位: 040","JCAE","JCAE195","三极断路器; iC65N 3P 6A;施耐德;","B",3,"EA",92,276,12310101,"低值易耗品-生产"]
["库位: 040","JCAE","JCAE196","三极断路器; iC65N 3P 10A;施耐德;","B",2,"EA",75,150,12310101,"低值易耗品-生产"]
["库位: 040","JCAE","JCAE197","三极断路器; iC65N 3P 16A;施耐德;","B",3,"EA",75,225,12310101,"低值易耗品-生产"]
["库位: 040","JCAE","JCAE198","三极断路器; iC65N 3P 20A;施耐德;","B",3,"EA",75,225,12310101,"低值易耗品-生产"]
["库位: 040","JCAF","JCAF002","升降机按钮;KAN-AID型 D02LKAN-AID","C",6,"EA",46.06837,276.41,12310101,"低值易耗品-生产"]
["库位: 040","JCAF","JCAF027","电位器旋钮;带刻度; 南通星火电位器厂","C",3,"EA",0.364,1.09,12310101,"低值易耗品-生产"]
["库位: 040","JCAF","JCAF028","二段旋钮;LA42X2-2/黑; 天逸","C",20,"EA",15.696,313.92,12310101,"低值易耗品-生产"]
["库位: 040","JCAF","JCAF029","三段旋钮;LA42X3-2/黑; 天逸","C",20,"EA",16.16,323.2,12310101,"低值易耗品-生产"]
["库位: 040","JCAF","JCAF032","平头按钮;LA42P-11/绿; 天逸","C",30,"EA",9.297,278.91,12310101,"低值易耗品-生产"]
["库位: 040","JCAF","JCAF037","方型按钮;LA42(B)PF-2/绿; 天逸","C",5,"EA",13.5,67.5,12310101,"低值易耗品-生产"]
["库位: 040","JCAF","JCAF042","紧停按钮;LA42J-2; Φ22;天逸","C",20,"EA",19.052,381.04,12310101,"低值易耗品-生产"]
["库位: 040","JCAF","JCAF050","带灯按钮;XB2BW33M1C; 施耐德","B",17,"EA",23.04,391.68,12310101,"低值易耗品-生产"]
["库位: 040","JCAF","JCAF051","蘑菇头按钮;LA42M-11/红","B",10,"EA",17.689,176.89,12310101,"低值易耗品-生产"]
["库位: 040","JCAG","JCAG001","塑料绝缘胶带;必胜","B",33,"卷",0.776,25.61,12310101,"低值易耗品-生产"]
["库位: 040","JCAG","JCAG031","钢精扎片;5#","C",3,"包",1.28205,3.85,12310101,"低值易耗品-生产"]
["库位: 040","JCAG","JCAG040","黄腊管;1MM","C",75,"EA",0.4,30,12310101,"低值易耗品-生产"]
["库位: 040","JCAG","JCAG043","黄腊管;3MM","C",63,"EA",0.75,47.25,12310101,"低值易耗品-生产"]
["库位: 040","JCAG","JCAG045","黄腊管;4MM","C",75,"EA",0.873,65.48,12310101,"低值易耗品-生产"]
["库位: 040","JCAG","JCAG047","黄腊管;6MM","C",61,"EA",1.1446,69.82,12310101,"低值易耗品-生产"]
["库位: 040","JCAG","JCAG049","线板;JC-4","C",14,"EA",1.8,25.2,12310101,"低值易耗品-生产"]
["库位: 040","JCAG","JCAG055","尼龙扎带;3×120MM;门子","C",{"v":2000,"d":"2,000.00"},"EA",0.04,80,12310101,"低值易耗品-生产"]
["库位: 040","JCAG","JCAG056","尼龙扎带;4×200MM;门子","C",{"v":1500,"d":"1,500.00"},"EA",0.06,90,12310101,"低值易耗品-生产"]
["库位: 040","JCAG","JCAG077","棉布扎带;Φ135mm;宽10MM","B",7,"卷",4.3,30.1,12310101,"低值易耗品-生产"]
["库位: 040","JCAH","JCAH004","接线端子;1.5-3;","C",{"v":3000,"d":"3,000.00"},"EA",0.0367,110.1,12310101,"低值易耗品-生产"]
["库位: 040","JCAH","JCAH008","端子盘;10A双层;天德","C",{"v":3700,"d":"3,700.00"},"EA",2,{"v":7400,"d":"7,400.00"},12310101,"低值易耗品-生产"]
["库位: 040","JCAH","JCAH018","端子盘;20A单层","C",{"v":3380,"d":"3,380.00"},"EA",1,{"v":3380,"d":"3,380.00"},12310101,"低值易耗品-生产"]
["库位: 040","JCAH","JCAH022","端子盘;30A单层;天德","C",380,"EA",30.55949,{"v":11612.61,"d":"11,612.61"},12310101,"低值易耗品-生产"]
["库位: 040","JCAH","JCAH036","冷压端子;UT2.5-4; 大众液压","C",{"v":2000,"d":"2,000.00"},"EA",0.07469,149.38,12310101,"低值易耗品-生产"]
["库位: 040","JCAH","JCAH046","端子;ASD-CNSC0050; 台达","C",15,"EA",30.23006,453.45,12310101,"低值易耗品-生产"]
["库位: 040","JCAH","JCAH047","端子;ASD-CAEN0000; 台达","C",4,"EA",44.45574,177.82,12310101,"低值易耗品-生产"]
["库位: 040","JCAH","JCAH048","端子;ASD-CAPW0000; 台达","C",28,"EA",38.9747,{"v":1091.29,"d":"1,091.29"},12310101,"低值易耗品-生产"]
["库位: 040","JCAH","JCAH051","端子;ASD-CAEN1000; 台达","C",20,"EA",171.2697,{"v":3425.39,"d":"3,425.39"},12310101,"低值易耗品-生产"]
["库位: 040","JCAH","JCAH055","端子;ASD-CAPW0105; 台达","C",16,"EA",37.436,598.98,12310101,"低值易耗品-生产"]
["库位: 040","JCAH","JCAH068","端子; ASDBCAPW0000(动力);台达","B",11,"EA",45.8591,504.45,12310101,"低值易耗品-生产"]
["库位: 040","JCAH","JCAH069","端子; ASDBCAEN0000(CN2);台达","B",27,"EA",14.9744,404.31,12310101,"低值易耗品-生产"]
["库位: 040","JCAH","JCAH077","耐油端子盘; BA111T 1.25MM2 600V;idec","B",20,"EA",4.9,98,12310101,"低值易耗品-生产"]
["库位: 040","JCAH","JCAH081","端子;YDM30200347; 台达","B",5,"EA",78.4,392,12310101,"低值易耗品-生产"]
["库位: 040","JCAH","JCAH082","端子;YDM30200447; 台达","B",5,"EA",78.4,392,12310101,"低值易耗品-生产"]
["库位: 040","JCAH","JCAH083","端子;ASDBCNEP0000;","B",5,"EA",49,245,12310101,"低值易耗品-生产"]
["库位: 040","JCAH","JCAH084","端子;ASDBCNEP0100;","B",6,"EA",55.28205,331.69,12310101,"低值易耗品-生产"]
["库位: 040","JCAH","JCAH085","端子;YDM30200100; 台达","B",10,"EA",52.92,529.2,12310101,"低值易耗品-生产"]
["库位: 040","JCAH","JCAH087","重载接插件;48芯;螺钉连接 Weidmuller","B",3,"ST",890,{"v":2670,"d":"2,670.00"},12310101,"低值易耗品-生产"]
["库位: 040","JCAH","JCAH088","重载接插件;16芯;螺钉连接 Weidmuller","B",107,"ST",351,{"v":37557,"d":"37,557.00"},12310101,"低值易耗品-生产"]
["库位: 040","JCAH","JCAH089","重载接插件;10芯;螺钉连接 Weidmuller","B",30,"ST",282,{"v":8460,"d":"8,460.00"},12310101,"低值易耗品-生产"]
["库位: 040","JCAJ","JCAJ001","润滑电机;MPDA20ZA01-35W","C",5,"EA",123,615,12310101,"低值易耗品-生产"]
["库位: 040","JCAJ","JCAJ004","步进电机;3A","C",2,"EA",123,246,12310101,"低值易耗品-生产"]
["库位: 040","JCAJ","JCAJ009","电机;1.5KW-4P-90L","C",10,"EA",615.3846,{"v":6153.85,"d":"6,153.85"},12310101,"低值易耗品-生产"]
["库位: 040","JCAJ","JCAJ011","减速电机;1/4HP490LES150","C",1,"EA",{"v":1410.256,"d":"1,410.26"},{"v":1410.26,"d":"1,410.26"},12310101,"低值易耗品-生产"]
["库位: 040","JCAJ","JCAJ012","减速电机;E28-750-5-S","C",4,"EA",854.701,{"v":3418.8,"d":"3,418.80"},12310101,"低值易耗品-生产"]
["库位: 040","JCAJ","JCAJ022","电机;Y112M-4-4KW(大连)","C",6,"EA",835,{"v":5010,"d":"5,010.00"},12310101,"低值易耗品-生产"]
["库位: 040","JCAJ","JCAJ036","电机;GL18-200-5S","C",1,"EA",805.9829,805.98,12310101,"低值易耗品-生产"]
["库位: 040","JCAJ","JCAJ056","大连电机;Y100L1-4; JB/T9616-1999","C",17,"EA",615,{"v":10455,"d":"10,455.00"},12310101,"低值易耗品-生产"]
["库位: 040","JCAJ","JCAJ067","大连产电机;Y90L-4","C",4,"EA",540,{"v":2160,"d":"2,160.00"},12310101,"低值易耗品-生产"]
["库位: 040","JCAJ","JCAJ069","电机;YEJ100L2-4","C",3,"EA",974.35897,{"v":2923.08,"d":"2,923.08"},12310101,"低值易耗品-生产"]
["库位: 040","JCAJ","JCAJ073","变速马达;4RK 25GN-4GK75K","C",3,"EA",572.64957,{"v":1717.95,"d":"1,717.95"},12310101,"低值易耗品-生产"]
["库位: 040","JCAJ","JCAJ094","变速马达;GF18-200-13S3B","C",2,"EA",123,246,12310101,"低值易耗品-生产"]
["库位: 040","JCAJ","JCAJ103","大连主轴电机;Y100L2-4","C",9,"EA",810,{"v":7290,"d":"7,290.00"},12310101,"低值易耗品-生产"]
["库位: 040","JCAJ","JCAJ107","锥形转子电机; ZD141-4;4.5KW;江阴凯澄","C",1,"EA",{"v":2008.547,"d":"2,008.55"},{"v":2008.55,"d":"2,008.55"},12310101,"低值易耗品-生产"]
["库位: 040","JCAJ","JCAJ138","伺服电机;ASMT10M250BK","B",1,"EA",{"v":3757.6385,"d":"3,757.64"},{"v":3757.64,"d":"3,757.64"},12310101,"低值易耗品-生产"]
["库位: 040","JCAJ","JCAJ149","大连电机;Y801-2;0.75KW","B",22,"EA",419,{"v":9218,"d":"9,218.00"},12310101,"低值易耗品-生产"]
["库位: 040","JCAJ","JCAJ175","伺服电机;ECMA-C30807GS; 配三米电缆;带油封;台达","B",4,"EA",{"v":1423.93118,"d":"1,423.93"},{"v":5695.72,"d":"5,695.72"},12310101,"低值易耗品-生产"]
["库位: 040","JCAJ","JCAJ203","伺服电机;ASMT30M250BK; 台达","B",1,"EA",{"v":5754.8148,"d":"5,754.81"},{"v":5754.81,"d":"5,754.81"},12310101,"低值易耗品-生产"]
["库位: 040","JCAJ","JCAJ206","伺服电机;GYS751DC2-T2C; 富士","B",2,"EA",{"v":2315,"d":"2,315.00"},{"v":4630,"d":"4,630.00"},12310101,"低值易耗品-生产"]
["库位: 040","JCAJ","JCAJ259","伺服电机;ECMA-E-31830QS; 台达","B",3,"EA",{"v":4275.6028,"d":"4,275.60"},{"v":12826.81,"d":"12,826.81"},12310101,"低值易耗品-生产"]
["库位: 040","JCAJ","JCAJ261","电机;7AA71M04-G;0.37KW 1/2HP;立式;MEZ","B",5,"EA",{"v":1900,"d":"1,900.00"},{"v":9500,"d":"9,500.00"},12310101,"低值易耗品-生产"]
["库位: 040","JCAJ","JCAJ274","伺服电机;配油封; ECMA-C31010GS;台达","B",7,"EA",{"v":1602.3,"d":"1,602.30"},{"v":11216.1,"d":"11,216.10"},12310101,"低值易耗品-生产"]
["库位: 040","JCAJ","JCAJ275","伺服电机;配油封; ECMA-C31010HS;台达","B",7,"EA",{"v":2352,"d":"2,352.00"},{"v":16464,"d":"16,464.00"},12310101,"低值易耗品-生产"]
["库位: 040","JCAJ","JCAJ276","伺服电机;配油封; ECMA-C30807HS;台达","B",5,"EA",{"v":1700.3,"d":"1,700.30"},{"v":8501.5,"d":"8,501.50"},12310101,"低值易耗品-生产"]
["库位: 040","JCAJ","JCAJ280","伺服电机;ECMA-C11010FS; 无油封;台达;","B",2,"EA",{"v":2352,"d":"2,352.00"},{"v":4704,"d":"4,704.00"},12310101,"低值易耗品-生产"]
["库位: 040","JCAJ","JCAJ282","伺服电机;SGM7J-08AFC6S; 750W;安川","B",5,"EA",{"v":1260.68376,"d":"1,260.68"},{"v":6303.42,"d":"6,303.42"},12310101,"低值易耗品-生产"]
["库位: 040","JCAK","JCAK002","照明灯变压器;220V/12V","C",1,"EA",43.24786,43.25,12310101,"低值易耗品-生产"]
["库位: 040","JCAK","JCAK015","控制变压器;400VA380V/36V","C",8,"EA",66.66666,533.33,12310101,"低值易耗品-生产"]
["库位: 040","JCAK","JCAK027","点火变压器;FBRFG-40/2; COD191340","C",2,"EA",{"v":1140,"d":"1,140.00"},{"v":2280,"d":"2,280.00"},12310101,"低值易耗品-生产"]
["库位: 040","JCAK","JCAK028","三相干式变压器 SG-1KVA","C",1,"EA",570,570,12310101,"低值易耗品-生产"]
["库位: 040","JCAK","JCAK029","三相干式变压器;SG-5KVA; 380V/220V;乐清天正","C",1,"EA",{"v":2086,"d":"2,086.00"},{"v":2086,"d":"2,086.00"},12310101,"低值易耗品-生产"]
["库位: 040","JCAK","JCAK032","控制变压器 300VA-380/220V","C",3,"EA",120,360,12310101,"低值易耗品-生产"]
["库位: 040","JCAK","JCAK033","控制变压器; BK500VA 380/220;天正","C",1,"EA",194.75,194.75,12310101,"低值易耗品-生产"]
["库位: 040","JCAK","JCAK040","三相干式变压器; SG-2KVA;乐清天正","C",1,"EA",875,875,12310101,"低值易耗品-生产"]
["库位: 040","JCAK","JCAK045","行灯变压器 JMB-4KVA 380V/2.5~5V","C",1,"EA",890,890,12310101,"低值易耗品-生产"]
["库位: 040","JCAK","JCAK048","行车控制变压器 BKC-100;380/36V","B",6,"EA",87.3,523.8,12310101,"低值易耗品-生产"]
["库位: 040","JCAK","JCAK050","三相干式变压器;SG-7KVA; 380V/220V;乐清天正","B",10,"EA",{"v":1970,"d":"1,970.00"},{"v":19700,"d":"19,700.00"},12310101,"低值易耗品-生产"]
["库位: 040","JCAK","JCAK057","控制变压器;BK250VA 380/110V;天正","B",1,"EA",128.925,128.93,12310101,"低值易耗品-生产"]
["库位: 040","JCAK","JCAK060","控制变压器;NDK 380V/220V 200VA;正泰","B",2,"EA",88.2,176.4,12310101,"低值易耗品-生产"]
["库位: 040","JCAL","JCAL013","电气箱;1220X600X355","C",1,"EA",123,123,12310101,"低值易耗品-生产"]
["库位: 040","JCAL","JCAL036","电气箱;480X300X150","C",1,"EA",123,123,12310101,"低值易耗品-生产"]
["库位: 040","JCAL","JCAL038","电气箱;200X420X480 图K","C",1,"EA",210.99586,211,12310101,"低值易耗品-生产"]
["库位: 040","JCAL","JCAL040","气密机电控箱 ATEQ F2P F2P REF 103.00","C",1,"ST",123,123,12310101,"低值易耗品-生产"]
["库位: 040","JCAL","JCAL048","电气箱;550X430X220","C",1,"EA",123,123,12310101,"低值易耗品-生产"]
["库位: 040","JCAL","JCAL050","电气箱;610X400X180","C",3,"EA",123,369,12310101,"低值易耗品-生产"]
["库位: 040","JCAL","JCAL052","电气箱;720X710X200","C",1,"EA",123,123,12310101,"低值易耗品-生产"]
["库位: 040","JCAL","JCAL053","打标机控制箱","C",1,"EA",123,123,12310101,"低值易耗品-生产"]
["库位: 040","JCAM","JCAM009","交流接触器 LC1-D0901AC110V","C",4,"EA",35.555,142.22,12310101,"低值易耗品-生产"]
["库位: 040","JCAM","JCAM010","交流接触器 LC1-D0901AC220V","C",9,"EA",34.144,307.3,12310101,"低值易耗品-生产"]
["库位: 040","JCAM","JCAM017","交流接触器; LC1-D0910AC220V;施耐德","C",17,"EA",35.555,604.44,12310101,"低值易耗品-生产"]
["库位: 040","JCAM","JCAM021","交流接触器; LC1-D2501M5CAC36V;施耐德","C",6,"EA",58.44,350.64,12310101,"低值易耗品-生产"]
["库位: 040","JCAM","JCAM023","交流接触器; LC1-D2510M5C 220V;施耐德","C",4,"EA",56.25,225,12310101,"低值易耗品-生产"]
["库位: 040","JCAM","JCAM025","交流接触器; LC1-D5011AC220V;施耐德","C",4,"EA",155.241,620.96,12310101,"低值易耗品-生产"]
["库位: 040","JCAM","JCAM037","交流驱动器 ASD-A0721LA;台达","C",9,"EA",{"v":1693.44,"d":"1,693.44"},{"v":15240.96,"d":"15,240.96"},12310101,"低值易耗品-生产"]
["库位: 040","JCAM","JCAM038","交流接触器 LC1-D8011AC220V","C",2,"EA",265,530,12310101,"低值易耗品-生产"]
["库位: 040","JCAM","JCAM048","交流驱动器;ASD-A3023MA; 台达","B",2,"EA",{"v":3111.8675,"d":"3,111.87"},{"v":6223.74,"d":"6,223.74"},12310101,"低值易耗品-生产"]
["库位: 040","JCAM","JCAM058","驱动器;ASD-A0721-AB; 台达","B",13,"EA",{"v":1603.17906,"d":"1,603.18"},{"v":20841.33,"d":"20,841.33"},12310101,"低值易耗品-生产"]
["库位: 040","JCAM","JCAM059","驱动器;ASD-A1021-AB; 台达","B",2,"EA",{"v":1656.61846,"d":"1,656.62"},{"v":3313.24,"d":"3,313.24"},12310101,"低值易耗品-生产"]
["库位: 040","JCAM","JCAM065","伺服驱动器;ASD-A3023AB; 台达","B",1,"EA",{"v":3128.16,"d":"3,128.16"},{"v":3128.16,"d":"3,128.16"},12310101,"低值易耗品-生产"]
["库位: 040","JCAM","JCAM068","伺服驱动器;ASD-A2-0721-U 台达;","B",3,"EA",{"v":1696.38,"d":"1,696.38"},{"v":5089.14,"d":"5,089.14"},12310101,"低值易耗品-生产"]
["库位: 040","JCAM","JCAM069","伺服驱动器;ASD-A2-1021-U 台达;","B",2,"EA",{"v":1753.22,"d":"1,753.22"},{"v":3506.44,"d":"3,506.44"},12310101,"低值易耗品-生产"]
["库位: 040","JCAM","JCAM071","驱动器;SGD7S-5R5A00A; 750W;安川","B",4,"EA",{"v":1542.73504,"d":"1,542.74"},{"v":6170.94,"d":"6,170.94"},12310101,"低值易耗品-生产"]
["库位: 040","JCAN","JCAN001","电度表","C",1,"EA",160,160,12310101,"低值易耗品-生产"]
["库位: 040","JCAN","JCAN002","电表;三相6A","C",1,"EA",155,155,12310101,"低值易耗品-生产"]
["库位: 040","JCAN","JCAN017","电流表;42L6-A","C",1,"EA",27,27,12310101,"低值易耗品-生产"]
["库位: 040","JCAN","JCAN037","真空表;76;1/4-0.1-OMPA","C",1,"EA",21.53846,21.54,12310101,"低值易耗品-生产"]
["库位: 040","JCAN","JCAN038","真空表; 760;1/4;浙江红旗","C",1,"EA",36.86,36.86,12310101,"低值易耗品-生产"]
["库位: 040","JCAN","JCAN039","氧气压力表","C",1,"EA",64.10256,64.1,12310101,"低值易耗品-生产"]
["库位: 040","JCAN","JCAN042","防震压力表;25MPA-1/4","C",2,"EA",111.0771,222.15,12310101,"低值易耗品-生产"]
["库位: 040","JCAN","JCAN045","气压表;0-10KG/表面直径50","C",1,"EA",30,30,12310101,"低值易耗品-生产"]
["库位: 040","JCAN","JCAN066","乙炔减压器;YQE-222","C",2,"EA",57.5,115,12310101,"低值易耗品-生产"]
["库位: 040","JCAN","JCAN100","数显位控仪表;GL-3000-02; 广通","B",248,"EA",256.41,{"v":63589.68,"d":"63,589.68"},12310101,"低值易耗品-生产"]
["库位: 040","JCAP","JCAP014","电机风叶;0.75KW","C",3,"EA",12,36,12310101,"低值易耗品-生产"]
["库位: 040","JCAQ","JCAQ007","继电器;LY4N","C",3,"EA",38.4,115.2,12310101,"低值易耗品-生产"]
["库位: 040","JCAQ","JCAQ008","继电器;LYNNKS","C",8,"EA",123,984,12310101,"低值易耗品-生产"]
["库位: 040","JCAQ","JCAQ009","继电器;MY2NJ AC220V","C",40,"EA",12.5641,502.56,12310101,"低值易耗品-生产"]
["库位: 040","JCAQ","JCAQ015","固态继电器;G3NH-2075B","C",18,"EA",123,{"v":2214,"d":"2,214.00"},12310101,"低值易耗品-生产"]
["库位: 040","JCAQ","JCAQ016","时间继电器;H3BA-N8; 欧姆龙","B",5,"EA",80.6,403,12310101,"低值易耗品-生产"]
["库位: 040","JCAQ","JCAQ025","热继电器;LRD08KN;施德耐","C",3,"EA",54.435,163.31,12310101,"低值易耗品-生产"]
["库位: 040","JCAQ","JCAQ036","温度继电器;JVC-1W/80H","C",6,"EA",123,738,12310101,"低值易耗品-生产"]
["库位: 040","JCAQ","JCAQ045","热继电器;LR-E08N;施耐德","C",19,"EA",38,722,12310101,"低值易耗品-生产"]
["库位: 040","JCAQ","JCAQ046","热继电器;0.63-1A;施耐德","C",4,"EA",53.52775,214.11,12310101,"低值易耗品-生产"]
["库位: 040","JCAQ","JCAQ049","继电器;MY2NJ(24VDC); OMRON","C",30,"EA",13.9103,417.31,12310101,"低值易耗品-生产"]
["库位: 040","JCAQ","JCAQ061","热继电器;LR2-D3359C (48-65A);施耐德","B",2,"EA",139.2,278.4,12310101,"低值易耗品-生产"]
["库位: 040","JCAR","JCAR006","电热管;2.5KW","C",3,"EA",35,105,12310101,"低值易耗品-生产"]
["库位: 040","JCAR","JCAR007","电热棒;3KW","C",3,"EA",106,318,12310101,"低值易耗品-生产"]
["库位: 040","JCAR","JCAR009","加热棒;三相380V 5KW","C",4,"EA",108.82752,435.31,12310101,"低值易耗品-生产"]
["库位: 040","JCAR","JCAR024","加热棒;三相9KW/380V KZ-9开水器用","B",2,"EA",37,74,12310101,"低值易耗品-生产"]
["库位: 040","JCAS","JCAS005","断电限位器;LX44-20A","C",1,"EA",42.975,42.98,12310101,"低值易耗品-生产"]
["库位: 040","JCAS","JCAS023","直流电源;NES-150-24VDC; MW","C",3,"EA",107,321,12310101,"低值易耗品-生产"]
["库位: 040","JCAS","JCAS024","快速驱动电流;KSD-1","C",11,"EA",123,{"v":1353,"d":"1,353.00"},12310101,"低值易耗品-生产"]
["库位: 040","JCAS","JCAS047","行车大车刹车盘;NT20130","C",1,"EA",134.01709,134.02,12310101,"低值易耗品-生产"]
["库位: 040","JCAS","JCAS048","行车刹车片;AZDY121-4B","C",4,"EA",62.17991,248.72,12310101,"低值易耗品-生产"]
["库位: 040","JCAS","JCAS049","导电块组合;DK7732(苏三光","C",4,"EA",76,304,12310101,"低值易耗品-生产"]
["库位: 040","JCAS","JCAS099","行车刹车片;φ200;2T","B",1,"EA",48,48,12310101,"低值易耗品-生产"]
["库位: 040","JCAS","JCAS106","直流电源;24V200W; 广州MW","B",6,"EA",113.645,681.87,12310101,"低值易耗品-生产"]
["库位: 040","JCAS","JCAS141","后背式电源;2108300004 V2.0;100W/220V-5V-12V","B",5,"EA",105,525,12310101,"低值易耗品-生产"]
["库位: 040","JCBA","JCBA007","变频器;FR-E740-0.75K-CHT 三菱","C",3,"EA",{"v":1205.1282,"d":"1,205.13"},{"v":3615.38,"d":"3,615.38"},12310101,"低值易耗品-生产"]
["库位: 040","JCBA","JCBA010","变频器;FR-E740-1.5K-CHT; 三菱","C",2,"EA",{"v":1397.4359,"d":"1,397.44"},{"v":2794.87,"d":"2,794.87"},12310101,"低值易耗品-生产"]
["库位: 040","JCBA","JCBA014","变频器;FR-E740-2.2K-CHT; 三菱","C",3,"EA",{"v":1717.9487,"d":"1,717.95"},{"v":5153.85,"d":"5,153.85"},12310101,"低值易耗品-生产"]
["库位: 040","JCBA","JCBA030","变频器;VFD007M43B;台达","C",3,"EA",948.67528,{"v":2846.03,"d":"2,846.03"},12310101,"低值易耗品-生产"]
["库位: 040","JCBA","JCBA031","变频器;VFD022M43B;台达","C",2,"EA",{"v":1193.59786,"d":"1,193.60"},{"v":2387.2,"d":"2,387.20"},12310101,"低值易耗品-生产"]
["库位: 040","JCBA","JCBA032","变频器;VFD055M43B;台达","C",2,"EA",{"v":2028.43928,"d":"2,028.44"},{"v":4056.88,"d":"4,056.88"},12310101,"低值易耗品-生产"]
["库位: 040","JCBA","JCBA035","变频器;VFD015M43B;台达","B",3,"EA",{"v":1043.651,"d":"1,043.65"},{"v":3130.95,"d":"3,130.95"},12310101,"低值易耗品-生产"]
["库位: 040","JCBA","JCBA037","变频器; VFD037M43B;台达","B",2,"EA",{"v":1441.64174,"d":"1,441.64"},{"v":2883.28,"d":"2,883.28"},12310101,"低值易耗品-生产"]
["库位: 040","JCBA","JCBA042","变频器; VFD015M21A;台达","B",1,"EA",933.56025,933.56,12310101,"低值易耗品-生产"]
["库位: 040","JCBB","JCBB011","可编程序控制器; FX3U-48MR-ES-A;","C",23,"EA",{"v":1645.3,"d":"1,645.30"},{"v":37841.9,"d":"37,841.90"},12310101,"低值易耗品-生产"]
["库位: 040","JCBB","JCBB016","控制器;CE-0085AR0415","C",3,"EA",{"v":2051.28205,"d":"2,051.28"},{"v":6153.85,"d":"6,153.85"},12310101,"低值易耗品-生产"]
["库位: 040","JCBB","JCBB018","控制器;ZT870","C",3,"EA",410.25641,{"v":1230.77,"d":"1,230.77"},12310101,"低值易耗品-生产"]
["库位: 040","JCBB","JCBB030","PLC控制器; FX3U-64MR-ES-A;","C",1,"EA",{"v":1950,"d":"1,950.00"},{"v":1950,"d":"1,950.00"},12310101,"低值易耗品-生产"]
["库位: 040","JCBB","JCBB057","控制器;PNC-H4-T; 台达","C",2,"EA",{"v":6404.93602,"d":"6,404.94"},{"v":12809.87,"d":"12,809.87"},12310101,"低值易耗品-生产"]
["库位: 040","JCBB","JCBB058","可编程序控制器; FX2N-32ER;三菱","C",1,"EA",{"v":1398,"d":"1,398.00"},{"v":1398,"d":"1,398.00"},12310101,"低值易耗品-生产"]
["库位: 040","JCBB","JCBB060","数控车床用主机;LNC-T518A 宝元","C",3,"EA",{"v":9829.05983,"d":"9,829.06"},{"v":29487.18,"d":"29,487.18"},12310101,"低值易耗品-生产"]
["库位: 040","JCBB","JCBB061","控制器;PNC-H4-3; 台达","C",1,"EA",{"v":8339.8049,"d":"8,339.80"},{"v":8339.8,"d":"8,339.80"},12310101,"低值易耗品-生产"]
["库位: 040","JCBB","JCBB063","可编程序控制器; DVP80EH00R;台达","C",3,"EA",{"v":1808.2813,"d":"1,808.28"},{"v":5424.84,"d":"5,424.84"},12310101,"低值易耗品-生产"]
["库位: 040","JCBB","JCBB067","可编程序控制器; DVP-16EH00R;台达","B",1,"EA",865.16948,865.17,12310101,"低值易耗品-生产"]
["库位: 040","JCBB","JCBB075","可编程序控制器; FX3U-32MR-ES-A;三菱","B",1,"EA",{"v":1551.3,"d":"1,551.30"},{"v":1551.3,"d":"1,551.30"},12310101,"低值易耗品-生产"]
["库位: 040","JCBB","JCBB077","可编程序控制器; FX2N-16MR-001;三菱","B",9,"EA",{"v":1850,"d":"1,850.00"},{"v":16650,"d":"16,650.00"},12310101,"低值易耗品-生产"]
["库位: 040","JCBE","JCBE002","功放三极管; BU208A;东芝","C",10,"EA",9.80512,98.05,12310101,"低值易耗品-生产"]
["库位: 040","JCBE","JCBE012","功放三极管;MJ15003","C",2,"EA",9.717,19.43,12310101,"低值易耗品-生产"]
["库位: 040","JCBF","JCBF001","可控硅;KS-200A P23-836","C",5,"EA",247.86324,{"v":1239.32,"d":"1,239.32"},12310101,"低值易耗品-生产"]
["库位: 040","JCBF","JCBF003","可控硅;KP-100A/1000V","C",5,"EA",123,615,12310101,"低值易耗品-生产"]
["库位: 040","JCBF","JCBF005","可控硅;KP-200A/1000V","C",1,"EA",219.62393,219.62,12310101,"低值易耗品-生产"]
["库位: 040","JCBG","JCBG003","吊扇电容器;2.5VF","C",5,"EA",1.94,9.7,12310101,"低值易耗品-生产"]
["库位: 040","JCBG","JCBG004","风扇电容器;2VF","C",5,"EA",6.3,31.5,12310101,"低值易耗品-生产"]
["库位: 040","JCBH","JCBH001","电路板","C",1,"EA",123,123,12310101,"低值易耗品-生产"]
["库位: 040","JCBJ","JCBJ005","三菱PLC电源模块;A1S62PN","C",40,"EA",769.23076,{"v":30769.23,"d":"30,769.23"},12310101,"低值易耗品-生产"]
["库位: 040","JCBJ","JCBJ006","PLC扩展模块;20EDR","C",1,"EA",541.4119,541.41,12310101,"低值易耗品-生产"]
["库位: 040","JCBJ","JCBJ019","PLC扩展模块;FX2N-16EX","C",2,"EA",683.761,{"v":1367.52,"d":"1,367.52"},12310101,"低值易耗品-生产"]
["库位: 040","JCBJ","JCBJ025","扩展模块;DVP08HM11N; 台达","C",1,"EA",178.752,178.75,12310101,"低值易耗品-生产"]
["库位: 040","JCBJ","JCBJ029","扩展模块;DVP48HP00R;台达","C",6,"EA",{"v":1137.388,"d":"1,137.39"},{"v":6824.33,"d":"6,824.33"},12310101,"低值易耗品-生产"]
["库位: 040","JCBJ","JCBJ030","扩展模块;FX2N-48ER","B",9,"EA",{"v":1767.8927,"d":"1,767.89"},{"v":15911.03,"d":"15,911.03"},12310101,"低值易耗品-生产"]
["库位: 040","JCBJ","JCBJ034","扩展模块;DVP32HP00R;台达","B",1,"EA",924.16381,924.16,12310101,"低值易耗品-生产"]
["库位: 040","JCBK","JCBK006","计数器;H7CR-A","C",1,"EA",653.84615,653.85,12310101,"低值易耗品-生产"]
["库位: 040","JCBL","JCBL008","电位器;1K1/2W","C",4,"EA",6.111,24.44,12310101,"低值易耗品-生产"]
["库位: 040","JCBL","JCBL036","组合式电磁离合器 长征立铣36V DL2D-1","C",2,"EA",{"v":1199.2655,"d":"1,199.27"},{"v":2398.53,"d":"2,398.53"},12310101,"低值易耗品-生产"]
["库位: 040","JCBL","JCBL058","编码转换器;PG-ABZ;台达","B",100,"EA",85,{"v":8500,"d":"8,500.00"},12310101,"低值易耗品-生产"]
["库位: 040","JCBL","JCBL085","集成块;ULN2803AG","B",10,"EA",2.2,22,12310101,"低值易耗品-生产"]
["库位: 040","JCBL","JCBL086","光电偶合块;9SD8-CC","B",10,"EA",18.62,186.2,12310101,"低值易耗品-生产"]
["库位: 040","JCBL","JCBL093","人机界面;DOP-B05S101; 台达","B",3,"EA",{"v":1536.15,"d":"1,536.15"},{"v":4608.45,"d":"4,608.45"},12310101,"低值易耗品-生产"]
["库位: 040","JCCB","JCCB-BXEHW","滚珠螺杆;1R32-05T5 -1FSDC-443-595-0.018","B",2,"EA",{"v":1247,"d":"1,247.00"},{"v":2494,"d":"2,494.00"},12310101,"低值易耗品-生产"]
["库位: 040","JCCB","JCCB-CTHPW","机械零件;CTHPW","C",9,"EA",{"v":2913.508,"d":"2,913.51"},{"v":26221.57,"d":"26,221.57"},12310101,"低值易耗品-生产"]
["库位: 040","JCCB","JCCB-DGGZO","滚珠螺杆;1R25-10T3 -1FSDW-291.5-380-0.05R","C",24,"EA",632.48,{"v":15179.52,"d":"15,179.52"},12310101,"低值易耗品-生产"]
["库位: 040","JCCB","JCCB-DOSEN","滚珠螺杆;1R36-10T5 -1FSDC-570-750-0.018","C",24,"EA",{"v":1657.26,"d":"1,657.26"},{"v":39774.24,"d":"39,774.24"},12310101,"低值易耗品-生产"]
["库位: 040","JCCB","JCCB-ELPAK","滚珠螺杆;1R25-05T5 -1FSDC-353-495-0.018","C",24,"EA",{"v":1202.56,"d":"1,202.56"},{"v":28861.44,"d":"28,861.44"},12310101,"低值易耗品-生产"]
["库位: 040","JCCB","JCCB-FFUEQ","滚珠螺杆;1R20-05T5 -1FSDC-170-295-0.018","C",102,"EA",{"v":1298.29,"d":"1,298.29"},{"v":132425.58,"d":"132,425.58"},12310101,"低值易耗品-生产"]
["库位: 040","JCCB","JCCB-GNZZI","机械零件;GNZZI","C",4,"EA",45,180,12310101,"低值易耗品-生产"]
["库位: 040","JCCB","JCCB-HXVLM","机械零件;HXVLM","C",3,"EA",219,657,12310101,"低值易耗品-生产"]
["库位: 040","JCCB","JCCB-LHJKV","机械零件;LHJKV",null,5,"EA",{"v":2303.017,"d":"2,303.02"},{"v":11515.09,"d":"11,515.09"},12310101,"低值易耗品-生产"]
["库位: 040","JCCB","JCCB-PJICU","滚珠螺杆;1R40-05T5 -1FSDC-395-610-0.018","B",15,"EA",{"v":1836.75,"d":"1,836.75"},{"v":27551.25,"d":"27,551.25"},12310101,"低值易耗品-生产"]
["库位: 040","JCCB","JCCB-QKOSQ","滚珠螺杆;1R25-05T5- 1FSDC-210-360-0.018","C",9,"EA",{"v":1097.44,"d":"1,097.44"},{"v":9876.96,"d":"9,876.96"},12310101,"低值易耗品-生产"]
["库位: 040","JCCB","JCCB-SYFJF","滚珠螺杆;1R20-05T5 -1FSDC-216-350-0.018","C",9,"EA",{"v":1251.28,"d":"1,251.28"},{"v":11261.52,"d":"11,261.52"},12310101,"低值易耗品-生产"]
["库位: 040","JCCB","JCCB-TCCKK","滚珠螺杆;1R32-05T5 -1FSDC-395-535-0.018","C",36,"EA",{"v":1276.92,"d":"1,276.92"},{"v":45969.12,"d":"45,969.12"},12310101,"低值易耗品-生产"]
["库位: 040","JCCB","JCCB-VYEVJ","滚珠螺杆;1R20-05T5 -1FSDC-146-280-0.018","C",8,"EA",{"v":1064.96,"d":"1,064.96"},{"v":8519.68,"d":"8,519.68"},12310101,"低值易耗品-生产"]
["库位: 040","JCCB","JCCB-VZMMN","滚珠螺杆;1R20-05T5 -1FSDC-306-455-0.018","C",15,"EA",910,{"v":13650,"d":"13,650.00"},12310101,"低值易耗品-生产"]
["库位: 040","JCCB","JCCB-WKKOB","机械零件;WKKOB","C",5,"EA",47.196,235.98,12310101,"低值易耗品-生产"]
["库位: 040","JCCB","JCCB-WXIWM","滚珠螺杆;1R25-05T5 -1FSDC-285-433-0.018","C",32,"EA",{"v":1030,"d":"1,030.00"},{"v":32960,"d":"32,960.00"},12310101,"低值易耗品-生产"]
["库位: 040","JCCB","JCCB1242","机械零件; TE-A-XGCQJ-013","C",1,"EA",49,49,12310101,"低值易耗品-生产"]
["库位: 040","JCCB","JCCB1246","机械零件; TE-A-XGCQJ-017","C",1,"EA",117.6,117.6,12310101,"低值易耗品-生产"]
["库位: 040","JCCB","JCCB2026","刮屑板（前） te-b-zpx-037","C",8,"EA",123,984,12310101,"低值易耗品-生产"]
["库位: 040","JCCB","JCCB205","机械零件; 3R-50-III-ZDT-059","C",5,"EA",245.73341,{"v":1228.67,"d":"1,228.67"},12310101,"低值易耗品-生产"]
["库位: 040","JCCB","JCCB2659","机械零件; 0003-P18-210","C",4,"EA",246.15384,984.62,12310101,"低值易耗品-生产"]
["库位: 040","JCCB","JCCB4773","传感器; HL-S-1t;衡力","B",2,"EA",444.4445,888.89,12310101,"低值易耗品-生产"]
["库位: 040","JCCB","JCCB4844","滚珠丝杆;上银; PG005-0893-000-11","B",2,"EA",{"v":1896.58,"d":"1,896.58"},{"v":3793.16,"d":"3,793.16"},12310101,"低值易耗品-生产"]
["库位: 040","JCCB","JCCB4897","超声波震板(上) 及发生器(HD-1024/6M)","B",1,"ST",{"v":8514.5,"d":"8,514.50"},{"v":8514.5,"d":"8,514.50"},12310101,"低值易耗品-生产"]
["库位: 040","JCCB","JCCB495","无油润滑链轮轴 DE-E-QX-012-003","C",18,"EA",350,{"v":6300,"d":"6,300.00"},12310101,"低值易耗品-生产"]
["库位: 040","JCCB","JCCB4964","过滤网;50×40×1.5;","B",{"v":300000,"d":"300,000.00"},"EA",0.06154,{"v":18462,"d":"18,462.00"},12310101,"低值易耗品-生产"]
["库位: 040","JCCC","JCCC004","行车夹线勾;8MM;塑料;力通","C",5,"EA",4.9,24.5,12310101,"低值易耗品-生产"]
["库位: 040","JCCC","JCCC022","单电控电磁阀;VK332-6G-M5","C",4,"EA",305,{"v":1220,"d":"1,220.00"},12310101,"低值易耗品-生产"]
["库位: 040","JCCC","JCCC027","三杆吊式喷砂叶片","C",24,"EA",123,{"v":2952,"d":"2,952.00"},12310101,"低值易耗品-生产"]
["库位: 040","JCCC","JCCC033","滚珠丝杆;19X190","C",1,"EA",123,123,12310101,"低值易耗品-生产"]
["库位: 040","JCCC","JCCC034","滚珠丝杆;25X200","C",1,"EA",123,123,12310101,"低值易耗品-生产"]
["库位: 040","JCCC","JCCC036","滚珠丝杆;31X440","C",2,"EA",123,246,12310101,"低值易耗品-生产"]
["库位: 040","JCCC","JCCC038","滚珠导轨;SC20UU","C",4,"EA",123,492,12310101,"低值易耗品-生产"]
["库位: 040","JCCC","JCCC039","滚珠导轨;SC25UU","C",4,"EA",123,492,12310101,"低值易耗品-生产"]
["库位: 040","JCCC","JCCC140","伺服气缸膜片;SA4","C",1,"EA",196.58,196.58,12310101,"低值易耗品-生产"]
["库位: 040","JCCC","JCCC141","液压马达;012-1140","C",2,"EA",637.8039,{"v":1275.61,"d":"1,275.61"},12310101,"低值易耗品-生产"]
["库位: 040","JCCC","JCCC203","铜套;15件号 A-116钻孔可调多轴器","C",48,"EA",34.19,{"v":1641.12,"d":"1,641.12"},12310101,"低值易耗品-生产"]
["库位: 040","JCDA","JCDA007","超薄气缸; DA-25X20","C",2,"EA",55,110,12310101,"低值易耗品-生产"]
["库位: 040","JCDA","JCDA009","气缸;MAC-25X40","C",2,"EA",195.72649,391.45,12310101,"低值易耗品-生产"]
["库位: 040","JCDA","JCDA011","气缸;32X110-32X120","C",1,"EA",123,123,12310101,"低值易耗品-生产"]
["库位: 040","JCDA","JCDA013","气缸;XGBK232×160LB","C",1,"EA",413.67521,413.68,12310101,"低值易耗品-生产"]
["库位: 040","JCDA","JCDA016","气缸;XGBK1-32×60TC","C",2,"EA",123,246,12310101,"低值易耗品-生产"]
["库位: 040","JCDA","JCDA017","无杆气缸;M46032 M/690","C",1,"EA",{"v":2279.7025,"d":"2,279.70"},{"v":2279.7,"d":"2,279.70"},12310101,"低值易耗品-生产"]
["库位: 040","JCDA","JCDA025","气缸;40X140-40X240","C",1,"EA",123,123,12310101,"低值易耗品-生产"]
["库位: 040","JCDA","JCDA027","气缸;40X200-40X400","C",1,"EA",80.75,80.75,12310101,"低值易耗品-生产"]
["库位: 040","JCDA","JCDA028","气缸;40X300","C",4,"EA",123,492,12310101,"低值易耗品-生产"]
["库位: 040","JCDA","JCDA029","气缸;40X300-40X380","C",1,"EA",129.76,129.76,12310101,"低值易耗品-生产"]
["库位: 040","JCDA","JCDA030","气缸;40X360","C",2,"EA",123,246,12310101,"低值易耗品-生产"]
["库位: 040","JCDA","JCDA031","气缸;40X50","C",2,"EA",495.72649,991.45,12310101,"低值易耗品-生产"]
["库位: 040","JCDA","JCDA035","气缸;50X125","C",3,"EA",121.8413,365.52,12310101,"低值易耗品-生产"]
["库位: 040","JCDA","JCDA036","气缸;63X360","C",1,"EA",123,123,12310101,"低值易耗品-生产"]
["库位: 040","JCDA","JCDA037","气缸;63X370","C",1,"EA",123,123,12310101,"低值易耗品-生产"]
["库位: 040","JCDA","JCDA038","气缸;63X50","C",54,"EA",452.99114,{"v":24461.52,"d":"24,461.52"},12310101,"低值易耗品-生产"]
["库位: 040","JCDA","JCDA041","气缸;CA1BN40-500","C",5,"EA",597.43589,{"v":2987.18,"d":"2,987.18"},12310101,"低值易耗品-生产"]
["库位: 040","JCDA","JCDA042","气缸;CA1BN40-600(LB)","C",13,"EA",629.91452,{"v":8188.89,"d":"8,188.89"},12310101,"低值易耗品-生产"]
["库位: 040","JCDA","JCDA043","气缸;CA1BN40-680-L04","C",63,"EA",870.08547,{"v":54815.38,"d":"54,815.38"},12310101,"低值易耗品-生产"]
["库位: 040","JCDA","JCDA045","气缸;CA1BN50-600","C",9,"EA",760.68376,{"v":6846.15,"d":"6,846.15"},12310101,"低值易耗品-生产"]
["库位: 040","JCDA","JCDA058","气缸;CDQ2B32X15D","C",4,"EA",123,492,12310101,"低值易耗品-生产"]
["库位: 040","JCDA","JCDA065","气缸;MAL-CA;20×50","C",22,"EA",158.41,{"v":3485.02,"d":"3,485.02"},12310101,"低值易耗品-生产"]
["库位: 040","JCDA","JCDA066","气缸;CM2B20-85","C",4,"EA",86.75,347,12310101,"低值易耗品-生产"]
["库位: 040","JCDA","JCDA079","气缸;CQ2B50-25D","C",33,"EA",304.9732,{"v":10064.12,"d":"10,064.12"},12310101,"低值易耗品-生产"]
["库位: 040","JCDA","JCDA080","短行程气缸 CQ2B50-30D;SMC","C",2,"EA",331.48704,662.97,12310101,"低值易耗品-生产"]
["库位: 040","JCDA","JCDA103","气缸;MBB32X175","C",1,"EA",378.63247,378.63,12310101,"低值易耗品-生产"]
["库位: 040","JCDA","JCDA110","气缸;MDBB40-100","C",37,"EA",435.897,{"v":16128.19,"d":"16,128.19"},12310101,"低值易耗品-生产"]
["库位: 040","JCDA","JCDA112","气缸;MGPM20-50","C",3,"EA",400,{"v":1200,"d":"1,200.00"},12310101,"低值易耗品-生产"]
["库位: 040","JCDA","JCDA118","气缸;MXS12-50","C",1,"EA",123,123,12310101,"低值易耗品-生产"]
["库位: 040","JCDA","JCDA121","气缸;SC×63×350×FA","C",2,"EA",117,234,12310101,"低值易耗品-生产"]
["库位: 040","JCDA","JCDA122","气缸;SC×63×35×FA","C",9,"EA",190,{"v":1710,"d":"1,710.00"},12310101,"低值易耗品-生产"]
["库位: 040","JCDA","JCDA129","薄型气缸;SDA63×10","C",3,"EA",133.056,399.17,12310101,"低值易耗品-生产"]
["库位: 040","JCDA","JCDA132","行程气缸;SDA80×75","C",2,"EA",185,370,12310101,"低值易耗品-生产"]
["库位: 040","JCDA","JCDA133","气缸;SDAS20×10","C",4,"EA",123,492,12310101,"低值易耗品-生产"]
["库位: 040","JCDA","JCDA138","气缸;XQGK240×70CA","C",4,"EA",299.14529,{"v":1196.58,"d":"1,196.58"},12310101,"低值易耗品-生产"]
["库位: 040","JCDA","JCDA146","回转摆动气缸 CRB1BW50×270S","C",28,"EA",696.61536,{"v":19505.23,"d":"19,505.23"},12310101,"低值易耗品-生产"]
["库位: 040","JCDA","JCDA154","气缸;CDQ2A50-50DCM","C",1,"EA",763.24786,763.25,12310101,"低值易耗品-生产"]
["库位: 040","JCDA","JCDA155","摆动气缸;CDRQBS40-180C","C",1,"EA",{"v":1744.44444,"d":"1,744.44"},{"v":1744.44,"d":"1,744.44"},12310101,"低值易耗品-生产"]
["库位: 040","JCDA","JCDA160","薄型气缸;CQ2B80-20D","C",2,"EA",648.17948,{"v":1296.36,"d":"1,296.36"},12310101,"低值易耗品-生产"]
["库位: 040","JCDA","JCDA163","气缸;DA25X10","C",7,"EA",108.0368,756.26,12310101,"低值易耗品-生产"]
["库位: 040","JCDA","JCDA171","气缸;MBB63-300-FA",null,14,"EA",688.889,{"v":9644.45,"d":"9,644.45"},12310101,"低值易耗品-生产"]
["库位: 040","JCDA","JCDA172","气缸;MBB63X80SMC","C",2,"EA",547.00854,{"v":1094.02,"d":"1,094.02"},12310101,"低值易耗品-生产"]
["库位: 040","JCDA","JCDA174","气缸;MDBB40-450","C",3,"EA",535.89743,{"v":1607.69,"d":"1,607.69"},12310101,"低值易耗品-生产"]
["库位: 040","JCDA","JCDA175","回转夹紧缸;MKA40-10R; DMC","C",2,"EA",730,{"v":1460,"d":"1,460.00"},12310101,"低值易耗品-生产"]
["库位: 040","JCDA","JCDA186","气缸;SU-32×100-F1","C",12,"EA",86,{"v":1032,"d":"1,032.00"},12310101,"低值易耗品-生产"]
["库位: 040","JCDA","JCDA187","气缸;SU-32×60-F1","C",37,"EA",182.1109,{"v":6738.1,"d":"6,738.10"},12310101,"低值易耗品-生产"]
["库位: 040","JCDA","JCDA189","气缸;XQGB32×55","C",5,"EA",160,800,12310101,"低值易耗品-生产"]
["库位: 040","JCDA","JCDA201","气缸;MBB40*580L","C",2,"EA",337.2292,674.46,12310101,"低值易耗品-生产"]
["库位: 040","JCDA","JCDA208","自动门气缸 CAIBL40-580-L04","C",91,"EA",337.2292,{"v":30687.86,"d":"30,687.86"},12310101,"低值易耗品-生产"]
["库位: 040","JCDA","JCDA210","气缸;CDM2B-25-50","C",1,"EA",150.4802,150.48,12310101,"低值易耗品-生产"]
["库位: 040","JCDA","JCDA225","空压转角缸;ASC-40SL×90 DMC","C",2,"EA",495,990,12310101,"低值易耗品-生产"]
["库位: 040","JCDA","JCDA242","薄型汽缸;DA32×10","C",13,"EA",80.095,{"v":1041.24,"d":"1,041.24"},12310101,"低值易耗品-生产"]
["库位: 040","JCDA","JCDA243","薄型汽缸;DA40×10","C",22,"EA",104.139,{"v":2291.06,"d":"2,291.06"},12310101,"低值易耗品-生产"]
["库位: 040","JCDA","JCDA246","薄型汽缸;DA63×10","C",10,"EA",747.7742,{"v":7477.74,"d":"7,477.74"},12310101,"低值易耗品-生产"]
["库位: 040","JCDA","JCDA249","超薄气缸;DA32×60","C",13,"EA",117.2931,{"v":1524.81,"d":"1,524.81"},12310101,"低值易耗品-生产"]
["库位: 040","JCDA","JCDA256","气缸;DA40×50","C",3,"EA",131.1885,393.57,12310101,"低值易耗品-生产"]
["库位: 040","JCDA","JCDA259","气缸;DA25×5","C",27,"EA",69.6482,{"v":1880.5,"d":"1,880.50"},12310101,"低值易耗品-生产"]
["库位: 040","JCDA","JCDA264","气缸;DA40×30","C",3,"EA",116.5618,349.69,12310101,"低值易耗品-生产"]
["库位: 040","JCDA","JCDA267","空压转角缸;ASC-25SL×45","C",5,"EA",520.5284,{"v":2602.64,"d":"2,602.64"},12310101,"低值易耗品-生产"]
["库位: 040","JCDA","JCDA268","空压转角缸;ASC-25SR×45","C",5,"EA",520.5284,{"v":2602.64,"d":"2,602.64"},12310101,"低值易耗品-生产"]
["库位: 040","JCDA","JCDA269","气缸;DA20×100","C",6,"EA",131.2336,787.4,12310101,"低值易耗品-生产"]
["库位: 040","JCDA","JCDA273","气缸;DMA-U-40×125FA;DMC","C",1,"EA",179.0321,179.03,12310101,"低值易耗品-生产"]
["库位: 040","JCDA","JCDA292","气缸; MBB-50B500-F1;DMC","B",1,"EA",256,256,12310101,"低值易耗品-生产"]
["库位: 040","JCDA","JCDA297","气缸;SU-50×80-F1;DMC","B",19,"EA",109,{"v":2071,"d":"2,071.00"},12310101,"低值易耗品-生产"]
["库位: 040","JCDA","JCDA306","气缸;MBB80×50-FA","B",17,"EA",161.568,{"v":2746.66,"d":"2,746.66"},12310101,"低值易耗品-生产"]
["库位: 040","JCDA","JCDA317","气缸;MSI-100×50-LB; DMC","B",2,"EA",255,510,12310101,"低值易耗品-生产"]
["库位: 040","JCDA","JCDA321","超薄气缸;DA-40×25","C",2,"EA",86.4,172.8,12310101,"低值易耗品-生产"]
["库位: 040","JCDA","JCDA333","气缸;DAS-40×20; DMC","B",2,"EA",66,132,12310101,"低值易耗品-生产"]
["库位: 040","JCDA","JCDA337","超薄气缸;DA-32×50-B; DMC","B",3,"EA",109.44,328.32,12310101,"低值易耗品-生产"]
["库位: 040","JCDA","JCDA351","气缸;MSI-80×100;DMC","B",4,"EA",280.8123,{"v":1123.25,"d":"1,123.25"},12310101,"低值易耗品-生产"]
["库位: 040","JCDA","JCDA360","超薄气缸;DA-32×60-B;DMC","B",1,"EA",82.4695,82.47,12310101,"低值易耗品-生产"]
["库位: 040","JCDA","JCDA375","气缸; MBB-50B1000-F1;DMC                        B",null,"1.0 E","A",280,280,12310101,"低值易耗品-生产"]
["库位: 040","JCDA","JCDA384","气缸;MBB-40×60-S-F2;DMC 带开关DC24V和固定架各1件","B",3,"EA",135,405,12310101,"低值易耗品-生产"]
["库位: 040","JCDA","JCDA389","气缸;SU-32×75-S-P4;DMC; 带开关DC24V和固定架各2件","B",2,"EA",178,356,12310101,"低值易耗品-生产"]
["库位: 040","JCDA","JCDA392","气缸; DA-32×15-B;DMC","B",7,"EA",58.368,408.58,12310101,"低值易耗品-生产"]
["库位: 040","JCDA","JCDA453","气缸;SU80×50-S; 配感应开关及开关架;DMC","B",1,"EA",232.32,232.32,12310101,"低值易耗品-生产"]
["库位: 040","JCDA","JCDA454","气缸;ACQS50×50-B;亚德客 配感应开关及开关架","B",2,"EA",170,340,12310101,"低值易耗品-生产"]
["库位: 040","JCDA","JCDA461","气缸;CA1BN40-400; SMC","B",12,"EA",80,960,12310101,"低值易耗品-生产"]
["库位: 040","JCDA","JCDA462","气缸;SUJ-50×100-S-75-FA 亚德客","B",3,"EA",210,630,12310101,"低值易耗品-生产"]
["库位: 040","JCDA","JCDA471","滑台气缸;STM-25×25-SD2; 气立可","B",4,"EA",650,{"v":2600,"d":"2,600.00"},12310101,"低值易耗品-生产"]
["库位: 040","JCDB","JCDB001","手控阀阀体;FESTO SV-3-M5","C",21,"EA",325.89743,{"v":6843.85,"d":"6,843.85"},12310101,"低值易耗品-生产"]
["库位: 040","JCDB","JCDB024","气动电磁阀 SY5220-4DZD-01","C",23,"EA",357.0051,{"v":8211.12,"d":"8,211.12"},12310101,"低值易耗品-生产"]
["库位: 040","JCDB","JCDB025","气动电磁阀; SY5220-4LZD-01;SMC","C",14,"EA",335.04273,{"v":4690.6,"d":"4,690.60"},12310101,"低值易耗品-生产"]
["库位: 040","JCDB","JCDB027","气动电磁阀 SY5420-4LZD-01","C",8,"EA",342.974,{"v":2743.79,"d":"2,743.79"},12310101,"低值易耗品-生产"]
["库位: 040","JCDB","JCDB028","电磁阀;SY5520-4LZD-01","C",1,"EA",387.179,387.18,12310101,"低值易耗品-生产"]
["库位: 040","JCDB","JCDB032","气动电磁阀 SY7220-4DZD-02","C",2,"EA",411.11111,822.22,12310101,"低值易耗品-生产"]
["库位: 040","JCDB","JCDB033","气动电磁阀 SY7420-4DZD-02","C",3,"EA",488.88888,{"v":1466.67,"d":"1,466.67"},12310101,"低值易耗品-生产"]
["库位: 040","JCDB","JCDB036","气动电磁阀 VF3530-4DZB-02","C",16,"EA",710,{"v":11360,"d":"11,360.00"},12310101,"低值易耗品-生产"]
["库位: 040","JCDB","JCDB038","气动电磁阀;VF5120-4D-03","C",5,"EA",123,615,12310101,"低值易耗品-生产"]
["库位: 040","JCDB","JCDB042","气动电磁阀;VFS4210-4DB","C",23,"EA",123,{"v":2829,"d":"2,829.00"},12310101,"低值易耗品-生产"]
["库位: 040","JCDB","JCDB047","气动电磁阀 VS4220-024 SMC","C",17,"EA",812,{"v":13804,"d":"13,804.00"},12310101,"低值易耗品-生产"]
["库位: 040","JCDB","JCDB048","电磁阀;VX3224A-02-4DZ","C",1,"EA",403,403,12310101,"低值易耗品-生产"]
["库位: 040","JCDB","JCDB054","与门气闸;ZK-PK-3","C",5,"EA",123,615,12310101,"低值易耗品-生产"]
["库位: 040","JCDB","JCDB058","气动单向节流阀;AS2000-01","C",36,"EA",53.2464,{"v":1916.87,"d":"1,916.87"},12310101,"低值易耗品-生产"]
["库位: 040","JCDB","JCDB063","气动单向节流阀 AS3201F-03-10S","C",14,"EA",73.50427,{"v":1029.06,"d":"1,029.06"},12310101,"低值易耗品-生产"]
["库位: 040","JCDB","JCDB064","手动换向阀;DRT-03-2B2-0","C",4,"EA",293.2428,{"v":1172.97,"d":"1,172.97"},12310101,"低值易耗品-生产"]
["库位: 040","JCDB","JCDB065","节流阀;GRLA-M5-B","C",4,"EA",123,492,12310101,"低值易耗品-生产"]
["库位: 040","JCDB","JCDB073","气阀线圈 配4V110-06AC220V","C",3,"EA",10.2359,30.71,12310101,"低值易耗品-生产"]
["库位: 040","JCDB","JCDB074","气压换向阀线圈; 4V210-08/220V;","C",50,"EA",11,550,12310101,"低值易耗品-生产"]
["库位: 040","JCDB","JCDB078","减压阀;AR2000","C",6,"EA",55,330,12310101,"低值易耗品-生产"]
["库位: 040","JCDB","JCDB125","气动机械换向阀 MSV86-32-1-PP","C",6,"EA",90.1797,541.08,12310101,"低值易耗品-生产"]
["库位: 040","JCDB","JCDB240","二位二通直动式电磁阀; DWU-50-AC220V-V;DMC","B",1,"EA",395,395,12310101,"低值易耗品-生产"]
["库位: 040","JCDB","JCDB253","气动电磁阀;4V210-08; AC220V;亚德客;","B",21,"EA",47,987,12310101,"低值易耗品-生产"]
["库位: 040","JCDB","JCDB254","气动电磁阀;4V220-08; AC220V;亚德客;","B",19,"EA",51,969,12310101,"低值易耗品-生产"]
["库位: 040","JCDB","JCDB255","气动电磁阀;4V310-10; AC220V;亚德客;","B",13,"EA",51,663,12310101,"低值易耗品-生产"]
["库位: 040","JCDB","JCDB256","气动电磁阀;4V320-10; AC220V;亚德客;","B",14,"EA",75,{"v":1050,"d":"1,050.00"},12310101,"低值易耗品-生产"]
["库位: 040","JCDB","JCDB257","气动电磁阀;4V330C-10; AC220V;亚德客;","B",9,"EA",105,945,12310101,"低值易耗品-生产"]
["库位: 040","JCDC","JCDC006","金属消声器;AN200-02","C",30,"EA",24.61536,738.46,12310101,"低值易耗品-生产"]
["库位: 040","JCDC","JCDC009","消声器;G1/4","C",6,"EA",1.5,9,12310101,"低值易耗品-生产"]
["库位: 040","JCDC","JCDC010","消音器;AN101-02(SMC)","C",27,"EA",17.232,465.26,12310101,"低值易耗品-生产"]
["库位: 040","JCDD","JCDD015","汇流板;200M-4F;DMC","B",2,"EA",37.8,75.6,12310101,"低值易耗品-生产"]
["库位: 040","JCDE","JCDE013","油雾分离器;AM150-03D-T","C",1,"EA",545.29914,545.3,12310101,"低值易耗品-生产"]
["库位: 040","JCDE","JCDE034","二点式组合;AFC-200-A; 康尼森","B",8,"EA",90,720,12310101,"低值易耗品-生产"]
["库位: 040","JCDE","JCDE048","滤源处理器;GC600-20-F1; 亚德客","B",1,"EA",444.4,444.4,12310101,"低值易耗品-生产"]
["库位: 040","JCDF","JCDF003","空气滤清器;HS-1163; 油田油压","C",1,"EA",17.09,17.09,12310101,"低值易耗品-生产"]
["库位: 040","JCDG","JCDG003","气缸限流器 ASS2201FM-02-08S","C",7,"EA",78.63247,550.43,12310101,"低值易耗品-生产"]
["库位: 040","JCEA","JCEA004","转角油缸;HSC-25SL×90 DMC","C",1,"EA",530,530,12310101,"低值易耗品-生产"]
["库位: 040","JCEA","JCEA016","油缸;MOB-FA-40×30","C",2,"EA",292.5094,585.02,12310101,"低值易耗品-生产"]
["库位: 040","JCEA","JCEA019","油缸;30X100","C",17,"EA",217.09401,{"v":3690.6,"d":"3,690.60"},12310101,"低值易耗品-生产"]
["库位: 040","JCEA","JCEA023","油缸;30X50","C",124,"EA",208.9359,{"v":25908.05,"d":"25,908.05"},12310101,"低值易耗品-生产"]
["库位: 040","JCEA","JCEA029","油缸;40X110","C",3,"EA",253.8461,761.54,12310101,"低值易耗品-生产"]
["库位: 040","JCEA","JCEA031","油缸;ROB40X110FB","C",9,"EA",394.4119,{"v":3549.71,"d":"3,549.71"},12310101,"低值易耗品-生产"]
["库位: 040","JCEA","JCEA033","油缸;40-150","C",16,"EA",329.8981,{"v":5278.37,"d":"5,278.37"},12310101,"低值易耗品-生产"]
["库位: 040","JCEA","JCEA034","非标油缸;40X180",null,7,"EA",202.99145,{"v":1420.94,"d":"1,420.94"},12310101,"低值易耗品-生产"]
["库位: 040","JCEA","JCEA035","油缸;40X200","C",1,"EA",335.1767,335.18,12310101,"低值易耗品-生产"]
["库位: 040","JCEA","JCEA037","油缸;40X60","C",42,"EA",168.6146,{"v":7081.81,"d":"7,081.81"},12310101,"低值易耗品-生产"]
["库位: 040","JCEA","JCEA038","油缸;40X80","C",48,"EA",212.1112,{"v":10181.34,"d":"10,181.34"},12310101,"低值易耗品-生产"]
["库位: 040","JCEA","JCEA043","油缸;50X150","C",1,"EA",162.39316,162.39,12310101,"低值易耗品-生产"]
["库位: 040","JCEA","JCEA044","油缸;MOB-FA-φ50×180; 油田油压","C",4,"EA",123,492,12310101,"低值易耗品-生产"]
["库位: 040","JCEA","JCEA045","油缸;50X20","C",7,"EA",187.17948,{"v":1310.26,"d":"1,310.26"},12310101,"低值易耗品-生产"]
["库位: 040","JCEA","JCEA046","油缸;50X20X25","C",2,"EA",123,246,12310101,"低值易耗品-生产"]
["库位: 040","JCEA","JCEA047","油缸;50X200","C",1,"EA",234.4261,234.43,12310101,"低值易耗品-生产"]
["库位: 040","JCEA","JCEA048","中座油缸;50X240","C",76,"EA",357.6923,{"v":27184.61,"d":"27,184.61"},12310101,"低值易耗品-生产"]
["库位: 040","JCEA","JCEA063","双出轴油缸;FA40X30","C",74,"EA",307.9049,{"v":22784.96,"d":"22,784.96"},12310101,"低值易耗品-生产"]
["库位: 040","JCEA","JCEA064","双出轴油缸;FA40X60","C",18,"EA",329.8981,{"v":5938.17,"d":"5,938.17"},12310101,"低值易耗品-生产"]
["库位: 040","JCEA","JCEA067","油缸;HCO-30-50","C",1,"EA",123,123,12310101,"低值易耗品-生产"]
["库位: 040","JCEA","JCEA073","油缸;HCO-FA-30X20","C",9,"EA",351.8913,{"v":3167.02,"d":"3,167.02"},12310101,"低值易耗品-生产"]
["库位: 040","JCEA","JCEA075","油缸;HCO-FA-30-150","C",3,"EA",299.14529,897.44,12310101,"低值易耗品-生产"]
["库位: 040","JCEA","JCEA076","油缸;HCO-FA-30-16-100","C",6,"EA",200.5781,{"v":1203.47,"d":"1,203.47"},12310101,"低值易耗品-生产"]
["库位: 040","JCEA","JCEA084","油缸;HCO-FA-32-15","C",7,"EA",99.245,694.72,12310101,"低值易耗品-生产"]
["库位: 040","JCEA","JCEA087","油缸;HCO-FA-40-20-110","C",20,"EA",358.97435,{"v":7179.49,"d":"7,179.49"},12310101,"低值易耗品-生产"]
["库位: 040","JCEA","JCEA093","油缸;HCO-FA-50-20-100","C",9,"EA",186.6494,{"v":1679.84,"d":"1,679.84"},12310101,"低值易耗品-生产"]
["库位: 040","JCEA","JCEA100","油缸;HCO-FB-32-16-250","C",63,"EA",307.9049,{"v":19398.01,"d":"19,398.01"},12310101,"低值易耗品-生产"]
["库位: 040","JCEA","JCEA103","油缸;HCO-LB-40-20-110","C",36,"EA",205.1282,{"v":7384.62,"d":"7,384.62"},12310101,"低值易耗品-生产"]
["库位: 040","JCEA","JCEA104","油缸;HCO-LB-50-20-110","C",79,"EA",125.3616,{"v":9903.57,"d":"9,903.57"},12310101,"低值易耗品-生产"]
["库位: 040","JCEA","JCEA105","油缸;HCO-LB-50-20-140","C",1,"EA",305.9829,305.98,12310101,"低值易耗品-生产"]
["库位: 040","JCEA","JCEA106","油缸;HCO-LB-50-20-145","C",19,"EA",273.50427,{"v":5196.58,"d":"5,196.58"},12310101,"低值易耗品-生产"]
["库位: 040","JCEA","JCEA110","油压旋转缸;H4C-80","C",6,"EA",123,738,12310101,"低值易耗品-生产"]
["库位: 040","JCEA","JCEA113","油缸;HOB-100-60","C",1,"EA",735.04273,735.04,12310101,"低值易耗品-生产"]
["库位: 040","JCEA","JCEA114","油缸;HOB-100-650-55","C",3,"EA",{"v":2136.75213,"d":"2,136.75"},{"v":6410.26,"d":"6,410.26"},12310101,"低值易耗品-生产"]
["库位: 040","JCEA","JCEA117","油缸;HOB-FA-100X120","C",3,"EA",669.5198,{"v":2008.56,"d":"2,008.56"},12310101,"低值易耗品-生产"]
["库位: 040","JCEA","JCEA126","油缸;MOB-FA-30×100","C",5,"EA",158.304,791.52,12310101,"低值易耗品-生产"]
["库位: 040","JCEA","JCEA130","油缸;MOB40X100","C",178,"EA",239.2244,{"v":42581.94,"d":"42,581.94"},12310101,"低值易耗品-生产"]
["库位: 040","JCEA","JCEA136","油缸;MOB-FA-50×90","C",114,"EA",162.393,{"v":18512.8,"d":"18,512.80"},12310101,"低值易耗品-生产"]
["库位: 040","JCEA","JCEA149","油缸HCO-FA-30-16-50","C",35,"EA",197.9389,{"v":6927.86,"d":"6,927.86"},12310101,"低值易耗品-生产"]
["库位: 040","JCEA","JCEA152","油缸;HCO-FA-50-20-145","C",9,"EA",373.8845,{"v":3364.96,"d":"3,364.96"},12310101,"低值易耗品-生产"]
["库位: 040","JCEA","JCEA153","油缸;50-30-145FA","C",128,"EA",373.8845,{"v":47857.22,"d":"47,857.22"},12310101,"低值易耗品-生产"]
["库位: 040","JCEA","JCEA154","液压缸;HCO-FA-63-25-300","C",2,"EA",456.7273,913.45,12310101,"低值易耗品-生产"]
["库位: 040","JCEA","JCEA160","油缸;MOB-FA-40×60","C",48,"EA",285.906,{"v":13723.49,"d":"13,723.49"},12310101,"低值易耗品-生产"]
["库位: 040","JCEA","JCEA162","油缸;MOB-FB-50×200","C",34,"EA",170,{"v":5780,"d":"5,780.00"},12310101,"低值易耗品-生产"]
["库位: 040","JCEA","JCEA165","非标油缸;30*40","C",19,"EA",243.2017,{"v":4620.83,"d":"4,620.83"},12310101,"低值易耗品-生产"]
["库位: 040","jcea","jcea166","油缸;50*160","C",7,"EA",260.2542,{"v":1821.78,"d":"1,821.78"},12310101,"低值易耗品-生产"]
["库位: 040","JCEA","JCEA168","油缸;MOB-FA-50×150; 油田油压","C",14,"EA",139.2902,{"v":1950.06,"d":"1,950.06"},12310101,"低值易耗品-生产"]
["库位: 040","JCEA","JCEA171","油缸;MOB-FA-63×500-100","C",1,"EA",568.4,568.4,12310101,"低值易耗品-生产"]
["库位: 040","JCEA","JCEA177","转角油缸;HSC-63SL×90","C",3,"EA",950,{"v":2850,"d":"2,850.00"},12310101,"低值易耗品-生产"]
["库位: 040","JCEA","JCEA179","薄型油缸;HTB-SD40×35-W","C",4,"EA",370,{"v":1480,"d":"1,480.00"},12310101,"低值易耗品-生产"]
["库位: 040","JCEA","JCEA182","油缸;HCB 32/20 Z","C",18,"EA",344.5602,{"v":6202.08,"d":"6,202.08"},12310101,"低值易耗品-生产"]
["库位: 040","JCEA","JCEA188","油缸;MOB-FA-40×40","C",6,"EA",168.6146,{"v":1011.69,"d":"1,011.69"},12310101,"低值易耗品-生产"]
["库位: 040","JCEA","JCEA190","油缸;HCO-FB-32-16-270","C",1,"EA",365.0876,365.09,12310101,"低值易耗品-生产"]
["库位: 040","JCEA","JCEA193","油缸;MOB-LB-30×450","C",4,"EA",370.4119,{"v":1481.65,"d":"1,481.65"},12310101,"低值易耗品-生产"]
["库位: 040","JCEA","JCEA209","油缸;MOB-LB-φ30×320","C",2,"EA",315.236,630.47,12310101,"低值易耗品-生产"]
["库位: 040","JCEA","JCEA212","转角油缸;HSC-25SL×60","C",5,"EA",926.0307,{"v":4630.15,"d":"4,630.15"},12310101,"低值易耗品-生产"]
["库位: 040","JCEA","JCEA216","薄型油缸;HCB50/60","C",6,"EA",607.0153,{"v":3642.09,"d":"3,642.09"},12310101,"低值易耗品-生产"]
["库位: 040","JCEA","JCEA219","双轴油缸;MOD-φ50×100","C",1,"EA",187.6726,187.67,12310101,"低值易耗品-生产"]
["库位: 040","JCEA","JCEA220","油缸;MOB-FB-φ30×300","C",13,"EA",180,{"v":2340,"d":"2,340.00"},12310101,"低值易耗品-生产"]
["库位: 040","JCEA","JCEA222","油缸;MOB-FA-φ63×50","C",2,"EA",536.6358,{"v":1073.27,"d":"1,073.27"},12310101,"低值易耗品-生产"]
["库位: 040","JCEA","JCEA227","油缸;MOB-FA-Φ50×360","C",2,"EA",351.8885,703.78,12310101,"低值易耗品-生产"]
["库位: 040","JCEA","JCEA230","油缸;MOB-FA-φ40×120","C",2,"EA",216.0772,432.15,12310101,"低值易耗品-生产"]
["库位: 040","JCEA","JCEA253","油缸;MOB-FA-Φ50×100","B",51,"EA",190.08,{"v":9694.08,"d":"9,694.08"},12310101,"低值易耗品-生产"]
["库位: 040","JCEA","JCEA261","油缸;MOB-FA-Φ63×400; 油田油压","B",1,"EA",361.152,361.15,12310101,"低值易耗品-生产"]
["库位: 040","JCEA","JCEA286","油缸;MOD-FA-φ50×95-10; 油田油压","B",2,"EA",184.9436,369.89,12310101,"低值易耗品-生产"]
["库位: 040","JCEA","JCEA287","油缸;MOD-FA-φ50×95-45; 油田油压","B",4,"EA",222.72,890.88,12310101,"低值易耗品-生产"]
["库位: 040","JCEA","JCEA323","油缸;MOB-FA-φ50×350; 油田油压","B",4,"EA",283.2,{"v":1132.8,"d":"1,132.80"},12310101,"低值易耗品-生产"]
["库位: 040","JCEA","JCEA421","非标油缸;TKUDN;M14×1.5; MOD-FA-φ40×70-56;油田;","B",26,"EA",187,{"v":4862,"d":"4,862.00"},12310101,"低值易耗品-生产"]
["库位: 040","JCEA","JCEA425","液压阻尼器;R-2440A; 速成","B",4,"EA",{"v":2150,"d":"2,150.00"},{"v":8600,"d":"8,600.00"},12310101,"低值易耗品-生产"]
["库位: 040","JCEA","JCEA427","液压阻尼器;RB-2460; 速成","B",4,"EA",{"v":1170,"d":"1,170.00"},{"v":4680,"d":"4,680.00"},12310101,"低值易耗品-生产"]
["库位: 040","JCEA","JCEA428","液压阻尼器;RB-2430; 速成","B",4,"EA",890,{"v":3560,"d":"3,560.00"},12310101,"低值易耗品-生产"]
["库位: 040","JCEB","JCEB005","油路板;MMC-02-A-2","C",9,"EA",306.92307,{"v":2762.31,"d":"2,762.31"},12310101,"低值易耗品-生产"]
["库位: 040","JCEB","JCEB015","油路板;YL-03F-3","C",207,"EA",313.4039,{"v":64874.61,"d":"64,874.61"},12310101,"低值易耗品-生产"]
["库位: 040","JCEB","JCEB016","油路板;YL-03F-1","C",212,"EA",124.57569,{"v":26410.05,"d":"26,410.05"},12310101,"低值易耗品-生产"]
["库位: 040","JCEB","JCEB017","油路板;YL-03F-2","C",30,"EA",184.9082,{"v":5547.25,"d":"5,547.25"},12310101,"低值易耗品-生产"]
["库位: 040","JCEB","JCEB021","油路板;YL-03F-6","C",8,"EA",{"v":1099.6613,"d":"1,099.66"},{"v":8797.29,"d":"8,797.29"},12310101,"低值易耗品-生产"]
["库位: 040","JCEB","JCEB031","油路板;MMC-04B-3 油田油压","B",8,"EA",{"v":1450,"d":"1,450.00"},{"v":11600,"d":"11,600.00"},12310101,"低值易耗品-生产"]
["库位: 040","JCEC","JCEC001","电磁调速阀;SDF-G06-A220","C",2,"EA",564.10256,{"v":1128.21,"d":"1,128.21"},12310101,"低值易耗品-生产"]
["库位: 040","JCEC","JCEC003","电磁阀;D4-02-2B2;油田","C",3,"EA",218.2564,654.77,12310101,"低值易耗品-生产"]
["库位: 040","JCEC","JCEC005","电磁阀;D4-02-2D2","C",35,"EA",123,{"v":4305,"d":"4,305.00"},12310101,"低值易耗品-生产"]
["库位: 040","JCEC","JCEC006","电磁阀; D4-03-2B2-A2-5-LED;DMC","C",59,"EA",306.8058,{"v":18101.54,"d":"18,101.54"},12310101,"低值易耗品-生产"]
["库位: 040","JCEC","JCEC009","电磁阀;D4-03-3C11","C",9,"EA",123,{"v":1107,"d":"1,107.00"},12310101,"低值易耗品-生产"]
["库位: 040","JCEC","JCEC010","电磁阀 D4-03-3C2-A2-5-LED","C",3,"EA",299,897,12310101,"低值易耗品-生产"]
["库位: 040","JCEC","JCEC014","液压电磁阀;D5-03-2B2-A25","C",198,"EA",356.27698,{"v":70542.84,"d":"70,542.84"},12310101,"低值易耗品-生产"]
["库位: 040","JCEC","JCEC016","液压电磁阀;D5-03-3C2","C",95,"EA",393.39785,{"v":37372.8,"d":"37,372.80"},12310101,"低值易耗品-生产"]
["库位: 040","JCEC","JCEC023","单向阀;CIT-08-A","C",25,"EA",76.92307,{"v":1923.08,"d":"1,923.08"},12310101,"低值易耗品-生产"]
["库位: 040","JCEC","JCEC024","液控单向阀;CPD-T10-A1-E","C",2,"EA",817.9912,{"v":1635.98,"d":"1,635.98"},12310101,"低值易耗品-生产"]
["库位: 040","JCEC","JCEC029","电磁换向阀;D4-03-3C2","C",14,"EA",355.1911,{"v":4972.68,"d":"4,972.68"},12310101,"低值易耗品-生产"]
["库位: 040","JCEC","JCEC035","液压单向调速阀 FKC-G03-MAL","C",55,"EA",535.1689,{"v":29434.29,"d":"29,434.29"},12310101,"低值易耗品-生产"]
["库位: 040","JCEC","JCEC036","液压单向调速阀 FKC-G03-MAR","C",56,"EA",476.5204,{"v":26685.14,"d":"26,685.14"},12310101,"低值易耗品-生产"]
["库位: 040","JCEC","JCEC040","电控调速阀 FSC-G03-2-220-01","C",13,"EA",641,{"v":8333,"d":"8,333.00"},12310101,"低值易耗品-生产"]
["库位: 040","JCEC","JCEC044","调速阀（精搪孔机） FPR-MGKS2-03-01","C",1,"EA",{"v":1016.23931,"d":"1,016.24"},{"v":1016.24,"d":"1,016.24"},12310101,"低值易耗品-生产"]
["库位: 040","JCEC","JCEC049","调速器(日本) HF2-PG2K-02A","C",1,"EA",{"v":2111.11111,"d":"2,111.11"},{"v":2111.11,"d":"2,111.11"},12310101,"低值易耗品-生产"]
["库位: 040","JCEC","JCEC052","单向阀;CIT-04","C",57,"EA",42.8868,{"v":2444.55,"d":"2,444.55"},12310101,"低值易耗品-生产"]
["库位: 040","JCEC","JCEC056","二位五通机控阀;K25C1-L6","C",8,"EA",106.3009,850.41,12310101,"低值易耗品-生产"]
["库位: 040","JCEC","JCEC057","液压单向节流阀;KC-03; 油田油压","C",4,"EA",74.5204,298.08,12310101,"低值易耗品-生产"]
["库位: 040","JCEC","JCEC063","减压阀;RCT-03-B","C",23,"EA",376.8763,{"v":8668.15,"d":"8,668.15"},12310101,"低值易耗品-生产"]
["库位: 040","JCEC","JCEC066","单向节流阀;SRT-03","C",8,"EA",123,984,12310101,"低值易耗品-生产"]
["库位: 040","JCEC","JCEC071","交流阀用电磁铁;MFJ1-4.5","C",3,"EA",123,369,12310101,"低值易耗品-生产"]
["库位: 040","JCEC","JCEC072","交流阀电磁铁;MFJ1-5.5","C",3,"EA",123,369,12310101,"低值易耗品-生产"]
["库位: 040","JCEC","JCEC073","水阀线圈;2W-025-08; DMC","C",1,"EA",7.6032,7.6,12310101,"低值易耗品-生产"]
["库位: 040","JCEC","JCEC085","电磁阀线圈;220V D5-3C4-3G","C",4,"EA",123,492,12310101,"低值易耗品-生产"]
["库位: 040","JCEC","JCEC093","叠加式减压阀;MRB-03B","C",5,"EA",123,615,12310101,"低值易耗品-生产"]
["库位: 040","JCEC","JCEC095","叠加式减压阀;MRP-03-A-M; 油田油压","C",40,"EA",250.7231,{"v":10028.92,"d":"10,028.92"},12310101,"低值易耗品-生产"]
["库位: 040","JCEC","JCEC097","管式减压阀;RCT-03-B","C",121,"EA",344.4137,{"v":41674.06,"d":"41,674.06"},12310101,"低值易耗品-生产"]
["库位: 040","JCEC","JCEC102","叠加电磁调速阀FMC-G0-03","C",28,"EA",{"v":1158.3105,"d":"1,158.31"},{"v":32432.69,"d":"32,432.69"},12310101,"低值易耗品-生产"]
["库位: 040","JCEC","JCEC106","单向阀;CIT-03","C",14,"EA",49.8516,697.92,12310101,"低值易耗品-生产"]
["库位: 040","JCEC","JCEC112","双电控电磁阀; D4-03-3C2-A2;","C",104,"EA",240,{"v":24960,"d":"24,960.00"},12310101,"低值易耗品-生产"]
["库位: 040","JCEC","JCEC115","电磁阀线圈;D4(小)","C",2,"EA",64.836,129.67,12310101,"低值易耗品-生产"]
["库位: 040","JCEC","JCEC116","电磁阀线圈;D5","C",6,"EA",51,306,12310101,"低值易耗品-生产"]
["库位: 040","JCEC","JCEC121","叠加式液控单向阀 PCVB-03-A","C",54,"EA",322.5671,{"v":17418.62,"d":"17,418.62"},12310101,"低值易耗品-生产"]
["库位: 040","JCEC","JCEC124","机械流量控制阀;VM13","C",13,"EA",104.3593,{"v":1356.67,"d":"1,356.67"},12310101,"低值易耗品-生产"]
["库位: 040","JCEC","JCEC143","叠加式液控单向阀 PCVW-03-A","C",13,"EA",228.096,{"v":2965.25,"d":"2,965.25"},12310101,"低值易耗品-生产"]
["库位: 040","JCEC","JCEC172","电磁阀;DSG-03-3C60-A2; 油田油压","B",1,"EA",399,399,12310101,"低值易耗品-生产"]
["库位: 040","JCEC","JCEC175","调速阀L; HFSC-G03-4-NO-A2(220V)","B",2,"EA",605,{"v":1210,"d":"1,210.00"},12310101,"低值易耗品-生产"]
["库位: 040","JCEC","JCEC176","调速阀R; HFSC-G03-4-NO-D2-F(220V)","B",1,"EA",628.20513,628.21,12310101,"低值易耗品-生产"]
["库位: 040","JCEC","JCEC185","电磁阀线圈; VIA021-AC220V HDX","B",4,"EA",34,136,12310101,"低值易耗品-生产"]
["库位: 040","JCEC","JCEC191","叠加式减压阀 BRVP-04-L-B;油田油压","B",30,"EA",{"v":1168.2,"d":"1,168.20"},{"v":35046,"d":"35,046.00"},12310101,"低值易耗品-生产"]
["库位: 040","JCEC","JCEC192","电磁方向阀 D4-04-3C2-A2;油田油压","B",15,"EA",632,{"v":9480,"d":"9,480.00"},12310101,"低值易耗品-生产"]
["库位: 040","JCEC","JCEC193","液控单向阀 PCVW-04-B;油田油压","B",20,"EA",890,{"v":17800,"d":"17,800.00"},12310101,"低值易耗品-生产"]
["库位: 040","JCEC","JCEC194","电磁调速阀 HFKCS-G03-6-Ac220V;HDX","B",8,"EA",981.15,{"v":7849.2,"d":"7,849.20"},12310101,"低值易耗品-生产"]
["库位: 040","JCEC","JCEC199","叠加式减压阀;BRVP-03-A-M 直动型","B",30,"EA",174.6,{"v":5238,"d":"5,238.00"},12310101,"低值易耗品-生产"]
["库位: 040","JCED","JCED003","过滤器杯;AF202D-02D","C",11,"EA",16.8888,185.78,12310101,"低值易耗品-生产"]
["库位: 040","JCED","JCED009","空气过滤器;AF911-20","C",1,"EA",{"v":2129.91453,"d":"2,129.91"},{"v":2129.91,"d":"2,129.91"},12310101,"低值易耗品-生产"]
["库位: 040","JCED","JCED027","油过滤器;SA-475A;复盛","C",2,"EA",117.6,235.2,12310101,"低值易耗品-生产"]
["库位: 040","JCED","JCED060","滤水杯 配475A空压机","B",1,"EA",555.56,555.56,12310101,"低值易耗品-生产"]
["库位: 040","JCED","JCED081","回油滤油器;SFW-04B","B",1,"EA",52,52,12310101,"低值易耗品-生产"]
["库位: 040","JCEE","JCEE001","缓冲器;AC2020","C",19,"EA",228.7848,{"v":4346.91,"d":"4,346.91"},12310101,"低值易耗品-生产"]
["库位: 040","JCEF","JCEF002","防震油压表;250KG; 台湾登胜","C",3,"EA",47.263,141.79,12310101,"低值易耗品-生产"]
["库位: 040","JCF0","JCF040","柴油泵;S-25","C",1,"EA",696.4525,696.45,12310101,"低值易耗品-生产"]
["库位: 040","JCF1","JCF119","立式管道离心泵ISG50-160A 2.2KW;上海海洋","B",2,"EA",865,{"v":1730,"d":"1,730.00"},12310101,"低值易耗品-生产"]
["库位: 040","JCF1","JCF129","电动润滑泵; RG5232-210X;润禾","B",4,"EA",550,{"v":2200,"d":"2,200.00"},12310101,"低值易耗品-生产"]
["库位: 040","JCF1","JCF148","机床冷却水泵;AB-100/370W 兴韬","B",1,"EA",435,435,12310101,"低值易耗品-生产"]
["库位: 040","JCG0","JCG007","油压电磁阀;DSG-02-3C2-A2","C",1,"EA",365.38461,365.38,12310101,"低值易耗品-生产"]
["库位: 040","JCG0","JCG012","电控溢流阀 SB-G-10-1PN-H-A2","C",2,"EA",724.78632,{"v":1449.57,"d":"1,449.57"},12310101,"低值易耗品-生产"]
["库位: 040","JCG0","JCG017","叠加式单向节流阀 TVCW-03-L-Y","C",4,"EA",211,844,12310101,"低值易耗品-生产"]
["库位: 040","JCG0","JCG032","水阀;2W-025-08","C",2,"EA",28.5,57,12310101,"低值易耗品-生产"]
["库位: 040","JCG0","JCG033","水阀;2W-040-10;","C",1,"EA",36,36,12310101,"低值易耗品-生产"]
["库位: 040","JCG0","JCG034","手动机械换向阀;4H310-10; 包括消声器;旭日","C",3,"ST",51,153,12310101,"低值易耗品-生产"]
["库位: 040","JCG0","JCG054","延时自闭冲水阀;8","C",2,"ST",83.905,167.81,12310101,"低值易耗品-生产"]
["库位: 040","JCG0","JCG058","球阀;φ20;铜","C",2,"EA",13.5,27,12310101,"低值易耗品-生产"]
["库位: 040","JCG0","JCG059","球阀;φ25;铜;矣美柯","C",3,"EA",34,102,12310101,"低值易耗品-生产"]
["库位: 040","JCG0","JCG061","球阀;3/8;铜;爱尔信","C",3,"EA",4.365,13.1,12310101,"低值易耗品-生产"]
["库位: 040","JCG0","JCG062","球阀;φ32;铜","C",2,"EA",31.04,62.08,12310101,"低值易耗品-生产"]
["库位: 040","JCG0","JCG063","球阀;φ40;铜;爱尔信","C",1,"EA",45,45,12310101,"低值易耗品-生产"]
["库位: 040","JCG0","JCG064","球阀;φ50;铜","C",3,"EA",67.9,203.7,12310101,"低值易耗品-生产"]
["库位: 040","JCG0","JCG066","球阀;G1/4;铜; 爱尔信","C",3,"EA",4.149,12.45,12310101,"低值易耗品-生产"]
["库位: 040","JCG0","JCG083","齿轮减速器 5IK40GN-C/5GN60K","C",2,"EA",723.07692,{"v":1446.15,"d":"1,446.15"},12310101,"低值易耗品-生产"]
["库位: 040","JCHA","JCHA040","万能管束;16MM","C",7,"EA",0.99359,6.96,12310101,"低值易耗品-生产"]
["库位: 040","JCHA","JCHA069","铜气管接头;15","C",4,"EA",2.39316,9.57,12310101,"低值易耗品-生产"]
["库位: 040","JCHA","JCHA070","变径直接;25×15","C",2,"EA",1.6,3.2,12310101,"低值易耗品-生产"]
["库位: 040","JCHA","JCHA074","补芯;15","C",1,"EA",123,123,12310101,"低值易耗品-生产"]
["库位: 040","JCHA","JCHA084","变径外牙弯头;13/16-5/8","C",10,"EA",123,{"v":1230,"d":"1,230.00"},12310101,"低值易耗品-生产"]
["库位: 040","JCHA","JCHA090","变径弯头;20×15","C",1,"EA",1.72937,1.73,12310101,"低值易耗品-生产"]
["库位: 040","JCHA","JCHA116","变径外牙直接头;13/16-3/4","C",3,"EA",123,369,12310101,"低值易耗品-生产"]
["库位: 040","JCHA","JCHA117","直接;φ15;水暖","C",1,"EA",0.8245,0.82,12310101,"低值易耗品-生产"]
["库位: 040","JCHA","JCHA141","内牙接头;13/16","C",11,"EA",123,{"v":1353,"d":"1,353.00"},12310101,"低值易耗品-生产"]
["库位: 040","JCHA","JCHA162","接头;1/4X5/16","C",35,"EA",5.47008,191.45,12310101,"低值易耗品-生产"]
["库位: 040","JCHA","JCHA183","塑料接头;φ8","C",980,"EA",0.44444,435.55,12310101,"低值易耗品-生产"]
["库位: 040","JCHA","JCHA222","堵头;φ25","C",20,"EA",0.67368,13.47,12310101,"低值易耗品-生产"]
["库位: 040","JCHA","JCHA225","堵头;φ50","C",2,"EA",2.87915,5.76,12310101,"低值易耗品-生产"]
["库位: 040","jcha","jcha264","不锈钢外直接;φ40","C",2,"EA",25.70112,51.4,12310101,"低值易耗品-生产"]
["库位: 040","JCHB","JCHB001","空气管套筒;13/16-3/4","C",7,"EA",2.56,17.92,12310101,"低值易耗品-生产"]
["库位: 040","JCHB","JCHB002","筒套;1/4","C",18,"EA",123,{"v":2214,"d":"2,214.00"},12310101,"低值易耗品-生产"]
["库位: 040","JCHB","JCHB014","钢管三通;89","C",1,"EA",123,123,12310101,"低值易耗品-生产"]
["库位: 040","JCHB","JCHB017","三通接头;φ6","C",9,"EA",2.68376,24.15,12310101,"低值易耗品-生产"]
["库位: 040","JCHB","JCHB018","三通接头;φ8","C",3,"EA",2.3765,7.13,12310101,"低值易耗品-生产"]
["库位: 040","JCHB","JCHB032","快插直通;1/8-8;","C",28,"EA",1.235,34.58,12310101,"低值易耗品-生产"]
["库位: 040","JCHB","JCHB038","快插直通;1/2-12;","C",27,"EA",3,81,12310101,"低值易耗品-生产"]
["库位: 040","JCHB","JCHB040","快插直通;1/4-10","C",27,"EA",4.472,120.74,12310101,"低值易耗品-生产"]
["库位: 040","JCHB","JCHB050","快插直通;3/8-8","C",10,"EA",2,20,12310101,"低值易耗品-生产"]
["库位: 040","JCHB","JCHB055","浮动接头;FC1010","C",2,"EA",31.35,62.7,12310101,"低值易耗品-生产"]
["库位: 040","JCHB","JCHB056","浮动接头;FC1012","C",1,"EA",57.1821,57.18,12310101,"低值易耗品-生产"]
["库位: 040","JCHB","JCHB057","浮动接头;DFC1014;","C",51,"EA",30,{"v":1530,"d":"1,530.00"},12310101,"低值易耗品-生产"]
["库位: 040","JCHB","JCHB059","浮动接头;FC1018;","C",8,"EA",94.87802,759.02,12310101,"低值易耗品-生产"]
["库位: 040","JCHB","JCHB065","铝盖直通;CK1/8-PK4","B",33,"EA",13.67521,451.28,12310101,"低值易耗品-生产"]
["库位: 040","JCHB","JCHB075","铝盖直通;CK3/8-PK6","C",21,"EA",17.09401,358.97,12310101,"低值易耗品-生产"]
["库位: 040","JCHB","JCHB082","拧盖弯头;GCK1/4-PK6","B",81,"EA",14.52991,{"v":1176.92,"d":"1,176.92"},12310101,"低值易耗品-生产"]
["库位: 040","JCHB","JCHB084","拧盖弯头;GCK1/8-PK4","B",53,"EA",14.52991,770.09,12310101,"低值易耗品-生产"]
["库位: 040","JCHC","JCHC006","铸造用油管三通;9586","C",7,"EA",123,861,12310101,"低值易耗品-生产"]
["库位: 040","JCHC","JCHC012","补心;G1/2-G3/8(钢)","C",25,"EA",4.32478,108.12,12310101,"低值易耗品-生产"]
["库位: 040","JCHC","JCHC013","补心;G1/4-G1/8(钢)","C",19,"EA",4.70085,89.32,12310101,"低值易耗品-生产"]
["库位: 040","JCHC","JCHC014","补心;G3/8-G1/4(钢)","C",22,"EA",3.78148,83.19,12310101,"低值易耗品-生产"]
["库位: 040","JCHC","JCHC019","弯头;1/2","C",12,"EA",11.5,138,12310101,"低值易耗品-生产"]
["库位: 040","JCHC","JCHC024","外牙弯头;13/16","C",16,"EA",123,{"v":1968,"d":"1,968.00"},12310101,"低值易耗品-生产"]
["库位: 040","JCHC","JCHC025","外牙弯头;5/8","C",15,"EA",123,{"v":1845,"d":"1,845.00"},12310101,"低值易耗品-生产"]
["库位: 040","JCHC","JCHC026","油管弯头;3/8-3/8;铸铁","C",7,"EA",4.75,33.25,12310101,"低值易耗品-生产"]
["库位: 040","JCHC","JCHC028","油管弯头;3/8-3/8;钢管","C",34,"EA",123,{"v":4182,"d":"4,182.00"},12310101,"低值易耗品-生产"]
["库位: 040","JCHC","JCHC035","快速接头;1/8-6","C",100,"EA",2.9344,293.44,12310101,"低值易耗品-生产"]
["库位: 040","JCHC","JCHC036","变径外牙直接头 11/16-13/16","C",3,"EA",123,369,12310101,"低值易耗品-生产"]
["库位: 040","JCHC","JCHC067","外牙管接头;1/2-1/2","C",30,"EA",2.0486,61.46,12310101,"低值易耗品-生产"]
["库位: 040","JCHC","JCHC069","外牙管接头;PT1/8-PT1/4","C",4,"EA",123,492,12310101,"低值易耗品-生产"]
["库位: 040","JCHC","JCHC077","直通卡套接头;1/8-6","C",35,"EA",2.137,74.8,12310101,"低值易耗品-生产"]
["库位: 040","JCHD","JCHD021","高压油管 OMB25 280KG-12X960JJ","C",1,"EA",119.5492,119.55,12310101,"低值易耗品-生产"]
["库位: 040","JCHD","JCHD036","高压油管;3/8X2000 H05C3/8*2000","C",23,"EA",83.2656,{"v":1915.11,"d":"1,915.11"},12310101,"低值易耗品-生产"]
["库位: 040","JCHD","JCHD057","高压油管;8II×300","C",31,"EA",20.41036,632.72,12310101,"低值易耗品-生产"]
["库位: 040","JCHD","JCHD061","高压油管;8II×650","C",50,"EA",30.4,{"v":1520,"d":"1,520.00"},12310101,"低值易耗品-生产"]
["库位: 040","JCHD","JCHD064","高压油管;8II×750","C",25,"EA",43.59,{"v":1089.75,"d":"1,089.75"},12310101,"低值易耗品-生产"]
["库位: 040","JCHD","JCHD065","高压油管;8II×800","C",428,"EA",36.73322,{"v":15721.82,"d":"15,721.82"},12310101,"低值易耗品-生产"]
["库位: 040","JCHD","JCHD067","高压油管;8II×850","C",68,"EA",49.402,{"v":3359.34,"d":"3,359.34"},12310101,"低值易耗品-生产"]
["库位: 040","JCHD","JCHD069","高压油管;8II×1000","C",25,"EA",50.73876,{"v":1268.47,"d":"1,268.47"},12310101,"低值易耗品-生产"]
["库位: 040","JCHD","JCHD075","高压油管;8II×1800","C",7,"EA",86.76311,607.34,12310101,"低值易耗品-生产"]
["库位: 040","JCHD","JCHD076","高压油管;8II×400","C",94,"EA",25.71732,{"v":2417.43,"d":"2,417.43"},12310101,"低值易耗品-生产"]
["库位: 040","JCHD","JCHD077","高压油管;8II×500","C",438,"EA",24.4992,{"v":10730.65,"d":"10,730.65"},12310101,"低值易耗品-生产"]
["库位: 040","JCHD","JCHD079","高压油管;8II×600","C",264,"EA",30.8352,{"v":8140.49,"d":"8,140.49"},12310101,"低值易耗品-生产"]
["库位: 040","JCHD","JCHD080","高压油管;8II×700","C",190,"EA",36.82304,{"v":6996.38,"d":"6,996.38"},12310101,"低值易耗品-生产"]
["库位: 040","JCHD","JCHD082","高压油管;8II×900","C",52,"EA",45.32878,{"v":2357.1,"d":"2,357.10"},12310101,"低值易耗品-生产"]
["库位: 040","JCHD","JCHD089","粒状水管;3/8-20粒;巨薪","C",3,"EA",17.1,51.3,12310101,"低值易耗品-生产"]
["库位: 040","JCHD","JCHD127","PU管;4×2.5","C",200,"M",0.75,150,12310101,"低值易耗品-生产"]
["库位: 040","jchd","jchd134","PU管;6×4","C",200,"M",0.82,164,12310101,"低值易耗品-生产"]
["库位: 040","JCHD","JCHD136","PU管;Φ8×6;","C",200,"M",1.3,260,12310101,"低值易耗品-生产"]
["库位: 040","JCHD","JCHD148","空气胶管","C",30,"M",1.934,58.02,12310101,"低值易耗品-生产"]
["库位: 040","JCHD","JCHD153","蛇皮金属管;Φ10","C",3,"M",2.048,6.14,12310101,"低值易耗品-生产"]
["库位: 040","JCHD","JCHD198","塑料软管(带钢丝) 外径28,内径25","C",100,"M",6.3,630,12310101,"低值易耗品-生产"]
["库位: 040","JCHD","JCHD210","高压软管;1\"×1000","C",2,"EA",108,216,12310101,"低值易耗品-生产"]
["库位: 040","JCHD","JCHD234","粒状水管;1/4×15粒","B",3,"EA",10.185,30.56,12310101,"低值易耗品-生产"]
["库位: 040","JCHD","JCHD254","热缩管;Φ10;永佳","B",200,"M",0.53,106,12310101,"低值易耗品-生产"]
["库位: 040","JCHD","JCHD255","热缩管;Φ15;永佳","B",100,"M",0.76,76,12310101,"低值易耗品-生产"]
["库位: 040","JCHD","JCHD275","高压油管;PT1/2×600; DMC","B",10,"EA",23.347,233.47,12310101,"低值易耗品-生产"]
["库位: 040","JDA1","JDA141","清洁剂;CITRIKIEEN(进口)","B",94.625,"L",73.54675,{"v":6959.36,"d":"6,959.36"},12310101,"低值易耗品-生产"]
["库位: 040","JDC0","JDC003","铁佛龙润滑剂;D-7409","B",25,"KG",606.84,{"v":15171,"d":"15,171.00"},12310101,"低值易耗品-生产"]
["库位: 040","JDC0","JDC029","N-甲基-2-呲咯烷酮; AR500ML","B",60,"瓶",22.41,{"v":1344.6,"d":"1,344.60"},12310101,"低值易耗品-生产"]
["库位: 040","JDD0","JDD004","氧气","B",4,"瓶",20.62,82.48,12310101,"低值易耗品-生产"]
["库位: 040","JDD0","JDD008","乙炔","B",16,"瓶",64.93,{"v":1038.88,"d":"1,038.88"},12310101,"低值易耗品-生产"]
["库位: 040","JDE0","JDE002","模具胶;乐泰319","B",1,"瓶",62.3932,62.39,12310101,"低值易耗品-生产"]
["库位: 040","JDE0","JDE006","乐泰固持胶;648","C",10,"瓶",76.274,762.74,12310101,"低值易耗品-生产"]
["库位: 040","JDE0","JDE007","除锈剂;469ML/瓶;WD-40","C",3,"瓶",48,144,12310101,"低值易耗品-生产"]
["库位: 040","JDE0","JDE008","清洗剂;乐泰7649","B",2,"瓶",83.761,167.52,12310101,"低值易耗品-生产"]
["库位: 040","JDE0","JDE029","502胶水","B",11,"瓶",1.1155,12.27,12310101,"低值易耗品-生产"]
["库位: 040","JDE0","JDE031","密封胶;609","C",5,"EA",6.9549,34.77,12310101,"低值易耗品-生产"]
["库位: 040","JDE1","JDE133","中性防霉密封胶; 793-A;(瓷白)","B",5,"EA",8.5,42.5,12310101,"低值易耗品-生产"]
["库位: 040","JDE1","JDE134","绝缘漆; 台鹏","B",5,"KG",23.504,117.52,12310101,"低值易耗品-生产"]
["库位: 040","JDE1","JDE138","AB胶;鹏宇强力AB胶","B",4,"EA",5.3,21.2,12310101,"低值易耗品-生产"]
["库位: 040","JDE1","JDE146","显像剂;日本;MARKTEC; UD-ST;18升/桶;","B",1,"桶",{"v":2948.276,"d":"2,948.28"},{"v":2948.28,"d":"2,948.28"},12310101,"低值易耗品-生产"]
["库位: 040","JE00","JE004","摩托车","C",1,"EA",{"v":3119.65812,"d":"3,119.66"},{"v":3119.66,"d":"3,119.66"},12310101,"低值易耗品-生产"]
["库位: 040","JFBA","JFBA009","主轴油;N2;18L","A",1,"桶",213.675,213.68,12310101,"低值易耗品-生产"]
["库位: 040","JFCB","JFCB016","半合成切削液;VP550; 富兰克;180KG;","A",9,"桶",{"v":2564,"d":"2,564.00"},{"v":23076,"d":"23,076.00"},12310101,"低值易耗品-生产"]
["库位: 040","JFCD","JFCD003","螺杆式空压机合成油;复盛","A",120,"L",37.608,{"v":4512.96,"d":"4,512.96"},12310101,"低值易耗品-生产"]
["库位: 040","JFCE","JFCE001","线切割油;20KG","B",40.5,"KG",13.095,530.35,12310101,"低值易耗品-生产"]
["库位: 040","JFCJ","JFCJ001","铝轧油;DH-5#;160KG","C",320,"KG",9.2,{"v":2944,"d":"2,944.00"},12310101,"低值易耗品-生产"]
["库位: 040","JGB0","JGB003","识别卡塑料袋;10X6旁开","C",{"v":4700,"d":"4,700.00"},"EA",0.547,{"v":2570.9,"d":"2,570.90"},12310101,"低值易耗品-生产"]
["库位: 040","JGB0","JGB047","活塞识别卡;QC-F204;黄色; 120g;97×60;带铁丝","B",{"v":5000,"d":"5,000.00"},"EA",0.03174,158.7,12310101,"低值易耗品-生产"]
["库位: 040","JGB0","JGB060","条码标签 20×10MM;50000张","C",5,"卷",46.15,230.75,12310101,"低值易耗品-生产"]
["库位: 040","JGB0","JGB068","条码标签 70×17MM;5000张","C",10,"卷",31.85,318.5,12310101,"低值易耗品-生产"]
["库位: 040","JGB0","JGB077","条码标签 125×85MM;1000张;不干胶","C",6,"卷",51.94,311.64,12310101,"低值易耗品-生产"]
["库位: 040","JGB0","JGB080","条码标签; 105×90MM;1000张;不干胶                B",null,9,"卷",43.58,392.22,12310101,"低值易耗品-生产"]
["库位: 040","JGB0","JGB081","条码标签; 40×20MM;8000张;不干胶                 B",null,5,"卷",37.24,186.2,12310101,"低值易耗品-生产"]
["库位: 040","JGB0","JGB082","印刷卡纸;40×40MM;1000张 (深绿色 STD)","B",2,"卷",52.14,104.28,12310101,"低值易耗品-生产"]
["库位: 040","JGB0","JGB083","印刷卡纸;40×40MM;1000张 (深兰色 0.25)","B",2,"卷",52.14,104.28,12310101,"低值易耗品-生产"]
["库位: 040","JGB0","JGB084","印刷卡纸;40×40MM;1000张 (粉红色 0.50)","B",21,"卷",52.14,{"v":1094.94,"d":"1,094.94"},12310101,"低值易耗品-生产"]
["库位: 040","JGB0","JGB085","印刷卡纸;40×40MM;1000张 (鲜绿色 0.75)","B",2,"卷",52.14,104.28,12310101,"低值易耗品-生产"]
["库位: 040","JGB0","JGB086","印刷卡纸;40×40MM;1000张 (橙色 1.00)","B",2,"卷",52.14,104.28,12310101,"低值易耗品-生产"]
["库位: 040","JGB0","JGB087","印刷卡纸;40×40MM;1000张 (牙黄色 1.25)","B",1,"卷",52.14,52.14,12310101,"低值易耗品-生产"]
["库位: 040","JGB0","JGB088","印刷卡纸;40×40MM;1000张 (天蓝色 1.50)","B",1,"卷",52.14,52.14,12310101,"低值易耗品-生产"]
["库位: 040","JGB0","JGB089","印刷卡纸;40×40MM;1000张 (深黄色 1.75)","B",1,"卷",52.14,52.14,12310101,"低值易耗品-生产"]
["库位: 040","JGB0","JGB090","印刷卡纸;40×40MM;1000张 (紫色 2.00)","B",1,"卷",52.14,52.14,12310101,"低值易耗品-生产"]
["库位: 040","JHC0","JHC001","油杯;10X1","C",115,"EA",1.91003,219.65,12310101,"低值易耗品-生产"]
["库位: 040","JJCB","JJCB001","钟罩","B",10,"EA",35,350,12310101,"低值易耗品-生产"]
["库位: 040","jjcc","jjcc001","清渣瓢","B",23,"EA",93.95901,{"v":2161.06,"d":"2,161.06"},12310101,"低值易耗品-生产"]
["库位: 040","JJCD","JJCD001","铝汤瓢;1#","B",16,"EA",46.116,737.86,12310101,"低值易耗品-生产"]
["库位: 040","JJCD","JJCD002","铝汤瓢;2#","B",20,"EA",9.3474,186.95,12310101,"低值易耗品-生产"]
["库位: 040","JJCD","JJCD003","铝汤瓢;3","B",24,"EA",9.8134,235.52,12310101,"低值易耗品-生产"]
["库位: 040","JJCD","JJCD004","铝汤瓢;4","B",28,"EA",8.1348,227.77,12310101,"低值易耗品-生产"]
["库位: 040","jjcd","jjcd005","带柄大铝汤瓢;不锈钢","B",31,"EA",185.2073,{"v":5741.43,"d":"5,741.43"},12310101,"低值易耗品-生产"]
["库位: 040","JJDA","JJDA001","尼龙棒;100X1000","C",6,"EA",185.16912,{"v":1111.01,"d":"1,111.01"},12310101,"低值易耗品-生产"]
["库位: 040","JJDA","JJDA007","尼龙棒;15X1000","C",11,"EA",9,99,12310101,"低值易耗品-生产"]
["库位: 040","JJDA","JJDA012","尼龙棒;20X1000","C",5,"EA",10.5,52.5,12310101,"低值易耗品-生产"]
["库位: 040","JJDA","JJDA014","尼龙棒;Φ25X1000","C",12,"EA",16.25875,195.11,12310101,"低值易耗品-生产"]
["库位: 040","JJDA","JJDA016","尼龙棒;30X1000","C",3,"EA",23.7456,71.24,12310101,"低值易耗品-生产"]
["库位: 040","JJDA","JJDA017","尼龙棒;Φ35X1000","C",2,"EA",31.61424,63.23,12310101,"低值易耗品-生产"]
["库位: 040","JJDA","JJDA019","尼龙棒;40X1000","C",3,"EA",41,123,12310101,"低值易耗品-生产"]
["库位: 040","JJDA","JJDA021","尼龙棒;60X1000","C",3,"EA",71,213,12310101,"低值易耗品-生产"]
["库位: 040","JJDA","JJDA024","尼龙棒;70X1000","C",3,"EA",80,240,12310101,"低值易耗品-生产"]
["库位: 040","JJDA","JJDA026","尼龙棒;80X1000","C",1,"EA",102.5,102.5,12310101,"低值易耗品-生产"]
["库位: 040","JJDA","JJDA035","尼龙棒;φ45","C",6,"M",48,288,12310101,"低值易耗品-生产"]
["库位: 040","JJDA","JJDA036","尼龙棒;φ50","C",7,"M",60,420,12310101,"低值易耗品-生产"]
["库位: 040","JJDA","JJDA045","尼龙棒;φ130","B",4,"M",272.78573,{"v":1091.14,"d":"1,091.14"},12310101,"低值易耗品-生产"]
["库位: 040","JJDA","JJDA046","尼龙棒;φ75","B",4,"M",87.5,350,12310101,"低值易耗品-生产"]
["库位: 040","JJDA","JJDA047","尼龙棒;φ85","B",9,"M",107,963,12310101,"低值易耗品-生产"]
["库位: 040","JJDA","JJDA048","尼龙棒;φ90","B",5,"M",140,700,12310101,"低值易耗品-生产"]
["库位: 040","JJDA","JJDA050","尼龙棒;φ110","B",4,"M",204.864,819.46,12310101,"低值易耗品-生产"]
["库位: 040","JJDA","JJDA051","尼龙棒;φ120","B",8,"M",224.00947,{"v":1792.08,"d":"1,792.08"},12310101,"低值易耗品-生产"]
["库位: 040","JJDB","JJDB005","胶木棒;35X500","B",6,"EA",18.49596,110.98,12310101,"低值易耗品-生产"]
["库位: 040","JJEA","JJEA001","镶硬质合金顶针;2#","C",1,"EA",16.084,16.08,12310101,"低值易耗品-生产"]
["库位: 040","JJEA","JJEA002","镶硬质合金顶针;3#","C",1,"EA",18.496,18.5,12310101,"低值易耗品-生产"]
["库位: 040","JJEA","JJEA005","呆顶针;5#","C",2,"EA",49.744,99.49,12310101,"低值易耗品-生产"]
["库位: 040","JJEA","JJEA7427","顶针;M4;台进;","B",50,"EA",391.90243,{"v":19595.12,"d":"19,595.12"},12310101,"低值易耗品-生产"]
["库位: 040","JJEC","JJEC033","盘丝;K11C-200; 环球牌","B",4,"EA",112.7,450.8,12310101,"低值易耗品-生产"]
["库位: 040","JJEC","JJEC034","C型滑座;K11C-200; 环球牌","B",4,"ST",123.48,493.92,12310101,"低值易耗品-生产"]
["库位: 040","JJEC","JJEC039","超薄型夹盘; SE-04;千岛","B",1,"EA",{"v":1794.8718,"d":"1,794.87"},{"v":1794.87,"d":"1,794.87"},12310101,"低值易耗品-生产"]
["库位: 040","JJEE","JJEE002","弹簧夹头;Φ16","C",2,"EA",70,140,12310101,"低值易耗品-生产"]
["库位: 040","JJEE","JJEE008","钻夹头;0-13M/M","B",2,"EA",24.817,49.63,12310101,"低值易耗品-生产"]
["库位: 040","JJEE","JJEE015","筒夹;ER16-1-2","C",4,"EA",52.95136,211.81,12310101,"低值易耗品-生产"]
["库位: 040","JJEE","JJEE016","筒夹;ER16-2-3","C",4,"EA",48.02,192.08,12310101,"低值易耗品-生产"]
["库位: 040","JJEE","JJEE018","筒夹;ER16-4-5","C",2,"EA",49,98,12310101,"低值易耗品-生产"]
["库位: 040","JJEE","JJEE019","筒夹;ER16-5-6","C",4,"EA",65.093,260.37,12310101,"低值易耗品-生产"]
["库位: 040","JJEE","JJEE021","肖油孔机钻夹头; C-6489 Φ1.5;米其林","C",14,"EA",129.5534,{"v":1813.75,"d":"1,813.75"},12310101,"低值易耗品-生产"]
["库位: 040","JJEE","JJEE022","肖油孔机钻夹头; C-6489 Φ2.0;米其林","C",5,"EA",100.842,504.21,12310101,"低值易耗品-生产"]
["库位: 040","JJEE","JJEE023","肖油孔机钻夹头; C-6489 Φ2.5;米其林","C",8,"EA",98.82516,790.6,12310101,"低值易耗品-生产"]
["库位: 040","JJEE","JJEE024","肖油孔机钻夹头; C-6489 Φ3.0;米其林","C",4,"EA",98.82516,395.3,12310101,"低值易耗品-生产"]
["库位: 040","JJEE","JJEE025","肖油孔机钻夹头; C-6489 Φ3.5;米其林","C",2,"EA",98.82516,197.65,12310101,"低值易耗品-生产"]
["库位: 040","JJEE","JJEE026","肖油孔机钻夹头; C-6489 Φ4.0;米其林","C",3,"EA",98.82516,296.48,12310101,"低值易耗品-生产"]
["库位: 040","JJEE","JJEE038","夹头;10","C",1,"EA",123,123,12310101,"低值易耗品-生产"]
["库位: 040","JJEE","JJEE039","夹头;16","C",2,"EA",188.03418,376.07,12310101,"低值易耗品-生产"]
["库位: 040","JJEE","JJEE041","夹头;25","C",4,"EA",123,492,12310101,"低值易耗品-生产"]
["库位: 040","JJEE","JJEE042","夹头;32","C",1,"EA",123,123,12310101,"低值易耗品-生产"]
["库位: 040","JJEE","JJEE050","筒夹;ER16-10","C",3,"EA",56.395,169.19,12310101,"低值易耗品-生产"]
["库位: 040","JJEE","JJEE066","弹性筒夹;ER25-16","C",1,"EA",54,54,12310101,"低值易耗品-生产"]
["库位: 040","JJEE","JJEE067","弹性筒夹;ER25-3","C",1,"EA",119.65811,119.66,12310101,"低值易耗品-生产"]
["库位: 040","JJEE","JJEE068","弹性筒夹;ER25-7","C",1,"EA",119.65811,119.66,12310101,"低值易耗品-生产"]
["库位: 040","JJEE","JJEE095","六角筒夹;C-6489 Φ5.0","C",12,"EA",129.01,{"v":1548.12,"d":"1,548.12"},12310101,"低值易耗品-生产"]
["库位: 040","JJEE","JJEE097","筒夹;ER20-10","C",23,"EA",50,{"v":1150,"d":"1,150.00"},12310101,"低值易耗品-生产"]
["库位: 040","JJEE","JJEE100","钻夹头;0.6-6","C",5,"EA",123,615,12310101,"低值易耗品-生产"]
["库位: 040","JJEE","JJEE119","筒夹;ER16-9-10","C",1,"EA",56.3941,56.39,12310101,"低值易耗品-生产"]
["库位: 040","JJEF","JJEF002","铣刀套","C",1,"ST",68.37606,68.38,12310101,"低值易耗品-生产"]
["库位: 040","JJEF","JJEF005","铣刀套;12","C",3,"EA",59.8878,179.66,12310101,"低值易耗品-生产"]
["库位: 040","JJEF","JJEF006","铣刀套;14","C",3,"EA",69.061,207.18,12310101,"低值易耗品-生产"]
["库位: 040","JJEF","JJEF007","铣刀套;18","C",1,"EA",94,94,12310101,"低值易耗品-生产"]
["库位: 040","JJEF","JJEF011","铣刀套;3","C",1,"EA",94,94,12310101,"低值易耗品-生产"]
["库位: 040","JJEF","JJEF012","铣刀套;3-1","C",1,"EA",94,94,12310101,"低值易耗品-生产"]
["库位: 040","JJEF","JJEF013","铣刀套;4","C",3,"EA",71.19658,213.59,12310101,"低值易耗品-生产"]
["库位: 040","JJEF","JJEF014","铣刀套;5","C",4,"EA",71.19658,284.79,12310101,"低值易耗品-生产"]
["库位: 040","JJEF","JJEF017","铣刀套;8","C",7,"EA",68.37606,478.63,12310101,"低值易耗品-生产"]
["库位: 040","JJEF","JJEF024","莫氏锥套;4#","C",1,"EA",142.5,142.5,12310101,"低值易耗品-生产"]
["库位: 040","JJEG","JJEG006","光轴;SFC16-160-0","C",4,"EA",21.36752,85.47,12310101,"低值易耗品-生产"]
["库位: 040","JJEG","JJEG007","光轴;SFC20-592-0;LMK20UU","C",6,"EA",68.37606,410.26,12310101,"低值易耗品-生产"]
["库位: 040","JJEG","JJEG008","光轴;SFC25-161-0","C",6,"EA",29.91452,179.49,12310101,"低值易耗品-生产"]
["库位: 040","JJEG","JJEG009","光轴;SFC30-1416-0","C",2,"EA",271.7948,543.59,12310101,"低值易耗品-生产"]
["库位: 040","JJEG","JJEG014","机械轴;AD5-85;T-108","C",14,"EA",230,{"v":3220,"d":"3,220.00"},12310101,"低值易耗品-生产"]
["库位: 040","JJEG","JJEG017","主轴;3R-60-AP","C",1,"EA",123,123,12310101,"低值易耗品-生产"]
["库位: 040","JJEG","JJEG018","主轴;3R-75-AP","C",1,"EA",123,123,12310101,"低值易耗品-生产"]
["库位: 040","JJEG","JJEG021","主轴;油机50","C",1,"EA",123,123,12310101,"低值易耗品-生产"]
["库位: 040","JJEG","JJEG026","扣环机主轴头;FA60","C",1,"EA",123,123,12310101,"低值易耗品-生产"]
["库位: 040","JJEG","JJEG028","主轴;NN50","C",2,"EA",123,246,12310101,"低值易耗品-生产"]
["库位: 040","JJEG","JJEG046","钻轴;20S件号 A-116钻孔可调多轴器","C",9,"EA",239.31,{"v":2153.79,"d":"2,153.79"},12310101,"低值易耗品-生产"]
["库位: 040","JJEG","JJEG059","传动轴;12件号 A-116钻孔可调多轴器","C",7,"EA",256.41,{"v":1794.87,"d":"1,794.87"},12310101,"低值易耗品-生产"]
["库位: 040","JJEG","JJEG060","钻轴;13件号 A-116钻孔可调多轴器","C",3,"EA",213.68,641.04,12310101,"低值易耗品-生产"]
["库位: 040","JJEH","JJEH020","三心架","C",4,"EA",123,492,12310101,"低值易耗品-生产"]
["库位: 040","JJEH","JJEH022","六面体平台","C",2,"EA",123,246,12310101,"低值易耗品-生产"]
["库位: 040","JJEH","JJEH023","机床夹","C",1,"EA",123,123,12310101,"低值易耗品-生产"]
["库位: 040","JJEH","JJEH024","铣床配件","C",1,"EA",123,123,12310101,"低值易耗品-生产"]
["库位: 040","JJEH","JJEH027","锥柄;MASI/BT40拉钉450","C",1,"EA",76.92307,76.92,12310101,"低值易耗品-生产"]
["库位: 040","JJEH","JJEH028","直角座","C",4,"EA",123,492,12310101,"低值易耗品-生产"]
["库位: 040","JJEH","JJEH046","法兰盘堵板;89","C",1,"EA",123,123,12310101,"低值易耗品-生产"]
["库位: 040","JJEH","JJEH056","三坐标机绷带","C",5,"EA",123,615,12310101,"低值易耗品-生产"]
["库位: 040","JJFB","JJFB003","透气钉;8","C",190,"EA",8.47974,{"v":1611.15,"d":"1,611.15"},12310101,"低值易耗品-生产"]
["库位: 040","JJFB","JJFB015","透气钉; Φ5","B",200,"EA",8.47974,{"v":1695.95,"d":"1,695.95"},12310101,"低值易耗品-生产"]
["库位: 040","JJFC","JJFC005","永久磁铁;8×9","C",40,"EA",6.984,279.36,12310101,"低值易耗品-生产"]
["库位: 040","JJFF","JJFF027","聚甲醛圆棒;φ30; 进口","B",28,"M",64,{"v":1792,"d":"1,792.00"},12310101,"低值易耗品-生产"]
["库位: 040","JJG0","JJG005","气动打标针;小号","B",1,"EA",137.12965,137.13,12310101,"低值易耗品-生产"]
["库位: 040","JJG0","JJG006","气动打印针;中号","C",2,"EA",137.12965,274.26,12310101,"低值易耗品-生产"]
["库位: 040","JJG0","JJG007","打印针弹簧;小号","C",5,"EA",123,615,12310101,"低值易耗品-生产"]
["库位: 040","JJG0","JJG008","打印针热圈;小号","C",4,"EA",123,492,12310101,"低值易耗品-生产"]
["库位: 040","JJG0","JJG011","步进带;15×320-2M; 气动打标机X轴用","C",4,"EA",36.3375,145.35,12310101,"低值易耗品-生产"]
["库位: 040","JJH1","JJH133","打字胶带;9M/M","C",5,"盒",89.376,446.88,12310101,"低值易耗品-生产"]
["库位: 040","JJJ0","JJJ016","六氯乙烷","C",30,"KG",7.78415,233.52,12310101,"低值易耗品-生产"]
["库位: 040","JJJ0","JJJ019","高铝超硬板;600×400×50","C",25,"EA",100,{"v":2500,"d":"2,500.00"},12310101,"低值易耗品-生产"]
["库位: 040","JJJ0","JJJ024","除渣剂;高温型;H; 张家港","C",540,"KG",4.2338,{"v":2286.25,"d":"2,286.25"},12310101,"低值易耗品-生产"]
["库位: 040","jjj0","jjj025","低温除渣剂;低温型;L; 张家港","C",500,"KG",4.182,{"v":2091,"d":"2,091.00"},12310101,"低值易耗品-生产"]
["库位: 040","JJJ0","JJJ028","钠变质剂;PR-30","B",60,"KG",4.9717,298.3,12310101,"低值易耗品-生产"]
["库位: 040","JJJ0","JJJ038","磷复合变质剂;P3-813","B",432,"KG",25.4194,{"v":10981.18,"d":"10,981.18"},12310101,"低值易耗品-生产"]
["库位: 040","JJJ0","JJJ050","叶片","B",35,"EA",156,{"v":5460,"d":"5,460.00"},12310101,"低值易耗品-生产"]
["库位: 040","JJJ0","JJJ051","转子","B",35,"EA",278,{"v":9730,"d":"9,730.00"},12310101,"低值易耗品-生产"]
["库位: 040","jjj0","jjj092","油质石墨;Acheson 18KG/桶","B",18,"KG",106.3628,{"v":1914.53,"d":"1,914.53"},12310101,"低值易耗品-生产"]
["库位: 040","jjj0","jjj095","涂模剂;193T;Acheson","B",40,"KG",69.23077,{"v":2769.23,"d":"2,769.23"},12310101,"低值易耗品-生产"]
["库位: 040","JJJ1","JJJ115","坩埚底座;SH65;日本TYK; φ330×65","B",40,"EA",397.99,{"v":15919.6,"d":"15,919.60"},12310101,"低值易耗品-生产"]
["库位: 040","JJJ1","JJJ121","坩埚;CPH-750RP; H740×D720","B",4,"EA",{"v":5132.743,"d":"5,132.74"},{"v":20530.97,"d":"20,530.97"},12310101,"低值易耗品-生产"]
["库位: 040","JJJ1","JJJ143","保温炉坩埚;550×650; 等静压;成都天府;","B",6,"EA",{"v":2456.637,"d":"2,456.64"},{"v":14739.82,"d":"14,739.82"},12310101,"低值易耗品-生产"]
["库位: 040","JJJ1","JJJ148","热电偶保护管;氮化硅; φ28×500L;","B",2,"EA",{"v":2820.5128,"d":"2,820.51"},{"v":5641.03,"d":"5,641.03"},12310101,"低值易耗品-生产"]
["库位: 040","JKAA","JKAA016","电焊钳;500A;金牛","C",1,"EA",10.185,10.19,12310101,"低值易耗品-生产"]
["库位: 040","JKAA","JKAA022","压线钳;YYT8","C",1,"EA",211.96581,211.97,12310101,"低值易耗品-生产"]
["库位: 040","JKAB","JKAB007","开口扳手;12-14","C",3,"EA",3.8,11.4,12310101,"低值易耗品-生产"]
["库位: 040","JKAB","JKAB009","开口扳手与梅花扳手;16-16","C",16,"EA",3.589,57.42,12310101,"低值易耗品-生产"]
["库位: 040","JKAB","JKAB014","开口扳手;22-24","C",1,"EA",4.1225,4.12,12310101,"低值易耗品-生产"]
["库位: 040","JKAB","JKAB015","开口扳手;24-27","C",1,"EA",4.0255,4.03,12310101,"低值易耗品-生产"]
["库位: 040","JKAB","JKAB017","开口扳手;30-32","C",11,"EA",16,176,12310101,"低值易耗品-生产"]
["库位: 040","JKAB","JKAB018","开口扳手;5.5-32","C",1,"ST",34.823,34.82,12310101,"低值易耗品-生产"]
["库位: 040","JKAB","JKAB026","梅花扳手;12-14","C",2,"EA",2.909,5.82,12310101,"低值易耗品-生产"]
["库位: 040","JKAB","JKAB029","梅花扳手;19-21","C",2,"EA",19,38,12310101,"低值易耗品-生产"]
["库位: 040","JKAB","JKAB030","梅花扳手;19-22","C",16,"EA",2.701,43.22,12310101,"低值易耗品-生产"]
["库位: 040","JKAB","JKAB031","梅花扳手;22-24","C",2,"EA",9,18,12310101,"低值易耗品-生产"]
["库位: 040","JKAB","JKAB032","梅花扳手;23-26","C",1,"EA",123,123,12310101,"低值易耗品-生产"]
["库位: 040","JKAB","JKAB045","内六角扳手;1.5","B",3,"EA",0.6596,1.98,12310101,"低值易耗品-生产"]
["库位: 040","JKAB","JKAB048","内六角扳手;10;上工","B",8,"EA",15,120,12310101,"低值易耗品-生产"]
["库位: 040","JKAB","JKAB049","内六角扳手;12;上工","B",8,"EA",11.4,91.2,12310101,"低值易耗品-生产"]
["库位: 040","JKAB","JKAB064","内六角扳手;5.5","C",29,"EA",123,{"v":3567,"d":"3,567.00"},12310101,"低值易耗品-生产"]
["库位: 040","JKAB","JKAB069","内六角扳手;8;上工","B",1,"EA",12,12,12310101,"低值易耗品-生产"]
["库位: 040","JKAB","JKAB073","钩形扳手","C",8,"EA",294.87179,{"v":2358.97,"d":"2,358.97"},12310101,"低值易耗品-生产"]
["库位: 040","JKAC","JKAC001","一字螺丝刀;100×3;世达","C",2,"EA",11.76,23.52,12310101,"低值易耗品-生产"]
["库位: 040","JKAC","JKAC005","一字螺丝刀;150×6;世达","C",7,"EA",17.5,122.5,12310101,"低值易耗品-生产"]
["库位: 040","JKAC","JKAC007","一字螺丝刀;200×8","C",1,"EA",9.5,9.5,12310101,"低值易耗品-生产"]
["库位: 040","JKAC","JKAC017","十字螺丝刀;200×8","C",1,"EA",3.4,3.4,12310101,"低值易耗品-生产"]
["库位: 040","JKAD","JKAD041","风枪;WIN-2038;日本三洋","C",41,"EA",15.5,635.5,12310101,"低值易耗品-生产"]
["库位: 040","JKAE","JKAE002","刮刀","C",15,"EA",30,450,12310101,"低值易耗品-生产"]
["库位: 040","JKAE","JKAE021","叉车工具箱","C",1,"ST",123,123,12310101,"低值易耗品-生产"]
["库位: 040","JKCB","JKCB005","带锯条;27×4100×3/4T; 斯尔","B",80,"EA",152.33,{"v":12186.4,"d":"12,186.40"},12310101,"低值易耗品-生产"]
["库位: 040","JKCB","JKCB007","带锯条;27×4470×3/4T; 斯尔","B",30,"EA",168.92743,{"v":5067.82,"d":"5,067.82"},12310101,"低值易耗品-生产"]
["库位: 040","JKCB","JKCB009","带锯条;27×3660×4/6T","B",10,"EA",137.229,{"v":1372.29,"d":"1,372.29"},12310101,"低值易耗品-生产"]
["库位: 040","JKCB","JKCB011","手工锯片;齿距1.0MM; 上海锯条总厂","B",17,"EA",0.1746,2.97,12310101,"低值易耗品-生产"]
["库位: 040","JKCB","JKCB017","带锯条;41×4870×3/4T","C",4,"EA",400.898,{"v":1603.59,"d":"1,603.59"},12310101,"低值易耗品-生产"]
["库位: 040","JKCB","JKCB020","带锯条;27×3505×3/4T","B",10,"EA",127.88,{"v":1278.8,"d":"1,278.80"},12310101,"低值易耗品-生产"]
["库位: 040","JKCC","JKCC001","平锉;100;上工","B",54,"EA",5.07427,274.01,12310101,"低值易耗品-生产"]
["库位: 040","JKCC","JKCC007","平锉;350","B",1,"EA",9.791,9.79,12310101,"低值易耗品-生产"]
["库位: 040","JKCC","JKCC011","半圆锉;150;上工","B",8,"EA",4.7,37.6,12310101,"低值易耗品-生产"]
["库位: 040","JKCC","JKCC012","半圆锉;215;上工","B",2,"EA",9,18,12310101,"低值易耗品-生产"]
["库位: 040","JKCC","JKCC016","三角锉;170","B",9,"EA",4.82117,43.39,12310101,"低值易耗品-生产"]
["库位: 040","JKCC","JKCC017","四角型锉刀;170","C",64,"EA",21.92,{"v":1402.88,"d":"1,402.88"},12310101,"低值易耗品-生产"]
["库位: 040","JKCC","JKCC018","四角型锉刀;185",null,32,"EA",21.92,701.44,12310101,"低值易耗品-生产"]
["库位: 040","JKCC","JKCC019","刀型锉刀;185","B",9,"EA",21.92,197.28,12310101,"低值易耗品-生产"]
["库位: 040","JKCG","JKCG008","丝锥;10;渭河","B",11,"EA",9.31392,102.45,12310101,"低值易耗品-生产"]
["库位: 040","JKCG","JKCG016","丝锥;12;上工","B",33,"EA",13.97088,461.04,12310101,"低值易耗品-生产"]
["库位: 040","jkcg","jkcg021","丝锥;14;上工","C",7,"EA",16.29936,114.1,12310101,"低值易耗品-生产"]
["库位: 040","JKCG","JKCG024","丝锥;14×1.5","C",4,"EA",16.2994,65.2,12310101,"低值易耗品-生产"]
["库位: 040","JKCG","JKCG030","丝锥;16×1.5;上工","C",3,"EA",17,51,12310101,"低值易耗品-生产"]
["库位: 040","JKCG","JKCG040","丝锥;20;上工","C",3,"EA",27.1656,81.5,12310101,"低值易耗品-生产"]
["库位: 040","JKCG","JKCG063","丝锥;5;渭河","B",24,"EA",5.88,141.12,12310101,"低值易耗品-生产"]
["库位: 040","JKCG","JKCG068","丝锥;6;渭河","B",28,"EA",6.69438,187.44,12310101,"低值易耗品-生产"]
["库位: 040","JKCG","JKCG071","丝锥;8;渭河","B",3,"EA",8.14968,24.45,12310101,"低值易耗品-生产"]
["库位: 040","JKCG","JKCG160","丝锥;M4×0.5","B",3,"EA",6.565,19.7,12310101,"低值易耗品-生产"]
["库位: 040","JKCG","JKCG173","丝锥;TOSG(大宝); TIN-EX-POTM2.5×0.45","B",15,"EA",64.14,962.1,12310101,"低值易耗品-生产"]
["库位: 040","JKCG","JKCG175","丝锥;TOSG(大宝); TIN-EX-POTM3.5×0.6","B",10,"EA",52.39,523.9,12310101,"低值易耗品-生产"]
["库位: 040","JKCG","JKCG184","手动丝锥;HT;M3×0.5; Ⅲ级;OSG","B",45,"EA",13.27,597.15,12310101,"低值易耗品-生产"]
["库位: 040","JKCG","JKCG243","丝锥;M2×0.4;STK","B",31,"EA",48,{"v":1488,"d":"1,488.00"},12310101,"低值易耗品-生产"]
["库位: 040","JKCG","JKCG244","丝锥;M2.2×0.45;STK","B",25,"EA",53,{"v":1325,"d":"1,325.00"},12310101,"低值易耗品-生产"]
["库位: 040","JKCH","JKCH001","扳牙;1/2","C",1,"EA",13.4,13.4,12310101,"低值易耗品-生产"]
["库位: 040","JKCH","JKCH004","扳牙; 10;上海工具厂","B",3,"EA",3.78378,11.35,12310101,"低值易耗品-生产"]
["库位: 040","JKCH","JKCH006","扳牙; 12;上海工具厂","B",3,"EA",6.59736,19.79,12310101,"低值易耗品-生产"]
["库位: 040","JKCH","JKCH010","扳牙; 14;上海工具厂","C",3,"EA",6.6,19.8,12310101,"低值易耗品-生产"]
["库位: 040","JKCH","JKCH013","扳牙; 16;上海工具厂","C",4,"EA",9.11988,36.48,12310101,"低值易耗品-生产"]
["库位: 040","JKCH","JKCH015","扳牙; 18;上海工具厂","C",2,"EA",12.1275,24.26,12310101,"低值易耗品-生产"]
["库位: 040","JKCH","JKCH017","扳牙; 20;上海工具厂","C",3,"EA",12.125,36.38,12310101,"低值易耗品-生产"]
["库位: 040","JKCH","JKCH023","扳牙; 4;上海工具厂","C",3,"EA",3.29868,9.9,12310101,"低值易耗品-生产"]
["库位: 040","JKCH","JKCH024","扳牙; 5;上海工具厂","C",3,"EA",3.3,9.9,12310101,"低值易耗品-生产"]
["库位: 040","JKCH","JKCH027","扳牙; 6;上海工具厂","C",3,"EA",3.3957,10.19,12310101,"低值易耗品-生产"]
["库位: 040","JKCH","JKCH028","扳牙; 8;上海工具厂","B",3,"EA",3.3957,10.19,12310101,"低值易耗品-生产"]
["库位: 040","JKCJ","JKCJ002","C型夹;3\";75","C",2,"EA",18,36,12310101,"低值易耗品-生产"]
["库位: 040","JKCJ","JKCJ004","C型夹;5\"","C",2,"EA",26,52,12310101,"低值易耗品-生产"]
["库位: 040","JKEA","JKEAA007","普通直柄麻花钻;1.3","B",80,"EA",1.176,94.08,12310101,"低值易耗品-生产"]
["库位: 040","JKEA","JKEAA013","普通直柄麻花钻; 1.8;上海工具厂","B",27,"EA",0.98,26.46,12310101,"低值易耗品-生产"]
["库位: 040","JKEA","JKEAA015","普通直柄麻花钻;10;上工","B",4,"EA",5.8212,23.28,12310101,"低值易耗品-生产"]
["库位: 040","JKEA","JKEAA016","普通直柄麻花钻;10.5;上工","B",2,"EA",6.3,12.6,12310101,"低值易耗品-生产"]
["库位: 040","JKEA","JKEAA018","普通直柄麻花钻;11.5","B",5,"EA",8.5,42.5,12310101,"低值易耗品-生产"]
["库位: 040","JKEA","JKEAA019","普通直柄麻花钻;11.8","B",5,"EA",9.3,46.5,12310101,"低值易耗品-生产"]
["库位: 040","JKEA","JKEAA020","普通直柄麻花钻;12;上工","B",3,"EA",9.2169,27.65,12310101,"低值易耗品-生产"]
["库位: 040","JKEA","JKEAA022","普通直柄麻花钻;12.5","B",3,"EA",9.31,27.93,12310101,"低值易耗品-生产"]
["库位: 040","JKEA","JKEAA025","普通直柄麻花钻;13","B",2,"EA",10.5644,21.13,12310101,"低值易耗品-生产"]
["库位: 040","JKEA","JKEAA033","普通直柄麻花钻;2;上工","B",36,"EA",0.97,34.92,12310101,"低值易耗品-生产"]
["库位: 040","JKEA","JKEAA038","普通直柄麻花钻; 2.4;上海工具厂","B",12,"EA",0.98,11.76,12310101,"低值易耗品-生产"]
["库位: 040","JKEA","JKEAA039","普通直柄麻花钻; 2.5;上海工具厂","B",20,"EA",0.95,19,12310101,"低值易耗品-生产"]
["库位: 040","JKEA","JKEAA042","普通直柄麻花钻;2.0加长; φ2.0×刃长56×85L;上工","B",50,"EA",2.05,102.5,12310101,"低值易耗品-生产"]
["库位: 040","JKEA","JKEAA046","普通直柄麻花钻; 3;上海工具厂","B",48,"EA",1.1642,55.88,12310101,"低值易耗品-生产"]
["库位: 040","JKEA","JKEAA047","普通直柄麻花钻;3.1","B",56,"EA",1.16424,65.2,12310101,"低值易耗品-生产"]
["库位: 040","JKEA","JKEAA048","普通直柄麻花钻;3.2","B",20,"EA",1.16424,23.28,12310101,"低值易耗品-生产"]
["库位: 040","JKEA","JKEAA049","普通直柄麻花钻; 3.3;上海工具厂","B",8,"EA",1.164,9.31,12310101,"低值易耗品-生产"]
["库位: 040","JKEA","JKEAA052","普通直柄麻花钻;3.7","B",88,"EA",1.16424,102.45,12310101,"低值易耗品-生产"]
["库位: 040","JKEA","JKEAA056","普通直柄麻花钻; φ3×刃长66×100L;上工","B",12,"EA",2.209,26.51,12310101,"低值易耗品-生产"]
["库位: 040","JKEA","JKEAA059","普通直柄麻花钻; 4.2;上海工具厂","B",9,"EA",1.455,13.1,12310101,"低值易耗品-生产"]
["库位: 040","JKEA","JKEAA061","普通直柄麻花钻;4.4","B",14,"EA",1.958,27.41,12310101,"低值易耗品-生产"]
["库位: 040","JKEA","JKEAA069","普通直柄麻花钻; 5;上工","B",11,"EA",1.4,15.4,12310101,"低值易耗品-生产"]
["库位: 040","JKEA","JKEAA070","普通直柄麻花钻;5.2","B",8,"EA",1.96,15.68,12310101,"低值易耗品-生产"]
["库位: 040","JKEA","JKEAA074","普通直柄麻花钻; 5.5;上海工具厂","B",3,"EA",1.9,5.7,12310101,"低值易耗品-生产"]
["库位: 040","JKEA","JKEAA076","普通直柄麻花钻; 5.8;上海工具厂","B",5,"EA",1.96,9.8,12310101,"低值易耗品-生产"]
["库位: 040","JKEA","JKEAA080","普通直柄麻花钻;6;上工","B",11,"EA",1.9404,21.34,12310101,"低值易耗品-生产"]
["库位: 040","JKEA","JKEAA084","普通直柄麻花钻; 6.5;上海工具厂","B",11,"EA",2.45,26.95,12310101,"低值易耗品-生产"]
["库位: 040","JKEA","JKEAA086","普通直柄麻花钻;6.9;上工","B",2,"EA",2.45,4.9,12310101,"低值易耗品-生产"]
["库位: 040","JKEA","JKEAA092","普通直柄麻花钻; 7.5;上海工具厂","B",12,"EA",4.539,54.47,12310101,"低值易耗品-生产"]
["库位: 040","JKEA","JKEAA095","普通直柄麻花钻; 7.9;上海工具厂","B",9,"EA",3.92,35.28,12310101,"低值易耗品-生产"]
["库位: 040","JKEA","JKEAA096","普通直柄麻花钻; 8;上海工具厂","B",10,"EA",3.8808,38.81,12310101,"低值易耗品-生产"]
["库位: 040","JKEA","JKEAA099","普通直柄麻花钻; 8.1;上海工具厂","B",11,"EA",5.096,56.06,12310101,"低值易耗品-生产"]
["库位: 040","JKEA","JKEAA103","普通直柄麻花钻;8.5;上工","B",5,"EA",5.096,25.48,12310101,"低值易耗品-生产"]
["库位: 040","JKEA","JKEAA107","普通直柄麻花钻; 9;上海工具厂","B",4,"EA",5.04504,20.18,12310101,"低值易耗品-生产"]
["库位: 040","JKEA","JKEAA112","普通直柄麻花钻; 9.8;上海工具厂","B",10,"EA",5.8,58,12310101,"低值易耗品-生产"]
["库位: 040","JKEA","JKEAA113","锥柄麻花钻;13.5","B",2,"EA",19.266,38.53,12310101,"低值易耗品-生产"]
["库位: 040","JKEA","JKEAA115","锥柄麻花钻;14.5","B",1,"EA",18,18,12310101,"低值易耗品-生产"]
["库位: 040","JKEA","JKEAA128","锥柄麻花钻;20","B",1,"EA",42.2,42.2,12310101,"低值易耗品-生产"]
["库位: 040","JKEA","JKEAA136","锥柄麻花钻;Φ28","B",1,"EA",72.324,72.32,12310101,"低值易耗品-生产"]
["库位: 040","JKEA","JKEAA149","锥柄麻花钻;Φ16","B",1,"EA",27.93,27.93,12310101,"低值易耗品-生产"]
["库位: 040","JKEA","JKEAB123","压钉套筒直柄钨钢钻头 φ1.455X25X45;TT-DSK-11","B",22,"EA",9.6745,212.84,12310101,"低值易耗品-生产"]
["库位: 040","JKEA","JKEAB124","压钉套筒直柄钨钢钻头 φ1.585X25X45;TT-DSK-117","B",20,"EA",10.02125,200.43,12310101,"低值易耗品-生产"]
["库位: 040","JKEA","JKEAB126","压钉套筒直柄钨钢钻头 φ1.985X25X45;TT-DSK-117","B",19,"EA",9.6745,183.82,12310101,"低值易耗品-生产"]
["库位: 040","JKEA","JKEAB127","压钉套筒直柄钨钢钻头 φ2.385X25X45;TT-DSK-117","B",20,"EA",9.6745,193.49,12310101,"低值易耗品-生产"]
["库位: 040","JKEA","JKEAB128","压钉套筒定柄钨钢钻头 φ1.1X19X40L;TT-DSK-118","B",17,"EA",9.54056,162.19,12310101,"低值易耗品-生产"]
["库位: 040","JKEA","JKEAB129","压钉套筒定柄钨钢钻头 φ1.3X19X40L;TT-DSK-118","B",15,"EA",9.54056,143.11,12310101,"低值易耗品-生产"]
["库位: 040","JKEA","JKEAB130","压钉套筒定柄钨钢钻头 φ1.5X19X40L;TT-DSK-118","B",32,"EA",9.54056,305.3,12310101,"低值易耗品-生产"]
["库位: 040","JKEA","JKEAB131","压钉套筒定柄钨钢钻头 φ1.7X19X40L;TT-DSK-118","B",20,"EA",9.54056,190.81,12310101,"低值易耗品-生产"]
["库位: 040","JKEA","JKEAB132","压钉套筒定柄钨钢钻头 φ1.9X19X40L;TT-DSK-118","B",25,"EA",9.54056,238.51,12310101,"低值易耗品-生产"]
["库位: 040","JKEA","JKEAB133","压钉套筒定柄钨钢钻头 φ2.3X19X40L;TT-DSK-118","B",19,"EA",9.54056,181.27,12310101,"低值易耗品-生产"]
["库位: 040","JKEA","JKEAB261","直柄钨钢钻头; φ1.56(0+0.005)X刃10X30L","B",10,"EA",9.3575,93.58,12310101,"低值易耗品-生产"]
["库位: 040","JKEA","JKEAB267","直柄钨钢钻头; φ1.43(0+0.005)X刃10X30L","B",20,"EA",7.3875,147.75,12310101,"低值易耗品-生产"]
["库位: 040","JKEA","JKEAB268","直柄钨钢钻头; φ1.20(0+0.005)X刃10X30L","B",29,"EA",7.3875,214.24,12310101,"低值易耗品-生产"]
["库位: 040","JKEA","JKEAB269","直柄钨钢钻头; φ1.76(0+0.005)X刃10X30L","B",8,"EA",7.88,63.04,12310101,"低值易耗品-生产"]
["库位: 040","JKEA","JKEAB270","直柄钨钢钻头; φ1.96(0+0.005)X刃10X30L","B",42,"EA",9.3575,393.02,12310101,"低值易耗品-生产"]
["库位: 040","JKEA","JKEAB279","直柄钨钢钻头; φ2.08(0+0.005)X刃10X30L","B",29,"EA",13.2975,385.63,12310101,"低值易耗品-生产"]
["库位: 040","JKEA","JKEAB280","直柄钨钢钻头; φ1.0(0-0.005)X刃10X30L","B",36,"EA",14.2825,514.17,12310101,"低值易耗品-生产"]
["库位: 040","JKEA","JKEAC003","中心钻;2.5;上工","B",14,"EA",3.395,47.53,12310101,"低值易耗品-生产"]
["库位: 040","JKEA","JKEAC005","中心钻; 带护锥;5;上海工具厂","B",3,"EA",17.266,51.8,12310101,"低值易耗品-生产"]
["库位: 040","JKEA","JKEAC006","中心钻;B型;6.3","B",2,"EA",25.81,51.62,12310101,"低值易耗品-生产"]
["库位: 040","JKEA","JKEAC026","中心钻;1.5;台进;","B",102,"EA",13.0716,{"v":1333.3,"d":"1,333.30"},12310101,"低值易耗品-生产"]
["库位: 040","JKEA","JKEAH215","合金二刃钻头 φ1.75×刃长16×50L","B",15,"EA",7.8371,117.56,12310101,"低值易耗品-生产"]
["库位: 040","JKEA","JKEAH233","合金二刃钻头;GB1435-85 φ2.1×刃长15×40L","B",10,"EA",7.7224,77.22,12310101,"低值易耗品-生产"]
["库位: 040","JKEA","JKEAH248","合金二刃钻头 φ2.9×刃长25×80L;钢用","B",5,"EA",15,75,12310101,"低值易耗品-生产"]
["库位: 040","JKEA","JKEAH276","合金二刃钻头; φ1.8×刃长40×80L","B",50,"EA",13.72,686,12310101,"低值易耗品-生产"]
["库位: 040","JKEA","JKEAH280","合金二刃钻头; φ2.9×刃长15×45L;钢用","B",10,"EA",11.5248,115.25,12310101,"低值易耗品-生产"]
["库位: 040","JKEB","JKEB012","机用铰刀;3","B",5,"EA",16.91,84.55,12310101,"低值易耗品-生产"]
["库位: 040","JKEB","JKEB013","机用铰刀;4","B",6,"EA",16.91,101.46,12310101,"低值易耗品-生产"]
["库位: 040","JKEB","JKEB024","手用铰刀;3","B",5,"EA",5.4017,27.01,12310101,"低值易耗品-生产"]
["库位: 040","JKEB","JKEB025","手用铰刀;4","B",10,"EA",6.52136,65.21,12310101,"低值易耗品-生产"]
["库位: 040","JKED","JKED001","平面砂轮片;100X6X16","B",20,"EA",1.921,38.42,12310101,"低值易耗品-生产"]
["库位: 040","JKED","JKED005","带柄砂轮;25X10X6; EDMMOLYS","B",14,"EA",3.09368,43.31,12310101,"低值易耗品-生产"]
["库位: 040","JKED","JKED006","带柄砂轮;25X13X6; EDMMOLYS","B",64,"EA",2.94878,188.72,12310101,"低值易耗品-生产"]
["库位: 040","JKED","JKED007","带柄砂轮;25X19X6; EDMMOLYS","B",87,"EA",2.40682,209.39,12310101,"低值易耗品-生产"]
["库位: 040","JKED","JKED008","带柄砂轮;6X6X25; EDMMOLYS","B",278,"EA",2.12624,591.09,12310101,"低值易耗品-生产"]
["库位: 040","JKED","JKED009","切割片;400×3.2×32; 金利威","B",5,"EA",8.73,43.65,12310101,"低值易耗品-生产"]
["库位: 040","JKED","JKED014","油石;150X20X10,240#","B",70,"EA",2.75,192.5,12310101,"低值易耗品-生产"]
["库位: 040","JKED","JKED035","砂轮片 GC80H12V1A;305X32X76.2","C",1,"EA",123,123,12310101,"低值易耗品-生产"]
["库位: 040","JKED","JKED036","外磨砂轮 GC60L5V;300X40X127","C",1,"EA",170.94017,170.94,12310101,"低值易耗品-生产"]
["库位: 040","JKED","JKED041","外圆磨砂轮;诺顿 GC80KVK;300X40X127","C",4,"EA",267.72,{"v":1070.88,"d":"1,070.88"},12310101,"低值易耗品-生产"]
["库位: 040","JKED","JKED042","外圆磨砂轮;诺顿 GC80KV-ND;300X25X76.2","C",1,"EA",216.31,216.31,12310101,"低值易耗品-生产"]
["库位: 040","JKED","JKED043","外圆磨砂轮;锚牌 WA60K;300X40X127","C",2,"EA",106.8376,213.68,12310101,"低值易耗品-生产"]
["库位: 040","JKED","JKED047","砂轮;锚牌 WA80L5V;200X25X32;白","B",3,"EA",42,126,12310101,"低值易耗品-生产"]
["库位: 040","JKED","JKED049","砂轮;WA60L7V 200X25X32;白","B",2,"EA",42,84,12310101,"低值易耗品-生产"]
["库位: 040","JKED","JKED050","砂轮;锚牌 GL100;200X25X32;绿",null,2,"EA",53,106,12310101,"低值易耗品-生产"]
["库位: 040","JKED","JKED052","CBN砂轮 350DX6UX20TX4XX152.4H","C",3,"EA",{"v":15726.49564,"d":"15,726.50"},{"v":47179.49,"d":"47,179.49"},12310101,"低值易耗品-生产"]
["库位: 040","JKED","JKED054","砂轮;GC80L 200X25X32;绿色","B",4,"EA",17.287,69.15,12310101,"低值易耗品-生产"]
["库位: 040","JKED","JKED055","砂轮;GC60L;150X20X32;绿","B",2,"EA",18,36,12310101,"低值易耗品-生产"]
["库位: 040","JKED","JKED059","砂布;100#;犀利","B",50,"EA",0.582,29.1,12310101,"低值易耗品-生产"]
["库位: 040","JKED","JKED060","砂纸;1000#;","B",103,"EA",0.528,54.38,12310101,"低值易耗品-生产"]
["库位: 040","JKED","JKED061","砂布;120#;犀利","B",105,"EA",0.5364,56.32,12310101,"低值易耗品-生产"]
["库位: 040","JKED","JKED062","砂纸; 1200#;韩国鹰牌","C",79,"EA",0.737,58.22,12310101,"低值易耗品-生产"]
["库位: 040","JKED","JKED063","砂纸;240#","B",61,"EA",0.48,29.28,12310101,"低值易耗品-生产"]
["库位: 040","JKED","JKED066","砂布; 60#;犀利","C",81,"EA",0.6257,50.68,12310101,"低值易耗品-生产"]
["库位: 040","JKED","JKED067","砂纸;600#;","B",100,"EA",0.5,50,12310101,"低值易耗品-生产"]
["库位: 040","JKED","JKED070","砂布带;60#;915MM;犀利","B",47,"卷",6.6,310.2,12310101,"低值易耗品-生产"]
["库位: 040","JKED","JKED071","抛光布轮;150×32×20","C",1,"EA",11,11,12310101,"低值易耗品-生产"]
["库位: 040","JKED","JKED080","钻石砂轮;325#","C",1,"EA",123,123,12310101,"低值易耗品-生产"]
["库位: 040","JKED","JKED086","钻石砂轮;DX150P75B5.0","C",2,"EA",945.29,{"v":1890.58,"d":"1,890.58"},12310101,"低值易耗品-生产"]
["库位: 040","JKED","JKED090","钨钢磨头;平头;φ3;华峰","B",2,"EA",13,26,12310101,"低值易耗品-生产"]
["库位: 040","JKED","JKED096","钨钢磨头;尖头;3X15X38; 华峰","C",2,"EA",15.366,30.73,12310101,"低值易耗品-生产"]
["库位: 040","JKED","JKED100","金刚磨头;3X6X20;尖锥","B",20,"EA",1.85,37,12310101,"低值易耗品-生产"]
["库位: 040","JKED","JKED101","金钢石什锦磨头;3X8X25","C",45,"EA",2.13675,96.15,12310101,"低值易耗品-生产"]
["库位: 040","JKED","JKED112","金钢石笔","B",20,"EA",72,{"v":1440,"d":"1,440.00"},12310101,"低值易耗品-生产"]
["库位: 040","JKED","JKED118","砂轮;GC-100K8V","C",3,"EA",123,369,12310101,"低值易耗品-生产"]
["库位: 040","JKED","JKED132","内磨磨头;12*16*5 上海机床厂","C",18,"EA",18.313,329.63,12310101,"低值易耗品-生产"]
["库位: 040","JKED","JKED133","内磨磨头;17*20*6 上海机床厂","C",13,"EA",18.126,235.64,12310101,"低值易耗品-生产"]
["库位: 040","JKED","JKED158","火炬形钨钢磨头 φ8×刃长20×65L×φ6","C",5,"EA",25,125,12310101,"低值易耗品-生产"]
["库位: 040","JKED","JKED165","砂轮;诺顿;WA60K80W","C",14,"EA",128,{"v":1792,"d":"1,792.00"},12310101,"低值易耗品-生产"]
["库位: 040","JKED","JKED171","外圆磨砂轮;GV80KV φ400*50*203MM;诺顿","C",2,"EA",577.15,{"v":1154.3,"d":"1,154.30"},12310101,"低值易耗品-生产"]
["库位: 040","JKED","JKED173","外圆磨钻石砂轮;φ400 TT-DSK-106","C",1,"EA",{"v":2800,"d":"2,800.00"},{"v":2800,"d":"2,800.00"},12310101,"低值易耗品-生产"]
["库位: 040","JKED","JKED176","内磨磨头;30×25×10 上海机床厂","C",10,"EA",22.9,229,12310101,"低值易耗品-生产"]
["库位: 040","JKED","JKED301","外圆磨钻石砂轮 300×40×127;TT-DSK-099","B",2,"EA",{"v":1670,"d":"1,670.00"},{"v":3340,"d":"3,340.00"},12310101,"低值易耗品-生产"]
["库位: 040","JKED","JKED357","陶瓷基砂轮;W5; φ150×φ40×10","B",3,"EA",485.36,{"v":1456.08,"d":"1,456.08"},12310101,"低值易耗品-生产"]
["库位: 040","JKED","JKED369","磨R机修整器砂轮; 80×24×13","B",30,"EA",18,540,12310101,"低值易耗品-生产"]
["库位: 040","JKED","JKED382","陶瓷基砂轮;W5808; φ125×10×5×φ25;中拓","B",6,"EA",383.72,{"v":2302.32,"d":"2,302.32"},12310101,"低值易耗品-生产"]
["库位: 040","JKED","JKED490","白砂轮;305×32×76.2;","B",5,"EA",201.71,{"v":1008.55,"d":"1,008.55"},12310101,"低值易耗品-生产"]
["库位: 040","JKED","JKED501","钻石砂轮;14A BNC D1001 R2.2 B 6.5","B",20,"EA",405,{"v":8100,"d":"8,100.00"},12310101,"低值易耗品-生产"]
["库位: 040","JKED","JKED563","砂轮;W5807-280;台进;","B",8,"EA",805.59086,{"v":6444.73,"d":"6,444.73"},12310101,"低值易耗品-生产"]
["库位: 040","JKEE","JKEE006","耐磨环倒角刀","B",86,"EA",12.30769,{"v":1058.46,"d":"1,058.46"},12310101,"低值易耗品-生产"]
["库位: 040","JKEF","JKEFE001","粗外径钻石车刀;左","B",5,"EA",86,430,12310101,"低值易耗品-生产"]
["库位: 040","JKEG","JKEGB562","复合片;GE1300#-1.0","B",2,"EA",{"v":3717.94872,"d":"3,717.95"},{"v":7435.9,"d":"7,435.90"},12310101,"低值易耗品-生产"]
["库位: 040","JKEG","JKEGB717","钻石片;厚1.0MM","B",107.5,"MM",7.52,808.4,12310101,"低值易耗品-生产"]
["库位: 040","JKEG","JKEGB718","钻石片;厚1.6MM","B",969.2,"MM",12.18,{"v":11804.86,"d":"11,804.86"},12310101,"低值易耗品-生产"]
["库位: 040","JKEG","JKEGB719","金钢石PCD片;φ50×1.6","B",2,"EA",{"v":2423.4,"d":"2,423.40"},{"v":4846.8,"d":"4,846.80"},12310101,"低值易耗品-生产"]
["库位: 040","JKEG","JKEGC006","钨钢刀垫;TT-DSK-029-1","B",45,"EA",15.35861,691.14,12310101,"低值易耗品-生产"]
["库位: 040","JKEG","JKEGC007","钨钢刀垫;TT-DSK-029-2","B",45,"EA",15.35861,691.14,12310101,"低值易耗品-生产"]
["库位: 040","JKEG","JKEGC025","去大中心窝刀垫;A:15","B",60,"EA",22,{"v":1320,"d":"1,320.00"},12310101,"低值易耗品-生产"]
["库位: 040","JKEJ","JKEJC004","圆粗外径车刀;60左","B",5,"EA",27.35,136.75,12310101,"低值易耗品-生产"]
["库位: 040","JKEJ","JKEJC005","圆外径车刀;H＝80","B",9,"EA",27.35,246.15,12310101,"低值易耗品-生产"]
["库位: 040","JKEJ","JKEJC006","圆粗外径车刀;80左","B",9,"EA",220,{"v":1980,"d":"1,980.00"},12310101,"低值易耗品-生产"]
["库位: 040","JKEJ","JKEJF001","耐磨环粗车板车刀;37998","B",185,"EA",23,{"v":4255,"d":"4,255.00"},12310101,"低值易耗品-生产"]
["库位: 040","JKEJ","JKEJJ004","钨钢棒;2X100","B",69,"EA",10.25641,707.69,12310101,"低值易耗品-生产"]
["库位: 040","JKEJ","JKEJJ006","钨钢棒;3X10","B",582,"EA",2.10242,{"v":1223.61,"d":"1,223.61"},12310101,"低值易耗品-生产"]
["库位: 040","JKEJ","JKEJJ007","钨钢棒;3X100","B",149,"EA",11.96581,{"v":1782.91,"d":"1,782.91"},12310101,"低值易耗品-生产"]
["库位: 040","JKEJ","JKEJJ017","钨钢棒;6X100","B",10,"EA",28.0725,280.73,12310101,"低值易耗品-生产"]
["库位: 040","JKEJ","JKEJJ018","钨钢棒;6X15","B",30,"EA",4.0615,121.85,12310101,"低值易耗品-生产"]
["库位: 040","JKEJ","JKEJJ032","钨钢棒;φ3×10.9×1.5 TT-DSK-114-2","B",150,"EA",24.84682,{"v":3727.02,"d":"3,727.02"},12310101,"低值易耗品-生产"]
["库位: 040","JKEJ","JKEJJ107","钨钢棒;φ18×120","B",38,"EA",314.215,{"v":11940.17,"d":"11,940.17"},12310101,"低值易耗品-生产"]
["库位: 040","JKEJ","JKEJJ113","CNC精搪刀杆钨钢棒; φ19×115","B",8,"EA",323.08,{"v":2584.64,"d":"2,584.64"},12310101,"低值易耗品-生产"]
["库位: 040","JKEJ","JKEJJ114","CNC精搪刀杆钨钢棒; φ19×105","B",3,"EA",285.65,856.95,12310101,"低值易耗品-生产"]
["库位: 040","JKEJ","JKEJJ115","CNC精搪刀杆钨钢棒; φ18.1×115","B",15,"EA",283.68,{"v":4255.2,"d":"4,255.20"},12310101,"低值易耗品-生产"]
["库位: 040","JKEJ","JKEJJ116","CNC精搪刀杆钨钢棒; φ18.1×100","B",18,"EA",275.8,{"v":4964.4,"d":"4,964.40"},12310101,"低值易耗品-生产"]
["库位: 040","JKEJ","JKEJJ117","CNC精搪刀杆钨钢棒; φ17.2×110","B",6,"EA",256.1,{"v":1536.6,"d":"1,536.60"},12310101,"低值易耗品-生产"]
["库位: 040","JKEJ","JKEJJ118","CNC精搪刀杆钨钢棒; φ17.2×100","B",8,"EA",246.25,{"v":1970,"d":"1,970.00"},12310101,"低值易耗品-生产"]
["库位: 040","JKEJ","JKEJJ119","CNC精搪刀杆钨钢棒; φ16.3×110","B",6,"EA",225.565,{"v":1353.39,"d":"1,353.39"},12310101,"低值易耗品-生产"]
["库位: 040","JKEJ","JKEJJ120","CNC精搪刀杆钨钢棒; φ16.3×95","B",15,"EA",197,{"v":2955,"d":"2,955.00"},12310101,"低值易耗品-生产"]
["库位: 040","JKEJ","JKEJJ121","CNC精搪刀杆钨钢棒; φ15.8×100","B",16,"EA",256.1,{"v":4097.6,"d":"4,097.60"},12310101,"低值易耗品-生产"]
["库位: 040","JKEJ","JKEJJ122","CNC精搪刀杆钨钢棒; φ15.4×110","B",7,"EA",221.625,{"v":1551.38,"d":"1,551.38"},12310101,"低值易耗品-生产"]
["库位: 040","JKEJ","JKEJJ123","CNC精搪刀杆钨钢棒; φ15.4×100","B",14,"EA",194.045,{"v":2716.63,"d":"2,716.63"},12310101,"低值易耗品-生产"]
["库位: 040","JKEJ","JKEJJ124","CNC精搪刀杆钨钢棒; φ14.5×85","B",26,"EA",157.6,{"v":4097.6,"d":"4,097.60"},12310101,"低值易耗品-生产"]
["库位: 040","JKEJ","JKEJJ125","CNC精搪刀杆钨钢棒; φ14.5×95","B",14,"EA",163.51,{"v":2289.14,"d":"2,289.14"},12310101,"低值易耗品-生产"]
["库位: 040","JKEJ","JKEJJ126","CNC精搪刀杆钨钢棒; φ14.5×105","B",30,"EA",177.3,{"v":5319,"d":"5,319.00"},12310101,"低值易耗品-生产"]
["库位: 040","JKEJ","JKEJJ127","CNC精搪刀杆钨钢棒; φ13.6×75","B",29,"EA",118.2,{"v":3427.8,"d":"3,427.80"},12310101,"低值易耗品-生产"]
["库位: 040","JKEJ","JKEJJ128","CNC精搪刀杆钨钢棒; φ13.6×85","B",8,"EA",132.975,{"v":1063.8,"d":"1,063.80"},12310101,"低值易耗品-生产"]
["库位: 040","JKEJ","JKEJJ129","CNC精搪刀杆钨钢棒; φ13.6×95","B",5,"EA",157.6,788,12310101,"低值易耗品-生产"]
["库位: 040","JKEJ","JKEJJ130","CNC精搪刀杆钨钢棒; φ12.7×95","B",21,"EA",128.05,{"v":2689.05,"d":"2,689.05"},12310101,"低值易耗品-生产"]
["库位: 040","JKEJ","JKEJJ132","CNC精搪刀杆钨钢棒; φ11.8×70","B",12,"EA",84,{"v":1008,"d":"1,008.00"},12310101,"低值易耗品-生产"]
["库位: 040","JKEJ","JKEJJ133","CNC精搪刀杆钨钢棒; φ11.8×80","B",15,"EA",95,{"v":1425,"d":"1,425.00"},12310101,"低值易耗品-生产"]
["库位: 040","JKEJ","JKEJJ134","CNC精搪刀杆钨钢棒; φ11.8×95","B",5,"EA",108.35,541.75,12310101,"低值易耗品-生产"]
["库位: 040","JKEJ","JKEJJ135","CNC精搪刀杆钨钢棒; φ11.5×70","B",8,"EA",98.5,788,12310101,"低值易耗品-生产"]
["库位: 040","JKEJ","JKEJJ136","CNC精搪刀杆钨钢棒; φ11.5×80","B",30,"EA",98.5,{"v":2955,"d":"2,955.00"},12310101,"低值易耗品-生产"]
["库位: 040","JKEJ","JKEJJ137","CNC精搪刀杆钨钢棒; φ10.8×70","B",30,"EA",78.8,{"v":2364,"d":"2,364.00"},12310101,"低值易耗品-生产"]
["库位: 040","JKEJ","JKEJJ138","CNC精搪刀杆钨钢棒; φ10.8×80","B",20,"EA",83.725,{"v":1674.5,"d":"1,674.50"},12310101,"低值易耗品-生产"]
["库位: 040","JKEJ","JKEJJ139","CNC精搪刀杆钨钢棒; φ10.8×90","B",30,"EA",88.65,{"v":2659.5,"d":"2,659.50"},12310101,"低值易耗品-生产"]
["库位: 040","JKEJ","JKEJJ140","CNC精搪刀杆钨钢棒; φ9.8×70","B",30,"EA",73.875,{"v":2216.25,"d":"2,216.25"},12310101,"低值易耗品-生产"]
["库位: 040","JKEJ","JKEJJ141","CNC精搪刀杆钨钢棒; φ7×70","B",30,"EA",39.4,{"v":1182,"d":"1,182.00"},12310101,"低值易耗品-生产"]
["库位: 040","JKEJ","JKEJJ142","CNC精搪刀杆钨钢棒; φ8.8×70","B",30,"EA",54.175,{"v":1625.25,"d":"1,625.25"},12310101,"低值易耗品-生产"]
["库位: 040","JKEJ","JKEJJ143","CNC精搪刀杆钨钢棒; φ8.8×80","B",30,"EA",59.1,{"v":1773,"d":"1,773.00"},12310101,"低值易耗品-生产"]
["库位: 040","JKEJ","JKEJJ144","CNC精搪刀杆钨钢棒; φ8.3×65","B",15,"EA",49.25,738.75,12310101,"低值易耗品-生产"]
["库位: 040","JKEJ","JKEJJ145","CNC精搪刀杆钨钢棒; φ7.8×65","B",30,"EA",47.28,{"v":1418.4,"d":"1,418.40"},12310101,"低值易耗品-生产"]
["库位: 040","JKEJ","JKEJJ146","CNC精搪刀杆钨钢棒; φ7.8×70","B",30,"EA",49.25,{"v":1477.5,"d":"1,477.50"},12310101,"低值易耗品-生产"]
["库位: 040","JKEJ","JKEJJ147","CNC精搪刀杆钨钢棒; φ7×60","B",30,"EA",39.4,{"v":1182,"d":"1,182.00"},12310101,"低值易耗品-生产"]
["库位: 040","JKEJ","JKEJJ148","精镗刀杆钨钢棒 φ11.3×90","B",10,"EA",157.6,{"v":1576,"d":"1,576.00"},12310101,"低值易耗品-生产"]
["库位: 040","JKEJ","JKEJJ151","精镗刀杆钨钢棒 φ9.8×80","B",3,"EA",104.65625,313.97,12310101,"低值易耗品-生产"]
["库位: 040","JKEJ","JKEJJ152","精镗刀杆钨钢棒 φ9.8×65","B",14,"EA",69,966,12310101,"低值易耗品-生产"]
["库位: 040","JKEJ","JKEJJ154","精镗刀杆钨钢棒 φ8.8×80","B",10,"EA",65,650,12310101,"低值易耗品-生产"]
["库位: 040","JKEJ","JKEJJ156","精镗刀杆钨钢棒 φ8.3×74","B",20,"EA",65,{"v":1300,"d":"1,300.00"},12310101,"低值易耗品-生产"]
["库位: 040","JKEJ","JKEJJ157","精镗刀杆钨钢棒 φ7.8×72","B",15,"EA",59.1,886.5,12310101,"低值易耗品-生产"]
["库位: 040","JKEJ","JKEJJ158","精镗刀杆钨钢棒 φ7.8×62","B",29,"EA",55.16,{"v":1599.64,"d":"1,599.64"},12310101,"低值易耗品-生产"]
["库位: 040","JKEJ","JKEJJ159","精镗刀杆钨钢棒 φ7×72","B",16,"EA",61.5625,985,12310101,"低值易耗品-生产"]
["库位: 040","JKEJ","JKEJJ160","精镗刀杆钨钢棒 φ7×57","B",30,"EA",49.25,{"v":1477.5,"d":"1,477.50"},12310101,"低值易耗品-生产"]
["库位: 040","JKEJ","JKEJJ161","精镗刀杆钨钢棒 φ6.5×63","B",13,"EA",40,520,12310101,"低值易耗品-生产"]
["库位: 040","JKEJ","JKEJL005","去中心窝铣刀;4BC2-19","B",1,"EA",465.29914,465.3,12310101,"低值易耗品-生产"]
["库位: 040","JKEJ","JKEJL006","去中心窝铣刀;4BE1-40.2","B",2,"EA",465.29914,930.6,12310101,"低值易耗品-生产"]
["库位: 040","JKEJ","JKEJL007","去中心窝铣刀;4JA1-32","B",6,"EA",470,{"v":2820,"d":"2,820.00"},12310101,"低值易耗品-生产"]
["库位: 040","JKEJ","JKEJL008","去中心窝铣刀;4JA1-35","B",3,"EA",470,{"v":1410,"d":"1,410.00"},12310101,"低值易耗品-生产"]
["库位: 040","JKEJ","JKEJL009","去中心窝铣刀;4JB1-36","B",1,"EA",470,470,12310101,"低值易耗品-生产"]
["库位: 040","JKEJ","JKEJL010","去中心窝铣刀;CT484Q","B",4,"EA",470,{"v":1880,"d":"1,880.00"},12310101,"低值易耗品-生产"]
["库位: 040","JKEJ","JKEJL011","去中心窝铣刀 HZ410ZQ-34.5","B",2,"EA",465.29914,930.6,12310101,"低值易耗品-生产"]
["库位: 040","JKEJ","JKEJL014","去中心窝铣刀坯; TT-DSK-149-1-1","B",100,"EA",162.6235,{"v":16262.35,"d":"16,262.35"},12310101,"低值易耗品-生产"]
["库位: 040","JKEJ","JKEJM002","槽沟铣刀;13X4","B",8,"EA",46.035,368.28,12310101,"低值易耗品-生产"]
["库位: 040","JKEJ","JKEJM008","半圆键槽铣刀;6X19","B",2,"EA",47.5398,95.08,12310101,"低值易耗品-生产"]
["库位: 040","JKEJ","JKEJN001","铣刀; 10;西南工具","B",8,"EA",10.1871,81.5,12310101,"低值易耗品-生产"]
["库位: 040","JKEJ","JKEJN003","铣刀; 12;西南工具","B",7,"EA",14.55,101.85,12310101,"低值易耗品-生产"]
["库位: 040","JKEJ","JKEJN006","铣刀; 14;西南工具","B",10,"EA",20.08314,200.83,12310101,"低值易耗品-生产"]
["库位: 040","JKEJ","JKEJN009","铣刀;16;西南工具","B",4,"EA",21.8295,87.32,12310101,"低值易耗品-生产"]
["库位: 040","JKEJ","JKEJN018","铣刀; 3;西南工具","B",26,"EA",4.17186,108.47,12310101,"低值易耗品-生产"]
["库位: 040","JKEJ","JKEJN020","铣刀; 4;西南工具","B",19,"EA",4.17186,79.27,12310101,"低值易耗品-生产"]
["库位: 040","JKEJ","JKEJN021","铣刀;6;西南工具","B",21,"EA",4.17186,87.61,12310101,"低值易耗品-生产"]
["库位: 040","JKEJ","JKEJN023","铣刀;8;西南工具","B",21,"EA",7.56756,158.92,12310101,"低值易耗品-生产"]
["库位: 040","JKEJ","JKEJN118","合金立铣刀;φ2×60","B",5,"EA",197,985,12310101,"低值易耗品-生产"]
["库位: 040","JKEJ","JKEJN205","T型槽铣刀;GB6123-85 φ18×12×厚9×长74","B",9,"EA",34,306,12310101,"低值易耗品-生产"]
["库位: 040","JKEJ","JKEJN222","三刃立铣刀; Φ5;西南工具","B",14,"EA",6.88842,96.44,12310101,"低值易耗品-生产"]
["库位: 040","JKEJ","JKEJN315","四刃铣刀;φ2; MSMHDD0200;三菱","B",3,"EA",201,603,12310101,"低值易耗品-生产"]
["库位: 040","JKEJ","JKEJP008","头部成型车刀 14B-R2.5;TF-SDI-091-1","B",6,"EA",125.64102,753.85,12310101,"低值易耗品-生产"]
["库位: 040","JKEJ","JKEJP009","头部成型车刀 14B-R5;TF-SDI-091-2","B",5,"EA",125.64102,628.21,12310101,"低值易耗品-生产"]
["库位: 040","JKEJ","JKEJP012","头部成型车刀;186F","B",2,"EA",{"v":2100,"d":"2,100.00"},{"v":4200,"d":"4,200.00"},12310101,"低值易耗品-生产"]
["库位: 040","JKEJ","JKEJP017","头部成型车刀;6BD1","B",3,"EA",128.20512,384.62,12310101,"低值易耗品-生产"]
["库位: 040","JKEJ","JKEJP018","头部成型车刀;6D15","B",3,"EA",{"v":2100,"d":"2,100.00"},{"v":6300,"d":"6,300.00"},12310101,"低值易耗品-生产"]
["库位: 040","JKEJ","JKEJP025","头部成型刀;依维柯","B",9,"EA",128.20512,{"v":1153.85,"d":"1,153.85"},12310101,"低值易耗品-生产"]
["库位: 040","JKEJ","JKEJQ002","头部球形铣刀;4BC2  19","B",1,"EA",{"v":2100,"d":"2,100.00"},{"v":2100,"d":"2,100.00"},12310101,"低值易耗品-生产"]
["库位: 040","JKEJ","JKEJQ003","头部球形铣刀;4JA1  14","B",7,"EA",{"v":2100,"d":"2,100.00"},{"v":14700,"d":"14,700.00"},12310101,"低值易耗品-生产"]
["库位: 040","JKEJ","JKEJQ005","头部球形铣刀;4JB1  R7.5","B",12,"EA",{"v":2100,"d":"2,100.00"},{"v":25200,"d":"25,200.00"},12310101,"低值易耗品-生产"]
["库位: 040","JKEJ","JKEJQ006","头部球形铣刀 CT484Q  R4.5","B",5,"EA",{"v":2100,"d":"2,100.00"},{"v":10500,"d":"10,500.00"},12310101,"低值易耗品-生产"]
["库位: 040","JKEJ","JKEJQ007","头部球形铣刀;CT484Q  R5","B",5,"EA",{"v":2100,"d":"2,100.00"},{"v":10500,"d":"10,500.00"},12310101,"低值易耗品-生产"]
["库位: 040","JKEJ","JKEJQ008","头部球形铣刀;HZ410ZQ","B",1,"EA",744.6,744.6,12310101,"低值易耗品-生产"]
["库位: 040","JKEJ","JKEJQ013","头部阀刀铣刀;4BC2  20","B",2,"EA",367.5214,735.04,12310101,"低值易耗品-生产"]
["库位: 040","JKEJ","JKEJQ014","头部阀门铣刀;4BC2  34.5","B",2,"EA",367.5214,735.04,12310101,"低值易耗品-生产"]
["库位: 040","JKEJ","JKEJQ015","头部阀门铣刀;4BC2  40","B",2,"EA",367.5214,735.04,12310101,"低值易耗品-生产"]
["库位: 040","JKEJ","JKEJQ016","头部阀门铣刀;4BC2  48","B",1,"EA",367.5214,367.52,12310101,"低值易耗品-生产"]
["库位: 040","JKEJ","JKEJQ018","头部阀门铣刀;4JA1  39.5","B",1,"EA",367.5214,367.52,12310101,"低值易耗品-生产"]
["库位: 040","JKEJ","JKEJQ019","头部阀门铣刀;4JA1 39.8","B",1,"EA",367.5214,367.52,12310101,"低值易耗品-生产"]
["库位: 040","JKEJ","JKEJQ020","头部阀门铣刀;4JA1  44.2","B",1,"EA",367.5214,367.52,12310101,"低值易耗品-生产"]
["库位: 040","JKEJ","JKEJQ021","头部阀门铣刀;4JA1  44.3","B",1,"EA",367.5214,367.52,12310101,"低值易耗品-生产"]
["库位: 040","JKEJ","JKEJQ022","头部阀门铣刀 4JB1-1  39.4","B",5,"EA",367.5214,{"v":1837.61,"d":"1,837.61"},12310101,"低值易耗品-生产"]
["库位: 040","JKEJ","JKEJQ023","头部阀门铣刀 4JB1-1  39.8","B",1,"EA",367.5214,367.52,12310101,"低值易耗品-生产"]
["库位: 040","JKEJ","JKEJQ024","头部阀门铣刀;4JB1  39.8","B",2,"EA",367.5214,735.04,12310101,"低值易耗品-生产"]
["库位: 040","JKEJ","JKEJQ025","头部阀门铣刀;4JB1  44.3","B",1,"EA",367.5214,367.52,12310101,"低值易耗品-生产"]
["库位: 040","JKEJ","JKEJQ026","头部阀门铣刀;6BD1  47","B",3,"EA",367.5214,{"v":1102.56,"d":"1,102.56"},12310101,"低值易耗品-生产"]
["库位: 040","JKEJ","JKEJQ027","头部阀门铣刀;6D14  41.5","B",2,"EA",367.5214,735.04,12310101,"低值易耗品-生产"]
["库位: 040","JKEJ","JKEJQ028","头部阀门铣刀;C223  42.4","B",2,"EA",480,960,12310101,"低值易耗品-生产"]
["库位: 040","JKEJ","JKEJQ029","头部阀门铣刀;大众81  16","B",4,"EA",367.5214,{"v":1470.09,"d":"1,470.09"},12310101,"低值易耗品-生产"]
["库位: 040","JKEJ","JKEJQ030","头部阀门铣刀;大众81  28","B",2,"EA",367.5214,735.04,12310101,"低值易耗品-生产"]
["库位: 040","JKEJ","JKEJQ031","头部阀门铣刀;R376Q  26.8","B",6,"EA",367.5214,{"v":2205.13,"d":"2,205.13"},12310101,"低值易耗品-生产"]
["库位: 040","JKEJ","JKEJQ032","头部阀门铣刀;R376Q  29","B",1,"EA",367.5214,367.52,12310101,"低值易耗品-生产"]
["库位: 040","JKEJ","JKEJQ033","头部阀门铣刀;R376Q  29.2","B",5,"EA",367.5214,{"v":1837.61,"d":"1,837.61"},12310101,"低值易耗品-生产"]
["库位: 040","JKEJ","JKEJQ034","头部阀门铣刀 SY55 SY62  19","B",5,"EA",367.5214,{"v":1837.61,"d":"1,837.61"},12310101,"低值易耗品-生产"]
["库位: 040","JKEJ","JKEJR001","R度球头铣刀;4R","B",14,"EA",18,252,12310101,"低值易耗品-生产"]
["库位: 040","JKEJ","JKEJR002","R度铣刀;5R","B",3,"EA",20.1684,60.51,12310101,"低值易耗品-生产"]
["库位: 040","JKEJ","JKEJV007","NC内径机内径车刀坯;A=5 B=18 C=5.5;TT-DSK-136-1","B",50,"EA",57.918,{"v":2895.9,"d":"2,895.90"},12310101,"低值易耗品-生产"]
["库位: 040","JKEJ","JKEJV008","NC内径机内径车刀坯;A=7 B=20 C=8;TT-DSK-136-1","B",50,"EA",80.40949,{"v":4020.47,"d":"4,020.47"},12310101,"低值易耗品-生产"]
["库位: 040","JKEJ","JKEJV009","NC内径机内径车刀坯;A=9 B=20 C=12;TT-DSK-136-1","B",20,"EA",88.68694,{"v":1773.74,"d":"1,773.74"},12310101,"低值易耗品-生产"]
["库位: 040","JKEJ","JKEJV010","NC内径机内径车刀坯;A=12 B=22 C=16;TT-DSK-136-1","B",40,"EA",88.68694,{"v":3547.48,"d":"3,547.48"},12310101,"低值易耗品-生产"]
["库位: 040","JKEJ","JKEJV011","NC内径机内径车刀坯; 8×10×33;TT-DSK-151-1","B",80,"EA",55,{"v":4400,"d":"4,400.00"},12310101,"低值易耗品-生产"]
["库位: 040","JKEJ","JKEJY253","内孔车刀;S10K-SCLPR-08; 正河源","B",1,"EA",159,159,12310101,"低值易耗品-生产"]
["库位: 040","JKEK","JKEKA001","耐磨环用板车刀杆","B",100,"EA",12.82051,{"v":1282.05,"d":"1,282.05"},12310101,"低值易耗品-生产"]
["库位: 040","JKEK","JKEKB003","内径倒角刀杆 12X41-DSK-012","B",255,"EA",49.57,{"v":12640.35,"d":"12,640.35"},12310101,"低值易耗品-生产"]
["库位: 040","JKEK","JKEKB005","钻石内径车刀刀体 8X40-DSK-084-1/2","B",50,"EA",61.99125,{"v":3099.56,"d":"3,099.56"},12310101,"低值易耗品-生产"]
["库位: 040","JKEK","JKEKD001","钨钢刀柄;2X12.9X100; TT-DSK-113","B",140,"EA",39.44797,{"v":5522.72,"d":"5,522.72"},12310101,"低值易耗品-生产"]
["库位: 040","JKEK","JKEKD003","钨钢刀柄;3X12.9X100; TT-DSK-113","B",130,"EA",65.03709,{"v":8454.82,"d":"8,454.82"},12310101,"低值易耗品-生产"]
["库位: 040","JKEK","JKEKD004","钨钢刀柄;3.5X12.9X100; TT-DSK-113","B",150,"EA",66.29802,{"v":9944.7,"d":"9,944.70"},12310101,"低值易耗品-生产"]
["库位: 040","JKEK","JKEKD007","钨钢刀柄;4.5X12.9X100; TT-DSK-113","B",40,"EA",76.79306,{"v":3071.72,"d":"3,071.72"},12310101,"低值易耗品-生产"]
["库位: 040","JKEK","JKEKD008","钨钢刀柄;5X12.9X100; TT-DSK-113","B",80,"EA",70.94955,{"v":5675.96,"d":"5,675.96"},12310101,"低值易耗品-生产"]
["库位: 040","JKEK","JKEKD011","钨钢刀柄;7X12.9X100; TT-DSK-113","B",10,"EA",110.8125,{"v":1108.13,"d":"1,108.13"},12310101,"低值易耗品-生产"]
["库位: 040","JKEK","JKEKD012","钨钢刀柄;8.1X12.9X100; TT-DSK-113","B",50,"EA",126.62323,{"v":6331.16,"d":"6,331.16"},12310101,"低值易耗品-生产"]
["库位: 040","JKEK","JKEKD024","钨钢刀柄;4×4×20","B",50,"EA",18.46875,923.44,12310101,"低值易耗品-生产"]
["库位: 040","JKEK","JKEKD025","钨钢刀柄;4×4×24","B",90,"EA",20.93125,{"v":1883.81,"d":"1,883.81"},12310101,"低值易耗品-生产"]
["库位: 040","JKEK","JKEKE001","钨钢搪孔刀柄;3X9 TT-DSK-090","B",30,"EA",30,900,12310101,"低值易耗品-生产"]
["库位: 040","JKEK","JKEKE002","钨钢搪孔刀柄;4X12","B",97,"EA",26.0631,{"v":2528.12,"d":"2,528.12"},12310101,"低值易耗品-生产"]
["库位: 040","JKEK","JKEKE003","钨钢搪孔刀柄;4X12 TT-DSK-090","B",440,"EA",26.0631,{"v":11467.76,"d":"11,467.76"},12310101,"低值易耗品-生产"]
["库位: 040","JKEK","JKEKE006","钨钢搪孔刀柄;4X16 TT-DSK-090","B",50,"EA",25.54184,{"v":1277.09,"d":"1,277.09"},12310101,"低值易耗品-生产"]
["库位: 040","JKEK","JKEKE063","CNC精搪孔刀柄;TT-DSK-129 Φ7×25×L57×Φ25","B",74,"EA",809.84133,{"v":59928.26,"d":"59,928.26"},12310101,"低值易耗品-生产"]
["库位: 040","JKEK","JKEKE064","CNC精搪孔刀柄;TT-DSK-129 Φ7×35×L67×Φ25","B",18,"EA",888.49397,{"v":15992.89,"d":"15,992.89"},12310101,"低值易耗品-生产"]
["库位: 040","JKEK","JKEKE065","CNC精搪孔刀柄;TT-DSK-129 Φ8.9×32×L64×Φ25","B",48,"EA",864.14911,{"v":41479.16,"d":"41,479.16"},12310101,"低值易耗品-生产"]
["库位: 040","JKEK","JKEKE067","CNC精搪孔刀柄;TT-DSK-129 Φ11.6×36×L68×Φ25","B",33,"EA",867.33267,{"v":28621.98,"d":"28,621.98"},12310101,"低值易耗品-生产"]
["库位: 040","JKEK","JKEKE068","CNC精搪孔刀柄;TT-DSK-129 Φ11.6×44×L76×Φ25","B",17,"EA",954.22511,{"v":16221.83,"d":"16,221.83"},12310101,"低值易耗品-生产"]
["库位: 040","JKEK","JKEKE069","CNC精搪孔刀柄;TT-DSK-129 Φ11.8×31×L63×Φ25","B",63,"EA",858.53106,{"v":54087.46,"d":"54,087.46"},12310101,"低值易耗品-生产"]
["库位: 040","JKEK","JKEKE071","CNC精搪孔刀柄;TT-DSK-129 Φ12.7×44×L76×Φ25","B",27,"EA",954.22511,{"v":25764.08,"d":"25,764.08"},12310101,"低值易耗品-生产"]
["库位: 040","JKEK","JKEKE072","CNC精搪孔刀柄;TT-DSK-129 Φ12.7×55×L87×Φ25","B",42,"EA",{"v":1036.99766,"d":"1,037.00"},{"v":43553.9,"d":"43,553.90"},12310101,"低值易耗品-生产"]
["库位: 040","JKEK","JKEKE073","CNC精搪孔刀柄;TT-DSK-129 Φ13.6×40×L72×Φ25","B",49,"EA",925.01127,{"v":45325.55,"d":"45,325.55"},12310101,"低值易耗品-生产"]
["库位: 040","JKEK","JKEKE075","CNC精搪孔刀柄;TT-DSK-129 Φ14.5×48×L80×Φ25","B",47,"EA",951.60336,{"v":44725.36,"d":"44,725.36"},12310101,"低值易耗品-生产"]
["库位: 040","JKEK","JKEKE076","CNC精搪孔刀柄;TT-DSK-129 Φ14.5×68×L100×Φ25","B",32,"EA",{"v":1127.82273,"d":"1,127.82"},{"v":36090.33,"d":"36,090.33"},12310101,"低值易耗品-生产"]
["库位: 040","JKEK","JKEKE078","CNC精搪孔刀柄;TT-DSK-129 Φ14.5×58×L90×Φ25","B",17,"EA",{"v":1027.91515,"d":"1,027.92"},{"v":17474.56,"d":"17,474.56"},12310101,"低值易耗品-生产"]
["库位: 040","JKEK","JKEKE079","CNC精搪孔刀柄;TT-DSK-129 Φ15.4×56×L88×Φ25","B",24,"EA",{"v":1027.91515,"d":"1,027.92"},{"v":24669.96,"d":"24,669.96"},12310101,"低值易耗品-生产"]
["库位: 040","JKEK","JKEKE080","CNC精搪孔刀柄;TT-DSK-129 Φ15.4×71×L103×Φ25","B",7,"EA",{"v":1375.5,"d":"1,375.50"},{"v":9628.5,"d":"9,628.50"},12310101,"低值易耗品-生产"]
["库位: 040","JKEK","JKEKE081","CNC精搪孔刀柄;TT-DSK-129 Φ17.2×74×L108×Φ25","B",3,"EA",{"v":1355.16633,"d":"1,355.17"},{"v":4065.5,"d":"4,065.50"},12310101,"低值易耗品-生产"]
["库位: 040","JKEK","JKEKE082","CNC精搪孔刀柄;TT-DSK-129 Φ16.3×58×L90×Φ25","B",16,"EA",{"v":1265.9,"d":"1,265.90"},{"v":20254.4,"d":"20,254.40"},12310101,"低值易耗品-生产"]
["库位: 040","JKEK","JKEKE083","CNC精搪孔刀柄;TT-DSK-129 Φ16.3×73×L105×Φ25","B",2,"EA",{"v":1394.9,"d":"1,394.90"},{"v":2789.8,"d":"2,789.80"},12310101,"低值易耗品-生产"]
["库位: 040","JKEK","JKEKE095","NC精搪刀柄TT-DSK-129-1-a Φ9.9×34×L66×Φ25","B",40,"EA",{"v":1036.8,"d":"1,036.80"},{"v":41472,"d":"41,472.00"},12310101,"低值易耗品-生产"]
["库位: 040","JKEK","JKEKE096","NC精搪刀柄TT-DSK-129-1-a Φ9.9×42×L74×Φ25","B",26,"EA",{"v":1104,"d":"1,104.00"},{"v":28704,"d":"28,704.00"},12310101,"低值易耗品-生产"]
["库位: 040","JKEK","JKEKE101","CNC精搪孔刀柄;TT-DSK-129 Φ18.1×50×L82×Φ25","B",31,"EA",{"v":1056.19265,"d":"1,056.19"},{"v":32741.97,"d":"32,741.97"},12310101,"低值易耗品-生产"]
["库位: 040","JKEK","JKEKE102","CNC精搪孔刀柄;TT-DSK-129 Φ18.1×65×L97×Φ25","B",12,"EA",{"v":1182.97322,"d":"1,182.97"},{"v":14195.68,"d":"14,195.68"},12310101,"低值易耗品-生产"]
["库位: 040","JKEK","JKEKF003","钳工刀柄;8X38-TT-DSK-073","B",160,"EA",50,{"v":8000,"d":"8,000.00"},12310101,"低值易耗品-生产"]
["库位: 040","JKEK","JKEKG001","头部粗车刀柄 TT-DSK-088-1/2-1","B",90,"EA",65.9725,{"v":5937.53,"d":"5,937.53"},12310101,"低值易耗品-生产"]
["库位: 040","JKEK","JKEKG002","头部精车刀柄 TT-DSK-088-2/2-1","B",90,"EA",65.9725,{"v":5937.53,"d":"5,937.53"},12310101,"低值易耗品-生产"]
["库位: 040","JKEK","JKEKH353","精搪刀杆;SBJ-1606-24 正河源","B",2,"EA",270,540,12310101,"低值易耗品-生产"]
["库位: 040","JKEK","JKEKH354","精搪刀杆;SBJ-1608-40 正河源","B",1,"EA",270,270,12310101,"低值易耗品-生产"]
["库位: 040","JKEK","JKEKH355","精搪刀杆;SBJ-1610-40 正河源","B",3,"EA",216,648,12310101,"低值易耗品-生产"]
["库位: 040","JKEK","JKEKH356","精搪刀杆;SBJ-1612-53 正河源","B",2,"EA",216,432,12310101,"低值易耗品-生产"]
["库位: 040","JKEK","JKEKH358","精搪刀杆;SBJ-1620-83 正河源","B",1,"EA",216,216,12310101,"低值易耗品-生产"]
["库位: 040","JKEK","JKEKJ001","割刀杆","B",50,"EA",16.85306,842.65,12310101,"低值易耗品-生产"]
["库位: 040","JKEK","JKEKJ002","专用左偏刀杆","B",50,"EA",5.586,279.3,12310101,"低值易耗品-生产"]
["库位: 040","JKEK","JKEKJ003","专用右偏刀杆","B",157,"EA",4.89743,768.9,12310101,"低值易耗品-生产"]
["库位: 040","JKEK","JKEKJ005","外圆车刀杆;45°","B",50,"EA",4.5,225,12310101,"低值易耗品-生产"]
["库位: 040","JKEL","JKELA002","钨钢片;1.3X20X20","B",13,"EA",5,65,12310101,"低值易耗品-生产"]
["库位: 040","JKEL","JKELA004","钨钢片;1.5X20X20","B",17,"EA",5,85,12310101,"低值易耗品-生产"]
["库位: 040","JKEL","JKELA009","钨钢片;1.8X20X20","B",19,"EA",5,95,12310101,"低值易耗品-生产"]
["库位: 040","JKEL","JKELA025","钨钢片;3X2.5X100","B",88,"EA",15.24938,{"v":1341.95,"d":"1,341.95"},12310101,"低值易耗品-生产"]
["库位: 040","JKEL","JKELA036","钨钢片;3.8X20X20","B",21,"EA",5,105,12310101,"低值易耗品-生产"]
["库位: 040","JKEL","JKELA048","钨钢片;4.3X20X20","B",9,"EA",5,45,12310101,"低值易耗品-生产"]
["库位: 040","JKEL","JKELA049","钨钢片;4.5X3X17","B",135,"EA",3.93162,530.77,12310101,"低值易耗品-生产"]
["库位: 040","JKEL","JKELA050","钨钢片;4.5X5X12","B",98,"EA",7.16253,701.93,12310101,"低值易耗品-生产"]
["库位: 040","JKEL","JKELA060","钨钢片;6X6X20","B",14,"EA",9.83641,137.71,12310101,"低值易耗品-生产"]
["库位: 040","JKEL","JKELA068","钨钢片;K3;5×5×50","B",43,"EA",23.1672,996.19,12310101,"低值易耗品-生产"]
["库位: 040","JKEL","JKELA084","钨钢片;8.5×8.5×100","B",40,"EA",130,{"v":5200,"d":"5,200.00"},12310101,"低值易耗品-生产"]
["库位: 040","JKEL","JKELA089","钨钢片;K3;4×4×14","B",50,"EA",12.9968,649.84,12310101,"低值易耗品-生产"]
["库位: 040","JKEL","JKELA104","钨钢块;YG8;8.5×14×100","B",20,"EA",106.42433,{"v":2128.49,"d":"2,128.49"},12310101,"低值易耗品-生产"]
["库位: 040","JKEL","JKELA114","钨钢块;4×4×20; SF15A;TT-DSK-164","B",200,"EA",31.52,{"v":6304,"d":"6,304.00"},12310101,"低值易耗品-生产"]
["库位: 040","JKEL","JKELB008","钨钢片 合金刀片YT5;4X10X12","B",15,"EA",8.547,128.21,12310101,"低值易耗品-生产"]
["库位: 040","JKEL","JKELB010","硬质合金刀片;YG6 A116","B",49,"EA",2.4,117.6,12310101,"低值易耗品-生产"]
["库位: 040","JKEL","JKELB011","硬质合金刀片;A118","B",77,"EA",2.728,210.06,12310101,"低值易耗品-生产"]
["库位: 040","JKEL","JKELB012","硬质合金刀片;A410Z","B",169,"EA",2,338,12310101,"低值易耗品-生产"]
["库位: 040","JKEL","JKELB013","硬质合金刀片;A420","B",50,"EA",6.3,315,12310101,"低值易耗品-生产"]
["库位: 040","JKEL","JKELB014","硬质合金刀片;B214","B",39,"EA",2,78,12310101,"低值易耗品-生产"]
["库位: 040","JKEL","JKELB015","硬质合金刀片;C110","B",367,"EA",2,734,12310101,"低值易耗品-生产"]
["库位: 040","JKEL","JKELB016","硬质合金刀片;C116","B",54,"EA",2,108,12310101,"低值易耗品-生产"]
["库位: 040","JKEL","JKELB017","硬质合金刀片;C304","B",50,"EA",2.54,127,12310101,"低值易耗品-生产"]
["库位: 040","JKEL","JKELD001","硬质合金刀片;四角 YT14","B",50,"EA",6.9,345,12310101,"低值易耗品-生产"]
["库位: 040","JLAA","JLAA011","紫铜棒","A",1.1,"KG",73.75104,81.13,12310101,"低值易耗品-生产"]
["库位: 040","JLBA","JLBA007","黄铜棒;φ40","C",7.9,"KG",48.36653,382.1,12310101,"低值易耗品-生产"]
["库位: 040","JLBD","JLBD009","铝棒;φ35","A",432.4,"KG",26.92099,{"v":11640.64,"d":"11,640.64"},12310101,"低值易耗品-生产"]
["库位: 040","JLBG","JLBG002","阳极氧化阴极板 900X130X15","A",140,"KG",12.39316,{"v":1735.04,"d":"1,735.04"},12310101,"低值易耗品-生产"]
["库位: 040","JLCC","JLCC002","盖板坯","A",116.7,"KG",3.24786,379.03,12310101,"低值易耗品-生产"]
["库位: 040","JLCC","JLCC003","顶模坯","A",42.23,"KG",3.24786,137.16,12310101,"低值易耗品-生产"]
["库位: 040","JLCC","JLCC004","嵌块坯","A",93.3,"KG",3.24786,303.03,12310101,"低值易耗品-生产"]
["库位: 040","JLCC","JLCC005","外模坯","A",661.6,"KG",4.2735,{"v":2827.35,"d":"2,827.35"},12310101,"低值易耗品-生产"]
["库位: 040","JLCC","JLCC008","凹形铁;100","A",30,"EA",31,930,12310101,"低值易耗品-生产"]
["库位: 040","JLCC","JLCC010","凹形铁;105","A",23,"EA",31,713,12310101,"低值易耗品-生产"]
["库位: 040","JLCC","JLCC012","凹形铁;110","A",16,"EA",31,496,12310101,"低值易耗品-生产"]
["库位: 040","JLCC","JLCC014","凹形铁;115","A",55,"EA",31,{"v":1705,"d":"1,705.00"},12310101,"低值易耗品-生产"]
["库位: 040","JLCC","JLCC016","凹形铁;FS;160","A",15,"EA",123,{"v":1845,"d":"1,845.00"},12310101,"低值易耗品-生产"]
["库位: 040","JLCC","JLCC017","凹形铁;70","A",50,"EA",31,{"v":1550,"d":"1,550.00"},12310101,"低值易耗品-生产"]
["库位: 040","JLCC","JLCC019","凹形铁;75","A",64,"EA",31,{"v":1984,"d":"1,984.00"},12310101,"低值易耗品-生产"]
["库位: 040","JLCC","JLCC021","凹形铁;80",null,17,"EA",31,527,12310101,"低值易耗品-生产"]
["库位: 040","JLCC","JLCC023","凹形铁;85","A",50,"EA",31,{"v":1550,"d":"1,550.00"},12310101,"低值易耗品-生产"]
["库位: 040","JLCC","JLCC025","凹形铁;90","A",20,"EA",31,620,12310101,"低值易耗品-生产"]
["库位: 040","JLCC","JLCC027","凹形铁;95","A",24,"EA",31,744,12310101,"低值易耗品-生产"]
["库位: 040","JLCC","JLCC041","铸铁块;100×150×180","A",2,"EA",85.47008,170.94,12310101,"低值易耗品-生产"]
["库位: 040","JLCC","JLCC058","外模;XF125T;9.24kg","A",7,"ST",61.6,431.2,12310101,"低值易耗品-生产"]
["库位: 040","JLCC","JLCC059","外模;2T;39.8kg","A",13,"ST",205.45954,{"v":2670.97,"d":"2,670.97"},12310101,"低值易耗品-生产"]
["库位: 040","JLCC","JLCC060","外模;B1-1;25kg","A",15,"ST",129.0575,{"v":1935.86,"d":"1,935.86"},12310101,"低值易耗品-生产"]
["库位: 040","JLCC","JLCC061","外模;B2-1;36kg","A",3,"ST",134.2198,402.66,12310101,"低值易耗品-生产"]
["库位: 040","JLCC","JLCC062","外模;B5-1;24.8kg","A",3,"ST",128.02504,384.08,12310101,"低值易耗品-生产"]
["库位: 040","JLCC","JLCC063","外模;B6-1;20.5kg","A",11,"ST",105.82716,{"v":1164.1,"d":"1,164.10"},12310101,"低值易耗品-生产"]
["库位: 040","JLCC","JLCC064","外模;CG;10.2kg","A",15,"ST",73.44,{"v":1101.6,"d":"1,101.60"},12310101,"低值易耗品-生产"]
["库位: 040","JLCC","JLCC066","外模;D21;24.9kg","A",5,"ST",128.54128,642.71,12310101,"低值易耗品-生产"]
["库位: 040","JLCC","JLCC067","外模;D32;29kg","A",4,"ST",149.7067,598.83,12310101,"低值易耗品-生产"]
["库位: 040","JLCC","JLCC068","外模;F1;10.9kg","A",24,"ST",78.48,{"v":1883.52,"d":"1,883.52"},12310101,"低值易耗品-生产"]
["库位: 040","JLCC","JLCC069","外模;F2;11.6kg","A",27.5,"ST",83.52,{"v":2296.8,"d":"2,296.80"},12310101,"低值易耗品-生产"]
["库位: 040","JLCC","JLCC070","外模;F3;12.4kg","A",32,"ST",89.28,{"v":2856.96,"d":"2,856.96"},12310101,"低值易耗品-生产"]
["库位: 040","JLCC","JLCC071","外模;F3-1;20kg","A",32,"ST",103.246,{"v":3303.87,"d":"3,303.87"},12310101,"低值易耗品-生产"]
["库位: 040","JLCC","JLCC072","外模;F4;12.6kg","A",17.5,"ST",80.41925,{"v":1407.34,"d":"1,407.34"},12310101,"低值易耗品-生产"]
["库位: 040","JLCC","JLCC073","外模;F4-1;11.7kg","A",24.5,"ST",60.39892,{"v":1479.77,"d":"1,479.77"},12310101,"低值易耗品-生产"]
["库位: 040","JLCC","JLCC074","外模;F5;17.2kg","A",16.5,"ST",123.84,{"v":2043.36,"d":"2,043.36"},12310101,"低值易耗品-生产"]
["库位: 040","JLCC","JLCC075","外模;F5-1;15.1kg","A",7,"ST",77.95074,545.66,12310101,"低值易耗品-生产"]
["库位: 040","JLCC","JLCC076","外模;F6;19.5kg","A",3,"ST",124.45836,373.38,12310101,"低值易耗品-生产"]
["库位: 040","JLCC","JLCC077","外模;F8;19.7kg","A",17,"ST",141.84,{"v":2411.28,"d":"2,411.28"},12310101,"低值易耗品-生产"]
["库位: 040","JLCC","JLCC078","外模;G1;8.6kg","A",22,"ST",61.92,{"v":1362.24,"d":"1,362.24"},12310101,"低值易耗品-生产"]
["库位: 040","JLCC","JLCC079","外模;G4;11.6kg","A",22,"ST",59.88268,{"v":1317.42,"d":"1,317.42"},12310101,"低值易耗品-生产"]
["库位: 040","JLCC","JLCC080","外模;G6;21.3kg","A",8,"ST",153.36,{"v":1226.88,"d":"1,226.88"},12310101,"低值易耗品-生产"]
["库位: 040","JLCC","JLCC081","外模;G8;29.5kg","A",6,"ST",152.28786,913.73,12310101,"低值易耗品-生产"]
["库位: 040","JLCC","JLCC082","外模;G8-1;40.6kg","A",13.5,"ST",209.58938,{"v":2829.46,"d":"2,829.46"},12310101,"低值易耗品-生产"]
["库位: 040","JLCC","JLCC083","外模;G8-1-1;43.5kg","A",1,"ST",224.56006,224.56,12310101,"低值易耗品-生产"]
["库位: 040","JLCC","JLCC084","外模;G8-2;31kg","A",16,"ST",160.0313,{"v":2560.5,"d":"2,560.50"},12310101,"低值易耗品-生产"]
["库位: 040","JLCC","JLCC085","外模;G8-3;34kg","A",18.5,"ST",175.5182,{"v":3247.09,"d":"3,247.09"},12310101,"低值易耗品-生产"]
["库位: 040","JLCC","JLCC086","外模;G8-4;45kg","A",23,"ST",232.3035,{"v":5342.98,"d":"5,342.98"},12310101,"低值易耗品-生产"]
["库位: 040","JLCC","JLCC087","外模;G8-5;53kg","A",20.5,"ST",273.6019,{"v":5608.84,"d":"5,608.84"},12310101,"低值易耗品-生产"]
["库位: 040","JLCC","JLCC088","外模;G8-6;33.7kg","A",11,"ST",173.96952,{"v":1913.66,"d":"1,913.66"},12310101,"低值易耗品-生产"]
["库位: 040","JLCC","JLCC089","外模;G9;29.6kg","A",6,"ST",152.80408,916.82,12310101,"低值易耗品-生产"]
["库位: 040","JLCC","JLCC090","外模;H1;14.6kg","A",40,"ST",105.12,{"v":4204.8,"d":"4,204.80"},12310101,"低值易耗品-生产"]
["库位: 040","JLCC","JLCC091","外模;H1-1;15.5kg","A",10,"ST",80.01566,800.16,12310101,"低值易耗品-生产"]
["库位: 040","JLCC","JLCC092","外模;H2;16.5kg","A",9,"ST",118.8,{"v":1069.2,"d":"1,069.20"},12310101,"低值易耗品-生产"]
["库位: 040","JLCC","JLCC093","外模;H3;14.9kg","A",27,"ST",107.28,{"v":2896.56,"d":"2,896.56"},12310101,"低值易耗品-生产"]
["库位: 040","JLCC","JLCC094","外模;H4;16.7kg","A",10,"ST",120.24,{"v":1202.4,"d":"1,202.40"},12310101,"低值易耗品-生产"]
["库位: 040","JLCC","JLCC095","外模;H5;17.5kg","A",20,"ST",126,{"v":2520,"d":"2,520.00"},12310101,"低值易耗品-生产"]
["库位: 040","JLCC","JLCC096","外模;H6;20kg","A",18,"ST",144,{"v":2592,"d":"2,592.00"},12310101,"低值易耗品-生产"]
["库位: 040","JLCC","JLCC097","外模;H6-1;17kg","A",2,"ST",87.7591,175.52,12310101,"低值易耗品-生产"]
["库位: 040","JLCC","JLCC098","外模;H7;20kg","A",1.5,"ST",127.6496,191.47,12310101,"低值易耗品-生产"]
["库位: 040","JLCC","JLCC099","外模;H8;21.4kg","A",20.5,"ST",110.47322,{"v":2264.7,"d":"2,264.70"},12310101,"低值易耗品-生产"]
["库位: 040","JLCC","JLCC101","外模;K5;16kg","A",16,"ST",115.2,{"v":1843.2,"d":"1,843.20"},12310101,"低值易耗品-生产"]
["库位: 040","JLCC","JLCC102","外模;K6;17.8kg","A",29,"ST",128.16,{"v":3716.64,"d":"3,716.64"},12310101,"低值易耗品-生产"]
["库位: 040","JLCC","JLCC103","外模;K7;18.8kg","A",3,"ST",135.36,406.08,12310101,"低值易耗品-生产"]
["库位: 040","JLCC","JLCC104","外模;S2;9.25kg","A",19.5,"ST",61.667,{"v":1202.51,"d":"1,202.51"},12310101,"低值易耗品-生产"]
["库位: 040","JLCC","JLCC105","外模;T1;13.5kg","A",41,"ST",69.69106,{"v":2857.33,"d":"2,857.33"},12310101,"低值易耗品-生产"]
["库位: 040","JLCC","JLCC106","外模;T2;13.3kg","A",29,"ST",68.6586,{"v":1991.1,"d":"1,991.10"},12310101,"低值易耗品-生产"]
["库位: 040","JLCC","JLCC107","外模;T3;14kg","A",44,"ST",72.2722,{"v":3179.98,"d":"3,179.98"},12310101,"低值易耗品-生产"]
["库位: 040","JLCC","JLCC108","外模;T4;15.7kg","A",35,"ST",81.04812,{"v":2836.68,"d":"2,836.68"},12310101,"低值易耗品-生产"]
["库位: 040","JLCC","JLCC109","外模;T5;16kg","A",44,"ST",82.5968,{"v":3634.26,"d":"3,634.26"},12310101,"低值易耗品-生产"]
["库位: 040","JLCC","JLCC110","外模;复盛120;49.5kg","A",1,"ST",255.53386,255.53,12310101,"低值易耗品-生产"]
["库位: 040","JLCC","JLCC122","底模;Φ140;7.4kg","A",15,"ST",38.20102,573.02,12310101,"低值易耗品-生产"]
["库位: 040","JLCC","JLCC123","底模;Φ140;加高;11.4kg","A",17,"ST",58.85022,{"v":1000.45,"d":"1,000.45"},12310101,"低值易耗品-生产"]
["库位: 040","JLCC","JLCC124","底模;Φ150;13kg","A",2,"ST",67.1099,134.22,12310101,"低值易耗品-生产"]
["库位: 040","JLCC","JLCC125","底模;Φ170;15.2kg","A",31,"ST",78.46696,{"v":2432.48,"d":"2,432.48"},12310101,"低值易耗品-生产"]
["库位: 040","JLCC","JLCC126","外模;B4-1;24.25kg","A",5,"ST",129.0575,645.29,12310101,"低值易耗品-生产"]
["库位: 040","JLCC","JLCC128","铸铁内模坯 FCD450-04-CG125;3.3KG","A",22,"ST",30.03,660.66,12310101,"低值易耗品-生产"]
["库位: 040","JLCC","JLCC150","铸铁内模坯 FCD450-06-ET950;2KG","B",19,"ST",21.524,408.96,12310101,"低值易耗品-生产"]
["库位: 040","JLCC","JLCC151","铸铁内模坯 FCD450-10-GB5;2.1KG","B",16,"ST",13.79742,220.76,12310101,"低值易耗品-生产"]
["库位: 040","JLCC","JLCC152","铸铁内模坯 FCD450-03-GN5;2.3KG","B",30,"ST",15.11146,453.34,12310101,"低值易耗品-生产"]
["库位: 040","JLCC","JLCC153","铸铁内模坯 FCD450-12-GY6;2.5KG","B",22,"ST",22.75,500.5,12310101,"低值易耗品-生产"]
["库位: 040","JLCC","JLCC154","铸铁内模坯 FCD450-08-CB125;3KG","B",12,"ST",13.56557,162.79,12310101,"低值易耗品-生产"]
["库位: 040","JLCC","JLCC155","铸铁内模坯 FCD450-07-EX170;3.5KG","B",10,"ST",17.19163,171.92,12310101,"低值易耗品-生产"]
["库位: 040","JLCC","JLCC156","铸铁内模坯 FCD450-05-EX270;4.5KG","B",26,"ST",21.81243,567.12,12310101,"低值易耗品-生产"]
["库位: 040","JLCC","JLCC158","铸铁内模坯 FCD450-02-186F;6KG","B",1,"ST",41.06376,41.06,12310101,"低值易耗品-生产"]
["库位: 040","JLCC","JLCC160","铸铁内模坯 FCD450-11-L110;3KG","B",27,"ST",27.3,737.1,12310101,"低值易耗品-生产"]
["库位: 040","JLCC","JLCC164","内模坯;3.806KG; FCD450-40-28123411H3","B",1,"ST",40.96017,40.96,12310101,"低值易耗品-生产"]
["库位: 040","JLCC","JLCC169","内模坯;3.544KG; FCD450-45-KVC","B",19,"ST",38.14053,724.67,12310101,"低值易耗品-生产"]
["库位: 040","JLCC","JLCC171","内模坯;1.505KG; FCD450-47-GFC","B",13,"ST",17.52054,227.77,12310101,"低值易耗品-生产"]
["库位: 040","JLCC","JLCC172","内模坯;2.855KG; FCD450-48-LH150T","B",1,"ST",33.23628,33.24,12310101,"低值易耗品-生产"]
["库位: 040","JLCC","JLCC175","内模坯;5.795KG; FCD450-27-7CR","B",9,"ST",55.96706,503.7,12310101,"低值易耗品-生产"]
["库位: 040","JLCC","JLCC176","内模坯;2.815KG; FCD450-28-CG150-005-2161","B",3,"ST",27.18481,81.55,12310101,"低值易耗品-生产"]
["库位: 040","JLCC","JLCC178","内模坯;2.284KG; FCD450-30-豪迈60-1","B",17,"ST",22.05846,374.99,12310101,"低值易耗品-生产"]
["库位: 040","JLCC","JLCC179","内模坯;3.99KG; FCD450-31-LH250","B",23,"ST",38.5347,886.3,12310101,"低值易耗品-生产"]
["库位: 040","JLCC","JLCC180","内模坯;2.284KG; FCD450-32-KTT","B",1,"ST",26.5886,26.59,12310101,"低值易耗品-生产"]
["库位: 040","JLCC","JLCC182","内模坯;2.71KG; FCD450-34-KRW","B",1,"ST",29.16502,29.17,12310101,"低值易耗品-生产"]
["库位: 040","JLCC","JLCC184","内模坯;2.34KG; FCD450-36-5WB","B",8,"ST",27.24077,217.93,12310101,"低值易耗品-生产"]
["库位: 040","JLCC","JLCC185","内模坯;3.644KG; FCD450-37-CN175","B",25,"ST",42.42165,{"v":1060.54,"d":"1,060.54"},12310101,"低值易耗品-生产"]
["库位: 040","JLCC","JLCC187","内模坯;3.555KG; FCD450-39-豪汉150","B",3,"ST",34.33355,103,12310101,"低值易耗品-生产"]
["库位: 040","JLCC","JLCC189","内模坯;3.39KG; FCD450-14-KEW","B",15,"ST",32.74132,491.12,12310101,"低值易耗品-生产"]
["库位: 040","JLCC","JLCC191","内模坯;4.87KG; FCD450-16-KM178FA","B",6,"ST",47.03358,282.2,12310101,"低值易耗品-生产"]
["库位: 040","JLCC","JLCC192","内模坯;4.92KG; FCD450-17-TU5","B",3,"ST",47.51647,142.55,12310101,"低值易耗品-生产"]
["库位: 040","JLCC","JLCC194","内模坯;4.105KG; FCD450-19-CG150-005-1995","B",19,"ST",39.64535,753.26,12310101,"低值易耗品-生产"]
["库位: 040","JLCC","JLCC197","内模坯;4.32KG; FCD450-22-28223411H3","B",1,"ST",46.49184,46.49,12310101,"低值易耗品-生产"]
["库位: 040","JLCC","JLCC199","内模坯;2.68KG; FCD450-24-100T","B",1,"ST",31.19904,31.2,12310101,"低值易耗品-生产"]
["库位: 040","JLCC","JLCC200","内模坯;2.53KG; FCD450-25-AN125","B",29,"ST",29.45237,854.12,12310101,"低值易耗品-生产"]
["库位: 040","JLCC","JLCC205","底模坯;球墨铸铁; φ70;3.7KG","B",42,"ST",33.67,{"v":1414.14,"d":"1,414.14"},12310101,"低值易耗品-生产"]
["库位: 040","JLCC","JLCC206","底模坯;球墨铸铁; φ75;3.8KG","B",51,"ST",34.58,{"v":1763.58,"d":"1,763.58"},12310101,"低值易耗品-生产"]
["库位: 040","JLCC","JLCC207","底模坯;球墨铸铁; φ80;4KG","B",55,"ST",36.4,{"v":2002,"d":"2,002.00"},12310101,"低值易耗品-生产"]
["库位: 040","JLCC","JLCC208","底模坯;球墨铸铁; φ85;4.7KG","B",26,"ST",42.77,{"v":1112.02,"d":"1,112.02"},12310101,"低值易耗品-生产"]
["库位: 040","JLCC","JLCC209","底模坯;球墨铸铁; φ90;5.5KG","B",38,"ST",50.05,{"v":1901.9,"d":"1,901.90"},12310101,"低值易耗品-生产"]
["库位: 040","JLCC","JLCC210","底模坯;球墨铸铁; φ100;5.3KG","B",22,"ST",48.23,{"v":1061.06,"d":"1,061.06"},12310101,"低值易耗品-生产"]
["库位: 040","JLCC","JLCC212","底模坯;球墨铸铁; φ95;5.15KG","B",24,"ST",46.87,{"v":1124.88,"d":"1,124.88"},12310101,"低值易耗品-生产"]
["库位: 040","JLCC","JLCC214","底模坯;球墨铸铁; φ100;加高;6.2KG","B",13,"ST",56.42,733.46,12310101,"低值易耗品-生产"]
["库位: 040","JLCC","JLCC215","底模坯;球墨铸铁; φ120;加高;9.15KG","B",3,"ST",83.27,249.81,12310101,"低值易耗品-生产"]
["库位: 040","JLCC","JLCC252","底模坯;球墨铸铁; φ110;5.5KG","B",31,"ST",50.05,{"v":1551.55,"d":"1,551.55"},12310101,"低值易耗品-生产"]
["库位: 040","JLCC","JLCC265","铸铁板(HT200); 160×160×25","B",5,"EA",26.16817,130.84,12310101,"低值易耗品-生产"]
["库位: 040","JLCC","JLCC266","铸铁板(HT200); 135×135×25","B",4,"EA",19.14744,76.59,12310101,"低值易耗品-生产"]
["库位: 040","JLCC","JLCC267","铸铁板(HT200); 130×130×25","B",10,"EA",18.50919,185.09,12310101,"低值易耗品-生产"]
["库位: 040","JLCC","JLCC268","铸铁板(HT200); 155×155×25","B",5,"EA",22.97693,114.88,12310101,"低值易耗品-生产"]
["库位: 040","JLCC","JLCC269","铸铁板(HT200); 150×150×25","B",5,"EA",22.97693,114.88,12310101,"低值易耗品-生产"]
["库位: 040","JLCC","JLCC276","外模坯;70-75-115(QT450)","B",14,"ST",121.49545,{"v":1700.94,"d":"1,700.94"},12310101,"低值易耗品-生产"]
["库位: 040","JLCC","JLCC277","内模坯;70-75-165-23 (QT550)","B",22,"ST",107.97407,{"v":2375.43,"d":"2,375.43"},12310101,"低值易耗品-生产"]
["库位: 040","JLCC","JLCC278","底模坯;75-80 DXM-01 (QT550)","B",7,"EA",52.44897,367.14,12310101,"低值易耗品-生产"]
["库位: 040","JLCC","JLCC281","外模坯;63-70-115 (QT450)","B",4,"ST",117.05289,468.21,12310101,"低值易耗品-生产"]
["库位: 040","JLCC","JLCC282","外模坯;63-70-125 (QT450)","B",8,"ST",124.77893,998.23,12310101,"低值易耗品-生产"]
["库位: 040","JLCC","JLCC283","外模坯;63-70-135 (QT450)","B",6,"ST",133.66404,801.98,12310101,"低值易耗品-生产"]
["库位: 040","JLCC","JLCC284","外模坯;70-75-125 (QT450)","B",18,"ST",133.27768,{"v":2399,"d":"2,399.00"},12310101,"低值易耗品-生产"]
["库位: 040","JLCC","JLCC285","外模坯;70-75-145 (QT450)","B",11,"ST",144.86728,{"v":1593.54,"d":"1,593.54"},12310101,"低值易耗品-生产"]
["库位: 040","JLCC","JLCC286","外模坯;75-80-115 (QT450)","B",3,"ST",122.65451,367.96,12310101,"低值易耗品-生产"]
["库位: 040","JLCC","JLCC287","外模坯;75-80-125 (QT450)","B",21,"ST",130.95955,{"v":2750.15,"d":"2,750.15"},12310101,"低值易耗品-生产"]
["库位: 040","JLCC","JLCC288","内模坯;63-70-165-23 (QT450)","B",20,"ST",109.80899,{"v":2196.18,"d":"2,196.18"},12310101,"低值易耗品-生产"]
["库位: 040","JLCC","JLCC290","内模坯;63-70-175-26 (QT450)","B",3,"ST",114.6379,343.91,12310101,"低值易耗品-生产"]
["库位: 040","JLCC","JLCC291","内模坯;63-70-180-26 (QT450)","B",8,"ST",117.05289,936.42,12310101,"低值易耗品-生产"]
["库位: 040","JLCC","JLCC292","内模坯;70-75-170-26 (QT450)","B",33,"ST",115.41061,{"v":3808.55,"d":"3,808.55"},12310101,"低值易耗品-生产"]
["库位: 040","JLCC","JLCC293","内模坯;70-75-180-26 (QT450)","B",9,"ST",117.53611,{"v":1057.82,"d":"1,057.82"},12310101,"低值易耗品-生产"]
["库位: 040","JLCC","JLCC295","内模坯;75-80-170-26 (QT450)","B",4,"ST",118.30882,473.24,12310101,"低值易耗品-生产"]
["库位: 040","JLCC","JLCC296","内模坯;80-85-180-26 (QT450)","B",21,"ST",126.90335,{"v":2664.97,"d":"2,664.97"},12310101,"低值易耗品-生产"]
["库位: 040","JLCC","JLCC297","内模坯;80-85-175-26 (QT450)","B",25,"ST",122.55766,{"v":3063.94,"d":"3,063.94"},12310101,"低值易耗品-生产"]
["库位: 040","JLCC","JLCC298","内模坯;85-90-185-26 (QT450)","B",15,"ST",135.78846,{"v":2036.83,"d":"2,036.83"},12310101,"低值易耗品-生产"]
["库位: 040","JLCC","JLCC299","内模坯;85-90-180-26 (QT450)","B",12,"ST",133.37454,{"v":1600.49,"d":"1,600.49"},12310101,"低值易耗品-生产"]
["库位: 040","JLCC","JLCC301","外模坯;80-85-145 (QT450)","B",9,"ST",155.29781,{"v":1397.68,"d":"1,397.68"},12310101,"低值易耗品-生产"]
["库位: 040","JLCC","JLCC303","内模坯;80-85-165-31 (QT450)","B",5,"ST",127.67606,638.38,12310101,"低值易耗品-生产"]
["库位: 040","JLCC","JLCC304","内模坯;75-80-180-26 (QT450)","B",23,"ST",126.32436,{"v":2905.46,"d":"2,905.46"},12310101,"低值易耗品-生产"]
["库位: 040","JLCC","JLCC305","内模坯;70-75-175-26 (QT450)","B",22,"ST",116.66654,{"v":2566.66,"d":"2,566.66"},12310101,"低值易耗品-生产"]
["库位: 040","JLCC","JLCC306","内模坯;85-90-170-20 (QT450)","B",10,"ST",119.85317,{"v":1198.53,"d":"1,198.53"},12310101,"低值易耗品-生产"]
["库位: 040","JLCC","JLCC307","内模坯;80-85-170-26 (QT450)","B",23,"ST",122.55766,{"v":2818.83,"d":"2,818.83"},12310101,"低值易耗品-生产"]
["库位: 040","JLCC","JLCC308","内模坯;75-80-175-26 (QT450)","B",21,"ST",127.38657,{"v":2675.12,"d":"2,675.12"},12310101,"低值易耗品-生产"]
["库位: 040","JLCC","JLCC309","外模坯;63-70-145 (QT450)","B",10,"ST",145.05992,{"v":1450.6,"d":"1,450.60"},12310101,"低值易耗品-生产"]
["库位: 040","JLCC","JLCC310","外模坯;70-75-135 (QT450)","B",24,"ST",134.24411,{"v":3221.86,"d":"3,221.86"},12310101,"低值易耗品-生产"]
["库位: 040","JLCC","JLCC311","外模坯;90-95-125 (QT450)","B",14,"ST",161.67215,{"v":2263.41,"d":"2,263.41"},12310101,"低值易耗品-生产"]
["库位: 040","JLCC","JLCC312","外模坯;85-90-135 (QT450)","B",26,"ST",172.87539,{"v":4494.76,"d":"4,494.76"},12310101,"低值易耗品-生产"]
["库位: 040","JLCC","JLCC313","外模坯;90-95-135 (QT450)","B",17,"ST",171.71632,{"v":2919.18,"d":"2,919.18"},12310101,"低值易耗品-生产"]
["库位: 040","JLCC","JLCC314","外模坯;85-90-125 (QT450)","B",4,"ST",166.69369,666.77,12310101,"低值易耗品-生产"]
["库位: 040","JLCC","JLCC315","底模坯;75-80;DXM-01-H55 (QT450)","B",41,"EA",43.68,{"v":1790.88,"d":"1,790.88"},12310101,"低值易耗品-生产"]
["库位: 040","JLCC","JLCC316","底模坯;80-85;DXM-02-H55 (QT450)","B",40,"EA",51.506,{"v":2060.24,"d":"2,060.24"},12310101,"低值易耗品-生产"]
["库位: 040","JLCC","JLCC317","底模坯;85-90;DXM-03-H55 (QT450)","B",44,"EA",48.685,{"v":2142.14,"d":"2,142.14"},12310101,"低值易耗品-生产"]
["库位: 040","JLCC","JLCC318","底模坯;90-95;DXM-04-H55 (QT450)","B",22,"EA",44.02409,968.53,12310101,"低值易耗品-生产"]
["库位: 040","JLCC","JLCC319","底模坯;95-100;DXM-05-H55 (QT450)","B",27,"EA",47.41,{"v":1280.07,"d":"1,280.07"},12310101,"低值易耗品-生产"]
["库位: 040","JLCC","JLCC320","内模坯;75-80-165-23; (QT450)","B",19,"ST",111.45127,{"v":2117.57,"d":"2,117.57"},12310101,"低值易耗品-生产"]
["库位: 040","JLCC","JLCC321","外模坯;75-80-135; (QT450)","B",10,"ST",143.32186,{"v":1433.22,"d":"1,433.22"},12310101,"低值易耗品-生产"]
["库位: 040","JLCC","JLCC322","外模坯;75-80-145; (QT450)","B",14,"ST",148.92348,{"v":2084.93,"d":"2,084.93"},12310101,"低值易耗品-生产"]
["库位: 040","JLCC","JLCC325","内模坯;95-105-175-26","B",11,"EA",141.10058,{"v":1552.11,"d":"1,552.11"},12310101,"低值易耗品-生产"]
["库位: 040","JLCC","JLCC326","内模坯;95-105-180-26","B",24,"EA",145.92949,{"v":3502.31,"d":"3,502.31"},12310101,"低值易耗品-生产"]
["库位: 040","JLCC","JLCC327","内模坯;95-105-185-26","B",6,"EA",148.15077,888.9,12310101,"低值易耗品-生产"]
["库位: 040","JLCC","JLCC328","内模坯;95-105-190-26","B",9,"EA",152.01433,{"v":1368.13,"d":"1,368.13"},12310101,"低值易耗品-生产"]
["库位: 040","JLCC","JLCC329","内模坯;90-95-175-26","B",2,"EA",135.4021,270.8,12310101,"低值易耗品-生产"]
["库位: 040","JLCC","JLCC330","内模坯;90-95-180-26","B",11,"EA",138.20345,{"v":1520.24,"d":"1,520.24"},12310101,"低值易耗品-生产"]
["库位: 040","JLCC","JLCC331","内模坯;90-95-185-26","B",11,"EA",144.19143,{"v":1586.11,"d":"1,586.11"},12310101,"低值易耗品-生产"]
["库位: 040","JLCC","JLCC332","内模坯;90-95-190-26","B",9,"EA",147.47491,{"v":1327.27,"d":"1,327.27"},12310101,"低值易耗品-生产"]
["库位: 040","JLCC","JLCC333","内模坯;85-90-175-26","B",28,"EA",129.31834,{"v":3620.91,"d":"3,620.91"},12310101,"低值易耗品-生产"]
["库位: 040","JLCC","JLCC334","外模坯;95-105-125","B",5,"EA",167.27377,836.37,12310101,"低值易耗品-生产"]
["库位: 040","JLCC","JLCC335","外模坯;95-105-135","B",4,"EA",192.57738,770.31,12310101,"低值易耗品-生产"]
["库位: 040","JLCC","JLCC336","外模坯;95-105-145","B",4,"EA",180.40771,721.63,12310101,"低值易耗品-生产"]
["库位: 040","JLCC","JLCC337","外模坯;90-95-145","B",18,"EA",182.53321,{"v":3285.6,"d":"3,285.60"},12310101,"低值易耗品-生产"]
["库位: 040","JLCC","JLCC338","外模坯;80-85-115","B",9,"EA",132.89133,{"v":1196.02,"d":"1,196.02"},12310101,"低值易耗品-生产"]
["库位: 040","JLCC","JLCC339","外模坯;80-85-125","B",17,"EA",143.32186,{"v":2436.47,"d":"2,436.47"},12310101,"低值易耗品-生产"]
["库位: 040","JLCC","JLCC340","外模坯;80-85-135","B",11,"EA",145.05992,{"v":1595.66,"d":"1,595.66"},12310101,"低值易耗品-生产"]
["库位: 040","JLCC","JLCC341","外模坯;85-90-115","B",5,"EA",147.76441,738.82,12310101,"低值易耗品-生产"]
["库位: 040","JLCC","JLCC344","内模坯;70-75-195","B",1,"EA",126.71071,126.71,12310101,"低值易耗品-生产"]
["库位: 040","JLCC","JLCC345","底模坯;40-60-φ45","B",56,"EA",29.93881,{"v":1676.57,"d":"1,676.57"},12310101,"低值易耗品-生产"]
["库位: 040","JLCC","JLCC346","底模坯;40-60-φ55","B",28,"EA",29.93881,838.29,12310101,"低值易耗品-生产"]
["库位: 040","JLCC","JLCC347","外模坯;40-60-105","B",29,"EA",87.15175,{"v":2527.4,"d":"2,527.40"},12310101,"低值易耗品-生产"]
["库位: 040","JLCC","JLCC348","外模坯;40-60-110","B",20,"EA",90.01122,{"v":1800.22,"d":"1,800.22"},12310101,"低值易耗品-生产"]
["库位: 040","JLCC","JLCC349","外模坯;40-60-120","B",25,"EA",93.2947,{"v":2332.37,"d":"2,332.37"},12310101,"低值易耗品-生产"]
["库位: 040","JLCC","JLCC350","外模坯;40-60-130","B",27,"EA",100.8281,{"v":2722.36,"d":"2,722.36"},12310101,"低值易耗品-生产"]
["库位: 040","JLCC","JLCC351","外模坯;40-60-140","B",28,"EA",101.4071,{"v":2839.4,"d":"2,839.40"},12310101,"低值易耗品-生产"]
["库位: 040","JLCC","JLCC352","内模坯;40-60-150","B",28,"EA",41.23891,{"v":1154.69,"d":"1,154.69"},12310101,"低值易耗品-生产"]
["库位: 040","JLCC","JLCC353","内模坯;40-60-160","B",1,"EA",43.9434,43.94,12310101,"低值易耗品-生产"]
["库位: 040","JLCC","JLCC354","内模坯;40-60-170","B",33,"EA",62.58318,{"v":2065.24,"d":"2,065.24"},12310101,"低值易耗品-生产"]
["库位: 040","JLCC","JLCC355","内模坯;40-60-180","B",30,"EA",64.61074,{"v":1938.32,"d":"1,938.32"},12310101,"低值易耗品-生产"]
["库位: 040","JLCC","JLCC356","内模坯;40-60-190","B",23,"EA",71.85465,{"v":1652.66,"d":"1,652.66"},12310101,"低值易耗品-生产"]
["库位: 040","JLCC","JLCC359","内模坯;85-90-195-26","B",14,"ST",148.368,{"v":2077.15,"d":"2,077.15"},12310101,"低值易耗品-生产"]
["库位: 040","JLCC","JLCC366","铸铁件","B",477.81,"KG",9.6581,{"v":4614.74,"d":"4,614.74"},12310101,"低值易耗品-生产"]
["库位: 040","JLCD","JLCD002","圆钢;3CR2W8V","A",{"v":1777.26,"d":"1,777.26"},"KG",30.4223,{"v":54068.34,"d":"54,068.34"},12310101,"低值易耗品-生产"]
["库位: 040","JLCD","JLCD003","圆钢;45#","A",{"v":2674.48,"d":"2,674.48"},"KG",5.23986,{"v":14013.9,"d":"14,013.90"},12310101,"低值易耗品-生产"]
["库位: 040","JLCD","JLCD004","圆钢(肖子);45#;10×1000","A",13,"EA",6.91416,89.88,12310101,"低值易耗品-生产"]
["库位: 040","JLCD","JLCD005","圆钢(肖子);45#;12×1000","A",10,"EA",6.59476,65.95,12310101,"低值易耗品-生产"]
["库位: 040","JLCD","JLCD007","圆钢(肖子);45#;6×1000","B",9,"EA",4.24068,38.17,12310101,"低值易耗品-生产"]
["库位: 040","JLCD","JLCD011","圆钢;CR12;直径≤50","B",700.34,"KG",12.77606,{"v":8947.59,"d":"8,947.59"},12310101,"低值易耗品-生产"]
["库位: 040","JLCD","JLCD012","圆钢;CR12;直径>50","A",956.96,"KG",11.98454,{"v":11468.73,"d":"11,468.73"},12310101,"低值易耗品-生产"]
["库位: 040","JLCD","JLCD015","圆钢;40CR","A",{"v":1125.43,"d":"1,125.43"},"KG",6.45322,{"v":7262.65,"d":"7,262.65"},12310101,"低值易耗品-生产"]
["库位: 040","JLCD","JLCD025","圆钢;SKD11","A",{"v":2108.36,"d":"2,108.36"},"KG",21.14103,{"v":44572.9,"d":"44,572.90"},12310101,"低值易耗品-生产"]
["库位: 040","JLCD","JLCD030","圆钢;SKD61","C",170.2,"KG",45.23072,{"v":7698.27,"d":"7,698.27"},12310101,"低值易耗品-生产"]
["库位: 040","JLCD","JLCD031","圆钢;T10","A",107.11,"KG",14.87499,{"v":1593.26,"d":"1,593.26"},12310101,"低值易耗品-生产"]
["库位: 040","JLCE","JLCE007","扁铁;5×25","B",166,"KG",4.56288,757.44,12310101,"低值易耗品-生产"]
["库位: 040","JLCN","JLCN077","钢板;SKD61;50×172×227","C",15.5,"KG",47.00854,728.63,12310101,"低值易耗品-生产"]
["库位: 040","JLCN","JLCN078","钢板;SKD61;60×162×232","C",32.2,"KG",47.00854,{"v":1513.67,"d":"1,513.67"},12310101,"低值易耗品-生产"]
["库位: 040","JLCN","JLCN083","钢板;45#;60MM","C",{"v":1829.7,"d":"1,829.70"},"KG",6.08446,{"v":11132.74,"d":"11,132.74"},12310101,"低值易耗品-生产"]
["库位: 040","JLCN","JLCN143","钢板;CR12;25MM","A",454.7,"KG",11.27031,{"v":5124.61,"d":"5,124.61"},12310101,"低值易耗品-生产"]
["库位: 040","JLCP","JLCP007","无缝钢管;108×48","C",349.3,"KG",8.31189,{"v":2903.34,"d":"2,903.34"},12310101,"低值易耗品-生产"]
["库位: 040","JLCQ","JLCQ008","铁丝;2MM","B",5,"KG",6.1595,30.8,12310101,"低值易耗品-生产"]
["库位: 040","JLCQ","JLCQ012","不锈钢丝;4","C",11.5,"KG",20.37,234.26,12310101,"低值易耗品-生产"]
["库位: 040","JLCR","JLCR004","钢丝绳;12MM","C",20,"M",7.3,146,12310101,"低值易耗品-生产"]
["库位: 040","JLCR","JLCR005","行车导线环;2T","C",2,"EA",143.56,287.12,12310101,"低值易耗品-生产"]
["库位: 040","JLCR","JLCR007","钢丝绳;14MM","C",20,"M",8.3,166,12310101,"低值易耗品-生产"]
["库位: 040","JLCR","JLCR014","钢丝绳;8MM","C",20,"M",2.8,56,12310101,"低值易耗品-生产"]
["库位: 040","JMAA","JMAA007","内六角螺丝 1/4-20X100;12.9级","C",848,"EA",2.73426,{"v":2318.65,"d":"2,318.65"},12310101,"低值易耗品-生产"]
["库位: 040","JMAA","JMAA013","内六角螺丝;10X20;12.9级; 晋亿","C",70,"EA",0.7644,53.51,12310101,"低值易耗品-生产"]
["库位: 040","JMAA","JMAA016","内六角螺丝;10X30;12.9级; 正中","B",168,"EA",0.4704,79.03,12310101,"低值易耗品-生产"]
["库位: 040","JMAA","JMAA018","内六角螺丝;10X35","C",95,"EA",0.29921,28.42,12310101,"低值易耗品-生产"]
["库位: 040","JMAA","JMAA022","内六角螺丝;10X45","B",20,"EA",0.3414,6.83,12310101,"低值易耗品-生产"]
["库位: 040","JMAA","JMAA026","内六角螺丝;10X60","C",68,"EA",0.43375,29.5,12310101,"低值易耗品-生产"]
["库位: 040","JMAA","JMAA043","内六角螺丝;12X30;12.9级; 正中","C",38,"EA",0.57624,21.9,12310101,"低值易耗品-生产"]
["库位: 040","JMAA","JMAA045","内六角螺丝;12X35","C",198,"EA",0.3871,76.65,12310101,"低值易耗品-生产"]
["库位: 040","JMAA","JMAA056","内六角螺丝;14X100; 12.9级;正中","C",49,"EA",3.74384,183.45,12310101,"低值易耗品-生产"]
["库位: 040","JMAA","JMAA069","内六角螺丝;14X80;12.9级; 正中","C",30,"EA",1.1662,34.99,12310101,"低值易耗品-生产"]
["库位: 040","JMAA","JMAA102","内六角螺丝;4X35;12.9级; 晋亿","C",4,"EA",0.2156,0.86,12310101,"低值易耗品-生产"]
["库位: 040","JMAA","JMAA104","内六角螺丝;4X50;12.9级; 晋亿","C",15,"EA",0.3,4.5,12310101,"低值易耗品-生产"]
["库位: 040","JMAA","JMAA110","内六角螺丝;5X12;12.9级; 晋亿","C",80,"EA",0.15366,12.29,12310101,"低值易耗品-生产"]
["库位: 040","JMAA","JMAA118","内六角螺丝;5X25;12.9级; 晋亿","C",14,"EA",0.147,2.06,12310101,"低值易耗品-生产"]
["库位: 040","JMAA","JMAA120","内六角螺丝;5X30;12.9级; 晋亿","C",100,"EA",0.14,14,12310101,"低值易耗品-生产"]
["库位: 040","JMAA","JMAA140","内六角螺丝;6X100;12.9级; 晋亿","C",115,"EA",0.6664,76.64,12310101,"低值易耗品-生产"]
["库位: 040","JMAA","JMAA150","内六角螺丝;6X25;12.9级; 晋亿","C",29,"EA",0.1863,5.4,12310101,"低值易耗品-生产"]
["库位: 040","JMAA","JMAA152","内六角螺丝;6X30;12.9级; 晋亿","C",54,"EA",0.1862,10.05,12310101,"低值易耗品-生产"]
["库位: 040","JMAA","JMAA154","内六角螺丝;6X35;12.9级; 晋亿","C",32,"EA",0.14,4.48,12310101,"低值易耗品-生产"]
["库位: 040","JMAA","JMAA156","内六角螺丝;6X40;12.9级; 晋亿","C",177,"EA",0.294,52.04,12310101,"低值易耗品-生产"]
["库位: 040","JMAA","JMAA160","内六角螺丝;6X50;12.9级; 晋亿","C",18,"EA",0.3822,6.88,12310101,"低值易耗品-生产"]
["库位: 040","JMAA","JMAA168","内六角盘头螺丝;8X1X12","C",15,"EA",3.29974,49.5,12310101,"低值易耗品-生产"]
["库位: 040","JMAA","JMAA171","内六角螺丝;8X100","C",110,"EA",0.7713,84.84,12310101,"低值易耗品-生产"]
["库位: 040","JMAA","JMAA180","内六角螺丝;8X16","C",274,"EA",0.14208,38.93,12310101,"低值易耗品-生产"]
["库位: 040","JMAA","JMAA182","内六角螺丝;8X20;12.9级; 晋亿","C",467,"EA",0.37456,174.92,12310101,"低值易耗品-生产"]
["库位: 040","JMAA","JMAA211","六角螺丝;10X100","C",200,"EA",10,{"v":2000,"d":"2,000.00"},12310101,"低值易耗品-生产"]
["库位: 040","JMAA","JMAA216","外六角螺丝;M10X50; 8.8级;晋亿","C",84,"EA",0.22111,18.57,12310101,"低值易耗品-生产"]
["库位: 040","JMAA","JMAA222","六角螺丝;12X120","C",409,"EA",1.20435,492.58,12310101,"低值易耗品-生产"]
["库位: 040","JMAA","JMAA267","六角螺丝;8X100","C",149,"EA",5,745,12310101,"低值易耗品-生产"]
["库位: 040","JMAA","JMAA272","六角螺丝;8X40","C",35,"EA",0.1449,5.07,12310101,"低值易耗品-生产"]
["库位: 040","JMAA","JMAA273","六角螺丝;8X60","C",54,"EA",0.24786,13.38,12310101,"低值易耗品-生产"]
["库位: 040","JMAA","JMAA277","止付螺丝;10X120","C",20,"EA",1.666,33.32,12310101,"低值易耗品-生产"]
["库位: 040","JMAA","JMAA280","止付螺丝;12X100","C",9,"EA",2.3226,20.9,12310101,"低值易耗品-生产"]
["库位: 040","JMAA","JMAA334","膨胀螺丝;6X80","C",56,"EA",5,280,12310101,"低值易耗品-生产"]
["库位: 040","JMAA","JMAA350","平头十字螺丝;3X10","C",80,"EA",0.00753,0.6,12310101,"低值易耗品-生产"]
["库位: 040","JMAA","JMAA352","平头十字螺丝;4X15;4.8级","B",990,"EA",0.01505,14.9,12310101,"低值易耗品-生产"]
["库位: 040","JMAA","JMAA359","沉头十字螺丝;6X8","C",196,"EA",0.03418,6.7,12310101,"低值易耗品-生产"]
["库位: 040","JMAA","JMAA382","塞头螺丝;1/2","C",10,"EA",5,50,12310101,"低值易耗品-生产"]
["库位: 040","JMAA","JMAA386","全牙螺丝;1/2X1000","C",1,"EA",5,5,12310101,"低值易耗品-生产"]
["库位: 040","JMAA","JMAA387","全牙螺丝;1/4X1000","C",43,"EA",5,215,12310101,"低值易耗品-生产"]
["库位: 040","JMAA","JMAA413","沉头十字螺丝;3X20","C",34,"EA",0.02564,0.87,12310101,"低值易耗品-生产"]
["库位: 040","JMAA","JMAA536","十字槽盘头螺钉;M3×5 GB/T67-2000","C",10,"EA",0.02446,0.24,12310101,"低值易耗品-生产"]
["库位: 040","JMAA","JMAA586","圆头右牙螺丝;16件号 A-116钻孔可调多轴器","C",10,"EA",4.274,42.74,12310101,"低值易耗品-生产"]
["库位: 040","JMAA","JMAA7726","止付螺丝;5×10;台进;","B",200,"EA",0.06178,12.36,12310101,"低值易耗品-生产"]
["库位: 040","JMAA","JMAA7729","止付螺丝;3×4;台进;","B",{"v":1050,"d":"1,050.00"},"EA",0.06,63,12310101,"低值易耗品-生产"]
["库位: 040","JMAA","JMAA7732","止付螺丝;4×4;台进;","B",{"v":3230,"d":"3,230.00"},"EA",0.06,193.8,12310101,"低值易耗品-生产"]
["库位: 040","JMAA","JMAA7733","止付螺丝;4×6;台进;","B",{"v":1400,"d":"1,400.00"},"EA",0.08,112,12310101,"低值易耗品-生产"]
["库位: 040","JMAA","JMAA7736","止付螺丝;6×6;台进;","B",250,"EA",0.1,25,12310101,"低值易耗品-生产"]
["库位: 040","JMAD","JMAD004","螺母;10","C",497,"EA",0.0864,42.94,12310101,"低值易耗品-生产"]
["库位: 040","JMAD","JMAD036","车床用铜罗母;40","C",1,"EA",5,5,12310101,"低值易耗品-生产"]
["库位: 040","JMAD","JMAD053","螺母;M8;晋亿","C",100,"EA",0.049,4.9,12310101,"低值易耗品-生产"]
["库位: 040","JMAD","JMAD070","精密螺帽;YSRM20×1; 台湾嘉刚","C",2,"EA",43.2,86.4,12310101,"低值易耗品-生产"]
["库位: 040","JMAD","JMAD093","喘气帽;M24","C",2,"EA",3.42,6.84,12310101,"低值易耗品-生产"]
["库位: 040","JMAD","JMAD106","ER20夹头螺母","C",20,"EA",89.18,{"v":1783.6,"d":"1,783.60"},12310101,"低值易耗品-生产"]
["库位: 040","JMAE","JMAE008","平垫片;12;晋亿","B",48,"EA",0.03011,1.45,12310101,"低值易耗品-生产"]
["库位: 040","JMAE","JMAE032","弹簧垫片;10","C",476,"EA",0.03011,14.33,12310101,"低值易耗品-生产"]
["库位: 040","JMAE","JMAE033","弹簧垫片;12","C",66,"EA",0.0461,3.04,12310101,"低值易耗品-生产"]
["库位: 040","JMAE","JMAE034","弹簧垫片;14","C",294,"EA",0.06116,17.98,12310101,"低值易耗品-生产"]
["库位: 040","JMAE","JMAE038","弹簧垫片;25","C",16,"EA",1,16,12310101,"低值易耗品-生产"]
["库位: 040","JMAE","JMAE041","平垫片;32×10×2;不锈钢","C",39,"EA",0.41025,16,12310101,"低值易耗品-生产"]
["库位: 040","JMAE","JMAE043","弹簧垫片;4","C",170,"EA",0.00941,1.6,12310101,"低值易耗品-生产"]
["库位: 040","JMAE","JMAE044","弹簧垫片;5","C",196,"EA",0.00847,1.66,12310101,"低值易耗品-生产"]
["库位: 040","JMAE","JMAE045","弹簧垫片;φ6;晋亿","C",535,"EA",0.01,5.35,12310101,"低值易耗品-生产"]
["库位: 040","JMAE","JMAE048","铜垫片;8","C",4,"EA",1,4,12310101,"低值易耗品-生产"]
["库位: 040","JMBA","JMBA002","平面推力轴承;0917","C",5,"EA",70,350,12310101,"低值易耗品-生产"]
["库位: 040","JMBA","JMBA010","止推轴承;1810","C",4,"EA",72.07876,288.32,12310101,"低值易耗品-生产"]
["库位: 040","JMBA","JMBA013","无油轴承;2012","C",74,"EA",1.23822,91.63,12310101,"低值易耗品-生产"]
["库位: 040","JMBA","JMBA021","轴承;234416","C",5,"EA",{"v":3492,"d":"3,492.00"},{"v":17460,"d":"17,460.00"},12310101,"低值易耗品-生产"]
["库位: 040","JMBA","JMBA025","自润轴承;261830","C",1,"EA",123,123,12310101,"低值易耗品-生产"]
["库位: 040","JMBA","JMBA031","轴承;30205","C",5,"EA",26.0869,130.43,12310101,"低值易耗品-生产"]
["库位: 040","JMBA","JMBA035","轴承;30206;进口","C",2,"EA",33.32,66.64,12310101,"低值易耗品-生产"]
["库位: 040","JMBA","JMBA041","轴承;30208;进口","C",4,"EA",52,208,12310101,"低值易耗品-生产"]
["库位: 040","JMBA","JMBA042","轴承;30209J2","C",5,"EA",47.0085,235.04,12310101,"低值易耗品-生产"]
["库位: 040","JMBA","JMBA058","轴承;31321","C",4,"EA",123,492,12310101,"低值易耗品-生产"]
["库位: 040","JMBA","JMBA081","自润轴承;506230","C",2,"EA",41.66666,83.33,12310101,"低值易耗品-生产"]
["库位: 040","JMBA","JMBA083","推力轴承;51100","C",1,"EA",3.61538,3.62,12310101,"低值易耗品-生产"]
["库位: 040","JMBA","JMBA091","轴承;51110","C",5,"EA",9.91452,49.57,12310101,"低值易耗品-生产"]
["库位: 040","JMBA","JMBA096","推力轴承;51113","C",5,"EA",15.006,75.03,12310101,"低值易耗品-生产"]
["库位: 040","JMBA","JMBA099","轴承;5NK;20/20","B",14,"EA",48.5,679,12310101,"低值易耗品-生产"]
["库位: 040","JMBA","JMBA102","轴承;6000ZZ; GB/T276-1994;哈轴","C",8,"EA",4.4,35.2,12310101,"低值易耗品-生产"]
["库位: 040","JMBA","JMBA104","轴承;6001;进口","C",12,"EA",8.5,102,12310101,"低值易耗品-生产"]
["库位: 040","JMBA","JMBA107","轴承; 6002ZZ;NTN","C",10,"EA",9,90,12310101,"低值易耗品-生产"]
["库位: 040","JMBA","JMBA111","轴承;6003;进口","C",26,"EA",17.69174,459.99,12310101,"低值易耗品-生产"]
["库位: 040","JMBA","JMBA114","轴承;6004ZZ; 哈轴","C",2,"EA",6.86,13.72,12310101,"低值易耗品-生产"]
["库位: 040","JMBA","JMBA115","轴承;6004ZZ;NSK","C",16,"EA",12.8,204.8,12310101,"低值易耗品-生产"]
["库位: 040","JMBA","JMBA120","轴承;6005Z;日本NACHI","C",5,"EA",12.25,61.25,12310101,"低值易耗品-生产"]
["库位: 040","JMBA","JMBA131","轴承;6008ZZ","C",5,"EA",19.2,96,12310101,"低值易耗品-生产"]
["库位: 040","JMBA","JMBA132","轴承;6200-2Z","C",9,"EA",3.92,35.28,12310101,"低值易耗品-生产"]
["库位: 040","JMBA","JMBA135","轴承;6201ZZ;NSK","C",24,"EA",8.45646,202.96,12310101,"低值易耗品-生产"]
["库位: 040","JMBA","JMBA137","轴承;6202ZZ;NSK","C",18,"EA",8.2,147.6,12310101,"低值易耗品-生产"]
["库位: 040","JMBA","JMBA139","轴承;6203Z;进口","C",26,"EA",16,416,12310101,"低值易耗品-生产"]
["库位: 040","JMBA","JMBA143","轴承;6204ZZ;日本NACHI","C",26,"EA",15.76,409.76,12310101,"低值易耗品-生产"]
["库位: 040","JMBA","JMBA149","轴承;6205ZZ; NACHI","C",17,"EA",13.2,224.4,12310101,"低值易耗品-生产"]
["库位: 040","JMBA","JMBA152","轴承;6206Z;日本NACHI","C",9,"EA",26.6,239.4,12310101,"低值易耗品-生产"]
["库位: 040","JMBA","JMBA153","深沟球轴承;6206ZZ; GB/T276-1994","C",2,"EA",10.9,21.8,12310101,"低值易耗品-生产"]
["库位: 040","JMBA","JMBA158","轴承;6207ZZ;日本NACHI","C",3,"EA",38.2,114.6,12310101,"低值易耗品-生产"]
["库位: 040","JMBA","JMBA161","轴承;6208E;进口","C",2,"EA",53.7,107.4,12310101,"低值易耗品-生产"]
["库位: 040","JMBA","JMBA181","轴承;6306ZZ","C",9,"EA",28,252,12310101,"低值易耗品-生产"]
["库位: 040","JMBA","JMBA189","轴承;6914ZZ;NSK","C",6,"EA",92.31,553.86,12310101,"低值易耗品-生产"]
["库位: 040","JMBA","JMBA197","轴承;7003;进口","C",7,"EA",61,427,12310101,"低值易耗品-生产"]
["库位: 040","JMBA","JMBA206","轴承;7203AC","C",1,"EA",12,12,12310101,"低值易耗品-生产"]
["库位: 040","JMBA","JMBA220","推力轴承;7219L","C",1,"EA",123,123,12310101,"低值易耗品-生产"]
["库位: 040","JMBA","JMBA223","圆锥滚子轴承;7505","C",3,"EA",34.25817,102.77,12310101,"低值易耗品-生产"]
["库位: 040","JMBA","JMBA225","轴承;80024","C",4,"EA",123,492,12310101,"低值易耗品-生产"]
["库位: 040","JMBA","JMBA233","无油轴承;DU2630","C",13,"EA",2.5329,32.93,12310101,"低值易耗品-生产"]
["库位: 040","JMBA","JMBA235","带座轴承;FL208","C",1,"EA",45.39937,45.4,12310101,"低值易耗品-生产"]
["库位: 040","JMBA","JMBA236","滚针轴承;HK1210B","C",8,"EA",14.1502,113.2,12310101,"低值易耗品-生产"]
["库位: 040","JMBA","JMBA237","轴承;LM20UU","C",40,"EA",64.31616,{"v":2572.65,"d":"2,572.65"},12310101,"低值易耗品-生产"]
["库位: 040","JMBA","JMBA238","直线轴承;LMK16UU","C",4,"EA",53.84615,215.38,12310101,"低值易耗品-生产"]
["库位: 040","JMBA","JMBA240","直线轴承;LMK25UU","C",12,"EA",112.82051,{"v":1353.85,"d":"1,353.85"},12310101,"低值易耗品-生产"]
["库位: 040","JMBA","JMBA246","轴承;NN3016K","C",3,"EA",{"v":1702.05997,"d":"1,702.06"},{"v":5106.18,"d":"5,106.18"},12310101,"低值易耗品-生产"]
["库位: 040","JMBA","JMBA250","直线轴承;SC30UU","C",6,"EA",115.38461,692.31,12310101,"低值易耗品-生产"]
["库位: 040","JMBA","JMBA255","带座轴承;UCFL203; 哈尔滨轴承厂","C",4,"EA",37.5,150,12310101,"低值易耗品-生产"]
["库位: 040","JMBA","JMBA256","带座轴承;UCP204","C",2,"EA",24.12584,48.25,12310101,"低值易耗品-生产"]
["库位: 040","JMBA","JMBA257","轴承;UCP208","C",1,"EA",39.6,39.6,12310101,"低值易耗品-生产"]
["库位: 040","JMBA","JMBA259","带座轴承;UCP309-TR","C",2,"EA",93.60732,187.21,12310101,"低值易耗品-生产"]
["库位: 040","JMBA","JMBA265","轴承;30210P5-NSK","C",13,"EA",470.085,{"v":6111.11,"d":"6,111.11"},12310101,"低值易耗品-生产"]
["库位: 040","JMBA","JMBA267","角接触轴承;32207;进口","C",3,"EA",78.37697,235.13,12310101,"低值易耗品-生产"]
["库位: 040","JMBA","JMBA272","轴承;32206;进口","C",3,"ST",75.74245,227.23,12310101,"低值易耗品-生产"]
["库位: 040","JMBA","JMBA288","轴承;6010;进口","C",7,"EA",51.46817,360.28,12310101,"低值易耗品-生产"]
["库位: 040","JMBA","JMBA289","轴承;30207;进口","C",5,"EA",51.46817,257.34,12310101,"低值易耗品-生产"]
["库位: 040","JMBA","JMBA301","角接触轴承;51111;进口","C",6,"EA",60.84518,365.07,12310101,"低值易耗品-生产"]
["库位: 040","JMBA","JMBA304","轴承;32205;进口","C",1,"EA",45.83877,45.84,12310101,"低值易耗品-生产"]
["库位: 040","JMBA","JMBA312","轴承;7004DB-P5;对; NSK","C",21,"ST",209.5,{"v":4399.5,"d":"4,399.50"},12310101,"低值易耗品-生产"]
["库位: 040","JMBA","JMBA314","轴承;6304;进口","C",4,"EA",16.37166,65.49,12310101,"低值易耗品-生产"]
["库位: 040","JMBA","JMBA318","平面推力球轴承;2902","C",6,"EA",45.8,274.8,12310101,"低值易耗品-生产"]
["库位: 040","JMBA","JMBA319","轴承;51100;进口","C",2,"EA",17.31256,34.63,12310101,"低值易耗品-生产"]
["库位: 040","JMBA","JMBA320","轴承;32209;进口 NACHI","C",10,"EA",110.17376,{"v":1101.74,"d":"1,101.74"},12310101,"低值易耗品-生产"]
["库位: 040","JMBA","JMBA321","轴承;51203;进口","C",24,"EA",28.227,677.45,12310101,"低值易耗品-生产"]
["库位: 040","JMBA","JMBA338","带座轴承;UCF208","C",8,"EA",40.87289,326.98,12310101,"低值易耗品-生产"]
["库位: 040","JMBA","JMBA340","双面滚珠轴承;1211;进口","C",2,"EA",66.73891,133.48,12310101,"低值易耗品-生产"]
["库位: 040","JMBA","JMBA342","角接触轴承;7203B-P5","C",10,"EA",248.71795,{"v":2487.18,"d":"2,487.18"},12310101,"低值易耗品-生产"]
["库位: 040","JMBA","JMBA345","轴承;61910Z-P5; GB/T276-1994","C",2,"EA",161.6,323.2,12310101,"低值易耗品-生产"]
["库位: 040","JMBA","JMBA362","轴承;17×6×6","C",8,"EA",9.506,76.05,12310101,"低值易耗品-生产"]
["库位: 040","JMBA","JMBA363","轴承;51209;进口","C",3,"EA",91.25,273.75,12310101,"低值易耗品-生产"]
["库位: 040","JMBA","JMBA379","轴承;NU207;NACHI","C",2,"EA",110,220,12310101,"低值易耗品-生产"]
["库位: 040","JMBA","JMBA384","深沟球轴承;6007ZZ;进口","C",3,"EA",21.9,65.7,12310101,"低值易耗品-生产"]
["库位: 040","JMBA","JMBA386","轴承;0816","B",8,"EA",57.6,460.8,12310101,"低值易耗品-生产"]
["库位: 040","JMBA","JMBA388","防水深沟球轴承; 6305DDU;NSK","B",2,"EA",29.8,59.6,12310101,"低值易耗品-生产"]
["库位: 040","JMBA","JMBA389","双联向心推力球轴承; 7206DB-P5;NSK","B",10,"ST",290.59829,{"v":2905.98,"d":"2,905.98"},12310101,"低值易耗品-生产"]
["库位: 040","JMBA","JMBA397","带座轴承;L307","B",2,"EA",66.5,133,12310101,"低值易耗品-生产"]
["库位: 040","JMBA","JMBA400","轴承;6916DDU;NSK","B",11,"EA",247,{"v":2717,"d":"2,717.00"},12310101,"低值易耗品-生产"]
["库位: 040","JMBA","JMBA404","轴承;NU209","B",2,"EA",53,106,12310101,"低值易耗品-生产"]
["库位: 040","JMBA","JMBA423","轴承;32010J;进口","B",3,"EA",72,216,12310101,"低值易耗品-生产"]
["库位: 040","JMBA","JMBA428","轴承;30215;NSK","B",2,"EA",162,324,12310101,"低值易耗品-生产"]
["库位: 040","JMBA","JMBA429","轴承;30216;NSK","B",2,"EA",196,392,12310101,"低值易耗品-生产"]
["库位: 040","JMBA","JMBA434","平面推力轴承;51102;NSK","B",1,"EA",23,23,12310101,"低值易耗品-生产"]
["库位: 040","JMBA","JMBA437","角接触轴承;7011C-P5;NSK","B",2,"EA",480,960,12310101,"低值易耗品-生产"]
["库位: 040","JMBA","JMBA467","轴承;32006;NSK","B",10,"EA",39,390,12310101,"低值易耗品-生产"]
["库位: 040","JMBA","JMBA469","轴承;32007X;NTN","B",1,"EA",35.9,35.9,12310101,"低值易耗品-生产"]
["库位: 040","JMBA","JMBA471","轴承;32009J;NSK","B",3,"EA",68,204,12310101,"低值易耗品-生产"]
["库位: 040","JMBA","JMBA474","轴承;7204;P5;NSK","B",8,"EA",249.9,{"v":1999.2,"d":"1,999.20"},12310101,"低值易耗品-生产"]
["库位: 040","JMBA","JMBA489","轴承;7001CP4; 2PCS/套;NSK","B",7,"ST",324.786,{"v":2273.5,"d":"2,273.50"},12310101,"低值易耗品-生产"]
["库位: 040","JMBA","JMBA5011","轴承;7002-P5; NSK","B",9,"EA",157,{"v":1413,"d":"1,413.00"},12310101,"低值易耗品-生产"]
["库位: 040","JMBA","JMBA5026","深沟球轴承;6011ZZ; 哈轴","B",3,"EA",25.8,77.4,12310101,"低值易耗品-生产"]
["库位: 040","JMBA","JMBA5092","轴承;BTW50CTN9/SP; SKF","B",5,"EA",{"v":1740,"d":"1,740.00"},{"v":8700,"d":"8,700.00"},12310101,"低值易耗品-生产"]
["库位: 040","JMBA","JMBA5095","轴承;7005FY/DB; KOYO","B",30,"ST",47,{"v":1410,"d":"1,410.00"},12310101,"低值易耗品-生产"]
["库位: 040","JMBA","JMBA5096","轴承;7305BEP/DB; SKF","B",44,"ST",53,{"v":2332,"d":"2,332.00"},12310101,"低值易耗品-生产"]
["库位: 040","JMBA","JMBA5097","轴承;D80024; SW","B",70,"EA",7.159,501.13,12310101,"低值易耗品-生产"]
["库位: 040","JMBA","JMBA5099","轴承;32210J2/Q;SKF","B",15,"EA",89.75,{"v":1346.25,"d":"1,346.25"},12310101,"低值易耗品-生产"]
["库位: 040","JMBB","JMBB002","轴承座;TU1507","C",5,"EA",37.93,189.65,12310101,"低值易耗品-生产"]
["库位: 040","JMBF","JMBF008","靠模机滚轮;KLA12-000CE","C",2,"EA",123,246,12310101,"低值易耗品-生产"]
["库位: 040","JMBF","JMBF009","网印治具齿轮 BJ2102-9208D",null,1,"EA",122.1,122.1,12310101,"低值易耗品-生产"]
["库位: 040","JMBF","JMBF020","线切割前主导轮; 10000094;苏三光;不配轴承","B",20,"EA",31.68,633.6,12310101,"低值易耗品-生产"]
["库位: 040","JMBF","JMBF022","后导轮;苏三光;DK7732; 含四个轴承","C",2,"ST",84.2736,168.55,12310101,"低值易耗品-生产"]
["库位: 040","JMBF","JMBF023","导轮套;DK7725E","C",8,"EA",39.36,314.88,12310101,"低值易耗品-生产"]
["库位: 040","JMBF","JMBF025","导轮组合;DK7732(苏三光); 含四个轴承","C",4,"ST",60.48,241.92,12310101,"低值易耗品-生产"]
["库位: 040","JMBF","JMBF027","排丝轮组合; DK7732;苏三光;含四个轴承","C",8,"ST",60.48,483.84,12310101,"低值易耗品-生产"]
["库位: 040","JMBF","JMBF028","上丝轮组合; DK7732;苏长风;含四个轴承","C",4,"ST",61.11,244.44,12310101,"低值易耗品-生产"]
["库位: 040","JMBF","JMBF034","中心齿轮;M2.Z72","C",1,"EA",123,123,12310101,"低值易耗品-生产"]
["库位: 040","JMBF","JMBF036","钢丝绳导线环;500KG","C",2,"EA",56,112,12310101,"低值易耗品-生产"]
["库位: 040","JMBF","JMBF037","钢丝绳导线环;3T","C",1,"EA",180,180,12310101,"低值易耗品-生产"]
["库位: 040","JMBF","JMBF086","钻轴齿轮;6件号 A-116钻孔可调多轴器","C",5,"EA",115.38462,576.92,12310101,"低值易耗品-生产"]
["库位: 040","JMBF","JMBF088","胶木齿轮;60×Φ125×13 配CL6136车床","C",5,"EA",222.22,{"v":1111.1,"d":"1,111.10"},12310101,"低值易耗品-生产"]
["库位: 040","JMBF","JMBF131","聚氨脂脚轮;8寸; 4-8179-929(活动);科顺","B",1,"EA",161.679,161.68,12310101,"低值易耗品-生产"]
["库位: 040","JMBF","JMBF132","聚氨脂脚轮;8寸; 4-8198-929(固定);科顺","B",2,"EA",132.633,265.27,12310101,"低值易耗品-生产"]
["库位: 040","JMBF","JMBF133","聚氨脂脚轮;5寸; 2-5646-95(活动);科顺","B",4,"EA",61.8,247.2,12310101,"低值易耗品-生产"]
["库位: 040","JMBF","JMBF134","聚氨脂脚轮;5寸; 2-5608-95(固定);科顺","B",4,"EA",58.71,234.84,12310101,"低值易耗品-生产"]
["库位: 040","JMBF","JMBF135","聚氨脂轮子;5寸; 5-5-929;科顺","B",4,"EA",48.41,193.64,12310101,"低值易耗品-生产"]
["库位: 040","JMBF","JMBF136","聚氨脂轮子;8寸; 5-8-929;科顺","B",3,"EA",97.85,293.55,12310101,"低值易耗品-生产"]
["库位: 040","JMBG","JMBG006","三角皮带;A-1000; GB/T11544-1997","C",16,"EA",3.88,62.08,12310101,"低值易耗品-生产"]
["库位: 040","JMBG","JMBG008","三角皮带;A-1041;中驼","B",10,"EA",4,40,12310101,"低值易耗品-生产"]
["库位: 040","JMBG","JMBG015","三角皮带;A-1397;中驼","C",3,"EA",5.3,15.9,12310101,"低值易耗品-生产"]
["库位: 040","JMBG","JMBG020","三角皮带;A-1905","C",3,"EA",7.39,22.17,12310101,"低值易耗品-生产"]
["库位: 040","JMBG","JMBG021","三角皮带;A-2007","C",3,"EA",7.7872,23.36,12310101,"低值易耗品-生产"]
["库位: 040","JMBG","JMBG022","三角皮带;A-2108","C",8,"EA",8.179,65.43,12310101,"低值易耗品-生产"]
["库位: 040","JMBG","JMBG023","三角皮带;B-2184","C",3,"EA",10.59,31.77,12310101,"低值易耗品-生产"]
["库位: 040","JMBG","JMBG025","三角皮带;A-600","C",5,"EA",2.328,11.64,12310101,"低值易耗品-生产"]
["库位: 040","JMBG","JMBG026","三角皮带;A-610","C",5,"EA",2.3668,11.83,12310101,"低值易耗品-生产"]
["库位: 040","JMBG","JMBG028","三角皮带;A-660","C",2,"EA",2.56,5.12,12310101,"低值易耗品-生产"]
["库位: 040","JMBG","JMBG030","三角皮带; A-737;GB/T11544-1997","C",21,"EA",2.85,59.85,12310101,"低值易耗品-生产"]
["库位: 040","JMBG","JMBG032","三角皮带;A-800; GB/T11544-1997","C",14,"EA",3.1,43.4,12310101,"低值易耗品-生产"]
["库位: 040","JMBG","JMBG033","三角皮带;A-813; GB/T11544-1997","B",17,"EA",3.15,53.55,12310101,"低值易耗品-生产"]
["库位: 040","JMBG","JMBG037","三角皮带;A-889; GB/T11544-1997","B",16,"EA",3.4493,55.19,12310101,"低值易耗品-生产"]
["库位: 040","JMBG","JMBG038","三角皮带;A-900; GB/T11544-1997;甬字","C",16,"EA",3.49,55.84,12310101,"低值易耗品-生产"]
["库位: 040","JMBG","JMBG039","三角皮带;A-940","B",2,"EA",3.6472,7.29,12310101,"低值易耗品-生产"]
["库位: 040","JMBG","JMBG043","三角皮带;A-710; GB/T11544-1997","C",11,"EA",2.7,29.7,12310101,"低值易耗品-生产"]
["库位: 040","JMBG","JMBG049","三角皮带;B-1905","C",7,"EA",9.2393,64.68,12310101,"低值易耗品-生产"]
["库位: 040","JMBG","JMBG061","三角皮带;ZWG-4B","C",16,"EA",16.08374,257.34,12310101,"低值易耗品-生产"]
["库位: 040","JMBG","JMBG062","高速传动平胶带","C",4,"EA",44.2223,176.89,12310101,"低值易耗品-生产"]
["库位: 040","JMBG","JMBG063","聚氨脂同步齿形带 1.6X118X8","C",4,"EA",45.105,180.42,12310101,"低值易耗品-生产"]
["库位: 040","JMBG","JMBG067","齿形皮带;225L","C",4,"EA",52.18,208.72,12310101,"低值易耗品-生产"]
["库位: 040","JMBG","JMBG088","齿形皮带;TM950","C",5,"EA",106,530,12310101,"低值易耗品-生产"]
["库位: 040","JMBG","JMBG092","三角多楔皮带;10×680","C",467,"EA",1,467,12310101,"低值易耗品-生产"]
["库位: 040","JMBG","JMBG093","三角多楔皮带;13×1650","C",5,"EA",123,615,12310101,"低值易耗品-生产"]
["库位: 040","JMBG","JMBG094","三角多楔皮带;13×1665","C",5,"EA",123,615,12310101,"低值易耗品-生产"]
["库位: 040","JMBG","JMBG095","三角多楔皮带;13×1715","C",5,"EA",123,615,12310101,"低值易耗品-生产"]
["库位: 040","JMBG","JMBG096","三角多楔皮带;13×1870","C",5,"EA",123,615,12310101,"低值易耗品-生产"]
["库位: 040","JMBG","JMBG097","三角多楔皮带;15×1350","C",3,"EA",123,369,12310101,"低值易耗品-生产"]
["库位: 040","JMBG","JMBG098","三角多楔皮带;17×1675","C",5,"EA",123,615,12310101,"低值易耗品-生产"]
["库位: 040","JMBG","JMBG099","三角多楔皮带;17×1725","C",5,"EA",123,615,12310101,"低值易耗品-生产"]
["库位: 040","JMBG","JMBG100","三角多楔皮带;17×1910","C",4,"EA",123,492,12310101,"低值易耗品-生产"]
["库位: 040","JMBG","JMBG101","三角多楔皮带;17×2140","C",3,"EA",123,369,12310101,"低值易耗品-生产"]
["库位: 040","JMBG","JMBG102","三角多楔皮带;20×1130","C",2,"EA",123,246,12310101,"低值易耗品-生产"]
["库位: 040","JMBG","JMBG103","三角多楔皮带;20×1145","C",3,"EA",123,369,12310101,"低值易耗品-生产"]
["库位: 040","JMBG","JMBG104","三角多楔皮带;20×1160","C",4,"EA",123,492,12310101,"低值易耗品-生产"]
["库位: 040","JMBG","JMBG105","三角多楔皮带;20×1175","C",5,"EA",123,615,12310101,"低值易耗品-生产"]
["库位: 040","JMBG","JMBG106","三角多楔皮带;20×1185","C",5,"EA",123,615,12310101,"低值易耗品-生产"]
["库位: 040","JMBG","JMBG107","三角多楔皮带;20×1380","C",3,"EA",123,369,12310101,"低值易耗品-生产"]
["库位: 040","JMBG","JMBG108","三角多楔皮带;20×1425","C",3,"EA",123,369,12310101,"低值易耗品-生产"]
["库位: 040","JMBG","JMBG109","三角多楔皮带;20×1695","C",6,"EA",123,738,12310101,"低值易耗品-生产"]
["库位: 040","JMBG","JMBG110","三角多楔皮带;20×2150","C",7,"EA",123,861,12310101,"低值易耗品-生产"]
["库位: 040","JMBG","JMBG111","三角多楔皮带;20×2180","C",5,"EA",123,615,12310101,"低值易耗品-生产"]
["库位: 040","JMBG","JMBG112","三角多楔皮带;20×2185","C",6,"EA",123,738,12310101,"低值易耗品-生产"]
["库位: 040","JMBG","JMBG113","活络皮带;C型","C",1,"M",123,123,12310101,"低值易耗品-生产"]
["库位: 040","JMBG","JMBG114","活络皮带;D型","C",1,"M",123,123,12310101,"低值易耗品-生产"]
["库位: 040","jmbg","jmbg122","三角皮带;K660","C",6,"EA",3.977,23.86,12310101,"低值易耗品-生产"]
["库位: 040","jmbg","jmbg135","同步带;570H","C",2,"EA",68.35639,136.71,12310101,"低值易耗品-生产"]
["库位: 040","JMBG","JMBG136","三角皮带;A560","C",2,"EA",3.19247,6.38,12310101,"低值易耗品-生产"]
["库位: 040","JMBG","JMBG141","多楔皮带;BELT 240J","C",3,"EA",63,189,12310101,"低值易耗品-生产"]
["库位: 040","JMBG","JMBG142","多楔皮带;BELT 260J","C",3,"EA",49.5,148.5,12310101,"低值易耗品-生产"]
["库位: 040","JMBG","JMBG143","三角皮带;A838","C",15,"EA",3.25,48.75,12310101,"低值易耗品-生产"]
["库位: 040","JMBG","JMBG152","三角皮带;B-2032","C",5,"EA",9.85,49.25,12310101,"低值易耗品-生产"]
["库位: 040","JMBG","JMBG174","三角皮带;B-737","C",4,"EA",3.57,14.28,12310101,"低值易耗品-生产"]
["库位: 040","JMBG","JMBG178","三角皮带;A-1829; GB/T11544-1997","C",4,"EA",7.09,28.36,12310101,"低值易耗品-生产"]
["库位: 040","JMBG","JMBG182","三角皮带;B-787;中驼","B",11,"EA",3.817,41.99,12310101,"低值易耗品-生产"]
["库位: 040","JMBG","JMBG197","齿形皮带;575-5M×25","B",2,"EA",44.8,89.6,12310101,"低值易耗品-生产"]
["库位: 040","JMBG","JMBG207","齿形皮带; 3V×670;SUPERTXM","B",10,"EA",41.3793,413.79,12310101,"低值易耗品-生产"]
["库位: 040","JMBG","JMBG213","三角皮带;SPA-932; 盖茨","B",2,"EA",34.5805,69.16,12310101,"低值易耗品-生产"]
["库位: 040","JMBG","JMBG214","三角皮带;SPA-832; 盖茨","B",5,"EA",31,155,12310101,"低值易耗品-生产"]
["库位: 040","JMBG","JMBG215","三角皮带;SPA-757; 盖茨","B",2,"EA",30.2,60.4,12310101,"低值易耗品-生产"]
["库位: 040","JMBG","JMBG257","同步齿型带;松田; HTD 760-8M-25MM","B",10,"EA",58.632,586.32,12310101,"低值易耗品-生产"]
["库位: 040","JMBJ","JMBJ001","铁链扣;12A","C",3,"EA",1.8,5.4,12310101,"低值易耗品-生产"]
["库位: 040","JMBJ","JMBJ002","清洗机链条;12A×1.4","C",3,"EA",36.86,110.58,12310101,"低值易耗品-生产"]
["库位: 040","JMBJ","JMBJ015","不锈钢链扣;12A;带柄; 55×17×厚3.2;上海链轮厂","C",6,"EA",25,150,12310101,"低值易耗品-生产"]
["库位: 040","JMBJ","JMBJ016","不锈钢链扣;12A;不带柄 长55×宽17×厚3.2","C",9,"EA",20,180,12310101,"低值易耗品-生产"]
["库位: 040","JMBK","JMBK020","轴用弹性挡圈;8 GB894.2-86-8","C",150,"EA",0.07998,12,12310101,"低值易耗品-生产"]
["库位: 040","JMBK","JMBK021","轴用弹性挡圈;25","C",1,"EA",0.23076,0.23,12310101,"低值易耗品-生产"]
["库位: 040","JMBN","JMBN006","直线导轨 SBG25FL-2-K1-310-N","C",14,"ST",899.14529,{"v":12588.03,"d":"12,588.03"},12310101,"低值易耗品-生产"]
["库位: 040","JMBN","JMBN020","直线导轨 LG20AAP12X220FIIJ","C",6,"EA",558.1069,{"v":3348.64,"d":"3,348.64"},12310101,"低值易耗品-生产"]
["库位: 040","JMBN","JMBN021","直线导轨 LG20AAP12×300","C",4,"EA",123,492,12310101,"低值易耗品-生产"]
["库位: 040","JMBN","JMBN022","直线导轨 LG20AAP12×320","C",1,"EA",123,123,12310101,"低值易耗品-生产"]
["库位: 040","JMBN","JMBN042","直线导轨;凯特 HTSD-LG25AAP22X340DIIJ","C",6,"EA",496.581,{"v":2979.49,"d":"2,979.49"},12310101,"低值易耗品-生产"]
["库位: 040","JMBN","JMBN045","直线导轨;凯特 LG25AAP22X520FIIJ","C",12,"EA",482.906,{"v":5794.87,"d":"5,794.87"},12310101,"低值易耗品-生产"]
["库位: 040","JMBN","JMBN055","直线导轨 LG25EAP11X200FIIJ","C",3,"EA",123,369,12310101,"低值易耗品-生产"]
["库位: 040","JMBN","JMBN056","直线导轨 LG25EAP22X1200FIIJ","C",1,"EA",123,123,12310101,"低值易耗品-生产"]
["库位: 040","JMBN","JMBN059","直线导轨 LG25EAP22X290FIIJ","C",8,"EA",723.07692,{"v":5784.62,"d":"5,784.62"},12310101,"低值易耗品-生产"]
["库位: 040","JMBN","JMBN061","直线导轨 LG25EAP23X1600FIIJ","C",1,"EA",123,123,12310101,"低值易耗品-生产"]
["库位: 040","JMBN","JMBN064","直线导轨 LG25EAP32X450DIIJ","C",2,"EA",982.90598,{"v":1965.81,"d":"1,965.81"},12310101,"低值易耗品-生产"]
["库位: 040","JMBN","JMBN066","直线导轨 LG25HAAP01X420GIIJ","C",12,"EA",547.86324,{"v":6574.36,"d":"6,574.36"},12310101,"低值易耗品-生产"]
["库位: 040","JMBN","JMBN075","直线导轨 LG30AAP02X420FIIJ","C",16,"EA",520.513,{"v":8328.21,"d":"8,328.21"},12310101,"低值易耗品-生产"]
["库位: 040","JMBN","JMBN077","直线导轨副 LG30AAP12X310FIIJ","C",9,"EA",478.632,{"v":4307.69,"d":"4,307.69"},12310101,"低值易耗品-生产"]
["库位: 040","JMBN","JMBN086","直线导轨 LG30AAP23X920CIIJ","C",2,"EA",{"v":4803.4188,"d":"4,803.42"},{"v":9606.84,"d":"9,606.84"},12310101,"低值易耗品-生产"]
["库位: 040","JMBN","JMBN094","直线导轨 LG30EAP22X420EIIJ","C",94,"EA",926.889,{"v":87127.57,"d":"87,127.57"},12310101,"低值易耗品-生产"]
["库位: 040","JMBN","JMBN101","直线导轨 LG30EAP22X520FIIJ","C",14,"EA",892.30769,{"v":12492.31,"d":"12,492.31"},12310101,"低值易耗品-生产"]
["库位: 040","JMBN","JMBN105","直线导轨 LG30EAP22X630FIIJ","C",1,"EA",123,123,12310101,"低值易耗品-生产"]
["库位: 040","JMBN","JMBN106","直线导轨 LG30EAP22X760FIIJ","C",2,"EA",123,246,12310101,"低值易耗品-生产"]
["库位: 040","JMBN","JMBN113","直线导轨付 LG30FAP02X1000GIIJ","C",30,"EA",741.026,{"v":22230.78,"d":"22,230.78"},12310101,"低值易耗品-生产"]
["库位: 040","JMBN","JMBN124","直线导轨;凯特; HTSD-LG35AAP12X440FIIJ","C",2,"EA",652.137,{"v":1304.27,"d":"1,304.27"},12310101,"低值易耗品-生产"]
["库位: 040","JMBN","JMBN148","直线导轨 SBG25FL-2-K1-250L","C",2,"EA",123,246,12310101,"低值易耗品-生产"]
["库位: 040","JMBN","JMBN149","直线导轨 SBG25-FL-2-K1-250-N","C",2,"EA",845.29914,{"v":1690.6,"d":"1,690.60"},12310101,"低值易耗品-生产"]
["库位: 040","JMBN","JMBN153","直线导轨 SBG-25FL-450-NX2","C",1,"EA",123,123,12310101,"低值易耗品-生产"]
["库位: 040","JMBN","JMBN156","直线导轨 SBG30-FLL-2-K1-450-N","C",2,"EA",{"v":1347.00854,"d":"1,347.01"},{"v":2694.02,"d":"2,694.02"},12310101,"低值易耗品-生产"]
["库位: 040","JMBN","JMBN164","直线导轨 SEB15WAUU2T1-450N","C",2,"EA",{"v":1649.573,"d":"1,649.57"},{"v":3299.15,"d":"3,299.15"},12310101,"低值易耗品-生产"]
["库位: 040","JMBN","JMBN175","直线导轨付 SGL20TFB3T2-400-P/W2F","C",5,"EA",{"v":1937.231,"d":"1,937.23"},{"v":9686.16,"d":"9,686.16"},12310101,"低值易耗品-生产"]
["库位: 040","JMBN","JMBN188","直线导轨 HTSDLG25AAP21*160EIJ","C",1,"EA",282.1364,282.14,12310101,"低值易耗品-生产"]
["库位: 040","JMBN","JMBN191","直线导轨副 HTSD-LG30AAP01*210DIIJ","C",22,"EA",392.1684,{"v":8627.7,"d":"8,627.70"},12310101,"低值易耗品-生产"]
["库位: 040","JMBN","JMBN192","直线导轨副 HTSD-LG30AAP22*280DIIJ","C",6,"EA",675.7124,{"v":4054.27,"d":"4,054.27"},12310101,"低值易耗品-生产"]
["库位: 040","JMBN","JMBN198","直线导轨 LG30AAP22*450FIIJ","C",1,"EA",123,123,12310101,"低值易耗品-生产"]
["库位: 040","JMBN","JMBN199","直线导轨 LG30AAP22*635FIIJ","C",1,"EA",123,123,12310101,"低值易耗品-生产"]
["库位: 040","JMBN","JMBN200","直线导轨 LG70EAP11*120DIIJ","C",6,"EA",123,738,12310101,"低值易耗品-生产"]
["库位: 040","JMBN","JMBN203","直线导轨 LG35AAP22×520CIIJ","C",2,"EA",928.205,{"v":1856.41,"d":"1,856.41"},12310101,"低值易耗品-生产"]
["库位: 040","JMBN","JMBN224","直线滑轨 LMV15AAP12×450GIIJ","C",2,"EA",606.2064,{"v":1212.41,"d":"1,212.41"},12310101,"低值易耗品-生产"]
["库位: 040","JMBN","JMBN271","直线导轨 HGH25CA2R340Z2PⅡ","B",2,"EA",987,{"v":1974,"d":"1,974.00"},12310101,"低值易耗品-生产"]
["库位: 040","JMBN","JMBN272","直线导轨 HGH20CA3R400Z2PⅡ","B",8,"EA",{"v":1209,"d":"1,209.00"},{"v":9672,"d":"9,672.00"},12310101,"低值易耗品-生产"]
["库位: 040","JMBN","JMBN287","直线导轨;凯特; HTSD-LG25HAAP11×160DIIJ","B",20,"EA",377.3564,{"v":7547.13,"d":"7,547.13"},12310101,"低值易耗品-生产"]
["库位: 040","JMBN","JMBN306","直线导轨;凯特; HTSD-LG20AAP22×220DⅡJ","B",4,"ST",527.5924,{"v":2110.37,"d":"2,110.37"},12310101,"低值易耗品-生产"]
["库位: 040","JMBN","JMBN332","直线导轨;凯特; LGS25ANP22×520DⅡJ","B",10,"EA",570.94,{"v":5709.4,"d":"5,709.40"},12310101,"低值易耗品-生产"]
["库位: 040","JMBP","JMBP018","无齿隙弹性联轴器;ROTEX; GS19 98SHA-GS2.6-φ19-16","B",10,"EA",157.521,{"v":1575.21,"d":"1,575.21"},12310101,"低值易耗品-生产"]
["库位: 040","JMBP","JMBP070","弹性体;ROTEX GS19 98SHA-GS;KTR;","B",3,"EA",85.47009,256.41,12310101,"低值易耗品-生产"]
["库位: 040","JMBP","JMBP072","弹性体;ROTEX GS38 98SHA-GS;KTR;","B",2,"EA",162.39316,324.79,12310101,"低值易耗品-生产"]
["库位: 040","JMCA","JMCA001","电焊条;φ2.5;恒星","C",4,"KG",8.6,34.4,12310101,"低值易耗品-生产"]
["库位: 040","JMCA","JMCA002","电焊条;Φ3.2;恒星","B",20,"KG",7.8,156,12310101,"低值易耗品-生产"]
["库位: 040","JMCA","JMCA003","不锈钢焊条;3.2","B",2,"KG",34,68,12310101,"低值易耗品-生产"]
["库位: 040","JMCA","JMCA005","黄铜气焊条;3×1000","B",3,"KG",62,186,12310101,"低值易耗品-生产"]
["库位: 040","JMCA","JMCA030","银焊片;BAg615;0.2×40;","B",0.5,"KG",{"v":3400,"d":"3,400.00"},{"v":1700,"d":"1,700.00"},12310101,"低值易耗品-生产"]
["库位: 040","JMCB","JMCB001","焊补粉;10224;台进;","B",55,"KG",579.20062,{"v":31856.03,"d":"31,856.03"},12310101,"低值易耗品-生产"]
["库位: 040","JMCC","JMCC001","银纤焊熔剂","C",500,"G",0.1164,58.2,12310101,"低值易耗品-生产"]
["库位: 040","JMDA","JMDA006","O型密封圈;10×2",null,4,"EA",1.28205,5.13,12310101,"低值易耗品-生产"]
["库位: 040","JMDA","JMDA008","O型密封圈;10.5×2","B",4,"EA",1.20623,4.82,12310101,"低值易耗品-生产"]
["库位: 040","JMDA","JMDA011","O型密封圈;140×100×12","C",1,"EA",47.00854,47.01,12310101,"低值易耗品-生产"]
["库位: 040","JMDA","JMDA024","O型密封圈;150×120×12","C",1,"EA",47.00854,47.01,12310101,"低值易耗品-生产"]
["库位: 040","JMDA","JMDA033","O型密封圈;135×5","B",2,"EA",4.70085,9.4,12310101,"低值易耗品-生产"]
["库位: 040","JMDA","JMDA083","O型密封圈;DHS14","B",4,"EA",1.6,6.4,12310101,"低值易耗品-生产"]
["库位: 040","JMDA","JMDA087","O型密封圈;DHS22","B",5,"EA",2.9,14.5,12310101,"低值易耗品-生产"]
["库位: 040","JMDA","JMDA088","O型密封圈;DHS25","B",7,"EA",4.462,31.23,12310101,"低值易耗品-生产"]
["库位: 040","JMDA","JMDA089","O型密封圈;DHS28","B",7,"EA",2.7,18.9,12310101,"低值易耗品-生产"]
["库位: 040","jmda","jmda090","O型密封圈;DHS30","C",6,"EA",5,30,12310101,"低值易耗品-生产"]
["库位: 040","JMDA","JMDA091","O型密封圈;DHS32;KVK","B",22,"EA",4.882,107.4,12310101,"低值易耗品-生产"]
["库位: 040","JMDA","JMDA092","O型密封圈;DHS35;KVK","B",4,"EA",5.362,21.45,12310101,"低值易耗品-生产"]
["库位: 040","JMDA","JMDA093","O型密封圈;DHS40;KVK","B",4,"EA",3.2,12.8,12310101,"低值易耗品-生产"]
["库位: 040","JMDA","JMDA098","密封圈;HP12","B",2,"EA",7.8764,15.75,12310101,"低值易耗品-生产"]
["库位: 040","JMDA","JMDA107","密封圈;U12×5×4","B",6,"EA",17.09401,102.56,12310101,"低值易耗品-生产"]
["库位: 040","JMDA","JMDA111","密封圈;UHS16","B",7,"EA",3.7,25.9,12310101,"低值易耗品-生产"]
["库位: 040","JMDA","JMDA112","密封圈;UHS18","B",14,"EA",2,28,12310101,"低值易耗品-生产"]
["库位: 040","JMDA","JMDA113","密封圈;UHS20","B",6,"EA",2.2,13.2,12310101,"低值易耗品-生产"]
["库位: 040","JMDA","JMDA114","密封圈;UHS22","B",10,"EA",4,40,12310101,"低值易耗品-生产"]
["库位: 040","JMDA","JMDA115","密封圈;UHS22.4;KVK","C",7,"EA",2.8,19.6,12310101,"低值易耗品-生产"]
["库位: 040","JMDA","JMDA117","密封圈;UHS25","B",10,"EA",4,40,12310101,"低值易耗品-生产"]
["库位: 040","JMDA","JMDA119","密封圈;UHS30","C",5,"EA",2.5,12.5,12310101,"低值易耗品-生产"]
["库位: 040","JMDA","JMDA120","密封圈;UHS32;KVK","B",5,"EA",4.882,24.41,12310101,"低值易耗品-生产"]
["库位: 040","JMDA","JMDA122","密封圈;UHS40;KVK","B",7,"EA",3.5,24.5,12310101,"低值易耗品-生产"]
["库位: 040","JMDA","JMDA124","密封圈;UHS53;KVK","B",8,"EA",2.88,23.04,12310101,"低值易耗品-生产"]
["库位: 040","JMDA","JMDA127","O型密封圈;YD14×25","B",25,"EA",7.64011,191,12310101,"低值易耗品-生产"]
["库位: 040","JMDA","JMDA134","O型密封圈;YXD63","B",11,"EA",7.08876,77.98,12310101,"低值易耗品-生产"]
["库位: 040","JMDA","JMDA146","油封;42×22×11","C",4,"EA",3.3,13.2,12310101,"低值易耗品-生产"]
["库位: 040","JMDA","JMDA150","O型密封圈;孔径25×线径2","B",19,"EA",1.28205,24.36,12310101,"低值易耗品-生产"]
["库位: 040","JMDA","JMDA198","O型密封圈;35×2.5","B",19,"EA",1.20623,22.92,12310101,"低值易耗品-生产"]
["库位: 040","JMDA","JMDA199","O型密封圈;52×35×8","C",3,"EA",8.547,25.64,12310101,"低值易耗品-生产"]
["库位: 040","JMDA","JMDA209","O型密封圈;41×3.5","B",3,"EA",1.12343,3.37,12310101,"低值易耗品-生产"]
["库位: 040","JMDA","JMDA217","O型密封圈;45×3","C",20,"EA",0.78764,15.75,12310101,"低值易耗品-生产"]
["库位: 040","JMDA","JMDA240","O型密封圈;80×55×12","C",2,"EA",1.98,3.96,12310101,"低值易耗品-生产"]
["库位: 040","JMDA","JMDA254","O型密封圈;85×65×12","C",2,"EA",2.0564,4.11,12310101,"低值易耗品-生产"]
["库位: 040","JMDA","JMDA342","防尘油封;SDR-75","C",5,"EA",13.58,67.9,12310101,"低值易耗品-生产"]
["库位: 040","JMDA","JMDA357","密封圈;42*3.5","C",7,"EA",0.80447,5.63,12310101,"低值易耗品-生产"]
["库位: 040","JMDA","JMDA384","O型密封圈;DHS22.4;KVK","C",3,"EA",3.9285,11.79,12310101,"低值易耗品-生产"]
["库位: 040","JMDA","JMDA385","油封;32×20×10","C",3,"EA",2,6,12310101,"低值易耗品-生产"]
["库位: 040","JMDA","JMDA401","O型密封圈;40×3.5","C",40,"EA",0.99522,39.81,12310101,"低值易耗品-生产"]
["库位: 040","JMDA","JMDA455","O型密封圈;65×35×12","C",5,"EA",10,50,12310101,"低值易耗品-生产"]
["库位: 040","JMDA","JMDA496","密封圈;USH-40(50×40×6) 环段;上海良笠","B",18,"EA",3.5,63,12310101,"低值易耗品-生产"]
["库位: 040","JMDA","JMDA587","O型密封圈;GP63;YCC","B",9,"EA",5,45,12310101,"低值易耗品-生产"]
["库位: 040","JMDA","JMDA6021","O型密封圈;外100×内84 厚6;配七轴搪孔","B",15,"EA",1.5,22.5,12310101,"低值易耗品-生产"]
["库位: 040","JMDA","JMDA6031","O型密封圈;GP50-YCC; 汽缸/环段油孔","B",24,"EA",4.5,108,12310101,"低值易耗品-生产"]
["库位: 040","JMDA","JMDA6054","O型密封圈;40×32;厚4","B",5,"EA",2.2,11,12310101,"低值易耗品-生产"]
["库位: 040","JMDA","JMDA6055","O型密封圈;50×40;厚4","B",5,"EA",2.8,14,12310101,"低值易耗品-生产"]
["库位: 040","JMDA","JMDA6059","油封;65×85×12 环段","B",4,"EA",5.7,22.8,12310101,"低值易耗品-生产"]
["库位: 040","JMDA","JMDA6062","O型密封圈;63×53;厚4","B",10,"EA",4.5,45,12310101,"低值易耗品-生产"]
["库位: 040","JMDA","JMDA6065","O型密封圈;80×65;厚6","B",7,"EA",4.5,31.5,12310101,"低值易耗品-生产"]
["库位: 040","JQA0","JQA006","出勤异常反馈单; 32开;60g;100张;双面","C",12,"本",2.37339,28.48,12310101,"低值易耗品-生产"]
["库位: 040","JQA0","JQA015","公出申请单;MG-B005","C",12,"本",1.79159,21.5,12310101,"低值易耗品-生产"]
["库位: 040","JQA0","JQA027","内部联络单;QS-F007; 小32开;40克;单面;100张","C",35,"本",1.79159,62.71,12310101,"低值易耗品-生产"]
["库位: 040","JQA0","JQA034","模具机加工计件工票; B5;60g;一式两联;50份","C",10,"本",4.43095,44.31,12310101,"低值易耗品-生产"]
["库位: 040","JQA0","JQA035","治具机加工计件工票; 大32开;60g;一式两联;50份","C",50,"本",2.15763,107.88,12310101,"低值易耗品-生产"]
["库位: 040","JQA0","JQA038","工模科日生产安排表; A4;60g;100张;单面","C",2,"本",5.00883,10.02,12310101,"低值易耗品-生产"]
["库位: 040","JQA0","JQA040","工模与品检治具交接登记表 B5;60g;100张;单面","C",1,"本",4.43095,4.43,12310101,"低值易耗品-生产"]
["库位: 040","JQA0","JQA047","包装个人产量日报表; B5;70克;单面;100张","C",10,"本",4.43095,44.31,12310101,"低值易耗品-生产"]
["库位: 040","JQA0","JQA053","人员日工作量报表; B5;70g;100张","C",6,"本",4.87405,29.24,12310101,"低值易耗品-生产"]
["库位: 040","JQA0","JQA055","加工科打断钻石刀登记表; 32开;60g;100张;单面","C",5,"本",2.15763,10.79,12310101,"低值易耗品-生产"]
["库位: 040","JQA0","JQA067","活塞环进仓明细表","C",5,"本",3.89743,19.49,12310101,"低值易耗品-生产"]
["库位: 040","JQA0","JQA069","计量器具借用表;QC-F111; B5;60g;100张;单面","C",4,"本",4.43095,17.72,12310101,"低值易耗品-生产"]
["库位: 040","JQA0","JQA076","出差工作报告表(2) MH-F0014","C",5,"本",5.39419,26.97,12310101,"低值易耗品-生产"]
["库位: 040","JQA1","JQA118","物品放行申请单","C",25,"本",1.97075,49.27,12310101,"低值易耗品-生产"]
["库位: 040","JQA1","JQA150","PP.PPK测量记录表;QC-F094 ;B5;60g;100张;单面","C",10,"本",4.874,48.74,12310101,"低值易耗品-生产"]
["库位: 040","JQA2","JQA244","申请单;MH-F005; 大32开;40g;一式三联;50份","C",3,"本",2.4794,7.44,12310101,"低值易耗品-生产"]
["库位: 040","JQA2","JQA245","物料管制卡;MH-F006; B5;双面","C",300,"EA",0.1878,56.34,12310101,"低值易耗品-生产"]
["库位: 040","JQA2","JQA260","活塞初品检验记录表;单面; QC-F006;A4;40克;100张/本","B",16,"本",3.58329,57.33,12310101,"低值易耗品-生产"]
["库位: 040","JQA2","JQA267","钳工样品制作记录表; QC-F015;B5;70g;100张","C",9,"本",4.43095,39.88,12310101,"低值易耗品-生产"]
["库位: 040","JQA2","JQA269","OEM活塞出货前抽检记录表; QC-F017;B5;70g;100张单面","C",2,"本",4.2383,8.48,12310101,"低值易耗品-生产"]
["库位: 040","JQA2","JQA272","进货检验记录表;QC-F023; B5;70g;100张;单面",null,2,"本",4.43095,8.86,12310101,"低值易耗品-生产"]
["库位: 040","JQA2","JQA280","环沟刀具检测记录表; QC-F039;A4;70g;100张","C",2,"本",5.93361,11.87,12310101,"低值易耗品-生产"]
["库位: 040","JQA2","JQA289","活塞重量确定协作单; QC-F045;32开40g100张单面","C",3,"本",1.79159,5.37,12310101,"低值易耗品-生产"]
["库位: 040","JQA2","JQA297","加工工程尺寸分布控制图; QC-F058;A3;60g;100张单面","B",3,"本",9.74809,29.24,12310101,"低值易耗品-生产"]
["库位: 040","JQA3","JQA300","X-R管制图;QC-F064; A3;80g;单面","C",{"v":2000,"d":"2,000.00"},"EA",0.1377,275.4,12310101,"低值易耗品-生产"]
["库位: 040","JQA3","JQA303","加工剔出铸造不良统计表; QC-F067;A4;60g;100张单面","C",2,"本",5.50983,11.02,12310101,"低值易耗品-生产"]
["库位: 040","JQA3","JQA306","现场钳工样品更换记录表; QC-F070;B5;70g;100张","C",2,"本",4.43095,8.86,12310101,"低值易耗品-生产"]
["库位: 040","JQA3","JQA308","测台记录表;QC-F072; B5;40g;100张;单面","C",10,"本",3.7085,37.09,12310101,"低值易耗品-生产"]
["库位: 040","JQA3","JQA322","出货通知单;SO-F008","C",80,"本",6.50427,520.34,12310101,"低值易耗品-生产"]
["库位: 040","JQA3","JQA326","包装检验日报表;TB-F002; 大32开;60克;单面;100张","B",45,"本",2.15763,97.09,12310101,"低值易耗品-生产"]
["库位: 040","JQA3","JQA346","设备巡检表;TE-F002; 单面;B5;100张;60克","C",4,"本",3.79653,15.19,12310101,"低值易耗品-生产"]
["库位: 040","JQA3","JQA347","电房值班记录表;TE-F03; 单面;B5;100张;60克","C",2,"本",5.20674,10.41,12310101,"低值易耗品-生产"]
["库位: 040","JQA3","JQA348","空压机运行保养记录表; TE-F004单面;B5;100张;60g","C",2,"本",4.43095,8.86,12310101,"低值易耗品-生产"]
["库位: 040","JQA3","JQA356","定期保养记录表;TE-F016; 单面;B5;100张;60克","C",5,"本",5.36145,26.81,12310101,"低值易耗品-生产"]
["库位: 040","JQA3","JQA365","普通设备日常保养卡; TE-F029;双面;A4;250克","B",200,"EA",0.26275,52.55,12310101,"低值易耗品-生产"]
["库位: 040","JQA3","JQA369","成品流转单;T-F023; B5;250g;双面","C",{"v":1700,"d":"1,700.00"},"EA",0.2066,351.22,12310101,"低值易耗品-生产"]
["库位: 040","JQA3","JQA378","交接卡;TM-B003","C",2,"本",5.29914,10.6,12310101,"低值易耗品-生产"]
["库位: 040","JQA3","JQA379","加工科各线当日生产状况表 TM-F001;B5;70g;100张","B",27,"本",5.36145,144.76,12310101,"低值易耗品-生产"]
["库位: 040","JQA3","JQA380","加工生产用具准备状况表; TM-F004;A4;70g;100张","B",11,"本",5.39419,59.34,12310101,"低值易耗品-生产"]
["库位: 040","JQA3","JQA381","NC机种切换记录表;TM-F005 A4;70g;100张;单面","B",5,"本",5.15966,25.8,12310101,"低值易耗品-生产"]
["库位: 040","JQA3","JQA382","切换机种通知单;TM-F007; 大32开;70g;100张;单面","B",5,"本",2.48765,12.44,12310101,"低值易耗品-生产"]
["库位: 040","JQA3","JQA385","加工备用人员日生产状况表 TM-F010","B",19,"本",4.71297,89.55,12310101,"低值易耗品-生产"]
["库位: 040","JQA3","JQA386","毛坯异常通知单;TM-F013; 大32开;一式四联;25份","B",19,"本",1.79159,34.04,12310101,"低值易耗品-生产"]
["库位: 040","JQA3","JQA387","车刀经历卡;TM-F014; A4;250g;单面","B",200,"EA",0.206,41.2,12310101,"低值易耗品-生产"]
["库位: 040","JQA3","JQA388","预报废物料登记表;TM-F016 ;B5;70g;100张;单面","C",2,"本",4.65811,9.32,12310101,"低值易耗品-生产"]
["库位: 040","JQA3","JQA389","剪钉报表;TM-F017; 32开;60g;100张;单面","C",3,"本",2.37339,7.12,12310101,"低值易耗品-生产"]
["库位: 040","JQA3","JQA391","钻石车刀使用情况记录表; TM-F019;B5;70g;100张","B",3,"本",4.38553,13.16,12310101,"低值易耗品-生产"]
["库位: 040","JQA3","JQA393","环沟钻石车刀管制卡; TM-F021;B5;250g;双面","B",100,"EA",0.17342,17.34,12310101,"低值易耗品-生产"]
["库位: 040","JQA3","JQA394","加工生产用具借用卡; TM-F022;A4;60g;100张","B",60,"本",5.00894,300.54,12310101,"低值易耗品-生产"]
["库位: 040","JQA3","JQA397","加工科治具借用情况记录表 TM-F026;A3;80g;单面","C",200,"张",0.22139,44.28,12310101,"低值易耗品-生产"]
["库位: 040","JQA3","JQA399","模具跟单;TN-F001; A4;250g;双面","C",100,"张",0.23886,23.89,12310101,"低值易耗品-生产"]
["库位: 040","JQA4","JQA400","工票;TN-F002; 32开;70g;一式两联;50份","C",23,"本",2.15763,49.63,12310101,"低值易耗品-生产"]
["库位: 040","JQA4","JQA405","活塞成品检验记录表;单面; QC-F056-1;A4;70g;100张","C",60,"本",5.93361,356.02,12310101,"低值易耗品-生产"]
["库位: 040","JQA4","JQA406","活塞成品检验记录表;单面; QC-F056-2;A4;70g;100张","C",60,"本",5.93361,356.02,12310101,"低值易耗品-生产"]
["库位: 040","jqa4","jqa410","领料单;毛坯;免碳;钜全; 大32开;40g;一式四联;25份","C",51,"本",6.93542,353.71,12310101,"低值易耗品-生产"]
["库位: 040","JQA4","JQA416","钜全成品入库单;免碳;3联; MH-F002-1;50份;大32开40g","C",20,"本",7.629,152.58,12310101,"低值易耗品-生产"]
["库位: 040","JQA4","JQA417","钜全半成品入库单;免碳3联 MH-F002-2;50份;大32开40g","C",8,"本",6.7589,54.07,12310101,"低值易耗品-生产"]
["库位: 040","JQA4","JQA418","钜全自制品入库单;免碳4联 MH-F002-3;25份;大32开40g","C",12,"本",5.72173,68.66,12310101,"低值易耗品-生产"]
["库位: 040","JQA4","JQA419","钜全五金领料单;免碳;3联; MH-F005-1;50份;大32开40g","C",18,"本",6.93542,124.84,12310101,"低值易耗品-生产"]
["库位: 040","JQA4","JQA420","钜全半成品领料单;免碳3联 MH-F005-2;50份;大32开40g","C",7,"本",6.7589,47.31,12310101,"低值易耗品-生产"]
["库位: 040","JQA4","JQA427","员工出勤报表; 64开;40g;单面","C",{"v":2000,"d":"2,000.00"},"张",0.0128,25.6,12310101,"低值易耗品-生产"]
["库位: 040","JQA4","JQA430","治具检查记录表 QC-F020;双面;","C",200,"张",0.05735,11.47,12310101,"低值易耗品-生产"]
["库位: 040","JQA4","JQA440","钜全非库存性采购申请单; MD-F022;30份一式三联免碳","C",13,"本",7.4258,96.54,12310101,"低值易耗品-生产"]
["库位: 040","JQA5","JQA572","每日人员工作安排表; QC-F096;A4;70g;100张单面","C",3,"本",5.93361,17.8,12310101,"低值易耗品-生产"]
["库位: 040","JQA6","JQA6214","型线椭圆检测记录表; QC-F101;100张;A4;60g","B",2,"本",5.58682,11.17,12310101,"低值易耗品-生产"]
["库位: 040","JQA6","JQA6215","圆度及圆柱度检测记录表; QC-F100;100张;A4;60g","B",2,"本",5.58682,11.17,12310101,"低值易耗品-生产"]
["库位: 040","JQA6","JQA6237","环槽底部R角检验记录; QC-F105;A4;70g;100张单面","B",2,"本",5.58682,11.17,12310101,"低值易耗品-生产"]
["库位: 040","JQA6","JQA6239","工模科检具治具返修记录表 TN-F003;A4;70g;100张单面","B",2,"本",5.58682,11.17,12310101,"低值易耗品-生产"]
["库位: 040","JQA6","JQA6268","休止时间表;TM-F032; B5;70g;100张;单面","B",86,"本",4.43095,381.06,12310101,"低值易耗品-生产"]
["库位: 040","JQA6","JQA6277","环沟与外径同心度检测表; QC-F108-1;A4;60g;100张","B",10,"本",5.00894,50.09,12310101,"低值易耗品-生产"]
["库位: 040","JQA6","JQA6278","环沟与外径同心度检测表; QC-F108-2;A4;60g;100张","B",30,"本",5.00894,150.27,12310101,"低值易耗品-生产"]
["库位: 040","JQA6","JQA6279","打字首检记录表;QA-F007; A4;100张","B",2,"本",6.13491,12.27,12310101,"低值易耗品-生产"]
["库位: 040","JQA6","JQA6291","计量室日报表;QC-F110; A4;70g;100张/本;单面","B",10,"本",4.43095,44.31,12310101,"低值易耗品-生产"]
["库位: 040","JQA6","JQA6300","氧化质量自检表;TD-F007; A4;80g;100张;单面","B",3,"本",6.64643,19.94,12310101,"低值易耗品-生产"]
["库位: 040","JQA6","JQA6306","镀铁质量自检表;TD-F005; A4;80g;100张;单面","B",2,"本",6.64643,13.29,12310101,"低值易耗品-生产"]
["库位: 040","JQA6","JQA6307","刀具合格证;A4;80g;打钢线  12小张/张;100张/本","B",10,"本",7.31107,73.11,12310101,"低值易耗品-生产"]
["库位: 040","JQA6","JQA6310","钜全不良品入库单;免碳; QC-F093;20开40g;2联;50份","B",87,"本",6.93542,603.38,12310101,"低值易耗品-生产"]
["库位: 040","JQA6","JQA6384","首件自主检查记录表(二冲) TM-F034;A4;70g;100张","B",20,"本",5.93361,118.67,12310101,"低值易耗品-生产"]
["库位: 040","JQA6","JQA6388","QA稽核(外观检查)记录表; QA-F009;A4;70g;100张双面","B",2,"本",6.26118,12.52,12310101,"低值易耗品-生产"]
["库位: 040","JQA6","JQA6393","活塞(圆度仪检测)送检单; QC-F190;64开;60g;100张","B",50,"本",1.07882,53.94,12310101,"低值易耗品-生产"]
["库位: 040","JQA6","JQA6394","活塞粗糙度送检单; QC-F191;64开;60g;100张","B",50,"本",1.07882,53.94,12310101,"低值易耗品-生产"]
["库位: 040","JQA6","JQA6395","机加工设备日常保养卡(五) TE-F044;A4;250g;双面","B",100,"EA",0.23301,23.3,12310101,"低值易耗品-生产"]
["库位: 040","JQA6","JQA6400","成品流转单;T-F023; B5;180g;双面;深绿色(STD)","B",100,"EA",0.25921,25.92,12310101,"低值易耗品-生产"]
["库位: 040","JQA6","JQA6401","成品流转单;T-F023; B5;180g双面;深兰色(0.25)","B",100,"EA",0.25921,25.92,12310101,"低值易耗品-生产"]
["库位: 040","JQA6","JQA6402","成品流转单;T-F023; B5;180g双面;粉红色(0.50)","B",100,"EA",0.25921,25.92,12310101,"低值易耗品-生产"]
["库位: 040","JQA6","JQA6403","成品流转单;T-F023; B5;180g双面;鲜绿色(0.75)","B",100,"EA",0.24794,24.79,12310101,"低值易耗品-生产"]
["库位: 040","JQA6","JQA6404","成品流转单;T-F023; B5;180g;双面;橙色(1.00)","B",50,"EA",0.25921,12.96,12310101,"低值易耗品-生产"]
["库位: 040","JQA6","JQA6405","成品流转单;T-F023; B5;180g双面;牙黄色(1.25)","B",200,"EA",0.25921,51.84,12310101,"低值易耗品-生产"]
["库位: 040","JQA6","JQA6406","成品流转单;T-F023; B5;180g双面;天蓝色(1.50)","B",500,"EA",0.25921,129.61,12310101,"低值易耗品-生产"]
["库位: 040","JQA6","JQA6407","成品流转单;T-F023; B5;180g双面;深黄色(1.75)","B",500,"EA",0.25921,129.61,12310101,"低值易耗品-生产"]
["库位: 040","JQA6","JQA6408","成品流转单;T-F023; B5;180g;双面;紫色(2.00)","B",800,"EA",0.25921,207.37,12310101,"低值易耗品-生产"]
["库位: 040","JQA6","JQA6430","刀具更换通知单; TM-F037; 32开;70g;100","B",5,"本",1.30042,6.5,12310101,"低值易耗品-生产"]
["库位: 040","JQA6","JQA6431","部门补充治具制作单;免碳; T-F044;大32开40g;3联33份","B",2,"本",6.16481,12.33,12310101,"低值易耗品-生产"]
["库位: 040","JQA6","JQA6434","CNC七轴镗孔机精度检查表; TE-F045;A4;70g;100张;5联","B",10,"本",5.93361,59.34,12310101,"低值易耗品-生产"]
["库位: 040","JQA6","JQA6435","CNC五轴环沟机精度检查表; TE-F047;A4;70g;100张;4联","B",8,"本",5.93361,47.47,12310101,"低值易耗品-生产"]
["库位: 040","JQA6","JQA6436","CNC四轴外径机精度检查表; TE-F046;A4;70g;100张;3联","B",6,"本",5.93361,35.6,12310101,"低值易耗品-生产"]
["库位: 040","JQA6","JQA6437","CNC头部两用机精度检查表; TE-F048;A4;70g;100张;2联","B",4,"本",5.93361,23.73,12310101,"低值易耗品-生产"]
["库位: 040","JQA6","JQA6441","电镀、前处理、检测记录表 LTD-F005;A4;70g;100张","B",2,"本",5.39419,10.79,12310101,"低值易耗品-生产"]
["库位: 040","JQA6","JQA6448","铸造毛坯产量统计报表; B5;60g;100页;","B",100,"本",4.874,487.4,12310101,"低值易耗品-生产"]
["库位: 040","JQA6","JQA6451","清水更换记录单 TM-F039;A4;70g;100张","B",40,"本",5.39419,215.77,12310101,"低值易耗品-生产"]
["库位: 040","JQA6","JQA6473","五金调拨单;MH-F010;免碳 三联;150页;A4;","B",8,"本",6.9782,55.83,12310101,"低值易耗品-生产"]
["库位: 040","JQA6","JQA6479","机加工设备日常保养卡(八) TE-F057;A4;250g;双面","B",100,"EA",0.21183,21.18,12310101,"低值易耗品-生产"]
["库位: 040","JQA6","JQA6483","加工科各线毛坯交接表; A4;70g;100张;","B",15,"本",5.39419,80.91,12310101,"低值易耗品-生产"]
["库位: 040","JQA6","JQA6514","压钉机压力点检表(加工科) TM-F036;A4;70g;100张/本;","B",5,"本",5.39419,26.97,12310101,"低值易耗品-生产"]
["库位: 040","JQA6","JQA6533","维修联络单;TN-F006; 免碳;3联;大32开;40g;50份","B",20,"本",6.7589,135.18,12310101,"低值易耗品-生产"]
["库位: 040","JQA6","JQA6534","机加科生产安排流程表; 一式两联;免碳;B4;50份;","B",10,"本",10.32056,103.21,12310101,"低值易耗品-生产"]
["库位: 040","JQA6","JQA6540","故障维修单;一式二联;免碳 TE-F001;32开;50g;50份/本","B",61,"本",4.554,277.79,12310101,"低值易耗品-生产"]
["库位: 040","JQB0","JQB006","直尺;650CM木质","C",1,"EA",5.1282,5.13,12310101,"低值易耗品-生产"]
["库位: 040","JQB0","JQB007","无头圆规 (内卡)","C",3,"EA",123,369,12310101,"低值易耗品-生产"]
["库位: 040","JQB0","JQB008","绘图工具","C",1,"盒",183.76068,183.76,12310101,"低值易耗品-生产"]
["库位: 040","JQB0","JQB013","绘图ROTING;ROTING","C",2,"盒",123,246,12310101,"低值易耗品-生产"]
["库位: 040","JQB0","JQB015","绘图圆规","C",1,"ST",124.133,124.13,12310101,"低值易耗品-生产"]
["库位: 040","JQB0","JQB097","仪表墨水","C",23,"EA",123,{"v":2829,"d":"2,829.00"},12310101,"低值易耗品-生产"]
["库位: 040","JQB2","JQB221","透明胶带;宽;6CM×60M; 友谊","B",10,"卷",5.13,51.3,12310101,"低值易耗品-生产"]
["库位: 040","JQD0","JQD025","电风扇叶片;350~400MM","C",8,"EA",123,984,12310101,"低值易耗品-生产"]
["库位: 040","JQD0","JQD051","热水器","C",1,"EA",680,680,12310101,"低值易耗品-生产"]
["库位: 040","JQE1","JQE163","条码碳带;110MM×300M","C",40,"卷",31.255,{"v":1250.2,"d":"1,250.20"},12310101,"低值易耗品-生产"]
["库位: 040","JQE1","JQE184","条码碳带;170MM×300M","C",10,"卷",52.14,521.4,12310101,"低值易耗品-生产"]
["库位: 040","JQF0","JQF015","对讲机;摩托罗拉T5300","C",15,"EA",236.27842,{"v":3544.18,"d":"3,544.18"},12310101,"低值易耗品-生产"]
["库位: 040","JQG0","JQG028","衣柜","C",1,"EA",123,123,12310101,"低值易耗品-生产"]
["库位: 040","JQJB","JQJB023","不锈钢锅","C",1,"EA",21.36752,21.37,12310101,"低值易耗品-生产"]
["库位: 040","JQJC","JQJC011","对讲机电池","C",15,"ST",223.83817,{"v":3357.57,"d":"3,357.57"},12310101,"低值易耗品-生产"]
["库位: 040","JQJC","JQJC012","万能胶;500克/瓶;金万得","C",3,"瓶",10.67,32.01,12310101,"低值易耗品-生产"]
["库位: 040","JQJC","JQJC146","扣式电池;3V","C",2,"EA",2.41247,4.82,12310101,"低值易耗品-生产"]
["库位: 040","JQL1","JQL140","透明塑料板;60×50×0.3CM 山东橡胶厂","B",5,"EA",34.92,174.6,12310101,"低值易耗品-生产"]
["库位: 040","JRAA","JRAA002","医用棉签","C",{"v":7000,"d":"7,000.00"},"EA",0.02258,158.06,12310101,"低值易耗品-生产"]
["库位: 040","JRB0","JRB081","冬裤","B",12,"EA",31.196,374.35,12310201,"低值易耗品-办公 "]
["库位: 040","JRB0","JRB082","冬衣;黄色","B",124,"EA",40.598,{"v":5034.15,"d":"5,034.15"},12310201,"低值易耗品-办公 "]
["库位: 040","JRB0","JRB083","冬衣;绣QA;","B",15,"EA",40.598,608.97,12310201,"低值易耗品-办公 "]
["库位: 040","JRB0","JRB084","冬衣;蓝色","B",44,"EA",40.598,{"v":1786.31,"d":"1,786.31"},12310201,"低值易耗品-办公 "]
["库位: 040","JRB0","JRB085","冬衣;绿色","B",269,"EA",40.598,{"v":10920.86,"d":"10,920.86"},12310201,"低值易耗品-办公 "]
["库位: 040","JRB0","JRB086","男衫","B",71,"EA",30.598,{"v":2172.46,"d":"2,172.46"},12310201,"低值易耗品-办公 "]
["库位: 040","JRB0","JRB088","夏裤","B",{"v":1167,"d":"1,167.00"},"EA",28.034,{"v":32715.68,"d":"32,715.68"},12310201,"低值易耗品-办公 "]
["库位: 040","JRB0","JRB089","夏衣;黄色","B",128,"EA",30.598,{"v":3916.54,"d":"3,916.54"},12310201,"低值易耗品-办公 "]
["库位: 040","JRB0","JRB090","夏衣;绣QA","B",98,"EA",21.367,{"v":2093.97,"d":"2,093.97"},12310201,"低值易耗品-办公 "]
["库位: 040","JRB0","JRB091","夏衣;绿色","B",211,"EA",30.598,{"v":6456.18,"d":"6,456.18"},12310201,"低值易耗品-办公 "]
["库位: 040","JRB0","JRB092","夏衣;紫蓝","B",443,"EA",30.598,{"v":13554.91,"d":"13,554.91"},12310201,"低值易耗品-办公 "]
["库位: 040","JRB0","JRB099","工作裤;冬季;","B",{"v":1248,"d":"1,248.00"},"EA",12.65,{"v":15787.2,"d":"15,787.20"},12310201,"低值易耗品-办公 "]
["库位: 040","JRB1","JRB100","工作服;冬衣;黄色;","B",49,"EA",41,{"v":2009,"d":"2,009.00"},12310201,"低值易耗品-办公 "]
["库位: 040","JRB1","JRB103","工作服;冬衣;绿色;","B",81,"EA",16.24,{"v":1315.44,"d":"1,315.44"},12310201,"低值易耗品-办公 "]
["库位: 040","JRC0","JRC005","纱手套;帮杰","B",{"v":1116,"d":"1,116.00"},"ST",1.3,{"v":1450.8,"d":"1,450.80"},12310101,"低值易耗品-生产"]
["库位: 040","JRC0","JRC012","细纱手套;J.C","B",{"v":1452,"d":"1,452.00"},"ST",0.95,{"v":1379.4,"d":"1,379.40"},12310101,"低值易耗品-生产"]
["库位: 040","JRC0","JRC014","尼龙手套;1013A","B",122,"ST",1.6,195.2,12310101,"低值易耗品-生产"]
["库位: 040","JRC0","JRC019","防酸手套;H","C",43,"ST",5.2,223.6,12310101,"低值易耗品-生产"]
["库位: 040","JRC0","JRC027","电焊手套","B",1,"ST",4.5598,4.56,12310101,"低值易耗品-生产"]
["库位: 040","JRC0","JRC046","电焊面罩","C",1,"EA",6.79,6.79,12310101,"低值易耗品-生产"]
["库位: 040","JRC0","JRC053","耐酸围裙","C",31,"EA",6.95,215.45,12310101,"低值易耗品-生产"]
["库位: 040","JRC0","JRC071","防酸手套;羊城牌;中号; 薄的;","B",50,"ST",4.7,235,12310101,"低值易耗品-生产"]
["库位: 040","JRC0","JRC092","袖套;兰布;65棉","B",50,"ST",3.48,174,12310101,"低值易耗品-生产"]
["库位: 040","JRC0","JRC093","围裙;750×960;","B",350,"EA",16.38,{"v":5733,"d":"5,733.00"},12310101,"低值易耗品-生产"]
["库位: 040","JRC0","JRC094","围裙;650×860;","B",488,"EA",15.939,{"v":7778.23,"d":"7,778.23"},12310101,"低值易耗品-生产"]
["库位: 040","m010","m010-0000-001","外模木模具","A",14,"ST",239.316,{"v":3350.42,"d":"3,350.42"},12310101,"低值易耗品-生产"]
["库位: 040","PD70","PD704-005-4356","D22A耐磨环环沟刀(单K)NO1 1.911±0.002X2.65X7°","B",19,"EA",167,{"v":3173,"d":"3,173.00"},12310101,"低值易耗品-生产"]
["库位: 040","PD70","PD704-005-4614","耐磨环专用环沟刀; D22A-N-5;005-4614","B",14,"EA",163,{"v":2282,"d":"2,282.00"},12310101,"低值易耗品-生产"]
["库位: 040","PD70","PD705-005-4356","耐磨环专用板车刀; D22A;005-4356","B",16,"EA",145,{"v":2320,"d":"2,320.00"},12310101,"低值易耗品-生产"]
["库位: 040","PD70","PD707-005-2578","842569;环沟刀(平)NO1 1.29(-0.002～-0.006)","B",11,"EA",136,{"v":1496,"d":"1,496.00"},12310101,"低值易耗品-生产"]
["库位: 040","PD70","PD707-005-2696","4Y;环沟刀(平)NO1 1.56(-0.002～-0.006)","B",44,"EA",136,{"v":5984,"d":"5,984.00"},12310101,"低值易耗品-生产"]
["库位: 040","PD70","PD707-005-2725","178F;环沟刀(平)NO1 1.565(-0.002～-0.006)","B",1,"EA",136,136,12310101,"低值易耗品-生产"]
["库位: 040","PD70","PD707-005-2782","B05;环沟刀(平)NO1 0.835(-0.002～-0.006)","B",6,"EA",136,816,12310101,"低值易耗品-生产"]
["库位: 040","PD70","PD707-005-2805","CG150;环沟刀(平)NO1 1.225(-0.002～-0.006)","B",66,"EA",136,{"v":8976,"d":"8,976.00"},12310101,"低值易耗品-生产"]
["库位: 040","PD70","PD707-005-2807","KG55;环沟刀(平)NO1 0.83(-0.002～-0.006)","B",58,"EA",136,{"v":7888,"d":"7,888.00"},12310101,"低值易耗品-生产"]
["库位: 040","PD70","PD707-005-2809","5WB;环沟刀(平)NO1 1.065(+0.003～0)","B",26,"EA",136,{"v":3536,"d":"3,536.00"},12310101,"低值易耗品-生产"]
["库位: 040","PD70","PD707-005-2823","170FS;环沟刀(平)NO1 1.565(-0.002～-0.006)","B",6,"EA",136,816,12310101,"低值易耗品-生产"]
["库位: 040","PD70","PD707-005-2824","5MH5;环沟刀(平)NO1 1.06(+0.003～0)","B",12,"EA",136,{"v":1632,"d":"1,632.00"},12310101,"低值易耗品-生产"]
["库位: 040","PD70","PD707-005-2900","004-0272-00环沟刀(平)NO1 1.618(-0.002～-0.006)","B",5,"EA",136,680,12310101,"低值易耗品-生产"]
["库位: 040","PD70","PD707-005-2945","JC1P58MI;环沟刀(平)NO1 1.04(-0.002～-0.006)","B",16,"EA",136,{"v":2176,"d":"2,176.00"},12310101,"低值易耗品-生产"]
["库位: 040","PD70","PD707-005-2999","KG160;环沟刀(平)NO1 1.48(-0.002～-0.006)","B",6,"EA",136,816,12310101,"低值易耗品-生产"]
["库位: 040","PD70","PD707-005-3046","160FD;环沟刀(平)NO1 1.535(-0.002～-0.006)","B",50,"EA",136,{"v":6800,"d":"6,800.00"},12310101,"低值易耗品-生产"]
["库位: 040","PD70","PD707-005-3049","168F;环沟刀(平)NO1 1.59(-0.002～-0.006)","B",24,"EA",136,{"v":3264,"d":"3,264.00"},12310101,"低值易耗品-生产"]
["库位: 040","PD70","PD707-005-3062","841126;环沟刀(平)NO1 1.30(-0.002～-0.006)","B",17,"EA",136,{"v":2312,"d":"2,312.00"},12310101,"低值易耗品-生产"]
["库位: 040","PD70","PD707-005-3169","9290-310004环沟刀(平)NO1 1.634(-0.002～-0.006)","B",1,"EA",136,136,12310101,"低值易耗品-生产"]
["库位: 040","PD70","PD707-005-3179","Z2841-41112环沟刀(平)NO1 1.57(-0.002～-0.006)","B",8,"EA",136,{"v":1088,"d":"1,088.00"},12310101,"低值易耗品-生产"]
["库位: 040","PD70","PD707-005-3202","318831-6;环沟刀(平)NO1 1.65(-0.002～-0.006)","B",16,"EA",136,{"v":2176,"d":"2,176.00"},12310101,"低值易耗品-生产"]
["库位: 040","PD70","PD707-005-3233","640920002(01);环沟刀(平) NO1;0.81(-0.002～-0.006)","B",16,"EA",136,{"v":2176,"d":"2,176.00"},12310101,"低值易耗品-生产"]
["库位: 040","PD70","PD707-005-3242","PEUGEOT50;环沟刀(平)NO1 1.23(-0.002～-0.006)","B",14,"EA",136,{"v":1904,"d":"1,904.00"},12310101,"低值易耗品-生产"]
["库位: 040","PD70","PD707-005-3266","88B4-B01156环沟刀(平)NO1 1.285(-0.002～-0.006)","B",3,"EA",136,408,12310101,"低值易耗品-生产"]
["库位: 040","PD70","PD707-005-3268","28CC;环沟刀(平)NO1 1.35(-0.002～-0.006)","B",10,"EA",136,{"v":1360,"d":"1,360.00"},12310101,"低值易耗品-生产"]
["库位: 040","PD70","PD707-005-3285","88B4-B01379环沟刀(平)NO1 1.07(-0.002～-0.006)","B",19,"EA",136,{"v":2584,"d":"2,584.00"},12310101,"低值易耗品-生产"]
["库位: 040","PD70","PD707-005-3388","XVS650;环沟刀(平)NO1 1.24(-0.002～-0.006)","B",15,"EA",136,{"v":2040,"d":"2,040.00"},12310101,"低值易耗品-生产"]
["库位: 040","PD70","PD707-005-3474","640353001A;环沟刀(平)NO1 1.676(-0.002～-0.006)","B",11,"EA",136,{"v":1496,"d":"1,496.00"},12310101,"低值易耗品-生产"]
["库位: 040","PD70","PD707-005-3480","004-0286-35环沟刀(平)NO1 1.637(-0.002～-0.006)","B",1,"EA",136,136,12310101,"低值易耗品-生产"]
["库位: 040","PD70","PD707-005-3549","640995001(01);环沟刀平1 0.813(-0.002～-0.006)","B",16,"EA",136,{"v":2176,"d":"2,176.00"},12310101,"低值易耗品-生产"]
["库位: 040","PD70","PD707-005-3761","640354001K;环沟刀(平)NO1 1.035(-0.002～-0.006)","B",34,"EA",136,{"v":4624,"d":"4,624.00"},12310101,"低值易耗品-生产"]
["库位: 040","PD70","PD707-005-3930","640354001L;环沟刀(平)NO1 1.015(-0.002～-0.006)","B",23,"EA",136,{"v":3128,"d":"3,128.00"},12310101,"低值易耗品-生产"]
["库位: 040","PD70","PD707-005-3938","AIA;环沟刀(平)NO1 0.815(-0.002～-0.006)","B",14,"EA",136,{"v":1904,"d":"1,904.00"},12310101,"低值易耗品-生产"]
["库位: 040","PD70","PD707-005-4006","JL4G20;环沟刀(平)NO1 1.265(+0.003～0)","B",26,"EA",136,{"v":3536,"d":"3,536.00"},12310101,"低值易耗品-生产"]
["库位: 040","PD70","PD707-005-4077","4G15D;环沟刀(平)NO1 1.26(+0.003～0)","B",7,"EA",136,952,12310101,"低值易耗品-生产"]
["库位: 040","PD70","PD707-005-4095","E300814;环沟刀(平)NO1 1.58(-0.002～-0.006)","B",30,"EA",136,{"v":4080,"d":"4,080.00"},12310101,"低值易耗品-生产"]
["库位: 040","PD70","PD707-005-4127","530012358;环沟刀 1.571(-0.002～-0.006)","B",2,"EA",136,272,12310101,"低值易耗品-生产"]
["库位: 040","PD70","PD707-005-4155","216813;环沟刀(平)NO1 1.2447(-0.002～-0.006)","B",4,"EA",136,544,12310101,"低值易耗品-生产"]
["库位: 040","PD70","PD707-005-4172","CF83;环沟刀(平)NO1 0.94(-0.002～-0.006)","B",4,"EA",136,544,12310101,"低值易耗品-生产"]
["库位: 040","PD70","PD707-005-4218","545-231200;环沟刀(平)NO1 1.052(-0.002～-0.006)","B",9,"EA",136,{"v":1224,"d":"1,224.00"},12310101,"低值易耗品-生产"]
["库位: 040","PD70","PD707-005-4251","640995001E;环沟刀(平)NO1 0.8(-0.002～-0.006)","B",9,"EA",136,{"v":1224,"d":"1,224.00"},12310101,"低值易耗品-生产"]
["库位: 040","PD70","PD707-005-4260","C215138;环沟刀(平)NO1 3.9(-0.002～-0.006)","B",11,"EA",162,{"v":1782,"d":"1,782.00"},12310101,"低值易耗品-生产"]
["库位: 040","PD70","PD707-005-4295","LF125;环沟刀(平)NO1 1.215(-0.002～-0.006)","B",7,"EA",136,952,12310101,"低值易耗品-生产"]
["库位: 040","PD70","PD707-005-4300","845311;环沟刀(平)NO1 0.93(-0.002～-0.006)","B",7,"EA",136,952,12310101,"低值易耗品-生产"]
["库位: 040","PD70","PD707-005-4347","EE300J0004;环沟刀(平)NO1 1.55(-0.002～-0.006)","B",10,"EA",136,{"v":1360,"d":"1,360.00"},12310101,"低值易耗品-生产"]
["库位: 040","PD70","PD708-005-3190","XDZY50;环沟刀(单K)NO1 1.244(±0.002)X1.55X7°","B",11,"EA",136,{"v":1496,"d":"1,496.00"},12310101,"低值易耗品-生产"]
["库位: 040","PD70","PD708-005-3192","LY90;环沟刀(单K)NO1 1.243±0.002X2.03X6°30'","B",5,"EA",136,680,12310101,"低值易耗品-生产"]
["库位: 040","PD70","PD708-005-3229","ET950;环沟刀(单K)NO1 1.547±0.002X1.68X6°30'","B",6,"EA",136,816,12310101,"低值易耗品-生产"]
["库位: 040","PD70","PD708-005-3230","XDZ50;环沟刀(单K)NO1 1.556±0.002X1.71X7°10'","B",36,"EA",136,{"v":4896,"d":"4,896.00"},12310101,"低值易耗品-生产"]
["库位: 040","PD70","PD708-005-3255","PW50;环沟刀(单K)NO1 1.572(±0.002)X1.68X7°","B",3,"EA",136,408,12310101,"低值易耗品-生产"]
["库位: 040","PD70","PD708-005-3288","010-821;环沟刀(单K)NO1 1.295(±0.002)X2.95X7°","B",7,"EA",136,952,12310101,"低值易耗品-生产"]
["库位: 040","PD70","PD708-005-3291","010-817P;环沟刀(单K)NO1 1.331±0.002X3.45X6°50'","B",2,"EA",136,272,12310101,"低值易耗品-生产"]
["库位: 040","PD70","PD708-005-3295","010-826;环沟刀(单K)NO1 1.580(±0.002)X3.55X7°","B",10,"EA",136,{"v":1360,"d":"1,360.00"},12310101,"低值易耗品-生产"]
["库位: 040","PD70","PD708-005-3299","50-520P;环沟刀(单K)NO1 1.25(±0.002)X2.65X7°","B",3,"EA",136,408,12310101,"低值易耗品-生产"]
["库位: 040","PD70","PD708-005-3303","010-820P;环沟刀(单K)NO1 1.265(±0.002)X2.95X7°","B",5,"EA",136,680,12310101,"低值易耗品-生产"]
["库位: 040","PD70","PD708-005-3322","010-842P;环沟刀(单K)NO1 1.275±0.002X2.9X6°40'","B",1,"EA",136,136,12310101,"低值易耗品-生产"]
["库位: 040","PD70","PD708-005-3328","010-818P;环沟刀(单K)NO1 1.346±0.002X3.55X6°50'","B",1,"EA",136,136,12310101,"低值易耗品-生产"]
["库位: 040","PD70","PD708-005-3356","DT180;环沟刀(单K)NO1 1.55(±0.002)X2.65X7°","B",23,"EA",136,{"v":3128,"d":"3,128.00"},12310101,"低值易耗品-生产"]
["库位: 040","PD70","PD708-005-3366","PALIO;环沟刀(单K)NO1 1.533±0.002X1.61X7°10'","B",3,"EA",136,408,12310101,"低值易耗品-生产"]
["库位: 040","PD70","PD708-005-3382","环沟刀(单K)NO1 1.258(±0.002)X2.3X7°","B",6,"EA",136,816,12310101,"低值易耗品-生产"]
["库位: 040","PD70","PD708-005-3439","010-808P;环沟刀(单K)NO1 1.377±0.002X3.6X9°40'","B",25,"EA",136,{"v":3400,"d":"3,400.00"},12310101,"低值易耗品-生产"]
["库位: 040","PD70","PD708-005-3445","010-809P;环沟刀(单K)NO1 1.335(±0.002)X3.25X8°","B",1,"EA",136,136,12310101,"低值易耗品-生产"]
["库位: 040","PD70","PD708-005-3467","DX100;环沟刀(单K)NO1 1.548(±0.002)X2.22X7°","B",22,"EA",136,{"v":2992,"d":"2,992.00"},12310101,"低值易耗品-生产"]
["库位: 040","PD70","PD708-005-3476","010-824;环沟刀(单K)NO1 1.574±0.002X3.3X6°40'","B",8,"EA",136,{"v":1088,"d":"1,088.00"},12310101,"低值易耗品-生产"]
["库位: 040","PD70","PD708-005-3477","50-306P;环沟刀(单K)NO1 1.574±0.002X3.55X6°40'","B",1,"EA",136,136,12310101,"低值易耗品-生产"]
["库位: 040","PD70","PD708-005-3483","100-210;环沟刀(单K)NO1 1.994(±0.002)X3.20X7°","B",1,"EA",136,136,12310101,"低值易耗品-生产"]
["库位: 040","PD70","PD708-005-3492","100-275S;环沟刀(单K)NO1 2.064±0.002X2.95X6°40'","B",4,"EA",136,544,12310101,"低值易耗品-生产"]
["库位: 040","PD70","PD708-005-3514","100-05;环沟刀(单K)NO1 1.605±0.002X2.5X7°20'","B",1,"EA",136,136,12310101,"低值易耗品-生产"]
["库位: 040","PD70","PD708-005-3530","09-778;环沟刀(单K)NO1 2.024±0.002X3.25X7°20'","B",8,"EA",136,{"v":1088,"d":"1,088.00"},12310101,"低值易耗品-生产"]
["库位: 040","PD70","PD708-005-3546","RC110;环沟刀(单K)NO1 1.248(±0.002)X2.22X7°","B",9,"EA",136,{"v":1224,"d":"1,224.00"},12310101,"低值易耗品-生产"]
["库位: 040","PD70","PD708-005-3576","GP125;环沟刀(单K)NO1 1.55(±0.002)X1.83X7°","B",10,"EA",136,{"v":1360,"d":"1,360.00"},12310101,"低值易耗品-生产"]
["库位: 040","PD70","PD708-005-3579","TRS;环沟刀(单K)NO1 1.248(±0.002)X2.06X7°","B",31,"EA",136,{"v":4216,"d":"4,216.00"},12310101,"低值易耗品-生产"]
["库位: 040","PD70","PD708-005-3588","LOVE50;环沟刀(单K)NO1 1.556±0.002X1.71X7°10'","B",35,"EA",136,{"v":4760,"d":"4,760.00"},12310101,"低值易耗品-生产"]
["库位: 040","PD70","PD708-005-3595","MA50;环沟刀(单K)NO1 1.543(±0.002)X1.61X7°","B",2,"EA",136,272,12310101,"低值易耗品-生产"]
["库位: 040","PD70","PD708-005-3608","100-125P;环沟刀(单K)NO1 2.002±0.002X3.6X7°15'","B",3,"EA",136,408,12310101,"低值易耗品-生产"]
["库位: 040","PD70","PD708-005-3650","RC110;环沟刀(单K)NO1 1.242(±0.002)X2.42X7°","B",6,"EA",136,816,12310101,"低值易耗品-生产"]
["库位: 040","PD70","PD708-005-3663","AG100;环沟刀(单K)NO1 1.258±0.002X2.01X7°10'","B",8,"EA",136,{"v":1088,"d":"1,088.00"},12310101,"低值易耗品-生产"]
["库位: 040","PD70","PD708-005-3665","XF90;环沟刀(单K)NO1 1.537(±0.002)X2.13X7°","B",3,"EA",136,408,12310101,"低值易耗品-生产"]
["库位: 040","PD70","PD708-005-3865","09-711;环沟刀(单K)NO1 1.553(±0.002)X2.87X7°","B",5,"EA",136,680,12310101,"低值易耗品-生产"]
["库位: 040","PD70","PD708-005-3867","09-730;环沟刀(单K)NO1 1.483(±0.002)X3.9X7°","B",3,"EA",136,408,12310101,"低值易耗品-生产"]
["库位: 040","PD70","PD708-005-3868","09-752;环沟刀(单K)NO1 1.369(±0.002)X2.64X7°","B",5,"EA",136,680,12310101,"低值易耗品-生产"]
["库位: 040","PD70","PD708-005-3878","09-761;环沟刀(单K)NO1 1.394(±0.002)X2.83X10°","B",1,"EA",136,136,12310101,"低值易耗品-生产"]
["库位: 040","PD70","PD708-005-3881","09-772;环沟刀(单K)NO1 1.404(±0.002)X3.06X10°","B",1,"EA",136,136,12310101,"低值易耗品-生产"]
["库位: 040","PD70","PD708-005-3882","09-776;环沟刀(单K)NO1 1.505(±0.002)X2.95X7°","B",17,"EA",136,{"v":2312,"d":"2,312.00"},12310101,"低值易耗品-生产"]
["库位: 040","PD70","PD708-005-3887","09-773;环沟刀(单K)NO1 1.392(±0.002)X3.22X10°","B",1,"EA",136,136,12310101,"低值易耗品-生产"]
["库位: 040","PD70","PD708-005-3907","09-802;环沟刀(单K)NO1 1.242(±0.002)X2.42X7°","B",1,"EA",136,136,12310101,"低值易耗品-生产"]
["库位: 040","PD70","PD708-005-3908","AX100;环沟刀(单K)NO1 1.559±0.002X1.86X7°10'","B",1,"EA",136,136,12310101,"低值易耗品-生产"]
["库位: 040","PD70","PD708-005-3915","100-110P;环沟刀(单K)NO1 2.337(±0.002)X3.41X28°","B",1,"EA",136,136,12310101,"低值易耗品-生产"]
["库位: 040","PD70","PD708-005-3917","100-06;环沟刀(单K)NO1 1.897±0.002X3.4X7°30'","B",3,"EA",136,408,12310101,"低值易耗品-生产"]
["库位: 040","PD70","PD708-005-4041","09-650;环沟刀(单K)NO1 1.604(±0.002)X3.15X7°","B",9,"EA",136,{"v":1224,"d":"1,224.00"},12310101,"低值易耗品-生产"]
["库位: 040","PD70","PD708-005-4043","09-683;环沟刀(单K)NO1 1.543(±0.002)X3X7°","B",3,"EA",136,408,12310101,"低值易耗品-生产"]
["库位: 040","PD70","PD708-005-4044","09-719;环沟刀(单K)NO1 1.26(±0.002)X2.65X7°","B",30,"EA",136,{"v":4080,"d":"4,080.00"},12310101,"低值易耗品-生产"]
["库位: 040","PD70","PD708-005-4046","09-709;环沟刀(单K)NO1 1.541(±0.002)X2.41X7°","B",5,"EA",136,680,12310101,"低值易耗品-生产"]
["库位: 040","PD70","PD708-005-4047","09-657;环沟刀(单K)NO1 1.574(±0.002)X3.45X7°","B",15,"EA",136,{"v":2040,"d":"2,040.00"},12310101,"低值易耗品-生产"]
["库位: 040","PD70","PD708-005-4050","09-721;环沟刀(单K)NO1 1.525(±0.002)X3.35X7°","B",12,"EA",136,{"v":1632,"d":"1,632.00"},12310101,"低值易耗品-生产"]
["库位: 040","PD70","PD708-005-4057","09-781;环沟刀(单K)NO1 1.546(±0.002)X2.45X7°","B",1,"EA",136,136,12310101,"低值易耗品-生产"]
["库位: 040","PD70","PD708-005-4059","09-831;环沟刀(单K)NO1 1.283(±0.002)X3X7°","B",3,"EA",136,408,12310101,"低值易耗品-生产"]
["库位: 040","PD70","PD708-005-4165","09-713;环沟刀(单K)NO1 1.243(±0.002)X2.69X8°","B",13,"EA",136,{"v":1768,"d":"1,768.00"},12310101,"低值易耗品-生产"]
["库位: 040","PD70","PD708-005-4188","AX115;环沟刀(单K)NO1 1.346±0.002X2.7X7°10'","B",2,"EA",136,272,12310101,"低值易耗品-生产"]
["库位: 040","PD70","PD708-005-4211","1772344131环沟刀(单K)NO1 1.559±0.002X3.3X6°40'","B",2,"EA",136,272,12310101,"低值易耗品-生产"]
["库位: 040","PD70","PD708-005-4259","50-310P;环沟刀(单K)NO1 1.574±0.002X3.7X6°40'","B",1,"EA",136,136,12310101,"低值易耗品-生产"]
["库位: 040","PD70","PD708-005-4342","100-265;环沟刀(单K)NO1 2.054±0.002X3.25X6°40'","B",3,"EA",136,408,12310101,"低值易耗品-生产"]
["库位: 040","PD70","PD708-005-4345","100-101;环沟刀(单K)NO1 1.814(±0.002)X2.65X28°","B",5,"EA",136,680,12310101,"低值易耗品-生产"]
["库位: 040","PD70","PD708-005-4366","100-134S;环沟刀(单K)NO1 2.084(±0.002)X3.75X7°","B",12,"EA",136,{"v":1632,"d":"1,632.00"},12310101,"低值易耗品-生产"]
["库位: 040","PD71","PD712-005-5139","专用倒角刀; 474Q-T3-11102;005-5139","B",2,"EA",0,0,12310101,"低值易耗品-生产"]
["库位: 040","PD71","PD717-005-2490","CN200;环沟刀(平)NO2 1.53(-0.002～-0.006)","B",8,"EA",136,{"v":1088,"d":"1,088.00"},12310101,"低值易耗品-生产"]
["库位: 040","PD71","PD717-005-2578","842569;环沟刀(平)NO2 1.25(-0.002～-0.006)","B",7,"EA",136,952,12310101,"低值易耗品-生产"]
["库位: 040","PD71","PD717-005-2678","010-860;环沟刀(平)NO2 1.28(-0.002～-0.006)","B",1,"EA",136,136,12310101,"低值易耗品-生产"]
["库位: 040","PD71","PD717-005-2682","CG125F;环沟刀(平)NO2 1.22(-0.002～-0.006)","B",5,"EA",136,680,12310101,"低值易耗品-生产"]
["库位: 040","PD71","PD717-005-2687","豪迈125;环沟刀(平)NO2 1.025(-0.002～-0.006)","B",36,"EA",136,{"v":4896,"d":"4,896.00"},12310101,"低值易耗品-生产"]
["库位: 040","PD71","PD717-005-2693","L110;环沟刀(平)NO2 1.05(-0.002～-0.006)","B",44,"EA",136,{"v":5984,"d":"5,984.00"},12310101,"低值易耗品-生产"]
["库位: 040","PD71","PD717-005-2695","AN125;环沟刀(平)NO2 1.03(-0.002～-0.006)","B",44,"EA",136,{"v":5984,"d":"5,984.00"},12310101,"低值易耗品-生产"]
["库位: 040","PD71","PD717-005-2700","KRW;环沟刀(平)NO2 0.825(-0.002～-0.006)","B",10,"EA",136,{"v":1360,"d":"1,360.00"},12310101,"低值易耗品-生产"]
["库位: 040","PD71","PD717-005-2706","GN5;环沟刀(平)NO2 1.02(-0.002～-0.006)","B",10,"EA",136,{"v":1360,"d":"1,360.00"},12310101,"低值易耗品-生产"]
["库位: 040","PD71","PD717-005-2713","GN5;环沟刀(平)NO2 1.0125(-0.002～-0.006)","B",16,"EA",136,{"v":2176,"d":"2,176.00"},12310101,"低值易耗品-生产"]
["库位: 040","PD71","PD717-005-2725","178F;环沟刀(平)NO2 1.545(-0.002～-0.006)","B",28,"EA",136,{"v":3808,"d":"3,808.00"},12310101,"低值易耗品-生产"]
["库位: 040","PD71","PD717-005-2823","170FS;环沟刀(平)NO2 1.545(-0.002～-0.006)","B",20,"EA",136,{"v":2720,"d":"2,720.00"},12310101,"低值易耗品-生产"]
["库位: 040","PD71","PD717-005-2860","CB125T;环沟刀(平)NO2 1.032(-0.002～-0.006)","B",4,"EA",136,544,12310101,"低值易耗品-生产"]
["库位: 040","PD71","PD717-005-2861","KVC;环沟刀(平)NO2 0.802(-0.002～-0.006)","B",2,"EA",136,272,12310101,"低值易耗品-生产"]
["库位: 040","PD71","PD717-005-3165","640831001(02);环沟刀平2 1.553(-0.002～-0.006)","B",11,"EA",136,{"v":1496,"d":"1,496.00"},12310101,"低值易耗品-生产"]
["库位: 040","PD71","PD717-005-3248","30827400401-01环沟刀平2 1.253(-0.002～-0.006)","B",29,"EA",136,{"v":3944,"d":"3,944.00"},12310101,"低值易耗品-生产"]
["库位: 040","PD71","PD717-005-3270","88B4-B01527环沟刀(平)NO2 1.045(-0.002～-0.006)","B",10,"EA",136,{"v":1360,"d":"1,360.00"},12310101,"低值易耗品-生产"]
["库位: 040","PD71","PD717-005-3326","434504;环沟刀(平)NO2 1.664(-0.002～-0.006)","B",4,"EA",136,544,12310101,"低值易耗品-生产"]
["库位: 040","PD71","PD717-005-3388","XVS650;环沟刀(平)NO2 1.54(-0.002～-0.006)","B",36,"EA",136,{"v":4896,"d":"4,896.00"},12310101,"低值易耗品-生产"]
["库位: 040","PD71","PD717-005-3915","100-110P;环沟刀(平)NO2 1.71(-0.002～-0.006)","B",2,"EA",136,272,12310101,"低值易耗品-生产"]
["库位: 040","PD71","PD717-005-3923","216744;环沟刀(平)NO2 1.268(-0.002～-0.006)","B",15,"EA",136,{"v":2040,"d":"2,040.00"},12310101,"低值易耗品-生产"]
["库位: 040","PD71","PD717-005-4098","5192502000;环沟刀(平)NO2 1.62(-0.002～-0.006)","B",5,"EA",136,680,12310101,"低值易耗品-生产"]
["库位: 040","PD71","PD717-005-4146","004-0440-00环沟刀(平)NO2 3.526(-0.002～-0.006)","B",2,"EA",162,324,12310101,"低值易耗品-生产"]
["库位: 040","PD71","PD717-005-4155","216813;环沟刀(平)NO2 1.2192(-0.002～-0.006)","B",1,"EA",136,136,12310101,"低值易耗品-生产"]
["库位: 040","PD71","PD717-005-4182","KGA;环沟刀(平)NO2 0.82(-0.002～-0.006)","B",1,"EA",136,136,12310101,"低值易耗品-生产"]
["库位: 040","PD71","PD717-005-4260","C215138;环沟刀平2;退刀槽 2.3(-0.002～-0.006)","B",5,"EA",136,680,12310101,"低值易耗品-生产"]
["库位: 040","PD71","PD717-005-4345","100-101;环沟刀(平)NO2 1.66(-0.002～-0.006)","B",7,"EA",136,952,12310101,"低值易耗品-生产"]
["库位: 040","PD71","PD718-005-2121","215609;环沟刀(平)NO3 2.075(-0.002～-0.006)","B",5,"EA",136,680,12310101,"低值易耗品-生产"]
["库位: 040","PD71","PD718-005-2596","KM2V80-1;环沟刀(平)NO3 3.03(-0.002～-0.006)","B",5,"EA",144,720,12310101,"低值易耗品-生产"]
["库位: 040","PD71","PD718-005-2691","DK719;环沟刀(平)NO3 2.83(-0.002～-0.006)","B",21,"EA",144,{"v":3024,"d":"3,024.00"},12310101,"低值易耗品-生产"]
["库位: 040","PD71","PD718-005-2695","AN125;环沟刀(平)NO3 2.03(-0.002～-0.006)","B",1,"EA",136,136,12310101,"低值易耗品-生产"]
["库位: 040","PD71","PD718-005-2706","GN5;环沟刀(平)NO3 2.045(-0.002～-0.006)","B",16,"EA",136,{"v":2176,"d":"2,176.00"},12310101,"低值易耗品-生产"]
["库位: 040","PD71","PD718-005-2713","GN5;环沟刀(平)NO3 2.0125(-0.002～-0.006)","B",12,"EA",136,{"v":1632,"d":"1,632.00"},12310101,"低值易耗品-生产"]
["库位: 040","PD71","PD718-005-2724","25523401H3;环沟刀(平)NO3 3.525(-0.002～-0.006)","B",2,"EA",162,324,12310101,"低值易耗品-生产"]
["库位: 040","PD71","PD718-005-2725","178F;环沟刀(平)NO3 3.535(-0.002～-0.006)","B",25,"EA",162,{"v":4050,"d":"4,050.00"},12310101,"低值易耗品-生产"]
["库位: 040","PD71","PD718-005-2735","186FB;环沟刀(平)NO3 4.025(-0.002～-0.006)","B",13,"EA",162,{"v":2106,"d":"2,106.00"},12310101,"低值易耗品-生产"]
["库位: 040","PD71","PD718-005-2741","KTT;环沟刀(平)NO3 1.52(-0.002～-0.006)","B",33,"EA",136,{"v":4488,"d":"4,488.00"},12310101,"低值易耗品-生产"]
["库位: 040","PD71","PD718-005-2782","B05;环沟刀(平)NO3 1.525(-0.002～-0.006)","B",63,"EA",136,{"v":8568,"d":"8,568.00"},12310101,"低值易耗品-生产"]
["库位: 040","PD71","PD718-005-2805","CG150;环沟刀(平)NO3 2.525(-0.002～-0.006)","B",7,"EA",136,952,12310101,"低值易耗品-生产"]
["库位: 040","PD71","PD718-005-2823","170FS;环沟刀(平)NO3 3.535(-0.002～-0.006)","B",20,"EA",162,{"v":3240,"d":"3,240.00"},12310101,"低值易耗品-生产"]
["库位: 040","PD71","PD718-005-2860","CB125T;环沟刀(平)NO3 2.565(-0.002～-0.006)","B",3,"EA",136,408,12310101,"低值易耗品-生产"]
["库位: 040","PD71","PD718-005-2871","27323421J3;环沟刀(平)NO3 2.825(+0.003～0)","B",3,"EA",144,432,12310101,"低值易耗品-生产"]
["库位: 040","PD71","PD718-005-2935","KM170FA;环沟刀(平)NO3 3.53(-0.002～-0.006)","B",27,"EA",162,{"v":4374,"d":"4,374.00"},12310101,"低值易耗品-生产"]
["库位: 040","PD71","PD718-005-3000","GX390;环沟刀(平)NO3 2.82(-0.002～-0.006)","B",19,"EA",144,{"v":2736,"d":"2,736.00"},12310101,"低值易耗品-生产"]
["库位: 040","PD71","PD718-005-3034","豪迈125;环沟刀(平)NO3 1.98(+0.003～0)","B",1,"EA",136,136,12310101,"低值易耗品-生产"]
["库位: 040","PD71","PD718-005-3095","QJ150FMG;环沟刀(平)NO3 2(-0.002～-0.006)","B",3,"EA",136,408,12310101,"低值易耗品-生产"]
["库位: 040","PD71","PD718-005-3120","V19-1004015环沟刀(平)NO3 3.04(-0.002～-0.006)","B",7,"EA",144,{"v":1008,"d":"1,008.00"},12310101,"低值易耗品-生产"]
["库位: 040","PD71","PD718-005-3138","VTA-100;环沟刀(平)NO3 4.53(-0.002～-0.006)","B",16,"EA",162,{"v":2592,"d":"2,592.00"},12310101,"低值易耗品-生产"]
["库位: 040","PD71","PD718-005-3370","CB450;环沟刀(平)NO3 2.23(-0.002～-0.006)","B",4,"EA",136,544,12310101,"低值易耗品-生产"]
["库位: 040","PD71","PD718-005-3388","XVS650;环沟刀(平)NO3 2.53(-0.002～-0.006)","B",31,"EA",136,{"v":4216,"d":"4,216.00"},12310101,"低值易耗品-生产"]
["库位: 040","PD71","PD718-005-3407","DA1110A021;环沟刀(平); 2.032(-0.002～-0.006)","B",11,"EA",0,0,12310101,"低值易耗品-生产"]
["库位: 040","PD71","PD718-005-3657","CA488C;环沟刀(平)NO3 4.035(-0.002～-0.006)","B",14,"EA",162,{"v":2268,"d":"2,268.00"},12310101,"低值易耗品-生产"]
["库位: 040","PD71","PD718-005-3687","EQ491;环沟刀(平)NO3 4.05(-0.002～-0.006)","B",15,"EA",162,{"v":2430,"d":"2,430.00"},12310101,"低值易耗品-生产"]
["库位: 040","PD71","PD718-005-3738","GB2;环沟刀(平)NO3 2.55(-0.002～-0.006)","B",4,"EA",136,544,12310101,"低值易耗品-生产"]
["库位: 040","PD71","PD718-005-4155","216813;环沟刀(平)NO3 2.0447(+0.003～0)","B",6,"EA",136,816,12310101,"低值易耗品-生产"]
["库位: 040","PD71","PD718-005-4222","KCC;环沟刀(平)NO3 2.025(-0.002～-0.006)","B",67,"EA",136,{"v":9112,"d":"9,112.00"},12310101,"低值易耗品-生产"]
["库位: 040","PD71","PD718-005-4350","劲豹150;环沟刀(平)NO3 2.52(-0.002～-0.006)","B",29,"EA",136,{"v":3944,"d":"3,944.00"},12310101,"低值易耗品-生产"]
["库位: 040","PD72","PD722-005-3225","YMH50;环沟刀(单K)NO2 1.553(±0.002)X1.85X7°","B",6,"EA",136,816,12310101,"低值易耗品-生产"]
["库位: 040","PD72","PD722-005-3226","TB60PT;环沟刀(单K)NO2 1.542(±0.002)X2.01X7°","B",9,"EA",136,{"v":1224,"d":"1,224.00"},12310101,"低值易耗品-生产"]
["库位: 040","PD72","PD722-005-3304","50-530P;环沟刀(单K)NO2 1.240±0.002X2.9X6°","B",6,"EA",161,966,12310101,"低值易耗品-生产"]
["库位: 040","PD72","PD722-005-3310","010-819P;环沟刀(单K)NO2 1.989(±0.002)X3.05X7°","B",10,"EA",136,{"v":1360,"d":"1,360.00"},12310101,"低值易耗品-生产"]
["库位: 040","PD72","PD722-005-3442","P010670*;环沟刀(单K)NO2 1.542±0.002X2.16X7°10'","B",5,"EA",136,680,12310101,"低值易耗品-生产"]
["库位: 040","PD72","PD722-005-3450","010-825P;环沟刀(单K)NO2 1.238(±0.002)X3.2X7°","B",24,"EA",136,{"v":3264,"d":"3,264.00"},12310101,"低值易耗品-生产"]
["库位: 040","PD72","PD722-005-3517","010-843P;环沟刀(单K)NO2 1.284±0.002X3.45X6°40'","B",3,"EA",136,408,12310101,"低值易耗品-生产"]
["库位: 040","PD72","PD722-005-3650","RC110;环沟刀(单K)NO2 1.258(±0.002)X3.12X7°","B",22,"EA",136,{"v":2992,"d":"2,992.00"},12310101,"低值易耗品-生产"]
["库位: 040","PD72","PD722-005-3652","RC110;环沟刀(单K)NO2 1.241(±0.002)X2.82X7°","B",1,"EA",136,136,12310101,"低值易耗品-生产"]
["库位: 040","PD72","PD722-005-3663","AG100;环沟刀(单K)NO2 1.258±0.002X2.01X7°10'","B",28,"EA",136,{"v":3808,"d":"3,808.00"},12310101,"低值易耗品-生产"]
["库位: 040","PD72","PD722-005-3805","VESPA;环沟刀(单K)NO2 2.050(±0.002)X2.65X7°","B",2,"EA",136,272,12310101,"低值易耗品-生产"]
["库位: 040","PD72","PD722-005-3839","09-682;环沟刀(单K)NO2 1.526(±0.002)X3.21X8°","B",1,"EA",136,136,12310101,"低值易耗品-生产"]
["库位: 040","PD72","PD722-005-3869","09-722;环沟刀(单K)NO2 1.542(±0.002)X3.65X7°","B",5,"EA",136,680,12310101,"低值易耗品-生产"]
["库位: 040","PD72","PD722-005-3870","09-729;环沟刀(单K)NO2 1.359(±0.002)X2.8X7°","B",4,"EA",136,544,12310101,"低值易耗品-生产"]
["库位: 040","PD72","PD722-005-3901","09-684;环沟刀(单K)NO2 1.546(±0.002)X3.02X7°","B",15,"EA",136,{"v":2040,"d":"2,040.00"},12310101,"低值易耗品-生产"]
["库位: 040","PD72","PD722-005-3908","AX100;环沟刀(单K)NO2 1.549±0.002X2.14X7°10'","B",7,"EA",136,952,12310101,"低值易耗品-生产"]
["库位: 040","PD72","PD722-005-4019","09-790;环沟刀(单K)NO2 1.335(±0.002)X3.15X7°","B",9,"EA",136,{"v":1224,"d":"1,224.00"},12310101,"低值易耗品-生产"]
["库位: 040","PD72","PD722-005-4049","09-731;环沟刀(单K)NO2 1.061(±0.002)X3.15X7°","B",51,"EA",136,{"v":6936,"d":"6,936.00"},12310101,"低值易耗品-生产"]
["库位: 040","PD72","PD722-005-4073","100-40;环沟刀(单K)NO2 2.074±0.002X3.9X6°40'","B",4,"EA",136,544,12310101,"低值易耗品-生产"]
["库位: 040","PD72","PD722-005-4161","09-714;环沟刀(单K)NO2 1.234(±0.002)X2.68X7°","B",6,"EA",136,816,12310101,"低值易耗品-生产"]
["库位: 040","PD72","PD722-005-4177","100-100P;环沟刀(单K)NO2 1.963±0.002X3.29X7°15'","B",6,"EA",136,816,12310101,"低值易耗品-生产"]
["库位: 040","PD72","PD722-005-4188","AX115;环沟刀(单K)NO2 1.266±0.002X2.47X7°10'","B",13,"EA",136,{"v":1768,"d":"1,768.00"},12310101,"低值易耗品-生产"]
["库位: 040","PD72","PD722-005-4211","1772344131环沟刀(单K)NO2 1.552±0.002X3.3X6°40'","B",4,"EA",136,544,12310101,"低值易耗品-生产"]
["库位: 040","PD72","PD722-005-4341","100-15;环沟刀(单K)NO2 2.254±0.002X3.3X6°40'","B",3,"EA",136,408,12310101,"低值易耗品-生产"]
["库位: 040","PD72","PD722-005-4696","100-255;环沟刀(单K)NO2 2.075±0.002X3.05X6°50'","B",12,"EA",173,{"v":2076,"d":"2,076.00"},12310101,"低值易耗品-生产"]
["库位: 040","PD72","PD722-005-4698","100-07;环沟刀(单K)NO2 1.895±0.002X3.45X7°30'","B",15,"EA",167,{"v":2505,"d":"2,505.00"},12310101,"低值易耗品-生产"]
["库位: 040","PD72","PD722-005-4699","100-252;环沟刀(单K)NO2 2.084±0.002X2.6X6°50'","B",10,"EA",173,{"v":1730,"d":"1,730.00"},12310101,"低值易耗品-生产"]
["库位: 040","PD73","PD730-005-2724","CNC头部燃烧室专用精车刀; 25523401H3;TT-DSI-391","B",10,"EA",18.71,187.1,12310101,"低值易耗品-生产"]
["库位: 040","PD73","PD730-005-4721","CNC头部燃烧室专用精车刀; K15-04003S;TT-DSI-435","B",10,"EA",0,0,12310101,"低值易耗品-生产"]
["库位: 040","PD73","PD733-005-2264","外径齿形刀; 4140-034-0501-B;005-2264","B",19,"EA",81.9,{"v":1556.1,"d":"1,556.10"},12310101,"低值易耗品-生产"]
["库位: 040","PD73","PD733-005-3241","外径齿形刀; 1130-034-0503-A;","B",20,"EA",86,{"v":1720,"d":"1,720.00"},12310101,"低值易耗品-生产"]
["库位: 040","PD73","PD733-005-3861","外径齿形刀; 194.132.110;005-3861","B",53,"EA",85.9,{"v":4552.7,"d":"4,552.70"},12310101,"低值易耗品-生产"]
["库位: 040","PD73","PD733-005-4645","外径齿形刀; 4144-034-0504-A","B",12,"EA",238,{"v":2856,"d":"2,856.00"},12310101,"低值易耗品-生产"]
["库位: 040","PD73","PD737-005-2087","裙部油槽成型刀; T125;R4;TT-DSI-160","B",2,"EA",0,0,12310101,"低值易耗品-生产"]
["库位: 040","PD73","PD737-005-2215","裙部成型刀; KTT;R3.8;TT-DSI-178","B",1,"EA",0,0,12310101,"低值易耗品-生产"]
["库位: 040","PD73","PD737-005-3723","裙部成型刀; CB150改进;R3;TT-DSI-276","B",2,"EA",0,0,12310101,"低值易耗品-生产"]
["库位: 040","PD76","PD765-005-3923","台阶孔加工精镗孔刀; 216744;TT-DSI-386","B",60,"EA",43.42,{"v":2605.2,"d":"2,605.20"},12310101,"低值易耗品-生产"]
["库位: 040","PD76","PD768-005-2775","NC内径机内径车刀; HM483Q;TT-DSI-401","B",8,"EA",216.4,{"v":1731.2,"d":"1,731.20"},12310101,"低值易耗品-生产"]
["库位: 040","PD76","PD768-005-2855","NC内径机内径车刀; MR479QA;005-2855","B",14,"EA",139,{"v":1946,"d":"1,946.00"},12310101,"低值易耗品-生产"]
["库位: 040","PD76","PD768-005-2858","NC内径机内径车刀; 4G69;005-2858","B",30,"EA",170,{"v":5100,"d":"5,100.00"},12310101,"低值易耗品-生产"]
["库位: 040","PD76","PD768-005-2968","NC内径机内径车刀; 3Y;005-2968","B",16,"EA",217,{"v":3472,"d":"3,472.00"},12310101,"低值易耗品-生产"]
["库位: 040","PD76","PD768-005-2985","NC内径机内径车刀; 476Q-1004010S;005-2985","B",5,"EA",134,670,12310101,"低值易耗品-生产"]
["库位: 040","PD76","PD768-005-2998","NC内径机内径车刀; DA471Q-A5;005-2998","B",9,"EA",122,{"v":1098,"d":"1,098.00"},12310101,"低值易耗品-生产"]
["库位: 040","PD76","PD768-005-3048","NC内径机内径车刀; 4RB2;TT-DSI-239","B",31,"EA",179.8,{"v":5573.8,"d":"5,573.80"},12310101,"低值易耗品-生产"]
["库位: 040","PD76","PD768-005-3071","NC内径机内径车刀; KV3;005-3071","B",15,"EA",0,0,12310101,"低值易耗品-生产"]
["库位: 040","PD76","PD768-005-3848","NC内径机内径车刀; MN195453;005-3848","B",12,"EA",94.3,{"v":1131.6,"d":"1,131.60"},12310101,"低值易耗品-生产"]
["库位: 040","PD76","PD768-005-3923","NC内径机内径车刀; 216744;005-3923","B",5,"EA",125,625,12310101,"低值易耗品-生产"]
["库位: 040","PD76","PD768-005-4106","NC内径机内径车刀; 4G63-JYH;005-4106","B",11,"EA",161,{"v":1771,"d":"1,771.00"},12310101,"低值易耗品-生产"]
["库位: 040","PD76","PD768-005-4115","NC内径机内径车刀; 4G63M;005-4115","B",10,"EA",177,{"v":1770,"d":"1,770.00"},12310101,"低值易耗品-生产"]
["库位: 040","PD76","PD768-005-4172","NC内径机内径车刀; CF83;005-4172","B",10,"EA",132,{"v":1320,"d":"1,320.00"},12310101,"低值易耗品-生产"]
["库位: 040","PD76","PD768-005-4370","NC内径机内径车刀; M05G1004102;005-4370","B",17,"EA",207,{"v":3519,"d":"3,519.00"},12310101,"低值易耗品-生产"]
["库位: 040","PD76","PD768-005-4581","NC内径机内径车刀; R3020140;005-4581","B",13,"EA",170,{"v":2210,"d":"2,210.00"},12310101,"低值易耗品-生产"]
["库位: 040","PD76","PD768-005-4721","NC内径机内径车刀; K15-04003S;005-4721","B",15,"EA",210,{"v":3150,"d":"3,150.00"},12310101,"低值易耗品-生产"]
["库位: 040","PD78","PD782-005-3470","环沟氧化专用刀; GN350;005-3470","B",22,"EA",0,0,12310101,"低值易耗品-生产"]
["库位: 040","PD78","PD782-005-3736","环沟氧化专用刀; HL003;005-3736","B",3,"EA",0,0,12310101,"低值易耗品-生产"]
["库位: 040","PD78","PD782-005-4197","PS;环沟氧化专用刀 005-4197","B",33,"EA",152,{"v":5016,"d":"5,016.00"},12310101,"低值易耗品-生产"]
["库位: 040","PD78","PD782-005-4331","812464(氧化);环沟氧化刀 NO1;1.686(+0.003～0)","B",6,"EA",136,816,12310101,"低值易耗品-生产"]
["库位: 040","PFGH","PFGH0010","粗外径左偏刀",null,10,"EA",65,650,12310101,"低值易耗品-生产"]
["库位: 040","PFGQ","PFGQ0040","圆外径刀;80 TT-DSK-029","B",10,"EA",90.83,908.3,12310101,"低值易耗品-生产"]
["库位: 040","PFHA","PFHA0021","铰刀 Φ9",null,5,"EA",0,0,12310101,"低值易耗品-生产"]
["库位: 040","PFHA","PFHA0050","铰刀 Φ12.7",null,16,"EA",0,0,12310101,"低值易耗品-生产"]
["库位: 040","PFHA","PFHA0070","铰刀 Φ14",null,5,"EA",0,0,12310101,"低值易耗品-生产"]
["库位: 040","PFHA","PFHA0090","铰刀 Φ15",null,10,"EA",0,0,12310101,"低值易耗品-生产"]
["库位: 040","PFHA","PFHA0100","铰刀 Φ16",null,5,"EA",0,0,12310101,"低值易耗品-生产"]
["库位: 040","PFHI","PFHI0010","NC内径刀;单层;A=5; TT-DSK-147","B",14,"EA",73,{"v":1022,"d":"1,022.00"},12310101,"低值易耗品-生产"]
["库位: 040","PFHI","PFHI0020","NC内径刀;单层;A=7 TT-DSK-147","B",20,"EA",100.6,{"v":2012,"d":"2,012.00"},12310101,"低值易耗品-生产"]
["库位: 040","PFHI","PFHI0030","NC内径刀;单层;A=9 TT-DSK-147","B",15,"EA",118.2,{"v":1773,"d":"1,773.00"},12310101,"低值易耗品-生产"]
["库位: 040","PFHI","PFHI0040","NC内径刀;单层;A=12 TT-DSK-147","B",25,"EA",163.6,{"v":4090,"d":"4,090.00"},12310101,"低值易耗品-生产"]
["库位: 040","PFHI","PFHI0050","NC内径刀;单层;A=23 TT-DSK-147","B",6,"EA",260.4,{"v":1562.4,"d":"1,562.40"},12310101,"低值易耗品-生产"]
["库位: 040","PFHI","PFHI0060","NC内径刀;双层;A=5 TT-DSK-136","B",5,"EA",73,365,12310101,"低值易耗品-生产"]
["库位: 040","PFHI","PFHI0070","NC内径刀;双层;A=7 TT-DSK-136","B",15,"EA",100.6,{"v":1509,"d":"1,509.00"},12310101,"低值易耗品-生产"]
["库位: 040","PFHI","PFHI0080","NC内径刀;双层;A=9 TT-DSK-136","B",81,"EA",118.2,{"v":9574.2,"d":"9,574.20"},12310101,"低值易耗品-生产"]
["库位: 040","PFHI","PFHI0090","NC内径刀;双层;A=12 TT-DSK-136","B",49,"EA",163.6,{"v":8016.4,"d":"8,016.40"},12310101,"低值易耗品-生产"]
["库位: 040","PFHI","PFHI0100","NC车床内径钻石刀; TT-DSI-452","B",2,"EA",0,0,12310101,"低值易耗品-生产"]
["库位: 040","PFHK","PFHK0010","NC头部定位面刀","B",19,"EA",65,{"v":1235,"d":"1,235.00"},12310101,"低值易耗品-生产"]
["库位: 040","PFJA","PFJA0010","钳工车刀 TT-DSK-027","B",10,"EA",55.4,554,12310101,"低值易耗品-生产"]
["库位: 040","PFJA","PFJA0020","钳工油槽车刀","B",15,"EA",55.4,831,12310101,"低值易耗品-生产"]
["库位: 040","PFJB","PFJB0010","搪孔刀(圆形) TT-DSK-019","B",18,"EA",22.5,405,12310101,"低值易耗品-生产"]
["库位: 040","PFJC","PFJC0010","去大中心窝铣刀 TT-DSK-149-1","B",7,"EA",146.8,{"v":1027.6,"d":"1,027.60"},12310101,"低值易耗品-生产"]
["库位: 040","PFJD","PFJD0010","搪孔刀(方形) 前进;3×3;TT-DSK-019-1","B",10,"EA",25.71,257.1,12310101,"低值易耗品-生产"]
["库位: 040","PFJD","PFJD0040","搪孔刀(方形) 后退;3×3;TT-DSK-019-2","B",59,"EA",25.72,{"v":1517.48,"d":"1,517.48"},12310101,"低值易耗品-生产"]
["库位: 040","PFJD","PFJD0050","搪孔刀(方形)TT-DSK-019-2 后退;3.5×3.5","B",40,"EA",29.76,{"v":1190.4,"d":"1,190.40"},12310101,"低值易耗品-生产"]
["库位: 040","PFJD","PFJD0060","搪孔刀(方形) 后退;4×4;TT-DSK-019-2","B",30,"EA",47.04,{"v":1411.2,"d":"1,411.20"},12310101,"低值易耗品-生产"]
["库位: 040","PFJD","PFJD0080","异形孔搪刀(方形); 3.5×3.5;TT-DSK-133;","B",30,"EA",29.55,886.5,12310101,"低值易耗品-生产"]
["库位: 040","PFJF","PFJF0010","本田系列单层内径刀; 内径高≥8","B",20,"EA",94.3,{"v":1886,"d":"1,886.00"},12310101,"低值易耗品-生产"]
["库位: 040","PFJG","PFJG0020","NC内径车刀(内径面>15MM); 钻石片长23","B",10,"EA",227,{"v":2270,"d":"2,270.00"},12310101,"低值易耗品-生产"]
["库位: 040","PFKB","PFKB0010","台阶孔加工精搪孔刀 3.5×3.5;TT-DSK-140","B",5,"EA",29.76,148.8,12310101,"低值易耗品-生产"]
["库位: 040","PFKB","PFKB0020","台阶孔加工精搪孔刀 4×4;TT-DSK-140","B",39,"EA",39.64,{"v":1545.96,"d":"1,545.96"},12310101,"低值易耗品-生产"]
["库位: 040","PFKE","PFKE0010","NC外径倒角裙部端面刀 COPELAND;TT-DSK-122-1","B",20,"EA",142.263,{"v":2845.26,"d":"2,845.26"},12310101,"低值易耗品-生产"]
["库位: 040","PFKF","PFKF0010","NC外径倒角刀 TT-DSK-122","B",40,"EA",92.824,{"v":3712.96,"d":"3,712.96"},12310101,"低值易耗品-生产"]
["库位: 040","PFKG","PFKG0010","外径齿形刀 TT-DSK-121","B",80,"EA",65,{"v":5200,"d":"5,200.00"},12310101,"低值易耗品-生产"]
["库位: 040","PFKG","PFKG0020","外径齿形刀;右偏2°30′; TT-DSK-121-2","B",25,"EA",0,0,12310101,"低值易耗品-生产"]
["库位: 040","PFKH","PFKH0020","左偏头部凹槽铣刀; TT-DSK-126","B",20,"EA",0,0,12310101,"低值易耗品-生产"]
["库位: 040","PFKH","PFKH0030","右偏头部凹槽铣刀; TT-DSK-126-1","B",5,"EA",0,0,12310101,"低值易耗品-生产"]
["库位: 040","PFKI","PFKI0010","NC内径倒角刀 TT-DSK-137","B",40,"EA",92.36,{"v":3694.4,"d":"3,694.40"},12310101,"低值易耗品-生产"]
["库位: 040","PFKK","PFKK0010","NC内径端面刀 TT-DSK-135","B",40,"EA",90.6,{"v":3624,"d":"3,624.00"},12310101,"低值易耗品-生产"]
["库位: 040","PFKR","PFKR0010","NC头部平面铣刀(左偏) TT-DSK-128","B",15,"EA",94.65,{"v":1419.75,"d":"1,419.75"},12310101,"低值易耗品-生产"]
["库位: 040","PFKR","PFKR0020","NC头部平面铣刀(右偏) TT-DSK-128-1","B",48,"EA",94.65,{"v":4543.2,"d":"4,543.20"},12310101,"低值易耗品-生产"]
["库位: 040","PFKS","PFKS0010","CNC头部圆弧车刀 TT-DSK-125","B",25,"EA",155.45,{"v":3886.25,"d":"3,886.25"},12310101,"低值易耗品-生产"]
["库位: 040","PFKY","PFKY0010","CNC头部燃烧室通用车刀Ⅰ","B",20,"EA",65,{"v":1300,"d":"1,300.00"},12310101,"低值易耗品-生产"]
["库位: 040","PFKY","PFKY0020","CNC头部燃烧室通用车刀Ⅱ","B",5,"EA",65,325,12310101,"低值易耗品-生产"]
["库位: 040","PFKY","PFKY0030","CNC头部燃烧室通用车刀Ⅲ","B",47,"EA",65,{"v":3055,"d":"3,055.00"},12310101,"低值易耗品-生产"]
["库位: 040","PFKZ","PFKZ0010","车大中心窝铣刀Ⅱ 阶梯斜面;TT-DSK-149-3","B",10,"EA",201.4,{"v":2014,"d":"2,014.00"},12310101,"低值易耗品-生产"]
["库位: 040","PG00","PG005-0000-001-00","底模木模毛坯;KM376Z","A",1,"EA",102.5641,102.56,12310101,"低值易耗品-生产"]
["库位: 040","PG00","PG005-0000-002-00","木模;B1-1","A",1,"ST",256.41025,256.41,12310101,"低值易耗品-生产"]
["库位: 040","PG00","PG005-0000-003-00","木模;B2-1","A",1,"ST",256.41025,256.41,12310101,"低值易耗品-生产"]
["库位: 040","PG00","PG005-0000-004-00","木模;B3-1","A",1,"ST",256.41025,256.41,12310101,"低值易耗品-生产"]
["库位: 040","PG00","PG005-0000-005-00","木模;B4-1","A",1,"ST",256.41025,256.41,12310101,"低值易耗品-生产"]
["库位: 040","PG00","PG005-0000-006-00","木模;B5-1","A",1,"ST",256.41025,256.41,12310101,"低值易耗品-生产"]
["库位: 040","PG00","PG005-0000-007-00","木模;B6-1","A",1,"ST",256.41025,256.41,12310101,"低值易耗品-生产"]
["库位: 040","PG00","PG005-0000-008-00","头型木模毛坯;KM376Z","A",1,"EA",51.28205,51.28,12310101,"低值易耗品-生产"]
["库位: 040","PG00","PG005-0000-009-00","翻转铸台外模模毛坯 KM376Z","A",1,"EA",376.06837,376.07,12310101,"低值易耗品-生产"]
["库位: 040","PG00","PG005-0000-010-00","木模;F3","A",1,"ST",256.41025,256.41,12310101,"低值易耗品-生产"]
["库位: 040","PG00","PG005-0000-011-00","木模;F3-2","A",1,"ST",226.49572,226.5,12310101,"低值易耗品-生产"]
["库位: 040","PG00","PG005-0000-012-00","木模;F4","A",1,"ST",256.4102,256.41,12310101,"低值易耗品-生产"]
["库位: 040","PG00","PG005-0000-013-00","木模;F4-1","A",2,"ST",341.88,683.76,12310101,"低值易耗品-生产"]
["库位: 040","PG00","PG005-0000-014-00","木模;F5-1","A",1,"ST",226.49572,226.5,12310101,"低值易耗品-生产"]
["库位: 040","PG00","PG005-0000-015-00","木模;H1-1","A",1,"ST",226.49572,226.5,12310101,"低值易耗品-生产"]
["库位: 040","PG00","PG005-0000-016-00","木模;H6-1","A",1,"ST",226.49572,226.5,12310101,"低值易耗品-生产"]
["库位: 040","PG00","PG005-0000-017-00","木模;F3-1","A",1,"EA",341.88,341.88,12310101,"低值易耗品-生产"]
["库位: 040","PG00","PG005-0000-018-00","木模;T1","A",1,"ST",341.88,341.88,12310101,"低值易耗品-生产"]
["库位: 040","PG00","PG005-0000-019-00","木模;T2","A",1,"ST",341.88,341.88,12310101,"低值易耗品-生产"]
["库位: 040","PG00","PG005-0000-020-00","木模;T3","A",1,"ST",341.88,341.88,12310101,"低值易耗品-生产"]
["库位: 040","PG00","PG005-0000-021-00","木模;T4","A",1,"ST",341.88,341.88,12310101,"低值易耗品-生产"]
["库位: 040","PG00","PG005-0000-022-00","木模;T5","A",1,"ST",341.88,341.88,12310101,"低值易耗品-生产"]
["库位: 040","PJ40","PJ404-003","扣环位置止规;C207160","C",1,"EA",123,123,12310101,"低值易耗品-生产"]
["库位: 040","PJ41","PJ410-001","扣环位置通规;C207160","C",1,"EA",123,123,12310101,"低值易耗品-生产"]
["库位: 040","PS13","PS132-2490","精靠模;CN200; 005-2490","B",1,"EA",64,64,12310101,"低值易耗品-生产"]
["库位: 040","PS13","PS132-2497","精靠模;004-0444-15 005-2497","B",1,"EA",64,64,12310101,"低值易耗品-生产"]
["库位: 040","PS13","PS132-2596","精靠模;KM2V80-1 005-2596","B",1,"EA",64,64,12310101,"低值易耗品-生产"]
["库位: 040","PS13","PS132-2616","精靠模;CG150; 005-2616","B",1,"EA",64,64,12310101,"低值易耗品-生产"]
["库位: 040","PS13","PS132-2618","精靠模;JH70 005-2618","B",1,"EA",64,64,12310101,"低值易耗品-生产"]
["库位: 040","PS13","PS132-2678","精靠模;010-860 005-2678","B",1,"EA",64,64,12310101,"低值易耗品-生产"]
["库位: 040","PS13","PS132-2682","精靠模;CG125F 005-2682","B",4,"EA",64,256,12310101,"低值易耗品-生产"]
["库位: 040","PS13","PS132-2684","精靠模;CG125 005-2684","B",1,"EA",64,64,12310101,"低值易耗品-生产"]
["库位: 040","PS13","PS132-2685","精靠模;CG125 005-2685","B",3,"EA",64,192,12310101,"低值易耗品-生产"]
["库位: 040","PS13","PS132-2686","精靠模;CG125 005-2686","B",1,"EA",64,64,12310101,"低值易耗品-生产"]
["库位: 040","PS13","PS132-2687","精靠模;豪迈125 005-2687","B",4,"EA",64,256,12310101,"低值易耗品-生产"]
["库位: 040","PS13","PS132-2689","精靠模;491Q 005-2689","B",1,"EA",64,64,12310101,"低值易耗品-生产"]
["库位: 040","PS13","PS132-2690","精靠模;QJ125 005-2690","B",1,"EA",64,64,12310101,"低值易耗品-生产"]
["库位: 040","PS13","PS132-2691","精靠模;DK719 005-2691","B",3,"EA",64,192,12310101,"低值易耗品-生产"]
["库位: 040","PS13","PS132-2693","精靠模;L110 005-2693","B",3,"EA",64,192,12310101,"低值易耗品-生产"]
["库位: 040","PS13","PS132-2695","精靠模;AN125 005-2695","B",2,"EA",64,128,12310101,"低值易耗品-生产"]
["库位: 040","PS13","PS132-2696","精靠模;4Y 005-2696","B",3,"EA",64,192,12310101,"低值易耗品-生产"]
["库位: 040","PS13","PS132-2698","精靠模;491Q 005-2698","B",1,"EA",64,64,12310101,"低值易耗品-生产"]
["库位: 040","PS13","PS132-2700","精靠模;KRW 005-2700","B",1,"EA",64,64,12310101,"低值易耗品-生产"]
["库位: 040","PS13","PS132-2701","精靠模;KRW 005-2701","B",1,"EA",64,64,12310101,"低值易耗品-生产"]
["库位: 040","PS13","PS132-2702","精靠模;豪迈125 005-2702","B",1,"EA",64,64,12310101,"低值易耗品-生产"]
["库位: 040","PS13","PS132-2706","精靠模;GN5 005-2706","B",1,"EA",64,64,12310101,"低值易耗品-生产"]
["库位: 040","PS13","PS132-2707","精靠模;JOG-1 005-2707","B",1,"EA",64,64,12310101,"低值易耗品-生产"]
["库位: 040","PS13","PS132-2713","精靠模;GN5 005-2713","B",1,"EA",64,64,12310101,"低值易耗品-生产"]
["库位: 040","PS13","PS132-2717","精靠模;GN5 005-2717","B",1,"EA",64,64,12310101,"低值易耗品-生产"]
["库位: 040","PS13","PS132-2720","精靠模;KM186FA 005-2720","B",2,"EA",64,128,12310101,"低值易耗品-生产"]
["库位: 040","PS13","PS132-2724","精靠模;25523401H3 005-2724","B",1,"EA",64,64,12310101,"低值易耗品-生产"]
["库位: 040","PS13","PS132-2725","精靠模;178F 005-2725","B",1,"EA",64,64,12310101,"低值易耗品-生产"]
["库位: 040","PS13","PS132-2728","精靠模;186F 005-2728","B",2,"EA",64,128,12310101,"低值易耗品-生产"]
["库位: 040","PS13","PS132-2735","精靠模;186FS; 005-2735","B",1,"EA",64,64,12310101,"低值易耗品-生产"]
["库位: 040","PS13","PS132-2736","精靠模;KM178FA 005-2736","B",1,"EA",64,64,12310101,"低值易耗品-生产"]
["库位: 040","PS13","PS132-2737","精靠模;25623401H3 005-2737","B",1,"EA",64,64,12310101,"低值易耗品-生产"]
["库位: 040","PS13","PS132-2738","精靠模;4G63ZF2 005-2738","B",2,"EA",64,128,12310101,"低值易耗品-生产"]
["库位: 040","PS13","PS132-2739","精靠模;178FS; 005-2739","B",1,"EA",64,64,12310101,"低值易耗品-生产"]
["库位: 040","PS13","PS132-2740","精靠模;170F 005-2740","B",1,"EA",64,64,12310101,"低值易耗品-生产"]
["库位: 040","PS13","PS132-2744","精靠模;561200-1500 005-2744","B",1,"EA",64,64,12310101,"低值易耗品-生产"]
["库位: 040","PS13","PS132-2745","精靠模;4G63 005-2745","B",2,"EA",64,128,12310101,"低值易耗品-生产"]
["库位: 040","PS13","PS132-2746","精靠模;DA476Q 005-2746","B",5,"EA",64,320,12310101,"低值易耗品-生产"]
["库位: 040","PS13","PS132-2747","精靠模;28223411H3 005-2747","B",2,"EA",64,128,12310101,"低值易耗品-生产"]
["库位: 040","PS13","PS132-2748","精靠模;GFC 005-2748","B",2,"EA",64,128,12310101,"低值易耗品-生产"]
["库位: 040","PS13","PS132-2749","精靠模;28123411H3 005-2749","B",1,"EA",64,64,12310101,"低值易耗品-生产"]
["库位: 040","PS13","PS132-2750","精靠模;GCC 005-2750","B",2,"EA",64,128,12310101,"低值易耗品-生产"]
["库位: 040","PS13","PS132-2751","精靠模;4G64 005-2751","B",4,"EA",64,256,12310101,"低值易耗品-生产"]
["库位: 040","PS13","PS132-2752","精靠模;12011KC890 005-2752","B",1,"EA",64,64,12310101,"低值易耗品-生产"]
["库位: 040","PS13","PS132-2754","精靠模;GZ125 005-2754","B",2,"EA",64,128,12310101,"低值易耗品-生产"]
["库位: 040","PS13","PS132-2755","精靠模;KRF 005-2755","B",3,"EA",64,192,12310101,"低值易耗品-生产"]
["库位: 040","PS13","PS132-2756","精靠模;SY10HP 005-2756","B",1,"EA",64,64,12310101,"低值易耗品-生产"]
["库位: 040","PS13","PS132-2760","精靠模;TU3 005-2760","B",1,"EA",64,64,12310101,"低值易耗品-生产"]
["库位: 040","PS13","PS132-2761","精靠模;TU5 005-2761","B",1,"EA",64,64,12310101,"低值易耗品-生产"]
["库位: 040","PS13","PS132-2762","精靠模;SY62 005-2762","B",1,"EA",64,64,12310101,"低值易耗品-生产"]
["库位: 040","PS13","PS132-2765","精靠模;215609 005-2765","B",5,"EA",64,320,12310101,"低值易耗品-生产"]
["库位: 040","PS13","PS132-2768","精靠模;SY55 005-2768","B",1,"EA",64,64,12310101,"低值易耗品-生产"]
["库位: 040","PS13","PS132-2769","精靠模;SY40 005-2769","B",1,"EA",64,64,12310101,"低值易耗品-生产"]
["库位: 040","PS13","PS132-2770","精靠模;XC4G24 005-2770","B",1,"EA",64,64,12310101,"低值易耗品-生产"]
["库位: 040","PS13","PS132-2772","精靠模;UE125 005-2772","B",1,"EA",64,64,12310101,"低值易耗品-生产"]
["库位: 040","PS13","PS132-2773","精靠模;TJ378QE; 005-2773","B",2,"EA",64,128,12310101,"低值易耗品-生产"]
["库位: 040","PS13","PS132-2774","精靠模;JGE1 005-2774","B",1,"EA",64,64,12310101,"低值易耗品-生产"]
["库位: 040","PS13","PS132-2775","精靠模;HM483Q 005-2775","B",2,"EA",64,128,12310101,"低值易耗品-生产"]
["库位: 040","PS13","PS132-2780","精靠模;MR479Q 005-2780","B",3,"EA",64,192,12310101,"低值易耗品-生产"]
["库位: 040","PS13","PS132-2782","精靠模;B05 005-2782","B",1,"EA",64,64,12310101,"低值易耗品-生产"]
["库位: 040","PS13","PS132-2783","精靠模;CG125F 005-2783","B",2,"EA",64,128,12310101,"低值易耗品-生产"]
["库位: 040","PS13","PS132-2785","精靠模;KEW 005-2785","B",1,"EA",64,64,12310101,"低值易耗品-生产"]
["库位: 040","PS13","PS132-2787","精靠模;4G64J3 005-2787","B",1,"EA",64,64,12310101,"低值易耗品-生产"]
["库位: 040","PS13","PS132-2791","精靠模;186FB; 005-2791","B",1,"EA",64,64,12310101,"低值易耗品-生产"]
["库位: 040","PS13","PS132-2794","精靠模;004-0286-16 005-2794","B",1,"EA",64,64,12310101,"低值易耗品-生产"]
["库位: 040","PS13","PS132-2795","精靠模;GY6 005-2795","B",2,"EA",64,128,12310101,"低值易耗品-生产"]
["库位: 040","PS13","PS132-2796","精靠模;26223401H3; 005-2796","B",1,"EA",64,64,12310101,"低值易耗品-生产"]
["库位: 040","PS13","PS132-2797","精靠模;SY10HPG 005-2797","B",1,"EA",64,64,12310101,"低值易耗品-生产"]
["库位: 040","PS13","PS132-2798","精靠模;004-0362-15 005-2798","B",1,"EA",64,64,12310101,"低值易耗品-生产"]
["库位: 040","PS13","PS132-2799","精靠模;SY20HP 005-2799","B",1,"EA",64,64,12310101,"低值易耗品-生产"]
["库位: 040","PS13","PS132-2800","精靠模;SY48 005-2800","B",1,"EA",64,64,12310101,"低值易耗品-生产"]
["库位: 040","PS13","PS132-2801","精靠模;004-0281-15 005-2801","B",1,"EA",64,64,12310101,"低值易耗品-生产"]
["库位: 040","PS13","PS132-2805","精靠模;CG150 005-2805","B",2,"EA",64,128,12310101,"低值易耗品-生产"]
["库位: 040","PS13","PS132-2806","精靠模;13101-Z1T-0000 005-2806","B",2,"EA",64,128,12310101,"低值易耗品-生产"]
["库位: 040","PS13","PS132-2807","精靠模;KG55 005-2807","B",2,"EA",64,128,12310101,"低值易耗品-生产"]
["库位: 040","PS13","PS132-2808","精靠模;KG40 005-2808","B",1,"EA",64,64,12310101,"低值易耗品-生产"]
["库位: 040","PS13","PS132-2809","精靠模;5WB 005-2809","B",2,"EA",64,128,12310101,"低值易耗品-生产"]
["库位: 040","PS13","PS132-2810","精靠模;004-0282-15 005-2810","B",1,"EA",64,64,12310101,"低值易耗品-生产"]
["库位: 040","PS13","PS132-2814","精靠模;12011KC890-A30 005-2814","B",1,"EA",64,64,12310101,"低值易耗品-生产"]
["库位: 040","PS13","PS132-2821","精靠模;CG150 005-2821","B",1,"EA",64,64,12310101,"低值易耗品-生产"]
["库位: 040","PS13","PS132-2822","精靠模;CG150 005-2822","B",2,"EA",64,128,12310101,"低值易耗品-生产"]
["库位: 040","PS13","PS132-2823","精靠模;170FS 005-2823","B",1,"EA",64,64,12310101,"低值易耗品-生产"]
["库位: 040","PS13","PS132-2824","精靠模;5MH5 005-2824","B",1,"EA",64,64,12310101,"低值易耗品-生产"]
["库位: 040","PS13","PS132-2827","精靠模;004-0428-00 005-2827","B",1,"EA",64,64,12310101,"低值易耗品-生产"]
["库位: 040","PS13","PS132-2828","精靠模;004-0429-00 005-2828","B",1,"EA",64,64,12310101,"低值易耗品-生产"]
["库位: 040","PS13","PS132-2831","精靠模;CG150 005-2831","B",1,"EA",64,64,12310101,"低值易耗品-生产"]
["库位: 040","PS13","PS132-2832","精靠模;CG150F 005-2832","B",2,"EA",64,128,12310101,"低值易耗品-生产"]
["库位: 040","PS13","PS132-2833","精靠模;CG150F-1 005-2833","B",3,"EA",64,192,12310101,"低值易耗品-生产"]
["库位: 040","PS13","PS132-2834","精靠模;004-0282-15 005-2834","B",1,"EA",64,64,12310101,"低值易耗品-生产"]
["库位: 040","PS13","PS132-2835","精靠模;C100 005-2835","B",1,"EA",64,64,12310101,"低值易耗品-生产"]
["库位: 040","PS13","PS132-2838","精靠模;5WG 005-2838","B",1,"EA",64,64,12310101,"低值易耗品-生产"]
["库位: 040","PS13","PS132-2839","精靠模;GFMA 005-2839","B",1,"EA",64,64,12310101,"低值易耗品-生产"]
["库位: 040","PS13","PS132-2840","精靠模;VTA-80 005-2840","B",1,"EA",64,64,12310101,"低值易耗品-生产"]
["库位: 040","PS13","PS132-2844","精靠模;CB125 005-2844","B",2,"EA",64,128,12310101,"低值易耗品-生产"]
["库位: 040","PS13","PS132-2848","精靠模;DY100; 005-2848","B",2,"EA",64,128,12310101,"低值易耗品-生产"]
["库位: 040","PS13","PS132-2849","精靠模;004-0284-15 005-2849","B",1,"EA",64,64,12310101,"低值易耗品-生产"]
["库位: 040","PS13","PS132-2850","精靠模;004-0284-15 005-2850","B",1,"EA",64,64,12310101,"低值易耗品-生产"]
["库位: 040","PS13","PS132-2854","精靠模;CB150 005-2854","B",2,"EA",64,128,12310101,"低值易耗品-生产"]
["库位: 040","PS13","PS132-2855","精靠模;MR479QA 005-2855","B",1,"EA",64,64,12310101,"低值易耗品-生产"]
["库位: 040","PS13","PS132-2858","精靠模;4G69 005-2858","B",1,"EA",64,64,12310101,"低值易耗品-生产"]
["库位: 040","PS13","PS132-2859","精靠模;GT125; 005-2859","B",1,"EA",64,64,12310101,"低值易耗品-生产"]
["库位: 040","PS13","PS132-2861","精靠模;KVC 005-2861","B",1,"EA",64,64,12310101,"低值易耗品-生产"]
["库位: 040","PS13","PS132-2863","精靠模;004-0434-01 005-2863","B",1,"EA",64,64,12310101,"低值易耗品-生产"]
["库位: 040","PS13","PS132-2867","精靠模;26823401J3 005-2867","B",2,"EA",64,128,12310101,"低值易耗品-生产"]
["库位: 040","PS13","PS132-2868","精靠模;28423401H3 005-2868","B",1,"EA",64,64,12310101,"低值易耗品-生产"]
["库位: 040","PS13","PS132-2869","精靠模;VTA51 005-2869","B",1,"EA",64,64,12310101,"低值易耗品-生产"]
["库位: 040","PS13","PS132-2870","精靠模;27023401H3 005-2870","B",1,"EA",64,64,12310101,"低值易耗品-生产"]
["库位: 040","PS13","PS132-2871","精靠模;27323421J3 005-2871","B",1,"EA",64,64,12310101,"低值易耗品-生产"]
["库位: 040","PS13","PS132-2872","精靠模;23023411H3 005-2872","B",1,"EA",64,64,12310101,"低值易耗品-生产"]
["库位: 040","PS13","PS132-2873","精靠模;004-0284-00 005-2873","B",1,"EA",64,64,12310101,"低值易耗品-生产"]
["库位: 040","PS13","PS132-2876","精靠模;291-23401-H3; 005-2876","B",1,"EA",64,64,12310101,"低值易耗品-生产"]
["库位: 040","PS13","PS132-2877","精靠模;CG125FN 005-2877","B",1,"EA",64,64,12310101,"低值易耗品-生产"]
["库位: 040","PS13","PS132-2888","精靠模;QS110 005-2888","B",2,"EA",64,128,12310101,"低值易耗品-生产"]
["库位: 040","PS13","PS132-2893","精靠模;DY100; 005-2893","B",1,"EA",64,64,12310101,"低值易耗品-生产"]
["库位: 040","PS13","PS132-2895","精靠模;JC156FMI 005-2895","B",3,"EA",64,192,12310101,"低值易耗品-生产"]
["库位: 040","PS13","PS132-2896","精靠模;GZ125; 005-2896","B",3,"EA",64,192,12310101,"低值易耗品-生产"]
["库位: 040","PS13","PS132-2899","精靠模;004-0271-00 005-2899","B",1,"EA",64,64,12310101,"低值易耗品-生产"]
["库位: 040","PS13","PS132-2900","精靠模;004-0272-00 005-2900","B",1,"EA",64,64,12310101,"低值易耗品-生产"]
["库位: 040","PS13","PS132-2901","精靠模;004-0285-15 005-2901","B",1,"EA",64,64,12310101,"低值易耗品-生产"]
["库位: 040","PS13","PS132-2903","精靠模;004-0285-15 005-2903","B",1,"EA",64,64,12310101,"低值易耗品-生产"]
["库位: 040","PS13","PS132-2907","精靠模;004-0362-11 005-2907","B",1,"EA",64,64,12310101,"低值易耗品-生产"]
["库位: 040","PS13","PS132-2909","精靠模;004-0285-00 005-2909","B",1,"EA",64,64,12310101,"低值易耗品-生产"]
["库位: 040","PS13","PS132-2914","精靠模;7CT 005-2914","B",1,"EA",64,64,12310101,"低值易耗品-生产"]
["库位: 040","PS13","PS132-2916","精靠模;GY6G 005-2916","B",1,"EA",64,64,12310101,"低值易耗品-生产"]
["库位: 040","PS13","PS132-2917","精靠模;7CR 005-2917","B",1,"EA",64,64,12310101,"低值易耗品-生产"]
["库位: 040","PS13","PS132-2918","精靠模;100T; 005-2918","B",1,"EA",64,64,12310101,"低值易耗品-生产"]
["库位: 040","PS13","PS132-2920","精靠模;7CL 005-2920","B",1,"EA",64,64,12310101,"低值易耗品-生产"]
["库位: 040","PS13","PS132-2925","精靠模;004-0282-00 005-2925","B",1,"EA",64,64,12310101,"低值易耗品-生产"]
["库位: 040","PS13","PS132-2935","精靠模;KM170FA; 005-2935","B",1,"EA",64,64,12310101,"低值易耗品-生产"]
["库位: 040","PS13","PS132-2941","精靠模;004-0273-00 005-2941","B",1,"EA",64,64,12310101,"低值易耗品-生产"]
["库位: 040","PS13","PS132-2944","精靠模;QS150T-1 005-2944","B",1,"EA",64,64,12310101,"低值易耗品-生产"]
["库位: 040","PS13","PS132-2945","精靠模;JC1P58MI; 005-2945","B",1,"EA",64,64,12310101,"低值易耗品-生产"]
["库位: 040","PS13","PS132-2946","精靠模;JC50; 005-2946","B",1,"EA",64,64,12310101,"低值易耗品-生产"]
["库位: 040","PS13","PS132-2947","精靠模;004-0278-00 005-2947","B",1,"EA",64,64,12310101,"低值易耗品-生产"]
["库位: 040","PS13","PS132-2948","精靠模;004-0278-02 005-2948","B",1,"EA",64,64,12310101,"低值易耗品-生产"]
["库位: 040","PS13","PS132-2950","精靠模;004-0277-00 005-2950","B",1,"EA",64,64,12310101,"低值易耗品-生产"]
["库位: 040","PS13","PS132-2951","精靠模;004-0276-00 005-2951","B",1,"EA",64,64,12310101,"低值易耗品-生产"]
["库位: 040","PS13","PS132-2952","精靠模;GN5; 005-2952","B",3,"EA",64,192,12310101,"低值易耗品-生产"]
["库位: 040","PS13","PS132-2954","精靠模;JC1P63ML; 005-2954","B",1,"EA",64,64,12310101,"低值易耗品-生产"]
["库位: 040","PS13","PS132-2955","精靠模;7CN; 005-2955","B",1,"EA",64,64,12310101,"低值易耗品-生产"]
["库位: 040","PS13","PS132-2956","精靠模;KCW; 005-2956","B",1,"EA",64,64,12310101,"低值易耗品-生产"]
["库位: 040","PS13","PS132-2957","精靠模;004-0274-00; 005-2957","B",1,"EA",64,64,12310101,"低值易耗品-生产"]
["库位: 040","PS13","PS132-2960","精靠模;PTS400; 005-2960","B",1,"EA",64,64,12310101,"低值易耗品-生产"]
["库位: 040","PS13","PS132-2961","精靠模;L110; 005-2961","B",2,"EA",64,128,12310101,"低值易耗品-生产"]
["库位: 040","PS13","PS132-2963","精靠模;168FD; 005-2963","B",1,"EA",64,64,12310101,"低值易耗品-生产"]
["库位: 040","PS13","PS132-2964","精靠模;KC6 005-2964","B",1,"EA",64,64,12310101,"低值易耗品-生产"]
["库位: 040","PS13","PS132-2965","精靠模;SJ110; 005-2965","B",1,"EA",64,64,12310101,"低值易耗品-生产"]
["库位: 040","PS13","PS132-2966","精靠模;KPH; 005-2966","B",1,"EA",64,64,12310101,"低值易耗品-生产"]
["库位: 040","PS13","PS132-2967","精靠模;004-0271-00; 005-2967","B",1,"EA",64,64,12310101,"低值易耗品-生产"]
["库位: 040","PS13","PS132-2968","精靠模;3Y; 005-2968","B",2,"EA",64,128,12310101,"低值易耗品-生产"]
["库位: 040","PS13","PS132-2970","精靠模;004-0279-00 005-2970","B",1,"EA",64,64,12310101,"低值易耗品-生产"]
["库位: 040","PS13","PS132-2971","精靠模;CG125; 005-2971","B",4,"EA",64,256,12310101,"低值易耗品-生产"]
["库位: 040","PS13","PS132-2972","精靠模;004-0444-15 005-2972","B",1,"EA",64,64,12310101,"低值易耗品-生产"]
["库位: 040","PS13","PS132-2978","精靠模;004-0275-00 005-2978","B",1,"EA",64,64,12310101,"低值易耗品-生产"]
["库位: 040","PS13","PS132-2980","精靠模;CVTA65 005-2980","B",1,"EA",64,64,12310101,"低值易耗品-生产"]
["库位: 040","PS13","PS132-2981","精靠模;GN300; 005-2981","B",1,"EA",64,64,12310101,"低值易耗品-生产"]
["库位: 040","PS13","PS132-2983","精靠模;004-0445-15 005-2983","B",1,"EA",64,64,12310101,"低值易耗品-生产"]
["库位: 040","PS13","PS132-2985","精靠模;476Q-1004010; 005-2985","B",7,"EA",64,448,12310101,"低值易耗品-生产"]
["库位: 040","PS13","PS132-2986","精靠模;DA476Q-A5; 005-2986","B",3,"EA",64,192,12310101,"低值易耗品-生产"]
["库位: 040","PS13","PS132-2988","精靠模;157QMJ; 005-2988","B",2,"EA",64,128,12310101,"低值易耗品-生产"]
["库位: 040","PS13","PS132-2989","精靠模;4RB3 005-2989","B",1,"EA",64,64,12310101,"低值易耗品-生产"]
["库位: 040","PS13","PS132-2991","精靠模;KPN; 005-2991","B",1,"EA",64,64,12310101,"低值易耗品-生产"]
["库位: 040","PS13","PS132-2994","精靠模;4RB4 005-2994","B",1,"EA",64,64,12310101,"低值易耗品-生产"]
["库位: 040","PS13","PS132-2995","精靠模;AN150; 005-2995","B",1,"EA",64,64,12310101,"低值易耗品-生产"]
["库位: 040","PS13","PS132-2996","精靠模;28023411H3; 005-2996","B",1,"EA",64,64,12310101,"低值易耗品-生产"]
["库位: 040","PS13","PS132-2998","精靠模;DA471Q-A5; 005-2998","B",5,"EA",64,320,12310101,"低值易耗品-生产"]
["库位: 040","PS13","PS132-2999","精靠模;KG160; 005-2999","B",2,"EA",64,128,12310101,"低值易耗品-生产"]
["库位: 040","PS13","PS132-3000","精靠模;GX390; 005-3000","B",1,"EA",64,64,12310101,"低值易耗品-生产"]
["库位: 040","PS13","PS132-3001","精靠模;26323421J3; 005-3001","B",1,"EA",64,64,12310101,"低值易耗品-生产"]
["库位: 040","PS13","PS132-3003","精靠模;215609; 005-3003","B",2,"EA",64,128,12310101,"低值易耗品-生产"]
["库位: 040","PS13","PS132-3004","精靠模;KCP; 005-3004","B",1,"EA",64,64,12310101,"低值易耗品-生产"]
["库位: 040","PS13","PS132-3005","精靠模;EY150J1387; 005-3005","B",1,"EA",64,64,12310101,"低值易耗品-生产"]
["库位: 040","PS13","PS132-3014","精靠模;KG171; 005-3014","B",1,"EA",64,64,12310101,"低值易耗品-生产"]
["库位: 040","PS13","PS132-3015","精靠模;KM2V80; 005-3015","B",1,"EA",64,64,12310101,"低值易耗品-生产"]
["库位: 040","PS13","PS132-3016","精靠模;豪迈125; 005-3016","B",1,"EA",64,64,12310101,"低值易耗品-生产"]
["库位: 040","PS13","PS132-3019","精靠模;EH410J0473; 005-3019","B",1,"EA",64,64,12310101,"低值易耗品-生产"]
["库位: 040","PS13","PS132-3021","精靠模;LH150T; 005-3021","B",1,"EA",64,64,12310101,"低值易耗品-生产"]
["库位: 040","PS13","PS132-3023","精靠模;CG150; 005-3023","B",1,"EA",64,64,12310101,"低值易耗品-生产"]
["库位: 040","PS13","PS132-3025","精靠模;JW1; 005-3025","B",1,"EA",64,64,12310101,"低值易耗品-生产"]
["库位: 040","PS13","PS132-3027","精靠模;LH250; 005-3027","B",1,"EA",64,64,12310101,"低值易耗品-生产"]
["库位: 040","PS13","PS132-3028","精靠模;13101-Z1T-0102 005-3028","B",3,"EA",64,192,12310101,"低值易耗品-生产"]
["库位: 040","PS13","PS132-3029","精靠模;4KL; 005-3029","B",1,"EA",64,64,12310101,"低值易耗品-生产"]
["库位: 040","PS13","PS132-3033","精靠模;T171MN; 005-3033","B",1,"EA",64,64,12310101,"低值易耗品-生产"]
["库位: 040","PS13","PS132-3034","精靠模;豪迈125; 005-3034","B",1,"EA",64,64,12310101,"低值易耗品-生产"]
["库位: 040","PS13","PS132-3036","精靠模;豪迈125; 005-3036","B",1,"EA",64,64,12310101,"低值易耗品-生产"]
["库位: 040","PS13","PS132-3037","精靠模;UZ125; 005-3037","B",1,"EA",64,64,12310101,"低值易耗品-生产"]
["库位: 040","PS13","PS132-3038","精靠模;KG105G; 005-3038","B",1,"EA",64,64,12310101,"低值易耗品-生产"]
["库位: 040","PS13","PS132-3039","精靠模;豪迈125; 005-3039","B",1,"EA",64,64,12310101,"低值易耗品-生产"]
["库位: 040","PS13","PS132-3040","精靠模;N5010490*; 005-3040","B",2,"EA",64,128,12310101,"低值易耗品-生产"]
["库位: 040","PS13","PS132-3042","精靠模;4G22D4; 005-3042","B",3,"EA",64,192,12310101,"低值易耗品-生产"]
["库位: 040","PS13","PS132-3046","精靠模;160FD; 005-3046","B",1,"EA",64,64,12310101,"低值易耗品-生产"]
["库位: 040","PS13","PS132-3048","精靠模;4RB2; 005-3048","B",2,"EA",64,128,12310101,"低值易耗品-生产"]
["库位: 040","PS13","PS132-3049","精靠模;168F; 005-3049","B",1,"EA",64,64,12310101,"低值易耗品-生产"]
["库位: 040","PS13","PS132-3050","精靠模;豪迈50; 005-3050","B",1,"EA",64,64,12310101,"低值易耗品-生产"]
["库位: 040","PS13","PS132-3051","精靠模;CG125; 005-3051","B",1,"EA",64,64,12310101,"低值易耗品-生产"]
["库位: 040","PS13","PS132-3053","精靠模;177FD; 005-3053","B",1,"EA",64,64,12310101,"低值易耗品-生产"]
["库位: 040","PS13","PS132-3054","精靠模;4CW; 005-3054","B",1,"EA",64,64,12310101,"低值易耗品-生产"]
["库位: 040","PS13","PS132-3055","精靠模;QS150T-2; 005-3055","B",1,"EA",64,64,12310101,"低值易耗品-生产"]
["库位: 040","PS13","PS132-3056","精靠模;FUSION; 005-3056","B",1,"EA",64,64,12310101,"低值易耗品-生产"]
["库位: 040","PS13","PS132-3057","精靠模;277FD; 005-3057","B",1,"EA",64,64,12310101,"低值易耗品-生产"]
["库位: 040","PS13","PS132-3059","精靠模;DAGC176307; 005-3059","B",1,"EA",64,64,12310101,"低值易耗品-生产"]
["库位: 040","PS13","PS132-3060","精靠模;GZ150; 005-3060","B",1,"EA",64,64,12310101,"低值易耗品-生产"]
["库位: 040","PS13","PS132-3061","精靠模;GZ150; 005-3061","B",1,"EA",64,64,12310101,"低值易耗品-生产"]
["库位: 040","PS13","PS132-3062","精靠模;841126; 005-3062","B",2,"EA",64,128,12310101,"低值易耗品-生产"]
["库位: 040","PS13","PS132-3063","精靠模;807087; 005-3063","B",2,"EA",64,128,12310101,"低值易耗品-生产"]
["库位: 040","PS13","PS132-3064","精靠模;DAMD329139; 005-3064","B",2,"EA",64,128,12310101,"低值易耗品-生产"]
["库位: 040","PS13","PS132-3065","精靠模;DAGC100401; 005-3065","B",1,"EA",64,64,12310101,"低值易耗品-生产"]
["库位: 040","PS13","PS132-3068","精靠模;4140-034-0501-B; 005-3068","B",5,"EA",64,320,12310101,"低值易耗品-生产"]
["库位: 040","PS13","PS132-3069","精靠模;豪迈60-1; 005-3069","B",1,"EA",64,64,12310101,"低值易耗品-生产"]
["库位: 040","PS13","PS132-3070","精靠模;豪迈60; 005-3070","B",1,"EA",64,64,12310101,"低值易耗品-生产"]
["库位: 040","PS13","PS132-3071","精靠模;KV3; 005-3071","B",2,"EA",64,128,12310101,"低值易耗品-生产"]
["库位: 040","PS13","PS132-3075","精靠模;DAMN176307; 005-3075","B",1,"EA",64,64,12310101,"低值易耗品-生产"]
["库位: 040","PS13","PS132-3076","精靠模;CG150FG; 005-3076","B",1,"EA",64,64,12310101,"低值易耗品-生产"]
["库位: 040","PS13","PS132-3077","精靠模;DAMD347632; 005-3077","B",1,"EA",64,64,12310101,"低值易耗品-生产"]
["库位: 040","PS13","PS132-3078","精靠模;173FM; 005-3078","B",1,"EA",64,64,12310101,"低值易耗品-生产"]
["库位: 040","PS13","PS132-3079","精靠模;豪迈50; 005-3079","B",2,"EA",64,128,12310101,"低值易耗品-生产"]
["库位: 040","PS13","PS132-3080","精靠模;皮卡500; 005-3080","B",1,"EA",64,64,12310101,"低值易耗品-生产"]
["库位: 040","PS13","PS132-3086","精靠模;EX130J0260; 005-3086","B",1,"EA",64,64,12310101,"低值易耗品-生产"]
["库位: 040","PS13","PS132-3089","精靠模;1P58MJ; 005-3089","B",1,"EA",64,64,12310101,"低值易耗品-生产"]
["库位: 040","PS13","PS132-3093","精靠模;LH173M; 005-3093","B",1,"EA",64,64,12310101,"低值易耗品-生产"]
["库位: 040","PS13","PS132-3095","精靠模;QJ150FMG; 005-3095","B",1,"EA",64,64,12310101,"低值易耗品-生产"]
["库位: 040","PS13","PS132-3097","精靠模;CB125精品; 005-3097","B",1,"EA",64,64,12310101,"低值易耗品-生产"]
["库位: 040","PS13","PS132-3099","精靠模;CG125HL; 005-3099","B",1,"EA",64,64,12310101,"低值易耗品-生产"]
["库位: 040","PS13","PS132-3100","精靠模;308677001; 005-3100","B",9,"EA",64,576,12310101,"低值易耗品-生产"]
["库位: 040","PS13","PS132-3101","精靠模;捷达-2; 005-3101","B",1,"EA",64,64,12310101,"低值易耗品-生产"]
["库位: 040","PS13","PS132-3102","精靠模;JETTA; 005-3102","B",1,"EA",64,64,12310101,"低值易耗品-生产"]
["库位: 040","PS13","PS132-3103","精靠模;N1A; 005-3103","B",1,"EA",64,64,12310101,"低值易耗品-生产"]
["库位: 040","PS13","PS132-3104","精靠模;GY100; 005-3104","B",1,"EA",64,64,12310101,"低值易耗品-生产"]
["库位: 040","PS13","PS132-3107","精靠模;JL166FD; 005-3107","B",1,"EA",64,64,12310101,"低值易耗品-生产"]
["库位: 040","PS13","PS132-3108","精靠模;640350002; 005-3108","B",1,"EA",64,64,12310101,"低值易耗品-生产"]
["库位: 040","PS13","PS132-3111","精靠模;豪迈50; 005-3111","B",1,"EA",64,64,12310101,"低值易耗品-生产"]
["库位: 040","PS13","PS132-3112","精靠模;DY125; 005-3112","B",1,"EA",64,64,12310101,"低值易耗品-生产"]
["库位: 040","PS13","PS132-3113","精靠模;豪迈50; 005-3113","B",1,"EA",64,64,12310101,"低值易耗品-生产"]
["库位: 040","PS13","PS132-3115","精靠模;T4CW; 005-3115","B",1,"EA",64,64,12310101,"低值易耗品-生产"]
["库位: 040","PS13","PS132-3116","精靠模;CB150-2C; 005-3116","B",1,"EA",64,64,12310101,"低值易耗品-生产"]
["库位: 040","PS13","PS132-3117","精靠模;TJ376QE; 005-3117","B",3,"EA",64,192,12310101,"低值易耗品-生产"]
["库位: 040","PS13","PS132-3119","精靠模;JM495QF; 005-3119","B",1,"EA",64,64,12310101,"低值易耗品-生产"]
["库位: 040","PS13","PS132-3120","精靠模;V19-1004015; 005-3120","B",1,"EA",64,64,12310101,"低值易耗品-生产"]
["库位: 040","PS13","PS132-3121","精靠模;CB150-2C; 005-3121","B",1,"EA",64,64,12310101,"低值易耗品-生产"]
["库位: 040","PS13","PS132-3122","精靠模;REBEL250; 005-3122","B",1,"EA",64,64,12310101,"低值易耗品-生产"]
["库位: 040","PS13","PS132-3123","精靠模;REBEL250; 005-3123","B",1,"EA",64,64,12310101,"低值易耗品-生产"]
["库位: 040","PS13","PS132-3124","精靠模;REBEL250; 005-3124","B",1,"EA",64,64,12310101,"低值易耗品-生产"]
["库位: 040","PS13","PS132-3126","精靠模;REBEL250; 005-3126","B",1,"EA",64,64,12310101,"低值易耗品-生产"]
["库位: 040","PS13","PS132-3127","精靠模;JM495QF-E; 005-3127","B",1,"EA",64,64,12310101,"低值易耗品-生产"]
["库位: 040","PS13","PS132-3130","精靠模;LF110; 005-3130","B",1,"EA",64,64,12310101,"低值易耗品-生产"]
["库位: 040","PS13","PS132-3131","精靠模;031-04063-203; 005-3131","B",1,"EA",64,64,12310101,"低值易耗品-生产"]
["库位: 040","PS13","PS132-3133","精靠模;GN125; 005-3133","B",1,"EA",64,64,12310101,"低值易耗品-生产"]
["库位: 040","PS13","PS132-3134","精靠模;L110; 005-3134","B",1,"EA",64,64,12310101,"低值易耗品-生产"]
["库位: 040","PS13","PS132-3136","精靠模;2.4LCBR; 005-3136","B",1,"EA",64,64,12310101,"低值易耗品-生产"]
["库位: 040","PS13","PS132-3138","精靠模;VTA100; 005-3138","B",1,"EA",64,64,12310101,"低值易耗品-生产"]
["库位: 040","PS13","PS132-3139","精靠模;CG150喷涂; 005-3139","B",1,"EA",64,64,12310101,"低值易耗品-生产"]
["库位: 040","PS13","PS132-3140","精靠模;CG125D; 005-3140","B",1,"EA",64,64,12310101,"低值易耗品-生产"]
["库位: 040","PS13","PS132-3144","精靠模;SANTANA; 005-3144","B",1,"EA",64,64,12310101,"低值易耗品-生产"]
["库位: 040","PS13","PS132-3145","精靠模;188FD; 005-3145","B",1,"EA",64,64,12310101,"低值易耗品-生产"]
["库位: 040","PS13","PS132-3146","精靠模;KW3; 005-3146","B",1,"EA",64,64,12310101,"低值易耗品-生产"]
["库位: 040","PS13","PS132-3148","精靠模;168Q; 005-3148","B",1,"EA",64,64,12310101,"低值易耗品-生产"]
["库位: 040","PS13","PS132-3149","精靠模;SGY6; 005-3149","B",1,"EA",64,64,12310101,"低值易耗品-生产"]
["库位: 040","PS13","PS132-3151","精靠模;双缸250; 005-3151","B",1,"EA",64,64,12310101,"低值易耗品-生产"]
["库位: 040","PS13","PS132-3152","精靠模;CA4GB; 005-3152","B",1,"EA",64,64,12310101,"低值易耗品-生产"]
["库位: 040","PS13","PS132-3153","精靠模;4G18; 005-3153","B",1,"EA",64,64,12310101,"低值易耗品-生产"]
["库位: 040","PS13","PS132-3154","精靠模;AN150-2; 005-3154","B",1,"EA",64,64,12310101,"低值易耗品-生产"]
["库位: 040","PS13","PS132-3157","精靠模;DD300E; 005-3157","B",1,"EA",64,64,12310101,"低值易耗品-生产"]
["库位: 040","PS13","PS132-3161","精靠模;JL185F; 005-3161","B",1,"EA",64,64,12310101,"低值易耗品-生产"]
["库位: 040","PS13","PS132-3162","精靠模;KCW; 005-3162","B",1,"EA",64,64,12310101,"低值易耗品-生产"]
["库位: 040","PS13","PS132-3163","精靠模;30827400401; 005-3163","B",9,"EA",64,576,12310101,"低值易耗品-生产"]
["库位: 040","PS13","PS132-3164","精靠模;100-104; 005-3164","B",1,"EA",64,64,12310101,"低值易耗品-生产"]
["库位: 040","PS13","PS132-3166","精靠模;640826001(01); 005-3166","B",2,"EA",64,128,12310101,"低值易耗品-生产"]
["库位: 040","PS13","PS132-3168","精靠模;150QMH; 005-3168","B",1,"EA",64,64,12310101,"低值易耗品-生产"]
["库位: 040","PS13","PS132-3169","精靠模;9290-310004; 005-3169","B",1,"EA",64,64,12310101,"低值易耗品-生产"]
["库位: 040","PS13","PS132-3170","精靠模;9290-310502; 005-3170","B",1,"EA",64,64,12310101,"低值易耗品-生产"]
["库位: 040","PS13","PS132-3171","精靠模;L15F; 005-3171","B",1,"EA",64,64,12310101,"低值易耗品-生产"]
["库位: 040","PS13","PS132-3172","精靠模;DIDA60; 005-3172","B",1,"EA",64,64,12310101,"低值易耗品-生产"]
["库位: 040","PS13","PS132-3173","精靠模;134GG; 005-3173","B",1,"EA",64,64,12310101,"低值易耗品-生产"]
["库位: 040","PS13","PS132-3174","精靠模;031-01800-202; 005-3174","B",1,"EA",64,64,12310101,"低值易耗品-生产"]
["库位: 040","PS13","PS132-3175","精靠模;031-07130-200; 005-3175","B",1,"EA",64,64,12310101,"低值易耗品-生产"]
["库位: 040","PS13","PS132-3176","精靠模;848-F08-41A2; 005-3176","B",1,"EA",64,64,12310101,"低值易耗品-生产"]
["库位: 040","PS13","PS132-3177","精靠模;T2100-41110; 005-3177","B",1,"EA",64,64,12310101,"低值易耗品-生产"]
["库位: 040","PS13","PS132-3178","精靠模;Z2618-41112; 005-3178","B",2,"EA",64,128,12310101,"低值易耗品-生产"]
["库位: 040","PS13","PS132-3179","精靠模;Z2841-41112; 005-3179","B",1,"EA",64,64,12310101,"低值易耗品-生产"]
["库位: 040","PS13","PS132-3180","精靠模;318631-4; 005-3180","B",1,"EA",64,64,12310101,"低值易耗品-生产"]
["库位: 040","PS13","PS132-3181","精靠模;EHS400; 005-3181","B",1,"EA",64,64,12310101,"低值易耗品-生产"]
["库位: 040","PS13","PS132-3183","精靠模;12111-04H00; 005-3183","B",1,"EA",64,64,12310101,"低值易耗品-生产"]
["库位: 040","PS13","PS132-3184","精靠模;031-07500-200; 005-3184","B",1,"EA",64,64,12310101,"低值易耗品-生产"]
["库位: 040","PS13","PS132-3185","精靠模;E325699; 005-3185","B",1,"EA",64,64,12310101,"低值易耗品-生产"]
["库位: 040","PS13","PS132-3186","精靠模;HY25CCA; 005-3186","B",1,"EA",64,64,12310101,"低值易耗品-生产"]
["库位: 040","PS13","PS132-3187","精靠模;848-HEO-41AO; 005-3187","B",1,"EA",64,64,12310101,"低值易耗品-生产"]
["库位: 040","PS13","PS132-3188","精靠模;LH50T; 005-3188","B",1,"EA",64,64,12310101,"低值易耗品-生产"]
["库位: 040","PS13","PS132-3189","精靠模;59225009K0; 005-3189","B",1,"EA",64,64,12310101,"低值易耗品-生产"]
["库位: 040","PS13","PS132-3190","精靠模;XDZY50; 005-3190","B",1,"EA",64,64,12310101,"低值易耗品-生产"]
["库位: 040","PS13","PS132-3191","精靠模;Z2750-41110; 005-3191","B",1,"EA",64,64,12310101,"低值易耗品-生产"]
["库位: 040","PS13","PS132-3192","精靠模;LY90; 005-3192","B",1,"EA",64,64,12310101,"低值易耗品-生产"]
["库位: 040","PS13","PS132-3193","精靠模;Z2850-41110; 005-3193","B",1,"EA",64,64,12310101,"低值易耗品-生产"]
["库位: 040","PS13","PS132-3199","精靠模;CGA; 005-3199","B",1,"EA",64,64,12310101,"低值易耗品-生产"]
["库位: 040","PS13","PS132-3200","精靠模;SL25CC; 005-3200","B",1,"EA",64,64,12310101,"低值易耗品-生产"]
["库位: 040","PS13","PS132-3201","精靠模;FS100-1; 005-3201","B",1,"EA",64,64,12310101,"低值易耗品-生产"]
["库位: 040","PS13","PS132-3202","精靠模;318831-6; 005-3202","B",1,"EA",64,64,12310101,"低值易耗品-生产"]
["库位: 040","PS13","PS132-3203","精靠模;031-04085-201; 005-3203","B",1,"EA",64,64,12310101,"低值易耗品-生产"]
["库位: 040","PS13","PS132-3205","精靠模;9290-332101; 005-3205","B",1,"EA",64,64,12310101,"低值易耗品-生产"]
["库位: 040","PS13","PS132-3206","精靠模;9290-GP0101; 005-3206","B",1,"EA",64,64,12310101,"低值易耗品-生产"]
["库位: 040","PS13","PS132-3207","精靠模;031-05004-811; 005-3207","B",1,"EA",64,64,12310101,"低值易耗品-生产"]
["库位: 040","PS13","PS132-3208","精靠模;031-04066-201; 005-3208","B",1,"EA",64,64,12310101,"低值易耗品-生产"]
["库位: 040","PS13","PS132-3211","精靠模;037.132.011; 005-3211","B",2,"EA",64,128,12310101,"低值易耗品-生产"]
["库位: 040","PS13","PS132-3212","精靠模;9290-334501; 005-3212","B",1,"EA",64,64,12310101,"低值易耗品-生产"]
["库位: 040","PS13","PS132-3213","精靠模;北易150; 005-3213","B",1,"EA",64,64,12310101,"低值易耗品-生产"]
["库位: 040","PS13","PS132-3214","精靠模;9290-311001; 005-3214","B",4,"EA",64,256,12310101,"低值易耗品-生产"]
["库位: 040","PS13","PS132-3215","精靠模;9290-310501; 005-3215","B",1,"EA",64,64,12310101,"低值易耗品-生产"]
["库位: 040","PS13","PS132-3218","精靠模;9290-310201; 005-3218","B",1,"EA",64,64,12310101,"低值易耗品-生产"]
["库位: 040","PS13","PS132-3219","精靠模;GT125-1; 005-3219","B",1,"EA",64,64,12310101,"低值易耗品-生产"]
["库位: 040","PS13","PS132-3220","精靠模;9290-31C201-A; 005-3220","B",1,"EA",64,64,12310101,"低值易耗品-生产"]
["库位: 040","PS13","PS132-3221","精靠模;848-HEO-41A0-02; 005-3221","B",1,"EA",64,64,12310101,"低值易耗品-生产"]
["库位: 040","PS13","PS132-3222","精靠模;9290-336202; 005-3222","B",3,"EA",64,192,12310101,"低值易耗品-生产"]
["库位: 040","PS13","PS132-3223","精靠模;LBD4; 005-3223","B",1,"EA",64,64,12310101,"低值易耗品-生产"]
["库位: 040","PS13","PS132-3225","精靠模;YMH50; 005-3225","B",1,"EA",64,64,12310101,"低值易耗品-生产"]
["库位: 040","PS13","PS132-3226","精靠模;TB60PT; 005-3226","B",1,"EA",64,64,12310101,"低值易耗品-生产"]
["库位: 040","PS13","PS132-3227","精靠模;984376001; 005-3227","B",2,"EA",64,128,12310101,"低值易耗品-生产"]
["库位: 040","PS13","PS132-3228","精靠模;9290-MD1801-1; 005-3228","B",1,"EA",64,64,12310101,"低值易耗品-生产"]
["库位: 040","PS13","PS132-3229","精靠模;ET950; 005-3229","B",1,"EA",64,64,12310101,"低值易耗品-生产"]
["库位: 040","PS13","PS132-3230","精靠模;XDZ50; 005-3230","B",1,"EA",64,64,12310101,"低值易耗品-生产"]
["库位: 040","PS13","PS132-3231","精靠模;ET950; 005-3231","B",3,"EA",64,192,12310101,"低值易耗品-生产"]
["库位: 040","PS13","PS132-3233","精靠模;640920002(01); 005-3233","B",1,"EA",64,64,12310101,"低值易耗品-生产"]
["库位: 040","PS13","PS132-3234","精靠模;AX100; 005-3234","B",3,"EA",64,192,12310101,"低值易耗品-生产"]
["库位: 040","PS13","PS132-3235","精靠模;640839001(01); 005-3235","B",4,"EA",64,256,12310101,"低值易耗品-生产"]
["库位: 040","PS13","PS132-3236","精靠模;308156002(01); 005-3236","B",5,"EA",64,320,12310101,"低值易耗品-生产"]
["库位: 040","PS13","PS132-3237","精靠模;640573003(02); 005-3237","B",2,"EA",64,128,12310101,"低值易耗品-生产"]
["库位: 040","PS13","PS132-3239","精靠模;640821001(01); 005-3239","B",1,"EA",64,64,12310101,"低值易耗品-生产"]
["库位: 040","PS13","PS132-3240","精靠模;15923411H1; 005-3240","B",1,"EA",64,64,12310101,"低值易耗品-生产"]
["库位: 040","PS13","PS132-3241","精靠模;1130-034-0503-A; 005-3241","B",4,"EA",64,256,12310101,"低值易耗品-生产"]
["库位: 040","PS13","PS132-3242","精靠模;PEUGEOT50; 005-3242","B",1,"EA",64,64,12310101,"低值易耗品-生产"]
["库位: 040","PS13","PS132-3243","精靠模;CBD250; 005-3243","B",1,"EA",64,64,12310101,"低值易耗品-生产"]
["库位: 040","PS13","PS132-3244","精靠模;83404; 005-3244","B",1,"EA",64,64,12310101,"低值易耗品-生产"]
["库位: 040","PS13","PS132-3247","精靠模;83403; 005-3247","B",1,"EA",64,64,12310101,"低值易耗品-生产"]
["库位: 040","PS13","PS132-3249","精靠模;LCB9; 005-3249","B",1,"EA",64,64,12310101,"低值易耗品-生产"]
["库位: 040","PS13","PS132-3250","精靠模;JY002; 005-3250","B",1,"EA",64,64,12310101,"低值易耗品-生产"]
["库位: 040","PS13","PS132-3252","精靠模;JY003; 005-3252","B",1,"EA",64,64,12310101,"低值易耗品-生产"]
["库位: 040","PS13","PS132-3253","精靠模;GN5; 005-3253","B",2,"EA",64,128,12310101,"低值易耗品-生产"]
["库位: 040","PS13","PS132-3254","精靠模;H-125; 005-3254","B",1,"EA",64,64,12310101,"低值易耗品-生产"]
["库位: 040","PS13","PS132-3255","精靠模;PW50; 005-3255","B",1,"EA",64,64,12310101,"低值易耗品-生产"]
["库位: 040","PS13","PS132-3256","精靠模;KCC; 005-3256","B",2,"EA",64,128,12310101,"低值易耗品-生产"]
["库位: 040","PS13","PS132-3258","精靠模;C100; 005-3258","B",1,"EA",64,64,12310101,"低值易耗品-生产"]
["库位: 040","PS13","PS132-3259","精靠模;640974002; 005-3259","B",1,"EA",64,64,12310101,"低值易耗品-生产"]
["库位: 040","PS13","PS132-3260","精靠模;166FD; 005-3260","B",1,"EA",64,64,12310101,"低值易耗品-生产"]
["库位: 040","PS13","PS132-3261","精靠模;T110; 005-3261","B",1,"EA",64,64,12310101,"低值易耗品-生产"]
["库位: 040","PS13","PS132-3262","精靠模;K3011020; 005-3262","B",2,"EA",64,128,12310101,"低值易耗品-生产"]
["库位: 040","PS13","PS132-3267","精靠模;25CC; 005-3267","B",6,"EA",64,384,12310101,"低值易耗品-生产"]
["库位: 040","PS13","PS132-3268","精靠模;28CC; 005-3268","B",2,"EA",64,128,12310101,"低值易耗品-生产"]
["库位: 040","PS13","PS132-3272","精靠模;T1551; 005-3272","B",1,"EA",64,64,12310101,"低值易耗品-生产"]
["库位: 040","PS13","PS132-3278","精靠模;CT3; 005-3278","B",1,"EA",64,64,12310101,"低值易耗品-生产"]
["库位: 040","PS13","PS132-3281","精靠模;88B4-B01526; 005-3281","B",1,"EA",64,64,12310101,"低值易耗品-生产"]
["库位: 040","PS13","PS132-3283","精靠模;大黑鲨; 005-3283","B",1,"EA",64,64,12310101,"低值易耗品-生产"]
["库位: 040","PS13","PS132-3289","精靠模;010-821P; 005-3289","B",1,"EA",64,64,12310101,"低值易耗品-生产"]
["库位: 040","PS13","PS132-3290","精靠模;CF79; 005-3290","B",1,"EA",64,64,12310101,"低值易耗品-生产"]
["库位: 040","PS13","PS132-3291","精靠模;010-817P; 005-3291","B",1,"EA",64,64,12310101,"低值易耗品-生产"]
["库位: 040","PS13","PS132-3296","精靠模;50-300P; 005-3296","B",1,"EA",64,64,12310101,"低值易耗品-生产"]
["库位: 040","PS13","PS132-3297","精靠模;100-205; 005-3297","B",1,"EA",64,64,12310101,"低值易耗品-生产"]
["库位: 040","PS13","PS132-3298","精靠模;50-315P; 005-3298","B",1,"EA",64,64,12310101,"低值易耗品-生产"]
["库位: 040","PS13","PS132-3299","精靠模;50-520P; 005-3299","B",1,"EA",64,64,12310101,"低值易耗品-生产"]
["库位: 040","PS13","PS132-3300","精靠模;436242; 005-3300","B",2,"EA",64,128,12310101,"低值易耗品-生产"]
["库位: 040","PS13","PS132-3303","精靠模;010-820P; 005-3303","B",1,"EA",64,64,12310101,"低值易耗品-生产"]
["库位: 040","PS13","PS132-3304","精靠模;50-530P; 005-3304","B",1,"EA",64,64,12310101,"低值易耗品-生产"]
["库位: 040","PS13","PS132-3306","精靠模;010-840P; 005-3306","B",1,"EA",64,64,12310101,"低值易耗品-生产"]
["库位: 040","PS13","PS132-3307","精靠模;010-286P; 005-3307","B",1,"EA",64,64,12310101,"低值易耗品-生产"]
["库位: 040","PS13","PS132-3308","精靠模;9290-370101; 005-3308","B",1,"EA",64,64,12310101,"低值易耗品-生产"]
["库位: 040","PS13","PS132-3310","精靠模;010-819P; 005-3310","B",1,"EA",64,64,12310101,"低值易耗品-生产"]
["库位: 040","PS13","PS132-3311","精靠模;SG150H; 005-3311","B",1,"EA",64,64,12310101,"低值易耗品-生产"]
["库位: 040","PS13","PS132-3312","精靠模;437219; 005-3312","B",1,"EA",64,64,12310101,"低值易耗品-生产"]
["库位: 040","PS13","PS132-3313","精靠模;JL481Q; 005-3313","B",1,"EA",64,64,12310101,"低值易耗品-生产"]
["库位: 040","PS13","PS132-3314","精靠模;437282; 005-3314","B",1,"EA",64,64,12310101,"低值易耗品-生产"]
["库位: 040","PS13","PS132-3315","精靠模;46290; 005-3315","B",1,"EA",64,64,12310101,"低值易耗品-生产"]
["库位: 040","PS13","PS132-3317","精靠模;CN200-I; 005-3317","B",1,"EA",64,64,12310101,"低值易耗品-生产"]
["库位: 040","PS13","PS132-3321","精靠模;436243; 005-3321","B",1,"EA",64,64,12310101,"低值易耗品-生产"]
["库位: 040","PS13","PS132-3322","精靠模;010-842P; 005-3322","B",1,"EA",64,64,12310101,"低值易耗品-生产"]
["库位: 040","PS13","PS132-3325","精靠模;Z5RA; 005-3325","B",1,"EA",64,64,12310101,"低值易耗品-生产"]
["库位: 040","PS13","PS132-3326","精靠模;434504; 005-3326","B",1,"EA",64,64,12310101,"低值易耗品-生产"]
["库位: 040","PS13","PS132-3327","精靠模;JH70; 005-3327","B",1,"EA",64,64,12310101,"低值易耗品-生产"]
["库位: 040","PS13","PS132-3328","精靠模;010-818P; 005-3328","B",1,"EA",64,64,12310101,"低值易耗品-生产"]
["库位: 040","PS13","PS132-3329","精靠模;434503; 005-3329","B",1,"EA",64,64,12310101,"低值易耗品-生产"]
["库位: 040","PS13","PS132-3330","精靠模;Z5LA; 005-3330","B",1,"EA",64,64,12310101,"低值易耗品-生产"]
["库位: 040","PS13","PS132-3333","精靠模;CG/TITAN2000; 005-3333","B",1,"EA",64,64,12310101,"低值易耗品-生产"]
["库位: 040","PS13","PS132-3335","精靠模;CG125; 005-3335","B",1,"EA",64,64,12310101,"低值易耗品-生产"]
["库位: 040","PS13","PS132-3346","精靠模;CG/TTN2002/6455; 005-3346","B",1,"EA",64,64,12310101,"低值易耗品-生产"]
["库位: 040","PS13","PS132-3347","精靠模;XT600E; 005-3347","B",1,"EA",64,64,12310101,"低值易耗品-生产"]
["库位: 040","PS13","PS132-3348","精靠模;PEUGEOT50-1; 005-3348","B",2,"EA",64,128,12310101,"低值易耗品-生产"]
["库位: 040","PS13","PS132-3350","精靠模;TORNADO; 005-3350","B",1,"EA",64,64,12310101,"低值易耗品-生产"]
["库位: 040","PS13","PS132-3353","精靠模;Z5HA; 005-3353","B",1,"EA",64,64,12310101,"低值易耗品-生产"]
["库位: 040","PS13","PS132-3355","精靠模;64097400301; 005-3355","B",1,"EA",64,64,12310101,"低值易耗品-生产"]
["库位: 040","PS13","PS132-3356","精靠模;DT180; 005-3356","B",1,"EA",64,64,12310101,"低值易耗品-生产"]
["库位: 040","PS13","PS132-3357","精靠模;RX/TT125; 005-3357","B",1,"EA",64,64,12310101,"低值易耗品-生产"]
["库位: 040","PS13","PS132-3360","精靠模;010-841P; 005-3360","B",1,"EA",64,64,12310101,"低值易耗品-生产"]
["库位: 040","PS13","PS132-3362","精靠模;CG125F; 005-3362","B",1,"EA",64,64,12310101,"低值易耗品-生产"]
["库位: 040","PS13","PS132-3364","精靠模;BIZ125; 005-3364","B",1,"EA",64,64,12310101,"低值易耗品-生产"]
["库位: 040","PS13","PS132-3366","精靠模;PALIO; 005-3366","B",2,"EA",64,128,12310101,"低值易耗品-生产"]
["库位: 040","PS13","PS132-3367","精靠模;T110; 005-3367","B",1,"EA",64,64,12310101,"低值易耗品-生产"]
["库位: 040","PS13","PS132-3368","精靠模;CG150; 005-3368","B",1,"EA",64,64,12310101,"低值易耗品-生产"]
["库位: 040","PS13","PS132-3373","精靠模;JOG; 005-3373","B",1,"EA",64,64,12310101,"低值易耗品-生产"]
["库位: 040","PS13","PS132-3376","精靠模;07113; 005-3376","B",2,"EA",64,128,12310101,"低值易耗品-生产"]
["库位: 040","PS13","PS132-3377","精靠模;CB600F; 005-3377","B",1,"EA",64,64,12310101,"低值易耗品-生产"]
["库位: 040","PS13","PS132-3381","精靠模;AKROS90; 005-3381","B",2,"EA",64,128,12310101,"低值易耗品-生产"]
["库位: 040","PS13","PS132-3382","精靠模;AGRALLE16.5; 005-3382","B",1,"EA",64,64,12310101,"低值易耗品-生产"]
["库位: 040","PS13","PS132-3383","精靠模;CG125; 005-3383","B",2,"EA",64,128,12310101,"低值易耗品-生产"]
["库位: 040","PS13","PS132-3384","精靠模;SHADOW; 005-3384","B",1,"EA",64,64,12310101,"低值易耗品-生产"]
["库位: 040","PS13","PS132-3386","精靠模;4CW; 005-3386","B",1,"EA",64,64,12310101,"低值易耗品-生产"]
["库位: 040","PS13","PS132-3387","精靠模;JH70; 005-3387","B",1,"EA",64,64,12310101,"低值易耗品-生产"]
["库位: 040","PS13","PS132-3388","精靠模;XVS650; 005-3388","B",1,"EA",64,64,12310101,"低值易耗品-生产"]
["库位: 040","PS13","PS132-3389","精靠模;CR250; 005-3389","B",1,"EA",64,64,12310101,"低值易耗品-生产"]
["库位: 040","PS13","PS132-3390","精靠模;CR125; 005-3390","B",1,"EA",64,64,12310101,"低值易耗品-生产"]
["库位: 040","PS13","PS132-3391","精靠模;INTRUDER125; 005-3391","B",1,"EA",64,64,12310101,"低值易耗品-生产"]
["库位: 040","PS13","PS132-3392","精靠模;EX210J0548; 005-3392","B",1,"EA",64,64,12310101,"低值易耗品-生产"]
["库位: 040","PS13","PS132-3394","精靠模;HERO PUCH; 005-3394","B",1,"EA",64,64,12310101,"低值易耗品-生产"]
["库位: 040","PS13","PS132-3395","精靠模;MOBYLETTE; 005-3395","B",1,"EA",64,64,12310101,"低值易耗品-生产"]
["库位: 040","PS13","PS132-3396","精靠模;435576; 005-3396","B",1,"EA",64,64,12310101,"低值易耗品-生产"]
["库位: 040","PS13","PS132-3398","精靠模;NJ350; 005-3398","B",1,"EA",64,64,12310101,"低值易耗品-生产"]
["库位: 040","PS13","PS132-3400","精靠模;435575; 005-3400","B",1,"EA",64,64,12310101,"低值易耗品-生产"]
["库位: 040","PS13","PS132-3405","精靠模;KVX; 005-3405","B",3,"EA",64,192,12310101,"低值易耗品-生产"]
["库位: 040","PS13","PS132-3406","精靠模;393924; 005-3406","B",1,"EA",64,64,12310101,"低值易耗品-生产"]
["库位: 040","PS13","PS132-3407","精靠模;DA1110A021; 005-3407","B",1,"EA",64,64,12310101,"低值易耗品-生产"]
["库位: 040","PS13","PS132-3408","精靠模;LF168Q; 005-3408","B",1,"EA",64,64,12310101,"低值易耗品-生产"]
["库位: 040","PS13","PS132-3409","精靠模;168FD; 005-3409","B",2,"EA",64,128,12310101,"低值易耗品-生产"]
["库位: 040","PS13","PS132-3414","精靠模;L110B3; 005-3414","B",1,"EA",64,64,12310101,"低值易耗品-生产"]
["库位: 040","PS13","PS132-3420","精靠模;GFY6; 005-3420","B",1,"EA",64,64,12310101,"低值易耗品-生产"]
["库位: 040","PS13","PS132-3423","精靠模;SG90; 005-3423","B",1,"EA",64,64,12310101,"低值易耗品-生产"]
["库位: 040","PS13","PS132-3426","精靠模;162FMJ; 005-3426","B",1,"EA",64,64,12310101,"低值易耗品-生产"]
["库位: 040","PS13","PS132-3429","精靠模;LH150T; 005-3429","B",1,"EA",64,64,12310101,"低值易耗品-生产"]
["库位: 040","PS13","PS132-3432","精靠模;83040; 005-3432","B",1,"EA",64,64,12310101,"低值易耗品-生产"]
["库位: 040","PS13","PS132-3433","精靠模;82922; 005-3433","B",1,"EA",64,64,12310101,"低值易耗品-生产"]
["库位: 040","PS13","PS132-3435","精靠模;9290-334701; 005-3435","B",1,"EA",64,64,12310101,"低值易耗品-生产"]
["库位: 040","PS13","PS132-3436","精靠模;XF125F; 005-3436","B",1,"EA",64,64,12310101,"低值易耗品-生产"]
["库位: 040","PS13","PS132-3439","精靠模;010-808P; 005-3439","B",1,"EA",64,64,12310101,"低值易耗品-生产"]
["库位: 040","PS13","PS132-3442","精靠模;PO10670*; 005-3442","B",2,"EA",64,128,12310101,"低值易耗品-生产"]
["库位: 040","PS13","PS132-3443","精靠模;M7020330; 005-3443","B",1,"EA",64,64,12310101,"低值易耗品-生产"]
["库位: 040","PS13","PS132-3444","精靠模;60400058(01); 005-3444","B",1,"EA",64,64,12310101,"低值易耗品-生产"]
["库位: 040","PS13","PS132-3445","精靠模;010-809P; 005-3445","B",1,"EA",64,64,12310101,"低值易耗品-生产"]
["库位: 040","PS13","PS132-3446","精靠模;CG125; 005-3446","B",1,"EA",64,64,12310101,"低值易耗品-生产"]
["库位: 040","PS13","PS132-3449","精靠模;010-828P; 005-3449","B",1,"EA",64,64,12310101,"低值易耗品-生产"]
["库位: 040","PS13","PS132-3450","精靠模;010-825P; 005-3450","B",1,"EA",64,64,12310101,"低值易耗品-生产"]
["库位: 040","PS13","PS132-3452","精靠模;2E80; 005-3452","B",1,"EA",64,64,12310101,"低值易耗品-生产"]
["库位: 040","PS13","PS132-3453","精靠模;010-832P; 005-3453","B",1,"EA",64,64,12310101,"低值易耗品-生产"]
["库位: 040","PS13","PS132-3455","精靠模;010-827P; 005-3455","B",1,"EA",64,64,12310101,"低值易耗品-生产"]
["库位: 040","PS13","PS132-3457","精靠模;45CC; 005-3457","B",1,"EA",64,64,12310101,"低值易耗品-生产"]
["库位: 040","PS13","PS132-3459","精靠模;010-829P; 005-3459","B",1,"EA",64,64,12310101,"低值易耗品-生产"]
["库位: 040","PS13","PS132-3460","精靠模;TDR-1; 005-3460","B",1,"EA",64,64,12310101,"低值易耗品-生产"]
["库位: 040","PS13","PS132-3461","精靠模;CB125T; 005-3461","B",1,"EA",64,64,12310101,"低值易耗品-生产"]
["库位: 040","PS13","PS132-3462","精靠模;309111001; 005-3462","B",1,"EA",64,64,12310101,"低值易耗品-生产"]
["库位: 040","PS13","PS132-3463","精靠模;318858A6; 005-3463","B",1,"EA",64,64,12310101,"低值易耗品-生产"]
["库位: 040","PS13","PS132-3464","精靠模;UC125; 005-3464","B",1,"EA",64,64,12310101,"低值易耗品-生产"]
["库位: 040","PS13","PS132-3467","精靠模;DX100; 005-3467","B",1,"EA",64,64,12310101,"低值易耗品-生产"]
["库位: 040","PS13","PS132-3468","精靠模;AJ50; 005-3468","B",1,"EA",64,64,12310101,"低值易耗品-生产"]
["库位: 040","PS13","PS132-3470","精靠模;GN350; 005-3470","B",1,"EA",64,64,12310101,"低值易耗品-生产"]
["库位: 040","PS13","PS132-3474","精靠模;640353001A; 005-3474","B",2,"EA",64,128,12310101,"低值易耗品-生产"]
["库位: 040","PS13","PS132-3475","精靠模;CG125平台; 005-3475","B",1,"EA",64,64,12310101,"低值易耗品-生产"]
["库位: 040","PS13","PS132-3476","精靠模;010-824; 005-3476","B",1,"EA",64,64,12310101,"低值易耗品-生产"]
["库位: 040","PS13","PS132-3477","精靠模;50-306P; 005-3477","B",1,"EA",64,64,12310101,"低值易耗品-生产"]
["库位: 040","PS13","PS132-3478","精靠模;004-0282-35; 005-3478","B",1,"EA",64,64,12310101,"低值易耗品-生产"]
["库位: 040","PS13","PS132-3480","精靠模;004-0286-35; 005-3480","B",1,"EA",64,64,12310101,"低值易耗品-生产"]
["库位: 040","PS13","PS132-3481","精靠模;TDR-2; 005-3481","B",1,"EA",64,64,12310101,"低值易耗品-生产"]
["库位: 040","PS13","PS132-3483","精靠模;100-210; 005-3483","B",2,"EA",64,128,12310101,"低值易耗品-生产"]
["库位: 040","PS13","PS132-3484","精靠模;100-133P; 005-3484","B",1,"EA",64,64,12310101,"低值易耗品-生产"]
["库位: 040","PS13","PS132-3485","精靠模;TDR5; 005-3485","B",1,"EA",64,64,12310101,"低值易耗品-生产"]
["库位: 040","PS13","PS132-3487","精靠模;100-270S; 005-3487","B",1,"EA",64,64,12310101,"低值易耗品-生产"]
["库位: 040","PS13","PS132-3489","精靠模;100-210; 005-3489","B",2,"EA",64,128,12310101,"低值易耗品-生产"]
["库位: 040","PS13","PS132-3490","精靠模;DJJ23401J3; 005-3490","B",1,"EA",64,64,12310101,"低值易耗品-生产"]
["库位: 040","PS13","PS132-3491","精靠模;DJH23401H3; 005-3491","B",1,"EA",64,64,12310101,"低值易耗品-生产"]
["库位: 040","PS13","PS132-3492","精靠模;100-275S; 005-3492","B",1,"EA",64,64,12310101,"低值易耗品-生产"]
["库位: 040","PS13","PS132-3493","精靠模;TDR-4; 005-3493","B",1,"EA",64,64,12310101,"低值易耗品-生产"]
["库位: 040","PS13","PS132-3497","精靠模;100-280P; 005-3497","B",1,"EA",64,64,12310101,"低值易耗品-生产"]
["库位: 040","PS13","PS132-3499","精靠模;100-285P; 005-3499","B",1,"EA",64,64,12310101,"低值易耗品-生产"]
["库位: 040","PS13","PS132-3502","精靠模;豪迈100; 005-3502","B",1,"EA",64,64,12310101,"低值易耗品-生产"]
["库位: 040","PS13","PS132-3503","精靠模;4GB3; 005-3503","B",1,"EA",64,64,12310101,"低值易耗品-生产"]
["库位: 040","PS13","PS132-3506","精靠模;309110001(01); 005-3506","B",2,"EA",64,128,12310101,"低值易耗品-生产"]
["库位: 040","PS13","PS132-3508","精靠模;CB150; 005-3508","B",1,"EA",64,64,12310101,"低值易耗品-生产"]
["库位: 040","PS13","PS132-3509","精靠模;RDZ125; 005-3509","B",1,"EA",64,64,12310101,"低值易耗品-生产"]
["库位: 040","PS13","PS132-3510","精靠模;12111-20E90; 005-3510","B",2,"EA",64,128,12310101,"低值易耗品-生产"]
["库位: 040","PS13","PS132-3511","精靠模;K6020120; 005-3511","B",1,"EA",64,64,12310101,"低值易耗品-生产"]
["库位: 040","PS13","PS132-3512","精靠模;KPH-1; 005-3512","B",1,"EA",64,64,12310101,"低值易耗品-生产"]
["库位: 040","PS13","PS132-3514","精靠模;100-05; 005-3514","B",1,"EA",64,64,12310101,"低值易耗品-生产"]
["库位: 040","PS13","PS132-3516","精靠模;100-103; 005-3516","B",1,"EA",64,64,12310101,"低值易耗品-生产"]
["库位: 040","PS13","PS132-3517","精靠模;010-843P; 005-3517","B",1,"EA",64,64,12310101,"低值易耗品-生产"]
["库位: 040","PS13","PS132-3519","精靠模;CN-14; 005-3519","B",1,"EA",64,64,12310101,"低值易耗品-生产"]
["库位: 040","PS13","PS132-3521","精靠模;V80; 005-3521","B",1,"EA",64,64,12310101,"低值易耗品-生产"]
["库位: 040","PS13","PS132-3522","精靠模;V80; 005-3522","B",1,"EA",64,64,12310101,"低值易耗品-生产"]
["库位: 040","PS13","PS132-3523","精靠模;F0RCEI; 005-3523","B",1,"EA",64,64,12310101,"低值易耗品-生产"]
["库位: 040","PS13","PS132-3524","精靠模;SHOGUN; 005-3524","B",1,"EA",64,64,12310101,"低值易耗品-生产"]
["库位: 040","PS13","PS132-3525","精靠模;DAGC994278; 005-3525","B",4,"EA",64,256,12310101,"低值易耗品-生产"]
["库位: 040","PS13","PS132-3526","精靠模;RXK; 005-3526","B",1,"EA",64,64,12310101,"低值易耗品-生产"]
["库位: 040","PS13","PS132-3527","精靠模;F10A; 005-3527","B",1,"EA",64,64,12310101,"低值易耗品-生产"]
["库位: 040","PS13","PS132-3528","精靠模;C70MK3; 005-3528","B",1,"EA",64,64,12310101,"低值易耗品-生产"]
["库位: 040","PS13","PS132-3530","精靠模;09-778; 005-3530","B",1,"EA",64,64,12310101,"低值易耗品-生产"]
["库位: 040","PS13","PS132-3531","精靠模;462-B; 005-3531","B",1,"EA",64,64,12310101,"低值易耗品-生产"]
["库位: 040","PS13","PS132-3532","精靠模;CRYPTON; 005-3532","B",1,"EA",64,64,12310101,"低值易耗品-生产"]
["库位: 040","PS13","PS132-3533","精靠模;004-0362-35; 005-3533","B",1,"EA",64,64,12310101,"低值易耗品-生产"]
["库位: 040","PS13","PS132-3534","精靠模;004-0283-35; 005-3534","B",1,"EA",64,64,12310101,"低值易耗品-生产"]
["库位: 040","PS13","PS132-3535","精靠模;004-0444-35; 005-3535","B",1,"EA",64,64,12310101,"低值易耗品-生产"]
["库位: 040","PS13","PS132-3537","精靠模;GL100; 005-3537","B",1,"EA",64,64,12310101,"低值易耗品-生产"]
["库位: 040","PS13","PS132-3538","精靠模;L2SN; 005-3538","B",1,"EA",64,64,12310101,"低值易耗品-生产"]
["库位: 040","PS13","PS132-3539","精靠模;ASTREA; 005-3539","B",1,"EA",64,64,12310101,"低值易耗品-生产"]
["库位: 040","PS13","PS132-3542","精靠模;KJ215609; 005-3542","B",1,"EA",64,64,12310101,"低值易耗品-生产"]
["库位: 040","PS13","PS132-3543","精靠模;004-0285-35; 005-3543","B",1,"EA",64,64,12310101,"低值易耗品-生产"]
["库位: 040","PS13","PS132-3544","精靠模;004-0284-35; 005-3544","B",1,"EA",64,64,12310101,"低值易耗品-生产"]
["库位: 040","PS13","PS132-3545","精靠模;004-0445-35; 005-3545","B",1,"EA",64,64,12310101,"低值易耗品-生产"]
["库位: 040","PS13","PS132-3546","精靠模;RC110; 005-3546","B",1,"EA",64,64,12310101,"低值易耗品-生产"]
["库位: 040","PS13","PS132-3547","精靠模;GLPRO; 005-3547","B",1,"EA",64,64,12310101,"低值易耗品-生产"]
["库位: 040","PS13","PS132-3548","精靠模;C100; 005-3548","B",1,"EA",64,64,12310101,"低值易耗品-生产"]
["库位: 040","PS13","PS132-3549","精靠模;640995001(01); 005-3549","B",1,"EA",64,64,12310101,"低值易耗品-生产"]
["库位: 040","PS13","PS132-3550","精靠模;WIN; 005-3550","B",1,"EA",64,64,12310101,"低值易耗品-生产"]
["库位: 040","PS13","PS132-3551","精靠模;A100-7; 005-3551","B",1,"EA",64,64,12310101,"低值易耗品-生产"]
["库位: 040","PS13","PS132-3553","精靠模;Y100; 005-3553","B",1,"EA",64,64,12310101,"低值易耗品-生产"]
["库位: 040","PS13","PS132-3554","精靠模;GLMAX; 005-3554","B",1,"EA",64,64,12310101,"低值易耗品-生产"]
["库位: 040","PS13","PS132-3556","精靠模;SMASH; 005-3556","B",1,"EA",64,64,12310101,"低值易耗品-生产"]
["库位: 040","PS13","PS132-3557","精靠模;KAZE; 005-3557","B",1,"EA",64,64,12310101,"低值易耗品-生产"]
["库位: 040","PS13","PS132-3558","精靠模;EI034-52001; 005-3558","B",1,"EA",64,64,12310101,"低值易耗品-生产"]
["库位: 040","PS13","PS132-3559","精靠模;RXS; 005-3559","B",1,"EA",64,64,12310101,"低值易耗品-生产"]
["库位: 040","PS13","PS132-3560","精靠模;KARISMA; 005-3560","B",1,"EA",64,64,12310101,"低值易耗品-生产"]
["库位: 040","PS13","PS132-3561","精靠模;SATRIA; 005-3561","B",1,"EA",64,64,12310101,"低值易耗品-生产"]
["库位: 040","PS13","PS132-3562","精靠模;TIGER; 005-3562","B",1,"EA",64,64,12310101,"低值易耗品-生产"]
["库位: 040","PS13","PS132-3563","精靠模;GL125; 005-3563","B",1,"EA",64,64,12310101,"低值易耗品-生产"]
["库位: 040","PS13","PS132-3564","精靠模;JUPITERZ; 005-3564","B",1,"EA",64,64,12310101,"低值易耗品-生产"]
["库位: 040","PS13","PS132-3565","精靠模;010-835P; 005-3565","B",1,"EA",64,64,12310101,"低值易耗品-生产"]
["库位: 040","PS13","PS132-3566","精靠模;CS90Z; 005-3566","B",1,"EA",64,64,12310101,"低值易耗品-生产"]
["库位: 040","PS13","PS132-3567","精靠模;MAXNEOTECH; 005-3567","B",1,"EA",64,64,12310101,"低值易耗品-生产"]
["库位: 040","PS13","PS132-3568","精靠模;C700; 005-3568","B",1,"EA",64,64,12310101,"低值易耗品-生产"]
["库位: 040","PS13","PS132-3569","精靠模;CB100K2; 005-3569","B",1,"EA",64,64,12310101,"低值易耗品-生产"]
["库位: 040","PS13","PS132-3570","精靠模;RC100; 005-3570","B",1,"EA",64,64,12310101,"低值易耗品-生产"]
["库位: 040","PS13","PS132-3571","精靠模;YB100; 005-3571","B",1,"EA",64,64,12310101,"低值易耗品-生产"]
["库位: 040","PS13","PS132-3573","精靠模;C800; 005-3573","B",1,"EA",64,64,12310101,"低值易耗品-生产"]
["库位: 040","PS13","PS132-3574","精靠模;RC80; 005-3574","B",1,"EA",64,64,12310101,"低值易耗品-生产"]
["库位: 040","PS13","PS132-3575","精靠模;ASTREASTAR; 005-3575","B",1,"EA",64,64,12310101,"低值易耗品-生产"]
["库位: 040","PS13","PS132-3576","精靠模;GP125(TRZ); 005-3576","B",1,"EA",64,64,12310101,"低值易耗品-生产"]
["库位: 040","PS13","PS132-3577","精靠模;FR80N; 005-3577","B",1,"EA",64,64,12310101,"低值易耗品-生产"]
["库位: 040","PS13","PS132-3578","精靠模;GP100; 005-3578","B",1,"EA",64,64,12310101,"低值易耗品-生产"]
["库位: 040","PS13","PS132-3579","精靠模;TRS; 005-3579","B",1,"EA",64,64,12310101,"低值易耗品-生产"]
["库位: 040","PS13","PS132-3580","精靠模;CHURY; 005-3580","B",1,"EA",64,64,12310101,"低值易耗品-生产"]
["库位: 040","PS13","PS132-3581","精靠模;A100-5; 005-3581","B",1,"EA",64,64,12310101,"低值易耗品-生产"]
["库位: 040","PS13","PS132-3583","精靠模;CB100K3; 005-3583","B",1,"EA",64,64,12310101,"低值易耗品-生产"]
["库位: 040","PS13","PS132-3584","精靠模;TACT; 005-3584","B",1,"EA",64,64,12310101,"低值易耗品-生产"]
["库位: 040","PS13","PS132-3585","精靠模;LF100; 005-3585","B",1,"EA",64,64,12310101,"低值易耗品-生产"]
["库位: 040","PS13","PS132-3586","精靠模;SEPIA50; 005-3586","B",1,"EA",64,64,12310101,"低值易耗品-生产"]
["库位: 040","PS13","PS132-3587","精靠模;DI050; 005-3587","B",1,"EA",64,64,12310101,"低值易耗品-生产"]
["库位: 040","PS13","PS132-3588","精靠模;LOVE50; 005-3588","B",1,"EA",64,64,12310101,"低值易耗品-生产"]
["库位: 040","PS13","PS132-3589","精靠模;DI03; 005-3589","B",1,"EA",64,64,12310101,"低值易耗品-生产"]
["库位: 040","PS13","PS132-3592","精靠模;RX100; 005-3592","B",1,"EA",64,64,12310101,"低值易耗品-生产"]
["库位: 040","PS13","PS132-3593","精靠模;DT-100X; 005-3593","B",1,"EA",64,64,12310101,"低值易耗品-生产"]
["库位: 040","PS13","PS132-3594","精靠模;CRYPTON; 005-3594","B",1,"EA",64,64,12310101,"低值易耗品-生产"]
["库位: 040","PS13","PS132-3595","精靠模;MA50; 005-3595","B",1,"EA",64,64,12310101,"低值易耗品-生产"]
["库位: 040","PS13","PS132-3597","精靠模;KARISMA; 005-3597","B",1,"EA",64,64,12310101,"低值易耗品-生产"]
["库位: 040","PS13","PS132-3598","精靠模;WAVE110; 005-3598","B",1,"EA",64,64,12310101,"低值易耗品-生产"]
["库位: 040","PS13","PS132-3600","精靠模;GN5-2; 005-3600","B",1,"EA",64,64,12310101,"低值易耗品-生产"]
["库位: 040","PS13","PS132-3601","精靠模;RXK; 005-3601","B",1,"EA",64,64,12310101,"低值易耗品-生产"]
["库位: 040","PS13","PS132-3602","精靠模;KAZE; 005-3602","B",1,"EA",64,64,12310101,"低值易耗品-生产"]
["库位: 040","PS13","PS132-3603","精靠模;SPRINT; 005-3603","B",1,"EA",64,64,12310101,"低值易耗品-生产"]
["库位: 040","PS13","PS132-3604","精靠模;FORCEI; 005-3604","B",1,"EA",64,64,12310101,"低值易耗品-生产"]
["库位: 040","PS13","PS132-3605","精靠模;KG2; 005-3605","B",1,"EA",64,64,12310101,"低值易耗品-生产"]
["库位: 040","PS13","PS132-3606","精靠模;RC100; 005-3606","B",1,"EA",64,64,12310101,"低值易耗品-生产"]
["库位: 040","PS13","PS132-3607","精靠模;TIGER; 005-3607","B",1,"EA",64,64,12310101,"低值易耗品-生产"]
["库位: 040","PS13","PS132-3608","精靠模;100-125P; 005-3608","B",1,"EA",64,64,12310101,"低值易耗品-生产"]
["库位: 040","PS13","PS132-3609","精靠模;NEOTECH-MAX; 005-3609","B",1,"EA",64,64,12310101,"低值易耗品-生产"]
["库位: 040","PS13","PS132-3610","精靠模;CG125; 005-3610","B",1,"EA",64,64,12310101,"低值易耗品-生产"]
["库位: 040","PS13","PS132-3611","精靠模;CG110; 005-3611","B",1,"EA",64,64,12310101,"低值易耗品-生产"]
["库位: 040","PS13","PS132-3612","精靠模;GL125; 005-3612","B",1,"EA",64,64,12310101,"低值易耗品-生产"]
["库位: 040","PS13","PS132-3617","精靠模;P150X; 005-3617","B",1,"EA",64,64,12310101,"低值易耗品-生产"]
["库位: 040","PS13","PS132-3618","精靠模;TS100C; 005-3618","B",1,"EA",64,64,12310101,"低值易耗品-生产"]
["库位: 040","PS13","PS132-3619","精靠模;100-125S; 005-3619","B",1,"EA",64,64,12310101,"低值易耗品-生产"]
["库位: 040","PS13","PS132-3620","精靠模;C900; 005-3620","B",1,"EA",64,64,12310101,"低值易耗品-生产"]
["库位: 040","PS13","PS132-3621","精靠模;GBO; 005-3621","B",1,"EA",64,64,12310101,"低值易耗品-生产"]
["库位: 040","PS13","PS132-3623","精靠模;C70; 005-3623","B",1,"EA",64,64,12310101,"低值易耗品-生产"]
["库位: 040","PS13","PS132-3625","精靠模;GB6; 005-3625","B",1,"EA",64,64,12310101,"低值易耗品-生产"]
["库位: 040","PS13","PS132-3626","精靠模;GN8; 005-3626","B",1,"EA",64,64,12310101,"低值易耗品-生产"]
["库位: 040","PS13","PS132-3629","精靠模;GF6; 005-3629","B",1,"EA",64,64,12310101,"低值易耗品-生产"]
["库位: 040","PS13","PS132-3632","精靠模;T4CW; 005-3632","B",1,"EA",64,64,12310101,"低值易耗品-生产"]
["库位: 040","PS13","PS132-3635","精靠模;4R; 005-3635","B",1,"EA",64,64,12310101,"低值易耗品-生产"]
["库位: 040","PS13","PS132-3636","精靠模;CG125; 005-3636","B",1,"EA",64,64,12310101,"低值易耗品-生产"]
["库位: 040","PS13","PS132-3637","精靠模;L110改进; 005-3637","B",2,"EA",64,128,12310101,"低值易耗品-生产"]
["库位: 040","PS13","PS132-3638","精靠模;GLMAX; 005-3638","B",1,"EA",64,64,12310101,"低值易耗品-生产"]
["库位: 040","PS13","PS132-3640","精靠模;GL125; 005-3640","B",1,"EA",64,64,12310101,"低值易耗品-生产"]
["库位: 040","PS13","PS132-3641","精靠模;640353001A-1; 005-3641","B",1,"EA",64,64,12310101,"低值易耗品-生产"]
["库位: 040","PS13","PS132-3645","精靠模;59325004K0; 005-3645","B",1,"EA",64,64,12310101,"低值易耗品-生产"]
["库位: 040","PS13","PS132-3647","精靠模;GL100; 005-3647","B",1,"EA",64,64,12310101,"低值易耗品-生产"]
["库位: 040","PS13","PS132-3648","精靠模;KG2; 005-3648","B",1,"EA",64,64,12310101,"低值易耗品-生产"]
["库位: 040","PS13","PS132-3649","精靠模;RC100; 005-3649","B",1,"EA",64,64,12310101,"低值易耗品-生产"]
["库位: 040","PS13","PS132-3650","精靠模;RC110; 005-3650","B",1,"EA",64,64,12310101,"低值易耗品-生产"]
["库位: 040","PS13","PS132-3652","精靠模;RC110; 005-3652","B",1,"EA",64,64,12310101,"低值易耗品-生产"]
["库位: 040","PS13","PS132-3653","精靠模;A100-1; 005-3653","B",1,"EA",64,64,12310101,"低值易耗品-生产"]
["库位: 040","PS13","PS132-3654","精靠模;A100-2; 005-3654","B",1,"EA",64,64,12310101,"低值易耗品-生产"]
["库位: 040","PS13","PS132-3655","精靠模;CY50; 005-3655","B",1,"EA",64,64,12310101,"低值易耗品-生产"]
["库位: 040","PS13","PS132-3656","精靠模;豪迈80; 005-3656","B",1,"EA",64,64,12310101,"低值易耗品-生产"]
["库位: 040","PS13","PS132-3657","精靠模;CA488C; 005-3657","B",1,"EA",64,64,12310101,"低值易耗品-生产"]
["库位: 040","PS13","PS132-3658","精靠模;031-52900-20Y; 005-3658","B",2,"EA",64,128,12310101,"低值易耗品-生产"]
["库位: 040","PS13","PS132-3659","精靠模;031-52200-200; 005-3659","B",1,"EA",64,64,12310101,"低值易耗品-生产"]
["库位: 040","PS13","PS132-3660","精靠模;大路易50; 005-3660","B",1,"EA",64,64,12310101,"低值易耗品-生产"]
["库位: 040","PS13","PS132-3661","精靠模;1RZ; 005-3661","B",1,"EA",64,64,12310101,"低值易耗品-生产"]
["库位: 040","PS13","PS132-3663","精靠模;AG100; 005-3663","B",1,"EA",64,64,12310101,"低值易耗品-生产"]
["库位: 040","PS13","PS132-3664","精靠模;842565; 005-3664","B",1,"EA",64,64,12310101,"低值易耗品-生产"]
["库位: 040","PS13","PS132-3665","精靠模;XF90; 005-3665","B",1,"EA",64,64,12310101,"低值易耗品-生产"]
["库位: 040","PS13","PS132-3667","精靠模;BILP; 005-3667","B",1,"EA",64,64,12310101,"低值易耗品-生产"]
["库位: 040","PS13","PS132-3668","精靠模;T376; 005-3668","B",1,"EA",64,64,12310101,"低值易耗品-生产"]
["库位: 040","PS13","PS132-3669","精靠模;842569; 005-3669","B",2,"EA",64,128,12310101,"低值易耗品-生产"]
["库位: 040","PS13","PS132-3671","精靠模;G7S; 005-3671","B",1,"EA",64,64,12310101,"低值易耗品-生产"]
["库位: 040","PS13","PS132-3672","精靠模;捷达-2; 005-3672","B",1,"EA",64,64,12310101,"低值易耗品-生产"]
["库位: 040","PS13","PS132-3674","精靠模;SANTANA; 005-3674","B",1,"EA",64,64,12310101,"低值易耗品-生产"]
["库位: 040","PS13","PS132-3676","精靠模;4G54; 005-3676","B",1,"EA",64,64,12310101,"低值易耗品-生产"]
["库位: 040","PS13","PS132-3678","精靠模;赐你安兜风; 005-3678","B",1,"EA",64,64,12310101,"低值易耗品-生产"]
["库位: 040","PS13","PS132-3681","精靠模;LH100T; 005-3681","B",1,"EA",64,64,12310101,"低值易耗品-生产"]
["库位: 040","PS13","PS132-3682","精靠模;YB100; 005-3682","B",1,"EA",64,64,12310101,"低值易耗品-生产"]
["库位: 040","PS13","PS132-3683","精靠模;301077; 005-3683","B",1,"EA",64,64,12310101,"低值易耗品-生产"]
["库位: 040","PS13","PS132-3684","精靠模;GP125; 005-3684","B",1,"EA",64,64,12310101,"低值易耗品-生产"]
["库位: 040","PS13","PS132-3685","精靠模;RS100-1; 005-3685","B",2,"EA",64,128,12310101,"低值易耗品-生产"]
["库位: 040","PS13","PS132-3686","精靠模;幻象50; 005-3686","B",1,"EA",64,64,12310101,"低值易耗品-生产"]
["库位: 040","PS13","PS132-3687","精靠模;EQ491; 005-3687","B",1,"EA",64,64,12310101,"低值易耗品-生产"]
["库位: 040","PS13","PS132-3688","精靠模;1130-034-0504-A; 005-3688","B",2,"EA",64,128,12310101,"低值易耗品-生产"]
["库位: 040","PS13","PS132-3689","精靠模;KB5; 005-3689","B",1,"EA",64,64,12310101,"低值易耗品-生产"]
["库位: 040","PS13","PS132-3690","精靠模;VB5; 005-3690","B",1,"EA",64,64,12310101,"低值易耗品-生产"]
["库位: 040","PS13","PS132-3691","精靠模;ZGY6; 005-3691","B",1,"EA",64,64,12310101,"低值易耗品-生产"]
["库位: 040","PS13","PS132-3694","精靠模;ALFA; 005-3694","B",1,"EA",64,64,12310101,"低值易耗品-生产"]
["库位: 040","PS13","PS132-3695","精靠模;RXZ; 005-3695","B",1,"EA",64,64,12310101,"低值易耗品-生产"]
["库位: 040","PS13","PS132-3697","精靠模;RGR; 005-3697","B",1,"EA",64,64,12310101,"低值易耗品-生产"]
["库位: 040","PS13","PS132-3700","精靠模;RXS; 005-3700","B",1,"EA",64,64,12310101,"低值易耗品-生产"]
["库位: 040","PS13","PS132-3701","精靠模;SHOGON; 005-3701","B",1,"EA",64,64,12310101,"低值易耗品-生产"]
["库位: 040","PS13","PS132-3703","精靠模;CRYPTON; 005-3703","B",1,"EA",64,64,12310101,"低值易耗品-生产"]
["库位: 040","PS13","PS132-3705","精靠模;JUPITERZ; 005-3705","B",1,"EA",64,64,12310101,"低值易耗品-生产"]
["库位: 040","PS13","PS132-3706","精靠模;NEOTECH-PRO; 005-3706","B",1,"EA",64,64,12310101,"低值易耗品-生产"]
["库位: 040","PS13","PS132-3712","精靠模;SHOGVN; 005-3712","B",1,"EA",64,64,12310101,"低值易耗品-生产"]
["库位: 040","PS13","PS132-3713","精靠模;CB150N; 005-3713","B",1,"EA",64,64,12310101,"低值易耗品-生产"]
["库位: 040","PS13","PS132-3718","精靠模;LH180M; 005-3718","B",1,"EA",64,64,12310101,"低值易耗品-生产"]
["库位: 040","PS13","PS132-3720","精靠模;GB4; 005-3720","B",1,"EA",64,64,12310101,"低值易耗品-生产"]
["库位: 040","PS13","PS132-3721","精靠模;100-130P; 005-3721","B",1,"EA",64,64,12310101,"低值易耗品-生产"]
["库位: 040","PS13","PS132-3722","精靠模;SMASH; 005-3722","B",1,"EA",64,64,12310101,"低值易耗品-生产"]
["库位: 040","PS13","PS132-3723","精靠模;CB150改进; 005-3723","B",1,"EA",64,64,12310101,"低值易耗品-生产"]
["库位: 040","PS13","PS132-3725","精靠模;JEEP213; 005-3725","B",1,"EA",64,64,12310101,"低值易耗品-生产"]
["库位: 040","PS13","PS132-3726","精靠模;CUB70; 005-3726","B",1,"EA",64,64,12310101,"低值易耗品-生产"]
["库位: 040","PS13","PS132-3727","精靠模;CUB90; 005-3727","B",1,"EA",64,64,12310101,"低值易耗品-生产"]
["库位: 040","PS13","PS132-3728","精靠模;G110; 005-3728","B",1,"EA",64,64,12310101,"低值易耗品-生产"]
["库位: 040","PS13","PS132-3729","精靠模;KPW; 005-3729","B",1,"EA",64,64,12310101,"低值易耗品-生产"]
["库位: 040","PS13","PS132-3730","精靠模;CG125; 005-3730","B",1,"EA",64,64,12310101,"低值易耗品-生产"]
["库位: 040","PS13","PS132-3731","精靠模;C700; 005-3731","B",1,"EA",64,64,12310101,"低值易耗品-生产"]
["库位: 040","PS13","PS132-3732","精靠模;SUPRA FIT NEW; 005-3732","B",1,"EA",64,64,12310101,"低值易耗品-生产"]
["库位: 040","PS13","PS132-3733","精靠模;GK65; 005-3733","B",1,"EA",64,64,12310101,"低值易耗品-生产"]
["库位: 040","PS13","PS132-3734","精靠模;F28; 005-3734","B",1,"EA",64,64,12310101,"低值易耗品-生产"]
["库位: 040","PS13","PS132-3735","精靠模;C70; 005-3735","B",1,"EA",64,64,12310101,"低值易耗品-生产"]
["库位: 040","PS13","PS132-3736","精靠模;HL003; 005-3736","B",1,"EA",64,64,12310101,"低值易耗品-生产"]
["库位: 040","PS13","PS132-3737","精靠模;LH173M-1; 005-3737","B",1,"EA",64,64,12310101,"低值易耗品-生产"]
["库位: 040","PS13","PS132-3738","精靠模;GB2; 005-3738","B",1,"EA",64,64,12310101,"低值易耗品-生产"]
["库位: 040","PS13","PS132-3739","精靠模;JY110; 005-3739","B",2,"EA",64,128,12310101,"低值易耗品-生产"]
["库位: 040","PS13","PS132-3740","精靠模;GL90; 005-3740","B",1,"EA",64,64,12310101,"低值易耗品-生产"]
["库位: 040","PS13","PS132-3741","精靠模;C65; 005-3741","B",1,"EA",64,64,12310101,"低值易耗品-生产"]
["库位: 040","PS13","PS132-3742","精靠模;CG125; 005-3742","B",1,"EA",64,64,12310101,"低值易耗品-生产"]
["库位: 040","PS13","PS132-3743","精靠模;GY6; 005-3743","B",1,"EA",64,64,12310101,"低值易耗品-生产"]
["库位: 040","PS13","PS132-3744","精靠模;SY125; 005-3744","B",1,"EA",64,64,12310101,"低值易耗品-生产"]
["库位: 040","PS13","PS132-3745","精靠模;GB6; 005-3745","B",1,"EA",64,64,12310101,"低值易耗品-生产"]
["库位: 040","PS13","PS132-3749","精靠模;RT168F-2; 005-3749","B",1,"EA",64,64,12310101,"低值易耗品-生产"]
["库位: 040","PS13","PS132-3751","精靠模;SY150; 005-3751","B",1,"EA",64,64,12310101,"低值易耗品-生产"]
["库位: 040","PS13","PS132-3752","精靠模;LLH6; 005-3752","B",1,"EA",64,64,12310101,"低值易耗品-生产"]
["库位: 040","PS13","PS132-3753","精靠模;NOVA-RS; 005-3753","B",1,"EA",64,64,12310101,"低值易耗品-生产"]
["库位: 040","PS13","PS132-3754","精靠模;VIVA; 005-3754","B",1,"EA",64,64,12310101,"低值易耗品-生产"]
["库位: 040","PS13","PS132-3755","精靠模;FB100; 005-3755","B",1,"EA",64,64,12310101,"低值易耗品-生产"]
["库位: 040","PS13","PS132-3756","精靠模;AX-I; 005-3756","B",1,"EA",64,64,12310101,"低值易耗品-生产"]
["库位: 040","PS13","PS132-3758","精靠模;C700; 005-3758","B",1,"EA",64,64,12310101,"低值易耗品-生产"]
["库位: 040","PS13","PS132-3759","精靠模;F33; 005-3759","B",1,"EA",64,64,12310101,"低值易耗品-生产"]
["库位: 040","PS13","PS132-3760","精靠模;C70MK3; 005-3760","B",1,"EA",64,64,12310101,"低值易耗品-生产"]
["库位: 040","PS13","PS132-3761","精靠模;640354001 K; 005-3761","B",1,"EA",64,64,12310101,"低值易耗品-生产"]
["库位: 040","PS13","PS132-3762","精靠模;LH54; 005-3762","B",1,"EA",64,64,12310101,"低值易耗品-生产"]
["库位: 040","PS13","PS132-3763","精靠模;9290-311601; 005-3763","B",1,"EA",64,64,12310101,"低值易耗品-生产"]
["库位: 040","PS13","PS132-3764","精靠模;C800A; 005-3764","B",1,"EA",64,64,12310101,"低值易耗品-生产"]
["库位: 040","PS13","PS132-3765","精靠模;CB100K3; 005-3765","B",1,"EA",64,64,12310101,"低值易耗品-生产"]
["库位: 040","PS13","PS132-3766","精靠模;GL100; 005-3766","B",1,"EA",64,64,12310101,"低值易耗品-生产"]
["库位: 040","PS13","PS132-3767","精靠模;KHARISMA; 005-3767","B",1,"EA",64,64,12310101,"低值易耗品-生产"]
["库位: 040","PS13","PS132-3769","精靠模;CS90Z; 005-3769","B",1,"EA",64,64,12310101,"低值易耗品-生产"]
["库位: 040","PS13","PS132-3772","精靠模;LEGENDA; 005-3772","B",1,"EA",64,64,12310101,"低值易耗品-生产"]
["库位: 040","PS13","PS132-3776","精靠模;GLPRO-NT; 005-3776","B",1,"EA",64,64,12310101,"低值易耗品-生产"]
["库位: 040","PS13","PS132-3778","精靠模;GL125; 005-3778","B",1,"EA",64,64,12310101,"低值易耗品-生产"]
["库位: 040","PS13","PS132-3779","精靠模;LH70; 005-3779","B",1,"EA",64,64,12310101,"低值易耗品-生产"]
["库位: 040","PS13","PS132-3780","精靠模;188; 005-3780","B",1,"EA",64,64,12310101,"低值易耗品-生产"]
["库位: 040","PS13","PS132-3781","精靠模;GLPRONT; 005-3781","B",1,"EA",64,64,12310101,"低值易耗品-生产"]
["库位: 040","PS13","PS132-3782","精靠模;64035000203; 005-3782","B",2,"EA",64,128,12310101,"低值易耗品-生产"]
["库位: 040","PS13","PS132-3784","精靠模;KAZE; 005-3784","B",1,"EA",64,64,12310101,"低值易耗品-生产"]
["库位: 040","PS13","PS132-3785","精靠模;38CC; 005-3785","B",1,"EA",64,64,12310101,"低值易耗品-生产"]
["库位: 040","PS13","PS132-3786","精靠模;GLMAXNT; 005-3786","B",1,"EA",64,64,12310101,"低值易耗品-生产"]
["库位: 040","PS13","PS132-3788","精靠模;4G20; 005-3788","B",1,"EA",64,64,12310101,"低值易耗品-生产"]
["库位: 040","PS13","PS132-3789","精靠模;CB125S2; 005-3789","B",1,"EA",64,64,12310101,"低值易耗品-生产"]
["库位: 040","PS13","PS132-3790","精靠模;RC80; 005-3790","B",1,"EA",64,64,12310101,"低值易耗品-生产"]
["库位: 040","PS13","PS132-3791","精靠模;TM156FMI; 005-3791","B",1,"EA",64,64,12310101,"低值易耗品-生产"]
["库位: 040","PS13","PS132-3792","精靠模;QP150; 005-3792","B",1,"EA",64,64,12310101,"低值易耗品-生产"]
["库位: 040","PS13","PS132-3793","精靠模;TRS; 005-3793","B",1,"EA",64,64,12310101,"低值易耗品-生产"]
["库位: 040","PS13","PS132-3794","精靠模;A100; 005-3794","B",1,"EA",64,64,12310101,"低值易耗品-生产"]
["库位: 040","PS13","PS132-3795","精靠模;FR80; 005-3795","B",1,"EA",64,64,12310101,"低值易耗品-生产"]
["库位: 040","PS13","PS132-3797","精靠模;RC110; 005-3797","B",1,"EA",64,64,12310101,"低值易耗品-生产"]
["库位: 040","PS13","PS132-3798","精靠模;GTO; 005-3798","B",1,"EA",64,64,12310101,"低值易耗品-生产"]
["库位: 040","PS13","PS132-3800","精靠模;GP100; 005-3800","B",1,"EA",64,64,12310101,"低值易耗品-生产"]
["库位: 040","PS13","PS132-3801","精靠模;465QE; 005-3801","B",1,"EA",64,64,12310101,"低值易耗品-生产"]
["库位: 040","PS13","PS132-3802","精靠模;SATRIA; 005-3802","B",1,"EA",64,64,12310101,"低值易耗品-生产"]
["库位: 040","PS13","PS132-3804","精靠模;SHOGUN; 005-3804","B",1,"EA",64,64,12310101,"低值易耗品-生产"]
["库位: 040","PS13","PS132-3805","精靠模;VESPA; 005-3805","B",1,"EA",64,64,12310101,"低值易耗品-生产"]
["库位: 040","PS13","PS132-3806","精靠模;9290-31XX01; 005-3806","B",2,"EA",64,128,12310101,"低值易耗品-生产"]
["库位: 040","PS13","PS132-3807","精靠模;13101-P9A; 005-3807","B",1,"EA",64,64,12310101,"低值易耗品-生产"]
["库位: 040","PS13","PS132-3808","精靠模;RXS; 005-3808","B",1,"EA",64,64,12310101,"低值易耗品-生产"]
["库位: 040","PS13","PS132-3810","精靠模;GP125; 005-3810","B",1,"EA",64,64,12310101,"低值易耗品-生产"]
["库位: 040","PS13","PS132-3811","精靠模;ALFA; 005-3811","B",2,"EA",64,128,12310101,"低值易耗品-生产"]
["库位: 040","PS13","PS132-3812","精靠模;V80; 005-3812","B",1,"EA",64,64,12310101,"低值易耗品-生产"]
["库位: 040","PS13","PS132-3813","精靠模;JC1P57QMJ; 005-3813","B",1,"EA",64,64,12310101,"低值易耗品-生产"]
["库位: 040","PS13","PS132-3814","精靠模;L2SN; 005-3814","B",1,"EA",64,64,12310101,"低值易耗品-生产"]
["库位: 040","PS13","PS132-3816","精靠模;L110; 005-3816","B",1,"EA",64,64,12310101,"低值易耗品-生产"]
["库位: 040","PS13","PS132-3817","精靠模;YB100; 005-3817","B",1,"EA",64,64,12310101,"低值易耗品-生产"]
["库位: 040","PS13","PS132-3822","精靠模;RXK; 005-3822","B",1,"EA",64,64,12310101,"低值易耗品-生产"]
["库位: 040","PS13","PS132-3823","精靠模;156FD; 005-3823","B",1,"EA",64,64,12310101,"低值易耗品-生产"]
["库位: 040","PS13","PS132-3824","精靠模;JUPITERZ; 005-3824","B",1,"EA",64,64,12310101,"低值易耗品-生产"]
["库位: 040","PS13","PS132-3826","精靠模;CRYPTON; 005-3826","B",1,"EA",64,64,12310101,"低值易耗品-生产"]
["库位: 040","PS13","PS132-3827","精靠模;640350003(01); 005-3827","B",2,"EA",64,128,12310101,"低值易耗品-生产"]
["库位: 040","PS13","PS132-3828","精靠模;640350002E; 005-3828","B",1,"EA",64,64,12310101,"低值易耗品-生产"]
["库位: 040","PS13","PS132-3829","精靠模;CGT150; 005-3829","B",1,"EA",64,64,12310101,"低值易耗品-生产"]
["库位: 040","PS13","PS132-3830","精靠模;CG125; 005-3830","B",1,"EA",64,64,12310101,"低值易耗品-生产"]
["库位: 040","PS13","PS132-3832","精靠模;031-56300-20X; 005-3832","B",1,"EA",64,64,12310101,"低值易耗品-生产"]
["库位: 040","PS13","PS132-3833","精靠模;TIGER; 005-3833","B",1,"EA",64,64,12310101,"低值易耗品-生产"]
["库位: 040","PS13","PS132-3835","精靠模;FORCEI; 005-3835","B",1,"EA",64,64,12310101,"低值易耗品-生产"]
["库位: 040","PS13","PS132-3836","精靠模;004-0460-00; 005-3836","B",1,"EA",64,64,12310101,"低值易耗品-生产"]
["库位: 040","PS13","PS132-3837","精靠模;004-0459-01; 005-3837","B",1,"EA",64,64,12310101,"低值易耗品-生产"]
["库位: 040","PS13","PS132-3838","精靠模;LDF6-1; 005-3838","B",1,"EA",64,64,12310101,"低值易耗品-生产"]
["库位: 040","PS13","PS132-3839","精靠模;09-682; 005-3839","B",1,"EA",64,64,12310101,"低值易耗品-生产"]
["库位: 040","PS13","PS132-3840","精靠模;EX210J0609; 005-3840","B",1,"EA",64,64,12310101,"低值易耗品-生产"]
["库位: 040","PS13","PS132-3844","精靠模;09-681; 005-3844","B",1,"EA",64,64,12310101,"低值易耗品-生产"]
["库位: 040","PS13","PS132-3845","精靠模;KG135L; 005-3845","B",1,"EA",64,64,12310101,"低值易耗品-生产"]
["库位: 040","PS13","PS132-3847","精靠模;YB-100; 005-3847","B",1,"EA",64,64,12310101,"低值易耗品-生产"]
["库位: 040","PS13","PS132-3848","精靠模;MN195453; 005-3848","B",2,"EA",64,128,12310101,"低值易耗品-生产"]
["库位: 040","PS13","PS132-3849","精靠模;MW250887; 005-3849","B",4,"EA",64,256,12310101,"低值易耗品-生产"]
["库位: 040","PS13","PS132-3850","精靠模;MN195391; 005-3850","B",1,"EA",64,64,12310101,"低值易耗品-生产"]
["库位: 040","PS13","PS132-3851","精靠模;07WX1J0124; 005-3851","B",1,"EA",64,64,12310101,"低值易耗品-生产"]
["库位: 040","PS13","PS132-3853","精靠模;301066(P100100); 005-3853","B",1,"EA",64,64,12310101,"低值易耗品-生产"]
["库位: 040","PS13","PS132-3855","精靠模;09-692; 005-3855","B",1,"EA",64,64,12310101,"低值易耗品-生产"]
["库位: 040","PS13","PS132-3856","精靠模;09-696; 005-3856","B",1,"EA",64,64,12310101,"低值易耗品-生产"]
["库位: 040","PS13","PS132-3862","精靠模;195.132.110; 005-3862","B",1,"EA",64,64,12310101,"低值易耗品-生产"]
["库位: 040","PS13","PS132-3863","精靠模;09-716; 005-3863","B",1,"EA",64,64,12310101,"低值易耗品-生产"]
["库位: 040","PS13","PS132-3865","精靠模;09-711; 005-3865","B",1,"EA",64,64,12310101,"低值易耗品-生产"]
["库位: 040","PS13","PS132-3866","精靠模;R160; 005-3866","B",1,"EA",64,64,12310101,"低值易耗品-生产"]
["库位: 040","PS13","PS132-3867","精靠模;09-730; 005-3867","B",1,"EA",64,64,12310101,"低值易耗品-生产"]
["库位: 040","PS13","PS132-3868","精靠模;09-752; 005-3868","B",1,"EA",64,64,12310101,"低值易耗品-生产"]
["库位: 040","PS13","PS132-3869","精靠模;09-722; 005-3869","B",1,"EA",64,64,12310101,"低值易耗品-生产"]
["库位: 040","PS13","PS132-3871","精靠模;09-727; 005-3871","B",1,"EA",64,64,12310101,"低值易耗品-生产"]
["库位: 040","PS13","PS132-3872","精靠模;09-751; 005-3872","B",1,"EA",64,64,12310101,"低值易耗品-生产"]
["库位: 040","PS13","PS132-3873","精靠模;09-728; 005-3873","B",1,"EA",64,64,12310101,"低值易耗品-生产"]
["库位: 040","PS13","PS132-3875","精靠模;09-741; 005-3875","B",1,"EA",64,64,12310101,"低值易耗品-生产"]
["库位: 040","PS13","PS132-3877","精靠模;13001-2175; 005-3877","B",1,"EA",64,64,12310101,"低值易耗品-生产"]
["库位: 040","PS13","PS132-3878","精靠模;09-761; 005-3878","B",1,"EA",64,64,12310101,"低值易耗品-生产"]
["库位: 040","PS13","PS132-3879","精靠模;09-774; 005-3879","B",1,"EA",64,64,12310101,"低值易耗品-生产"]
["库位: 040","PS13","PS132-3881","精靠模;09-772; 005-3881","B",1,"EA",64,64,12310101,"低值易耗品-生产"]
["库位: 040","PS13","PS132-3882","精靠模;09-776; 005-3882","B",1,"EA",64,64,12310101,"低值易耗品-生产"]
["库位: 040","PS13","PS132-3883","精靠模;34CC; 005-3883","B",1,"EA",64,64,12310101,"低值易耗品-生产"]
["库位: 040","PS13","PS132-3884","精靠模;50CC; 005-3884","B",1,"EA",64,64,12310101,"低值易耗品-生产"]
["库位: 040","PS13","PS132-3885","精靠模;DY157FMJ; 005-3885","B",2,"EA",64,128,12310101,"低值易耗品-生产"]
["库位: 040","PS13","PS132-3886","精靠模;CG125; 005-3886","B",1,"EA",64,64,12310101,"低值易耗品-生产"]
["库位: 040","PS13","PS132-3887","精靠模;09-773; 005-3887","B",1,"EA",64,64,12310101,"低值易耗品-生产"]
["库位: 040","PS13","PS132-3888","精靠模;4Y-B; 005-3888","B",1,"EA",64,64,12310101,"低值易耗品-生产"]
["库位: 040","PS13","PS132-3889","精靠模;L110; 005-3889","B",1,"EA",64,64,12310101,"低值易耗品-生产"]
["库位: 040","PS13","PS132-3890","精靠模;GB5; 005-3890","B",1,"EA",64,64,12310101,"低值易耗品-生产"]
["库位: 040","PS13","PS132-3891","精靠模;GBO; 005-3891","B",1,"EA",64,64,12310101,"低值易耗品-生产"]
["库位: 040","PS13","PS132-3892","精靠模;09-813; 005-3892","B",1,"EA",64,64,12310101,"低值易耗品-生产"]
["库位: 040","PS13","PS132-3893","精靠模;09-783; 005-3893","B",1,"EA",64,64,12310101,"低值易耗品-生产"]
["库位: 040","PS13","PS132-3894","精靠模;09-779; 005-3894","B",1,"EA",64,64,12310101,"低值易耗品-生产"]
["库位: 040","PS13","PS132-3895","精靠模;09-800; 005-3895","B",1,"EA",64,64,12310101,"低值易耗品-生产"]
["库位: 040","PS13","PS132-3896","精靠模;09-785; 005-3896","B",1,"EA",64,64,12310101,"低值易耗品-生产"]
["库位: 040","PS13","PS132-3897","精靠模;09-780; 005-3897","B",1,"EA",64,64,12310101,"低值易耗品-生产"]
["库位: 040","PS13","PS132-3898","精靠模;ST188F; 005-3898","B",1,"EA",64,64,12310101,"低值易耗品-生产"]
["库位: 040","PS13","PS132-3899","精靠模;09-817; 005-3899","B",1,"EA",64,64,12310101,"低值易耗品-生产"]
["库位: 040","PS13","PS132-3901","精靠模;09-684; 005-3901","B",1,"EA",64,64,12310101,"低值易耗品-生产"]
["库位: 040","PS13","PS132-3904","精靠模;09-782; 005-3904","B",1,"EA",64,64,12310101,"低值易耗品-生产"]
["库位: 040","PS13","PS132-3905","精靠模;JOG50; 005-3905","B",1,"EA",64,64,12310101,"低值易耗品-生产"]
["库位: 040","PS13","PS132-3906","精靠模;C70; 005-3906","B",1,"EA",64,64,12310101,"低值易耗品-生产"]
["库位: 040","PS13","PS132-3907","精靠模;09-802; 005-3907","B",1,"EA",64,64,12310101,"低值易耗品-生产"]
["库位: 040","PS13","PS132-3908","精靠模;AX100; 005-3908","B",1,"EA",64,64,12310101,"低值易耗品-生产"]
["库位: 040","PS13","PS132-3909","精靠模;GN5; 005-3909","B",1,"EA",64,64,12310101,"低值易耗品-生产"]
["库位: 040","PS13","PS132-3910","精靠模;09-826; 005-3910","B",1,"EA",64,64,12310101,"低值易耗品-生产"]
["库位: 040","PS13","PS132-3911","精靠模;09-808; 005-3911","B",1,"EA",64,64,12310101,"低值易耗品-生产"]
["库位: 040","PS13","PS132-3912","精靠模;BM125; 005-3912","B",1,"EA",64,64,12310101,"低值易耗品-生产"]
["库位: 040","PS13","PS132-3913","精靠模;BM175; 005-3913","B",1,"EA",64,64,12310101,"低值易耗品-生产"]
["库位: 040","PS13","PS132-3914","精靠模;RXS; 005-3914","B",1,"EA",64,64,12310101,"低值易耗品-生产"]
["库位: 040","PS13","PS132-3915","精靠模;100-110P; 005-3915","B",1,"EA",64,64,12310101,"低值易耗品-生产"]
["库位: 040","PS13","PS132-3916","精靠模;09-662; 005-3916","B",1,"EA",64,64,12310101,"低值易耗品-生产"]
["库位: 040","PS13","PS132-3917","精靠模;100-06; 005-3917","B",1,"EA",64,64,12310101,"低值易耗品-生产"]
["库位: 040","PS13","PS132-3918","精靠模;100-104P; 005-3918","B",1,"EA",64,64,12310101,"低值易耗品-生产"]
["库位: 040","PS13","PS132-3919","精靠模;30911000102; 005-3919","B",1,"EA",64,64,12310101,"低值易耗品-生产"]
["库位: 040","PS13","PS132-3920","精靠模;031-52900-20A; 005-3920","B",1,"EA",64,64,12310101,"低值易耗品-生产"]
["库位: 040","PS13","PS132-3921","精靠模;100-06P; 005-3921","B",1,"EA",64,64,12310101,"低值易耗品-生产"]
["库位: 040","PS13","PS132-3922","精靠模;100-120; 005-3922","B",1,"EA",64,64,12310101,"低值易耗品-生产"]
["库位: 040","PS13","PS132-3923","精靠模;216744; 005-3923","B",2,"EA",64,128,12310101,"低值易耗品-生产"]
["库位: 040","PS13","PS132-3924","精靠模;L110; 005-3924","B",1,"EA",64,64,12310101,"低值易耗品-生产"]
["库位: 040","PS13","PS132-3925","精靠模;JH70; 005-3925","B",1,"EA",64,64,12310101,"低值易耗品-生产"]
["库位: 040","PS13","PS132-3926","精靠模;DY100; 005-3926","B",2,"EA",64,128,12310101,"低值易耗品-生产"]
["库位: 040","PS13","PS132-3927","精靠模;13101-OC6A-0000; 005-3927","B",2,"EA",64,128,12310101,"低值易耗品-生产"]
["库位: 040","PS13","PS132-3928","精靠模;13101-Z6L-0000; 005-3928","B",3,"EA",64,192,12310101,"低值易耗品-生产"]
["库位: 040","PS13","PS132-3929","精靠模;S481-超人; 005-3929","B",1,"EA",64,64,12310101,"低值易耗品-生产"]
["库位: 040","PS13","PS132-3930","精靠模;640354001L; 005-3930","B",2,"EA",64,128,12310101,"低值易耗品-生产"]
["库位: 040","PS13","PS132-3932","精靠模;L110; 005-3932","B",1,"EA",64,64,12310101,"低值易耗品-生产"]
["库位: 040","PS13","PS132-3933","精靠模;L110; 005-3933","B",1,"EA",64,64,12310101,"低值易耗品-生产"]
["库位: 040","PS13","PS132-3934","精靠模;CG125; 005-3934","B",1,"EA",64,64,12310101,"低值易耗品-生产"]
["库位: 040","PS13","PS132-3935","精靠模;7CT-1; 005-3935","B",1,"EA",64,64,12310101,"低值易耗品-生产"]
["库位: 040","PS13","PS132-3938","精靠模;A1A; 005-3938","B",2,"EA",64,128,12310101,"低值易耗品-生产"]
["库位: 040","PS13","PS132-3940","精靠模;216770; 005-3940","B",1,"EA",64,64,12310101,"低值易耗品-生产"]
["库位: 040","PS13","PS132-3943","精靠模;CB150改进; 005-3943","B",1,"EA",64,64,12310101,"低值易耗品-生产"]
["库位: 040","PS13","PS132-3945","精靠模;动力王125; 005-3945","B",1,"EA",64,64,12310101,"低值易耗品-生产"]
["库位: 040","PS13","PS132-3946","精靠模;动力王150; 005-3946","B",1,"EA",64,64,12310101,"低值易耗品-生产"]
["库位: 040","PS13","PS132-3949","精靠模;夺标50; 005-3949","B",1,"EA",64,64,12310101,"低值易耗品-生产"]
["库位: 040","PS13","PS132-3951","精靠模;12111-34H00; 005-3951","B",1,"EA",64,64,12310101,"低值易耗品-生产"]
["库位: 040","PS13","PS132-3954","精靠模;7DX; 005-3954","B",1,"EA",64,64,12310101,"低值易耗品-生产"]
["库位: 040","PS13","PS132-3955","精靠模;07WX1J0156; 005-3955","B",1,"EA",64,64,12310101,"低值易耗品-生产"]
["库位: 040","PS13","PS132-3958","精靠模;309110001RA; 005-3958","B",1,"EA",64,64,12310101,"低值易耗品-生产"]
["库位: 040","PS13","PS132-3959","精靠模;309110001RB; 005-3959","B",1,"EA",64,64,12310101,"低值易耗品-生产"]
["库位: 040","PS13","PS132-3960","精靠模;HL004; 005-3960","B",1,"EA",64,64,12310101,"低值易耗品-生产"]
["库位: 040","PS13","PS132-3961","精靠模;MANTIZ125; 005-3961","B",1,"EA",64,64,12310101,"低值易耗品-生产"]
["库位: 040","PS13","PS132-3962","精靠模;MIO; 005-3962","B",1,"EA",64,64,12310101,"低值易耗品-生产"]
["库位: 040","PS13","PS132-3963","精靠模;12111H50110; 005-3963","B",1,"EA",64,64,12310101,"低值易耗品-生产"]
["库位: 040","PS13","PS132-3964","精靠模;EX5; 005-3964","B",1,"EA",64,64,12310101,"低值易耗品-生产"]
["库位: 040","PS13","PS132-3965","精靠模;Y125Z; 005-3965","B",1,"EA",64,64,12310101,"低值易耗品-生产"]
["库位: 040","PS13","PS132-3966","精靠模;215831; 005-3966","B",2,"EA",64,128,12310101,"低值易耗品-生产"]
["库位: 040","PS13","PS132-3968","精靠模;JUPITERZ; 005-3968","B",1,"EA",64,64,12310101,"低值易耗品-生产"]
["库位: 040","PS13","PS132-3970","精靠模;5YP/LC135; 005-3970","B",1,"EA",64,64,12310101,"低值易耗品-生产"]
["库位: 040","PS13","PS132-3971","精靠模;KRISS; 005-3971","B",1,"EA",64,64,12310101,"低值易耗品-生产"]
["库位: 040","PS13","PS132-3972","精靠模;33CC; 005-3972","B",1,"EA",64,64,12310101,"低值易耗品-生产"]
["库位: 040","PS13","PS132-3974","精靠模;Y110; 005-3974","B",1,"EA",64,64,12310101,"低值易耗品-生产"]
["库位: 040","PS13","PS132-3976","精靠模;RXZ; 005-3976","B",1,"EA",64,64,12310101,"低值易耗品-生产"]
["库位: 040","PS13","PS132-3988","精靠模;474Q-B-11102; 005-3988","B",2,"EA",64,128,12310101,"低值易耗品-生产"]
["库位: 040","PS13","PS132-3989","精靠模;813267; 005-3989","B",3,"EA",64,192,12310101,"低值易耗品-生产"]
["库位: 040","PS13","PS132-3990","精靠模;KVR; 005-3990","B",2,"EA",64,128,12310101,"低值易耗品-生产"]
["库位: 040","PS13","PS132-3992","精靠模;474Q; 005-3992","B",1,"EA",64,64,12310101,"低值易耗品-生产"]
["库位: 040","PS13","PS132-3995","精靠模;07112; 005-3995","B",1,"EA",64,64,12310101,"低值易耗品-生产"]
["库位: 040","PS13","PS132-3996","精靠模;R270; 005-3996","B",1,"EA",64,64,12310101,"低值易耗品-生产"]
["库位: 040","PS13","PS132-3997","精靠模;R390; 005-3997","B",1,"EA",64,64,12310101,"低值易耗品-生产"]
["库位: 040","PS13","PS132-4005","精靠模;42CC-1; 005-4005","B",1,"EA",64,64,12310101,"低值易耗品-生产"]
["库位: 040","PS13","PS132-4006","精靠模;JLδ-4G20; 005-4006","B",1,"EA",64,64,12310101,"低值易耗品-生产"]
["库位: 040","PS13","PS132-4007","精靠模;F3; 005-4007","B",1,"EA",64,64,12310101,"低值易耗品-生产"]
["库位: 040","PS13","PS132-4008","精靠模;FG; 005-4008","B",1,"EA",64,64,12310101,"低值易耗品-生产"]
["库位: 040","PS13","PS132-4010","精靠模;9290-310502(原图) 005-4010","B",1,"EA",64,64,12310101,"低值易耗品-生产"]
["库位: 040","PS13","PS132-4011","精靠模;9290-310801-A (原图);005-4011","B",1,"EA",64,64,12310101,"低值易耗品-生产"]
["库位: 040","PS13","PS132-4013","精靠模;9290-334501(原图 005-4013","B",2,"EA",64,128,12310101,"低值易耗品-生产"]
["库位: 040","PS13","PS132-4014","精靠模;9290-31C201-A (原图);005-4014","B",1,"EA",64,64,12310101,"低值易耗品-生产"]
["库位: 040","PS13","PS132-4019","精靠模;09-790; 005-4019","B",1,"EA",64,64,12310101,"低值易耗品-生产"]
["库位: 040","PS13","PS132-4020","精靠模;9290-311501; 005-4020","B",1,"EA",64,64,12310101,"低值易耗品-生产"]
["库位: 040","PS13","PS132-4021","精靠模;100-20S; 005-4021","B",1,"EA",64,64,12310101,"低值易耗品-生产"]
["库位: 040","PS13","PS132-4022","精靠模;13101-SE1-0000; 005-4022","B",1,"EA",64,64,12310101,"低值易耗品-生产"]
["库位: 040","PS13","PS132-4023","精靠模;13101-BA1-0100; 005-4023","B",1,"EA",64,64,12310101,"低值易耗品-生产"]
["库位: 040","PS13","PS132-4025","精靠模;TN328; 005-4025","B",2,"EA",64,128,12310101,"低值易耗品-生产"]
["库位: 040","PS13","PS132-4027","精靠模;161QMK; 005-4027","B",1,"EA",64,64,12310101,"低值易耗品-生产"]
["库位: 040","PS13","PS132-4028","精靠模;KP13009AA; 005-4028","B",1,"EA",64,64,12310101,"低值易耗品-生产"]
["库位: 040","PS13","PS132-4030","精靠模;KP13008AA; 005-4030","B",1,"EA",64,64,12310101,"低值易耗品-生产"]
["库位: 040","PS13","PS132-4031","精靠模;KP14005AA; 005-4031","B",1,"EA",64,64,12310101,"低值易耗品-生产"]
["库位: 040","PS13","PS132-4032","精靠模;KP13028AA; 005-4032","B",1,"EA",64,64,12310101,"低值易耗品-生产"]
["库位: 040","PS13","PS132-4034","精靠模;NEH001-52001; 005-4034","B",1,"EA",64,64,12310101,"低值易耗品-生产"]
["库位: 040","PS13","PS132-4039","精靠模;173YMQ; 005-4039","B",1,"EA",64,64,12310101,"低值易耗品-生产"]
["库位: 040","PS13","PS132-4040","精靠模;2Y; 005-4040","B",1,"EA",64,64,12310101,"低值易耗品-生产"]
["库位: 040","PS13","PS132-4041","精靠模;09-650; 005-4041","B",1,"EA",64,64,12310101,"低值易耗品-生产"]
["库位: 040","PS13","PS132-4042","精靠模;09-609; 005-4042","B",1,"EA",64,64,12310101,"低值易耗品-生产"]
["库位: 040","PS13","PS132-4043","精靠模;09-683; 005-4043","B",1,"EA",64,64,12310101,"低值易耗品-生产"]
["库位: 040","PS13","PS132-4044","精靠模;09-719; 005-4044","B",1,"EA",64,64,12310101,"低值易耗品-生产"]
["库位: 040","PS13","PS132-4045","精靠模;09-718; 005-4045","B",1,"EA",64,64,12310101,"低值易耗品-生产"]
["库位: 040","PS13","PS132-4046","精靠模;09-709; 005-4046","B",1,"EA",64,64,12310101,"低值易耗品-生产"]
["库位: 040","PS13","PS132-4047","精靠模;09-657; 005-4047","B",1,"EA",64,64,12310101,"低值易耗品-生产"]
["库位: 040","PS13","PS132-4048","精靠模;09-806; 005-4048","B",1,"EA",64,64,12310101,"低值易耗品-生产"]
["库位: 040","PS13","PS132-4049","精靠模;09-731; 005-4049","B",1,"EA",64,64,12310101,"低值易耗品-生产"]
["库位: 040","PS13","PS132-4050","精靠模;09-721; 005-4050","B",1,"EA",64,64,12310101,"低值易耗品-生产"]
["库位: 040","PS13","PS132-4054","精靠模;GGC; 005-4054","B",1,"EA",64,64,12310101,"低值易耗品-生产"]
["库位: 040","PS13","PS132-4055","精靠模;G200; 005-4055","B",1,"EA",64,64,12310101,"低值易耗品-生产"]
["库位: 040","PS13","PS132-4057","精靠模;09-781; 005-4057","B",1,"EA",64,64,12310101,"低值易耗品-生产"]
["库位: 040","PS13","PS132-4058","精靠模;GX270; 005-4058","B",1,"EA",64,64,12310101,"低值易耗品-生产"]
["库位: 040","PS13","PS132-4059","精靠模;09-831; 005-4059","B",1,"EA",64,64,12310101,"低值易耗品-生产"]
["库位: 040","PS13","PS132-4060","精靠模;GX390; 005-4060","B",1,"EA",64,64,12310101,"低值易耗品-生产"]
["库位: 040","PS13","PS132-4065","精靠模;F8A; 005-4065","B",1,"EA",64,64,12310101,"低值易耗品-生产"]
["库位: 040","PS13","PS132-4067","精靠模;K90; 005-4067","B",1,"EA",64,64,12310101,"低值易耗品-生产"]
["库位: 040","PS13","PS132-4071","精靠模;52P; 005-4071","B",1,"EA",64,64,12310101,"低值易耗品-生产"]
["库位: 040","PS13","PS132-4073","精靠模;100-40; 005-4073","B",1,"EA",64,64,12310101,"低值易耗品-生产"]
["库位: 040","PS13","PS132-4075","精靠模;12111H37000H000; 005-4075","B",1,"EA",64,64,12310101,"低值易耗品-生产"]
["库位: 040","PS13","PS132-4084","精靠模;139QMA; 005-4084","B",1,"EA",64,64,12310101,"低值易耗品-生产"]
["库位: 040","PS13","PS132-4086","精靠模;19074; 005-4086","B",1,"EA",64,64,12310101,"低值易耗品-生产"]
["库位: 040","PS13","PS132-4087","精靠模;CF196S; 005-4087","B",1,"EA",64,64,12310101,"低值易耗品-生产"]
["库位: 040","PS13","PS132-4090","精靠模;CF191; 005-4090","B",1,"EA",64,64,12310101,"低值易耗品-生产"]
["库位: 040","PS13","PS132-4092","精靠模;EH050-52001-4; 005-4092","B",1,"EA",64,64,12310101,"低值易耗品-生产"]
["库位: 040","PS13","PS132-4095","精靠模;E300814; 005-4095","B",1,"EA",64,64,12310101,"低值易耗品-生产"]
["库位: 040","PS13","PS132-4097","精靠模;309110001(03); 005-4097","B",1,"EA",64,64,12310101,"低值易耗品-生产"]
["库位: 040","PS13","PS132-4098","精靠模;5192502000; 005-4098","B",1,"EA",64,64,12310101,"低值易耗品-生产"]
["库位: 040","PS13","PS132-4103","精靠模;CF188; 005-4103","B",1,"EA",64,64,12310101,"低值易耗品-生产"]
["库位: 040","PS13","PS132-4106","精靠模;4G63-JYH; 005-4106","B",4,"EA",64,256,12310101,"低值易耗品-生产"]
["库位: 040","PS13","PS132-4107","精靠模;1110B508; 005-4107","B",1,"EA",64,64,12310101,"低值易耗品-生产"]
["库位: 040","PS13","PS132-4109","精靠模;SE1; 005-4109","B",1,"EA",64,64,12310101,"低值易耗品-生产"]
["库位: 040","PS13","PS132-4110","精靠模;SMD323828; 005-4110","B",2,"EA",64,128,12310101,"低值易耗品-生产"]
["库位: 040","PS13","PS132-4112","精靠模;4G69G; 005-4112","B",3,"EA",64,192,12310101,"低值易耗品-生产"]
["库位: 040","PS13","PS132-4114","精靠模;162FMJ; 005-4114","B",1,"EA",64,64,12310101,"低值易耗品-生产"]
["库位: 040","PS13","PS132-4116","精靠模;ML-4C; 005-4116","B",1,"EA",64,64,12310101,"低值易耗品-生产"]
["库位: 040","PS13","PS132-4119","精靠模;JUPITER; 005-4119","B",1,"EA",64,64,12310101,"低值易耗品-生产"]
["库位: 040","PS13","PS132-4120","精靠模;2TZ; 005-4120","B",1,"EA",64,64,12310101,"低值易耗品-生产"]
["库位: 040","PS13","PS132-4123","精靠模;K009-004-A001-00; 005-4123","B",1,"EA",64,64,12310101,"低值易耗品-生产"]
["库位: 040","PS13","PS132-4126","精靠模;4G69FR; 005-4126","B",1,"EA",64,64,12310101,"低值易耗品-生产"]
["库位: 040","PS13","PS132-4127","精靠模;530012358; 005-4127","B",1,"EA",64,64,12310101,"低值易耗品-生产"]
["库位: 040","PS13","PS132-4128","精靠模;JL1000; 005-4128","B",1,"EA",64,64,12310101,"低值易耗品-生产"]
["库位: 040","PS13","PS132-4129","精靠模;4A13; 005-4129","B",1,"EA",64,64,12310101,"低值易耗品-生产"]
["库位: 040","PS13","PS132-4130","精靠模;4A15; 005-4130","B",1,"EA",64,64,12310101,"低值易耗品-生产"]
["库位: 040","PS13","PS132-4131","精靠模;CG200; 005-4131","B",1,"EA",64,64,12310101,"低值易耗品-生产"]
["库位: 040","PS13","PS132-4133","精靠模;KG365; 005-4133","B",1,"EA",64,64,12310101,"低值易耗品-生产"]
["库位: 040","PS13","PS132-4135","精靠模;510223801; 005-4135","B",3,"EA",64,192,12310101,"低值易耗品-生产"]
["库位: 040","PS13","PS132-4136","精靠模;693200058-1; 005-4136","B",1,"EA",64,64,12310101,"低值易耗品-生产"]
["库位: 040","PS13","PS132-4140","精靠模;CG250; 005-4140","B",1,"EA",64,64,12310101,"低值易耗品-生产"]
["库位: 040","PS13","PS132-4141","精靠模;E100376; 005-4141","B",1,"EA",64,64,12310101,"低值易耗品-生产"]
["库位: 040","PS13","PS132-4142","精靠模;004-0436-00; 005-4142","B",1,"EA",64,64,12310101,"低值易耗品-生产"]
["库位: 040","PS13","PS132-4143","精靠模;004-0437-00; 005-4143","B",1,"EA",64,64,12310101,"低值易耗品-生产"]
["库位: 040","PS13","PS132-4144","精靠模;004-0438-00; 005-4144","B",1,"EA",64,64,12310101,"低值易耗品-生产"]
["库位: 040","PS13","PS132-4145","精靠模;004-0439-00; 005-4145","B",1,"EA",64,64,12310101,"低值易耗品-生产"]
["库位: 040","PS13","PS132-4146","精靠模;004-0440-00; 005-4146","B",1,"EA",64,64,12310101,"低值易耗品-生产"]
["库位: 040","PS13","PS132-4148","精靠模;E1003252; 005-4148","B",1,"EA",64,64,12310101,"低值易耗品-生产"]
["库位: 040","PS13","PS132-4153","精靠模;50CC; 005-4153","B",1,"EA",64,64,12310101,"低值易耗品-生产"]
["库位: 040","PS13","PS132-4154","精靠模;09-829; 005-4154","B",1,"EA",64,64,12310101,"低值易耗品-生产"]
["库位: 040","PS13","PS132-4155","精靠模;216831; 005-4155","B",1,"EA",64,64,12310101,"低值易耗品-生产"]
["库位: 040","PS13","PS132-4157","精靠模;CG200-B; 005-4157","B",1,"EA",64,64,12310101,"低值易耗品-生产"]
["库位: 040","PS13","PS132-4158","精靠模;3RZ; 005-4158","B",1,"EA",64,64,12310101,"低值易耗品-生产"]
["库位: 040","PS13","PS132-4159","精靠模;09-695; 005-4159","B",1,"EA",64,64,12310101,"低值易耗品-生产"]
["库位: 040","PS13","PS132-4160","精靠模;MW251240; 005-4160","B",1,"EA",64,64,12310101,"低值易耗品-生产"]
["库位: 040","PS13","PS132-4161","精靠模;09-714; 005-4161","B",1,"EA",64,64,12310101,"低值易耗品-生产"]
["库位: 040","PS13","PS132-4162","精靠模;09-726; 005-4162","B",1,"EA",64,64,12310101,"低值易耗品-生产"]
["库位: 040","PS13","PS132-4163","精靠模;动力王125G; 005-4163","B",1,"EA",64,64,12310101,"低值易耗品-生产"]
["库位: 040","PS13","PS132-4164","精靠模;动力王150G; 005-4164","B",1,"EA",64,64,12310101,"低值易耗品-生产"]
["库位: 040","PS13","PS132-4165","精靠模;09-713; 005-4165","B",1,"EA",64,64,12310101,"低值易耗品-生产"]
["库位: 040","PS13","PS132-4166","精靠模;E100335; 005-4166","B",1,"EA",64,64,12310101,"低值易耗品-生产"]
["库位: 040","PS13","PS132-4167","精靠模;28923401H3; 005-4167","B",1,"EA",64,64,12310101,"低值易耗品-生产"]
["库位: 040","PS13","PS132-4172","精靠模;CF83; 005-4172","B",1,"EA",64,64,12310101,"低值易耗品-生产"]
["库位: 040","PS13","PS132-4175","精靠模;T125改进; 005-4175","B",1,"EA",64,64,12310101,"低值易耗品-生产"]
["库位: 040","PS13","PS132-4176","精靠模;3HC; 005-4176","B",1,"EA",64,64,12310101,"低值易耗品-生产"]
["库位: 040","PS13","PS132-4177","精靠模;100-100P; 005-4177","B",1,"EA",64,64,12310101,"低值易耗品-生产"]
["库位: 040","PS13","PS132-4178","精靠模;150 005-4178","B",2,"EA",64,128,12310101,"低值易耗品-生产"]
["库位: 040","PS13","PS132-4179","精靠模;E200008; 005-4179","B",1,"EA",64,64,12310101,"低值易耗品-生产"]
["库位: 040","PS13","PS132-4180","精靠模;44CC; 005-4180","B",1,"EA",64,64,12310101,"低值易耗品-生产"]
["库位: 040","PS13","PS132-4182","精靠模;KRH; 005-4182","B",1,"EA",64,64,12310101,"低值易耗品-生产"]
["库位: 040","PS13","PS132-4188","精靠模;AX115; 005-4188","B",1,"EA",64,64,12310101,"低值易耗品-生产"]
["库位: 040","PS13","PS132-4189","精靠模;031-04050-200; 005-4189","B",1,"EA",64,64,12310101,"低值易耗品-生产"]
["库位: 040","PS13","PS132-4191","精靠模;031-07300-200; 005-4191","B",2,"EA",64,128,12310101,"低值易耗品-生产"]
["库位: 040","PS13","PS132-4195","精靠模;JLr-4G15D; 005-4195","B",1,"EA",64,64,12310101,"低值易耗品-生产"]
["库位: 040","PS13","PS132-4197","精靠模;PS; 005-4197","B",2,"EA",64,128,12310101,"低值易耗品-生产"]
["库位: 040","PS13","PS132-4201","精靠模;E100714; 005-4201","B",1,"EA",64,64,12310101,"低值易耗品-生产"]
["库位: 040","PS13","PS132-4202","精靠模;E200672; 005-4202","B",1,"EA",64,64,12310101,"低值易耗品-生产"]
["库位: 040","PS13","PS132-4203","精靠模;E200847; 005-4203","B",1,"EA",64,64,12310101,"低值易耗品-生产"]
["库位: 040","PS13","PS132-4205","精靠模;DD283MX; 005-4205","B",1,"EA",64,64,12310101,"低值易耗品-生产"]
["库位: 040","PS13","PS132-4208","精靠模;QJ2V41FMI; 005-4208","B",1,"EA",64,64,12310101,"低值易耗品-生产"]
["库位: 040","PS13","PS132-4211","精靠模;17723441H1; 005-4211","B",1,"EA",64,64,12310101,"低值易耗品-生产"]
["库位: 040","PS13","PS132-4212","精靠模;RV100; 005-4212","B",1,"EA",64,64,12310101,"低值易耗品-生产"]
["库位: 040","PS13","PS132-4213","精靠模;5226213(D41); 005-4213","B",1,"EA",64,64,12310101,"低值易耗品-生产"]
["库位: 040","PS13","PS132-4218","精靠模;545-231201; 005-4218","B",1,"EA",64,64,12310101,"低值易耗品-生产"]
["库位: 040","PS13","PS132-4219","精靠模;09-717; 005-4219","B",1,"EA",64,64,12310101,"低值易耗品-生产"]
["库位: 040","PS13","PS132-4221","精靠模;12111-05500; 005-4221","B",1,"EA",64,64,12310101,"低值易耗品-生产"]
["库位: 040","PS13","PS132-4222","精靠模;KCC; 005-4222","B",1,"EA",64,64,12310101,"低值易耗品-生产"]
["库位: 040","PS13","PS132-4223","精靠模;4S; 005-4223","B",1,"EA",64,64,12310101,"低值易耗品-生产"]
["库位: 040","PS13","PS132-4226","精靠模;RV340; 005-4226","B",1,"EA",64,64,12310101,"低值易耗品-生产"]
["库位: 040","PS13","PS132-4227","精靠模;1TZ; 005-4227","B",1,"EA",64,64,12310101,"低值易耗品-生产"]
["库位: 040","PS13","PS132-4230","精靠模;309110001(05); 005-4230","B",1,"EA",64,64,12310101,"低值易耗品-生产"]
["库位: 040","PS13","PS132-4235","精靠模;4JB1-1; 005-4235","B",1,"EA",64,64,12310101,"低值易耗品-生产"]
["库位: 040","PS13","PS132-4238","精靠模;BZ150QMG; 005-4238","B",1,"EA",64,64,12310101,"低值易耗品-生产"]
["库位: 040","PS13","PS132-4240","精靠模;TM156FMI-1; 005-4240","B",1,"EA",64,64,12310101,"低值易耗品-生产"]
["库位: 040","PS13","PS132-4242","精靠模;13001-0773B; 005-4242","B",1,"EA",64,64,12310101,"低值易耗品-生产"]
["库位: 040","PS13","PS132-4243","精靠模;EJ010-52001; 005-4243","B",1,"EA",64,64,12310101,"低值易耗品-生产"]
["库位: 040","PS13","PS132-4246","精靠模;7B1; 005-4246","B",1,"EA",64,64,12310101,"低值易耗品-生产"]
["库位: 040","PS13","PS132-4247","精靠模;帕萨特; 005-4247","B",1,"EA",64,64,12310101,"低值易耗品-生产"]
["库位: 040","PS13","PS132-4250","精靠模;100-135S; 005-4250","B",1,"EA",64,64,12310101,"低值易耗品-生产"]
["库位: 040","PS13","PS132-4251","精靠模;640995001E; 005-4251","B",1,"EA",64,64,12310101,"低值易耗品-生产"]
["库位: 040","PS13","PS132-4252","精靠模;1P39QMB; 005-4252","B",1,"EA",64,64,12310101,"低值易耗品-生产"]
["库位: 040","PS13","PS132-4254","精靠模;YY500CC; 005-4254","B",1,"EA",64,64,12310101,"低值易耗品-生产"]
["库位: 040","PS13","PS132-4255","精靠模;豪迈50W; 005-4255","B",1,"EA",64,64,12310101,"低值易耗品-生产"]
["库位: 040","PS13","PS132-4256","精靠模;CA4GA1; 005-4256","B",3,"EA",64,192,12310101,"低值易耗品-生产"]
["库位: 040","PS13","PS132-4259","精靠模;50-310P 005-4259","C",1,"EA",64,64,12310101,"低值易耗品-生产"]
["库位: 040","PS13","PS132-4260","精靠模;C215138; 005-4260","B",1,"EA",64,64,12310101,"低值易耗品-生产"]
["库位: 040","PS13","PS132-4261","精靠模;C215159; 005-4261","B",1,"EA",64,64,12310101,"低值易耗品-生产"]
["库位: 040","PS13","PS132-4262","精靠模;SRL110-52; 005-4262","B",1,"EA",64,64,12310101,"低值易耗品-生产"]
["库位: 040","PS13","PS132-4267","精靠模;E100865; 005-4267","B",2,"EA",64,128,12310101,"低值易耗品-生产"]
["库位: 040","PS13","PS132-4269","精靠模;4G13; 005-4269","B",1,"EA",64,64,12310101,"低值易耗品-生产"]
["库位: 040","PS13","PS132-4271","精靠模;ML-4C镀铁; 005-4271","B",1,"EA",64,64,12310101,"低值易耗品-生产"]
["库位: 040","PS13","PS132-4273","精靠模;2RZ; 005-4273","B",1,"EA",64,64,12310101,"低值易耗品-生产"]
["库位: 040","PS13","PS132-4274","精靠模;E100666; 005-4274","B",1,"EA",64,64,12310101,"低值易耗品-生产"]
["库位: 040","PS13","PS132-4282","精靠模;CF196S-1; 005-4282","B",1,"EA",64,64,12310101,"低值易耗品-生产"]
["库位: 040","PS13","PS132-4285","精靠模;UDA; 005-4285","B",1,"EA",64,64,12310101,"低值易耗品-生产"]
["库位: 040","PS13","PS132-4292","精靠模;5VL 005-4292","B",2,"EA",64,128,12310101,"低值易耗品-生产"]
["库位: 040","PS13","PS132-4293","精靠模;64035000301手改版 005-4293","B",1,"EA",64,64,12310101,"低值易耗品-生产"]
["库位: 040","PS13","PS132-4294","精靠模;CG150(BY); 005-4294","B",1,"EA",64,64,12310101,"低值易耗品-生产"]
["库位: 040","PS13","PS132-4295","精靠模;LF125; 005-4298","B",1,"EA",64,64,12310101,"低值易耗品-生产"]
["库位: 040","PS13","PS132-4298","精靠模;575-504301; 005-4298","B",1,"EA",64,64,12310101,"低值易耗品-生产"]
["库位: 040","PS13","PS132-4299","精靠模;B5U-T; 005-4299","B",1,"EA",64,64,12310101,"低值易耗品-生产"]
["库位: 040","PS13","PS132-4300","精靠模;845311; 005-4300","B",1,"EA",64,64,12310101,"低值易耗品-生产"]
["库位: 040","PS13","PS132-4301","精靠模;5766903-01 005-4301","B",1,"EA",64,64,12310101,"低值易耗品-生产"]
["库位: 040","PS13","PS132-4302","精靠模;82972R(878847); 005-4302","B",1,"EA",64,64,12310101,"低值易耗品-生产"]
["库位: 040","PS13","PS132-4304","精靠模;004-0286-16; 005-4304","B",1,"EA",64,64,12310101,"低值易耗品-生产"]
["库位: 040","PS13","PS132-4308","精靠模;EG132-52001; 005-4308","B",1,"EA",64,64,12310101,"低值易耗品-生产"]
["库位: 040","PS13","PS132-4311","精靠模;SE1-T; 005-4311","B",1,"EA",64,64,12310101,"低值易耗品-生产"]
["库位: 040","PS13","PS132-4312","精靠模;WAVE125; 005-4312","B",1,"EA",64,64,12310101,"低值易耗品-生产"]
["库位: 040","PS13","PS132-4328","精靠模;004-0466-00; 005-4328","B",1,"EA",64,64,12310101,"低值易耗品-生产"]
["库位: 040","PS13","PS132-4329","精靠模;004-0468-00; 005-4329","B",1,"EA",64,64,12310101,"低值易耗品-生产"]
["库位: 040","PS13","PS132-4333","精靠模;WAVE100; 005-4333","B",1,"EA",64,64,12310101,"低值易耗品-生产"]
["库位: 040","PS13","PS132-4334","精靠模;RG110; 005-4334","B",1,"EA",64,64,12310101,"低值易耗品-生产"]
["库位: 040","PS13","PS132-4335","精靠模;GBO; 005-4335","B",1,"EA",64,64,12310101,"低值易耗品-生产"]
["库位: 040","PS13","PS132-4337","精靠模;004-0467-00; 005-4337","B",1,"EA",64,64,12310101,"低值易耗品-生产"]
["库位: 040","PS13","PS132-4338","精靠模;Y100; 005-4338","B",1,"EA",64,64,12310101,"低值易耗品-生产"]
["库位: 040","PS13","PS132-4341","精靠模;100-15; 005-4341","B",1,"EA",64,64,12310101,"低值易耗品-生产"]
["库位: 040","PS13","PS132-4342","精靠模;100-265; 005-4342","B",1,"EA",64,64,12310101,"低值易耗品-生产"]
["库位: 040","PS13","PS132-4344","精靠模;100-102; 005-4344","B",1,"EA",64,64,12310101,"低值易耗品-生产"]
["库位: 040","PS13","PS132-4345","精靠模;100-101; 005-4345","B",1,"EA",64,64,12310101,"低值易耗品-生产"]
["库位: 040","PS13","PS132-4350","精靠模;劲豹150; 005-4350","B",1,"EA",64,64,12310101,"低值易耗品-生产"]
["库位: 040","PS13","PS132-4351","精靠模;TJ45E-JCC; 005-4351","B",1,"EA",64,64,12310101,"低值易耗品-生产"]
["库位: 040","PS13","PS132-4352","精靠模;149QMG; 005-4352","B",1,"EA",64,64,12310101,"低值易耗品-生产"]
["库位: 040","PS13","PS132-4353","精靠模;318665-7; 005-4353","B",2,"EA",64,128,12310101,"低值易耗品-生产"]
["库位: 040","PS13","PS132-4354","精靠模;13001-2195; 005-4354","B",1,"EA",64,64,12310101,"低值易耗品-生产"]
["库位: 040","PS13","PS132-4356","精靠模;D22A; 005-4356","B",1,"EA",64,64,12310101,"低值易耗品-生产"]
["库位: 040","PS13","PS132-4358","精靠模;RV110; 005-4358","B",1,"EA",64,64,12310101,"低值易耗品-生产"]
["库位: 040","PS13","PS132-4361","精靠模;UAA; 005-4361","B",1,"EA",64,64,12310101,"低值易耗品-生产"]
["库位: 040","PS13","PS132-4366","精靠模;100-134S; 005-4366","B",1,"EA",64,64,12310101,"低值易耗品-生产"]
["库位: 040","PS13","PS132-4369","精靠模;M01G1004102; 005-4369","B",1,"EA",64,64,12310101,"低值易耗品-生产"]
["库位: 040","PS13","PS132-4370","精靠模;M05G1004102; 005-4370","B",1,"EA",64,64,12310101,"低值易耗品-生产"]
["库位: 040","PS13","PS132-4381","精靠模;Φ86活塞; 005-4381","B",1,"EA",64,64,12310101,"低值易耗品-生产"]
["库位: 040","PS13","PS132-4386","精靠模;479Q-11102; 005-4386","B",1,"EA",64,64,12310101,"低值易耗品-生产"]
["库位: 040","PS13","PS132-4387","精靠模;WY100; 005-4387","B",1,"EA",64,64,12310101,"低值易耗品-生产"]
["库位: 040","PS13","PS132-4388","精靠模;1004016-476; 005-4388","B",1,"EA",64,64,12310101,"低值易耗品-生产"]
["库位: 040","PS13","PS132-4390","精靠模;HL015; 005-4390","B",1,"EA",64,64,12310101,"低值易耗品-生产"]
["库位: 040","PS13","PS132-4392","精靠模;4G15S2-1004001; 005-4392","B",1,"EA",64,64,12310101,"低值易耗品-生产"]
["库位: 040","PS13","PS132-4394","精靠模;UBA; 005-4394","B",1,"EA",64,64,12310101,"低值易耗品-生产"]
["库位: 040","PS13","PS132-4398","精靠模;C210834 005-4398","B",1,"EA",64,64,12310101,"低值易耗品-生产"]
["库位: 040","PS13","PS132-4401","精靠模;KZL; 005-4401","B",1,"EA",64,64,12310101,"低值易耗品-生产"]
["库位: 040","PS13","PS132-4402","精靠模;1130-034-0506-A; 005-4402","B",1,"EA",64,64,12310101,"低值易耗品-生产"]
["库位: 040","PS13","PS132-4405","精靠模;318853*6 005-4405","B",2,"EA",64,128,12310101,"低值易耗品-生产"]
["库位: 040","PS13","PS132-4406","精靠模;XB100 005-4406","B",1,"EA",64,64,12310101,"低值易耗品-生产"]
["库位: 040","PS13","PS132-4407","精靠模;E202551 005-4407","B",2,"EA",64,128,12310101,"低值易耗品-生产"]
["库位: 040","PS13","PS132-4411","精靠模;B013658; 005-4411","B",1,"EA",64,64,12310101,"低值易耗品-生产"]
["库位: 040","PS13","PS132-4412","精靠模;E1067-52001; 005-4412","B",1,"EA",64,64,12310101,"低值易耗品-生产"]
["库位: 040","PS13","PS132-4413","精靠模;E202968; 005-4413","B",1,"EA",64,64,12310101,"低值易耗品-生产"]
["库位: 040","PS13","PS132-4420","精靠模;13001-2198; 005-4420","B",1,"EA",64,64,12310101,"低值易耗品-生产"]
["库位: 040","PS13","PS132-4423","精靠模;13001-2199; 005-4423","B",1,"EA",64,64,12310101,"低值易耗品-生产"]
["库位: 040","PS13","PS132-4424","精靠模;13001-2200; 005-4424","B",1,"EA",64,64,12310101,"低值易耗品-生产"]
["库位: 040","PS13","PS132-4426","精靠模;F28-2; 005-4426","B",1,"EA",64,64,12310101,"低值易耗品-生产"]
["库位: 040","PS13","PS132-4430","精靠模;E101823; 005-4430","B",1,"EA",64,64,12310101,"低值易耗品-生产"]
["库位: 040","PS13","PS132-4432","精靠模;AWA; 005-4432","B",1,"EA",64,64,12310101,"低值易耗品-生产"]
["库位: 040","PS13","PS132-4433","精靠模;13001-2201; 005-4433","B",1,"EA",64,64,12310101,"低值易耗品-生产"]
["库位: 040","PS13","PS132-4436","精靠模;13001-2202; 005-4436","B",1,"EA",64,64,12310101,"低值易耗品-生产"]
["库位: 040","PS13","PS132-4437","精靠模;4G15S2-1004010; 005-4437","B",1,"EA",64,64,12310101,"低值易耗品-生产"]
["库位: 040","PS13","PS132-4438","精靠模;476Q-1004020; 005-4438","B",1,"EA",64,64,12310101,"低值易耗品-生产"]
["库位: 040","PS13","PS132-4442","精靠模;308677001B; 005-4442","B",1,"EA",64,64,12310101,"低值易耗品-生产"]
["库位: 040","PS13","PS132-4443","精靠模;EI995-52001; 005-4443","B",1,"EA",64,64,12310101,"低值易耗品-生产"]
["库位: 040","PS13","PS132-4465","精靠模;09-687; 005-4465","B",1,"EA",64,64,12310101,"低值易耗品-生产"]
["库位: 040","PS13","PS132-4466","精靠模;12111-07000; 005-4466","B",1,"EA",64,64,12310101,"低值易耗品-生产"]
["库位: 040","PS13","PS132-4467","精靠模;100-30S; 005-4467","B",1,"EA",64,64,12310101,"低值易耗品-生产"]
["库位: 040","PS13","PS132-4469","精靠模;318441A9; 005-4469","B",1,"EA",64,64,12310101,"低值易耗品-生产"]
["库位: 040","PS13","PS132-4474","精靠模;100-45P; 005-4474","B",1,"EA",64,64,12310101,"低值易耗品-生产"]
["库位: 040","PS13","PS132-4475","精靠模;1P50QMG-B; 005-4475","B",1,"EA",64,64,12310101,"低值易耗品-生产"]
["库位: 040","PS13","PS132-4480","精靠模;1P72MM; 005-4480","B",2,"EA",64,128,12310101,"低值易耗品-生产"]
["库位: 040","PS13","PS132-4482","精靠模;MW250887-1; 005-4482","B",1,"EA",64,64,12310101,"低值易耗品-生产"]
["库位: 040","PS13","PS132-4484","精靠模;7VB; 005-4484","B",1,"EA",64,64,12310101,"低值易耗品-生产"]
["库位: 040","PS13","PS132-4486","精靠模;E102986; 005-4486","B",1,"EA",64,64,12310101,"低值易耗品-生产"]
["库位: 040","PS13","PS132-4487","精靠模;KYY; 005-4487","B",4,"EA",64,256,12310101,"低值易耗品-生产"]
["库位: 040","PS13","PS132-4488","精靠模;4G18S2-1004001; 005-4488","B",1,"EA",64,64,12310101,"低值易耗品-生产"]
["库位: 040","PS13","PS132-4490","精靠模;843281; 005-4490","B",1,"EA",64,64,12310101,"低值易耗品-生产"]
["库位: 040","PS13","PS132-4491","精靠模;CG125 2009; 005-4491","B",2,"EA",64,128,12310101,"低值易耗品-生产"]
["库位: 040","PS13","PS132-4492","精靠模;SE1-T2; 005-4492","B",1,"EA",64,64,12310101,"低值易耗品-生产"]
["库位: 040","PS13","PS132-4493","精靠模;EX210J0927 005-4493","B",1,"EA",64,64,12310101,"低值易耗品-生产"]
["库位: 040","PS13","PS132-4494","精靠模;841126SK1 005-4494","B",1,"EA",64,64,12310101,"低值易耗品-生产"]
["库位: 040","PS13","PS132-4495","精靠模;807087SK1 005-4495","B",1,"EA",64,64,12310101,"低值易耗品-生产"]
["库位: 040","PS13","PS132-4496","精靠模;7KB 005-4496","B",1,"EA",64,64,12310101,"低值易耗品-生产"]
["库位: 040","PS13","PS132-4497","精靠模;51CC; 005-4497","B",1,"EA",64,64,12310101,"低值易耗品-生产"]
["库位: 040","PS13","PS132-4498","精靠模;K6020120丝网印刷; 005-4498","B",1,"EA",64,64,12310101,"低值易耗品-生产"]
["库位: 040","PS13","PS132-4499","精靠模;4G13S2-1004010; 005-4499","B",1,"EA",64,64,12310101,"低值易耗品-生产"]
["库位: 040","PS13","PS132-4504","精靠模;13001-2207 005-4504","B",1,"EA",64,64,12310101,"低值易耗品-生产"]
["库位: 040","PS13","PS132-4505","精靠模;3A10 005-4505","B",1,"EA",64,64,12310101,"低值易耗品-生产"]
["库位: 040","PS13","PS132-4506","精靠模;4G15M2-1004001 005-4506","B",1,"EA",64,64,12310101,"低值易耗品-生产"]
["库位: 040","PS13","PS132-4507","精靠模;004-0286-55; 005-4507","B",1,"EA",64,64,12310101,"低值易耗品-生产"]
["库位: 040","PS13","PS132-4511","精靠模;13001-2206; 005-4511","B",1,"EA",64,64,12310101,"低值易耗品-生产"]
["库位: 040","PS13","PS132-4512","精靠模;13001-2205; 005-4512","B",1,"EA",64,64,12310101,"低值易耗品-生产"]
["库位: 040","PS13","PS132-4513","精靠模;308677001C1; 005-4513","B",1,"EA",64,64,12310101,"低值易耗品-生产"]
["库位: 040","PS13","PS132-4514","精靠模;070活塞; 005-4514","B",1,"EA",64,64,12310101,"低值易耗品-生产"]
["库位: 040","PS13","PS132-4515","精靠模;308677001A1; 005-4515","B",1,"EA",64,64,12310101,"低值易耗品-生产"]
["库位: 040","PS13","PS132-4517","精靠模;308677001B1; 005-4517","B",1,"EA",64,64,12310101,"低值易耗品-生产"]
["库位: 040","PS13","PS132-4522","精靠模;13001-2209; 005-4522","B",1,"EA",64,64,12310101,"低值易耗品-生产"]
["库位: 040","PS13","PS132-4523","精靠模;1JD; 005-4523","B",1,"EA",64,64,12310101,"低值易耗品-生产"]
["库位: 040","PS13","PS132-4525","精靠模;D22A-4; 005-4525","B",1,"EA",64,64,12310101,"低值易耗品-生产"]
["库位: 040","PS13","PS132-4527","精靠模;13001-2204; 005-4527","B",1,"EA",64,64,12310101,"低值易耗品-生产"]
["库位: 040","PS13","PS132-4528","精靠模;13001-2210 005-4528","B",1,"EA",64,64,12310101,"低值易耗品-生产"]
["库位: 040","PS13","PS132-4529","精靠模;163QML 005-4529","B",1,"EA",64,64,12310101,"低值易耗品-生产"]
["库位: 040","PS13","PS132-4530","精靠模;Z1LA-W1; 005-4530","B",1,"EA",64,64,12310101,"低值易耗品-生产"]
["库位: 040","PS13","PS132-4531","精靠模;Z1LA-W2; 005-4531","B",1,"EA",64,64,12310101,"低值易耗品-生产"]
["库位: 040","PS13","PS132-4532","精靠模;E100349; 005-4532","B",1,"EA",64,64,12310101,"低值易耗品-生产"]
["库位: 040","PS13","PS132-4533","精靠模;50CC; 005-4533","B",2,"EA",64,128,12310101,"低值易耗品-生产"]
["库位: 040","PS13","PS132-4535","精靠模;KPH-1网印; 005-4535","B",1,"EA",64,64,12310101,"低值易耗品-生产"]
["库位: 040","PS13","PS132-4539","精靠模;12111QK10020; 005-4539","B",1,"EA",64,64,12310101,"低值易耗品-生产"]
["库位: 040","PS13","PS132-4543","精靠模;T5C; 005-4543","B",1,"EA",64,64,12310101,"低值易耗品-生产"]
["库位: 040","PS13","PS132-4545","精靠模13101-XJ4A-J000-Z1 005-4545","B",1,"EA",64,64,12310101,"低值易耗品-生产"]
["库位: 040","PS13","PS132-4550","精靠模;4G18S2-1004010 005-4550","B",1,"EA",64,64,12310101,"低值易耗品-生产"]
["库位: 040","PS13","PS132-4551","精靠模;476Q-JL-1004001 005-4551","B",2,"EA",64,128,12310101,"低值易耗品-生产"]
["库位: 040","PS13","PS132-4552","精靠模;DAGC100420 005-4552","B",1,"EA",64,64,12310101,"低值易耗品-生产"]
["库位: 040","PS13","PS132-4553","精靠模;DAGC100410 005-4553","B",1,"EA",64,64,12310101,"低值易耗品-生产"]
["库位: 040","PS13","PS132-4554","精靠模;471Q-A5-1004010 005-4554","B",2,"EA",64,128,12310101,"低值易耗品-生产"]
["库位: 040","PS13","PS132-4556","精靠模;GGM 005-4556","B",1,"EA",64,64,12310101,"低值易耗品-生产"]
["库位: 040","PS13","PS132-4557","精靠模;13001-2203 005-4557","B",1,"EA",64,64,12310101,"低值易耗品-生产"]
["库位: 040","PS13","PS132-4558","精靠模;13001-2208 005-4558","B",1,"EA",64,64,12310101,"低值易耗品-生产"]
["库位: 040","PS13","PS132-4559","精靠模;4G20B; 005-4559","B",1,"EA",64,64,12310101,"低值易耗品-生产"]
["库位: 040","PS13","PS132-4560","精靠模;B3U 005-4560","B",1,"EA",64,64,12310101,"低值易耗品-生产"]
["库位: 040","PS13","PS132-4562","精靠模;13101-SEB-0000 005-4562","B",1,"EA",64,64,12310101,"低值易耗品-生产"]
["库位: 040","PS13","PS132-4563","精靠模;FK-125A-0610001 005-4563","B",1,"EA",64,64,12310101,"低值易耗品-生产"]
["库位: 040","PS13","PS132-4564","精靠模;474Q-C-11102 005-4564","B",3,"EA",64,192,12310101,"低值易耗品-生产"]
["库位: 040","PS13","PS132-4565","精靠模;C218184A 005-4565","B",1,"EA",64,64,12310101,"低值易耗品-生产"]
["库位: 040","PS13","PS132-4566","精靠模;13001-0716 005-4566","B",1,"EA",64,64,12310101,"低值易耗品-生产"]
["库位: 040","PS13","PS132-4567","精靠模;C215945 005-4567","B",1,"EA",64,64,12310101,"低值易耗品-生产"]
["库位: 040","PS13","PS132-4572","精靠模;E205002; 005-4572","B",1,"EA",64,64,12310101,"低值易耗品-生产"]
["库位: 040","PS13","PS132-4576","精靠模;TCG125; 005-4576","B",1,"EA",64,64,12310101,"低值易耗品-生产"]
["库位: 040","PS13","PS132-4580","精靠模;13101-BA1-0100; 005-4580","B",1,"EA",64,64,12310101,"低值易耗品-生产"]
["库位: 040","PS13","PS132-4581","精靠模;R3020140; 005-4581","B",2,"EA",64,128,12310101,"低值易耗品-生产"]
["库位: 040","PS13","PS132-4582","精靠模;KWW; 005-4582","B",1,"EA",64,64,12310101,"低值易耗品-生产"]
["库位: 040","PS13","PS132-4583","精靠模;Kawasaki 4S; 005-4583","B",1,"EA",64,64,12310101,"低值易耗品-生产"]
["库位: 040","PS13","PS132-4584","精靠模;13101-KYZ-9000; 005-4584","B",2,"EA",64,128,12310101,"低值易耗品-生产"]
["库位: 040","PS13","PS132-4585","精靠模;13101-Z1LA-0000; 005-4585","B",1,"EA",64,64,12310101,"低值易耗品-生产"]
["库位: 040","PS13","PS132-4588","精靠模;13101-Z6LA-X000; 005-4588","B",1,"EA",64,64,12310101,"低值易耗品-生产"]
["库位: 040","PS13","PS132-4589","精靠模;13101-Z6LA-X010; 005-4589","B",1,"EA",64,64,12310101,"低值易耗品-生产"]
["库位: 040","PS13","PS132-4591","精靠模;4134-034-0503-A; 005-4591","B",1,"EA",64,64,12310101,"低值易耗品-生产"]
["库位: 040","PS13","PS132-4592","精靠模;4134-034-0504-A; 005-4592","B",1,"EA",64,64,12310101,"低值易耗品-生产"]
["库位: 040","PS13","PS132-4593","精靠模;MARUTI-800 005-4593","B",1,"EA",64,64,12310101,"低值易耗品-生产"]
["库位: 040","PS13","PS132-4595","精靠模;JLγ-4G15; 005-4595","B",1,"EA",64,64,12310101,"低值易耗品-生产"]
["库位: 040","PS13","PS132-4596","精靠模;JLγ-4G18; 005-4595","B",1,"EA",64,64,12310101,"低值易耗品-生产"]
["库位: 040","PS13","PS132-4601","精靠模;13101-KZL-9300; 005-4601","B",1,"EA",64,64,12310101,"低值易耗品-生产"]
["库位: 040","PS13","PS132-4606","精靠模;LBC9; 005-4606","B",1,"EA",64,64,12310101,"低值易耗品-生产"]
["库位: 040","PS13","PS132-4616","精靠模;640350010; 005-4616","B",1,"EA",64,64,12310101,"低值易耗品-生产"]
["库位: 040","PS13","PS132-4617","精靠模;1A007279R; 005-4617","B",1,"EA",64,64,12310101,"低值易耗品-生产"]
["库位: 040","PS13","PS132-4620","精靠模;100-50P; 005-4620","B",1,"EA",64,64,12310101,"低值易耗品-生产"]
["库位: 040","PS13","PS132-4621","精靠模;100-25; 005-4621","B",1,"EA",64,64,12310101,"低值易耗品-生产"]
["库位: 040","PS13","PS132-4626","精靠模;1130-034-0507-A; 005-4626","B",3,"EA",64,192,12310101,"低值易耗品-生产"]
["库位: 040","PS13","PS132-4628","精靠模;484Q-E-11102; 005-4628","B",1,"EA",64,64,12310101,"低值易耗品-生产"]
["库位: 040","PS13","PS132-4630","精靠模;KD2V78F; 005-4630","B",1,"EA",64,64,12310101,"低值易耗品-生产"]
["库位: 040","PS13","PS132-4637","精靠模;JL4G24; 005-4637","B",1,"EA",64,64,12310101,"低值易耗品-生产"]
["库位: 040","PS13","PS132-4641","精靠模;1004016A87K; 005-4641","B",1,"EA",64,64,12310101,"低值易耗品-生产"]
["库位: 040","PS13","PS132-4643","精靠模;13101-9FAF-X080; 005-4643","B",1,"EA",64,64,12310101,"低值易耗品-生产"]
["库位: 040","PS13","PS132-4644","精靠模;GGNA; 005-4644","B",1,"EA",64,64,12310101,"低值易耗品-生产"]
["库位: 040","PS13","PS132-4645","精靠模;4144-034-0504-A; 005-4645","B",2,"EA",64,128,12310101,"低值易耗品-生产"]
["库位: 040","PS13","PS132-4647","精靠模;13101-9FAF-X090; 005-4647","B",1,"EA",64,64,12310101,"低值易耗品-生产"]
["库位: 040","PS13","PS132-4648","精靠模;004-0476-00; 005-4648","B",1,"EA",64,64,12310101,"低值易耗品-生产"]
["库位: 040","PS13","PS132-4651","精靠模;004-0471-00; 005-4651","B",1,"EA",64,64,12310101,"低值易耗品-生产"]
["库位: 040","PS13","PS132-4656","精靠模;13101-Z7EA-8100; 005-4656","B",1,"EA",64,64,12310101,"低值易耗品-生产"]
["库位: 040","PS13","PS132-4657","精靠模;ZCW; 005-4657","B",1,"EA",64,64,12310101,"低值易耗品-生产"]
["库位: 040","PS13","PS132-4667","精靠模;1140-034-0510-A; 005-4667","B",1,"EA",64,64,12310101,"低值易耗品-生产"]
["库位: 040","PS13","PS132-4674","精靠模;13101-KWN-9021 005-4674","B",1,"EA",64,64,12310101,"低值易耗品-生产"]
["库位: 040","PS13","PS132-4690","精靠模;13101-K02-9010 005-4690","B",1,"EA",64,64,12310101,"低值易耗品-生产"]
["库位: 040","PS13","PS132-4691","精靠模;579-585001; 005-4691","B",1,"EA",64,64,12310101,"低值易耗品-生产"]
["库位: 040","PS13","PS132-4692","精靠模;KWG; 005-4692","B",2,"EA",64,128,12310101,"低值易耗品-生产"]
["库位: 040","PS13","PS132-4693","精靠模;KRM; 005-4693","B",2,"EA",64,128,12310101,"低值易耗品-生产"]
["库位: 040","PS13","PS132-4696","精靠模;100-255 005-4696","B",1,"EA",64,64,12310101,"低值易耗品-生产"]
["库位: 040","PS13","PS132-4697","精靠模;100-140P 005-4697","B",1,"EA",64,64,12310101,"低值易耗品-生产"]
["库位: 040","PS13","PS132-4698","精靠模;100-07 005-4698","B",1,"EA",64,64,12310101,"低值易耗品-生产"]
["库位: 040","PS13","PS132-4699","精靠模;100-252 005-4699","B",1,"EA",64,64,12310101,"低值易耗品-生产"]
["库位: 040","PS13","PS132-4700","精靠模;13101-9FAF-X210 005-4700","B",1,"EA",64,64,12310101,"低值易耗品-生产"]
["库位: 040","PS13","PS132-4701","精靠模;13101-9FAF-X220 005-4701","B",1,"EA",64,64,12310101,"低值易耗品-生产"]
["库位: 040","PS13","PS132-4702","精靠模;13101-9FAF-X230 005-4702","B",1,"EA",64,64,12310101,"低值易耗品-生产"]
["库位: 040","PS13","PS132-4710","精靠模;13101-5R3A-H000 005-4710","B",1,"EA",64,64,12310101,"低值易耗品-生产"]
["库位: 040","PS13","PS132-4715","精靠模;GEL 005-4715","B",1,"EA",64,64,12310101,"低值易耗品-生产"]
["库位: 040","PS13","PS132-4717","精靠模;83075R 005-4717","B",1,"EA",64,64,12310101,"低值易耗品-生产"]
["库位: 040","PS13","PS132-4719","精靠模;4G63-TYH氧化 005-4719","B",1,"EA",64,64,12310101,"低值易耗品-生产"]
["库位: 040","PS13","PS132-4721","精靠模;K15-04003S 005-4721","B",1,"EA",64,64,12310101,"低值易耗品-生产"]
["库位: 040","PS13","PS132-4725","精靠模;580437101 005-4725","B",1,"EA",64,64,12310101,"低值易耗品-生产"]
["库位: 040","PS13","PS132-4726","精靠模;A1000773 005-4726","B",1,"EA",64,64,12310101,"低值易耗品-生产"]
["库位: 040","PS13","PS132-4727","精靠模;B015636 005-4727","B",1,"EA",64,64,12310101,"低值易耗品-生产"]
["库位: 040","PS13","PS132-4734","精靠模;580767101 005-4734","B",1,"EA",64,64,12310101,"低值易耗品-生产"]
["库位: 040","PS13","PS132-4738","精靠模;M22G1004102 005-4738","B",1,"EA",64,64,12310101,"低值易耗品-生产"]
["库位: 040","PS13","PS132-4742","精靠模;13101-K08-9000 005-4742","B",2,"EA",64,128,12310101,"低值易耗品-生产"]
["库位: 040","PS13","PS132-4749","精靠模;4140-034-0502-A; 005-4749","B",1,"EA",64,64,12310101,"低值易耗品-生产"]
["库位: 040","PS13","PS132-4776","精靠模;ER120J0315 005-4776","B",1,"EA",64,64,12310101,"低值易耗品-生产"]
["库位: 040","PS13","PS132-4778","精靠模;1P68MM; 005-4778","B",1,"EA",64,64,12310101,"低值易耗品-生产"]
["库位: 040","PS13","PS132-4780","精靠模;H42 005-4780","B",1,"EA",64,64,12310101,"低值易耗品-生产"]
["库位: 040","PS13","PS132-4781","精靠模;V22-1004015 005-4781","B",1,"EA",64,64,12310101,"低值易耗品-生产"]
["库位: 040","PS13","PS132-4782","精靠模;1137-034-0504-A 版本1;005-4782","B",1,"EA",64,64,12310101,"低值易耗品-生产"]
["库位: 040","PS13","PS132-4863","精靠模;M22G1004102-JCC 005-4863","B",1,"EA",64,64,12310101,"低值易耗品-生产"]
["库位: 040","PS13","PS132-4865","精靠模;K15-04003-S1 005-4865","B",1,"EA",64,64,12310101,"低值易耗品-生产"]
["库位: 040","PS13","PS132-4879","精靠模;13101-K48-A000 005-4879","B",1,"EA",64,64,12310101,"低值易耗品-生产"]
["库位: 040","PS13","PS132-4880","精靠模;ZJ149-1 005-4880","B",1,"EA",64,64,12310101,"低值易耗品-生产"]
["库位: 040","PS13","PS132-4882","精靠模;E100905; 005-4882","B",1,"EA",64,64,12310101,"低值易耗品-生产"]
["库位: 040","PS13","PS132-4883","精靠模;B37; 005-4883","B",1,"EA",64,64,12310101,"低值易耗品-生产"]
["库位: 040","PS13","PS132-4887","精靠模;Φ75活塞; 005-4887","B",1,"EA",64,64,12310101,"低值易耗品-生产"]
["库位: 040","PS13","PS132-4888","精靠模;Φ95活塞; 005-4888","B",1,"EA",64,64,12310101,"低值易耗品-生产"]
["库位: 040","PS13","PS132-4893","精靠模;13101-K48-A000; 005-4893","B",1,"EA",64,64,12310101,"低值易耗品-生产"]
["库位: 040","PS13","PS132-4899","精靠模;13101-K40-F000; 005-4899","B",1,"EA",64,64,12310101,"低值易耗品-生产"]
["库位: 040","PS13","PS132-4928","精靠模;RGJ0008192; 005-4928","B",1,"EA",64,64,12310101,"低值易耗品-生产"]
["库位: 040","PS13","PS132-4929","精靠模;1137-034-0504-A1; 005-4929","B",1,"EA",64,64,12310101,"低值易耗品-生产"]
["库位: 040","PS13","PS132-4940","精靠模;004-0495-00; 005-4940","B",1,"EA",64,64,12310101,"低值易耗品-生产"]
["库位: 040","PS13","PS132-4941","精靠模;F65-220203-0; 005-4941","B",1,"EA",64,64,12310101,"低值易耗品-生产"]
["库位: 040","PS13","PS132-4955","精靠模;BE8-E1631-00; 005-4955","B",1,"EA",64,64,12310101,"低值易耗品-生产"]
["库位: 040","PS13","PS132-4988","精靠模;22H23411H3; 005-4988","B",1,"EA",64,64,12310101,"低值易耗品-生产"]
["库位: 040","PS13","PS132-4989","精靠模;319407-2; 005-4989","B",1,"EA",64,64,12310101,"低值易耗品-生产"]
["库位: 040","PS13","PS132-5015","精靠模;R1-1005401; 005-5015","B",1,"EA",64,64,12310101,"低值易耗品-生产"]
["库位: 040","PS13","PS132-5025","精靠模;HR198F; 005-5025","B",1,"EA",64,64,12310101,"低值易耗品-生产"]
["库位: 040","PS13","PS132-5026","精靠模;BL8-E1631-00-0; 005-5026","B",1,"EA",64,64,12310101,"低值易耗品-生产"]
["库位: 040","PS13","PS132-5032","精靠模;JC152-7; 005-5032","B",1,"EA",64,64,12310101,"低值易耗品-生产"]
["库位: 040","PS13","PS132-5035","精靠模;13101-K24-9000 005-5035","B",2,"EA",64,128,12310101,"低值易耗品-生产"]
["库位: 040","PS13","PS132-5068","精靠模;4149-034-0504-A 005-5068","B",2,"EA",64,128,12310101,"低值易耗品-生产"]
["库位: 040","PS13","PS132-5070","精靠模;1P150QMH; 005-5070","B",1,"EA",64,64,12310101,"低值易耗品-生产"]
["库位: 040","PS13","PS132-5071","精靠模;1147-034-0501-A; 005-5071","B",1,"EA",64,64,12310101,"低值易耗品-生产"]
["库位: 040","PS13","PS132-5072","精靠模1A008514; 005-5072","B",1,"EA",64,64,12310101,"低值易耗品-生产"]
["库位: 040","PS13","PS132-5074","精靠模;DAED161583S1; 005-5074","B",1,"EA",64,64,12310101,"低值易耗品-生产"]
["库位: 040","PS13","PS132-5075","精靠模;1147-034-0501-A-2 005-5075","B",1,"EA",64,64,12310101,"低值易耗品-生产"]
["库位: 040","PS13","PS132-5090","精靠模;0150-E1631-HA; 005-5090","B",1,"EA",64,64,12310101,"低值易耗品-生产"]
["库位: 040","PS13","PS132-5095","精靠模;0150-E1631-HD; 005-5095","B",1,"EA",64,64,12310101,"低值易耗品-生产"]
["库位: 040","PS13","PS132-5100","精靠模;0150-E1631-HG; 005-5100","B",1,"EA",64,64,12310101,"低值易耗品-生产"]
["库位: 040","PS13","PS132-5105","精靠模;0150-E1631-HK; 005-5105","B",1,"EA",64,64,12310101,"低值易耗品-生产"]
["库位: 040","PS13","PS132-5110","精靠模;0150-E1631-HN; 005-5110","B",1,"EA",64,64,12310101,"低值易耗品-生产"]
["库位: 040","PS13","PS132-5116","精靠模;12111-HS100; 005-5116","B",1,"EA",64,64,12310101,"低值易耗品-生产"]
["库位: 040","PS17","PS179-2750","精靠模坯;GCC 005-2750","B",1,"EA",32,32,12310101,"低值易耗品-生产"]
["库位: 040","PS17","PS179-2833","精靠模坯;CG150F-1 005-2833","B",1,"EA",32,32,12310101,"低值易耗品-生产"]
["库位: 040","PS17","PS179-2876","精靠模坯;291-23401-H3; 005-2876","B",1,"EA",32,32,12310101,"低值易耗品-生产"]
["库位: 040","PS17","PS179-2968","精靠模坯;3Y; 005-2968","B",1,"EA",32,32,12310101,"低值易耗品-生产"]
["库位: 040","PS17","PS179-3036","精靠模坯;豪迈125; 005-3036","B",1,"EA",32,32,12310101,"低值易耗品-生产"]
["库位: 040","PS17","PS179-3848","精靠模坯;MN195453; 005-3848","B",2,"EA",32,64,12310101,"低值易耗品-生产"]
["库位: 040","PS17","PS179-3849","精靠模坯;MW250887; 005-3849","B",1,"EA",32,32,12310101,"低值易耗品-生产"]
["库位: 040","PS17","PS179-4056","精靠模坯;13101-CA1-00Z0; 005-4056","B",1,"EA",32,32,12310101,"低值易耗品-生产"]
["库位: 040","PS17","PS179-4112","精靠模坯;4G69G; 005-4112","B",1,"EA",32,32,12310101,"低值易耗品-生产"]
["库位: 040","PS17","PS179-4626","精靠模坯;1130-034-0507-A 005-4626","B",1,"EA",32,32,12310101,"低值易耗品-生产"]
["库位: 040","PS17","PS179-4726","精靠模坯;A1000773 005-4726","B",1,"EA",32,32,12310101,"低值易耗品-生产"]
["库位: 040","PTAP","PTAP006","弹性圆柱销;12X35","C",15,"EA",17.05982,255.9,12310101,"低值易耗品-生产"]
["库位: 040","PTAU","PTAU006","钢线材;1.36MM","B",61,"KG",20,{"v":1220,"d":"1,220.00"},12310101,"低值易耗品-生产"]
["库位: 040","YB00","YB0001","摄像机;松下DS28","C",1,"EA",{"v":4650,"d":"4,650.00"},{"v":4650,"d":"4,650.00"},12310101,"低值易耗品-生产"]
["库位: 060","YD00","YD0075","二次仪表 FB528 D型","B",1,"EA",{"v":2040.598,"d":"2,040.60"},{"v":2040.6,"d":"2,040.60"},12310101,"低值易耗品-生产"]
["库位: 065","C010","C010-2108-120","28423401H3;2.0;毛坯 OTHER;8A-1;JCC及专用","A",17,"EA",2.25169,38.28,"41010101","生产成本-在制品"]
["库位: 065","C010","C010-2264-720","4140-034-0501-B;2.0;毛坯 OT;二冲;JCC及专用;B390.0","A",763,"EA",0,0,"41010101","生产成本-在制品"]
["库位: 065","C010","C010-2592-120","807087;2.0;专用MARK;毛坯 OTHER;综合四冲;8A-1","A",569,"EA",7.34356,{"v":4178.49,"d":"4,178.49"},"41010101","生产成本-在制品"]
["库位: 065","C010","C010-2689-112","491Q;1.2;JCC;毛坯 TOYOTA;NC汽车;8A-1","A",801,"EA",9.82451,{"v":7869.43,"d":"7,869.43"},"41010101","生产成本-在制品"]
["库位: 065","C010","C010-2689-120","491Q;2.0;JCC;毛坯 TOYOTA;NC汽车;8A-1","A",409,"EA",9.82451,{"v":4018.23,"d":"4,018.23"},"41010101","生产成本-在制品"]
["库位: 065","C010","C010-2741-120","KTT;2.0;JCC;毛坯; HONDA;四冲;8A-1;","A",{"v":1302,"d":"1,302.00"},"EA",2.93542,{"v":3821.92,"d":"3,821.92"},"41010101","生产成本-在制品"]
["库位: 065","C010","C010-2747-112","28223411H3;1.2;毛坯; OTHER;NC四冲;8A-1JCC及专","A",{"v":4976,"d":"4,976.00"},"EA",4.5014,{"v":22398.99,"d":"22,398.99"},"41010101","生产成本-在制品"]
["库位: 065","C010","C010-2748-120","GFC;2.0;JCC;毛坯; HONDA;NC四冲;8A-1","A",3,"EA",2.0004,6,"41010101","生产成本-在制品"]
["库位: 065","C010","C010-2749-120","28123411H3;2.0;毛坯 OTHER;四冲;8A-1JCC及专用","A",{"v":1128,"d":"1,128.00"},"EA",3.69041,{"v":4162.79,"d":"4,162.79"},"41010101","生产成本-在制品"]
["库位: 065","C010","C010-2750-120","GCC;2.0;JCC;毛坯; HONDA;NC四冲;8A-1","A",353,"EA",2.35457,831.16,"41010101","生产成本-在制品"]
["库位: 065","C010","C010-2751-120","4G64;2.0;JCC;毛坯; MT;NC汽车;三菱专用","A",667,"EA",8.74832,{"v":5835.13,"d":"5,835.13"},"41010101","生产成本-在制品"]
["库位: 065","C010","C010-2755-120","KRF;2.0;JCC;毛坯; HONDA;NC四冲;8A-1","A",{"v":2488,"d":"2,488.00"},"EA",3.76189,{"v":9359.59,"d":"9,359.59"},"41010101","生产成本-在制品"]
["库位: 065","C010","C010-2755-135","KRF;3.5;JCC;毛坯; HONDA;NC四冲;8A-1","A",33,"EA",3.76189,124.14,"41010101","生产成本-在制品"]
["库位: 065","C010","C010-2794-715","004-0286-16;1.5;JCC;毛坯 OTHER;NC四冲;8A-1","A",26,"EA",4.91111,127.69,"41010101","生产成本-在制品"]
["库位: 065","C010","C010-2798-720","004-0362-15;2.0;JCC;毛坯 OTHER;NC二冲;8A-1","A",214,"EA",5.50734,{"v":1178.57,"d":"1,178.57"},"41010101","生产成本-在制品"]
["库位: 065","C010","C010-2806-120","13101-Z1T-0000;2.0;JCC; 毛坯;HONDA;NC四冲;8A-1","A",{"v":1089,"d":"1,089.00"},"EA",4.80945,{"v":5237.49,"d":"5,237.49"},"41010101","生产成本-在制品"]
["库位: 065","C010","C010-2810-725","004-0282-15;2.5;JCC;毛坯 OTHER;NC二冲;8A-1","A",266,"EA",4.51755,{"v":1201.67,"d":"1,201.67"},"41010101","生产成本-在制品"]
["库位: 065","C010","C010-2828-720","004-0429-00;2.0;JCC;毛坯 OTHER;NC二冲;8A-1;","A",28,"EA",3.92972,110.03,"41010101","生产成本-在制品"]
["库位: 065","C010","C010-2839-120","GFM;2.0;JCC;毛坯; HONDA;NC四冲;8A-1","A",139,"EA",2.34227,325.58,"41010101","生产成本-在制品"]
["库位: 065","C010","C010-2849-720","004-0284-15;2.0;JCC;毛坯 OTHER;NC二冲;8A-1","A",10,"EA",4.11807,41.18,"41010101","生产成本-在制品"]
["库位: 065","C010","C010-2858-120","4G69;2.0;JCC及专用;毛坯 MT;NC汽车;三菱专用;","A",145,"EA",6.93826,{"v":1006.05,"d":"1,006.05"},"41010101","生产成本-在制品"]
["库位: 065","C010","C010-2861-120","KVC;2.0;JCC;毛坯; HONDA;NC四冲;8A-1","A",3,"EA",3.60923,10.83,"41010101","生产成本-在制品"]
["库位: 065","C010","C010-2901-720","004-0285-15;2.0;毛坯;JCC OTHER;NC二冲;8A-1","A",300,"EA",4.42421,{"v":1327.26,"d":"1,327.26"},"41010101","生产成本-在制品"]
["库位: 065","C010","C010-2917-120","7CR;2.0;JCC;毛坯; YAMAHA;NC四冲;8A;","A",229,"EA",6.46342,{"v":1480.12,"d":"1,480.12"},"41010101","生产成本-在制品"]
["库位: 065","C010","C010-2947-720","004-0278-00;2.0;JCC;毛坯 OTHER;NC四冲;8A-1","A",541,"EA",4.64855,{"v":2514.87,"d":"2,514.87"},"41010101","生产成本-在制品"]
["库位: 065","C010","C010-2950-720","004-0277-00;2.0;JCC;毛坯 OTHER;NC四冲;8A-1;","A",25,"EA",3.45978,86.49,"41010101","生产成本-在制品"]
["库位: 065","C010","C010-2951-720","004-0276-00;2.0;毛坯; OTHER;JCC;8A-1","A",152,"EA",2.62719,399.33,"41010101","生产成本-在制品"]
["库位: 065","C010","C010-2988-120","157QMJ;2.0;JCC;毛坯; HONDA;NC四冲;8A-1","A",224,"EA",2.95781,662.55,"41010101","生产成本-在制品"]
["库位: 065","C010","C010-3001-720","26323421J3;2.0;毛坯8A-1; OTHER;NC四冲;JCC及专用","A",{"v":1587,"d":"1,587.00"},"EA",6.0908,{"v":9666.1,"d":"9,666.10"},"41010101","生产成本-在制品"]
["库位: 065","C010","C010-3241-720","1130-034-0503-A;2.0;毛坯 OTHER;JCC及专用;B390.0","A",262,"EA",1.18853,311.4,"41010101","生产成本-在制品"]
["库位: 065","C010","C010-3688-720","1130-034-0504-A;2.0;毛坯 OTHER;JCC专MARK;B390.0","A",{"v":1614,"d":"1,614.00"},"EA",1.26021,{"v":2033.98,"d":"2,033.98"},"41010101","生产成本-在制品"]
["库位: 065","C010","C010-3877-120","13001-2175;2.0;JCC;毛坯; OTHER;NC四冲;8A-1","A",{"v":1516,"d":"1,516.00"},"EA",3.52729,{"v":5347.37,"d":"5,347.37"},"41010101","生产成本-在制品"]
["库位: 065","C010","C010-3902-120","Z7E;2.0;JCC;毛坯; HONDA;NC四冲;8A-1","A",515,"EA",8.7286,{"v":4495.23,"d":"4,495.23"},"41010101","生产成本-在制品"]
["库位: 065","C010","C010-3928-120","13101-Z6L-0000;2.0;毛坯; HONDA;NC四冲;8A-1;JCC,FW","A",{"v":1673,"d":"1,673.00"},"EA",5.35699,{"v":8962.24,"d":"8,962.24"},"41010101","生产成本-在制品"]
["库位: 065","C010","C010-4000-112","GFC-1;1.2;JCC;毛坯; HONDA;NC四冲;8A-1","A",3,"EA",2.00469,6.01,"41010101","生产成本-在制品"]
["库位: 065","C010","C010-4027-112","161QMK;1.2;JCC;毛坯; OTHER;NC四冲;8A-1","A",360,"EA",2.9085,{"v":1047.06,"d":"1,047.06"},"41010101","生产成本-在制品"]
["库位: 065","C010","C010-4153-710","50CC;1.0;富士华专用;毛坯 OTHER;NC二冲;B390.0","A",{"v":2090,"d":"2,090.00"},"EA",3.09359,{"v":6465.6,"d":"6,465.60"},"41010101","生产成本-在制品"]
["库位: 065","C010","C010-4227-127","1TZ;2.7;JCC;毛坯; TOYOTA;NC汽车;8A-1","A",9,"EA",6.61242,59.51,"41010101","生产成本-在制品"]
["库位: 065","C010","C010-4242-132","13001-0773B;3.2;JCC;毛坯 OTHER;NC二冲;9B;","A",398,"EA",2.09383,833.35,"41010101","生产成本-在制品"]
["库位: 065","C010","C010-4292-125","5VL;2.5;JCC;毛坯; YAMAHA;NC四冲;8A-1","A",300,"EA",2.66409,799.23,"41010101","生产成本-在制品"]
["库位: 065","C010","C010-4302-734","82972R(878847);3.4;毛坯; OTHER;8A-1;JCC","A",243,"EA",4.53354,{"v":1101.65,"d":"1,101.65"},"41010101","生产成本-在制品"]
["库位: 065","C010","C010-4328-712","004-0466-00;1.2;JCC;毛坯 OTHER;NC四冲;8A-1","A",328,"EA",5.93588,{"v":1946.97,"d":"1,946.97"},"41010101","生产成本-在制品"]
["库位: 065","C010","C010-4337-719","004-0467-00;1.9;JCC;毛坯 OTHER;NC四冲;8A-1","A",505,"EA",6.09464,{"v":3077.79,"d":"3,077.79"},"41010101","生产成本-在制品"]
["库位: 065","C010","C010-4354-126","13001-2195;2.6;JCC;毛坯; OTHER;NC四冲;8A-1","A",942,"EA",3.49072,{"v":3288.26,"d":"3,288.26"},"41010101","生产成本-在制品"]
["库位: 065","C010","C010-4393-120","7CR-1;2.0;JCC;毛坯; YAMAHA;NC四冲;8A;","A",48,"EA",6.46342,310.24,"41010101","生产成本-在制品"]
["库位: 065","C010","C010-4401-130","KZL;3.0;JCC KVY;毛坯; HONDA;NC四冲;8A-1","A",{"v":2391,"d":"2,391.00"},"EA",2.1114,{"v":5048.35,"d":"5,048.35"},"41010101","生产成本-在制品"]
["库位: 065","C010","C010-4401-140","KZL;4.0;JCC KVY;毛坯; HONDA;NC四冲;8A-1","A",20,"EA",2.1114,42.23,"41010101","生产成本-在制品"]
["库位: 065","C010","C010-4439-112","7DH-1;1.2;JCC;毛坯; YAMAHA;NC四冲;8A-1","A",326,"EA",3.99502,{"v":1302.38,"d":"1,302.38"},"41010101","生产成本-在制品"]
["库位: 065","C010","C010-4504-125","13001-2207;2.5;JCC;毛坯; OTHER;NC四冲;8A-1","A",559,"EA",5.22161,{"v":2918.88,"d":"2,918.88"},"41010101","生产成本-在制品"]
["库位: 065","C010","C010-4507-715","004-0286-55;1.5;JCC;毛坯 OTHER;NC四冲;8A-1","A",30,"EA",4.90329,147.1,"41010101","生产成本-在制品"]
["库位: 065","C010","C010-4527-135","13001-2204;3.5;JCC;毛坯; HONDA;NC四冲;8A-1","A",146,"EA",5.35444,781.75,"41010101","生产成本-在制品"]
["库位: 065","C010","C010-4528-135","13001-2210;3.5;JCC;毛坯; HONDA;NC四冲;8A-1","A",762,"EA",5.71883,{"v":4357.75,"d":"4,357.75"},"41010101","生产成本-在制品"]
["库位: 065","C010","C010-4567-715","C215945;1.5;JCC;毛坯; OTHER;NC四冲;8A-1","A",129,"EA",2.64153,340.76,"41010101","生产成本-在制品"]
["库位: 065","C010","C010-4582-135","KWW;3.5;JCC;毛坯; HONDA;NC四冲;8A-1","A",3,"EA",2.08903,6.27,"41010101","生产成本-在制品"]
["库位: 065","C010","C010-4584-735","13101-KYZ-9000;专MARK; 3.5毛坯HONDA;NC四冲;8A-1","A",{"v":2013,"d":"2,013.00"},"EA",2.31878,{"v":4667.71,"d":"4,667.71"},"41010101","生产成本-在制品"]
["库位: 065","C010","C010-4626-716","1130-034-0507-A;1.6;毛坯 OTHER;JCC及Stihl;B390.0","A",665,"EA",1.34964,897.51,"41010101","生产成本-在制品"]
["库位: 065","C010","C010-4644-112","13101-GGN-J000;1.2;JCC; 毛坯;HONDA;NC四冲;8A-1","A",3,"EA",1.98545,5.96,"41010101","生产成本-在制品"]
["库位: 065","C010","C010-4645-716","4144-034-0504-A;1.6;毛坯 OTHER;JCC及专MARK;B390.0","A",{"v":3358,"d":"3,358.00"},"EA",1.14669,{"v":3850.58,"d":"3,850.58"},"41010101","生产成本-在制品"]
["库位: 065","C010","C010-4657-120","ZCW;2.0;JCC,ZCW;毛坯; HONDA;NC四冲;8A-1;","A",533,"EA",3.98588,{"v":2124.47,"d":"2,124.47"},"41010101","生产成本-在制品"]
["库位: 065","C010","C010-4668-125","5WB改进;2.5;JCC;毛坯; YAMAHA;NC四冲;8A-1","A",{"v":1148,"d":"1,148.00"},"EA",2.28734,{"v":2625.87,"d":"2,625.87"},"41010101","生产成本-在制品"]
["库位: 065","C010","C010-4693-120","KRM;2.0;盾牌,KRM;毛坯; HONDA;NC四冲;8A-1;","A",{"v":1658,"d":"1,658.00"},"EA",2.59802,{"v":4307.52,"d":"4,307.52"},"41010101","生产成本-在制品"]
["库位: 065","C010","C010-4715-120","GEL;2.0;JCC;毛坯; HONDA;NC四冲;8A-1;","A",554,"EA",1.47725,818.4,"41010101","生产成本-在制品"]
["库位: 065","C010","C010-4742-130","13101-K08-9000;3.0;JCC; 毛坯;HONDA;NC四冲;8A-1","A",3,"EA",2.00026,6,"41010101","生产成本-在制品"]
["库位: 065","C010","C010-4751-130","3Y-3;3.0;JCC;毛坯; TOYOTA;汽车;8A-1","A",{"v":1075,"d":"1,075.00"},"EA",8.76721,{"v":9424.75,"d":"9,424.75"},"41010101","生产成本-在制品"]
["库位: 065","C010","C010-4759-130","KTE;JCC;3.0;毛坯; HONDA;NC四冲;8A-1","A",331,"EA",2.53534,839.2,"41010101","生产成本-在制品"]
["库位: 065","C010","C010-4770-125","4G18S2-1004010-B;2.5;JCC 毛坯;MT;NC汽车;8A专","A",98,"EA",6.0818,596.02,"41010101","生产成本-在制品"]
["库位: 065","C010","C010-4879-135","13101-K48-A000;3.5;JCC; 毛坯;HONDA;NC四冲;8A-1","A",{"v":1120,"d":"1,120.00"},"EA",2.29454,{"v":2569.88,"d":"2,569.88"},"41010101","生产成本-在制品"]
["库位: 065","C010","C010-4946-120","13101-K70-6000;2.0;毛坯 HONDA;JCC;NC四冲;8A-1;","A",768,"EA",3.08549,{"v":2369.65,"d":"2,369.65"},"41010101","生产成本-在制品"]
["库位: 065","C010","C010-4955-120","BE8-E1631-00;JCC;BE8;2.0 毛坯;YAMAHA;NC四冲;8A-1","A",{"v":4933,"d":"4,933.00"},"EA",2.17856,{"v":10746.84,"d":"10,746.84"},"41010101","生产成本-在制品"]
["库位: 065","C010","C010-4961-135","KYY;3.5;KYY JCC;毛坯; HONDA;NC四冲;8A-1","A",{"v":2636,"d":"2,636.00"},"EA",2.21882,{"v":5848.81,"d":"5,848.81"},"41010101","生产成本-在制品"]
["库位: 065","C010","C010-5031-135","13101-K48-A000;3.5;JCC; 毛坯;HONDA;NC四冲;8A-1","A",3,"EA",2.29454,6.88,"41010101","生产成本-在制品"]
["库位: 065","C010","C010-5068-712","4149-034-0504-A;1.2;毛坯 OTHER;JCC及stihl;B390.0","A",{"v":1085,"d":"1,085.00"},"EA",1.52459,{"v":1654.18,"d":"1,654.18"},"41010101","生产成本-在制品"]
["库位: 065","C010","C010-5117-120","13101-K88-L000;2.0;JCC; 毛坯;HONDA;NC四冲;8A-1;","A",3,"EA",2.43704,7.31,"41010101","生产成本-在制品"]
["库位: 065","C010","C010-5119-120","268230401K3;2.0;毛坯 OTHER;8A-1;JCC及专用MARK","A",80,"EA",0.95339,76.27,"41010101","生产成本-在制品"]
["库位: 065","C010","C010-5143-120","502500;2.0;毛坯;8A-1; OTHER;NC四冲;JCC及S;","A",25,"EA",1.31174,32.79,"41010101","生产成本-在制品"]
["库位: 065","C010","C010-5148-120","P230;2.0;JCC、CASE;毛坯; OTHER;NC二冲;9B;","A",691,"EA",0.75102,518.96,"41010101","生产成本-在制品"]
["库位: 065","C010","C010-5149-710","1137-034-0505-A;1.0;毛坯 OTHER;JCC及Stihl;B390.0","A",884,"EA",1.34964,{"v":1193.08,"d":"1,193.08"},"41010101","生产成本-在制品"]
["库位: 065","C010","C010-5150-712","1148-034-0507-A;1.2;毛坯 OTHER;JCC及Stihl;B390.0","A",484,"EA",0.24519,118.67,"41010101","生产成本-在制品"]
["库位: 065","C010","C010-5154-712","1148-034-0501-A;1.2;毛坯 OTHER;JCC及Stihl;B390.0","A",40,"EA",2.75257,110.1,"41010101","生产成本-在制品"]
["库位: 065","C010","C010-5161-712","1146-034-0503-A;1.2;毛坯 OTHER;JCC及stihl;B390.0","A",67,"EA",0.24519,16.43,"41010101","生产成本-在制品"]
["库位: 065","C010","C010-5169-120","BOX-E1631-00;2.0;毛坯; YAMAHA;NC四冲JCC,BOX8A-1","A",702,"EA",2.22204,{"v":1559.88,"d":"1,559.88"},"41010101","生产成本-在制品"]
["库位: 065","C010","C010-5184-120","13101-K03-H101;2.0;毛坯; HONDA;JCC;NC四冲;8A-1;","A",616,"EA",2.18863,{"v":1348.19,"d":"1,348.19"},"41010101","生产成本-在制品"]
["库位: 065","C010","C010-5187-120","13101-K79-E001;2.0;毛坯; HONDA;JCC;NC四冲;8A-1;","A",3,"EA",3.04799,9.14,"41010101","生产成本-在制品"]
["库位: 065","C010","C010-5195-120","13101-Z1T-0103;JCC;2.0; 毛坯;HONDA;NC四冲;8A-1","A",{"v":1206,"d":"1,206.00"},"EA",3.72136,{"v":4487.96,"d":"4,487.96"},"41010101","生产成本-在制品"]
["库位: 065","C010","C010-5208-130","DAED148413;3.0;JCC;毛坯; MITSUBISHI;NC汽车;JC8A+;","A",{"v":1276,"d":"1,276.00"},"EA",6.42,{"v":8191.92,"d":"8,191.92"},"41010101","生产成本-在制品"]
["库位: 065","C010","C010-5231-130","13101-OHOA-0000;3.0;毛坯 HONDA;NC四冲;JCC;8A-1;","A",82,"EA",0,0,"41010101","生产成本-在制品"]
["库位: 065","C010","C010-5236-120","QJ157MJ-16;2.0;毛坯; HONDA;NC四冲;JCC;8A-1","A",43,"EA",0.87169,37.48,"41010101","生产成本-在制品"]
["库位: 065","C030","C030-0028-001","常柴罗宾连杆毛坯;JLG; 20F2250130","A",23,"EA",10.32844,237.55,"41010101","生产成本-在制品"]
["库位: 065","C030","C030-0057-002","连杆毛坯;C215944;ADC12 2011 版","A",25,"EA",6.44141,161.04,"41010101","生产成本-在制品"]
["库位: 065","C300","C300-0035-001","润滑油泵歧管毛坯;4B; SU23092","A",14,"EA",213.6833,{"v":2991.57,"d":"2,991.57"},"41010101","生产成本-在制品"]
["库位: 999","jcg0","jcg057","球阀;φ15;铜;矣美柯","C",2,"EA",17,34,12310101,"低值易耗品-生产"]
["库位: 999","JMCA","JMCA006","银焊条;含银量25%;φ2MM; 302型号;河北宇光","B",1,"KG",{"v":1340,"d":"1,340.00"},{"v":1340,"d":"1,340.00"},12310101,"低值易耗品-生产"]
["库位: A05","C005","C005-1565-104","JL481Q;I;绿;活塞; TY5402405;JCC","A",292,"EA",4.60982,{"v":1346.07,"d":"1,346.07"},12430101,"库存商品-产成品"]
["库位: A05","C005","C005-2691-103","DK719;3A;活塞; DAIHATSU;NC汽车;JCC","A",32,"EA",9.89131,316.52,12430101,"库存商品-产成品"]
["库位: A05","C005","C005-2855-102","MR479QA;Ⅱ,A;活塞; TOYOTA;NC汽车;JCC","A",529,"EA",9.67138,{"v":5116.16,"d":"5,116.16"},12430101,"库存商品-产成品"]
["库位: A05","C005","C005-2855-105","MR479QA;Ⅱ,B;活塞; TOYOTA;NC汽车;JCC","A",{"v":2600,"d":"2,600.00"},"EA",9.67138,{"v":25145.59,"d":"25,145.59"},12430101,"库存商品-产成品"]
["库位: A05","C005","C005-3153-103","4G18;B;活塞; TOYOTA;NC汽车;JCC","A",139,"EA",11.0098,{"v":1530.36,"d":"1,530.36"},12430101,"库存商品-产成品"]
["库位: A05","C005","C005-3153-109","4G18;B,G2;活塞; TOYOTA;NC汽车;JCC","A",{"v":5580,"d":"5,580.00"},"EA",11.0098,{"v":61434.69,"d":"61,434.69"},12430101,"库存商品-产成品"]
["库位: A05","C005","C005-3153-110","4G18;B,G3;活塞; TOYOTA;NC汽车;JCC","A",{"v":1440,"d":"1,440.00"},"EA",11.0098,{"v":15854.11,"d":"15,854.11"},12430101,"库存商品-产成品"]
["库位: A05","C005","C005-3338-101","479QA;Ⅰ白;活塞; TOYOTA;NC汽车;JCC","A",90,"EA",2.38135,214.32,12430101,"库存商品-产成品"]
["库位: A05","C005","C005-4006-102","JLδ-4G20;B;活塞; OTHER;NC汽车;JCC","A",26,"EA",11.79068,306.56,12430101,"库存商品-产成品"]
["库位: A05","C005","C005-4195-101","JLr-4G15D;STD;A;活塞; OTHER;NC汽车;JCC","A",68,"EA",10.07275,684.95,12430101,"库存商品-产成品"]
["库位: A05","C005","C005-4195-102","JLr-4G15D;STD;B;活塞; OTHER;NC汽车;JCC","A",68,"EA",10.07275,684.95,12430101,"库存商品-产成品"]
["库位: A05","C005","C005-4332-101","JLδ-4G20-1;STD,A;活塞; OTHER;NC汽车;JCC","A",24,"EA",11.247,269.93,12430101,"库存商品-产成品"]
["库位: A05","C005","C005-4332-102","JLδ-4G20-1;STD,B;活塞; OTHER;NC汽车;JCC","A",24,"EA",11.247,269.93,12430101,"库存商品-产成品"]
["库位: A05","C005","C005-4391-101","JL4G15E;A,G1;活塞; OTHER;NC汽车;JCC","A",79,"EA",9.0831,717.57,12430101,"库存商品-产成品"]
["库位: A05","C005","C005-4391-102","JL4G15E;B,G1;活塞; OTHER;NC汽车;JCC","A",113,"EA",9.0831,{"v":1026.39,"d":"1,026.39"},12430101,"库存商品-产成品"]
["库位: A06","C005","C005-2230-101","SY55G;STD;蓝;活塞; 压缩机;四冲;JCC;","A",100,"EA",7.41218,741.22,12430101,"库存商品-产成品"]
["库位: A06","C005","C005-2797-103","SY10HPG;红;活塞; 压缩机;NC四冲;JCC","A",100,"EA",9.56803,956.8,12430101,"库存商品-产成品"]
["库位: A06","C005","C005-2988-106","157QMJ;ⅠB;活塞; HONDA;NC四冲;JCC","A",{"v":1000,"d":"1,000.00"},"EA",4.42355,{"v":4423.55,"d":"4,423.55"},12430101,"库存商品-产成品"]
["库位: A06","C005","C005-3093-102","LH173M;黄;活塞; YAMAHA;NC四冲;JCC","A",-5,"EA",23.80517,-119.03,12430101,"库存商品-产成品"]
["库位: A06","c005","c005-3149-102","SGY6;B;活塞; HONDA;NC四冲;JCC","A",-41,"EA",9.78448,-401.16,12430101,"库存商品-产成品"]
["库位: A06","C005","C005-3877-101","13001-2175;STD;活塞; OTHER;NC四冲;JCC","A",1,"EA",13.54863,13.55,12430101,"库存商品-产成品"]
["库位: A06","C005","C005-4242-101","13001-0773B;STD;活塞; OTHER;NC二冲;JCC","A",{"v":2880,"d":"2,880.00"},"EA",4.77797,{"v":13760.55,"d":"13,760.55"},12430101,"库存商品-产成品"]
["库位: A06","C005","C005-4354-101","13001-2195;STD;活塞; OTHER;NC四冲;JCC","A",{"v":5040,"d":"5,040.00"},"EA",4.9389,{"v":24892.05,"d":"24,892.05"},12430101,"库存商品-产成品"]
["库位: A06","C005","C005-4422-102","7CN-1;B(无);活塞; YAMAHA;NC四冲;JCC","A",{"v":3300,"d":"3,300.00"},"EA",5.84263,{"v":19280.67,"d":"19,280.67"},12430101,"库存商品-产成品"]
["库位: A06","C005","C005-4439-102","7DH-1;B(无);活塞; YAMAHA;NC四冲;JCC","A",{"v":1002,"d":"1,002.00"},"EA",5.75708,{"v":5768.6,"d":"5,768.60"},12430101,"库存商品-产成品"]
["库位: A06","C005","C005-4504-101","13001-2207;E1;活塞; OTHER;NC四冲;JCC","A",200,"EA",7.18033,{"v":1436.07,"d":"1,436.07"},12430101,"库存商品-产成品"]
["库位: A06","c005","c005-4504-104","13029-0034B;0.50;活塞; OTHER;NC四冲;JCC","A",4,"EA",7.18033,28.72,12430101,"库存商品-产成品"]
["库位: A06","c005","c005-4522-103","13029-0029A;0.50;活塞; OTHER;NC四冲;JCC;","A",500,"EA",4.56708,{"v":2283.54,"d":"2,283.54"},12430101,"库存商品-产成品"]
["库位: A06","c005","c005-4527-102","13029-0028A;0.50;活塞; HONDA;NC四冲;JCC","A",500,"EA",7.2767,{"v":3638.35,"d":"3,638.35"},12430101,"库存商品-产成品"]
["库位: A06","C005","C005-4584-701","13101-KYZ-9000;STD;活塞 HONDA;NC四冲;专用MARK","A",{"v":1000,"d":"1,000.00"},"EA",4.60389,{"v":4603.89,"d":"4,603.89"},12430101,"库存商品-产成品"]
["库位: A06","C005","C005-4883-101","B37-E1631-00;A赤;活塞; YAMAHA;NC四冲;JCC、B37","A",50,"EA",4.75549,237.77,12430101,"库存商品-产成品"]
["库位: A06","C005","C005-4883-102","B37-E1631-00;B橙;活塞; YAMAHA;NC四冲;JCC、B37","A",50,"EA",4.75549,237.77,12430101,"库存商品-产成品"]
["库位: A06","C005","C005-5066-102","SY62G;红;活塞; 压缩机;NC四冲;JCC;","A",100,"EA",6.31722,631.72,12430101,"库存商品-产成品"]
["库位: A06","C005","C005-5070-101","1P50QMH;绿;活塞; HONDA;NC四冲;JCC;","A",-139,"EA",4.13784,-575.16,12430101,"库存商品-产成品"]
["库位: A06","c005","c005-5147-701","7D3-11631-00;STD;活塞; OTHER;NC四冲;JCC及专MARK","A",{"v":4608,"d":"4,608.00"},"EA",8.06004,{"v":37140.65,"d":"37,140.65"},12430101,"库存商品-产成品"]
["库位: A06","C005","C005-5148-101","P230;STD;活塞; OTHER;NC二冲;JCC、CASE;","A",-32,"EA",2.8621,-91.59,12430101,"库存商品-产成品"]
["库位: A08","C005","C005-2701-101","KRW;STD;活塞; HONDA;NC四冲;JCC","A",57,"EA",4.35816,248.42,12430101,"库存商品-产成品"]
["库位: A08","C005","C005-2741-101","KTT;STD;活塞; HONDA;NC四冲;JCC","A",{"v":4179,"d":"4,179.00"},"EA",16.32651,{"v":68228.48,"d":"68,228.48"},12430101,"库存商品-产成品"]
["库位: A08","C005","C005-2741-102","KTT;0.25;活塞; HONDA;NC四冲;JCC","A",201,"EA",5.50401,{"v":1106.31,"d":"1,106.31"},12430101,"库存商品-产成品"]
["库位: A08","C005","C005-2741-103","KTT;0.50;活塞; HONDA;NC四冲;JCC","A",400,"EA",5.50401,{"v":2201.6,"d":"2,201.60"},12430101,"库存商品-产成品"]
["库位: A08","C005","C005-2741-104","KTT;0.75;活塞; HONDA;NC四冲;JCC","A",45,"EA",5.50401,247.68,12430101,"库存商品-产成品"]
["库位: A08","C005","C005-2741-105","KTT;1.00;活塞; HONDA;NC四冲;JCC","A",75,"EA",5.50401,412.8,12430101,"库存商品-产成品"]
["库位: A08","C005","C005-2750-101","GCC;STD;活塞; HONDA;NC四冲;JCC","A",{"v":12630,"d":"12,630.00"},"EA",4.50068,{"v":56843.53,"d":"56,843.53"},12430101,"库存商品-产成品"]
["库位: A08","C005","C005-2750-102","GCC;0.25;活塞; HONDA;NC四冲;JCC","A",88,"EA",4.49355,395.43,12430101,"库存商品-产成品"]
["库位: A08","C005","C005-2755-101","KRF;STD;活塞; HONDA;NC四冲;JCC","A",{"v":17269,"d":"17,269.00"},"EA",12.12304,{"v":209352.74,"d":"209,352.74"},12430101,"库存商品-产成品"]
["库位: A08","C005","C005-2755-102","KRF;0.25;活塞; HONDA;NC四冲;JCC","A",{"v":1465,"d":"1,465.00"},"EA",5.54331,{"v":8120.96,"d":"8,120.96"},12430101,"库存商品-产成品"]
["库位: A08","C005","C005-2755-103","KRF;0.50;活塞; HONDA;NC四冲;JCC","A",146,"EA",5.54331,809.32,12430101,"库存商品-产成品"]
["库位: A08","C005","C005-2755-104","KRF;0.75;活塞; HONDA;NC四冲;JCC","A",365,"EA",5.54331,{"v":2023.31,"d":"2,023.31"},12430101,"库存商品-产成品"]
["库位: A08","C005","C005-2861-101","KVC;STD;活塞; HONDA;NC四冲;JCC","A",49,"EA",5.52294,270.62,12430101,"库存商品-产成品"]
["库位: A08","C005","C005-2861-102","KVC;0.25;活塞; HONDA;NC四冲;JCC","A",211,"EA",5.51012,{"v":1162.64,"d":"1,162.64"},12430101,"库存商品-产成品"]
["库位: A08","C005","C005-2861-103","KVC;0.50;活塞; HONDA;NC四冲;JCC","A",25,"EA",5.51012,137.75,12430101,"库存商品-产成品"]
["库位: A08","C005","C005-3071-101","KV3;STD;活塞; HONDA;NC四冲;JCC","A",{"v":12680,"d":"12,680.00"},"EA",5.40321,{"v":68512.65,"d":"68,512.65"},12430101,"库存商品-产成品"]
["库位: A08","C005","C005-3666-101","GFMF;STD;活塞; HONDA;NC四冲;JCC","A",{"v":5762,"d":"5,762.00"},"EA",4.24744,{"v":24473.77,"d":"24,473.77"},12430101,"库存商品-产成品"]
["库位: A08","C005","C005-3666-102","GFMF;0.25;活塞; HONDA;NC四冲;JCC","A",166,"EA",4.23463,702.95,12430101,"库存商品-产成品"]
["库位: A08","C005","C005-3666-103","GFMF;0.50;活塞; HONDA;NC四冲;JCC","A",217,"EA",4.23463,918.91,12430101,"库存商品-产成品"]
["库位: A08","C005","C005-3666-104","GFMF;0.75;活塞; HONDA;NC四冲;JCC","A",255,"EA",4.23463,{"v":1079.83,"d":"1,079.83"},12430101,"库存商品-产成品"]
["库位: A08","C005","C005-3666-105","GFMF;1.00;活塞; HONDA;NC四冲;JCC","A",95,"EA",4.23463,402.29,12430101,"库存商品-产成品"]
["库位: A08","C005","C005-3990-101","KVR;STD;活塞; HONDA;NC四冲;JCC","A",72,"EA",4.40686,317.29,12430101,"库存商品-产成品"]
["库位: A08","C005","C005-3990-102","KVR;0.25;活塞; HONDA;NC四冲;JCC","A",60,"EA",4.40992,264.6,12430101,"库存商品-产成品"]
["库位: A08","C005","C005-3990-103","KVR;0.50;活塞; HONDA;NC四冲;JCC","A",65,"EA",4.40992,286.64,12430101,"库存商品-产成品"]
["库位: A08","C005","C005-3990-104","KVR;0.75;活塞; HONDA;NC四冲;JCC","A",30,"EA",4.40992,132.3,12430101,"库存商品-产成品"]
["库位: A08","C005","C005-4054-101","GGC;STD;活塞; HONDA;NC四冲;JCC","A",459,"EA",3.73498,{"v":1714.36,"d":"1,714.36"},12430101,"库存商品-产成品"]
["库位: A08","C005","C005-4054-102","GGC;0.25;活塞; HONDA;NC四冲;JCC","A",82,"EA",3.72458,305.42,12430101,"库存商品-产成品"]
["库位: A08","C005","C005-4054-103","GGC;0.50;活塞; HONDA;NC四冲;JCC","A",25,"EA",3.72458,93.11,12430101,"库存商品-产成品"]
["库位: A08","C005","C005-4054-104","GGC;0.75;活塞; HONDA;NC四冲;JCC","A",165,"EA",3.72458,614.56,12430101,"库存商品-产成品"]
["库位: A08","C005","C005-4054-105","GGC;1.00;活塞; HONDA;NC四冲;JCC","A",200,"EA",3.72458,744.92,12430101,"库存商品-产成品"]
["库位: A08","C005","C005-4401-101","KZL;STD;活塞; HONDA;NC四冲;JCC KVY","A",{"v":11414,"d":"11,414.00"},"EA",3.89044,{"v":44405.52,"d":"44,405.52"},12430101,"库存商品-产成品"]
["库位: A08","C005","C005-4401-102","KZL;0.25;活塞; HONDA;NC四冲;JCC KVY","A",95,"EA",3.88301,368.89,12430101,"库存商品-产成品"]
["库位: A08","C005","C005-4401-103","KZL;0.50;活塞; HONDA;NC四冲;JCC KVY","A",211,"EA",3.88301,819.31,12430101,"库存商品-产成品"]
["库位: A08","C005","C005-4401-104","KZL;0.75;活塞; HONDA;NC四冲;JCC KVY","A",100,"EA",3.88301,388.3,12430101,"库存商品-产成品"]
["库位: A08","C005","C005-4401-105","KZL;1.00;活塞; HONDA;NC四冲;JCC KVY","A",95,"EA",3.88301,368.89,12430101,"库存商品-产成品"]
["库位: A08","C005","C005-4487-103","KYY;0.50;活塞; HONDA;NC四冲;KYY JCC","A",4,"EA",4.32457,17.3,12430101,"库存商品-产成品"]
["库位: A08","C005","C005-4556-101","GGM;STD;活塞; HONDA;NC四冲;JCC","A",200,"EA",3.69513,739.03,12430101,"库存商品-产成品"]
["库位: A08","C005","C005-4607-101","K19A;STD;活塞; HONDA;NC四冲;JCC","A",217,"EA",4.31547,936.46,12430101,"库存商品-产成品"]
["库位: A08","C005","C005-4673-102","13102-KCS-W010;0.25;活塞 HONDA;NC四冲;JCC","A",34,"EA",5.28642,179.74,12430101,"库存商品-产成品"]
["库位: A08","C005","C005-4673-103","13103-KCS-W010;0.50;活塞 HONDA;NC四冲;JCC","A",153,"EA",5.28642,808.82,12430101,"库存商品-产成品"]
["库位: A08","C005","C005-4673-104","13104-KCS-W010;0.75;活塞 HONDA;NC四冲;JCC","A",90,"EA",7.68172,691.35,12430101,"库存商品-产成品"]
["库位: A08","C005","C005-4673-105","13105-KCS-W010;1.00;活塞 HONDA;NC四冲;JCC","A",265,"EA",7.68172,{"v":2035.65,"d":"2,035.65"},12430101,"库存商品-产成品"]
["库位: A08","C005","C005-4759-101","KTE;STD;活塞; HONDA;NC四冲;JCC","A",{"v":12525,"d":"12,525.00"},"EA",5.15088,{"v":64514.76,"d":"64,514.76"},12430101,"库存商品-产成品"]
["库位: A08","C005","C005-4759-102","KTE;0.25;活塞; HONDA;NC四冲;JCC","A",854,"EA",5.15088,{"v":4398.85,"d":"4,398.85"},12430101,"库存商品-产成品"]
["库位: A08","C005","C005-4759-103","KTE;0.50;活塞; HONDA;NC四冲;JCC","A",430,"EA",5.15088,{"v":2214.88,"d":"2,214.88"},12430101,"库存商品-产成品"]
["库位: A08","C005","C005-4759-104","KTE;0.75;活塞; HONDA;NC四冲;JCC","A",99,"EA",5.15088,509.94,12430101,"库存商品-产成品"]
["库位: A08","C005","C005-4759-105","KTE;1.00;活塞; HONDA;NC四冲;JCC","A",20,"EA",5.15088,103.02,12430101,"库存商品-产成品"]
["库位: A08","C005","C005-4879-101","13101-K48-A000;STD;活塞; HONDA;NC四冲;JCC","A",{"v":1368,"d":"1,368.00"},"EA",3.95618,{"v":5412.06,"d":"5,412.06"},12430101,"库存商品-产成品"]
["库位: A08","C005","C005-4879-102","13102-K48-A000;0.25;活塞 HONDA;NC四冲;JCC","A",171,"EA",3.95618,676.51,12430101,"库存商品-产成品"]
["库位: A08","C005","C005-4879-103","13103-K48-A000;0.50;活塞 HONDA;NC四冲;JCC","A",105,"EA",3.95618,415.4,12430101,"库存商品-产成品"]
["库位: A08","C005","C005-4879-104","13104-K48-A000;0.75;活塞 HONDA;NC四冲;JCC","A",120,"EA",3.95618,474.74,12430101,"库存商品-产成品"]
["库位: A08","C005","C005-4879-105","13105-K48-A000;1.00;活塞 HONDA;NC四冲;JCC","A",65,"EA",3.95618,257.15,12430101,"库存商品-产成品"]
["库位: A08","C005","C005-4889-101","KTT;STD;活塞; HONDA;NC四冲;JCC","A",{"v":6760,"d":"6,760.00"},"EA",5.26532,{"v":35593.54,"d":"35,593.54"},12430101,"库存商品-产成品"]
["库位: A08","C005","C005-4944-101","13101-K70-6000;STD;活塞 HONDA;NC四冲;JCC","A",10,"EA",2.97771,29.78,12430101,"库存商品-产成品"]
["库位: A08","C005","C005-4946-101","13101-K70-6000;STD;活塞 HONDA;NC四冲;JCC","A",{"v":5722,"d":"5,722.00"},"EA",5.05461,{"v":28922.46,"d":"28,922.46"},12430101,"库存商品-产成品"]
["库位: A08","C005","C005-4946-102","13102-K70-6000;0.25;活塞 HONDA;NC四冲;JCC","A",29,"EA",5.11119,148.22,12430101,"库存商品-产成品"]
["库位: A08","C005","C005-4946-103","13103-K70-6000;0.50;活塞 HONDA;NC四冲;JCC","A",115,"EA",5.11119,587.79,12430101,"库存商品-产成品"]
["库位: A08","C005","C005-4946-104","13104-K70-6000;0.75;活塞 HONDA;NC四冲;JCC","A",112,"EA",5.11119,572.45,12430101,"库存商品-产成品"]
["库位: A08","C005","C005-4946-105","13105-K70-6000;1.00;活塞 HONDA;NC四冲;JCC","A",158,"EA",5.11119,807.57,12430101,"库存商品-产成品"]
["库位: A08","C005","C005-4947-101","13101-KPN-A700;STD;活塞; HONDA;NC四冲;JCC","A",916,"EA",4.94358,{"v":4528.32,"d":"4,528.32"},12430101,"库存商品-产成品"]
["库位: A08","C005","C005-4947-103","13101-KPN-A700;0.50;活塞 HONDA;NC四冲;JCC","A",257,"EA",4.94358,{"v":1270.5,"d":"1,270.50"},12430101,"库存商品-产成品"]
["库位: A08","C005","C005-4961-101","KYY;STD;活塞; HONDA;NC四冲;KYY JCC","A",{"v":4198,"d":"4,198.00"},"EA",4.38778,{"v":18419.91,"d":"18,419.91"},12430101,"库存商品-产成品"]
["库位: A08","C005","C005-4961-102","KYY;0.25;活塞; HONDA;NC四冲;KYY JCC","A",400,"EA",4.38778,{"v":1755.11,"d":"1,755.11"},12430101,"库存商品-产成品"]
["库位: A08","C005","C005-4961-103","KYY;0.50;活塞; HONDA;NC四冲;KYY JCC","A",88,"EA",4.38778,386.12,12430101,"库存商品-产成品"]
["库位: A08","C005","C005-4987-101","13101-KSS-F200;STD;活塞; HONDA;NC四冲;JCC","A",642,"EA",5.22492,{"v":3354.4,"d":"3,354.40"},12430101,"库存商品-产成品"]
["库位: A08","C005","C005-5031-101","13101-K48-A000;STD;活塞; HONDA;NC四冲;JCC","A",{"v":8700,"d":"8,700.00"},"EA",3.978,{"v":34608.62,"d":"34,608.62"},12430101,"库存商品-产成品"]
["库位: A08","C005","C005-5034-101","13101-KPN-A700;STD;活塞; HONDA;NC四冲;JCC","A",200,"EA",4.90418,980.84,12430101,"库存商品-产成品"]
["库位: A08","C005","C005-5035-101","13101-K69-6001;STD;活塞; HONDA;NC四冲;JCC","A",{"v":13842,"d":"13,842.00"},"EA",4.4195,{"v":61174.78,"d":"61,174.78"},12430101,"库存商品-产成品"]
["库位: A08","C005","C005-5035-102","13102-K69-6000;0.25;活塞 HONDA;NC四冲;JCC","A",30,"EA",4.4195,132.59,12430101,"库存商品-产成品"]
["库位: A08","C005","C005-5035-103","13103-K69-6000;0.50;活塞 HONDA;NC四冲;JCC","A",138,"EA",4.4195,609.89,12430101,"库存商品-产成品"]
["库位: A08","C005","C005-5166-101","13101-K70-6000;STD;活塞; HONDA;NC四冲;JCC","A",{"v":2025,"d":"2,025.00"},"EA",2.97771,{"v":6029.87,"d":"6,029.87"},12430101,"库存商品-产成品"]
["库位: A08","C005","C005-5193-101","13101-KRM-9304;STD;活塞; HONDA;NC四冲;盾牌,KRM","A",{"v":14005,"d":"14,005.00"},"EA",4.99701,{"v":69983.07,"d":"69,983.07"},12430101,"库存商品-产成品"]
["库位: A11","C005","C005-2745-101","4G63;A;活塞; MITSUBISHI;NC汽车;JCC","A",842,"EA",12.8106,{"v":10786.53,"d":"10,786.53"},12430101,"库存商品-产成品"]
["库位: A11","C005","C005-2745-102","4G63;B;活塞; MITSUBISHI;NC汽车;JCC","A",837,"EA",12.78876,{"v":10704.19,"d":"10,704.19"},12430101,"库存商品-产成品"]
["库位: A11","C005","C005-2745-103","4G63;C;活塞; MITSUBISHI;NC汽车;JCC","A",265,"EA",12.8106,{"v":3394.81,"d":"3,394.81"},12430101,"库存商品-产成品"]
["库位: A11","C005","C005-2751-101","4G64;A;活塞; MITSUBISHI;NC汽车;JCC","A",607,"EA",12.31852,{"v":7477.34,"d":"7,477.34"},12430101,"库存商品-产成品"]
["库位: A11","C005","C005-2751-102","4G64;B;活塞; MITSUBISHI;NC汽车;JCC","A",{"v":14126,"d":"14,126.00"},"EA",12.31852,{"v":174011.37,"d":"174,011.37"},12430101,"库存商品-产成品"]
["库位: A11","C005","C005-2751-103","4G64;C;活塞; MITSUBISHI;NC汽车;JCC","A",{"v":1728,"d":"1,728.00"},"EA",12.31852,{"v":21286.4,"d":"21,286.40"},12430101,"库存商品-产成品"]
["库位: A11","C005","C005-2858-102","4G69;A;活塞; MT;NC汽车;JCC及专用","A",130,"EA",11.03521,{"v":1434.58,"d":"1,434.58"},12430101,"库存商品-产成品"]
["库位: A11","C005","C005-2858-103","4G69;B;活塞; MT;NC汽车;JCC及专用","A",10,"EA",11.03521,110.35,12430101,"库存商品-产成品"]
["库位: A11","C005","C005-2858-104","4G69;C;活塞; MT;NC汽车;JCC及专用","A",512,"EA",11.03521,{"v":5650.03,"d":"5,650.03"},12430101,"库存商品-产成品"]
["库位: A11","C005","C005-3849-101","MW250887;STD;活塞; MITSUBISHI;NC汽车;JCC","A",4,"EA",8.2558,33.02,12430101,"库存商品-产成品"]
["库位: A11","C005","C005-4106-101","4G63-JYH;A;活塞; MITSUBISHI;NC汽车;JCC","A",60,"EA",12.21523,732.91,12430101,"库存商品-产成品"]
["库位: A11","C005","C005-4106-102","4G63-JYH;B;活塞; MITSUBISHI;NC汽车;JCC","A",21,"EA",12.21523,256.52,12430101,"库存商品-产成品"]
["库位: A11","C005","C005-4112-101","4G69G;A;活塞; MITSUBISHI;NC汽车;JCC","A",227,"EA",13.73692,{"v":3118.28,"d":"3,118.28"},12430101,"库存商品-产成品"]
["库位: A11","C005","C005-4112-102","4G69G;B;活塞; MITSUBISHI;NC汽车;JCC","A",{"v":1504,"d":"1,504.00"},"EA",13.73692,{"v":20660.33,"d":"20,660.33"},12430101,"库存商品-产成品"]
["库位: A11","C005","C005-4112-103","4G69G;C;活塞; MITSUBISHI;NC汽车;JCC","A",{"v":1692,"d":"1,692.00"},"EA",13.73692,{"v":23242.87,"d":"23,242.87"},12430101,"库存商品-产成品"]
["库位: A11","C005","C005-4115-101","4G63M;A;活塞; MITSUBISHI;NC汽车;JCC","A",18,"EA",13.57333,244.32,12430101,"库存商品-产成品"]
["库位: A11","C005","C005-4115-102","4G63M;B;活塞; MITSUBISHI;NC汽车;JCC","A",28,"EA",13.57333,380.05,12430101,"库存商品-产成品"]
["库位: A11","C005","C005-4126-101","4G69FR;A;活塞; MITSUBISHI;NC汽车;JCC","A",13,"EA",13.69072,177.98,12430101,"库存商品-产成品"]
["库位: A11","C005","C005-4126-102","4G69FR;B;活塞; MITSUBISHI;NC汽车;JCC","A",796,"EA",13.69072,{"v":10897.81,"d":"10,897.81"},12430101,"库存商品-产成品"]
["库位: A11","C005","C005-4126-103","4G69FR;C;活塞; MITSUBISHI;NC汽车;JCC","A",69,"EA",13.69072,944.66,12430101,"库存商品-产成品"]
["库位: A11","C005","C005-4197-101","PS;A;活塞; MITSUBISHI;NC汽车;JCC","A",154,"EA",13.93836,{"v":2146.51,"d":"2,146.51"},12430101,"库存商品-产成品"]
["库位: A11","C005","C005-4482-101","MW251988;STD;活塞; MITSUBISHI;NC汽车;JCC","A",12,"EA",7.78221,93.39,12430101,"库存商品-产成品"]
["库位: A11","C005","C005-4960-101","4G64J3-5;A;活塞; MITSUBISHI;NC汽车;JCC","A",4,"EA",10.02151,40.09,12430101,"库存商品-产成品"]
["库位: A11","C005","C005-4960-102","4G64J3-5;B;活塞; MITSUBISHI;NC汽车;JCC","A",58,"EA",10.02151,581.25,12430101,"库存商品-产成品"]
["库位: A11","C005","C005-4960-103","4G64J3-5;C;活塞; MITSUBISHI;NC汽车;JCC","A",7,"EA",10.02151,70.15,12430101,"库存商品-产成品"]
["库位: A11","C005","C005-4986-101","4G69氧化;A;活塞; MT;NC汽车;JCC及专用","A",52,"EA",10.31364,536.31,12430101,"库存商品-产成品"]
["库位: A11","C005","C005-4986-102","4G69氧化;B;活塞; MT;NC汽车;JCC及专用","A",8,"EA",10.31364,82.51,12430101,"库存商品-产成品"]
["库位: A11","C005","C005-4986-103","4G69氧化;C;活塞; MT;NC汽车;JCC及专用","A",52,"EA",10.31364,536.31,12430101,"库存商品-产成品"]
["库位: A11","C005","C005-4986-104","4G69氧化;0.50;活塞; MT;NC汽车;JCC及专用","A",12,"EA",10.31364,123.76,12430101,"库存商品-产成品"]
["库位: A11","C005","C005-5183-102","4G69V;B;活塞; MT;NC汽车;JCC及专用","A",{"v":5178,"d":"5,178.00"},"EA",10.1091,{"v":52344.92,"d":"52,344.92"},12430101,"库存商品-产成品"]
["库位: A11","C005","C005-5228-102","V22H-1004015;1,GB;活塞; TOYOTA;NC汽车;JCC","A",4,"EA",15.94942,63.8,12430101,"库存商品-产成品"]
["库位: A11","C005","C005-5228-105","V22H-1004015;2,GB;活塞; TOYOTA;NC汽车;JCC","A",16,"EA",15.94942,255.19,12430101,"库存商品-产成品"]
["库位: A11","C005","C005-5228-108","V22H-1004015;3,GB;活塞; TOYOTA;NC汽车;JCC","A",4,"EA",15.94942,63.8,12430101,"库存商品-产成品"]
["库位: A11","C007","C007-3849-1610","MW250867;活塞组件 (南平)","A",468,"EA",15.32564,{"v":7172.4,"d":"7,172.40"},12430101,"库存商品-产成品"]
["库位: A11","C007","C007-4106-1601","4G63-JYH;A;活塞组件","A",84,"EA",23.81571,{"v":2000.52,"d":"2,000.52"},12430101,"库存商品-产成品"]
["库位: A11","C007","C007-4106-1602","4G63-JYH;B;活塞组件","A",600,"EA",23.81571,{"v":14289.42,"d":"14,289.42"},12430101,"库存商品-产成品"]
["库位: A11","C007","C007-4106-1603","4G63-JYH;C;活塞组件","A",144,"EA",23.81571,{"v":3429.46,"d":"3,429.46"},12430101,"库存商品-产成品"]
["库位: A11","C007","C007-4197-1603","PS;C;活塞组件;","A",21,"EA",26.28455,551.98,12430101,"库存商品-产成品"]
["库位: A11","C500","C500-0011-001","进水接口 SMD250390","A",10,"EA",6.718,67.18,12430101,"库存商品-产成品"]
["库位: A12","C005","C005-2689-101","491Q;STD;活塞; TOYOTA;NC汽车;JCC","A",145,"EA",14.43164,{"v":2092.59,"d":"2,092.59"},12430101,"库存商品-产成品"]
["库位: A12","C005","C005-2689-105","491Q;1,GB;活塞; TOYOTA;NC汽车;JCC","A",{"v":1830,"d":"1,830.00"},"EA",14.43164,{"v":26409.9,"d":"26,409.90"},12430101,"库存商品-产成品"]
["库位: A12","C005","C005-2689-108","491Q;2,GB;活塞; TOYOTA;NC汽车;JCC","A",{"v":1607,"d":"1,607.00"},"EA",14.43164,{"v":23191.65,"d":"23,191.65"},12430101,"库存商品-产成品"]
["库位: A12","C005","C005-2689-111","491Q;3,GB;活塞; TOYOTA;NC汽车;JCC","A",{"v":5139,"d":"5,139.00"},"EA",14.43164,{"v":74164.2,"d":"74,164.20"},12430101,"库存商品-产成品"]
["库位: A12","C005","C005-2968-103","3Y;1,GB;活塞; TOYOTA;NC汽车;JCC","A",574,"EA",13.32714,{"v":7649.78,"d":"7,649.78"},12430101,"库存商品-产成品"]
["库位: A12","C005","C005-2968-107","3Y;2,GC;活塞; TOYOTA;NC汽车;JCC","A",868,"EA",13.32714,{"v":11567.96,"d":"11,567.96"},12430101,"库存商品-产成品"]
["库位: A12","C005","C005-2968-109","3Y;3,GB;活塞; TOYOTA;NC汽车;JCC","A",288,"EA",13.32714,{"v":3838.22,"d":"3,838.22"},12430101,"库存商品-产成品"]
["库位: A12","C005","C005-3048-119","4RB2;I,GA;活塞; TOYOTA;NC汽车;JCC","A",190,"EA",17.28178,{"v":3283.54,"d":"3,283.54"},12430101,"库存商品-产成品"]
["库位: A12","C005","C005-3048-120","4RB2;I,GB;活塞; TOYOTA;NC汽车;JCC","A",707,"EA",17.28178,{"v":12218.22,"d":"12,218.22"},12430101,"库存商品-产成品"]
["库位: A12","C005","C005-3048-121","4RB2;I,GC;活塞; TOYOTA;NC汽车;JCC","A",{"v":1779,"d":"1,779.00"},"EA",17.28178,{"v":30744.3,"d":"30,744.30"},12430101,"库存商品-产成品"]
["库位: A12","C005","C005-3048-122","4RB2;II,GA;活塞; TOYOTA;NC汽车;JCC","A",10,"EA",17.28178,172.82,12430101,"库存商品-产成品"]
["库位: A12","C005","C005-3048-123","4RB2;II,GB;活塞; TOYOTA;NC汽车;JCC","A",319,"EA",17.28178,{"v":5512.89,"d":"5,512.89"},12430101,"库存商品-产成品"]
["库位: A12","C005","C005-3048-124","4RB2;II,GC;活塞; TOYOTA;NC汽车;JCC","A",668,"EA",17.28178,{"v":11544.23,"d":"11,544.23"},12430101,"库存商品-产成品"]
["库位: A12","C005","C005-4120-102","2TZ;I,1,GB;活塞; TOYOTA;NC汽车;JCC","A",16,"EA",15.39477,246.32,12430101,"库存商品-产成品"]
["库位: A12","C005","C005-4120-108","2TZ;II,1,GB;活塞; TOYOTA;NC汽车;JCC","A",54,"EA",15.39477,831.32,12430101,"库存商品-产成品"]
["库位: A12","C005","C005-4120-120","2TZ;I,GB;活塞; TOYOTA;NC汽车;JCC","A",{"v":4199,"d":"4,199.00"},"EA",15.39477,{"v":64642.64,"d":"64,642.64"},12430101,"库存商品-产成品"]
["库位: A12","C005","C005-4120-121","2TZ;I,GC;活塞; TOYOTA;NC汽车;JCC","A",323,"EA",15.39477,{"v":4972.51,"d":"4,972.51"},12430101,"库存商品-产成品"]
["库位: A12","C005","C005-4120-123","2TZ;II,GB;活塞; TOYOTA;NC汽车;JCC","A",{"v":2368,"d":"2,368.00"},"EA",15.39477,{"v":36454.82,"d":"36,454.82"},12430101,"库存商品-产成品"]
["库位: A12","C005","C005-4129-101","4A13;I,GA;活塞; TOYOTA;NC汽车;JCC","A",8,"EA",9.544,76.35,12430101,"库存商品-产成品"]
["库位: A12","C005","C005-4129-102","4A13;I,GB;活塞; TOYOTA;NC汽车;JCC","A",32,"EA",9.544,305.41,12430101,"库存商品-产成品"]
["库位: A12","C005","C005-4129-103","4A13;Ⅱ,GA;活塞; TOYOTA;NC汽车;JCC","A",14,"EA",9.544,133.62,12430101,"库存商品-产成品"]
["库位: A12","C005","C005-4129-104","4A13;Ⅱ,GB;活塞; TOYOTA;NC汽车;JCC","A",{"v":8301,"d":"8,301.00"},"EA",9.544,{"v":79224.78,"d":"79,224.78"},12430101,"库存商品-产成品"]
["库位: A12","C005","C005-4130-102","4A15;I,GB;活塞; TOYOTA;NC汽车;JCC","A",128,"EA",9.87805,{"v":1264.39,"d":"1,264.39"},12430101,"库存商品-产成品"]
["库位: A12","C005","C005-4130-103","4A15;Ⅱ,GA;活塞; TOYOTA;NC汽车;JCC","A",22,"EA",9.87805,217.32,12430101,"库存商品-产成品"]
["库位: A12","C005","C005-4130-104","4A15;Ⅱ,GB;活塞; TOYOTA;NC汽车;JCC","A",{"v":2572,"d":"2,572.00"},"EA",9.87805,{"v":25406.34,"d":"25,406.34"},12430101,"库存商品-产成品"]
["库位: A12","C005","C005-4227-103","1TZ;II;活塞; TOYOTA;NC汽车;JCC","A",19,"EA",12.21206,232.03,12430101,"库存商品-产成品"]
["库位: A12","C005","C005-4227-104","1TZ;I,GA;活塞; TOYOTA;NC汽车;JCC","A",{"v":9295,"d":"9,295.00"},"EA",12.21206,{"v":113511.06,"d":"113,511.06"},12430101,"库存商品-产成品"]
["库位: A12","C005","C005-4227-106","1TZ;II,GA;活塞; TOYOTA;NC汽车;JCC","A",{"v":14985,"d":"14,985.00"},"EA",12.21206,{"v":182997.66,"d":"182,997.66"},12430101,"库存商品-产成品"]
["库位: A12","C005","C005-4751-101","3Y-3;1,GA;活塞; TOYOTA;NC汽车;JCC","A",430,"EA",13.41943,{"v":5770.35,"d":"5,770.35"},12430101,"库存商品-产成品"]
["库位: A12","C005","C005-4751-102","3Y-3;2,GA;活塞; TOYOTA;NC汽车;JCC","A",214,"EA",13.41943,{"v":2871.76,"d":"2,871.76"},12430101,"库存商品-产成品"]
["库位: A12","C005","C005-4751-103","3Y-3;3,GA;活塞; TOYOTA;NC汽车;JCC","A",68,"EA",13.41943,912.52,12430101,"库存商品-产成品"]
["库位: A12","C005","C005-4751-104","3Y-3;1,GB;活塞; TOYOTA;NC汽车;JCC","A",347,"EA",13.41943,{"v":4656.54,"d":"4,656.54"},12430101,"库存商品-产成品"]
["库位: A12","C005","C005-4751-105","3Y-3;2,GB;活塞; TOYOTA;NC汽车;JCC","A",{"v":1407,"d":"1,407.00"},"EA",13.41943,{"v":18881.13,"d":"18,881.13"},12430101,"库存商品-产成品"]
["库位: A12","C005","C005-4751-106","3Y-3;3,GB;活塞; TOYOTA;NC汽车;JCC","A",{"v":4144,"d":"4,144.00"},"EA",13.41943,{"v":55610.1,"d":"55,610.10"},12430101,"库存商品-产成品"]
["库位: A12","C005","C005-4781-102","V22-1004015;1,GB;活塞; TOYOTA;NC汽车;JCC","A",{"v":10389,"d":"10,389.00"},"EA",15.94942,{"v":165698.52,"d":"165,698.52"},12430101,"库存商品-产成品"]
["库位: A12","C005","C005-4781-105","V22-1004015;2,GB;活塞; TOYOTA;NC汽车;JCC","A",106,"EA",15.94942,{"v":1690.64,"d":"1,690.64"},12430101,"库存商品-产成品"]
["库位: A12","C005","C005-4781-108","V22-1004015;3,GB;活塞; TOYOTA;NC汽车;JCC","A",{"v":1916,"d":"1,916.00"},"EA",15.94942,{"v":30559.09,"d":"30,559.09"},12430101,"库存商品-产成品"]
["库位: A12","C005","C005-5033-102","2TZ-1004013S;I,GB;活塞; TOYOTA;NC汽车;JCC","A",{"v":7367,"d":"7,367.00"},"EA",14.3459,{"v":105686.22,"d":"105,686.22"},12430101,"库存商品-产成品"]
["库位: A12","C005","C005-5033-105","2TZ-1004013S;II,GB;活塞; TOYOTA;NC汽车;JCC","A",{"v":3319,"d":"3,319.00"},"EA",14.3459,{"v":47614.03,"d":"47,614.03"},12430101,"库存商品-产成品"]
["库位: A12","C005","C005-5228-102","V22H-1004015;1,GB;活塞; TOYOTA;NC汽车;JCC","A",4,"EA",15.94942,63.8,12430101,"库存商品-产成品"]
["库位: A12","C005","C005-5228-105","V22H-1004015;2,GB;活塞; TOYOTA;NC汽车;JCC","A",12,"EA",15.94942,191.39,12430101,"库存商品-产成品"]
["库位: A12","C005","C005-5228-108","V22H-1004015;3,GB;活塞; TOYOTA;NC汽车;JCC","A",4,"EA",15.94942,63.8,12430101,"库存商品-产成品"]
["库位: A12","C017","C017-2409","无钩扣环;24.9X1.4BO-108 1TZ;005-4227","B",{"v":22654,"d":"22,654.00"},"ST",0.1,{"v":2265.4,"d":"2,265.40"},12430101,"库存商品-产成品"]
["库位: A12","C017","C017-2702","无钩扣环;27X1.6BO I-27X1.6NW","B",{"v":15057,"d":"15,057.00"},"ST",0.058,873.31,12430101,"库存商品-产成品"]
["库位: A13","C005","C005-2691-106","DK719;3B;活塞; DAIHATSU;NC汽车;JCC","A",208,"EA",9.89131,{"v":2057.39,"d":"2,057.39"},12430101,"库存商品-产成品"]
["库位: A13","C005","C005-2773-101","TJ378QE;1,GA;活塞; DAIHATSU;NC汽车;JCC","A",358,"EA",10.05431,{"v":3599.44,"d":"3,599.44"},12430101,"库存商品-产成品"]
["库位: A13","C005","C005-2773-102","TJ378QE;1,GB;活塞; DAIHATSU;NC汽车;JCC","A",838,"EA",10.05431,{"v":8425.52,"d":"8,425.52"},12430101,"库存商品-产成品"]
["库位: A13","C005","C005-2773-103","TJ378QE;1,GC;活塞; DAIHATSU;NC汽车;JCC","A",639,"EA",10.05431,{"v":6424.71,"d":"6,424.71"},12430101,"库存商品-产成品"]
["库位: A13","C005","C005-2773-105","TJ378QE;2,GB;活塞; DAIHATSU;NC汽车;JCC","A",33,"EA",10.05431,331.79,12430101,"库存商品-产成品"]
["库位: A13","C005","C005-2773-106","TJ378QE;2,GC;活塞; DAIHATSU;NC汽车;JCC","A",468,"EA",10.05431,{"v":4705.42,"d":"4,705.42"},12430101,"库存商品-产成品"]
["库位: A13","C005","C005-2773-109","TJ378QE;3,GC;活塞; DAIHATSU;NC汽车;JCC","A",128,"EA",10.05431,{"v":1286.95,"d":"1,286.95"},12430101,"库存商品-产成品"]
["库位: A13","C005","C005-3048-119","4RB2;I,GA;活塞; TOYOTA;NC汽车;JCC","A",320,"EA",17.28178,{"v":5530.17,"d":"5,530.17"},12430101,"库存商品-产成品"]
["库位: A13","C005","C005-3117-108","TJ376QE;3;B;活塞; DAIHATSU;NC汽车;JCC","A",159,"EA",10.3507,{"v":1645.76,"d":"1,645.76"},12430101,"库存商品-产成品"]
["库位: A13","C005","C005-3152-106","CA4GB;2B;活塞; DAIHATSU;NC汽车;JCC","A",12,"EA",10.67532,128.1,12430101,"库存商品-产成品"]
["库位: A13","C005","C005-4256-101","CA4GA1;A,红;活塞; DAIHATSH;NC汽车;JCC;","A",122,"EA",9.69216,{"v":1182.44,"d":"1,182.44"},12430101,"库存商品-产成品"]
["库位: A13","C005","C005-4256-102","CA4GA1;A,黄;活塞; DAIHATSH;NC汽车;JCC;","A",{"v":1609,"d":"1,609.00"},"EA",9.69216,{"v":15594.68,"d":"15,594.68"},12430101,"库存商品-产成品"]
["库位: A13","C005","C005-4256-103","CA4GA1;B,红;活塞; DAIHATSH;NC汽车;JCC;","A",6,"EA",9.69216,58.15,12430101,"库存商品-产成品"]
["库位: A13","C005","C005-4256-104","CA4GA1;B,黄;活塞; DAIHATSH;NC汽车;JCC;","A",138,"EA",9.69216,{"v":1337.52,"d":"1,337.52"},12430101,"库存商品-产成品"]
["库位: A13","C005","C005-4256-105","CA4GA1;C,红;活塞; DAIHATSH;NC汽车;JCC;","A",180,"EA",9.69216,{"v":1744.59,"d":"1,744.59"},12430101,"库存商品-产成品"]
["库位: A13","C005","C005-4256-106","CA4GA1;C,黄;活塞; DAIHATSH;NC汽车;JCC;","A",166,"EA",9.69216,{"v":1608.9,"d":"1,608.90"},12430101,"库存商品-产成品"]
["库位: A14","C005","C005-2693-102","L110;蓝;活塞; HONDA;NC四冲;JCC","A",1,"EA",10.36449,10.36,12430101,"库存商品-产成品"]
["库位: A14","C005","C005-3112-101","DY125;STD;活塞; HONDA;NC四冲;JCC","A",1,"EA",7.09402,7.09,12430101,"库存商品-产成品"]
["库位: A20","C005","C005-0274-101","QM80;STD;活塞 HN3200537;JCC","A",11,"EA",3.78637,41.65,12430101,"库存商品-产成品"]
["库位: A20","C005","C005-0626-101","名流150;STD;活塞 HN3500309;JCC","A",10,"EA",4.11668,41.17,12430101,"库存商品-产成品"]
["库位: A20","C005","C005-1475-104","JC253;红E;活塞 SZ3400485;JCC","A",573,"EA",4.24223,{"v":2430.8,"d":"2,430.80"},12430101,"库存商品-产成品"]
["库位: A20","C005","C005-1475-105","JC253;黄F;活塞 SZ3400485;JCC","A",402,"EA",4.24223,{"v":1705.38,"d":"1,705.38"},12430101,"库存商品-产成品"]
["库位: A20","C005","C005-1475-106","JC253;蓝G;活塞 SZ3400485;JCC","A",{"v":2740,"d":"2,740.00"},"EA",4.24223,{"v":11623.71,"d":"11,623.71"},12430101,"库存商品-产成品"]
["库位: A20","C005","C005-2391-102","JC1P58MI;B;活塞; HONDA;综合四冲;JCC","A",{"v":1590,"d":"1,590.00"},"EA",5.69788,{"v":9059.63,"d":"9,059.63"},12430101,"库存商品-产成品"]
["库位: A20","C005","C005-2888-103","QS110;蓝(G);活塞; SUZUKI;NC四冲;JCC","A",{"v":1033,"d":"1,033.00"},"EA",4.97832,{"v":5142.61,"d":"5,142.61"},12430101,"库存商品-产成品"]
["库位: A20","C005","C005-2946-102","JC50;红;活塞; HONDA;NC四冲;JCC","A",724,"EA",2.93701,{"v":2126.39,"d":"2,126.39"},12430101,"库存商品-产成品"]
["库位: A20","C005","C005-3018-102","QM80;蓝;活塞; HONDA;NC四冲;JCC","A",131,"EA",3.70688,485.6,12430101,"库存商品-产成品"]
["库位: A20","C005","C005-3035-101","豪迈125;蓝;活塞; HONDA;NC四冲;JCC","A",73,"EA",2.84245,207.5,12430101,"库存商品-产成品"]
["库位: A20","C005","C005-3035-102","豪迈125;红;活塞; HONDA;NC四冲;JCC","A",20,"EA",2.84245,56.85,12430101,"库存商品-产成品"]
["库位: A20","C005","C005-3113-102","豪迈50;II;活塞; HONDA;NC四冲;JCC","A",76,"EA",3.17674,241.43,12430101,"库存商品-产成品"]
["库位: A20","C005","C005-3162-101","KCW;A;蓝;活塞 HONDA;NC四冲;JCC","A",10,"EA",2.77516,27.75,12430101,"库存商品-产成品"]
["库位: A20","C005","C005-3167-101","CB150N;A;活塞; HONDA;NC四冲;JCC","A",648,"EA",6.02025,{"v":3901.12,"d":"3,901.12"},12430101,"库存商品-产成品"]
["库位: A20","C005","C005-3167-102","CB150N;B;活塞; HONDA;NC四冲;JCC","A",23,"EA",6.02273,138.52,12430101,"库存商品-产成品"]
["库位: A20","C005","C005-3368-107","CG150;B;活塞; HONDA;NC四冲;JCC","A",24,"EA",4.73097,113.54,12430101,"库存商品-产成品"]
["库位: A20","C005","C005-3386-105","4CW;B蓝;活塞 YAMAHA;NC四冲;JCC","A",90,"EA",1.73583,156.22,12430101,"库存商品-产成品"]
["库位: A20","C005","C005-3468-103","AJ50;红;活塞; SUZUKI;NC二冲;JCC","A",25,"EA",5.6308,140.77,12430101,"库存商品-产成品"]
["库位: A20","C005","C005-3508-102","CB150;B;活塞; HONDA;NC四冲;JCC","A",{"v":1286,"d":"1,286.00"},"EA",5.62821,{"v":7237.88,"d":"7,237.88"},12430101,"库存商品-产成品"]
["库位: A20","C005","C005-3864-101","12111-03200;STD;活塞; HONDA;NC四冲;JCC","A",11,"EA",4.52375,49.76,12430101,"库存商品-产成品"]
["库位: A20","C005","C005-3973-102","QS110;黄F;活塞; SUZUKI;NC四冲;JCC","A",54,"EA",3.36167,181.53,12430101,"库存商品-产成品"]
["库位: A20","C005","C005-3973-103","QS110;兰G;活塞; SUZUKI;NC四冲;JCC","A",46,"EA",3.36167,154.64,12430101,"库存商品-产成品"]
["库位: A20","C005","C005-4078-101","CG150;A;活塞; HONDA;NC四冲;JCC","A",{"v":1005,"d":"1,005.00"},"EA",0,0,12430101,"库存商品-产成品"]
["库位: A20","C005","C005-4078-102","CG150;B;活塞; HONDA;NC四冲;JCC","A",761,"EA",7.48718,{"v":5697.74,"d":"5,697.74"},12430101,"库存商品-产成品"]
["库位: A20","C005","C005-4221-101","12111-05500;STD;活塞; OTHER;NC四冲;JCC","A",20,"EA",4.39011,87.8,12430101,"库存商品-产成品"]
["库位: A20","C005","C005-4466-102","12111-07000;N;活塞; OTHER;NC四冲;JCC","A",40,"EA",4.44386,177.75,12430101,"库存商品-产成品"]
["库位: A20","C005","C005-4615-101","TY157;STD;活塞; HONDA;NC四冲;XUE","A",366,"EA",4.59558,{"v":1681.98,"d":"1,681.98"},12430101,"库存商品-产成品"]
["库位: A20","C045","C045-0146-001","金城气缸体;A;11211-HS100","A",24,"EA",65.02825,{"v":1560.68,"d":"1,560.68"},12430101,"库存商品-产成品"]
["库位: A22","C005","C005-5221-101","5WB改进-1;A(赤);活塞; YAMAHA;NC四冲;JCC","A",{"v":2000,"d":"2,000.00"},"EA",5.71541,{"v":11430.83,"d":"11,430.83"},12430101,"库存商品-产成品"]
["库位: A25","C005","C005-2784-102","GZ125;黄(F);活塞; SUZUKI;四冲;JCC","A",171,"EA",4.73758,810.13,12430101,"库存商品-产成品"]
["库位: A25","C005","C005-2944-102","QS150T-1;黄(F);活塞; SUZUKI;NC四冲;JCC","A",30,"EA",5.02964,150.89,12430101,"库存商品-产成品"]
["库位: A39","C005","C005-2746-102","DA476Q;B;活塞; MITSUBISHI;NC汽车;JCC","A",{"v":5483,"d":"5,483.00"},"EA",9.40758,{"v":51581.79,"d":"51,581.79"},12430101,"库存商品-产成品"]
["库位: A39","C005","C005-2746-103","DA476Q;C;活塞; MITSUBISHI;NC汽车;JCC","A",711,"EA",9.40758,{"v":6688.79,"d":"6,688.79"},12430101,"库存商品-产成品"]
["库位: A39","C005","C005-2985-102","476Q-1004010;B;活塞; MITSUBISHI;NC汽车;JCC","A",{"v":5427,"d":"5,427.00"},"EA",11.56367,{"v":62756.03,"d":"62,756.03"},12430101,"库存商品-产成品"]
["库位: A39","C005","C005-2985-103","476Q-1004010;C;活塞; MITSUBISHI;NC汽车;JCC","A",93,"EA",11.56367,{"v":1075.42,"d":"1,075.42"},12430101,"库存商品-产成品"]
["库位: A39","C005","C005-2986-102","DA476Q-A5;B;活塞; MITSUBISHI;NC汽车;JCC","A",358,"EA",10.86959,{"v":3891.31,"d":"3,891.31"},12430101,"库存商品-产成品"]
["库位: A39","C005","C005-2986-103","DA476Q-A5;C;活塞; MITSUBISHI;NC汽车;JCC","A",366,"EA",10.86959,{"v":3978.27,"d":"3,978.27"},12430101,"库存商品-产成品"]
["库位: A39","C005","C005-2998-101","DA471Q-A5;A;活塞; MITSUBISHI;NC汽车;JCC","A",726,"EA",10.81407,{"v":7851.02,"d":"7,851.02"},12430101,"库存商品-产成品"]
["库位: A39","C005","C005-2998-103","DA471Q-A5;C;活塞; MITSUBISHI;NC汽车;JCC","A",{"v":1449,"d":"1,449.00"},"EA",10.81407,{"v":15669.59,"d":"15,669.59"},12430101,"库存商品-产成品"]
["库位: A39","C005","C005-3058-101","DA476Q-24;A;活塞; MITSUBISHI;NC汽车;JCC","A",273,"EA",10.78513,{"v":2944.34,"d":"2,944.34"},12430101,"库存商品-产成品"]
["库位: A39","C005","C005-3058-102","DA476Q-24;B;活塞; MITSUBISHI;NC汽车;JCC","A",{"v":6363,"d":"6,363.00"},"EA",10.78513,{"v":68625.81,"d":"68,625.81"},12430101,"库存商品-产成品"]
["库位: A39","C005","C005-3058-103","DA476Q-24;C;活塞; MITSUBISHI;NC汽车;JCC","A",385,"EA",10.78513,{"v":4152.28,"d":"4,152.28"},12430101,"库存商品-产成品"]
["库位: A39","C005","C005-3064-101","DAMD329139;A;活塞; MITSUBISHI;NC汽车;JCC","A",102,"EA",13.43015,{"v":1369.88,"d":"1,369.88"},12430101,"库存商品-产成品"]
["库位: A39","C005","C005-3064-102","DAMD329139;B;活塞; MITSUBISHI;NC汽车;JCC","A",117,"EA",13.43015,{"v":1571.33,"d":"1,571.33"},12430101,"库存商品-产成品"]
["库位: A39","C005","C005-3064-103","DAMD329139;C;活塞; MITSUBISHI;NC汽车;JCC","A",907,"EA",13.43015,{"v":12181.15,"d":"12,181.15"},12430101,"库存商品-产成品"]
["库位: A39","C005","C005-3065-102","DAGC100401;B;活塞; MITSUBISHI;NC汽车;JCC","A",{"v":7422,"d":"7,422.00"},"EA",12.85635,{"v":95419.82,"d":"95,419.82"},12430101,"库存商品-产成品"]
["库位: A39","C005","C005-3075-102","DAMN176307;B;活塞; MITSUBISHI;NC汽车;JCC","A",32,"EA",10.84914,347.17,12430101,"库存商品-产成品"]
["库位: A39","C005","C005-3075-103","DAMN176307;C;活塞; MITSUBISHI;NC汽车;JCC","A",69,"EA",10.84914,748.59,12430101,"库存商品-产成品"]
["库位: A39","C005","C005-3407-101","DA1110A021;A;活塞; MITSUBISHI;NC汽车;JCC","A",{"v":1866,"d":"1,866.00"},"EA",11.08891,{"v":20691.91,"d":"20,691.91"},12430101,"库存商品-产成品"]
["库位: A39","C005","C005-3407-102","DA1110A021;B;活塞; MITSUBISHI;NC汽车;JCC","A",{"v":23442,"d":"23,442.00"},"EA",11.08891,{"v":259946.28,"d":"259,946.28"},12430101,"库存商品-产成品"]
["库位: A39","C005","C005-3407-103","DA1110A021;C;活塞; MITSUBISHI;NC汽车;JCC","A",{"v":3854,"d":"3,854.00"},"EA",11.08891,{"v":42736.67,"d":"42,736.67"},12430101,"库存商品-产成品"]
["库位: A39","C005","C005-3520-102","DA1110B942;B;活塞; MITSUBISHI;NC汽车;JCC","A",35,"EA",13.0311,456.09,12430101,"库存商品-产成品"]
["库位: A39","C005","C005-3525-101","DAGC994278;A;活塞; MITSUBISHI;NC汽车;JCC","A",{"v":5451,"d":"5,451.00"},"EA",9.30444,{"v":50718.49,"d":"50,718.49"},12430101,"库存商品-产成品"]
["库位: A39","C005","C005-3525-102","DAGC994278;B;活塞; MITSUBISHI;NC汽车;JCC","A",{"v":10232,"d":"10,232.00"},"EA",9.30444,{"v":95203.01,"d":"95,203.01"},12430101,"库存商品-产成品"]
["库位: A39","C005","C005-3525-103","DAGC994278;C;活塞; MITSUBISHI;NC汽车;JCC","A",{"v":3005,"d":"3,005.00"},"EA",9.30444,{"v":27959.84,"d":"27,959.84"},12430101,"库存商品-产成品"]
["库位: A39","C005","C005-4001-101","DAMN176307-B;A;活塞; MITSUBISHI;NC汽车;JCC","A",{"v":1156,"d":"1,156.00"},"EA",10.88018,{"v":12577.49,"d":"12,577.49"},12430101,"库存商品-产成品"]
["库位: A39","C005","C005-4001-102","DAMN176307-B;B;活塞; MITSUBISHI;NC汽车;JCC","A",{"v":2770,"d":"2,770.00"},"EA",10.88018,{"v":30138.11,"d":"30,138.11"},12430101,"库存商品-产成品"]
["库位: A39","C005","C005-4001-103","DAMN176307-B;C;活塞; MITSUBISHI;NC汽车;JCC","A",742,"EA",10.88018,{"v":8073.1,"d":"8,073.10"},12430101,"库存商品-产成品"]
["库位: A39","C005","C005-4437-101","4G15S2-1004010;A;活塞 MITSUBISHI;NC汽车;JCC","A",{"v":4307,"d":"4,307.00"},"EA",10.53787,{"v":45386.61,"d":"45,386.61"},12430101,"库存商品-产成品"]
["库位: A39","C005","C005-4437-102","4G15S2-1004010;B;活塞 MITSUBISHI;NC汽车;JCC","A",{"v":1534,"d":"1,534.00"},"EA",10.53787,{"v":16165.09,"d":"16,165.09"},12430101,"库存商品-产成品"]
["库位: A39","C005","C005-4437-103","4G15S2-1004010;C;活塞 MITSUBISHI;NC汽车;JCC","A",334,"EA",10.53787,{"v":3519.65,"d":"3,519.65"},12430101,"库存商品-产成品"]
["库位: A39","C005","C005-4438-101","476Q-1004020;A;活塞; MITSUBISHI;NC汽车;JCC","A",{"v":1382,"d":"1,382.00"},"EA",10.7688,{"v":14882.48,"d":"14,882.48"},12430101,"库存商品-产成品"]
["库位: A39","C005","C005-4438-102","476Q-1004020;B;活塞; MITSUBISHI;NC汽车;JCC","A",{"v":6356,"d":"6,356.00"},"EA",10.7688,{"v":68446.48,"d":"68,446.48"},12430101,"库存商品-产成品"]
["库位: A39","C005","C005-4438-103","476Q-1004020;C;活塞; MITSUBISHI;NC汽车;JCC","A",{"v":2274,"d":"2,274.00"},"EA",10.7688,{"v":24488.25,"d":"24,488.25"},12430101,"库存商品-产成品"]
["库位: A39","C005","C005-4499-101","4G13S2-1004010;A;活塞; MITSUBISHI;NC汽车;JCC","A",41,"EA",9.86938,404.64,12430101,"库存商品-产成品"]
["库位: A39","C005","C005-4499-102","4G13S2-1004010;B;活塞; MITSUBISHI;NC汽车;JCC","A",36,"EA",9.86938,355.3,12430101,"库存商品-产成品"]
["库位: A39","C005","C005-4499-103","4G13S2-1004010;C;活塞; MITSUBISHI;NC汽车;JCC","A",85,"EA",9.86938,838.9,12430101,"库存商品-产成品"]
["库位: A39","C005","C005-4506-101","4G15M2-1004001;A;活塞; MITSUBISHI;NC汽车;JCC","A",21,"EA",10.36551,217.68,12430101,"库存商品-产成品"]
["库位: A39","C005","C005-4506-102","4G15M2-1004001;B;活塞; MITSUBISHI;NC汽车;JCC","A",30,"EA",10.36551,310.97,12430101,"库存商品-产成品"]
["库位: A39","C005","C005-4506-103","4G15M2-1004001;C;活塞; MITSUBISHI;NC汽车;JCC","A",33,"EA",10.36551,342.06,12430101,"库存商品-产成品"]
["库位: A39","C005","C005-4550-102","4G18S2-1004010;B;活塞 MITSUBISHI;NC汽车;JCC","A",15,"EA",9.90257,148.54,12430101,"库存商品-产成品"]
["库位: A39","C005","C005-4550-103","4G18S2-1004010;C;活塞 MITSUBISHI;NC汽车;JCC","A",20,"EA",9.90257,198.05,12430101,"库存商品-产成品"]
["库位: A39","C005","C005-4551-101","476Q-JL-1004010;A;活塞; MITSUBISHI;NC汽车;JCC","A",27,"EA",8.66071,233.84,12430101,"库存商品-产成品"]
["库位: A39","C005","C005-4551-102","476Q-JL-1004010;B;活塞; MITSUBISHI;NC汽车;JCC","A",80,"EA",8.66071,692.86,12430101,"库存商品-产成品"]
["库位: A39","C005","C005-4551-103","476Q-JL-1004010;C;活塞; MITSUBISHI;NC汽车;JCC","A",76,"EA",8.66071,658.21,12430101,"库存商品-产成品"]
["库位: A39","C005","C005-4552-101","DAGC100420;A;活塞; MITSUBISHI;NC汽车;JCC","A",16,"EA",11.84995,189.6,12430101,"库存商品-产成品"]
["库位: A39","C005","C005-4552-102","DAGC100420;B;活塞; MITSUBISHI;NC汽车;JCC","A",214,"EA",11.84995,{"v":2535.89,"d":"2,535.89"},12430101,"库存商品-产成品"]
["库位: A39","C005","C005-4552-103","DAGC100420;C;活塞; MITSUBISHI;NC汽车;JCC","A",72,"EA",11.84995,853.2,12430101,"库存商品-产成品"]
["库位: A39","C005","C005-4553-101","DAGC100410;A;活塞; MITSUBISHI;NC汽车;JCC","A",33,"EA",12.13438,400.43,12430101,"库存商品-产成品"]
["库位: A39","C005","C005-4553-102","DAGC100410;B;活塞; MITSUBISHI;NC汽车;JCC","A",278,"EA",12.13438,{"v":3373.36,"d":"3,373.36"},12430101,"库存商品-产成品"]
["库位: A39","C005","C005-4553-103","DAGC100410;C;活塞; MITSUBISHI;NC汽车;JCC","A",15,"EA",12.13438,182.02,12430101,"库存商品-产成品"]
["库位: A39","C005","C005-4554-101","471Q-A5-1004010;A;活塞; MITSUBISHI;NC汽车;JCC","A",{"v":2235,"d":"2,235.00"},"EA",10.14102,{"v":22665.19,"d":"22,665.19"},12430101,"库存商品-产成品"]
["库位: A39","C005","C005-4554-102","471Q-A5-1004010;B;活塞; MITSUBISHI;NC汽车;JCC","A",{"v":2520,"d":"2,520.00"},"EA",10.14102,{"v":25555.38,"d":"25,555.38"},12430101,"库存商品-产成品"]
["库位: A39","C005","C005-4554-103","471Q-A5-1004010;C;活塞; MITSUBISHI;NC汽车;JCC","A",{"v":1517,"d":"1,517.00"},"EA",10.14102,{"v":15383.93,"d":"15,383.93"},12430101,"库存商品-产成品"]
["库位: A39","C005","C005-4770-101","4G18S2-1004010-B;A;活塞 MITSUBISHI;NC汽车;JCC","A",7,"EA",8.82616,61.78,12430101,"库存商品-产成品"]
["库位: A39","C005","C005-4770-102","4G18S2-1004010-B;B;活塞 MITSUBISHI;NC汽车;JCC","A",8,"EA",8.82616,70.61,12430101,"库存商品-产成品"]
["库位: A39","C005","C005-4772-101","DA111A021SG1;A;活塞; MITSUBISHI;NC汽车;JCC","A",20,"EA",9.32306,186.46,12430101,"库存商品-产成品"]
["库位: A39","C005","C005-4772-102","DA111A021SG1;B;活塞; MITSUBISHI;NC汽车;JCC","A",16,"EA",9.32306,149.17,12430101,"库存商品-产成品"]
["库位: A39","C005","C005-4772-103","DA111A021SG1;C;活塞; MITSUBISHI;NC汽车;JCC","A",20,"EA",9.32306,186.46,12430101,"库存商品-产成品"]
["库位: A39","C005","C005-4773-101","DA1110A021SG2;A;活塞; MITSUBISHI;NC汽车;JCC","A",20,"EA",9.02357,180.47,12430101,"库存商品-产成品"]
["库位: A39","C005","C005-4773-102","DA1110A021SG2;B;活塞; MITSUBISHI;NC汽车;JCC","A",20,"EA",9.02357,180.47,12430101,"库存商品-产成品"]
["库位: A39","C005","C005-4773-103","DA1110A021SG2;C;活塞; MITSUBISHI;NC汽车;JCC","A",20,"EA",9.02357,180.47,12430101,"库存商品-产成品"]
["库位: A39","C005","C005-5137-101","DAED107297;A;活塞; MITSUBISHI;NC汽车;JCC","A",{"v":3247,"d":"3,247.00"},"EA",10.21874,{"v":33180.26,"d":"33,180.26"},12430101,"库存商品-产成品"]
["库位: A39","C005","C005-5137-102","DAED107297;B;活塞; MITSUBISHI;NC汽车;JCC","A",222,"EA",10.21874,{"v":2268.56,"d":"2,268.56"},12430101,"库存商品-产成品"]
["库位: A39","C005","C005-5137-103","DAED107297;C;活塞; MITSUBISHI;NC汽车;JCC","A",{"v":2940,"d":"2,940.00"},"EA",10.21874,{"v":30043.11,"d":"30,043.11"},12430101,"库存商品-产成品"]
["库位: A39","C005","C005-5208-101","DAED148413;A;活塞; MITSUBISHI;NC汽车;JCC","A",{"v":4377,"d":"4,377.00"},"EA",10.91282,{"v":47765.42,"d":"47,765.42"},12430101,"库存商品-产成品"]
["库位: A39","C005","C005-5208-102","DAED148413;B;活塞; MITSUBISHI;NC汽车;JCC","A",{"v":19457,"d":"19,457.00"},"EA",10.91282,{"v":212330.76,"d":"212,330.76"},12430101,"库存商品-产成品"]
["库位: A39","C005","C005-5208-103","DAED148413;C;活塞; MITSUBISHI;NC汽车;JCC","A",{"v":4898,"d":"4,898.00"},"EA",10.91282,{"v":53451,"d":"53,451.00"},12430101,"库存商品-产成品"]
["库位: A40","C005","C005-0689-101","Z1T;STD;活塞 HN3503006;JCC","A",80,"EA",7.19641,575.71,12430101,"库存商品-产成品"]
["库位: A40","C005","C005-2806-101","13101-Z1T-0000;STD;活塞; HONDA;NC四冲;JCC","A",941,"EA",7.18332,{"v":6759.5,"d":"6,759.50"},12430101,"库存商品-产成品"]
["库位: A40","C005","C005-3028-101","13101-Z1T-0102;STD;活塞; HONDA;NC四冲;JCC","A",4,"EA",6.47594,25.9,12430101,"库存商品-产成品"]
["库位: A40","C005","C005-3876-101","Z7B;STD;活塞; HONDA;NC四冲;JCC","A",{"v":1903,"d":"1,903.00"},"EA",8.44651,{"v":16073.72,"d":"16,073.72"},12430101,"库存商品-产成品"]
["库位: A40","C005","C005-3902-101","Z7E;STD;活塞; HONDA;NC四冲;JCC","A",{"v":2924,"d":"2,924.00"},"EA",11.62347,{"v":33987.03,"d":"33,987.03"},12430101,"库存商品-产成品"]
["库位: A40","C005","C005-3903-101","Z7D;STD;活塞; HONDA;NC四冲;JCC","A",277,"EA",8.94559,{"v":2477.93,"d":"2,477.93"},12430101,"库存商品-产成品"]
["库位: A40","C005","C005-4657-101","ZCW;STD;活塞; HONDA;NC四冲;JCC,ZCW","A",{"v":16965,"d":"16,965.00"},"EA",6.06205,{"v":102842.64,"d":"102,842.64"},12430101,"库存商品-产成品"]
["库位: A40","C005","C005-4657-102","13102-ZCW-0000;0.25;活塞 HONDA;NC四冲;JCC,ZCW","A",93,"EA",6.06205,563.77,12430101,"库存商品-产成品"]
["库位: A40","C005","C005-4657-103","13103-ZCW-0000;0.50;活塞 HONDA;NC四冲;JCC,ZCW","A",116,"EA",6.06205,703.2,12430101,"库存商品-产成品"]
["库位: A40","C005","C005-4657-104","13104-ZCW-0000;0.75;活塞 HONDA;NC四冲;JCC,ZCW","A",20,"EA",6.06205,121.24,12430101,"库存商品-产成品"]
["库位: A40","C005","C005-5037-101","13101-Z6L-0202;STD;活塞; HONDA;NC四冲;JCC,FW","A",{"v":35160,"d":"35,160.00"},"EA",7.90749,{"v":278027.26,"d":"278,027.26"},12430101,"库存商品-产成品"]
["库位: A40","C005","C005-5195-101","13101-Z1T-0103;STD;活塞; HONDA;NC四冲;JCC","A",{"v":2651,"d":"2,651.00"},"EA",5.36309,{"v":14217.55,"d":"14,217.55"},12430101,"库存商品-产成品"]
["库位: A41","C005","C005-4253-101","1CC;A;活塞; YAMAHA;NC四冲;JCC,1CC;","A",115,"EA",6.49403,746.81,12430101,"库存商品-产成品"]
["库位: A41","C005","C005-4431-101","4S5;A(赤);活塞; YAMAHA;NC四冲;JCC;","A",1,"EA",6.73679,6.74,12430101,"库存商品-产成品"]
["库位: A41","C005","C005-4431-102","4S5;B(橙);活塞; YAMAHA;NC四冲;JCC;","A",22,"EA",6.73679,148.21,12430101,"库存商品-产成品"]
["库位: A43","C005","C005-4370-101","M05G1004102;STD;活塞; HAIMA;NC汽车;JCC","A",195,"EA",8.02663,{"v":1565.19,"d":"1,565.19"},12430101,"库存商品-产成品"]
["库位: A43","C005","C005-4738-101","M22G1004102;STD;活塞; Haima;NC汽车;JCC","A",{"v":5498,"d":"5,498.00"},"EA",7.5671,{"v":41603.94,"d":"41,603.94"},12430101,"库存商品-产成品"]
["库位: A43","C005","C005-4767-101","N03G1004111;STD;活塞; MT;NC汽车;JCC,HM15","A",{"v":17819,"d":"17,819.00"},"EA",8.77049,{"v":156281.38,"d":"156,281.38"},12430101,"库存商品-产成品"]
["库位: A43","C005","C005-4768-101","N07G1004111;STD;活塞; MT;NC汽车;JCC,HM15","A",{"v":13625,"d":"13,625.00"},"EA",8.81235,{"v":120068.31,"d":"120,068.31"},12430101,"库存商品-产成品"]
["库位: A43","C005","C005-5151-101","N07G1004111-1;STD;活塞; MT;NC汽车;JCC,HM15","A",120,"EA",8.169,980.28,12430101,"库存商品-产成品"]
["库位: A44","C005","C005-3990-101","KVR;STD;活塞; HONDA;NC四冲;JCC","A",969,"EA",4.40686,{"v":4270.25,"d":"4,270.25"},12430101,"库存商品-产成品"]
["库位: A44","C005","C005-3990-102","KVR;0.25;活塞; HONDA;NC四冲;JCC","A",281,"EA",4.40992,{"v":1239.19,"d":"1,239.19"},12430101,"库存商品-产成品"]
["库位: A44","C005","C005-3990-103","KVR;0.50;活塞; HONDA;NC四冲;JCC","A",31,"EA",4.40992,136.71,12430101,"库存商品-产成品"]
["库位: A44","C005","C005-3990-104","KVR;0.75;活塞; HONDA;NC四冲;JCC","A",29,"EA",4.40992,127.89,12430101,"库存商品-产成品"]
["库位: A44","C005","C005-3990-105","KVR;1.00;活塞; HONDA;NC四冲;JCC","A",4,"EA",4.40992,17.64,12430101,"库存商品-产成品"]
["库位: A44","C005","C005-4182-101","KRH;STD;活塞; HONDA;NC四冲;JCC","A",102,"EA",4.81767,491.4,12430101,"库存商品-产成品"]
["库位: A44","C005","C005-4582-101","KWW;STD;活塞; HONDA;NC四冲;JCC","A",{"v":8338,"d":"8,338.00"},"EA",4.07679,{"v":33992.29,"d":"33,992.29"},12430101,"库存商品-产成品"]
["库位: A44","C005","C005-4582-105","KWW;1.00;活塞; HONDA;NC四冲;JCC","A",31,"EA",4.07679,126.38,12430101,"库存商品-产成品"]
["库位: A44","C005","C005-4693-101","KRM;STD;活塞; HONDA;NC四冲;盾牌,KRM","A",{"v":10923,"d":"10,923.00"},"EA",5.26137,{"v":57469.92,"d":"57,469.92"},12430101,"库存商品-产成品"]
["库位: A44","C005","C005-4693-102","KRM;0.25;活塞; HONDA;NC四冲;盾牌,KRM","A",49,"EA",5.26137,257.81,12430101,"库存商品-产成品"]
["库位: A44","C005","C005-4693-104","KRM;0.75;活塞; HONDA;NC四冲;盾牌,KRM","A",16,"EA",5.26137,84.18,12430101,"库存商品-产成品"]
["库位: A44","C005","C005-4693-105","KRM;1.00;活塞; HONDA;NC四冲;盾牌,KRM","A",80,"EA",5.26137,420.91,12430101,"库存商品-产成品"]
["库位: A44","C005","C005-4759-101","KTE;STD;活塞; HONDA;NC四冲;JCC","A",{"v":2537,"d":"2,537.00"},"EA",5.15088,{"v":13067.78,"d":"13,067.78"},12430101,"库存商品-产成品"]
["库位: A44","C005","C005-5184-101","13101-K03-H101;STD;活塞; HONDA;NC四冲;JCC;","A",{"v":9589,"d":"9,589.00"},"EA",3.88469,{"v":37250.26,"d":"37,250.26"},12430101,"库存商品-产成品"]
["库位: A45","C005","C005-4292-101","5VL;A(赤);活塞; YAMAHA;NC四冲;JCC","A",{"v":1199,"d":"1,199.00"},"EA",4.80084,{"v":5756.21,"d":"5,756.21"},12430101,"库存商品-产成品"]
["库位: A45","C005","C005-4292-102","5VL;B(橙);活塞; YAMAHA;NC四冲;JCC","A",{"v":11502,"d":"11,502.00"},"EA",4.80084,{"v":55219.25,"d":"55,219.25"},12430101,"库存商品-产成品"]
["库位: A45","C005","C005-4292-103","5VL;C(绿);活塞; YAMAHA;NC四冲;JCC","A",800,"EA",4.80084,{"v":3840.67,"d":"3,840.67"},12430101,"库存商品-产成品"]
["库位: A45","C005","C005-4292-104","5VL;D(紫);活塞; YAMAHA;NC四冲;JCC","A",{"v":5674,"d":"5,674.00"},"EA",4.80084,{"v":27239.96,"d":"27,239.96"},12430101,"库存商品-产成品"]
["库位: A45","C005","C005-4523-101","1JD;A(红);活塞; YAMAHA;NC四冲;JCC 1JD","A",660,"EA",3.81618,{"v":2518.68,"d":"2,518.68"},12430101,"库存商品-产成品"]
["库位: A45","C005","C005-4523-102","1JD;B(橙);活塞; YAMAHA;NC四冲;JCC 1JD","A",36,"EA",3.81618,137.38,12430101,"库存商品-产成品"]
["库位: A45","C005","C005-5016-101","BB6-E1631-00;A赤;活塞; YAMAHA;NC四冲;JCC、B37","A",521,"EA",4.76733,{"v":2483.78,"d":"2,483.78"},12430101,"库存商品-产成品"]
["库位: A45","C005","C005-5016-102","BB6-E1631-00;B橙;活塞; YAMAHA;NC四冲;JCC、B37","A",335,"EA",4.76733,{"v":1597.05,"d":"1,597.05"},12430101,"库存商品-产成品"]
["库位: A45","C005","C005-5169-101","BOX-E1631-00;A赤;活塞; YAMAHA;NC四冲;JCC、BOX","A",{"v":3941,"d":"3,941.00"},"EA",4.26788,{"v":16819.7,"d":"16,819.70"},12430101,"库存商品-产成品"]
["库位: A45","C005","C005-5169-102","BOX-E1631-00;B橙;活塞; YAMAHA;NC四冲;JCC、BOX","A",{"v":4152,"d":"4,152.00"},"EA",4.26788,{"v":17720.22,"d":"17,720.22"},12430101,"库存商品-产成品"]
["库位: A46","C005","C005-2741-101","KTT;STD;活塞; HONDA;NC四冲;JCC","A",{"v":2795,"d":"2,795.00"},"EA",16.32651,{"v":45632.6,"d":"45,632.60"},12430101,"库存商品-产成品"]
["库位: A46","C005","C005-2741-104","KTT;0.75;活塞; HONDA;NC四冲;JCC","A",20,"EA",5.50401,110.08,12430101,"库存商品-产成品"]
["库位: A46","C005","C005-2741-105","KTT;1.00;活塞; HONDA;NC四冲;JCC","A",11,"EA",5.50401,60.54,12430101,"库存商品-产成品"]
["库位: A46","C005","C005-2755-101","KRF;STD;活塞; HONDA;NC四冲;JCC","A",4,"EA",12.12304,48.49,12430101,"库存商品-产成品"]
["库位: A46","C005","C005-3405-102","KVX;0.50;活塞; HONDA;NC四冲;JCC","A",5,"EA",5.08232,25.41,12430101,"库存商品-产成品"]
["库位: A46","C005","C005-4182-101","KRH;STD;活塞; HONDA;NC四冲;JCC","A",100,"EA",4.81767,481.77,12430101,"库存商品-产成品"]
["库位: A46","C005","C005-4401-101","KZL;STD;活塞; HONDA;NC四冲;JCC KVY","A",{"v":1014,"d":"1,014.00"},"EA",3.89044,{"v":3944.91,"d":"3,944.91"},12430101,"库存商品-产成品"]
["库位: A46","C005","C005-4582-101","KWW;STD;活塞; HONDA;NC四冲;JCC","A",672,"EA",4.07679,{"v":2739.6,"d":"2,739.60"},12430101,"库存商品-产成品"]
["库位: A46","C005","C005-4582-103","KWW;0.50;活塞; HONDA;NC四冲;JCC","A",100,"EA",4.07679,407.68,12430101,"库存商品-产成品"]
["库位: A46","C005","C005-4644-101","13101-GGN-J000;STD;活塞; HONDA;NC四冲;JCC","A",501,"EA",4.22541,{"v":2116.93,"d":"2,116.93"},12430101,"库存商品-产成品"]
["库位: A46","C005","C005-4693-101","KRM;STD;活塞; HONDA;NC四冲;盾牌,KRM","A",15,"EA",5.26137,78.92,12430101,"库存商品-产成品"]
["库位: A46","C005","C005-4693-102","KRM;0.25;活塞; HONDA;NC四冲;盾牌,KRM","A",150,"EA",5.26137,789.21,12430101,"库存商品-产成品"]
["库位: A46","C005","C005-4693-103","KRM;0.50;活塞; HONDA;NC四冲;盾牌,KRM","A",150,"EA",5.26137,789.21,12430101,"库存商品-产成品"]
["库位: A46","C005","C005-4693-104","KRM;0.75;活塞; HONDA;NC四冲;盾牌,KRM","A",150,"EA",5.26137,789.21,12430101,"库存商品-产成品"]
["库位: A46","C005","C005-4693-105","KRM;1.00;活塞; HONDA;NC四冲;盾牌,KRM","A",50,"EA",5.26137,263.07,12430101,"库存商品-产成品"]
["库位: A46","C005","C005-4715-101","GEL;STD;活塞; HONDA;NC四冲;JCC","A",{"v":2079,"d":"2,079.00"},"EA",3.20493,{"v":6663.05,"d":"6,663.05"},12430101,"库存商品-产成品"]
["库位: A46","C005","C005-4742-101","13101-K08-9000;STD;活塞; HONDA;NC四冲;JCC;","A",{"v":1800,"d":"1,800.00"},"EA",4.26472,{"v":7676.5,"d":"7,676.50"},12430101,"库存商品-产成品"]
["库位: A46","C005","C005-4759-101","KTE;STD;活塞; HONDA;NC四冲;JCC","A",100,"EA",5.15088,515.09,12430101,"库存商品-产成品"]
["库位: A46","C005","C005-4759-102","KTE;0.25;活塞; HONDA;NC四冲;JCC","A",50,"EA",5.15088,257.54,12430101,"库存商品-产成品"]
["库位: A46","C005","C005-4879-105","13105-K48-A000;1.00;活塞 HONDA;NC四冲;JCC","A",20,"EA",3.95618,79.12,12430101,"库存商品-产成品"]
["库位: A46","C005","C005-4946-101","13101-K70-6000;STD;活塞 HONDA;NC四冲;JCC","A",{"v":2008,"d":"2,008.00"},"EA",5.05461,{"v":10149.65,"d":"10,149.65"},12430101,"库存商品-产成品"]
["库位: A46","C005","C005-4947-101","13101-KPN-A700;STD;活塞; HONDA;NC四冲;JCC","A",2,"EA",4.94358,9.89,12430101,"库存商品-产成品"]
["库位: A46","C005","C005-4961-101","KYY;STD;活塞; HONDA;NC四冲;KYY JCC","A",{"v":4934,"d":"4,934.00"},"EA",4.38778,{"v":21649.31,"d":"21,649.31"},12430101,"库存商品-产成品"]
["库位: A46","C005","C005-4961-102","KYY;0.25;活塞; HONDA;NC四冲;KYY JCC","A",100,"EA",4.38778,438.78,12430101,"库存商品-产成品"]
["库位: A46","C005","C005-5031-101","13101-K48-A000;STD;活塞; HONDA;NC四冲;JCC","A",{"v":2107,"d":"2,107.00"},"EA",3.978,{"v":8381.65,"d":"8,381.65"},12430101,"库存商品-产成品"]
["库位: A46","C005","C005-5035-101","13101-K69-6001;STD;活塞; HONDA;NC四冲;JCC","A",10,"EA",4.4195,44.2,12430101,"库存商品-产成品"]
["库位: A46","C005","C005-5117-101","13101-K88-L000;STD;活塞 HONDA;NC四冲;JCC;","A",{"v":1500,"d":"1,500.00"},"EA",5.58627,{"v":8379.4,"d":"8,379.40"},12430101,"库存商品-产成品"]
["库位: A46","C005","C005-5167-101","KTT;STD;活塞; HONDA;NC四冲;JCC","A",5,"EA",5.24165,26.21,12430101,"库存商品-产成品"]
["库位: A46","C005","C005-5184-101","13101-K03-H101;STD;活塞; HONDA;NC四冲;JCC;","A",104,"EA",3.88469,404.01,12430101,"库存商品-产成品"]
["库位: A46","C005","C005-5187-101","13101-K79-E001;STD;活塞; HONDA;NC四冲;JCC","A",51,"EA",4.95084,252.49,12430101,"库存商品-产成品"]
["库位: A46","C005","C005-5187-102","13101-K79-E001;0.25;活塞 HONDA;NC四冲;JCC","A",50,"EA",4.95084,247.54,12430101,"库存商品-产成品"]
["库位: A46","C005","C005-5187-103","13101-K79-E001;0.50;活塞 HONDA;NC四冲;JCC","A",50,"EA",4.95084,247.54,12430101,"库存商品-产成品"]
["库位: A46","C005","C005-5187-104","13101-K79-E001;0.75;活塞 HONDA;NC四冲;JCC","A",50,"EA",4.95084,247.54,12430101,"库存商品-产成品"]
["库位: A46","C005","C005-5187-105","13101-K79-E001;1.00;活塞 HONDA;NC四冲;JCC","A",50,"EA",4.95084,247.54,12430101,"库存商品-产成品"]
["库位: A46","C005","C005-5205-101","13101-K79-E001-PE;STD; 活塞;HONDA;NC四冲;JCC","A",250,"EA",4.95084,{"v":1237.71,"d":"1,237.71"},12430101,"库存商品-产成品"]
["库位: A46","C005","C005-5209-101","13101-K69-6000;STD;活塞; HONDA;NC四冲;JCC","A",10,"EA",4.34122,43.41,12430101,"库存商品-产成品"]
["库位: A48","C005","C005-2775-103","HM483Q;B;活塞; OTHER;NC汽车;JCC","A",243,"EA",11.61337,{"v":2822.05,"d":"2,822.05"},12430101,"库存商品-产成品"]
["库位: A48","C005","C005-3988-101","474Q-B-11102;STD;活塞; MT;NC汽车;JCC,HM13","A",{"v":1514,"d":"1,514.00"},"EA",8.70722,{"v":13182.73,"d":"13,182.73"},12430101,"库存商品-产成品"]
["库位: A48","C005","C005-4296-101","474Q-L-11102;STD;活塞; MT;NC汽车;JCC,HM15","A",36,"EA",8.00706,288.25,12430101,"库存商品-产成品"]
["库位: A48","C005","C005-4297-101","474Q-BL-11102;STD;活塞; MT;NC汽车;JCC,HM13","A",436,"EA",8.09928,{"v":3531.29,"d":"3,531.29"},12430101,"库存商品-产成品"]
["库位: A48","C005","C005-4864-101","474Q-C-11102-1;STD;活塞; MT;NC汽车;JCC,HM15","A",32,"EA",6.1503,196.81,12430101,"库存商品-产成品"]
["库位: A48","C005","C005-4867-101","474Q-B-11102-1;STD;活塞; MT;NC汽车;JCC,HM13","A",{"v":1110,"d":"1,110.00"},"EA",8.82459,{"v":9795.29,"d":"9,795.29"},12430101,"库存商品-产成品"]
["库位: A48","C005","C005-4868-101","479Q-11102-1;A;活塞; Haima;NC汽车;JCC","A",{"v":1101,"d":"1,101.00"},"EA",9.82895,{"v":10821.67,"d":"10,821.67"},12430101,"库存商品-产成品"]
["库位: A48","C005","C005-4868-102","479Q-11102-1;B;活塞; Haima;NC汽车;JCC","A",387,"EA",9.82895,{"v":3803.8,"d":"3,803.80"},12430101,"库存商品-产成品"]
["库位: A48","C005","C005-4868-103","479Q-11102-1;C;活塞; Haima;NC汽车;JCC","A",756,"EA",9.82895,{"v":7430.68,"d":"7,430.68"},12430101,"库存商品-产成品"]
["库位: A48","C005","C005-4876-101","474Q-C-11102-1;STD;活塞; MT;NC汽车;JCC,HM15","A",{"v":3126,"d":"3,126.00"},"EA",8.23648,{"v":25747.22,"d":"25,747.22"},12430101,"库存商品-产成品"]
["库位: A48","C005","C005-5131-101","474Q-T2-11102;STD;活塞 HAIMA;NC汽车;JCC;","A",{"v":1246,"d":"1,246.00"},"EA",8.38469,{"v":10447.33,"d":"10,447.33"},12430101,"库存商品-产成品"]
["库位: A48","C005","C005-5133-101","484Q-T-11102;A;活塞; OTHER;NC汽车;JCC;","A",87,"EA",19.02697,{"v":1655.35,"d":"1,655.35"},12430101,"库存商品-产成品"]
["库位: A48","C005","C005-5133-102","484Q-T-11102;B;活塞; OTHER;NC汽车;JCC;","A",236,"EA",19.02697,{"v":4490.36,"d":"4,490.36"},12430101,"库存商品-产成品"]
["库位: A48","C005","C005-5133-103","484Q-T-11102;C;活塞; OTHER;NC汽车;JCC;","A",898,"EA",19.02697,{"v":17086.22,"d":"17,086.22"},12430101,"库存商品-产成品"]
["库位: A48","C005","C005-5139-101","474Q-T3-11102;STD;活塞; Haima;NC汽车;JCC;","A",627,"EA",8.54696,{"v":5358.95,"d":"5,358.95"},12430101,"库存商品-产成品"]
["库位: A51","C005","C005-2846-101","28123421H3;STD;活塞; OTHER;NC四冲;JCC及专用","A",{"v":3024,"d":"3,024.00"},"EA",14.1415,{"v":42763.9,"d":"42,763.90"},12430101,"库存商品-产成品"]
["库位: A51","C005","C005-2847-101","28223421H3;STD;活塞; OTHER;NC四冲;JCC及专用","A",{"v":11808,"d":"11,808.00"},"EA",15.28579,{"v":180494.65,"d":"180,494.65"},12430101,"库存商品-产成品"]
["库位: A51","C005","C005-3679-101","20F23401H3;STD;活塞; OTHER;NC四冲;JCC专MARK","A",{"v":1368,"d":"1,368.00"},"EA",3.6452,{"v":4986.63,"d":"4,986.63"},12430101,"库存商品-产成品"]
[{"$nulls":7},"库位合计",{"v":228245.18,"d":"228,245.18"}]
[{"$nulls":7},"地点合计",{"v":33551093.35,"d":"33,551,093.35"}]
[{"$nulls":7},"报表合计",{"v":33551093.35,"d":"33,551,093.35"}]

{"sheet":"精工单价查询","index":4,"n_rows":1539,"n_cols":9,"rows_kept":1539,"hidden":true,"flags":["formulas_cached_only"]}
["地点","库位:","零件号             ","说明                                              ","ABC        ","库存量 UM        "," GL 成本    ","单价","总帐成本合计"]
[2000,"005a011","C045-0023-001","4CW 陶瓷缸 HBM00101","A",784,"EA",93.13194,{"v":73015.44,"d":"73,015.44"}]
[2000,"005A221","C005-4469-701","318441A9;STD;活塞; OTHER;NC四冲;NO MARK","A",{"v":5740,"d":"5,740.00"},"EA",9.83431,{"v":56448.93,"d":"56,448.93"}]
[2000,"005A222","C007-3862-7400","195.132.200;活塞组件;","A",{"v":3660,"d":"3,660.00"},"EA",19.96248,{"v":73062.68,"d":"73,062.68"}]
[2000,"005A222","C007-4353-7800","140631-4;活塞组件;","A",{"v":8630,"d":"8,630.00"},"EA",20.12827,{"v":173707.01,"d":"173,707.01"}]
[2000,"005A231","C005-3180-701","318631-4;STD;活塞; OTHER;NC二冲;NO MARK;","A",{"v":9872,"d":"9,872.00"},"EA",9.77634,{"v":96512.05,"d":"96,512.05"}]
[2000,"005A241","C005-3862-701","195.132.110;STD;活塞; OTHER;NC二冲;JCC专MARK","A",{"v":10006,"d":"10,006.00"},"EA",2.10968,{"v":21109.46,"d":"21,109.46"}]
[2000,"005A261","C005-3463-701","318858A6;STD;活塞; OTHER;NC二冲;NO MARK","A",{"v":10040,"d":"10,040.00"},"EA",11.55427,{"v":116004.87,"d":"116,004.87"}]
[2000,"005A261","C005-4405-701","318853*6;STD;活塞; OTHER;NC四冲;JCC","A",{"v":2325,"d":"2,325.00"},"EA",9.68415,{"v":22515.65,"d":"22,515.65"}]
[2000,"005F01","C025-0043-001","COPELAND连杆; 508-0443-00","A",{"v":12220,"d":"12,220.00"},"EA",13.52624,{"v":165290.62,"d":"165,290.62"}]
[2000,"005F02","C305-0019-002","Z6L歧管;17101-Z6L-0100 嘉陵本田","A",5,"EA",27.34622,136.73]
[2000,"005F03","C065-0027-001","特灵底座; X68108952","A",{"v":1984,"d":"1,984.00"},"EA",17.918,{"v":35549.32,"d":"35,549.32"}]
[2000,"005F03","C065-0030-001","特灵底座; X68108381","A",{"v":2745,"d":"2,745.00"},"EA",13.80003,{"v":37881.08,"d":"37,881.08"}]
[2000,"005F03","C115-0025-001","十字连轴节; X68108965","A",629,"EA",10.46373,{"v":6581.69,"d":"6,581.69"}]
[2000,"005F05","C065-0029-001","底座;X68108923;","A",{"v":11088,"d":"11,088.00"},"EA",7.79733,{"v":86456.81,"d":"86,456.81"}]
[2000,"005F05","C065-0031-001","特灵底座; X68108962-01","A",{"v":1532,"d":"1,532.00"},"EA",5.89373,{"v":9029.19,"d":"9,029.19"}]
[2000,"005F05","C065-0031-002","特灵底座; X68108962-02","A",653,"EA",5.89373,{"v":3848.6,"d":"3,848.60"}]
[2000,"005F05","C065-0032-001","特灵底座; X68108966","A",{"v":1266,"d":"1,266.00"},"EA",6.3999,{"v":8102.28,"d":"8,102.28"}]
[2000,"005F07","C025-0019-001","COPELAND;STD;连杆 508-0082-00","A",{"v":1440,"d":"1,440.00"},"EA",14.09833,{"v":20301.6,"d":"20,301.60"}]
[2000,"005F07","C025-0050-001","Z1VA-3连杆总成;嘉陵本田; 13200-Z1V-6000","A",33,"EA",7.87221,259.78]
[2000,"005F07","C025-0051-001","ZOT-3连杆总成;嘉陵本田; 13200-Z1T-6000","A",{"v":9472,"d":"9,472.00"},"EA",8.02478,{"v":76010.73,"d":"76,010.73"}]
[2000,"005F07","C065-0028-001","底座;X68108956;","A",{"v":5229,"d":"5,229.00"},"EA",21.91731,{"v":114605.62,"d":"114,605.62"}]
[2000,"005F07","C305-0008-001","富士重工进气导管; 28938202K3","A",101,"EA",15.64528,{"v":1580.17,"d":"1,580.17"}]
[2000,"005F07","C305-0024-001","科勒进气歧管; 24-164-102","A",48,"EA",27.87096,{"v":1337.81,"d":"1,337.81"}]
[2000,"005F07","C305-0041-001","富士重工进气导管; 22B-35301-H3","A",183,"EA",12.51183,{"v":2289.67,"d":"2,289.67"}]
[2000,"005F07","C500-0024-001","科勒进气歧管;24-164-061D C-24-164-00","A",85,"EA",17.98965,{"v":1529.12,"d":"1,529.12"}]
[2000,"005F07","C500-0025-001","科勒进气歧管;24-164-14 B-24-164-00","A",99,"EA",21.27531,{"v":2106.26,"d":"2,106.26"}]
[2000,"005F08","C025-0019-001","COPELAND;STD;连杆 508-0082-00","A",{"v":3308,"d":"3,308.00"},"EA",14.09833,{"v":46637.29,"d":"46,637.29"}]
[2000,"005F10","C115-0022-001","十字连轴节; X68108955","A",896,"EA",11.66103,{"v":10448.29,"d":"10,448.29"}]
[2000,"005F10","C305-0018-002","Z6M歧管;17101-Z6M-0100 嘉陵本田","A",{"v":1487,"d":"1,487.00"},"EA",33.64359,{"v":50028.02,"d":"50,028.02"}]
[2000,"005F13","C115-0020-001","十字连轴节; 57001414","A",59,"EA",12.22824,721.47]
[2000,"005F13","C115-0024-001","十字连轴节; X68108961","A",{"v":2489,"d":"2,489.00"},"EA",10.28278,{"v":25593.85,"d":"25,593.85"}]
[2000,"005F14","C115-0023-001","十字连轴节; X68108953","A",{"v":6892,"d":"6,892.00"},"EA",10.63054,{"v":73265.69,"d":"73,265.69"}]
[2000,"005F16","C115-0015-004","十字连轴节 5105076P01","A",{"v":2448,"d":"2,448.00"},"EA",14.66184,{"v":35892.18,"d":"35,892.18"}]
[2000,"005F16","C115-0021-001","十字连轴节; 57001416","A",{"v":1854,"d":"1,854.00"},"EA",12.06955,{"v":22376.95,"d":"22,376.95"}]
[2000,"005F16","C115-0027-001","十字连轴节; 57000599","A",{"v":4393,"d":"4,393.00"},"EA",12.18009,{"v":53507.16,"d":"53,507.16"}]
[2000,"005F18","c115-0026-001","十字连轴节; 57000598","A",{"v":3205,"d":"3,205.00"},"EA",11.10547,{"v":35593.03,"d":"35,593.03"}]
[2000,"005F21","C025-0010-001","COPELAND连杆;0400; 3110546-2","A",{"v":9161,"d":"9,161.00"},"EA",11.69003,{"v":107092.33,"d":"107,092.33"}]
[2000,"005F21","C025-0019-002","COPELAND;0.01;连杆 508-0082-01","A",23,"EA",14.15544,325.58]
[2000,"005F21","C025-0020-001","COPELAND;STD;连杆 508-0072-00","A",{"v":1560,"d":"1,560.00"},"EA",7.38972,{"v":11527.97,"d":"11,527.97"}]
[2000,"005F21","C025-0041-001","COPELAND连杆总成; 508-0078-01","A",{"v":1140,"d":"1,140.00"},"EA",22.8756,{"v":26078.18,"d":"26,078.18"}]
[2000,"005F21","C025-0042-001","COPELAND连杆总成; 508-0078-02","A",489,"EA",25.25407,{"v":12349.24,"d":"12,349.24"}]
[2000,"005F22","C025-0024-001","COPELAND连杆;STD; 508-0399-00;JCC","A",598,"EA",10.98127,{"v":6566.8,"d":"6,566.80"}]
[2000,"005F22","C025-0024-002","COPELAND连杆;508-0399-01 JCC","A",{"v":2480,"d":"2,480.00"},"EA",11.01882,{"v":27326.68,"d":"27,326.68"}]
[2000,"005F23","C025-0055-001","COPELAND DIII连杆; 508-0444-00","A",577,"EA",11.86208,{"v":6844.42,"d":"6,844.42"}]
[2000,"005F25","C025-0040-001","COPELAND连杆总成; 508-0078-00","A",502,"EA",11.83859,{"v":5942.97,"d":"5,942.97"}]
[2000,"005F25","C025-0068-001","连杆;520732;","A",{"v":1144,"d":"1,144.00"},"EA",26.37278,{"v":30170.46,"d":"30,170.46"}]
[2000,"005F25","C025-0069-001","连杆;520733;","A",{"v":1372,"d":"1,372.00"},"EA",26.45684,{"v":36298.79,"d":"36,298.79"}]
[2000,"005F25","C045-0134-001","春风控股汽缸体; 283MT-023001","A",68,"EA",25.89042,{"v":1760.55,"d":"1,760.55"}]
[2000,"005F25","C045-0137-002","富世华4S汽缸; 578044101","A",370,"EA",45.88576,{"v":16977.73,"d":"16,977.73"}]
[2000,"005F25","C065-0001-001","福光支架 MR403064BK","A",100,"EA",19.1979,{"v":1919.79,"d":"1,919.79"}]
[2000,"005F25","C065-0007-001","引擎托架; 1003A157","A",{"v":1835,"d":"1,835.00"},"EA",25.49491,{"v":46783.16,"d":"46,783.16"}]
[2000,"005F25","C065-0025-001","272支架 21506272","A",161,"EA",15.53996,{"v":2501.93,"d":"2,501.93"}]
[2000,"005F25","C095-0024-002","E350缸体; 507.01.515.19-A版;一次性","A",199,"EA",52.09498,{"v":10366.9,"d":"10,366.90"}]
[2000,"005F25","C095-0026-002","E25缸体; 501.01.543-H版;一次性","A",1,"EA",19.01201,19.01]
[2000,"005F25","C095-0027-002","缸体E200; 504.01.515.19-A版;一次性","A",47,"EA",33.99529,{"v":1597.78,"d":"1,597.78"}]
[2000,"005F25","C095-0049-002","缸体E350; 507.01.313-H版;一次性","A",325,"EA",24.08253,{"v":7826.82,"d":"7,826.82"}]
[2000,"005F25","C095-0053-002","E150缸体; 511.01.313-C版;一次性","A",2,"EA",13.31688,26.63]
[2000,"005F25","C095-0057-002","E150缸体; 511.01.543-B版;一次性","A",2,"EA",18.23729,36.47]
[2000,"005F25","C115-0003-001","05;十字联轴节; 038-0126-05;JCC","A",{"v":3340,"d":"3,340.00"},"EA",10.78801,{"v":36031.96,"d":"36,031.96"}]
[2000,"005F25","C115-0004-001","05;十字联轴节; 038-0140-05;JCC","A",716,"EA",10.00392,{"v":7162.81,"d":"7,162.81"}]
[2000,"005F25","C145-0015-002","柱塞; C346501","A",{"v":7470,"d":"7,470.00"},"EA",7.11272,{"v":53131.99,"d":"53,131.99"}]
[2000,"005F25","C180-0002-001","轮毂盖; 90-60-00004-000;","A",{"v":1592,"d":"1,592.00"},"EA",14.82279,{"v":23597.89,"d":"23,597.89"}]
[2000,"005F25","C180-0003-001","轮毂; 90-60-00003-000;","A",{"v":2731,"d":"2,731.00"},"EA",34.4968,{"v":94210.75,"d":"94,210.75"}]
[2000,"005F25","C305-0007-001","进气歧管; 280-33003-J3","A",14,"EA",13.45424,188.36]
[2000,"005F25","C305-0010-001","富士重工进气歧管总成; 263-33051-H1","A",52,"EA",15.76298,819.67]
[2000,"005F25","C305-0019-003","Z6L歧管;17101-Z6L-3050 嘉陵本田","A",133,"EA",26.36958,{"v":3507.15,"d":"3,507.15"}]
[2000,"005F25","C305-0025-001","尼桑连接管; 14563 30Z0A","A",{"v":1038,"d":"1,038.00"},"EA",8.98458,{"v":9325.99,"d":"9,325.99"}]
[2000,"005F25","C305-0026-001","尼桑连接管; 14563 30Z0B","A",973,"EA",8.69258,{"v":8457.88,"d":"8,457.88"}]
[2000,"005F25","C305-0047-001","比亚乔进气支管; 1A013200;","A",150,"EA",21.12644,{"v":3168.97,"d":"3,168.97"}]
[2000,"005F25","C305-0048-001","比亚乔进气支管; 1A011021;","A",140,"EA",24.53477,{"v":3434.87,"d":"3,434.87"}]
[2000,"005F25","C305-0049-001","比亚乔进气支管; 1A014088;","A",159,"EA",22.87977,{"v":3637.88,"d":"3,637.88"}]
[2000,"005F25","C500-0025-002","科勒进气歧管;24-164-18 B-24-164-00","A",224,"EA",21.27531,{"v":4765.67,"d":"4,765.67"}]
[2000,"005N02","C025-0051-003","13200-Z1T-3050连杆总成; 嘉陵本田;","A",122,"EA",7.04368,859.33]
[2000,"005N02","C095-0072-001","F25缸体;公制; VA001-027-65-01版;","A",{"v":1725,"d":"1,725.00"},"EA",65.36958,{"v":112762.52,"d":"112,762.52"}]
[2000,"005N02","C095-0073-001","F25缸体;英制; VA001-027-67-02版;","A",415,"EA",65.36958,{"v":27128.38,"d":"27,128.38"}]
[2000,"005N03","C155-0001-001","XL1126SR端盖 XLM1126-F003-SRE","A",607,"EA",79.70658,{"v":48381.89,"d":"48,381.89"}]
[2000,"005N03","C155-0002-001","XL1371SR端盖 XLM1371-F003-SRE","A",89,"EA",94.07913,{"v":8373.04,"d":"8,373.04"}]
[2000,"005N03","C155-0003-001","XL2586SR端盖 XLM2586-F003-SRE","A",134,"EA",178.77611,{"v":23956,"d":"23,956.00"}]
[2000,"005N03","C155-0004-001","XL4581SR端盖 XLM4581-F003-SRE","A",136,"EA",317.28309,{"v":43150.5,"d":"43,150.50"}]
[2000,"005N03","C155-0005-001","XL1126DA端盖 XLM1126-F003-DAE","A",196,"EA",39.97286,{"v":7834.68,"d":"7,834.68"}]
[2000,"005N03","C155-0006-001","XL1371DA端盖 XLM1371-F003-DAE","A",73,"EA",49.8423,{"v":3638.49,"d":"3,638.49"}]
[2000,"005N03","C155-0007-001","XL2586DA端盖 XLM2586-F003-DAE","A",130,"EA",78.92582,{"v":10260.36,"d":"10,260.36"}]
[2000,"005N03","C155-0008-001","XL4581DA端盖 XLM4581-F003-DAE","A",36,"EA",157.27751,{"v":5661.99,"d":"5,661.99"}]
[2000,"005N04","C095-0011-001","缸体XL26(公制) XLM0026-F002-BOD","A",87,"EA",50.95146,{"v":4432.78,"d":"4,432.78"}]
[2000,"005N04","C095-0064-001","Q150缸体(氧化/压配); 511.01.153.19-A版","A",198,"EA",93.57009,{"v":18526.88,"d":"18,526.88"}]
[2000,"005N04","C095-0070-001","F350缸体;公制; VA001-030-92-01版;","A",248,"EA",140.80395,{"v":34919.38,"d":"34,919.38"}]
[2000,"005N04","C095-0071-001","F350缸体;英制; VA001-030-94-02版;","A",190,"EA",140.80395,{"v":26752.75,"d":"26,752.75"}]
[2000,"005N04","C095-0080-001","QS1600端盖; 510.05.003-B版;","A",3,"EA",104.71029,314.13]
[2000,"005N06","C097-0021-003","F950铬酸盐活塞体; VA001-106-32-00版","A",667,"EA",82.74371,{"v":55190.05,"d":"55,190.05"}]
[2000,"005N06","C097-0022-003","F1600铬酸盐活塞体; VA001-106-36-01版","A",262,"EA",97.88096,{"v":25644.81,"d":"25,644.81"}]
[2000,"005N06","C097-0023-003","F2500铬酸盐活塞体; VA001-030-85-00版","A",925,"EA",131.7411,{"v":121860.52,"d":"121,860.52"}]
[2000,"005N06","C097-0024-005","F4000铬酸盐活塞总装; VA001-031-48-00版;","A",62,"EA",500.42164,{"v":31026.14,"d":"31,026.14"}]
[2000,"005N07","C095-0021-003","缸体E100; 503.01.515.19-A版","A",272,"EA",77.14745,{"v":20984.11,"d":"20,984.11"}]
[2000,"005N07","C095-0026-001","E25缸体; 501.01.543-H版","A",52,"EA",42.31434,{"v":2200.35,"d":"2,200.35"}]
[2000,"005N07","C095-0028-001","缸体E200 504.01.343-G版","A",{"v":1230,"d":"1,230.00"},"EA",103.0874,{"v":126797.5,"d":"126,797.50"}]
[2000,"005N07","C095-0029-001","缸体E350; 507.01.343-H版","A",154,"EA",155.87929,{"v":24005.41,"d":"24,005.41"}]
[2000,"005N07","C095-0030-001","缸体E350 507.01.513-G版","A",23,"EA",159.18018,{"v":3661.14,"d":"3,661.14"}]
[2000,"005N07","c095-0032-001","缸体E65 506.01.513-J版","A",124,"EA",61.14235,{"v":7581.65,"d":"7,581.65"}]
[2000,"005N07","C095-0033-001","缸体E25 501.01.343-H版","A",22,"EA",38.05309,837.17]
[2000,"005N07","C095-0034-001","缸体E25 501.01.513-I版","A",120,"EA",42.29562,{"v":5075.47,"d":"5,075.47"}]
[2000,"005N07","C095-0035-001","缸体E40 502.01.343-H版","A",225,"EA",43.83508,{"v":9862.89,"d":"9,862.89"}]
[2000,"005N07","C095-0037-001","缸体E100 503.01.513-G版","A",316,"EA",66.06617,{"v":20876.91,"d":"20,876.91"}]
[2000,"005N07","C095-0039-003","缸体E25 501.01.515.19-B版","A",55,"EA",53.41434,{"v":2937.79,"d":"2,937.79"}]
[2000,"005N07","C095-0041-001","缸体E40 502.01.313-H版","A",211,"EA",45.42703,{"v":9585.1,"d":"9,585.10"}]
[2000,"005N07","C095-0044-001","缸体E100 503.01.543-G版","A",22,"EA",66.0306,{"v":1452.67,"d":"1,452.67"}]
[2000,"005N07","C095-0053-001","E150缸体; 511.01.313-C版","A",142,"EA",74.18126,{"v":10533.74,"d":"10,533.74"}]
[2000,"005N07","C095-0055-003","E150缸体; 511.01.513-C版","A",70,"EA",79.22668,{"v":5545.87,"d":"5,545.87"}]
[2000,"005N07","C095-0056-001","E150缸体; 511.01.515.19-A版","A",8,"EA",82.70406,661.63]
[2000,"005N07","C095-0057-001","E150缸体; 511.01.543-B版","A",105,"EA",79.10167,{"v":8305.68,"d":"8,305.68"}]
[2000,"005N07","C095-0068-003","E150缸体; 511.01.563-O版","A",25,"EA",79.56124,{"v":1989.03,"d":"1,989.03"}]
[2000,"005N07","C095-0069-001","E150缸体; 511.01.553-A版","A",8,"EA",75.66892,605.35]
[2000,"005N09","C097-0002-001","活塞体XL1371 XLM1371-F002-PIS","A",93,"EA",72.7407,{"v":6764.89,"d":"6,764.89"}]
[2000,"005N09","C097-0003-001","活塞体XL2586 XLM2586-F012-PIS","A",6,"EA",131.19583,787.17]
[2000,"005N09","C097-0004-001","活塞体XL2586-3to93 XLM2586-F002-PIS","A",42,"EA",131.19583,{"v":5510.22,"d":"5,510.22"}]
[2000,"005N09","C097-0006-001","活塞体XL4581-3to93 XLM4581-F002-PIS","A",163,"EA",272.90404,{"v":44483.36,"d":"44,483.36"}]
[2000,"005N09","C097-0009-002","E600L2铬酸盐活塞体; 508.02.053.09","A",565,"EA",68.23363,{"v":38552,"d":"38,552.00"}]
[2000,"005N09","C097-0013-002","E1600L2铬酸盐活塞体; 510.02.053.09","A",140,"EA",139.83624,{"v":19577.07,"d":"19,577.07"}]
[2000,"005N09","C097-0015-001","XL1126K活塞体; XLM1126-F003-PIS","A",4,"EA",65.12136,260.49]
[2000,"005N09","C097-0016-001","XL1371K活塞体 XLM1371-F003-PIS","A",4,"EA",74.71524,298.86]
[2000,"005N09","C097-0017-001","XL2586K 0°~+91°活塞体 XLM2586-F013-PIS","A",173,"EA",131.10207,{"v":22680.66,"d":"22,680.66"}]
[2000,"005N09","C097-0018-001","XL2586K -3°~+93°活塞体 XLM2586-F003-PIS","A",40,"EA",130.98247,{"v":5239.3,"d":"5,239.30"}]
[2000,"005N09","C097-0020-001","XL4581K -3°~+93°活塞体 XLM4581-F003-PIS","A",20,"EA",277.348,{"v":5546.96,"d":"5,546.96"}]
[2000,"005N10","C095-0002-001","XL426缸体(公制) XLM0426-F002-BOD","A",5,"EA",142.88861,714.44]
[2000,"005N10","C095-0013-001","XL131缸体(公制) XLM0131-F002-BOD","A",571,"EA",79.63417,{"v":45471.11,"d":"45,471.11"}]
[2000,"005N10","C095-0015-001","XL221缸体(公制) XLM0221-F002-BOD;E版","A",223,"EA",106.01606,{"v":23641.58,"d":"23,641.58"}]
[2000,"005N10","C095-0018-001","XL131缸体(英制) XLI0131-F002-BOD","A",542,"EA",78.33418,{"v":42457.13,"d":"42,457.13"}]
[2000,"005N10","C095-0020-001","XL221缸体(英制) XLI0221-F002-BOD;E版","A",160,"EA",105.90248,{"v":16944.4,"d":"16,944.40"}]
[2000,"005N10","C095-0020-003","XL221缸体(英制) XLI0221-F002-BOD;05版;","A",160,"EA",105.03848,{"v":16806.16,"d":"16,806.16"}]
[2000,"005N10","C097-0001-001","活塞体XL1126 XLM1126-F002-PIS","A",253,"EA",62.91682,{"v":15917.95,"d":"15,917.95"}]
[2000,"005N10","C097-0011-002","E950L2铬酸盐活塞体; 509.02.053.09","A",39,"EA",96.39113,{"v":3759.25,"d":"3,759.25"}]
[2000,"005N11","C095-0001-001","XL281缸体(公制) XLM0281-F002-BOD","A",129,"EA",120.99368,{"v":15608.18,"d":"15,608.18"}]
[2000,"005N11","C095-0002-001","XL426缸体(公制) XLM0426-F002-BOD","A",326,"EA",142.88861,{"v":46581.69,"d":"46,581.69"}]
[2000,"005N11","C095-0002-003","XL426缸体(公制) XLM0426-F002-BOD;05版;","A",369,"EA",142.02461,{"v":52407.08,"d":"52,407.08"}]
[2000,"005N11","C095-0003-001","XL681缸体(公制) XLM0681-F002-BOD","A",80,"EA",179.60474,{"v":14368.38,"d":"14,368.38"}]
[2000,"005N11","C095-0003-003","XL681缸体(公制) XLM0681-F002-BOD;05版;","A",130,"EA",178.74074,{"v":23236.3,"d":"23,236.30"}]
[2000,"005N11","C095-0006-001","XL281缸体(英制) XLI0281-F002-BOD","A",484,"EA",121.12369,{"v":58623.86,"d":"58,623.86"}]
[2000,"005N11","C095-0007-001","XL426缸体(英制) XLI0426-F002-BOD","A",356,"EA",138.56701,{"v":49329.85,"d":"49,329.85"}]
[2000,"005N11","C095-0008-003","XL681缸体(英制) XLI0681-F002-BOD;05版;","A",97,"EA",184.25731,{"v":17872.96,"d":"17,872.96"}]
[2000,"005N11","C095-0011-001","缸体XL26(公制) XLM0026-F002-BOD","A",132,"EA",50.95146,{"v":6725.59,"d":"6,725.59"}]
[2000,"005N11","C095-0012-001","XL71缸体(公制) XLM0071-F002-BOD","A",272,"EA",61.45295,{"v":16715.2,"d":"16,715.20"}]
[2000,"005N11","C095-0014-001","XL186缸体(公制) XLM0186-F002-BOD","A",317,"EA",84.0265,{"v":26636.4,"d":"26,636.40"}]
[2000,"005N11","C095-0016-001","缸体XL26(英制) XLI0026-F002-BOD","A",134,"EA",49.59454,{"v":6645.67,"d":"6,645.67"}]
[2000,"005N11","C095-0017-001","XL71缸体(英制) XLI0071-F002-BOD","A",507,"EA",62.59799,{"v":31737.18,"d":"31,737.18"}]
[2000,"005N11","C095-0019-001","XL186缸体(英制) XLI0186-F002-BOD","A",3,"EA",84.0265,252.08]
[2000,"005N11","C095-0082-001","Q200缸体; 504.01.163-0版;","A",15,"EA",142.97684,{"v":2144.65,"d":"2,144.65"}]
[2000,"005N11","C095-0083-001","Q0350(M)缸体; VA-ED-002-3763-02版;","A",156,"EA",179.27075,{"v":27966.24,"d":"27,966.24"}]
[2000,"005N11","C095-0084-001","Q0350(I)缸体; VA-ED-004-4643-02版;","A",15,"EA",178.84008,{"v":2682.6,"d":"2,682.60"}]
[2000,"005N12","C095-0076-001","XL1127缸体(公制) VA-ED-001-4640-00版","A",92,"EA",255.31466,{"v":23488.95,"d":"23,488.95"}]
[2000,"005N12","C095-0076-003","XL1127缸体(公制) VA-ED-001-4640-04版","A",30,"EA",254.47658,{"v":7634.3,"d":"7,634.30"}]
[2000,"005N12","C095-0077-001","XL1127缸体(英制) VA-ED-001-4641-00版","A",107,"EA",255.31466,{"v":27318.67,"d":"27,318.67"}]
[2000,"005N12","C095-0077-003","XL1127缸体(英制) VA-ED-001-4641-04版","A",142,"EA",254.47658,{"v":36135.67,"d":"36,135.67"}]
[2000,"005N12","C095-0078-001","XL1372缸体(公制) VA-ED-001-4647-00版","A",39,"EA",275.29348,{"v":10736.45,"d":"10,736.45"}]
[2000,"005N12","C095-0078-003","XL1372缸体(公制) VA-ED-001-4647-04版","A",84,"EA",272.593,{"v":22897.81,"d":"22,897.81"}]
[2000,"005N12","C095-0079-001","XL1372缸体(英制) VA-ED-001-4648-00版","A",82,"EA",275.29348,{"v":22574.07,"d":"22,574.07"}]
[2000,"005N12","C095-0079-003","XL1372缸体(英制) VA-ED-001-4648-04版","A",77,"EA",272.593,{"v":20989.66,"d":"20,989.66"}]
[2000,"005N12","C097-0008-001","E600活塞体; 508.02.003","A",306,"EA",66.24442,{"v":20270.79,"d":"20,270.79"}]
[2000,"005T","C045-0100-010","富士华D41汽缸总成; 5444055-08;T版08款","A",{"v":20160,"d":"20,160.00"},"EA",42.08351,{"v":848403.66,"d":"848,403.66"}]
[2000,"005T","C045-0100-011","富士华D41汽缸总成; 5444055-09;T版09款","A",{"v":4830,"d":"4,830.00"},"EA",42.08351,{"v":203263.38,"d":"203,263.38"}]
[2000,"005T","C045-0152-001","FF600球形缸盖;","A",1,"EA",{"v":1905.09684,"d":"1,905.10"},{"v":1905.1,"d":"1,905.10"}]
[2000,"005T","C065-0025-001","272支架 21506272","A",{"v":2496,"d":"2,496.00"},"EA",15.53996,{"v":38787.74,"d":"38,787.74"}]
[2000,"005T","C065-0033-002","支架; CS6-8183J-20-D;","A",296,"EA",10.90171,{"v":3226.91,"d":"3,226.91"}]
[2000,"005T","C180-0002-001","轮毂盖; 90-60-00004-000;","A",{"v":2512,"d":"2,512.00"},"EA",14.82279,{"v":37234.86,"d":"37,234.86"}]
[2000,"005T","C180-0003-001","轮毂; 90-60-00003-000;","A",{"v":3397,"d":"3,397.00"},"EA",34.4968,{"v":117185.61,"d":"117,185.61"}]
[2000,"005T","C280-0001-001","1.6L右进气摇臂; C1211","A",{"v":4608,"d":"4,608.00"},"EA",3.59947,{"v":16586.35,"d":"16,586.35"}]
[2000,"005T","C280-0002-001","1.6L左进气摇臂; C1212","A",{"v":4608,"d":"4,608.00"},"EA",6.20615,{"v":28597.96,"d":"28,597.96"}]
[2000,"005T011","C280-0003-001","1.6L排气摇臂; C1228","A",{"v":15552,"d":"15,552.00"},"EA",11.06557,{"v":172091.81,"d":"172,091.81"}]
[2000,"005T014","C280-0009-001","福特摇臂 RK03610","A",{"v":46080,"d":"46,080.00"},"EA",6.90996,{"v":318411.14,"d":"318,411.14"}]
[2000,"005T015","C280-0009-001","福特摇臂 RK03610","A",{"v":40320,"d":"40,320.00"},"EA",6.90996,{"v":278609.75,"d":"278,609.75"}]
[2000,"005T021","C280-0003-001","1.6L排气摇臂; C1228","A",{"v":15552,"d":"15,552.00"},"EA",11.06557,{"v":172091.81,"d":"172,091.81"}]
[2000,"005T024","C280-0009-001","福特摇臂 RK03610","A",{"v":23040,"d":"23,040.00"},"EA",6.90996,{"v":159205.57,"d":"159,205.57"}]
[2000,"005T025","C280-0009-001","福特摇臂 RK03610","A",{"v":23040,"d":"23,040.00"},"EA",6.90996,{"v":159205.57,"d":"159,205.57"}]
[2000,"005T031","C280-0003-001","1.6L排气摇臂; C1228","A",{"v":15552,"d":"15,552.00"},"EA",11.06557,{"v":172091.81,"d":"172,091.81"}]
[2000,"005T034","C280-0009-001","福特摇臂 RK03610","A",{"v":23040,"d":"23,040.00"},"EA",6.90996,{"v":159205.57,"d":"159,205.57"}]
[2000,"005T035","C280-0009-001","福特摇臂 RK03610","A",{"v":23040,"d":"23,040.00"},"EA",6.90996,{"v":159205.57,"d":"159,205.57"}]
[2000,"005T041","C280-0003-001","1.6L排气摇臂; C1228","A",{"v":15552,"d":"15,552.00"},"EA",11.06557,{"v":172091.81,"d":"172,091.81"}]
[2000,"005T044","C280-0009-001","福特摇臂 RK03610","A",{"v":23040,"d":"23,040.00"},"EA",6.90996,{"v":159205.57,"d":"159,205.57"}]
[2000,"005T045","C280-0009-001","福特摇臂 RK03610","A",{"v":23040,"d":"23,040.00"},"EA",6.90996,{"v":159205.57,"d":"159,205.57"}]
[2000,"005T05","C045-0082-003","富士华Φ44汽缸总成;01款 5440888-01;J版;","A",{"v":12600,"d":"12,600.00"},"EA",42.45539,{"v":534937.96,"d":"534,937.96"}]
[2000,"005T051","C280-0003-001","1.6L排气摇臂; C1228","A",{"v":15552,"d":"15,552.00"},"EA",11.06557,{"v":172091.81,"d":"172,091.81"}]
[2000,"005T054","C280-0009-001","福特摇臂 RK03610","A",{"v":46080,"d":"46,080.00"},"EA",6.90996,{"v":318411.14,"d":"318,411.14"}]
[2000,"005T055","C280-0009-001","福特摇臂 RK03610","A",{"v":40320,"d":"40,320.00"},"EA",6.90996,{"v":278609.75,"d":"278,609.75"}]
[2000,"005T061","C280-0003-001","1.6L排气摇臂; C1228","A",{"v":15552,"d":"15,552.00"},"EA",11.06557,{"v":172091.81,"d":"172,091.81"}]
[2000,"005T064","C280-0009-001","福特摇臂 RK03610","A",{"v":46080,"d":"46,080.00"},"EA",6.90996,{"v":318411.14,"d":"318,411.14"}]
[2000,"005T065","C280-0009-001","福特摇臂 RK03610","A",{"v":46080,"d":"46,080.00"},"EA",6.90996,{"v":318411.14,"d":"318,411.14"}]
[2000,"005T071","C280-0003-001","1.6L排气摇臂; C1228","A",{"v":23328,"d":"23,328.00"},"EA",11.06557,{"v":258137.71,"d":"258,137.71"}]
[2000,"005T072","C305-0022-004","GDS水管; 4D241-002;B2版;","A",105,"EA",26.72639,{"v":2806.27,"d":"2,806.27"}]
[2000,"005T073","C280-0007-001","C1198进气摇臂;376;G C1198","A",{"v":8640,"d":"8,640.00"},"EA",12.55545,{"v":108479.06,"d":"108,479.06"}]
[2000,"005T073","C305-0022-004","GDS水管; 4D241-002;B2版;","A",384,"EA",26.72639,{"v":10262.94,"d":"10,262.94"}]
[2000,"005T074","C045-0137-002","富世华4S汽缸; 578044101","A",480,"EA",45.88576,{"v":22025.17,"d":"22,025.17"}]
[2000,"005T074","C280-0009-001","福特摇臂 RK03610","A",{"v":11520,"d":"11,520.00"},"EA",6.90996,{"v":79602.79,"d":"79,602.79"}]
[2000,"005T075","C280-0009-001","福特摇臂 RK03610","A",{"v":34560,"d":"34,560.00"},"EA",6.90996,{"v":238808.36,"d":"238,808.36"}]
[2000,"005T081","C280-0003-001","1.6L排气摇臂; C1228","A",{"v":11664,"d":"11,664.00"},"EA",11.06557,{"v":129068.86,"d":"129,068.86"}]
[2000,"005T091","C280-0003-001","1.6L排气摇臂; C1228","A",{"v":11664,"d":"11,664.00"},"EA",11.06557,{"v":129068.86,"d":"129,068.86"}]
[2000,"005T101","C280-0003-001","1.6L排气摇臂; C1228","A",{"v":7776,"d":"7,776.00"},"EA",11.06557,{"v":86045.9,"d":"86,045.90"}]
[2000,"005T103","C045-0100-011","富士华D41汽缸总成; 5444055-09;T版09款","A",{"v":1470,"d":"1,470.00"},"EA",42.08351,{"v":61862.77,"d":"61,862.77"}]
[2000,"005T104","C280-0009-001","福特摇臂 RK03610","A",{"v":23040,"d":"23,040.00"},"EA",6.90996,{"v":159205.57,"d":"159,205.57"}]
[2000,"005T113","C280-0009-001","福特摇臂 RK03610","A",{"v":23040,"d":"23,040.00"},"EA",6.90996,{"v":159205.57,"d":"159,205.57"}]
[2000,"005T114","C280-0009-001","福特摇臂 RK03610","A",{"v":23040,"d":"23,040.00"},"EA",6.90996,{"v":159205.57,"d":"159,205.57"}]
[2000,"005T123","C280-0009-001","福特摇臂 RK03610","A",{"v":23040,"d":"23,040.00"},"EA",6.90996,{"v":159205.57,"d":"159,205.57"}]
[2000,"005T124","C280-0009-001","福特摇臂 RK03610","A",{"v":23040,"d":"23,040.00"},"EA",6.90996,{"v":159205.57,"d":"159,205.57"}]
[2000,"005T133","C280-0009-001","福特摇臂 RK03610","A",{"v":5760,"d":"5,760.00"},"EA",6.90996,{"v":39801.39,"d":"39,801.39"}]
[2000,"005T134","C280-0009-001","福特摇臂 RK03610","A",{"v":23040,"d":"23,040.00"},"EA",6.90996,{"v":159205.57,"d":"159,205.57"}]
[2000,"005T135","C280-0009-001","福特摇臂 RK03610","A",{"v":17280,"d":"17,280.00"},"EA",6.90996,{"v":119404.18,"d":"119,404.18"}]
[2000,"005T143","C045-0101-001","富士华R19汽缸总成; 5443897","A",630,"EA",37.45361,{"v":23595.78,"d":"23,595.78"}]
[2000,"005T145","C280-0009-001","福特摇臂 RK03610","A",{"v":5760,"d":"5,760.00"},"EA",6.90996,{"v":39801.39,"d":"39,801.39"}]
[2000,"005T151","C045-0082-006","富士华Φ44汽缸总成;04款 5440888-04;L版;","A",{"v":1890,"d":"1,890.00"},"EA",44.67091,{"v":84428.01,"d":"84,428.01"}]
[2000,"005T153","C045-0101-001","富士华R19汽缸总成; 5443897","A",{"v":1260,"d":"1,260.00"},"EA",37.45361,{"v":47191.55,"d":"47,191.55"}]
[2000,"005T154","C280-0009-001","福特摇臂 RK03610","A",{"v":23040,"d":"23,040.00"},"EA",6.90996,{"v":159205.57,"d":"159,205.57"}]
[2000,"005T161","C045-0082-006","富士华Φ44汽缸总成;04款 5440888-04;L版;","A",{"v":1050,"d":"1,050.00"},"EA",44.67091,{"v":46904.45,"d":"46,904.45"}]
[2000,"005T171","C045-0082-003","富士华Φ44汽缸总成;01款 5440888-01;J版;","A",{"v":2520,"d":"2,520.00"},"EA",42.45539,{"v":106987.59,"d":"106,987.59"}]
[2000,"005T172","C065-0017-001","21337112支架; 21032398","A",{"v":3072,"d":"3,072.00"},"EA",14.98637,{"v":46038.12,"d":"46,038.12"}]
[2000,"005T173","C065-0015-001","21337106支架; 20885233","A",800,"EA",44.57781,{"v":35662.24,"d":"35,662.24"}]
[2000,"005T174","C305-0027-001","319连接管; 20999319","A",288,"EA",58.76615,{"v":16924.65,"d":"16,924.65"}]
[2000,"005T181","C045-0082-003","富士华Φ44汽缸总成;01款 5440888-01;J版;","A",{"v":2520,"d":"2,520.00"},"EA",42.45539,{"v":106987.59,"d":"106,987.59"}]
[2000,"005T182","C065-0017-001","21337112支架; 21032398","A",{"v":1536,"d":"1,536.00"},"EA",14.98637,{"v":23019.06,"d":"23,019.06"}]
[2000,"005T182","C065-0022-001","21337118支架; 20893610","A",168,"EA",55.72761,{"v":9362.24,"d":"9,362.24"}]
[2000,"005T183","C065-0015-001","21337106支架; 20885233","A",800,"EA",44.57781,{"v":35662.24,"d":"35,662.24"}]
[2000,"005T184","C305-0027-001","319连接管; 20999319","A",288,"EA",58.76615,{"v":16924.65,"d":"16,924.65"}]
[2000,"005T185","C065-0022-001","21337118支架; 20893610","A",336,"EA",55.72761,{"v":18724.48,"d":"18,724.48"}]
[2000,"005T191","C045-0082-003","富士华Φ44汽缸总成;01款 5440888-01;J版;","A",{"v":2520,"d":"2,520.00"},"EA",42.45539,{"v":106987.59,"d":"106,987.59"}]
[2000,"005T192","C065-0022-001","21337118支架; 20893610","A",336,"EA",55.72761,{"v":18724.48,"d":"18,724.48"}]
[2000,"005T193","C065-0022-001","21337118支架; 20893610","A",336,"EA",55.72761,{"v":18724.48,"d":"18,724.48"}]
[2000,"005T194","C305-0027-001","319连接管; 20999319","A",288,"EA",58.76615,{"v":16924.65,"d":"16,924.65"}]
[2000,"005T195","C065-0022-001","21337118支架; 20893610","A",336,"EA",55.72761,{"v":18724.48,"d":"18,724.48"}]
[2000,"005T201","C045-0082-001","富士华Φ44汽缸总成 5440888","A",210,"EA",26.0699,{"v":5474.68,"d":"5,474.68"}]
[2000,"005T201","C045-0082-003","富士华Φ44汽缸总成;01款 5440888-01;J版;","A",127,"EA",42.45539,{"v":5391.83,"d":"5,391.83"}]
[2000,"005T201","C045-0100-010","富士华D41汽缸总成; 5444055-08;T版08款","A",189,"EA",42.08351,{"v":7953.78,"d":"7,953.78"}]
[2000,"005T201","C045-0100-011","富士华D41汽缸总成; 5444055-09;T版09款","A",100,"EA",42.08351,{"v":4208.35,"d":"4,208.35"}]
[2000,"005T202","C065-0022-001","21337118支架; 20893610","A",336,"EA",55.72761,{"v":18724.48,"d":"18,724.48"}]
[2000,"005T203","C065-0022-001","21337118支架; 20893610","A",336,"EA",55.72761,{"v":18724.48,"d":"18,724.48"}]
[2000,"005T204","C305-0027-001","319连接管; 20999319","A",288,"EA",58.76615,{"v":16924.65,"d":"16,924.65"}]
[2000,"005T205","C305-0007-001","进气歧管; 280-33003-J3","A",324,"EA",13.45424,{"v":4359.17,"d":"4,359.17"}]
[2000,"005T205","C305-0027-001","319连接管; 20999319","A",144,"EA",58.76615,{"v":8462.33,"d":"8,462.33"}]
[2000,"005T211","C045-0091-001","富士华汽缸ф41; 5441182-01","A",{"v":1360,"d":"1,360.00"},"EA",46.48129,{"v":63214.56,"d":"63,214.56"}]
[2000,"005T212","C065-0021-001","21337114支架; 21044336","A",{"v":1120,"d":"1,120.00"},"EA",24.34717,{"v":27268.84,"d":"27,268.84"}]
[2000,"005T213","C065-0021-001","21337114支架; 21044336","A",{"v":1120,"d":"1,120.00"},"EA",24.34717,{"v":27268.84,"d":"27,268.84"}]
[2000,"005T214","C305-0027-001","319连接管; 20999319","A",144,"EA",58.76615,{"v":8462.33,"d":"8,462.33"}]
[2000,"005T221","C045-0049-002","富士华汽缸ф40; 5373573-01;","A",{"v":2520,"d":"2,520.00"},"EA",38.86123,{"v":97930.31,"d":"97,930.31"}]
[2000,"005T222","C065-0021-001","21337114支架; 21044336","A",{"v":1120,"d":"1,120.00"},"EA",24.34717,{"v":27268.84,"d":"27,268.84"}]
[2000,"005T223","C065-0018-001","21337116支架; 21044341","A",{"v":1296,"d":"1,296.00"},"EA",22.69612,{"v":29414.18,"d":"29,414.18"}]
[2000,"005T224","C305-0027-001","319连接管; 20999319","A",288,"EA",58.76615,{"v":16924.65,"d":"16,924.65"}]
[2000,"005T231","C280-0001-001","1.6L右进气摇臂; C1211","A",{"v":36864,"d":"36,864.00"},"EA",3.59947,{"v":132690.78,"d":"132,690.78"}]
[2000,"005T233","C280-0006-001","C1191排气摇臂;994;G C1191","A",{"v":11520,"d":"11,520.00"},"EA",8.89384,{"v":102457.04,"d":"102,457.04"}]
[2000,"005T241","C280-0001-001","1.6L右进气摇臂; C1211","A",{"v":36864,"d":"36,864.00"},"EA",3.59947,{"v":132690.78,"d":"132,690.78"}]
[2000,"005T245","C280-0006-001","C1191排气摇臂;994;G C1191","A",{"v":2240,"d":"2,240.00"},"EA",8.89384,{"v":19922.2,"d":"19,922.20"}]
[2000,"005T251","C280-0001-001","1.6L右进气摇臂; C1211","A",{"v":36864,"d":"36,864.00"},"EA",3.59947,{"v":132690.78,"d":"132,690.78"}]
[2000,"005T252","C500-0024-001","科勒进气歧管;24-164-061D C-24-164-00","A",756,"EA",17.98965,{"v":13600.18,"d":"13,600.18"}]
[2000,"005T254","C280-0008-001","C1199进气摇臂;375;G C1199","A",{"v":8640,"d":"8,640.00"},"EA",12.55584,{"v":108482.49,"d":"108,482.49"}]
[2000,"005T261","C280-0001-001","1.6L右进气摇臂; C1211","A",{"v":46080,"d":"46,080.00"},"EA",3.59947,{"v":165863.47,"d":"165,863.47"}]
[2000,"005T262","C045-0100-010","富士华D41汽缸总成; 5444055-08;T版08款","A",{"v":1890,"d":"1,890.00"},"EA",42.08351,{"v":79537.84,"d":"79,537.84"}]
[2000,"005T262","C500-0024-001","科勒进气歧管;24-164-061D C-24-164-00","A",504,"EA",17.98965,{"v":9066.78,"d":"9,066.78"}]
[2000,"005T271","C280-0001-001","1.6L右进气摇臂; C1211","A",{"v":36864,"d":"36,864.00"},"EA",3.59947,{"v":132690.78,"d":"132,690.78"}]
[2000,"005T272","C045-0100-010","富士华D41汽缸总成; 5444055-08;T版08款","A",{"v":1050,"d":"1,050.00"},"EA",42.08351,{"v":44187.69,"d":"44,187.69"}]
[2000,"005T281","C280-0001-001","1.6L右进气摇臂; C1211","A",{"v":27648,"d":"27,648.00"},"EA",3.59947,{"v":99518.08,"d":"99,518.08"}]
[2000,"005T282","C305-0024-001","科勒进气歧管; 24-164-102","A",144,"EA",27.87096,{"v":4013.42,"d":"4,013.42"}]
[2000,"005T291","C280-0002-001","1.6L左进气摇臂; C1212","A",{"v":36864,"d":"36,864.00"},"EA",6.20615,{"v":228783.68,"d":"228,783.68"}]
[2000,"005T292","C045-0096-001","富士华34CC汽缸; 545-106001","A",{"v":1707,"d":"1,707.00"},"EA",35.10967,{"v":59932.2,"d":"59,932.20"}]
[2000,"005T301","C280-0002-001","1.6L左进气摇臂; C1212","A",{"v":36864,"d":"36,864.00"},"EA",6.20615,{"v":228783.68,"d":"228,783.68"}]
[2000,"005T302","C045-0079-004","富士华Φ42汽缸总成;01款; 5440883-01;K版;","A",{"v":1412,"d":"1,412.00"},"EA",41.72197,{"v":58911.43,"d":"58,911.43"}]
[2000,"005T303","C045-0079-004","富士华Φ42汽缸总成;01款; 5440883-01;K版;","A",{"v":1890,"d":"1,890.00"},"EA",41.72197,{"v":78854.53,"d":"78,854.53"}]
[2000,"005T311","C280-0002-001","1.6L左进气摇臂; C1212","A",{"v":36864,"d":"36,864.00"},"EA",6.20615,{"v":228783.68,"d":"228,783.68"}]
[2000,"005T312","C045-0079-004","富士华Φ42汽缸总成;01款; 5440883-01;K版;","A",{"v":1890,"d":"1,890.00"},"EA",41.72197,{"v":78854.53,"d":"78,854.53"}]
[2000,"005T313","C045-0079-004","富士华Φ42汽缸总成;01款; 5440883-01;K版;","A",{"v":1890,"d":"1,890.00"},"EA",41.72197,{"v":78854.53,"d":"78,854.53"}]
[2000,"005T321","C280-0002-001","1.6L左进气摇臂; C1212","A",{"v":36864,"d":"36,864.00"},"EA",6.20615,{"v":228783.68,"d":"228,783.68"}]
[2000,"005T322","C500-0025-001","科勒进气歧管;24-164-14 B-24-164-00","A",480,"EA",21.27531,{"v":10212.15,"d":"10,212.15"}]
[2000,"005T331","C280-0002-001","1.6L左进气摇臂; C1212","A",{"v":36864,"d":"36,864.00"},"EA",6.20615,{"v":228783.68,"d":"228,783.68"}]
[2000,"005T332","C500-0025-002","科勒进气歧管;24-164-18 B-24-164-00","A",960,"EA",21.27531,{"v":20424.3,"d":"20,424.30"}]
[2000,"005T342","C500-0025-002","科勒进气歧管;24-164-18 B-24-164-00","A",960,"EA",21.27531,{"v":20424.3,"d":"20,424.30"}]
[2000,"005T343","C500-0025-001","科勒进气歧管;24-164-14 B-24-164-00","A",720,"EA",21.27531,{"v":15318.22,"d":"15,318.22"}]
[2000,"005T351","C045-0082-003","富士华Φ44汽缸总成;01款 5440888-01;J版;","A",{"v":2100,"d":"2,100.00"},"EA",42.45539,{"v":89156.33,"d":"89,156.33"}]
[2000,"005T352","C045-0082-003","富士华Φ44汽缸总成;01款 5440888-01;J版;","A",{"v":1890,"d":"1,890.00"},"EA",42.45539,{"v":80240.69,"d":"80,240.69"}]
[2000,"005T353","C065-0011-001","21337100支架; 20956531","A",36,"EA",19.59699,705.49]
[2000,"005T353","C065-0017-001","21337112支架; 21032398","A",299,"EA",14.98637,{"v":4480.92,"d":"4,480.92"}]
[2000,"005T353","C305-0027-001","319连接管; 20999319","A",22,"EA",58.76615,{"v":1292.86,"d":"1,292.86"}]
[2000,"005T354","C065-0021-001","21337114支架; 21044336","A",261,"EA",24.34717,{"v":6354.61,"d":"6,354.61"}]
[2000,"005T354","C065-0022-001","21337118支架; 20893610","A",69,"EA",55.72761,{"v":3845.21,"d":"3,845.21"}]
[2000,"005T354","C305-0027-001","319连接管; 20999319","A",59,"EA",58.76615,{"v":3467.2,"d":"3,467.20"}]
[2000,"005T355","C305-0028-001","250连接管; 20893250","A",150,"EA",22.67857,{"v":3401.79,"d":"3,401.79"}]
[2000,"005T361","C045-0082-003","富士华Φ44汽缸总成;01款 5440888-01;J版;","A",{"v":2520,"d":"2,520.00"},"EA",42.45539,{"v":106987.59,"d":"106,987.59"}]
[2000,"005T362","C065-0019-001","21337104支架; 20848535","A",864,"EA",14.21798,{"v":12284.34,"d":"12,284.34"}]
[2000,"005T362","C065-0021-001","21337114支架; 21044336","A",280,"EA",24.34717,{"v":6817.21,"d":"6,817.21"}]
[2000,"005T362","C305-0037-001","F8AE水管组件; 042995","A",139,"EA",18.57563,{"v":2582.01,"d":"2,582.01"}]
[2000,"005T363","C065-0016-001","21337108支架; 20885235","A",313,"EA",8.29991,{"v":2597.87,"d":"2,597.87"}]
[2000,"005T363","C305-0027-001","319连接管; 20999319","A",72,"EA",58.76615,{"v":4231.16,"d":"4,231.16"}]
[2000,"005T364","C065-0015-001","21337106支架; 20885233","A",97,"EA",44.57781,{"v":4324.05,"d":"4,324.05"}]
[2000,"005T364","C305-0032-001","364连接管; 20999364","A",119,"EA",57.58856,{"v":6853.04,"d":"6,853.04"}]
[2000,"005T364","C305-0033-001","825连接管; 21119825","A",104,"EA",36.03857,{"v":3748.01,"d":"3,748.01"}]
[2000,"005T365","C065-0011-001","21337100支架; 20956531","A",288,"EA",19.59699,{"v":5643.93,"d":"5,643.93"}]
[2000,"005T365","C305-0017-001","福特水管; F8AE-8C368-BA","A",44,"EA",9.88317,434.86]
[2000,"005T371","C045-0082-003","富士华Φ44汽缸总成;01款 5440888-01;J版;","A",{"v":2520,"d":"2,520.00"},"EA",42.45539,{"v":106987.59,"d":"106,987.59"}]
[2000,"005T372","C045-0082-003","富士华Φ44汽缸总成;01款 5440888-01;J版;","A",{"v":1890,"d":"1,890.00"},"EA",42.45539,{"v":80240.69,"d":"80,240.69"}]
[2000,"005T373","C305-0027-001","319连接管; 20999319","A",288,"EA",58.76615,{"v":16924.65,"d":"16,924.65"}]
[2000,"005T374","C065-0010-001","21337094支架; 20893036","A",205,"EA",17.89861,{"v":3669.21,"d":"3,669.21"}]
[2000,"005T374","C065-0014-001","21337098支架; 20956474","A",105,"EA",30.6501,{"v":3218.26,"d":"3,218.26"}]
[2000,"005T374","C065-0018-001","21337116支架; 21044341","A",105,"EA",22.69612,{"v":2383.09,"d":"2,383.09"}]
[2000,"005T374","C065-0019-001","21337104支架; 20848535","A",161,"EA",14.21798,{"v":2289.1,"d":"2,289.10"}]
[2000,"015","C015-0812","20Cr;8X26B-224;活塞销; 325992-5;005-4353","A",{"v":23010,"d":"23,010.00"},"EA",1.05,{"v":24160.5,"d":"24,160.50"}]
[2000,"015","c015-0910","20Cr;9X28B-204;活塞销; 195.132.130;005-3861/62","A",{"v":8240,"d":"8,240.00"},"EA",0.9136,{"v":7528.06,"d":"7,528.06"}]
[2000,"015","C017-0913","双钩扣环;9.3X0.8B-112; 233988-1;005-4353","B",{"v":27950,"d":"27,950.00"},"ST",0.087,{"v":2431.65,"d":"2,431.65"}]
[2000,"015","C020-3861-000","194.132.120;STD;活塞环; TT-DH-078","A",{"v":2884,"d":"2,884.00"},"EA",1.7863,{"v":5151.69,"d":"5,151.69"}]
[2000,"015","C020-3862-000","195.132.120;STD;活塞环; TT-DH-079","A",{"v":11942,"d":"11,942.00"},"EA",1.78963,{"v":21371.76,"d":"21,371.76"}]
[2000,"015","C050-1003-002","富士华φ44汽缸左盖;A380 5442946;D版","A",{"v":7500,"d":"7,500.00"},"EA",1.06229,{"v":7967.16,"d":"7,967.16"}]
[2000,"015","C050-1004-002","富士华φ44汽缸右盖;A380 5442947;D版","A",{"v":7500,"d":"7,500.00"},"EA",1.06229,{"v":7967.19,"d":"7,967.19"}]
[2000,"015","C050-1009-001","富士华R19汽缸左盖;A380 5443894","A",{"v":11000,"d":"11,000.00"},"EA",0.89141,{"v":9805.47,"d":"9,805.47"}]
[2000,"015","C050-1010-001","富士华R19汽缸右盖;A380 5443895","A",{"v":11000,"d":"11,000.00"},"EA",0.89197,{"v":9811.72,"d":"9,811.72"}]
[2000,"020H13","C025-0070-001","COPELAND连杆; 508-A021-01","A",126,"EA",13.08736,{"v":1649.01,"d":"1,649.01"}]
[2000,"020H13","C025-0071-001","COPELAND连杆; 508-A022-01","A",168,"EA",12.69435,{"v":2132.65,"d":"2,132.65"}]
[2000,"020T","C180-0002-001","轮毂盖; 90-60-00004-000;","A",{"v":2100,"d":"2,100.00"},"EA",14.82279,{"v":31127.87,"d":"31,127.87"}]
[2000,"020T","C180-0003-001","轮毂; 90-60-00003-000;","A",{"v":1138,"d":"1,138.00"},"EA",34.4968,{"v":39257.35,"d":"39,257.35"}]
[2000,"025","C010-3463-720","318858A6;2.0;NOMARK;毛坯 OTHER;NC二冲;9B","A",{"v":2541,"d":"2,541.00"},"EA",0,0]
[2000,"025","C010-4353-733","318665-7;3.3;毛坯; OTHER;JCC及专MARK;9B","A",{"v":13267,"d":"13,267.00"},"EA",0,0]
[2000,"025","C010-4469-710","318441A9;1.0;毛坯; OTHER;NO MARK;B390.0","A",{"v":12090,"d":"12,090.00"},"EA",1.11416,{"v":13470.16,"d":"13,470.16"}]
[2000,"025","C030-0009-001","3S连杆体毛坯;A380","A",683,"EA",3.66426,{"v":2502.69,"d":"2,502.69"}]
[2000,"025","C030-0009-002","3S连杆盖毛坯;A380","A",643,"EA",2.03277,{"v":1307.07,"d":"1,307.07"}]
[2000,"025","C030-0011-001","COPELAND连杆毛坯;A380 2983125-2;0399","A",{"v":8040,"d":"8,040.00"},"EA",5.18828,{"v":41713.8,"d":"41,713.80"}]
[2000,"025","C030-0021-001","COPELAND连杆本体毛坯A380 008-0306-99","A",{"v":1906,"d":"1,906.00"},"EA",0,0]
[2000,"025","C030-0021-002","COPELAND连杆端帽毛坯A380 005-0820-99","A",300,"EA",0,0]
[2000,"025","C030-0043-001","COPELAND连杆毛坯;A380; 008-0443-99","A",{"v":5455,"d":"5,455.00"},"EA",6.18458,{"v":33736.88,"d":"33,736.88"}]
[2000,"025","C030-0050-001","Z1VA-3连杆毛坯;ZL106; 嘉陵本田","A",{"v":8195,"d":"8,195.00"},"EA",4.22256,{"v":34603.86,"d":"34,603.86"}]
[2000,"025","C030-0051-001","ZOT-3连杆毛坯;ZL106; 嘉陵本田","A",{"v":3769,"d":"3,769.00"},"EA",4.17752,{"v":15745.06,"d":"15,745.06"}]
[2000,"025","C030-0055-001","COPELAND DIII连杆毛坯; A380;008-0444-99","A",{"v":5605,"d":"5,605.00"},"EA",4.72449,{"v":26480.75,"d":"26,480.75"}]
[2000,"025","C030-0068-001","连杆毛坯;520732;A380;","A",{"v":1118,"d":"1,118.00"},"EA",4.80629,{"v":5373.44,"d":"5,373.44"}]
[2000,"025","C030-0069-001","连杆毛坯;520733;A380;","A",45,"EA",4.89035,220.07]
[2000,"025","C030-0076-001","COPELAND捷克连杆毛坯; 008-0528-99;A380;","A",293,"EA",1.37356,402.45]
[2000,"025","C030-0077-001","COPELAND捷克连杆毛坯; 008-0529-99;A380;","A",192,"EA",1.37356,263.72]
[2000,"025","C030-0078-001","COPELAND捷克连杆毛坯; 008-0532-99;A380;","A",161,"EA",5.77831,930.31]
[2000,"025","C030-0079-001","COPELAND捷克连杆体毛坯; 008-0531-99;A380;","A",341,"EA",0.67414,229.88]
[2000,"025","C030-0079-002","COPELAND捷克连杆盖毛坯; 005-2169-99;A380;","A",333,"EA",0.67414,224.49]
[2000,"025","C030-0080-001","COPELAND捷克连杆毛坯; 008-0533-99;A380;","A",234,"EA",1.37356,321.41]
[2000,"025","C030-0081-001","COPELAND捷克连杆体毛坯; 008-0530-99;A380;","A",299,"EA",3.97894,{"v":1189.7,"d":"1,189.70"}]
[2000,"025","C030-0081-002","COPELAND捷克连杆盖毛坯; 005-2168-99;A380;","A",165,"EA",2.2473,370.8]
[2000,"025","C050-0083-002","富士华汽缸Φ44毛坯A380 5440885;M版","A",13,"EA",15.15627,197.03]
[2000,"025","C050-0100-003","富士华D41缸体毛坯;A380 5444056-02;P版;","A",919,"EA",13.79728,{"v":12679.7,"d":"12,679.70"}]
[2000,"025","C050-0100-004","富士华D41缸体毛坯;A380 5444056-03;P版;","A",87,"EA",13.79728,{"v":1200.36,"d":"1,200.36"}]
[2000,"025","C050-0104-002","富士华38CC汽缸(新版)毛坯 B390;545-105701","A",737,"EA",14.08817,{"v":10382.98,"d":"10,382.98"}]
[2000,"025","C070-0025-001","272支架毛坯;ADC12; 21506272","A",435,"EA",10.7018,{"v":4655.28,"d":"4,655.28"}]
[2000,"025","C098-0001-001","活塞体XL1126毛坯;ZL101A; XL2C208","A",150,"EA",44.84463,{"v":6726.69,"d":"6,726.69"}]
[2000,"025","C098-0002-001","活塞体XL1371毛坯;ZL101A; XL2C209","A",206,"EA",53.41598,{"v":11003.69,"d":"11,003.69"}]
[2000,"025","C098-0003-001","活塞体XL2586毛坯;ZL101A; XL2C210","A",44,"EA",100.98598,{"v":4443.38,"d":"4,443.38"}]
[2000,"025","C098-0005-001","活塞体XL4581毛坯;ZL101A; XL2C211","A",337,"EA",218.85558,{"v":73754.33,"d":"73,754.33"}]
[2000,"025","C098-0008-001","E600活塞体毛坯;ZL101A; 508.02.003","A",{"v":2180,"d":"2,180.00"},"EA",51.83991,{"v":113011,"d":"113,011.00"}]
[2000,"025","C098-0012-001","E1600活塞体毛坯;ZL101A; 510.02.003","A",360,"EA",110.0406,{"v":39614.62,"d":"39,614.62"}]
[2000,"025","C098-0022-001","活塞体F1600毛坯;ZL101A; VA001-106-34","A",494,"EA",78.63834,{"v":38847.34,"d":"38,847.34"}]
[2000,"025","C098-0023-001","活塞体F2500毛坯;ZL101A; VA001-034-86","A",750,"EA",110.13184,{"v":82598.88,"d":"82,598.88"}]
[2000,"025","C098-0024-001","F4000活塞体毛坯;ZL101A; VA001-031-49","A",150,"EA",135.77072,{"v":20365.61,"d":"20,365.61"}]
[2000,"025","C100-0012-001","XL71缸体毛坯;ZL101A XLA0040D;","A",{"v":1426,"d":"1,426.00"},"EA",32.70269,{"v":46634.04,"d":"46,634.04"}]
[2000,"025","C100-0013-001","XL131缸体毛坯;ZL101A XLA0041D","A",330,"EA",45.62301,{"v":15055.59,"d":"15,055.59"}]
[2000,"025","C100-0015-001","XL221缸体毛坯;ZL101A","A",486,"EA",65.81612,{"v":31986.63,"d":"31,986.63"}]
[2000,"025","C100-0070-001","F350缸体毛坯;350M;ZL101A VA001-029-60","A",385,"EA",96.67427,{"v":37219.59,"d":"37,219.59"}]
[2000,"025","C100-0080-001","QS1600端盖毛坯;ZL101A; 510.05.000;","A",44,"EA",89.90889,{"v":3955.99,"d":"3,955.99"}]
[2000,"025","C100-0081-001","Q200缸体毛坯;ZL101A; 510.05.000;","A",77,"EA",70.3263,{"v":5415.13,"d":"5,415.13"}]
[2000,"025","C120-0020-001","十字连轴节毛坯; AlSi9Cu3;X62108954","A",398,"EA",2.89333,{"v":1151.55,"d":"1,151.55"}]
[2000,"025","C120-0021-001","十字连轴节毛坯; AlSi9Cu3;X62108956","A",304,"EA",2.925,889.2]
[2000,"025","C120-0025-001","十字连轴节毛坯; AlSi9Cu3;X62108962","A",{"v":4002,"d":"4,002.00"},"EA",1.7725,{"v":7093.54,"d":"7,093.54"}]
[2000,"025","C160-0009-001","XL1371SR端盖毛坯;ZL101A; XL2D209","A",216,"EA",62.45825,{"v":13490.98,"d":"13,490.98"}]
[2000,"025","C185-0002-001","轮毂盖毛坯; 90-60-00004-000;","A",891,"EA",7.26075,{"v":6469.33,"d":"6,469.33"}]
[2000,"025","C185-0003-001","轮毂毛坯; 90-60-00003-000;","A",{"v":1032,"d":"1,032.00"},"EA",19.44277,{"v":20064.94,"d":"20,064.94"}]
[2000,"025","c285-0001-001","C1209 进气摇臂毛坯A356.0","A",{"v":16000,"d":"16,000.00"},"EA",0,0]
[2000,"025","C285-0009-001","福特摇臂毛坯;354.0 RK03610","A",{"v":2834,"d":"2,834.00"},"EA",3.01264,{"v":8537.83,"d":"8,537.83"}]
[2000,"025","C300-0022-004","GDS水管毛坯;A03190; 4D241-002;C版;","A",638,"EA",8.09886,{"v":5167.07,"d":"5,167.07"}]
[2000,"025","C300-0047-001","比亚乔进气支管毛坯;4B; 1A013200;","A",896,"EA",6.34872,{"v":5688.45,"d":"5,688.45"}]
[2000,"025","FA078","铝棒;Φ215×152~155MM; 可出1×2个成品;F4000活塞","B",73,"EA",471.72,{"v":34435.56,"d":"34,435.56"}]
[2000,"030","F035-013","衬套(LQ-730K滑架); LTT-HP-029","B",5e-08,"EA",1e-05,0]
[2000,"030","F040-0023","连杆螺栓;7CT-E1654-00; M8X1.25-6g;泰州雅马哈7CT","B",900,"EA",0.641,576.9]
[2000,"030","F040-0024","连杆螺栓;7CN-E1654-00; M7×1.0-4h;泰州雅马哈7CN","B",{"v":2700,"d":"2,700.00"},"EA",0.5299,{"v":1430.73,"d":"1,430.73"}]
[2000,"030","F040-0025","连杆螺栓;嘉陵本田 90001-ZE1-0003;","B",{"v":19086,"d":"19,086.00"},"EA",0.65,{"v":12405.9,"d":"12,405.90"}]
[2000,"030","F040-0027","连杆螺栓;Z7EA/ZE8; M8×1.25;嘉陵本田ZIC.ZID","B",100,"EA",2.34,234]
[2000,"030","F040-0028","Copeland连杆螺栓; M6X0.75-6h6g;100-0440-00","B",{"v":2800,"d":"2,800.00"},"EA",1.214,{"v":3399.2,"d":"3,399.20"}]
[2000,"030","F040-0029","Copeland连杆螺栓; M8×1-6g;100-0440-01","B",300,"EA",1.92,576]
[2000,"030","F040-0030","Copeland连杆螺栓; M8×1-6g;100-0440-02","B",{"v":3621,"d":"3,621.00"},"EA",1.966,{"v":7118.89,"d":"7,118.89"}]
[2000,"030","F040-0031","Copeland连杆衬套; φ19×20;035-0437-00","B",{"v":3000,"d":"3,000.00"},"EA",4.57,{"v":13710,"d":"13,710.00"}]
[2000,"030","F040-0032","Copeland连杆衬套; φ22×23;035-0437-01","B",{"v":1120,"d":"1,120.00"},"EA",4.57,{"v":5118.4,"d":"5,118.40"}]
[2000,"030","F040-0033","Copeland连杆螺母; M8×1-6H;101-0169-00","B",{"v":2500,"d":"2,500.00"},"EA",0.1,250]
[2000,"030","F040-0034","连杆螺栓;100-0142-60 LTT-HP-009;(非保税品)","B",{"v":196850,"d":"196,850.00"},"EA",0.48433,{"v":95340.36,"d":"95,340.36"}]
[2000,"030","F040-0037","连杆螺栓;90001-ZIT-0000; M7;ZOT-3;ZIVA-3;","A",{"v":75600,"d":"75,600.00"},"EA",0.65,{"v":49140,"d":"49,140.00"}]
[2000,"030","F040-0039","GEA BOCK连杆六角头螺栓; M6×40(10.9);ISO4014","B",296,"EA",0.11821,34.99]
[2000,"030","F040-0040","BOCK连杆平垫圈; Washer DIN 125-6.4-300HV","B",296,"EA",0.01474,4.36]
[2000,"030","F040-0041","GEA BOCK连杆弹性销; 8×0.75×28;ISO13337","B",296,"EA",1.12029,331.61]
[2000,"030","F040-0042","连杆弹性销;011-0123-00 LTT-HP-008;国内采购;","B",{"v":5277,"d":"5,277.00"},"EA",0.45294,{"v":2390.16,"d":"2,390.16"}]
[2000,"030","F045-005","自攻螺丝 MTRT4×12;5032199-02","B",{"v":4261448,"d":"4,261,448.00"},"EA",0.116,{"v":494327.97,"d":"494,327.97"}]
[2000,"030","F045-034","垫圈;5746456 富士华H465(D49)汽缸配件","B",{"v":5960,"d":"5,960.00"},"EA",2.65,{"v":15794,"d":"15,794.00"}]
[2000,"030","F045-035","进(排)气阀; 545-234801","B",{"v":8000,"d":"8,000.00"},"EA",5.983,{"v":47864,"d":"47,864.00"}]
[2000,"030","F045-036","橡胶密封圈 545-235101","B",{"v":8000,"d":"8,000.00"},"EA",1.6445,{"v":13156,"d":"13,156.00"}]
[2000,"030","F045-037","弹簧 545-235001","B",{"v":5500,"d":"5,500.00"},"EA",0.32,{"v":1760,"d":"1,760.00"}]
[2000,"030","F045-038","弹簧挡圈 545-234901","B",{"v":3400,"d":"3,400.00"},"EA",0.25,850]
[2000,"030","F045-039","管接头;5034243; 富士华D49汽缸配件","B",{"v":3500,"d":"3,500.00"},"EA",0.32,{"v":1120,"d":"1,120.00"}]
[2000,"030","F045-040","垫圈;5440880-01; φ42/44汽缸配件;特瑞堡","B",{"v":12000,"d":"12,000.00"},"EA",1.21,{"v":14520,"d":"14,520.00"}]
[2000,"030","F045-043","汽缸左盖及密封圈总成; 5843051;富士华D41;外购;","B",{"v":28000,"d":"28,000.00"},"EA",4.24,{"v":118720,"d":"118,720.00"}]
[2000,"030","F045-044","汽缸右盖及密封圈总成; 5843052;富士华D41;外购;","B",{"v":28000,"d":"28,000.00"},"EA",4.24,{"v":118720,"d":"118,720.00"}]
[2000,"030","F045-045","汽缸左盖及密封圈总成; 5842523;富士华φ44;外购;","B",{"v":77350,"d":"77,350.00"},"EA",4.24,{"v":327964,"d":"327,964.00"}]
[2000,"030","F045-046","汽缸右盖及密封圈总成; 5842524;富士华φ44;外购;","B",{"v":78750,"d":"78,750.00"},"EA",4.24,{"v":333900,"d":"333,900.00"}]
[2000,"030","F097-001","键;KEY DIN;F4000活塞用; 6885-A14×9×80","A",120,"EA",17.8,{"v":2136,"d":"2,136.00"}]
[2000,"030","F097-002","M16螺栓;M16×170; F4000活塞用","A",400,"EA",5.1282,{"v":2051.28,"d":"2,051.28"}]
[2000,"030","F180-002","毂圈;90-60-00004-000; φ85×20.75;","A",{"v":13000,"d":"13,000.00"},"EA",1.46018,{"v":18982.34,"d":"18,982.34"}]
[2000,"030","F305-009","双头螺柱;0105060270; M6×100L","B        ",{"v":8800,"d":"8,800.00"},"EA            ",1.22,{"v":10736,"d":"10,736.00"}]
[2000,"030","F495-004","树脂壳模砂;6A","A",{"v":12110,"d":"12,110.00"},"KG",0.9,{"v":10899,"d":"10,899.00"}]
[2000,"030","FA001","纯铝","A",{"v":13868,"d":"13,868.00"},"KG",13.13502,{"v":182156.46,"d":"182,156.46"}]
[2000,"030","FA002","铝锭;4B","A",{"v":10622,"d":"10,622.00"},"KG",14.24138,{"v":151271.94,"d":"151,271.94"}]
[2000,"030","FA009","铝锭;ADC12","A",{"v":17505,"d":"17,505.00"},"KG",13.36624,{"v":233976.03,"d":"233,976.03"}]
[2000,"030","FA012","铝锭;B390","A",{"v":26501,"d":"26,501.00"},"KG",15.34576,{"v":406677.99,"d":"406,677.99"}]
[2000,"030","FA014","铝锭;A380","A",{"v":22021,"d":"22,021.00"},"KG",16.812,{"v":370217.05,"d":"370,217.05"}]
[2000,"030","FA015","铝锭;ZL106","A",{"v":7473,"d":"7,473.00"},"KG",15.3248,{"v":114522.23,"d":"114,522.23"}]
[2000,"030","FA017","铝锭;A356.0","A",{"v":14632,"d":"14,632.00"},"KG",13.42339,{"v":196411.04,"d":"196,411.04"}]
[2000,"030","FA024","铝锭;354.0","A",{"v":15097,"d":"15,097.00"},"KG",14.11186,{"v":213046.75,"d":"213,046.75"}]
[2000,"030","FA026","铝锭;AA319.0","A",{"v":5293,"d":"5,293.00"},"KG",11.31227,{"v":59875.85,"d":"59,875.85"}]
[2000,"030","FA031","铝锭;12#","A",{"v":10870,"d":"10,870.00"},"KG",11.31227,{"v":122964.37,"d":"122,964.37"}]
[2000,"030","FA033","铝锭;A03190-1","A",{"v":29940,"d":"29,940.00"},"KG",14.56865,{"v":436185.38,"d":"436,185.38"}]
[2000,"030","FA050","铝锭;554K","B",{"v":2641,"d":"2,641.00"},"KG",11.31227,{"v":29875.71,"d":"29,875.71"}]
[2000,"030","FA074","铝锭;ZL101A","A",{"v":10084,"d":"10,084.00"},"KG",11.96195,{"v":120624.3,"d":"120,624.30"}]
[2000,"040","FP003","棒料;SKD11 Φ24圆钢","A",{"v":1021.508,"d":"1,021.51"},"KG",20.299,{"v":20735.59,"d":"20,735.59"}]
[2000,"040","FP004","棒料;SKD11 Φ26圆钢","A",{"v":2198.2,"d":"2,198.20"},"KG",20.299,{"v":44621.26,"d":"44,621.26"}]
[2000,"040","FP005","棒料;SKD11 Φ28","A",{"v":2826.7,"d":"2,826.70"},"KG",20.299,{"v":57379.18,"d":"57,379.18"}]
[2000,"040","HF004","黑色布胶带;74MMX30M","C",64,"卷",18.46,{"v":1181.44,"d":"1,181.44"}]
[2000,"040","HF030","塑料打包扣","C",500,"EA",0.171,85.5]
[2000,"040","HF062","牛皮纸胶带;75MM×30M","B",240,"卷",4.75,{"v":1140,"d":"1,140.00"}]
[2000,"040","JCAA026","限位开关;Z-15GW22-B","C",40,"EA",13.475,539]
[2000,"040","JCAA030","磁簧开关;CS1-J","C",3,"EA",29.792,89.38]
[2000,"040","JCAA046","近接开关;E2EZ-X4C1/5M8","C",3,"EA",430.411,{"v":1291.23,"d":"1,291.23"}]
[2000,"040","JCAA138","切换开关;ABS-111N","C",1,"EA",123,123]
[2000,"040","JCAA139","切换开关;ASN111B","C",1,"EA",123,123]
[2000,"040","JCAA140","切换开关;ASN311B","C",1,"EA",123,123]
[2000,"040","JCAA141","切换按钮开关;XSPA-3020B","C",1,"EA",123,123]
[2000,"040","JCAA170","流量感应器;SI1010","C",1,"EA",{"v":2480,"d":"2,480.00"},{"v":2480,"d":"2,480.00"}]
[2000,"040","JCAA175","接近开关;J8M-D1PH(常闭)","C",4,"EA",234.39565,937.58]
[2000,"040","JCAA178","微动开关;TZ7311","C",5,"EA",33.15,165.75]
[2000,"040","JCAA181","接近开关; J8M-D1NK(常开);","C",11,"EA",177.93122,{"v":1957.24,"d":"1,957.24"}]
[2000,"040","JCAA200","接近开关 E2E-X3D1-N/M12常开","C",2,"EA",132.514,265.03]
[2000,"040","JCAA204","近接开关 LJ12-Z4NK;","B",18,"EA",89.4463,{"v":1610.03,"d":"1,610.03"}]
[2000,"040","JCAA222","电容式接近开关; E2K-C25ME1;OMRON","B",2,"EA",319.97,639.94]
[2000,"040","JCAA223","接近开关;FL7M-2J6HD; 2线制;山武","B",18,"EA",119.6581,{"v":2153.85,"d":"2,153.85"}]
[2000,"040","JCAA224","开关;FL7M-4K6A; 防铝/两线;山武","B",59,"EA",188.0342,{"v":11094.02,"d":"11,094.02"}]
[2000,"040","JCAA257","微动开关;V-155-1B6","B",2,"EA",10,20]
[2000,"040","JCAA263","接近开关;JS18-D8NK;ABS; 川悦","B",15,"EA",246.38,{"v":3695.7,"d":"3,695.70"}]
[2000,"040","JCAA267","微动开关;Z-15GD-B;欧姆龙 配CNC第四轴用","B",13,"EA",24.8,322.4]
[2000,"040","JCAB154","通讯电缆;MB5M;台达","C",5,"EA",31.392,156.96]
[2000,"040","JCAC042","碘钨灯架;1000W防雨型","C",2,"EA",59.57264,119.15]
[2000,"040","JCAC090","启辉器;40W;飞利浦","C",25,"EA",0.55678,13.92]
[2000,"040","JCAC119","H3灯泡;24V75W","C",4,"EA",11,44]
[2000,"040","JCAC128","冷反射卤钨灯;24V150W; 成都灯泡厂;HALOGEN;LAMP","B",8,"EA",24.5,196]
[2000,"040","JCAD033","五孔暗插座;10A;鸿雁","C",5,"EA",4.2,21]
[2000,"040","JCAD053","航空插头;D20;剑插","C",20,"EA",15.05,301]
[2000,"040","JCAD057","时间继电器插座;P2CF-08","C",3,"EA",19.1,57.3]
[2000,"040","JCAE049","空气开关;EA53A/50A; 富士","C",2,"EA",95.42401,190.85]
[2000,"040","JCAE118","保温炉电炉丝;28KW","B",5,"EA",185.13601,925.68]
[2000,"040","JCAE172","镍铬电阻丝;φ3.5MM×21KW",null,88,"EA",177.52,{"v":15621.76,"d":"15,621.76"}]
[2000,"040","JCAG001","塑料绝缘胶带;必胜","B",25,"卷",0.776,19.4]
[2000,"040","JCAG055","尼龙扎带;3×120MM;门子","C",{"v":1000,"d":"1,000.00"},"EA",0.028,28]
[2000,"040","JCAG056","尼龙扎带;4×200MM;门子","C",{"v":1000,"d":"1,000.00"},"EA",0.042,42]
[2000,"040","JCAH006","OT铜接线端子;100A; GB/T14315-1993","C",50,"EA",0.8,40]
[2000,"040","JCAH010","铜鼻子;150MM2;凤凰;","C",5,"EA",13,65]
[2000,"040","JCAH038","辅助接点;LA1-DN11C","C",6,"EA",8.448,50.69]
[2000,"040","JCAH046","端子;ASD-CNSC0050; 台达","C",5,"EA",30.23006,151.15]
[2000,"040","JCAH048","端子;ASD-CAPW0000; 台达","C",2,"EA",22.4616,44.92]
[2000,"040","JCAH051","端子;ASD-CAEN1000; 台达","C",5,"EA",171.2697,856.35]
[2000,"040","JCAH062","端子;ASD-CAWP2000;台达","B",1,"EA",177.02553,177.03]
[2000,"040","JCAH097","辅助接点;LADN31C;施耐德;","B",10,"EA",19,190]
[2000,"040","JCAJ019","电机;3HP-2.2KW","C",4,"EA",860,{"v":3440,"d":"3,440.00"}]
[2000,"040","JCAJ067","大连产电机;Y90L-4","C",5,"EA",540,{"v":2700,"d":"2,700.00"}]
[2000,"040","JCAJ122","闽东电机;Y801-2 0.75KW","C",4,"EA",293.16239,{"v":1172.65,"d":"1,172.65"}]
[2000,"040","JCAJ129","大连电机;Y90L-6","C",1,"EA",569,569]
[2000,"040","JCAJ175","伺服电机;ECMA-C30807GS; 配三米电缆;带油封;台达","B",2,"EA",{"v":1423.93118,"d":"1,423.93"},{"v":2847.86,"d":"2,847.86"}]
[2000,"040","JCAJ207","齿轮减速机;带刹车;强生; QRW-67-Y0.75/4P-106.64M1","B",1,"EA",{"v":2300,"d":"2,300.00"},{"v":2300,"d":"2,300.00"}]
[2000,"040","JCAJ252","伺服电机;ECMA-E31310FS; 台达","B",4,"EA",{"v":2832.2833,"d":"2,832.28"},{"v":11329.13,"d":"11,329.13"}]
[2000,"040","JCAJ261","电机;7AA71M04-G;0.37KW 1/2HP;立式;MEZ","B",3,"EA",{"v":1900,"d":"1,900.00"},{"v":5700,"d":"5,700.00"}]
[2000,"040","JCAJ263","减速电机;带刹车;输出轴35 QRW-77-Y2.2/4P-46.72-M1","B",2,"EA",{"v":2943.38,"d":"2,943.38"},{"v":5886.76,"d":"5,886.76"}]
[2000,"040","JCAJ264","减速机;带刹车;输出轴孔35 QSFK-67-Y2.2/4P-24.11-M1","B",1,"EA",{"v":2826.4526,"d":"2,826.45"},{"v":2826.45,"d":"2,826.45"}]
[2000,"040","JCAJ272","机械密封;φ12; 配多级离心泵;CDLK2-150/2","B",5,"EA",220,{"v":1100,"d":"1,100.00"}]
[2000,"040","JCAJ274","伺服电机;配油封; ECMA-C31010GS;台达","B",9,"EA",{"v":1602.3,"d":"1,602.30"},{"v":14420.7,"d":"14,420.70"}]
[2000,"040","JCAJ275","伺服电机;配油封; ECMA-C31010HS;台达","B",4,"EA",{"v":2352,"d":"2,352.00"},{"v":9408,"d":"9,408.00"}]
[2000,"040","JCAJ282","伺服电机;SGM7J-08AFC6S; 750W;安川","B",6,"EA",{"v":1260.68376,"d":"1,260.68"},{"v":7564.1,"d":"7,564.10"}]
[2000,"040","JCAJ300","油泵电机;1HP/0.75KW; 群策;","B",3,"EA",450,{"v":1350,"d":"1,350.00"}]
[2000,"040","JCAK017","行灯变压器 500VA380/220/12","C",1,"EA",214.239,214.24]
[2000,"040","JCAK040","三相干式变压器; SG-2KVA;乐清天正","C",5,"EA",870,{"v":4350,"d":"4,350.00"}]
[2000,"040","JCAK044","三相干式变压器; SG-3KVA 380V/220V;天正","C",6,"EA",{"v":1195,"d":"1,195.00"},{"v":7170,"d":"7,170.00"}]
[2000,"040","JCAM021","交流接触器; LC1-D2501M5CAC36V;施耐德","C",3,"EA",40.908,122.72]
[2000,"040","JCAM033","电磁接触器 S-P11-10/110V","C",9,"EA",123,{"v":1107,"d":"1,107.00"}]
[2000,"040","JCAM034","电磁接触器 S-P16-10/110V","C",1,"EA",123,123]
[2000,"040","JCAM058","驱动器;ASD-A0721-AB; 台达","B",7,"EA",{"v":1603.17906,"d":"1,603.18"},{"v":11222.25,"d":"11,222.25"}]
[2000,"040","JCAM071","驱动器;SGD7S-5R5A00A; 750W;安川","B",5,"EA",{"v":1542.73504,"d":"1,542.74"},{"v":7713.68,"d":"7,713.68"}]
[2000,"040","JCAN035","真空压力表;0.1-0-0.9","C",4,"EA",45,180]
[2000,"040","JCAN062","耐震压力表 YTN100-60MPA-M20X1.5","C",8,"EA",243.7583,{"v":1950.07,"d":"1,950.07"}]
[2000,"040","JCAN066","乙炔减压器;YQE-222","C",1,"EA",40.25,40.25]
[2000,"040","JCAP027","风叶;TT-DSK-020","C",5,"EA",182,910]
[2000,"040","JCAQ009","继电器;MY2NJ AC220V","C",10,"EA",8.79487,87.95]
[2000,"040","JCAQ050","时间继电器; H3Y-2-C;AC220V;10S欧姆龙","C",3,"EA",48,144]
[2000,"040","JCAQ076","热继电器;LRD-14K N 7-10A 施耐德","B",4,"EA",38.5,154]
[2000,"040","JCAQ077","继电器;MY2NJ AC110V 欧姆龙","B",15,"EA",15.5,232.5]
[2000,"040","JCAQ078","热继电器;LR-D07C 施耐德","B",5,"EA",64.3,321.5]
[2000,"040","JCAS124","断火限位器; LXD-20;常州武进","B",4,"EA",57.456,229.82]
[2000,"040","JCAS143","铁暗盒;厚1MM; 鸿雁",null,5,"EA",3.15,15.75]
[2000,"040","JCBA032","变频器;VFD055M43B;台达","C",2,"EA",{"v":2028.43928,"d":"2,028.44"},{"v":4056.88,"d":"4,056.88"}]
[2000,"040","JCBA046","变频器;VFD007M21A; 0.75KW;230V;台达","B",1,"EA",844.65024,844.65]
[2000,"040","JCBB013","可编程控制器;FX2N-80MR","C",1,"EA",{"v":2525.641,"d":"2,525.64"},{"v":2525.64,"d":"2,525.64"}]
[2000,"040","JCBB031","PLC控制器;FX2N-128MR; 三菱","C",1,"EA",{"v":3632.4786,"d":"3,632.48"},{"v":3632.48,"d":"3,632.48"}]
[2000,"040","JCBB040","PLC控制器;DVP14ESOOR","C",1,"EA",523.33676,523.34]
[2000,"040","JCBB052","可编程序控制器 DVP64EH00R;台达","C",2,"ST",{"v":1543.2991,"d":"1,543.30"},{"v":3086.6,"d":"3,086.60"}]
[2000,"040","JCBB057","控制器;PNC-H4-T;台达","C",1,"EA",{"v":6404.93602,"d":"6,404.94"},{"v":6404.94,"d":"6,404.94"}]
[2000,"040","JCBB058","可编程序控制器; FX2N-32ER;三菱","C",9,"EA",{"v":1398,"d":"1,398.00"},{"v":12582,"d":"12,582.00"}]
[2000,"040","JCBB063","可编程序控制器; DVP80EH00R;台达","C",2,"EA",{"v":1808.2813,"d":"1,808.28"},{"v":3616.56,"d":"3,616.56"}]
[2000,"040","JCBB075","可编程序控制器; FX3U-32MR-ES-A;三菱","B",2,"EA",{"v":1551.3,"d":"1,551.30"},{"v":3102.6,"d":"3,102.60"}]
[2000,"040","JCBB077","可编程序控制器; FX2N-16MR-001;三菱","B",2,"EA",{"v":1659,"d":"1,659.00"},{"v":3318,"d":"3,318.00"}]
[2000,"040","JCBJ025","扩展模块;DVP08HM11N; 台达","C",2,"EA",178.752,357.5]
[2000,"040","JCBJ029","扩展模块;DVP48HP00R;台达","C",1,"EA",{"v":1137.388,"d":"1,137.39"},{"v":1137.39,"d":"1,137.39"}]
[2000,"040","JCBJ034","扩展模块;DVP32HP00R;台达","B",1,"EA",924.16381,924.16]
[2000,"040","JCBJ036","扩展模块;FX2N-16EX 16点输入;三菱","B",3,"EA",530,{"v":1590,"d":"1,590.00"}]
[2000,"040","JCBL093","人机界面;DOP-B05S101; 台达","B",2,"EA",{"v":1536.15,"d":"1,536.15"},{"v":3072.3,"d":"3,072.30"}]
[2000,"040","JCCB-BXEHW","滚珠螺杆;1R32-05T5 -1FSDC-443-595-0.018","B",4,"EA",{"v":1079.48718,"d":"1,079.49"},{"v":4317.95,"d":"4,317.95"}]
[2000,"040","JCCB-CTHPW","机械零件;CTHPW","C",4,"EA",{"v":2913.508,"d":"2,913.51"},{"v":11654.03,"d":"11,654.03"}]
[2000,"040","JCCB-EZDGR","机械零件;EZDGR","B",2,"EA",{"v":1961.01,"d":"1,961.01"},{"v":3922.02,"d":"3,922.02"}]
[2000,"040","JCCB-FFUEQ","滚珠螺杆;1R20-05T5 -1FSDC-170-295-0.018","C",15,"EA",{"v":1195.7265,"d":"1,195.73"},{"v":17935.9,"d":"17,935.90"}]
[2000,"040","JCCB-HZDTQ","滚珠螺杆;1R32-05T5 -1FSDC-714-868-0.018","C",4,"EA",{"v":2052.99,"d":"2,052.99"},{"v":8211.96,"d":"8,211.96"}]
[2000,"040","JCCB-LHJKV","机械零件;LHJKV","C",2,"EA",{"v":2564.1,"d":"2,564.10"},{"v":5128.2,"d":"5,128.20"}]
[2000,"040","JCCB-YZSGA","滚珠螺杆;1R32-05T5 -1FSDC-868-1015-0.008","C",3,"EA",{"v":1603.4188,"d":"1,603.42"},{"v":4810.26,"d":"4,810.26"}]
[2000,"040","JCCB110","井式炉风叶轴 TT-DSK-018","C",5,"EA",185.5,927.5]
[2000,"040","JCCB3103","导螺杆;M6×1.0-6H","C",2,"EA",512.821,{"v":1025.64,"d":"1,025.64"}]
[2000,"040","JCCB3104","导螺杆;1/4″-28;UNF-2B","C",2,"EA",512.821,{"v":1025.64,"d":"1,025.64"}]
[2000,"040","JCCB3105","导螺杆;M7×1.0-1级","C",3,"EA",512.821,{"v":1538.46,"d":"1,538.46"}]
[2000,"040","JCCB3106","导螺杆;M8×1.25-5H","C",2,"EA",512.821,{"v":1025.64,"d":"1,025.64"}]
[2000,"040","JCCB3586","机械零件;5005-C09-290","C",2,"EA",{"v":2070.1072,"d":"2,070.11"},{"v":4140.21,"d":"4,140.21"}]
[2000,"040","JCCB3587","机械零件;5005-C09-630","C",2,"EA",{"v":2166.9109,"d":"2,166.91"},{"v":4333.82,"d":"4,333.82"}]
[2000,"040","JCCB3720","机械零件; 5005-N02-200","C",3,"EA",64.76,194.28]
[2000,"040","JCCB3721","机械零件; 5005-N02-210","C",3,"EA",73.13,219.39]
[2000,"040","JCCB3722","机械零件; 5005-N02-220","C",3,"EA",73.13,219.39]
[2000,"040","JCCB3723","机械零件; 5005-N02-230","C",3,"EA",90.03,270.09]
[2000,"040","JCCB3724","机械零件; 5005-N02-240","C",3,"EA",96.06,288.18]
[2000,"040","JCCB3725","机械零件; 5005-N02-250","C",3,"EA",109.6,328.8]
[2000,"040","JCCB3726","机械零件; 5005-N02-260","C",3,"EA",122.65,367.95]
[2000,"040","JCCB3727","机械零件; 5005-N02-270","C",3,"EA",185.9,557.7]
[2000,"040","JCCB3728","机械零件; 5005-N02-280","C",3,"EA",208.45,625.35]
[2000,"040","JCCB3729","机械零件; 5005-N02-560","C",3,"EA",90.03,270.09]
[2000,"040","JCCB3732","机械零件; 5005-N02-590","C",3,"EA",64.76,194.28]
[2000,"040","JCCB3733","机械零件; 5005-N02-600","C",3,"EA",73.13,219.39]
[2000,"040","JCCB3734","机械零件; 5005-N02-610","C",3,"EA",169.19,507.57]
[2000,"040","JCCB3735","机械零件; 5005-N02-100","C",3,"EA",156.22,468.66]
[2000,"040","JCCB3736","机械零件; 5005-N02-110","C",3,"EA",170.36,511.08]
[2000,"040","JCCB3737","机械零件; 5005-N02-120","C",3,"EA",185,555]
[2000,"040","JCCB3738","机械零件; 5005-N02-130","C",3,"EA",201.14,603.42]
[2000,"040","JCCB3739","机械零件; 5005-N02-140","C",3,"EA",218.85,656.55]
[2000,"040","JCCB3740","机械零件; 5005-N02-150","C",3,"EA",218.85,656.55]
[2000,"040","JCCB3741","机械零件; 5005-N02-160","C",3,"EA",305.07,915.21]
[2000,"040","JCCB3742","机械零件; 5005-N02-170","C",3,"EA",330.01,990.03]
[2000,"040","JCCB3743","机械零件; 5005-N02-180","C",3,"EA",416.6,{"v":1249.8,"d":"1,249.80"}]
[2000,"040","JCCB3749","机械零件; 5005-N02-550","C",3,"EA",341.4,{"v":1024.2,"d":"1,024.20"}]
[2000,"040","JCCB4352","导螺杆;M10×1-6H","C",2,"EA",512.8205,{"v":1025.64,"d":"1,025.64"}]
[2000,"040","JCCB4654","导螺杆;M5×0.8","B",2,"EA",512.82051,{"v":1025.64,"d":"1,025.64"}]
[2000,"040","JCCB4775","滚珠螺杆;R32-12C1 -FSWC-640-1250-0.008;","B",3,"EA",{"v":1445,"d":"1,445.00"},{"v":4335,"d":"4,335.00"}]
[2000,"040","JCCC004","行车夹线勾;8MM;塑料;力通","C",20,"EA",3.43,68.6]
[2000,"040","JCCC132","气动手指;MHZ2-40S","C",1,"EA",{"v":2154.7,"d":"2,154.70"},{"v":2154.7,"d":"2,154.70"}]
[2000,"040","JCCC232","轴瓦;配空压机VA-80","C",4,"EA",20,80]
[2000,"040","JCCC233","连杆;配空压机VA-80","C",2,"EA",46,92]
[2000,"040","JCCC345","Y轴滚珠丝杆;WZALS; 配LNC-42车床","B",2,"EA",{"v":1470,"d":"1,470.00"},{"v":2940,"d":"2,940.00"}]
[2000,"040","JCCC346","X轴滚珠丝杆;OHJVU; 配LNC-42车床","B",2,"EA",{"v":1435,"d":"1,435.00"},{"v":2870,"d":"2,870.00"}]
[2000,"040","JCCC350","滚珠螺杆;1R25-12B1 -1FSWC-648-785-0.018","B",1,"EA",{"v":1631,"d":"1,631.00"},{"v":1631,"d":"1,631.00"}]
[2000,"040","JCCC351","滚珠螺杆;1R25-12B1 -1FSWC-528-1040-0.018","B",1,"EA",{"v":1827,"d":"1,827.00"},{"v":1827,"d":"1,827.00"}]
[2000,"040","JCCC369","滚珠螺杆;1R28-06B4 -1SSWC-359.5-690-0.008","B",2,"EA",{"v":1207.87,"d":"1,207.87"},{"v":2415.74,"d":"2,415.74"}]
[2000,"040","JCDA062","气缸;CDQ2R32X75D","C",2,"EA",121.25,242.5]
[2000,"040","JCDA072","气缸;CQ2A50-10DM","C",12,"EA",358.11965,{"v":4297.44,"d":"4,297.44"}]
[2000,"040","JCDA076","气缸;CQ2B25-25DM","C",2,"EA",162.23112,324.46]
[2000,"040","JCDA102","气缸;MALV32X50-FA","C",2,"EA",313.63775,627.28]
[2000,"040","JCDA107","气缸;MBB-50B50-F1","C",4,"EA",324.78632,{"v":1299.15,"d":"1,299.15"}]
[2000,"040","JCDA125","薄型气缸;SDA20×30","C",3,"EA",68.37606,205.13]
[2000,"040","JCDA162","薄型气缸;CQSB25-50DM","C",4,"EA",334.18803,{"v":1336.75,"d":"1,336.75"}]
[2000,"040","JCDA200","气缸;DX-50-25D","C",1,"EA",239.12374,239.12]
[2000,"040","jcda210","气缸;CDM2B-25-50","C",2,"EA",150.4802,300.96]
[2000,"040","JCDA211","气缸;MAL32×50-SDB-Y;","C",2,"EA",67,134]
[2000,"040","JCDA225","空压转角缸;ASC-40SL×90 DMC","C",1,"EA",495,495]
[2000,"040","JCDA252","气缸;MKS20×20R","C",2,"EA",639.2661,{"v":1278.53,"d":"1,278.53"}]
[2000,"040","JCDA254","气缸;TN10×50","C",17,"EA",270.75,{"v":4602.75,"d":"4,602.75"}]
[2000,"040","JCDA255","气缸; MBB-50B700-F1;DMC","C",1,"EA",209.5919,209.59]
[2000,"040","JCDA259","气缸;DA25×5","C",18,"EA",69.6482,{"v":1253.67,"d":"1,253.67"}]
[2000,"040","JCDA270","薄型气缸;CQ2B12-10D","C",4,"EA",87.9766,351.91]
[2000,"040","JCDA271","薄型气缸;CQ2B20-30D","C",20,"EA",146.2526,{"v":2925.05,"d":"2,925.05"}]
[2000,"040","JCDA274","空压转角缸;ASC-50SL×90","C",2,"EA",590,{"v":1180,"d":"1,180.00"}]
[2000,"040","JCDA280","空压转角缸;ASC-63DR×90","C",8,"EA",{"v":1137.6288,"d":"1,137.63"},{"v":9101.03,"d":"9,101.03"}]
[2000,"040","JCDA286","气缸;DA32×5","C",2,"EA",80.75,161.5]
[2000,"040","JCDA357","超薄气缸;DAS-40×75-B;","B",2,"EA",70,140]
[2000,"040","JCDA361","气缸;DMD-32×15;DMC","B",4,"EA",263.186,{"v":1052.74,"d":"1,052.74"}]
[2000,"040","JCDA396","超薄气缸;DA-S-40×100-B; 带接近开关2件;朝众","B",2,"EA",97,194]
[2000,"040","JCDA439","气缸;DA-16×10-B; DMC","B",3,"EA",41.04,123.12]
[2000,"040","JCDB034","电磁阀 V3108-001D-X56（AC100V）","C",1,"EA",123,123]
[2000,"040","JCDB039","气动电磁阀;VF5220-4G-03","C",1,"EA",867.52,867.52]
[2000,"040","JCDB049","空压阀;VNB201A-15A","C",1,"EA",123,123]
[2000,"040","JCDB074","气压换向阀线圈; 4V210-08/220V;","C",20,"EA",11,220]
[2000,"040","JCDB116","气动机械阀;MSV86-52-1-PB","C",13,"EA",91.0195,{"v":1183.25,"d":"1,183.25"}]
[2000,"040","JCDB190","快插直角节流阀; 1/8-φ8;","B",10,"EA",2.1,21]
[2000,"040","JCDB218","快速排气阀;3/8 QE-03","B",1,"EA",11,11]
[2000,"040","JCDB252","气动电磁阀;SMC; VFS3120-3T-03;AC110V;","B",3,"EA",410.256,{"v":1230.77,"d":"1,230.77"}]
[2000,"040","JCDC016","消声器;BSLM-01;亚德客","C",24,"EA",1.6245,38.99]
[2000,"040","JCDC018","消声器;BSL-04","C",4,"EA",3.0698,12.28]
[2000,"040","JCDD001","汇流板;200M1F;亚德客","C",6,"EA",26.88,161.28]
[2000,"040","JCDD003","汇流板;PMF-100-2;DMC","C",21,"EA",27.8581,585.02]
[2000,"040","JCDD006","气路板底座;100M1F","C",4,"EA",13.7238,54.9]
[2000,"040","JCDD009","汇流板;PMF-200-2","C",1,"EA",46.3015,46.3]
[2000,"040","JCDE006","三点组合;AF3000-03D","C",1,"EA",239.31623,239.32]
[2000,"040","JCDE017","三点组合;AC4000-03","C",1,"EA",337.2292,337.23]
[2000,"040","JCEA004","转角油缸;HSC-25SL×90; DMC","C",2,"EA",530,{"v":1060,"d":"1,060.00"}]
[2000,"040","JCEA005","转角油缸;HSC-25SR×90","C",3,"EA",750,{"v":2250,"d":"2,250.00"}]
[2000,"040","JCEA009","转角油缸;HSC-40SR×90;","C",2,"EA",515,{"v":1030,"d":"1,030.00"}]
[2000,"040","JCEA010","回转油缸;HSC-50SL×90;","C",3,"EA",600,{"v":1800,"d":"1,800.00"}]
[2000,"040","JCEA011","回转油缸;HSC-50SR×90;","C",4,"EA",600,{"v":2400,"d":"2,400.00"}]
[2000,"040","JCEA016","油缸;MOB-FA-40×30","C",3,"EA",292.5094,877.53]
[2000,"040","JCEA033","油缸;40-150","C",3,"EA",329.8981,989.69]
[2000,"040","JCEA059","油缸;80X60;TE-D-LXZ-011","C",3,"EA",614.2711,{"v":1842.81,"d":"1,842.81"}]
[2000,"040","JCEA090","油缸;HCO-FA-40-20-60","C",5,"EA",260.9868,{"v":1304.93,"d":"1,304.93"}]
[2000,"040","JCEA116","油缸;HOB-CA-100X426","C",6,"EA",{"v":1132.30769,"d":"1,132.31"},{"v":6793.85,"d":"6,793.85"}]
[2000,"040","JCEA117","油缸;HOB-FA-100X120","C",3,"EA",669.5198,{"v":2008.56,"d":"2,008.56"}]
[2000,"040","JCEA118","油缸;HOB-FA-125X650","C",1,"EA",{"v":2034.18803,"d":"2,034.19"},{"v":2034.19,"d":"2,034.19"}]
[2000,"040","JCEA119","回转油缸;HSC-32SL×90; 腾中","C",5,"EA",436,{"v":2180,"d":"2,180.00"}]
[2000,"040","JCEA120","回转油缸;HSC-32SR×90;","C",6,"EA",436,{"v":2616,"d":"2,616.00"}]
[2000,"040","JCEA122","转角油缸;HSC-40SL×90;","C",2,"EA",515,{"v":1030,"d":"1,030.00"}]
[2000,"040","JCEA124","双出杆油缸;MDD30X60","C",1,"EA",198.291,198.29]
[2000,"040","JCEA130","油缸;MOB40X100","C",15,"EA",239.2244,{"v":3588.37,"d":"3,588.37"}]
[2000,"040","JCEA160","油缸;MOB-FA-40×60","C",8,"EA",285.906,{"v":2287.25,"d":"2,287.25"}]
[2000,"040","JCEA161","油缸;MOB-FB-30×450","C",1,"EA",373.8871,373.89]
[2000,"040","JCEA177","转角油缸;HSC-63SL×90","C",2,"EA",950,{"v":1900,"d":"1,900.00"}]
[2000,"040","JCEA188","油缸;MOB-FA-40×40","C",10,"EA",168.6146,{"v":1686.15,"d":"1,686.15"}]
[2000,"040","JCEA191","油缸;MOB-FA-40×50","C",8,"EA",307.9049,{"v":2463.24,"d":"2,463.24"}]
[2000,"040","JCEA195","转角油缸;HSC-φ63SR×90; DMC","C",2,"EA",{"v":1220,"d":"1,220.00"},{"v":2440,"d":"2,440.00"}]
[2000,"040","JCEA221","薄型油缸;HCB32/50Z","C",3,"EA",509.9125,{"v":1529.74,"d":"1,529.74"}]
[2000,"040","JCEA230","油缸;MOB-FA-φ40×120","C",1,"EA",216.0772,216.08]
[2000,"040","JCEA232","油缸;MOB-CA-63×130","C",3,"EA",315.2315,945.69]
[2000,"040","JCEA245","薄型油缸;HE40×10","C",1,"EA",553.846,553.85]
[2000,"040","JCEA259","油缸;MOD-FA-Φ40×70; 油田油压","B",1,"EA",183.2846,183.28]
[2000,"040","JCEA418","转角油缸;HSC-32 DR X90-E 嘉刚","B",5,"EA",850,{"v":4250,"d":"4,250.00"}]
[2000,"040","JCEA426","液压阻尼器;R-2460A; 速成","B",5,"EA",{"v":2260,"d":"2,260.00"},{"v":11300,"d":"11,300.00"}]
[2000,"040","JCEA429","液压阻尼器;RB-3140; 速成","B",2,"EA",{"v":1780,"d":"1,780.00"},{"v":3560,"d":"3,560.00"}]
[2000,"040","JCEB017","油路板;YL-03F-2","C",1,"EA",194.55829,194.56]
[2000,"040","JCEC002","电磁阀;2GMF","C",1,"EA",123,123]
[2000,"040","JCEC006","电磁阀; D4-03-2B2-A2-5-LED;DMC","C",56,"EA",322.8176,{"v":18077.79,"d":"18,077.79"}]
[2000,"040","JCEC008","电磁阀;D4-03-2D2; 油田油压","C",3,"EA",300,900]
[2000,"040","JCEC011","电磁换向阀;D4-03-3C4-A2; 油田油压","C",3,"EA",282,846]
[2000,"040","JCEC016","液压电磁阀;D5-03-3C2","C",1,"EA",393.39785,393.4]
[2000,"040","JCEC019","电磁阀 DSG-03-2B2-A100-5074","C",1,"EA",123,123]
[2000,"040","JCEC020","电磁阀 DSG-03-2B2A-A100-5074","C",1,"EA",123,123]
[2000,"040","JCEC027","复盛空压机单向阀;TA-80","C",1,"EA",94.02,94.02]
[2000,"040","JCEC032","液压单向调速阀 FKC-G03-2B-L","C",13,"EA",561.7918,{"v":7303.29,"d":"7,303.29"}]
[2000,"040","JCEC063","减压阀;RCT-03-B","C",26,"EA",376.8763,{"v":9798.78,"d":"9,798.78"}]
[2000,"040","JCEC073","水阀线圈;2W-025-08; DMC","C",5,"EA",7.6032,38.02]
[2000,"040","JCEC074","水阀线圈;2W-040-10; DMC","B",3,"EA",23.7984,71.4]
[2000,"040","JCEC075","电磁阀线圈;AC-110V","C",1,"EA",123,123]
[2000,"040","JCEC087","调速阀线圈 US1NGFPR-MGKSZ-03-01阀","C",5,"EA",70,350]
[2000,"040","JCEC116","电磁阀线圈;D5","C",7,"EA",51,357]
[2000,"040","JCEC119","减压阀;R-03;DMC","C",17,"EA",402.3297,{"v":6839.6,"d":"6,839.60"}]
[2000,"040","JCEC131","液控单向阀;CPD-T03-A1-E","C",5,"EA",478.4497,{"v":2392.25,"d":"2,392.25"}]
[2000,"040","JCEC137","液控单向阀;CPD-G03-A1-E; 油田油压","C",4,"EA",329.8943,{"v":1319.58,"d":"1,319.58"}]
[2000,"040","JCEC140","液压单向调速阀 FKC-G03-04R","C",3,"EA",425.2023,{"v":1275.61,"d":"1,275.61"}]
[2000,"040","JCEC141","液控单向阀;MCV-02P","C",3,"EA",237.6,712.8]
[2000,"040","JCEC144","叠加式减压阀;BRVA-03-LB","C",4,"EA",250.9056,{"v":1003.62,"d":"1,003.62"}]
[2000,"040","JCEC190","电磁阀线圈; 4V210阀/110V;旭日","B",4,"EA",9,36]
[2000,"040","JCED006","油过滤器;3","C",3,"EA",358.97435,{"v":1076.92,"d":"1,076.92"}]
[2000,"040","JCED026","油雾器;AL2000-02","C",1,"EA",101.1691,101.17]
[2000,"040","JCEF006","油压压力表;W-70;","C",7,"EA",25,175]
[2000,"040","JCF011","变量泵;HVP-VE1-F40A2-R","C",1,"EA",{"v":1612.8374,"d":"1,612.84"},{"v":1612.84,"d":"1,612.84"}]
[2000,"040","JCF040","柴油泵;S-25","C",2,"EA",732.79932,{"v":1465.6,"d":"1,465.60"}]
[2000,"040","JCF112","耐腐蚀离心泵头;80FP-32; 新安江","B",2,"EA",{"v":1660.6,"d":"1,660.60"},{"v":3321.2,"d":"3,321.20"}]
[2000,"040","JCF163","液压泵头;VP-20-F-A2; 油田液压;","B",4,"EA",450,{"v":1800,"d":"1,800.00"}]
[2000,"040","JCF164","液压泵头;VP-30-F-A2; 油田液压;","B",4,"EA",460,{"v":1840,"d":"1,840.00"}]
[2000,"040","JCG011","电磁阀;DSHG-03-3C12","C",2,"EA",{"v":1410.25641,"d":"1,410.26"},{"v":2820.51,"d":"2,820.51"}]
[2000,"040","JCG023","单向调速阀;FKC-G02","C",26,"EA",322.953,{"v":8396.78,"d":"8,396.78"}]
[2000,"040","JCG024","调速阀;FKC-G03-02R","C",2,"EA",507.0172,{"v":1014.03,"d":"1,014.03"}]
[2000,"040","JCG034","手动机械换向阀;4H310-10 包括消声器;旭日","C",7,"ST",51,357]
[2000,"040","JCG057","球阀;φ15;铜;矣美柯","C",3,"EA",17,51]
[2000,"040","JCG064","球阀;φ50;铜","C",1,"EA",47.53,47.53]
[2000,"040","JCG100","水龙头;φ15(1/2);埃美柯","C",3,"EA",18.2,54.6]
[2000,"040","JCG138","闸阀;2寸;埃美柯",null,1,"EA",76.3,76.3]
[2000,"040","JCG142","闸阀;15;埃美坷;",null,1,"EA",16.45,16.45]
[2000,"040","JCG143","闸阀;20;埃美坷;",null,2,"EA",20.3,40.6]
[2000,"040","JCG144","闸阀;25;埃美坷;",null,2,"EA",26.95,53.9]
[2000,"040","JCG149","蝶阀;DN150;三厘;","B",5,"EA",{"v":1350,"d":"1,350.00"},{"v":6750,"d":"6,750.00"}]
[2000,"040","JCHA039","快插三通;8;","C",10,"EA",1.33,13.3]
[2000,"040","JCHA096","不锈钢弯头;40","C",79,"EA",16.22676,{"v":1281.91,"d":"1,281.91"}]
[2000,"040","JCHA185","高速旋转接头;KSH06-02S; SMC","C",2,"EA",59.07648,118.15]
[2000,"040","JCHA186","高速旋转接头;KSH12-04S; SMC","C",2,"EA",108.0368,216.07]
[2000,"040","JCHA250","喉箍;φ8-13;不锈钢; 德国吉美","B",100,"EA",2.38,238]
[2000,"040","JCHA318","快插三通;Φ6","B",2,"EA",2.6806,5.36]
[2000,"040","JCHB031","快插直通;G1/4-8;","C",10,"EA",0.91,9.1]
[2000,"040","JCHB032","快插直通;1/8-8;","C",10,"EA",0.8645,8.65]
[2000,"040","JCHB033","快插直通;φ12;","C",10,"EA",1.4,14]
[2000,"040","JCHB048","快插直通;3/8-12;亚德客","C",10,"EA",1.6191,16.19]
[2000,"040","JCHB059","浮动接头;FC1018;","C",10,"EA",22.4,224]
[2000,"040","JCHB090","高速旋转接头;KSH10-03S","C",2,"EA",84.8888,169.78]
[2000,"040","JCHB098","快插式气路管接头 SC8-01(限出)","C",20,"EA",19.3977,387.95]
[2000,"040","JCHB099","快插式气路管接头;AC8-01","C",8,"EA",4.6695,37.36]
[2000,"040","JCHB100","快插式气路管接头;AY8","C",4,"EA",5.3883,21.55]
[2000,"040","JCHB101","快插式气路管接头;AZA8; DMC","C",8,"EA",12.4629,99.7]
[2000,"040","JCHB104","螺纹直通气动管接头; AC10-02;DMC","C",7,"EA",5.498,38.49]
[2000,"040","JCHB113","高速旋转接头;KSH12-03S; SMC","C",2,"EA",112.32,224.64]
[2000,"040","JCHB124","螺纹直通气动管接头; AC6-01;DMC","C",14,"EA",1.6975,23.77]
[2000,"040","JCHB125","快插直通;AC6-M5;DMC","C",7,"EA",2.2515,15.76]
[2000,"040","JCHB126","螺纹直通气动管接头; AC8-01;DMC","C",5,"EA",2.4739,12.37]
[2000,"040","JCHB131","T型减径三通气动管接头; AEG10-8;DMC","C",3,"EA",3.4761,10.43]
[2000,"040","JCHB132","快插弯头;1/2-Φ12","C",10,"EA",2.8,28]
[2000,"040","JCHB135","T型减径三通;APEG12-10","C",1,"EA",3.0875,3.09]
[2000,"040","JCHB136","减径直通;APG10-8","C",2,"EA",2.6996,5.4]
[2000,"040","JCHB137","五通;APK8","C",3,"EA",6.1757,18.53]
[2000,"040","JCHB146","气路管减径三通 AWY12-8","C",4,"EA",4.2435,16.97]
[2000,"040","JCHB147","气路管减径三通 AWY12-10","C",13,"EA",4.0582,52.76]
[2000,"040","JCHB152","T型细纹三通;APB8-02","C",2,"EA",3.61,7.22]
[2000,"040","JCHB153","T型减径三通气动管接头 AEG8-6","C",4,"EA",2.7781,11.11]
[2000,"040","JCHB187","直通螺母全塑接头; APCS12-02;气动配件","B",55,"EA",3.98525,219.19]
[2000,"040","JCHB209","浮动接头;DFC1012; M12×1.25;DMC","B",3,"EA",34.176,102.53]
[2000,"040","JCHB213","快插接头;MC8-M6","B",3,"EA",1.7,5.1]
[2000,"040","JCHB215","全塑拧盖三通;φ12","B",50,"EA",5.472,273.6]
[2000,"040","JCHB216","全塑快速拧盖接头; CA-08-1/4","B",37,"EA",1.632,60.38]
[2000,"040","JCHB217","全塑快速三通接头; FCA-M12-08","B",30,"EA",2.28,68.4]
[2000,"040","JCHB220","全塑快速接头;1/8-8","B",30,"EA",1.28,38.4]
[2000,"040","JCHB222","耐高压气管;APVC-8.5×14; 大金",null,100,"M",2.73,273]
[2000,"040","JCHB238","直通螺母全塑快速接头; 3/8-8","B",50,"EA",2.708,135.4]
[2000,"040","JCHC124","油缸Y型直接头;M10×1.25 (带轴销、挡圈);DMC","C",20,"EA",12.54,250.8]
[2000,"040","JCHC143","卡套直通接头;1/8-Φ8","B",98,"EA",3.15,308.7]
[2000,"040","JCHD025","高压油管 OMB25 280KG-19X1000JK","C",1,"EA",58.12,58.12]
[2000,"040","JCHD026","高压油管 OMB25 280KG-19X1600JJ","C",1,"EA",85.47,85.47]
[2000,"040","JCHD029","高压油管 OMB25 280KG-25X1650KP","C",1,"EA",95.897,95.9]
[2000,"040","JCHD136","PU管;Φ8×6;","C",100,"M",0.91,91]
[2000,"040","JCHD222","金属软管;φ16; 风帆","C",100,"M",2.7645,276.45]
[2000,"040","JDA036","硫酸; A.R;2.5L/瓶","C",232,"瓶",13.67521,{"v":3172.65,"d":"3,172.65"}]
[2000,"040","JDC011","脱脂剂;工业级","B",20,"KG",4.9,98]
[2000,"040","JDD001","氩气;99.9%;5立方/瓶;新航","B",8,"瓶",66.55,532.4]
[2000,"040","JDD002","高纯氩;99.999%","C",9,"瓶",179.87,{"v":1618.83,"d":"1,618.83"}]
[2000,"040","JDD003","氮气;99.99%;6立方/瓶; 二化","B",15,"瓶",32.07,481.05]
[2000,"040","JDD004","氧气","B",9,"瓶",25.62,230.58]
[2000,"040","JDD005","中瓶液化气;15KG;BP角阀","B",6,"瓶",100.34305,602.06]
[2000,"040","JDD008","乙炔","B",9,"瓶",69.93,629.37]
[2000,"040","JDE015","丙酮;A.R 500ML/瓶;","B",16,"瓶",7.3,116.8]
[2000,"040","JDE058","油漆喷罐","B",5,"瓶",6.89655,34.48]
[2000,"040","JDE079","乐泰固持胶;680;50ml ;23416","C",5,"瓶",68.376,341.88]
[2000,"040","JDE121","快速胶粘剂; CH-914;45g/瓶;慈化","B",30,"瓶",5.7,171]
[2000,"040","JDE143","工业丙酮;150KG/桶;","B",2,"桶",{"v":1699.115,"d":"1,699.12"},{"v":3398.23,"d":"3,398.23"}]
[2000,"040","JFBA001","机油(润滑油);68#;170KG; 日石","B",{"v":1020,"d":"1,020.00"},"KG",7.56,{"v":7711.2,"d":"7,711.20"}]
[2000,"040","JFBB001","液压油;46#;170KG; 日石","B",{"v":1360,"d":"1,360.00"},"KG",7.7,{"v":10472,"d":"10,472.00"}]
[2000,"040","JFBB005","\"R1\"01L油;杉野;进口","B",1,"L",646.1538,646.15]
[2000,"040","JFBE004","冲头润滑颗粒;黑色; 唯氏机械",null,150,"KG",11.1111,{"v":1666.67,"d":"1,666.67"}]
[2000,"040","JFCB014","高级溶水油;BTN-EW117 倍肯耐;170kg/桶","A",170,"KG",8.519,{"v":1448.23,"d":"1,448.23"}]
[2000,"040","JFCB016","半合成切削液;VP550; 富兰克;180KG;","A",18,"桶",{"v":2564,"d":"2,564.00"},{"v":46152,"d":"46,152.00"}]
[2000,"040","JFCD003","螺杆式空压机合成油;复盛","A",60,"L",26.3256,{"v":1579.54,"d":"1,579.54"}]
[2000,"040","JFCF005","水基合成珩磨液; RF-5-C;秀尔特","A",{"v":1000,"d":"1,000.00"},"KG",24.3,{"v":24300,"d":"24,300.00"}]
[2000,"040","JGB034","钜金毛坯识别卡;白 MT-F005","C",{"v":20000,"d":"20,000.00"},"张",0.0349,698]
[2000,"040","JGB048","毛坯识别卡;T-F018; 109×72mm;黄/白;120g","B",{"v":20000,"d":"20,000.00"},"EA",0.0349,698]
[2000,"040","JGB058","塑料套;11×12cm 在制品标签用","C",{"v":1000,"d":"1,000.00"},"EA",0.4071,407.1]
[2000,"040","JGB064","条码标签;4×4英寸;1000张 卡纸","C",20,"卷",27.89675,557.94]
[2000,"040","JGB070","钜立不良品入库单;免碳; LT-F020;20开40g;4联;25份","C",60,"本",6.7813,406.88]
[2000,"040","JGB073","不良品标签;钜全金属;免碳 MQC-F040;1式3联;33份;70g","C",50,"本",6.78129,339.06]
[2000,"040","JGB074","摇臂不良品入库单;免碳 LT-F021;一式四联;100张","B",48,"本",6.7813,325.5]
[2000,"040","JJAB001","冲头;Φ60;福州唯氏","C",8,"EA",66.5,532]
[2000,"040","JJAB002","冲头;Φ70;福州唯氏","C",40,"EA",110,{"v":4400,"d":"4,400.00"}]
[2000,"040","JJAB003","冲头;Φ80;福州唯氏","C",18,"EA",80.5,{"v":1449,"d":"1,449.00"}]
[2000,"040","JJCC001","清渣瓢","B",27,"EA",93.95901,{"v":2536.89,"d":"2,536.89"}]
[2000,"040","JJCD002","铝汤瓢;2#","B",21,"EA",4.96595,104.28]
[2000,"040","JJCD005","带柄大铝汤瓢;不锈钢","B",7,"EA",135.04699,945.33]
[2000,"040","JJDD014","滤袋;φ145×380L; 上海頣慧机电","B",10,"EA",52.991,529.91]
[2000,"040","JJEE033","夹具;614W8001","C",1,"EA",123,123]
[2000,"040","JJEE036","筒夹;56.2","C",10,"EA",236.28205,{"v":2362.82,"d":"2,362.82"}]
[2000,"040","JJEE120","筒夹;C-6×φ5.5","C",16,"EA",124.31035,{"v":1988.97,"d":"1,988.97"}]
[2000,"040","JJEE138","钻夹;C-9×φ4.4","C",19,"EA",137.0185,{"v":2603.35,"d":"2,603.35"}]
[2000,"040","JJEE139","钻夹;CT-9×φ5.5","C",49,"EA",137.0185,{"v":6713.91,"d":"6,713.91"}]
[2000,"040","JJEE140","钻夹;CT-9×φ5.0","C",13,"EA",137.0185,{"v":1781.24,"d":"1,781.24"}]
[2000,"040","JJEE146","筒夹;C-9×φ7.3","C",6,"EA",137.0185,822.11]
[2000,"040","JJEE147","筒夹;CS-12-φ8.3;附牙","C",4,"EA",251.75,{"v":1007,"d":"1,007.00"}]
[2000,"040","JJEE148","筒夹;CS-12-φ11;附牙","C",8,"EA",251.75,{"v":2014,"d":"2,014.00"}]
[2000,"040","JJEE149","筒夹;CS-14-φ12;附牙","C",2,"EA",192.08,384.16]
[2000,"040","JJEG053","多轴器钻轴;911250 攻牙机T-360","C",2,"EA",196.581,393.16]
[2000,"040","JJEG055","多轴器钻轴;930640A 攻牙机T-360","C",2,"EA",196.581,393.16]
[2000,"040","JJEG056","多轴器钻轴;930990A 攻牙机T-360","C",1,"EA",196.581,196.58]
[2000,"040","JJFB003","透气钉;8","C",200,"EA",5.93582,{"v":1187.16,"d":"1,187.16"}]
[2000,"040","JJFB015","透气钉; Φ5","B",300,"EA",5.93582,{"v":1780.75,"d":"1,780.75"}]
[2000,"040","JJFE003","氩弧焊钨电极;2.5; 北京钨钼","B",10,"EA",7.1295,71.3]
[2000,"040","JJG006","气动打印针;中号","C",6,"EA",95.99076,575.94]
[2000,"040","JJJ024","除渣剂;高温型;H;张家港","C",110,"KG",4.2338,465.72]
[2000,"040","JJJ025","低温除渣剂;低温型;L; 张家港","C",{"v":1720,"d":"1,720.00"},"KG",4.182,{"v":7193.04,"d":"7,193.04"}]
[2000,"040","JJJ032","锌氧粉;工业级;95%含量;","B",25,"KG",15.929,398.23]
[2000,"040","JJJ067","玻璃丸;S30;厦门","C",300,"KG",9.73,{"v":2919,"d":"2,919.00"}]
[2000,"040","JJJ088","重力涂料;KS81; 欧区爱","B",60,"KG",50.85465,{"v":3051.28,"d":"3,051.28"}]
[2000,"040","JJJ089","重力涂料;KS83; 欧区爱","B",50,"KG",50.85465,{"v":2542.73,"d":"2,542.73"}]
[2000,"040","JJJ090","重力涂料;KS84; 欧区爱","B",40,"KG",53.8461,{"v":2153.84,"d":"2,153.84"}]
[2000,"040","JJJ092","油质石墨;Acheson 18KG/桶","B",17,"KG",106.3628,{"v":1808.17,"d":"1,808.17"}]
[2000,"040","JJJ123","激冷膏;上海瑞怡;",null,40,"KG",96.02565,{"v":3841.03,"d":"3,841.03"}]
[2000,"040","JJJ128","陶瓷纤维;7200×610×20; 纬泰",null,10,"箱",137.60685,{"v":1376.07,"d":"1,376.07"}]
[2000,"040","JJJ142","保温炉坩埚;613×700; 300KG;等静压;成都天府;",null,6,"EA",{"v":3504.2735,"d":"3,504.27"},{"v":21025.64,"d":"21,025.64"}]
[2000,"040","JJJ144","燃烧炉坩埚;780×690; 等静压;成都天府;",null,1,"EA",{"v":6054,"d":"6,054.00"},{"v":6054,"d":"6,054.00"}]
[2000,"040","JJJ146","带嘴坩埚;φ880×1000; 800KG;成都天府;",null,1,"EA",{"v":10967,"d":"10,967.00"},{"v":10967,"d":"10,967.00"}]
[2000,"040","JJJ147","带嘴坩埚;φ780×900; 600KG;成都天府;",null,3,"EA",{"v":8156,"d":"8,156.00"},{"v":24468,"d":"24,468.00"}]
[2000,"040","JKAA001","鲤鱼钳;200MM","C",5,"EA",5.6,28]
[2000,"040","JKAA010","尖嘴钳;160MM;泒特纳牌","C",5,"EA",17.5,87.5]
[2000,"040","JKAA014","快速夹钳;TT-12265","C",5,"ST",42,210]
[2000,"040","JKAA015","大力钳(万能钳)","C",2,"EA",27.3,54.6]
[2000,"040","JKAA044","快速夹钳;GH-203-F;嘉刚","C",20,"EA",30,600]
[2000,"040","JKAA056","快速夹钳;GH-12265 (GOOD HAND)","B",3,"EA",32,96]
[2000,"040","JKAA070","快速夹钳;GH-305-EM; GOODHAND","B",13,"EA",35.5,461.5]
[2000,"040","JKAA072","气动夹钳;CH-36003-A; 台湾嘉刚","B",2,"EA",695.52,{"v":1391.04,"d":"1,391.04"}]
[2000,"040","JKAB101","风动扳手接头;4MM;内六角","C",3,"EA",7.76,23.28]
[2000,"040","JKAB108","风动扳手接头;8MM;内六角","C",7,"EA",9.64987,67.55]
[2000,"040","JKAB112","套筒扳手;10-32","C",1,"ST",209.08864,209.09]
[2000,"040","JKAB119","气动螺丝起子;WD-202","C",2,"EA",224.1379,448.28]
[2000,"040","JKAB175","套筒扳手;NANYU E8","C",4,"EA",8.5,34]
[2000,"040","JKAB176","中孔花型旋具头;TT20; SATA牌","B",180,"EA",3.3,594]
[2000,"040","JKAD008","油漆喷涂枪;W-71;木子牌","C",2,"EA",65,130]
[2000,"040","JKAD010","双管喷雾枪;压铸机专用; WS500;唯氏","C",4,"EA",102.5641,410.26]
[2000,"040","JKAD034","金属粉末喷焊炬;QH-2/h","C",1,"ST",444.5,444.5]
[2000,"040","JKAD041","风枪;WIN-2038;日本三洋","C",20,"EA",10.85,217]
[2000,"040","JKAE002","刮刀","C",15,"EA",30,450]
[2000,"040","JKAE026","油漆刷;1寸;锚牌","B",60,"EA",0.4753,28.52]
[2000,"040","JKAE101","钢丝刷;210×25×5手柄;","B",6,"EA",3.8,22.8]
[2000,"040","JKCB005","带锯条;27×4100×3/4T; 斯尔","C",70,"EA",152.33,{"v":10663.1,"d":"10,663.10"}]
[2000,"040","JKCB011","手工锯片;齿距1.0MM; 上海锯条总厂","C",100,"EA",0.12222,12.22]
[2000,"040","JKCB019","双金属带锯条;W4540×3/4T","B",5,"EA",145.39427,726.97]
[2000,"040","JKCB026","带锯条;19×4100×5/8; 斯尔;",null,10,"EA",98.189,981.89]
[2000,"040","JKCC003","平锉;150;上工","B",104,"EA",4.5,468]
[2000,"040","JKCC005","平锉;170;上工","B",10,"EA",2.1,21]
[2000,"040","JKCC007","平锉;350","B",30,"EA",14.2241,426.72]
[2000,"040","JKCC009","圆锉;185;上工","C",22,"EA",4.9,107.8]
[2000,"040","JKCC011","半圆锉;150;上工","B",20,"EA",3.29,65.8]
[2000,"040","JKCC015","三角锉;150","B",43,"EA",2.8,120.4]
[2000,"040","JKCC021","金刚平锉;8寸;多菱","B",11,"EA",50.05,550.55]
[2000,"040","JKCC031","平斜锉刀;CF-400E;多菱","B",6,"ST",42.658,255.95]
[2000,"040","JKCC034","半圆锉;200;永菱","B",40,"EA",3.766,150.64]
[2000,"040","JKCC036","圆锉;200; 上工","B",10,"EA",3.598,35.98]
[2000,"040","JKCC042","硬质合金旋转锉刀; K1608M06","B",2,"EA",91.5,183]
[2000,"040","JKCC044","平斜金钢锉;φ3×130; 10支装;一品",null,4,"ST",107.3975,429.59]
[2000,"040","JKCG008","丝锥;10;渭河","B",12,"EA",6.51974,78.24]
[2000,"040","JKCG027","丝锥;16;上工","C",3,"EA",17.85168,53.56]
[2000,"040","JKCG278","先端丝攻;M10×1.5; TOSG CPM-POT",null,20,"EA",61.6714,{"v":1233.43,"d":"1,233.43"}]
[2000,"040","JKCG279","先端丝攻;M12×1.75; TOSG CPM-POT",null,20,"EA",82.8688,{"v":1657.38,"d":"1,657.38"}]
[2000,"040","JKCM007","台湾产气动磨Φ3-Φ6","C",2,"EA",329.41721,658.83]
[2000,"040","JKCM017","气动刻磨机 蓝鲨牌;313-325","B",6,"EA",105,630]
[2000,"040","JKCM019","气动磨; φ3;SH-180;台湾SHENHUA","B             ",2,"EA        ",221.2389,442.48]
[2000,"040","JKCM023","台湾产气动磨;KOSOKU;368; AG-6","B",1,"EA",571.33,571.33]
[2000,"040","JKEAA017","普通直柄麻花钻;11","B",7,"EA",5.39,37.73]
[2000,"040","JKEAA021","普通直柄麻花钻;12X300","B",1,"EA",32.2,32.2]
[2000,"040","JKEAA046","普通直柄麻花钻; 3;上海工具厂","B",38,"EA",0.81494,30.97]
[2000,"040","JKEAA048","普通直柄麻花钻;3.2","B",6,"EA",0.81497,4.89]
[2000,"040","JKEAA050","普通直柄麻花钻;3.5","B",6,"EA",0.81494,4.89]
[2000,"040","JKEAA053","普通直柄麻花钻; 3.8;上海工具厂","B",30,"EA",1.16424,34.93]
[2000,"040","JKEAA056","普通直柄麻花钻; φ3×刃长66×100L;上工","B",35,"EA",1.5463,54.12]
[2000,"040","JKEAA058","普通直柄麻花钻;4","B",16,"EA",0.98475,15.76]
[2000,"040","JKEAA060","普通直柄麻花钻;4.3","B",2,"EA",1.4553,2.91]
[2000,"040","JKEAA068","普通直柄麻花钻 φ4×刃长78×119L","B",5,"EA",2.73,13.65]
[2000,"040","JKEAA185","普通直柄麻花钻 φ4.5×刃长82×126L","B",5,"EA",3.28,16.4]
[2000,"040","JKEAA197","直柄麻花钻头;φ10×300","B",1,"EA",30.184,30.18]
[2000,"040","JKEAB138","抛物件超长深孔钻;φ2.5","B",15,"EA",5.39,80.85]
[2000,"040","JKEAB209","抛物件超长深孔钻;φ2.3; 高速钢","B",20,"EA",3.842,76.84]
[2000,"040","JKEAB429","钻头;LTT-DSK-1959; φ14×90刃长×185L","B",2,"EA",510,{"v":1020,"d":"1,020.00"}]
[2000,"040","JKEAB430","钨钢钻头;LTT-DSK-1961; φ7.9×20刃长×210L","B",2,"EA",550,{"v":1100,"d":"1,100.00"}]
[2000,"040","JKEAB431","钻头;LTT-DSK-1969; φ11×90×140;","B",2,"EA",280,560]
[2000,"040","JKEAC008","中心钻;A3.15/8GB6078-85","B",15,"EA",5.18616,77.79]
[2000,"040","JKEAH010","二刃钻头;6.1X100X130L","B",5,"EA",179.2,896]
[2000,"040","JKEAH081","合金二刃钻头;GB6137-85 φ9×刃长60×110L","B",5,"EA",126.91,634.55]
[2000,"040","JKEAH141","合金二刃钻头 7.9×刃长80×120L","B",11,"EA",105.5754,{"v":1161.33,"d":"1,161.33"}]
[2000,"040","JKED002","平面砂轮;KINIK WA60MB30A","C",47,"EA",123,{"v":5781,"d":"5,781.00"}]
[2000,"040","JKED014","油石;150X20X10,240#","B",40,"EA",2.75,110]
[2000,"040","JKED027","sic油石;200×50×25;240#","C",5,"EA",16.5,82.5]
[2000,"040","JKED050","砂轮;锚牌 GL100;200X25X32;绿","B",3,"EA",27.755,83.27]
[2000,"040","JKED059","砂布;100#;犀利","B",200,"EA",0.81196,162.39]
[2000,"040","JKED061","砂布;120#;犀利","B",100,"EA",0.5364,53.64]
[2000,"040","JKED067","砂纸;600#;","B",100,"EA",0.35308,35.31]
[2000,"040","JKED070","砂布带;60#;915MM;犀利","B",10,"卷",4.62,46.2]
[2000,"040","JKED081","钻石砂轮 KINIK 6A2150X25X15.88","C",3,"EA",123,369]
[2000,"040","JKED090","钨钢磨头;平头;φ3;华峰","B",5,"EA",4.06,20.3]
[2000,"040","JKED094","带柄海棉磨头;12X18X3; 锚牌","C",500,"EA",1.21,605]
[2000,"040","JKED095","带柄海棉磨头;8X18X3; 锚牌","C",500,"EA",0.875,437.5]
[2000,"040","JKED100","金刚磨头;3X6X20;尖锥","B",300,"EA",1.295,388.5]
[2000,"040","JKED117","软珩磨刷 B1BC38MM180AO/SC","C",60,"EA",70,{"v":4200,"d":"4,200.00"}]
[2000,"040","JKED158","火炬形钨钢磨头 φ8×刃长20×65L×φ6","C",4,"EA",25,100]
[2000,"040","JKED166","碟形金刚石砂轮 150×32×16×5×3","C",1,"EA",149.5965,149.6]
[2000,"040","JKED167","碗形钻石砂轮 150×27×32×10×5","C",1,"EA",142.88,142.88]
[2000,"040","JKED194","软珩磨刷 B1BC35MM180AO/SC","C",148,"EA",264.96,{"v":39214.08,"d":"39,214.08"}]
[2000,"040","JKED206","油石;150×12×3;VB240","C",10,"EA",2.19,21.9]
[2000,"040","JKED220","圆柱形平头钨钢磨头; φ12×25×65L×φ6;华锋","C",9,"EA",19.95,179.55]
[2000,"040","JKED239","椭圆形金刚磨头;河北华锋; φ5×刃长12×45L×φ3","C",30,"EA",1.358,40.74]
[2000,"040","JKED325","砂布带 P40#;5×周长240CM","B",200,"EA",3.1591,631.82]
[2000,"040","JKED423","火炬型钨钢磨头; φ6×13×48×φ3;台湾SGS","B",40,"EA",10.8,432]
[2000,"040","JKED424","锥型圆头钨钢磨头; φ6×13×48×φ3;台湾SGS","B",20,"EA",7.3451,146.9]
[2000,"040","JKED497","砂布带 915MM-40#;犀利","B",50,"EA",6.596,329.8]
[2000,"040","JKED502","翼片砂盘;100×16MM;A40#",null,280,"EA",2.527,707.56]
[2000,"040","JKED506","富士油石;6×13×150;320#",null,10,"EA",10.9928,109.93]
[2000,"040","JKED527","金刚石磨头;φ3×1;球形; 30支装;一品",null,5,"ST",66.5,332.5]
[2000,"040","JKED528","金刚石磨头;φ3×1.5;针形 30支装;一品",null,3,"ST",69,207]
[2000,"040","JKEJG062","气口倒角刀 NOGA E02000","B",7,"EA",28,196]
[2000,"040","JKEJG065","倒角刀(尖头型);NOGA S150","B",6,"EA",19,114]
[2000,"040","JKEJG066","倒角刀刀头;NOGA S10","B",30,"EA",6.97466,209.24]
[2000,"040","JKEJG154","倒角刀;LTT-DSK-1960; φ11.4×30刃长×150L","B",2,"EA",330,660]
[2000,"040","JKEJG155","倒角刀;LTT-DSK-1962; φ8.2×25刃长×203L","B",2,"EA",550,{"v":1100,"d":"1,100.00"}]
[2000,"040","JKEJJ002","钨钢棒;12X100","B",12,"EA",76.15252,913.83]
[2000,"040","JKEJJ014","钨钢棒;5X15","B",15,"EA",3.23038,48.46]
[2000,"040","JKEJJ016","钨钢棒;5X20","B",50,"EA",3.44033,172.02]
[2000,"040","JKEJJ017","钨钢棒;6X100","B",10,"EA",28.0725,280.73]
[2000,"040","JKEJJ018","钨钢棒;6X15","B",100,"EA",4.0615,406.15]
[2000,"040","JKEJJ019","钨钢棒;6X20","B",65,"EA",4.96936,323.01]
[2000,"040","JKEJJ023","钨钢棒;8X100","B",17,"EA",56,952]
[2000,"040","JKEJJ024","钨钢棒;8X30","B",10,"EA",17.29721,172.97]
[2000,"040","JKEJJ027","钨钢棒;16*87","B",10,"EA",131.41102,{"v":1314.11,"d":"1,314.11"}]
[2000,"040","JKEJJ030","钨钢棒;φ10×100","B",10,"EA",87.20279,872.03]
[2000,"040","JKEJJ057","钨钢棒;φ17×90","B",3,"EA",246.63222,739.9]
[2000,"040","JKEJK016","圆锯片铣刀;150×2.5×20T LTT-DSK-496","B",24,"EA",220,{"v":5280,"d":"5,280.00"}]
[2000,"040","JKEJM002","槽沟铣刀;13X4","B",3,"EA",30.6131,91.84]
[2000,"040","JKEJN003","铣刀; 12;西南工具","B",2,"EA",10.185,20.37]
[2000,"040","JKEJN023","铣刀;8;西南工具","B",6,"EA",5.29729,31.78]
[2000,"040","JKEJN061","全钨钢三刃立铣刀 φ6×70","B",1,"EA",36.5435,36.54]
[2000,"040","JKEJN089","直柄合金四刃立铣刀 φ10×刃长60×100L","B",5,"EA",108.6624,543.31]
[2000,"040","JKEJN090","直柄合金四刃立铣刀 φ12×刃长60×100L","B",13,"EA",238.91175,{"v":3105.85,"d":"3,105.85"}]
[2000,"040","JKEJN097","钨钢四刃立铣刀 φ20×刃长50×100L","B",5,"EA",488.775,{"v":2443.88,"d":"2,443.88"}]
[2000,"040","JKEJN163","合金四刃铣刀;LTT-DSK-536 φ14×刃长40×168L×φ20","B",3,"EA",376.55364,{"v":1129.66,"d":"1,129.66"}]
[2000,"040","JKEJN419","钨钢四刃立铣刀; φ4×刃长20×50L",null,2,"EA",19.7,39.4]
[2000,"040","JKEJN548","硬质合金立铣刀; φ7×80×φ5×12","B",1,"EA",76.83,76.83]
[2000,"040","JKEJQ083","钨钢球头立铣刀;VF2SB; R0500S10;三菱;",null,2,"EA",614.6,{"v":1229.2,"d":"1,229.20"}]
[2000,"040","JKEJS038","摇臂大端面铣刀刀坯; 7×8×20;LTT-DSK-626","B",130,"EA",38.3229,{"v":4981.98,"d":"4,981.98"}]
[2000,"040","JKEJY320","偏置锪面刀;LTT-DSK-1970; φ9.5×10.5×140;","B",2,"EA",360,720]
[2000,"040","JKEKD018","钨钢方形刀柄;3×3×15; LTT-DSK-625","B",90,"EA",30.43108,{"v":2738.8,"d":"2,738.80"}]
[2000,"040","JKEKD019","钨钢方形刀柄; 3.5×3.5×15;LTT-DSK-625","B",50,"EA",32.77194,{"v":1638.6,"d":"1,638.60"}]
[2000,"040","JKEKD020","钨钢方形刀柄;4×4×18; LTT-DSK-625","B",150,"EA",29.55,{"v":4432.5,"d":"4,432.50"}]
[2000,"040","JKEKD021","钨钢方形刀柄;5×5×20; LTT-DSK-625","B",55,"EA",27.15389,{"v":1493.46,"d":"1,493.46"}]
[2000,"040","JKEKD022","钨钢方形刀柄;6×6×25; LTT-DSK-625","B",36,"EA",33.49,{"v":1205.64,"d":"1,205.64"}]
[2000,"040","JKELA043","钨钢片;4X4X10","B",10,"EA",4.1701,41.7]
[2000,"040","JKELA045","钨钢片;4X4X15","B",20,"EA",5.21262,104.25]
[2000,"040","JKELB009","硬质合金刀片 HTI03A02-2;4×11×16","B",90,"EA",28.2,{"v":2538,"d":"2,538.00"}]
[2000,"040","JKELB099","合金刀片●;5×13×19; HW-K01 E11J/HTI03A","B",7,"EA",28.025,196.18]
[2000,"040","JKELB177","合金切槽刀片;TGTN-3; 正河源","B",10,"EA",34.3,343]
[2000,"040","JLAA021","铜管;外径φ3×内径φ2","B",3,"KG",57.49229,172.48]
[2000,"040","JLBA001","电解铜","C",375,"KG",53.28,{"v":19980,"d":"19,980.00"}]
[2000,"040","JLBD043","铝锶合金变质剂;AlSr10; 四川兰德","A",475,"KG",19.3548,{"v":9193.53,"d":"9,193.53"}]
[2000,"040","JLBD044","铝钛硼合金细化剂;AlTi5B; 四川兰德","A",{"v":1025,"d":"1,025.00"},"KG",19.3846,{"v":19869.22,"d":"19,869.22"}]
[2000,"040","JLCD060","不锈钢圆钢(316);φ8","B",8,"KG",51.216,409.73]
[2000,"040","JLCR007","钢丝绳;14MM","C",25,"M",5.81,145.25]
[2000,"040","JLCR014","钢丝绳;8MM","C",50,"M",1.96,98]
[2000,"040","JMAA017","内六角螺丝;10X30;12.9级; 晋亿","C",100,"EA",0.5831,58.31]
[2000,"040","JMAA023","内六角螺丝;10X45;12.9级; 晋亿","C",50,"EA",0.63867,31.93]
[2000,"040","JMAA033","内六角螺丝;12X100","C",100,"EA",0.854,85.4]
[2000,"040","JMAA035","内六角螺丝;12X130; 12.9级;晋亿","C",43,"EA",4.214,181.2]
[2000,"040","JMAA044","内六角螺丝;12X30;12.9级; 晋亿","C",50,"EA",0.83762,41.88]
[2000,"040","JMAA048","内六角螺丝;12X45;12.9级; 晋亿","C",50,"EA",0.95,47.5]
[2000,"040","JMAA053","内六角螺丝;12X70;12.9级; 晋亿","C",15,"EA",2.352,35.28]
[2000,"040","JMAA055","内六角螺丝;12X80;12.9级; 晋亿","C",50,"EA",1.764,88.2]
[2000,"040","JMAA060","内六角螺丝;14X30;12.9级; 晋亿","C",30,"EA",1.37,41.1]
[2000,"040","JMAA116","内六角螺丝;5X20;12.9级; 晋亿","C",50,"EA",0.13377,6.69]
[2000,"040","JMAA120","内六角螺丝;5X30;12.9级; 晋亿","C",{"v":1414,"d":"1,414.00"},"EA",0.14,197.96]
[2000,"040","JMAA128","内六角螺丝;5X60;12.9级; 晋亿","C",214,"EA",0.4606,98.57]
[2000,"040","JMAA148","内六角螺丝;6X20;12.9级; 晋亿","C",50,"EA",0.12348,6.17]
[2000,"040","JMAA159","内六角螺丝;6X50","C",85,"EA",0.199,16.92]
[2000,"040","JMAA169","内六角盘头螺丝;8X1.25X25","C",200,"EA",1.09238,218.48]
[2000,"040","JMAA175","内六角螺丝;8X120;12.9级; 晋亿","C",30,"EA",2.45,73.5]
[2000,"040","JMAA182","内六角螺丝;8X20;12.9级; 晋亿","C",50,"EA",0.26219,13.11]
[2000,"040","JMAA186","内六角螺丝;8X30;12.9级; 晋亿","C",96,"EA",0.34286,32.91]
[2000,"040","JMAA188","内六角螺丝;8X35;12.9级; 祝安","C",100,"EA",0.34959,34.96]
[2000,"040","JMAA190","内六角螺丝;8X40;12.9级; 晋亿","C",50,"EA",0.41681,20.84]
[2000,"040","JMAA193","内六角螺丝;8X50","C",45,"EA",0.18627,8.38]
[2000,"040","JMAA275","止付螺丝;10X100","B",50,"EA",2,100]
[2000,"040","JMAA280","止付螺丝;12X100","C",40,"EA",1.62582,65.03]
[2000,"040","JMAA314","止付螺丝;10X20","C",30,"EA",0.518,15.54]
[2000,"040","JMAA367","不锈钢螺丝;5X30","C",48,"EA",0.25,12]
[2000,"040","JMAA549","内六角螺丝;12×65; 12.9级;晋亿","C",50,"EA",1.31026,65.51]
[2000,"040","JMAA633","内六角盘头螺丝 8×1.25×15","C",140,"EA",1.09238,152.93]
[2000,"040","JMAA681","内六角螺丝; M20×60;12.9级;晋亿","C",20,"EA",4.459,89.18]
[2000,"040","JMAA697","止付螺丝;M5×20;12.39级 GB77","C",80,"EA",0.12,9.6]
[2000,"040","JMAA698","止付螺丝;M8×20;12.39级 GB77","C",30,"EA",0.294,8.82]
[2000,"040","JMAD007","螺母;12","C",300,"EA",0.08575,25.73]
[2000,"040","JMAD014","螺母;16;正中","C",50,"EA",0.21,10.5]
[2000,"040","JMAD070","精密螺帽;YSRM20×1; 台湾嘉刚","C",2,"EA",43.2,86.4]
[2000,"040","JMAD084","风叶螺母;TT-DSK-019","C",5,"EA",49,245]
[2000,"040","JMAE003","平垫片;10","B",440,"EA",0.01099,4.84]
[2000,"040","JMAE008","平垫片;12;晋亿","B",100,"EA",0.02058,2.06]
[2000,"040","JMAE117","碟型弹片;外34×内16.5; 配永进96ACNC","B",100,"EA",5,500]
[2000,"040","JMAE127","碟型弹片;31.5×16.3×2; 配友嘉CNC","B",100,"EA",6.5,650]
[2000,"040","JMAE128","碟型弹片;配东台510;128片 外25×内12.5×厚0.9;","B",124,"EA",4,496]
[2000,"040","JMBA024","轴承;25TAC62BSU-P4 NSK","C",9,"EA",325,{"v":2925,"d":"2,925.00"}]
[2000,"040","JMBA057","轴承;30TAC62BSU","C",11,"EA",383.5,{"v":4218.5,"d":"4,218.50"}]
[2000,"040","JMBA079","自润轴承;40X50X30","C",4,"EA",21.37,85.48]
[2000,"040","JMBA102","轴承;6000ZZ; GB/T276-1994;哈轴","C",16,"EA",4.4,70.4]
[2000,"040","JMBA107","轴承; 6002ZZ;NTN","C",12,"EA",9,108]
[2000,"040","JMBA120","轴承;6005Z;日本NACHI","C",10,"EA",8.575,85.75]
[2000,"040","JMBA139","轴承;6203Z;进口","C",5,"EA",11.2,56]
[2000,"040","JMBA143","轴承;6204ZZ;日本NACHI","C",10,"EA",11.032,110.32]
[2000,"040","JMBA161","轴承;6208E;进口","C",5,"EA",37.59,187.95]
[2000,"040","JMBA166","轴承;6210Z;日本NACHI","C",10,"EA",33.6283,336.28]
[2000,"040","JMBA180","轴承;6306Z;NACHI","C",3,"EA",19.404,58.21]
[2000,"040","JMBA187","轴承;6902ZZE","C",4,"EA",14.657,58.63]
[2000,"040","JMBA209","轴承;7205;NACHI","C",6,"EA",47.5,285]
[2000,"040","JMBA254","轴承;UCF207;日本NACHI","C",6,"EA",36.97455,221.85]
[2000,"040","JMBA280","轴承;7209C-P5;NSK","C",3,"EA",257.4,772.2]
[2000,"040","JMBA314","轴承;6304;进口","C",4,"EA",16.37166,65.49]
[2000,"040","JMBA348","轴承;7208C-P5","C",5,"EA",195,975]
[2000,"040","JMBA355","轴承;20TAC47;进口","C",5,"EA",207,{"v":1035,"d":"1,035.00"}]
[2000,"040","JMBA383","轴承;6905ZZ;进口","C",6,"EA",21,126]
[2000,"040","JMBA388","防水深沟球轴承; 6305DDU;NSK","B",4,"EA",29.8,119.2]
[2000,"040","JMBA391","轴承;6308Z;进口","B",4,"EA",70.56,282.24]
[2000,"040","JMBA407","轴承;6910Z;进口","B",4,"EA",59.5,238]
[2000,"040","JMBA415","轴承;6009;进口","B",7,"EA",38.81,271.67]
[2000,"040","JMBA459","轴承;6307;ZZE;进口","B",5,"EA",39.1,195.5]
[2000,"040","JMBA462","圆柱型凸轮轴承随动器 CF6G(φ16×11+M6×1.0)","B",2,"EA",35.5,71]
[2000,"040","JMBA491","轴承; 32005X;NTN"," B             ",5,"EA           ",35.28,176.4]
[2000,"040","JMBA5032","直线滑动轴承; TK-01-30-1×300;易格斯","B",4,"EA",880,{"v":3520,"d":"3,520.00"}]
[2000,"040","JMBA5033","平面推力轴承;51201; NSK","B",1,"EA",25,25]
[2000,"040","JMBA5063","带座轴承;F211; 电镀线专用","B",3,"EA",67.5,202.5]
[2000,"040","JMBA5064","平面推力轴承;51311; 电镀线专用","B",3,"EA",38,114]
[2000,"040","JMBA5074","轴承;7215C TRDUL-P3 RHP","B",3,"ST",{"v":2326,"d":"2,326.00"},{"v":6978,"d":"6,978.00"}]
[2000,"040","JMBA5098","圆柱型凸轮轴承随动器CF10 φ19.5×13.6+φ10×13.4","B",5,"EA",19,95]
[2000,"040","JMBA5103","轴承;70BNR10-P4;NSK","B",5,"ST",{"v":1709.5,"d":"1,709.50"},{"v":8547.5,"d":"8,547.50"}]
[2000,"040","JMBA5127","轴承;NSK;7014CTYNDULP4;","B",4,"ST",{"v":1076.923,"d":"1,076.92"},{"v":4307.69,"d":"4,307.69"}]
[2000,"040","JMBA5128","轴承;NSK;7012CTYNDULP4;","B",2,"ST",854.8,{"v":1709.6,"d":"1,709.60"}]
[2000,"040","JMBA5138","轴承;7014ACETNH/HCQBCAVQ 126;SKF;4个一组;","B",2,"ST",{"v":7980,"d":"7,980.00"},{"v":15960,"d":"15,960.00"}]
[2000,"040","JMBA5161","轴承;7911CTYNSUL-P4;NSK; 发那科CNC主轴;","B",2,"EA",465,930]
[2000,"040","JMBA5162","轴承;7008CTYNSUL-P4;NSK; 发那科CNC主轴;","B",2,"EA",300,600]
[2000,"040","JMBF131","聚氨脂脚轮;8寸; 4-8179-929(活动);科顺","B",4,"EA",161.679,646.72]
[2000,"040","JMBF132","聚氨脂脚轮;8寸; 4-8198-929(固定);科顺","B",3,"EA",132.633,397.9]
[2000,"040","JMBF133","聚氨脂脚轮;5寸; 2-5646-95(活动);科顺","B",6,"EA",43.26,259.56]
[2000,"040","JMBF134","聚氨脂脚轮;5寸; 2-5608-95(固定);科顺","B",6,"EA",41.097,246.58]
[2000,"040","JMBG009","三角皮带;A-1067;中驼","B",5,"EA",4.14,20.7]
[2000,"040","JMBG037","三角皮带;A-889; GB/T11544-1997","B",5,"EA",2.41451,12.07]
[2000,"040","JMBG078","齿形皮带;410L","C",1,"EA",81.24817,81.25]
[2000,"040","JMBG084","多锲带皮带;5PK-1970","C",5,"EA",157.62051,788.1]
[2000,"040","JMBG121","三角皮带;GATESTM950VSA","C",7,"EA",72.5,507.5]
[2000,"040","JMBG149","齿形皮带;SGT815×20","C",2,"EA",97,194]
[2000,"040","JMBG154","齿形皮带;15×750-5M","C",3,"EA",32.479,97.44]
[2000,"040","JMBG155","齿形皮带;25×840-8M","C",2,"EA",60,120]
[2000,"040","JMBG156","齿形皮带;25×970-8M","C",3,"EA",101.85,305.55]
[2000,"040","JMBG157","齿形皮带;1922V338D3; 上海良笠","C",2,"EA",93.5,187]
[2000,"040","JMBG162","齿形皮带;330XL","C",3,"EA",27.5,82.5]
[2000,"040","JMBG172","皮带;IM-1900VSA-5","C",9,"EA",209.1017,{"v":1881.92,"d":"1,881.92"}]
[2000,"040","JMBG173","齿形皮带;15×560-5M","C",3,"EA",46,138]
[2000,"040","JMBG174","三角皮带;B-737","C",2,"EA",2.50215,5]
[2000,"040","JMBG179","三角皮带;3V400;SPZ1010LM","C",5,"EA",14.55,72.75]
[2000,"040","JMBG181","三角皮带;B-965","B",5,"EA",4.6803,23.4]
[2000,"040","JMBG183","多楔皮带 POLYBANROPE140J-4×10","B",2,"EA",29.7,59.4]
[2000,"040","JMBG186","齿型皮带;800-8M-25","B",3,"EA",69.84,209.52]
[2000,"040","JMBG204","三角皮带;B-1575; GB/T11544-1997","B",10,"EA",7.5221,75.22]
[2000,"040","JMBG205","三角皮带;B-1702; GB/T11544-1997","B",10,"EA",7.7,77]
[2000,"040","JMBG210","多楔皮带; 201JNK;BANDO","B",10,"EA",35,350]
[2000,"040","JMBG211","齿形皮带;1000×30-5M; 宁波伏龙","B",3,"EA",114.46,343.38]
[2000,"040","JMBG216","三角皮带;B-1956; GB/T11544-1997","B",5,"EA",8.34,41.7]
[2000,"040","JMBG225","三角皮带;A-2616; GB/T11544-1997","B",3,"EA",10.67,32.01]
[2000,"040","JMBG227","齿形皮带; XPZ 760-3V×300","B",7,"EA",87.3,611.1]
[2000,"040","JMBG228","三角皮带;B-1194; GB/T11544-1997","B",3,"EA",7.2,21.6]
[2000,"040","JMBG232","三角皮带;B-2235; GB/T11544-1997","B",2,"EA",11.6,23.2]
[2000,"040","JMBG234","三角皮带;B-1473; 勇字","B",4,"EA",7.7,30.8]
[2000,"040","JMBG238","三角皮带;B-1930;","B",5,"EA",11.58,57.9]
[2000,"040","JMBG239","多楔皮带;8PJ415;PJ2.34 配敲击孔机","B",3,"EA",45,135]
[2000,"040","JMBG244","3V齿形皮带;3VX315;长800;","B",8,"EA",25,200]
[2000,"040","JMBG252","齿形皮带;1000-S;8M;宽20 中台85A","B",6,"EA",41,246]
[2000,"040","JMBG266","齿形皮带;920×15-8M;","B",4,"EA",45,180]
[2000,"040","JMBG278","多楔皮带;PJ500;12宽;5峰;","B",3,"EA",27,81]
[2000,"040","JMBG279","多楔皮带;180J;","B",5,"EA",25,125]
[2000,"040","JMBG280","多楔皮带;160J;","B",3,"EA",28,84]
[2000,"040","JMBH094","清洗机弹簧 线φ1.5×φ6×1000","C",100,"EA",5.215,521.5]
[2000,"040","JMBH119","手柄弹簧;φ70×12 台钻254116C","C",2,"EA",30.555,61.11]
[2000,"040","JMBH274","珩磨头拉伸弹簧;单头锥度; 中Φ1.7×线Φ0.3×110L","B",80,"EA",5,400]
[2000,"040","JMBJ034","不锈钢链条;16A-1-2.4米; GB/T1243-1997","B",8,"EA",407.4,{"v":3259.2,"d":"3,259.20"}]
[2000,"040","JMBJ035","不锈钢链扣;16A; GB/T1243-1997","B",16,"EA",8,128]
[2000,"040","JMBN043","直线导轨 LG25AAP22X460DIIJ","C",1,"EA",747.6564,747.66]
[2000,"040","JMBN062","直线导轨 LG25EAP32X250DIIJ","C",2,"EA",769.23076,{"v":1538.46,"d":"1,538.46"}]
[2000,"040","JMBN096","直线导轨;新会凯特; LG30EAP22X420FIIJ","C",10,"EA",613.824,{"v":6138.24,"d":"6,138.24"}]
[2000,"040","JMBN142","直线导轨 LMW15AAP01X70FIIJ","C",5,"EA",247.00854,{"v":1235.04,"d":"1,235.04"}]
[2000,"040","JMBN151","直线导轨 SBG25FL-2-K3-393-P","C",2,"EA",{"v":1140.171,"d":"1,140.17"},{"v":2280.34,"d":"2,280.34"}]
[2000,"040","JMBN154","直线导轨（太敬） SBG30FL-2-K1-310-N","C",4,"EA",958.97435,{"v":3835.9,"d":"3,835.90"}]
[2000,"040","JMBN157","直线导轨 SBG30-FLL-2-K3-450-P","C",2,"EA",{"v":1705.128,"d":"1,705.13"},{"v":3410.26,"d":"3,410.26"}]
[2000,"040","JMBN179","直线导轨副 SGL35HTFB2T2-440P/F","C",4,"EA",{"v":2176.9,"d":"2,176.90"},{"v":8707.6,"d":"8,707.60"}]
[2000,"040","JMBN193","直线导轨 LG30AAP22×440CIIJ","C",2,"EA",904.176,{"v":1808.35,"d":"1,808.35"}]
[2000,"040","JMBN217","直线滑轨 LG30EAP22×520DIIJ","C",6,"EA",{"v":1113.427,"d":"1,113.43"},{"v":6680.56,"d":"6,680.56"}]
[2000,"040","JMBN224","直线滑轨 LMV15AAP12×450GIIJ","C",3,"EA",606.2064,{"v":1818.62,"d":"1,818.62"}]
[2000,"040","JMBN283","直线导轨;凯特; HTSD-LG20HAAP11×160DIIJ","B",2,"EA",236.752,473.5]
[2000,"040","JMBN287","直线导轨;凯特; HTSD-LG25HAAP11×160DIIJ","B",1,"EA",377.3564,377.36]
[2000,"040","JMBN316","直线导轨;凯特; HTSD-LG20AAP11×220FⅡJ","B",2,"EA",261.096,522.19]
[2000,"040","JMBN333","直线导轨;凯特; LG30ANP22×440CⅡJ","B",2,"EA",709.402,{"v":1418.8,"d":"1,418.80"}]
[2000,"040","JMBP043","联轴器缓冲垫; 外径75×内孔36×厚16","B",2,"EA",2.3,4.6]
[2000,"040","JMBP044","联轴器缓冲垫; 外径93×内孔44×厚17","B",2,"EA",3.2,6.4]
[2000,"040","JMBP045","联轴器缓冲垫; 外径140×内孔65×厚27","B",3,"EA",356.4944,{"v":1069.48,"d":"1,069.48"}]
[2000,"040","JMCA003","不锈钢焊条;3.2","B",10,"KG",23.8,238]
[2000,"040","JMCA004","铸铁焊条;3.2","B",4,"KG",151.2,604.8]
[2000,"040","JMCA005","黄铜气焊条;3×1000","B",1,"KG",44.1,44.1]
[2000,"040","JMDA029","O型密封圈;13×2","C",47,"EA",0.42735,20.09]
[2000,"040","JMDA045","O型密封圈;17×2.5","C",300,"EA",0.55,165]
[2000,"040","JMDA086","O型密封圈;DHS20","C",10,"EA",2.2,22]
[2000,"040","JMDA093","O型密封圈;DHS40;KVK","C",10,"EA",3.64,36.4]
[2000,"040","JMDA113","密封圈;UHS20","C",10,"EA",2.3765,23.77]
[2000,"040","JMDA121","密封圈;UHS35;KVK","C",10,"EA",2.5,25]
[2000,"040","JMDA122","密封圈;UHS40;KVK","C",10,"EA",3.5,35]
[2000,"040","JMDA146","油封;42×22×11","C",7,"EA",7.6,53.2]
[2000,"040","JMDA246","O型密封圈;60×3","C",2,"EA",1.18177,2.36]
[2000,"040","JMDA260","O型密封圈;70×3","C",1,"EA",2.13675,2.14]
[2000,"040","JMDA289","O型密封圈;90×5.3","C",7,"EA",1,7]
[2000,"040","JMDA290","O型密封圈;90×5.5","C",6,"EA",1,6]
[2000,"040","JMDA362","O型密封圈;35*2.65","C",17,"EA",0.96536,16.41]
[2000,"040","JMDA6007","机械密封圈;WB2A-30; 新安江","B",4,"EA",315,{"v":1260,"d":"1,260.00"}]
[2000,"040","JMDA6010","O型密封圈;内90×线5","B",4,"EA",0.8,3.2]
[2000,"040","JMDA6017","油封;17×35×7","B",9,"EA",2.4,21.6]
[2000,"040","JMDA6078","O型密封圈;32×23.5;厚3;","B",9,"EA",1.9,17.1]
[2000,"040","JQA027","内部联络单;QS-F007; 小32开;40克;单面;100张","C",9,"本",1.9707,17.74]
[2000,"040","JQA207","井式炉保养卡; MTC-F027;A4;250g;双面","C",100,"张",0.2331,23.31]
[2000,"040","JQA208","重铸机台日常保养卡; MTE-F002;A4;250g;双面","C",100,"张",0.24162,24.16]
[2000,"040","JQA210","加工二车间成品流转单; LT-F008;B5;250g;双面","C",{"v":3000,"d":"3,000.00"},"张",0.1878,563.4]
[2000,"040","JQA221","钜立加工科生产状况记录表 LTM-F001;A4;70g;100张","C",27,"本",5.9336,160.21]
[2000,"040","JQA244","申请单;MH-F005; 大32开;40g;一式三联;50份","C",2,"本",2.24786,4.5]
[2000,"040","JQA258","铸造毛坯外观稽核记录表; QC-F004;B5;70g;100张单面","B",5,"本",4.26457,21.32]
[2000,"040","JQA263","探伤稽核检查报表;QC-F009 ;A3;40g;100张;单面","B",5,"本",3.6447,18.22]
[2000,"040","JQA338","熔解管制记录表;TC-F002; 100张;A4;60g","C",13,"本",3.04892,39.64]
[2000,"040","JQA340","模具经历卡;TC-F004; A4;250g;双面","C",700,"EA",0.20273,141.91]
[2000,"040","JQA345","故障维修单;TE-F001;32开; 一式二联;50份/本;40克","C",7,"本",1.97075,13.8]
[2000,"040","JQA355","燃烧炉保温炉保养卡; TE-F015;A4;双面;250克","C",100,"EA",0.2627,26.27]
[2000,"040","JQA358","熔解保温炉保养卡; TE-F022;双面;A4;250克","C",200,"EA",0.2416,48.32]
[2000,"040","JQA365","普通设备日常保养卡; TE-F029;双面;A4;250克","B",{"v":1050,"d":"1,050.00"},"EA",0.18393,193.13]
[2000,"040","JQA384","毛坯出库申请反馈单;免碳; TM-F009;大32开;三联;33份","B",20,"本",1.94766,38.95]
[2000,"040","JQA411","钜立成品入库单;免碳;3联; LMH-F001;50份;大32开;40g","C",6,"本",6.7589,40.55]
[2000,"040","JQA412","钜立半成品入库单;免碳3联 LMH-F002;50份;大32开;40g","C",5,"本",13.5,67.5]
[2000,"040","JQA413","钜立自制品入库单;免碳4联 LMH-F003;25份;大32开;40g","C",2,"本",6.16481,12.33]
[2000,"040","JQA415","钜立五金领料单;免碳;3联; LMH-F005;50份;大32开;40g","C",4,"本",6.78129,27.13]
[2000,"040","JQA423","钜立毛坯领料单;免碳;32开 LT-F007;四联;25份;40g","C",4,"本",6.16481,24.66]
[2000,"040","JQA427","员工出勤报表; 64开;40g;单面","C",{"v":1000,"d":"1,000.00"},"张",0.01162,11.62]
[2000,"040","JQA432","加工科各线当日生产状况表 LTG-F001;B5;60g;100张","C",22,"本",4.43095,97.48]
[2000,"040","JQA441","钜立非库存性采购申请单; LMD-F001免碳30份一式三联","C",43,"本",6.75073,290.28]
[2000,"040","JQA455","钜立加工产品送检单;免碳; LTM-F016;二联;50份;32开","C",43,"本",6.16481,265.09]
[2000,"040","JQA495","不良追踪卡;LQC-F063","C",300,"EA",0.13265,39.8]
[2000,"040","JQA500","钜全金属领料单;五金;免碳 MMH-F005-1;50份大32开40g","C",13,"本",7.629,99.18]
[2000,"040","JQA501","加工现场刀具送修单;免碳; LT-F019;1式2联;60张;32开","C",11,"本",3.69886,40.69]
[2000,"040","JQA518","X-光探伤检查记录表; MQC-F011;100张;A4;70g","C",44,"本",5.9336,261.08]
[2000,"040","JQA559","含氢量检测记录表; MQC-F030;100张;A4;70g","C",30,"本",5.9336,178.01]
[2000,"040","JQA611","装筐生产日报表;MTC-F038 一式两联;100张;A4","B",20,"本",5.93361,118.67]
[2000,"040","JQA612","切口生产日报表;MTC-F039 一式两联;100张;A4","B",5,"本",5.93361,29.67]
[2000,"040","JQA618","CNC定期保养记录;单面; LTE-F005;100张;B5;60克","B",2,"本",4.87405,9.75]
[2000,"040","JQA6218","转盘定期保养记录;单面; LTE-F006;100张;B5;60克","B",2,"本",6.55006,13.1]
[2000,"040","JQA6221","热处理管制记录表; TC-F001;100张;A3;60g","B",6,"本",14.4103,86.46]
[2000,"040","JQA6243","成品流转单;A4;硬纸;双面; 正LT-F018-1;反LT-F018-2","B",{"v":1000,"d":"1,000.00"},"张",0.26275,262.75]
[2000,"040","JQA6265","毛坯异常通知单;LQC-F121; 32开;40g;一式三联;33份","B",15,"本",5.58682,83.8]
[2000,"040","JQA6312","热处理管制记录表; MTC-F007;A4;70g;100张","B",10,"本",5.9336,59.34]
[2000,"040","JQA6342","测量产量日报表; B5;60g;100张;单面","B",40,"本",4.87329,194.93]
[2000,"040","JQA6372","自检记录表(二车间专用); LTM-F028;A4;70g;100页","B",34,"本",5.93361,201.74]
[2000,"040","JQA6391","CNC日常保养卡;TE-F043; A4;250g;双面","B",200,"张",0.233,46.6]
[2000,"040","JQA6438","CNC精度检测表;四联; LTE-F007;A4;70g;100张;","B",5,"本",5.39419,26.97]
[2000,"040","JQA6447","井式炉作业点检表; TC-F013;A4;250g;双面","B",100,"EA",0.2416,24.16]
[2000,"040","JQA6461","自检记录表;LTM-F004; 单面;A4;100张","B",9,"本",5.39419,48.55]
[2000,"040","JQA6464","电镀汽缸成品全程流转单; LTM-F029;单面;A4;250g","B",900,"张",0.233,209.7]
[2000,"040","JQA6474","刀具更换单(打刀不良品) LT-F025;免碳;四联;大32开","B",54,"本",7.629,411.97]
[2000,"040","JQA6475","CNC车床日常点检表; TE-F054;双面;A4;250g;","B",100,"张",0.21183,21.18]
[2000,"040","JQA6540","故障维修单;一式二联;免碳 TE-F001;32开;50g;50份/本","C",29,"本",4.554,132.07]
[2000,"040","JQE163","条码碳带;110MM×300M","C",10,"卷",24.227,242.27]
[2000,"040","JRB082","冬衣;黄色","B",160,"EA",32.48,{"v":5196.8,"d":"5,196.80"}]
[2000,"040","JRB084","冬衣;蓝色","B",47,"EA",32.48,{"v":1526.56,"d":"1,526.56"}]
[2000,"040","JRB085","冬衣;绿色","B",145,"EA",32.48,{"v":4709.6,"d":"4,709.60"}]
[2000,"040","JRB086","男衫","B",80,"EA",30.598,{"v":2447.84,"d":"2,447.84"}]
[2000,"040","JRB088","夏裤","B",530,"EA",28.034,{"v":14858.02,"d":"14,858.02"}]
[2000,"040","JRB089","夏衣;黄色","B",67,"EA",30.598,{"v":2050.07,"d":"2,050.07"}]
[2000,"040","JRB090","夏衣;绣QA","B",41,"EA",21.367,876.05]
[2000,"040","JRB091","夏衣;绿色","B",58,"EA",30.598,{"v":1774.68,"d":"1,774.68"}]
[2000,"040","JRB092","夏衣;紫蓝","B",202,"EA",30.598,{"v":6180.8,"d":"6,180.80"}]
[2000,"040","JRB099","工作裤;冬季;","B",480,"EA",12.65,{"v":6072,"d":"6,072.00"}]
[2000,"040","JRB100","工作服;冬衣;黄色;","B",5,"EA",16.24,81.2]
[2000,"040","JRB102","工作服;冬衣;蓝色;","B",90,"EA",16.24,{"v":1461.6,"d":"1,461.60"}]
[2000,"040","JRB103","工作服;冬衣;绿色;","B",83,"EA",16.24,{"v":1347.92,"d":"1,347.92"}]
[2000,"040","JRB105","T恤衫;桔红色;后勤;","B",120,"EA",14.3591,{"v":1723.09,"d":"1,723.09"}]
[2000,"040","JRC005","纱手套;帮杰","B",{"v":1446,"d":"1,446.00"},"ST",0.91,{"v":1315.86,"d":"1,315.86"}]
[2000,"040","JRC019","防酸手套;H","C",126,"ST",5.2,655.2]
[2000,"040","JRC025","雨鞋;长筒;黑色; 回力牌","C",14,"ST",40,560]
[2000,"040","JRC046","电焊面罩","C",1,"EA",4.753,4.75]
[2000,"040","JRC050","护目镜;白架防铁防屑冲击; 白色;以勒","C",3,"EA",4.235,12.71]
[2000,"040","JRC065","口罩;16层纱布;医疗化工","B",330,"EA",1.25,412.5]
[2000,"040","JRC071","防酸手套;羊城牌;中号; 薄的;","B",55,"ST",4.7,258.5]
[2000,"040","JRC086","耐酸碱手套;腾达; LA","B",265,"ST",14.5,{"v":3842.5,"d":"3,842.50"}]
[2000,"040","JRC092","袖套;兰布;65棉","B",129,"ST",2.436,314.24]
[2000,"040","M130-0033-001","导管毛坯模具;C700","A",1,"ST",{"v":2136.75,"d":"2,136.75"},{"v":2136.75,"d":"2,136.75"}]
[2000,"040","PG500-0014-005-00","丹佛斯底座钻攻M4孔工装","C",1,"ST",500,500]
[2000,"040","PS200-010","创科33CC汽缸工装 045-043(06853)-05F-00","C",1,"ST",{"v":5200.80192,"d":"5,200.80"},{"v":5200.8,"d":"5,200.80"}]
[2000,"040","PS200-011","创科33CC汽缸工装 045-043(06853)-04F-00","C",1,"ST",{"v":11781.913,"d":"11,781.91"},{"v":11781.91,"d":"11,781.91"}]
[2000,"040","PS200-393","曲轴箱镗孔治具 ET950(2)-01","C",1,"ST",865.9611,865.96]
[2000,"040","PS200-394","曲轴箱铣平面治具 ET950(2)-02","C",1,"ST",{"v":1099.8036,"d":"1,099.80"},{"v":1099.8,"d":"1,099.80"}]
[2000,"040","PS200-397","曲轴箱铣平面治具 ET950(2)-03","C",1,"ST",990.1926,990.19]
[2000,"040","PS200-415","L型板;XL0039D-010 阀体XL26切帽口治具","C",1,"EA",406.125,406.13]
[2000,"040","PS200-416","挡板;XL0039D-010 阀体XL26切帽口治具","C",1,"EA",4.06125,4.06]
[2000,"045","ECD011","磁性座;PA-1202 75×50×55;油压式","C",1,"EA",345.744,345.74]
[2000,"045","JCCB4988","支撑座;22630.0002;伍全;","B",10,"EA",29.5,295]
[2000,"045","JCCB4989","垫块;LTG20150305-4;","B",22,"EA",0,0]
[2000,"045","JCCB4990","压块;LTG20150305-3;","B",13,"EA",0,0]
[2000,"045","JCCB4993","四轴梯形块(一); LTG20150305-1","B",6,"EA",0,0]
[2000,"045","JCCC202","丝攻接头;TC-2×M14","C",2,"EA",350.546,701.09]
[2000,"045","JCEA466","CTC油压支撑缸;CTC-16A; 嘉刚","B",1,"EA",300,300]
[2000,"045","JDE003","粘接剂;2082C;200克/盒","C",2,"盒",154.1195,308.24]
[2000,"045","JJEA078","活动顶针;MT4","C",1,"EA",136.3768,136.38]
[2000,"045","JJEE017","筒夹;ER16-3-4","C",4,"EA",52.918,211.67]
[2000,"045","JJEE029","弹性夹头;10.5","C",1,"EA",230.76923,230.77]
[2000,"045","JJEE055","弹簧夹头;ER16-8","C",10,"EA",53.014,530.14]
[2000,"045","JJEE058","筒夹;ER20-11","C",7,"EA",50,350]
[2000,"045","JJEE061","筒夹;ER20-5","C",5,"EA",50,250]
[2000,"045","JJEE065","弹性筒夹;ER25-15","C",6,"EA",55,330]
[2000,"045","JJEE066","弹性筒夹;ER25-16","C",2,"EA",53,106]
[2000,"045","JJEE067","弹性筒夹;ER25-3","C",3,"EA",70,210]
[2000,"045","JJEE075","铣床筒夹;OZ32-25","C",21,"EA",115,{"v":2415,"d":"2,415.00"}]
[2000,"045","JJEE076","铣床筒夹;OZ32-32","C",18,"EA",95,{"v":1710,"d":"1,710.00"}]
[2000,"045","JJEE097","筒夹;ER20-10","C",3,"EA",50,150]
[2000,"045","JJEE150","筒夹;EOC25-20","C",8,"EA",72.646,581.17]
[2000,"045","JJEE172","筒夹;EOC25-25","C",9,"EA",72.646,653.81]
[2000,"045","JJEE178","筒夹;ER32-15","C",1,"EA",53.325,53.33]
[2000,"045","JJEE180","筒夹;ER11-2.5","C",7,"EA",77,539]
[2000,"045","JJEE181","扭力丝攻筒夹;TCS-1B","C",2,"EA",444,888]
[2000,"045","JJEE189","筒夹;EOC32-16","B",2,"EA",96.849,193.7]
[2000,"045","JJEE209","扭力攻牙器;TH-1×MT2","B",3,"EA",545,{"v":1635,"d":"1,635.00"}]
[2000,"045","JJEE221","筒夹;ER25-11","B",1,"EA",60.2553,60.26]
[2000,"045","JJEE229","OZ筒夹;φ10","B",5,"EA",61.466,307.33]
[2000,"045","JJEE261","筒夹;ER8-φ3-φ3.5; 正河源","B",9,"EA",108.573,977.16]
[2000,"045","JJEE271","筒夹;ER11-1.5; 正河源","B",2,"EA",93,186]
[2000,"045","JJEE292","筒夹;ER50-25;","B",3,"EA",265,795]
[2000,"045","JJEE294","筒夹;SKS16E-4-UP; 正河源","B",1,"EA",218,218]
[2000,"045","JJEE328","快速丝攻夹头;TCS1B; φ6×方口5×5;兴车磨","B",5,"EA",350,{"v":1750,"d":"1,750.00"}]
[2000,"045","JJEE378","ER弹性筒夹;台湾丸荣; ER25-Φ6-Φ7;","B",3,"EA",55.55556,166.67]
[2000,"045","JJEE388","ER弹性筒夹;ER11-Φ6-Φ7; 台湾丸荣;","B",3,"EA",0,0]
[2000,"045","JJEH035","气动四角旋具接杆 3/8×50","B",3,"EA",54,162]
[2000,"045","JJEH065","锥柄;BT40-ER11-90","B",3,"EA",425,{"v":1275,"d":"1,275.00"}]
[2000,"045","JJEH119","刀柄;SVUCR2020K16","C",2,"EA",300,600]
[2000,"045","JJEH159","刀柄;BT40-FMB27-60","B",2,"EA",410.454,820.91]
[2000,"045","JJEH164","平面铣刀杆 BT40-FMB22-200","B",2,"EA",985,{"v":1970,"d":"1,970.00"}]
[2000,"045","JJEH168","拉丁;BT30-45°","C",4,"EA",41.038,164.15]
[2000,"045","JJEH209","锥度孔筒夹柄;JT6-ER16-70 米其林","B",3,"EA",417.774,{"v":1253.32,"d":"1,253.32"}]
[2000,"045","JJEH320","刀柄;BT40-FMB22-180; 兴车磨","B",2,"EA",525,{"v":1050,"d":"1,050.00"}]
[2000,"045","JJEH426","侧固式刀柄; BT30-SLN25-080S;台湾丸荣","B",1,"EA",254.7009,254.7]
[2000,"045","JJEH430","定位柱;SP-10H;","B",4,"EA",16.24,64.96]
[2000,"045","JJEH431","弹簧顶丝;PPJH12-15","B",1,"EA",24.75,24.75]
[2000,"045","JKAA050","快速夹钳;GH-101-E","C",6,"EA",25,150]
[2000,"045","JKAB047","内六角扳手;1.5-12","C",1,"ST",67.9,67.9]
[2000,"045","JKAB068","勾形扳手;78-85","C",5,"EA",80.443,402.22]
[2000,"045","JKAB075","勾形扳手;W32","C",3,"EA",85,255]
[2000,"045","JKAB119","气动螺丝起子;WD-202","C",1,"EA",224.1379,224.14]
[2000,"045","JKAB120","外六角起子头;4×65MM","C",30,"EA",2.8,84]
[2000,"045","JKAB121","手动短套筒;10MM;扳手用","C",2,"EA",14.8,29.6]
[2000,"045","JKAB145","扳手;ER8-M","B",1,"EA",62,62]
[2000,"045","JKAB188","扳手;TKY25T; 三菱","B",4,"EA",21,84]
[2000,"045","JKAB195","梅花扳手;TW20P T20; 厦门杰瑞特","B",1,"EA",50,50]
[2000,"045","JKAB236","扭力扳手;QLMS6N4(1~6N.M) TOHNICHI;东日","B",1,"EA",{"v":3932,"d":"3,932.00"},{"v":3932,"d":"3,932.00"}]
[2000,"045","JKAB237","扭力扳手套筒;1/4″-5mm","B",1,"EA",16,16]
[2000,"045","JKAB242","扭力扳手;QLLS50N10-50N.M TOHNICHI;东日","B",1,"EA",{"v":2260,"d":"2,260.00"},{"v":2260,"d":"2,260.00"}]
[2000,"045","JKAB253","勾形扳手;55-62;正河源","B",4,"EA",68,272]
[2000,"045","JKAB280","扭力扳手; QL420N×60×420N/M;东日;","B",1,"EA",{"v":1780,"d":"1,780.00"},{"v":1780,"d":"1,780.00"}]
[2000,"045","JKCG016","丝锥;12;上工","B",7,"EA",13.97088,97.8]
[2000,"045","JKCG019","丝锥;12×1.5","C",10,"EA",13.97088,139.71]
[2000,"045","JKCG027","丝锥;16;上工","C",5,"EA",17.85168,89.26]
[2000,"045","JKCG043","螺旋丝锥;M12×1.25-6H 铝用","C",11,"EA",243.59,{"v":2679.49,"d":"2,679.49"}]
[2000,"045","JKCG047","铝用切削丝锥;M24×3","C",4,"EA",217.7776,871.11]
[2000,"045","JKCG061","丝锥;3/8-16UNC-2B","C",91,"EA",101.3506,{"v":9222.9,"d":"9,222.90"}]
[2000,"045","JKCG081","铝用螺旋槽丝锥 M12*1.75-6H","B",12,"EA",109.7267,{"v":1316.72,"d":"1,316.72"}]
[2000,"045","JKCG083","铝用螺旋槽丝锥;M14×1.25","B",1,"EA",184.3968,184.4]
[2000,"045","JKCG088","管螺攻丝锥;1/4PS-19-FB 盲孔","C",64,"EA",62.179,{"v":3979.46,"d":"3,979.46"}]
[2000,"045","JKCG090","铝用螺旋槽丝锥;M16×2-6H","C",7,"EA",175,{"v":1225,"d":"1,225.00"}]
[2000,"045","JKCG105","英制丝锥;1/4-18NPS","C",48,"EA",88.32,{"v":4239.36,"d":"4,239.36"}]
[2000,"045","JKCG108","挤压丝锥;M10×1.5;铝用","C",1,"EA",273.714,273.71]
[2000,"045","JKCG109","丝锥;1/4\"NPT-18;铝用 盲孔","C",42,"EA",55,{"v":2310,"d":"2,310.00"}]
[2000,"045","JKCG113","英制丝锥;1/8\"-27;NPSF","C",13,"EA",159,{"v":2067,"d":"2,067.00"}]
[2000,"045","JKCG115","挤压丝锥;M12×1.75 盲孔;铝用","C",8,"EA",191.1,{"v":1528.8,"d":"1,528.80"}]
[2000,"045","JKCG127","直槽丝锥; M5×0.8;铝用;TOSG","C",130,"EA",9.8,{"v":1274,"d":"1,274.00"}]
[2000,"045","JKCG150","螺旋丝锥;M3.5×0.6 钢用;通孔","C",27,"EA",47.04,{"v":1270.08,"d":"1,270.08"}]
[2000,"045","JKCG151","英制管螺纹丝锥 1/4-18NPT-HSSE;φ11","C",21,"EA",89.18,{"v":1872.78,"d":"1,872.78"}]
[2000,"045","JKCG152","公制管螺纹丝锥 1/4PS-19-SKS2;φ11.3","C",56,"EA",89.18,{"v":4994.08,"d":"4,994.08"}]
[2000,"045","JKCG153","公制管螺纹丝锥 1/4PF-19-SKS2;φ11.3","C",13,"EA",89.18,{"v":1159.34,"d":"1,159.34"}]
[2000,"045","JKCG158","螺旋丝锥 M2.5×0.45-4H;钢用","B",43,"EA",71.435,{"v":3071.71,"d":"3,071.71"}]
[2000,"045","JKCG165","先端丝锥;M5×0.8;15401","B",5,"EA",42.25,211.25]
[2000,"045","JKCG177","丝锥;TOSG(大宝); TIN-EX-POTM4×0.5","B",10,"EA",60.505,605.05]
[2000,"045","JKCG198","丝锥;3/8\"-18; PTF-SAE SHORT","B",5,"EA",195,975]
[2000,"045","JKCG201","挤压丝锥;M10×1","B",20,"EA",130,{"v":2600,"d":"2,600.00"}]
[2000,"045","JKCG213","前排屑丝锥;M6×1;YAMAWA;","B",10,"EA",33,330]
[2000,"045","JKCG214","前排屑丝锥;M8×1.25; YAMAWA;","B",9,"EA",48,432]
[2000,"045","JKCG222","挤压丝攻;SAL-M5; WIMA;佳佳溢","B",30,"EA",255,{"v":7650,"d":"7,650.00"}]
[2000,"045","JKCG225","螺旋切削丝攻;SFL-M8 WIMA;佳佳溢","B",15,"EA",198,{"v":2970,"d":"2,970.00"}]
[2000,"045","JKCG241","挤压丝锥;SAL-M10×1.5; WIMA;佳佳溢","B",19,"EA",535,{"v":10165,"d":"10,165.00"}]
[2000,"045","JKCG275","非标美制管用1/4丝攻; LTT-DSK-1538","B",2,"EA",480,960]
[2000,"045","JKCG282","挤压丝锥;M16×2-6H;","B",5,"EA",185,925]
[2000,"045","JKEAA203","高速钢直柄钻头; φ12","B",3,"EA",9.1238,27.37]
[2000,"045","JKEAA356","强力直柄钻头;氮化钛; HSE;G-112;φ10.5;苏氏;",null,1,"EA",95.06,95.06]
[2000,"045","JKEAB034","合金二刃钻头;TT-DSK-002 φ1.5×刃长18×40L","B",28,"EA",10.835,303.38]
[2000,"045","JKEAB050","合金二刃钻头;TT-DSK-002 φ4.5×刃长47×80L","B",137,"EA",17.08375,{"v":2340.47,"d":"2,340.47"}]
[2000,"045","JKEAB055","合金二刃钻头;TT-DSK-002 φ9.0×刃长81×125L","B",6,"EA",79.20808,475.25]
[2000,"045","JKEAB112","G型超长直柄钻头 GWSLD0550A250","B",6,"EA",389,{"v":2334,"d":"2,334.00"}]
[2000,"045","JKEAB134","G型超长直柄钻头 GWSLD0350A160","B",3,"EA",170,510]
[2000,"045","JKEAB137","G型超长直柄钻头 GWSLD1160A315","B",8,"EA",{"v":1628.3,"d":"1,628.30"},{"v":13026.4,"d":"13,026.40"}]
[2000,"045","JKEAB188","硬质合金钻头; φ8.2×50×95","B",6,"EA",107.2665,643.6]
[2000,"045","JKEAB192","R19汽缸火花塞阶梯钻头; LTT-DSK-743","B",4,"EA",633.8475,{"v":2535.39,"d":"2,535.39"}]
[2000,"045","JKEAB199","加工细长孔钻头; φ6.1×280;LTT-DSK-768","B",13,"EA",260,{"v":3380,"d":"3,380.00"}]
[2000,"045","JKEAB205","钨钢钻头;DIEZJ; φ11×32×φ16×95","B",1,"EA",294,294]
[2000,"045","JKEAB219","硬质合金钻头;MFMKC; φ7.5×34×80","B",21,"EA",58.509,{"v":1228.69,"d":"1,228.69"}]
[2000,"045","JKEAB250","钨钢二刃钻;MSD115-5P; φ11.5×90L×148L×φ13","B",7,"EA",369.375,{"v":2585.63,"d":"2,585.63"}]
[2000,"045","JKEAB265","φ4二刃钨钢钻; 带120度倒角;LTT-DSK-983","B",11,"EA",293.53,{"v":3228.83,"d":"3,228.83"}]
[2000,"045","JKEAB274","硬质合金钻头LTT-DSK-1082 φ7.1×刃长90×140L×φ8","B",4,"EA",227.3504,909.4]
[2000,"045","JKEAB285","钻头;SVGMA; φ6×34×65","B",4,"EA",83.725,334.9]
[2000,"045","JKEAB290","钨钢二刃钻;LTT-DSK-1281; φ5.85×200;","B",36,"EA",182.225,{"v":6560.1,"d":"6,560.10"}]
[2000,"045","JKEAB327","T钻;TDR3180-25T2-06; Taegutec","B",8,"EA",{"v":1283,"d":"1,283.00"},{"v":10264,"d":"10,264.00"}]
[2000,"045","JKEAB340","魔术钻头;S20-DRZ1442-05; φ14×42×112L×φ20京瓷","B",1,"EA",930,930]
[2000,"045","JKEAB366","Φ2.7钻头;LTT-DSK-1622;","B",1,"EA",57.13,57.13]
[2000,"045","JKEAC015","中心钻;A型;φ2×40 GB6078-85A","B",5,"EA",3.8,19]
[2000,"045","JKEAC027","Φ2.8中心钻;LTT-DSK-1620","B",1,"EA",57.13,57.13]
[2000,"045","JKEAG036","合金三刃钻头 φ3.65×刃长40×70L","B",29,"EA",90,{"v":2610,"d":"2,610.00"}]
[2000,"045","JKEAH010","二刃钻头;6.1X100X130L","B",8,"EA",179.2,{"v":1433.6,"d":"1,433.60"}]
[2000,"045","JKEAH023","合金二刃钻头;Φ8.7×125L","B",4,"EA",162.525,650.1]
[2000,"045","JKEAH041","合金二刃钻头 φ4.25×刃长32×72总长","B",7,"EA",54.47188,381.3]
[2000,"045","JKEAH053","合金二刃钻头 φ15.6X刃长50X110Xφ15.6","B",1,"EA",293.3125,293.31]
[2000,"045","JKEAH066","合金二刃钻头 φ10×刃长90×160L×φ10","B",5,"EA",289.71066,{"v":1448.55,"d":"1,448.55"}]
[2000,"045","JKEAH073","合金二刃钻头;GB6137-85 φ3.5×刃长30×100L","B",4,"EA",25.9308,103.72]
[2000,"045","JKEAH081","合金二刃钻头;GB6137-85 φ9×刃长60×110L","B",6,"EA",126.91,761.46]
[2000,"045","JKEAH090","钨钢直柄二刃钻头 φ8.74×刃长70×100L","B",2,"EA",168,336]
[2000,"045","JKEAH092","合金二刃钻头;GB6137-85 φ4.6×刃长30×100L","B",2,"EA",48,96]
[2000,"045","JKEAH099","合金二刃钻头;GB6137-85 φ11.4×刃长40×80L","B",3,"EA",140.75593,422.27]
[2000,"045","JKEAH101","合金二刃钻头;500-0023 φ9.125X刃70LX158LX9.125","B",4,"EA",559.62686,{"v":2238.51,"d":"2,238.51"}]
[2000,"045","JKEAH102","合金二刃钻头;500-0023 φ9.15X刃70LX158LXφ9.15","B",16,"EA",585.6,{"v":9369.6,"d":"9,369.60"}]
[2000,"045","JKEAH105","合金二刃成型钻;500-0023 φ6.8Xφ9.15X98LXφ9.15","B",3,"EA",399,{"v":1197,"d":"1,197.00"}]
[2000,"045","JKEAH109","合金二刃钻头;GB6137-85 φ9.0×刃长30×100L","B",7,"EA",168,{"v":1176,"d":"1,176.00"}]
[2000,"045","JKEAH113","钨钢二刃阶梯钻 φ8.1×φ6;LTT-DSK-313","B",5,"EA",140,700]
[2000,"045","JKEAH119","合金二刃钻头;GB6137-85 φ3.8×刃长30L×75L","B",10,"EA",60.9,609]
[2000,"045","JKEAH123","合金二刃钻头;GB6137-85 φ10.2×刃长60L×120L","B",3,"EA",190,570]
[2000,"045","JKEAH126","合金二刃钻头;GB6137-85 φ9.5×刃长20×55L","B",4,"EA",79.2,316.8]
[2000,"045","JKEAH141","合金二刃钻头 7.9×刃长80×120L","B",15,"EA",105.5754,{"v":1583.63,"d":"1,583.63"}]
[2000,"045","JKEAH151","合金二刃钻头 φ3.1×刃长35×65L","B",34,"EA",42.56973,{"v":1447.37,"d":"1,447.37"}]
[2000,"045","JKEAH227","二刃阶梯钻;PJ-DSK-050-1 Φ5.5×Φ6.6×70L×Φ6","B",23,"EA",97.48594,{"v":2242.18,"d":"2,242.18"}]
[2000,"045","JKEAH228","二刃阶梯钻;PJ-DSK-050-2 Φ4.6×Φ5.5×70L×Φ6","B",61,"EA",71.68084,{"v":4372.53,"d":"4,372.53"}]
[2000,"045","JKEAH233","合金二刃钻头;GB1435-85 φ2.1×刃长15×40L","B",5,"EA",7.7224,38.61]
[2000,"045","JKEAH243","合金二刃钻头;LTT-DSK-622 φ5.47×φ8×60×φ8","B",10,"EA",146.2725,{"v":1462.73,"d":"1,462.73"}]
[2000,"045","JKEAH248","合金二刃钻头 φ2.9×刃长25×80L;钢用","B",8,"EA",14.775,118.2]
[2000,"045","JKEAH254","合金带倒角二刃钻头 φ4.93×6×φ8×35L","B",10,"EA",123.125,{"v":1231.25,"d":"1,231.25"}]
[2000,"045","JKEAH256","合金二刃钻头 Φ3.2×刃长40×70","B",74,"EA",21.67,{"v":1603.58,"d":"1,603.58"}]
[2000,"045","JKEAH263","合金二刃钻;PJ-DSK-026A; φ7.8×46×11.8×24×115","B",6,"EA",254.13,{"v":1524.78,"d":"1,524.78"}]
[2000,"045","JKEAH271","合金二刃钻;PJ-DSK-097; φ9.47×φ9.2×115×φ10","B",12,"EA",202.8312,{"v":2433.97,"d":"2,433.97"}]
[2000,"045","JKEAH275","合金二刃钻;LTT-DSK-681; φ7.4×φ11×85;龙岩盛发","B",13,"EA",195.03,{"v":2535.39,"d":"2,535.39"}]
[2000,"045","JKEAH294","合金二刃钻头;钢件加工; φ9.8×刃长43×总长89","B",2,"EA",140.03154,280.06]
[2000,"045","JKEAH320","二刃阶梯钻;LTT-DSK-753; φ4.29×φ6.48×φ5","B",11,"EA",56.5587,622.15]
[2000,"045","JKEAH345","合金钻头;MZE1370MA; φ13.7×刃86×147L;三菱","B",14,"EA",676.2,{"v":9466.8,"d":"9,466.80"}]
[2000,"045","JKEAH364","合金二刃钻; φ5.3×刃长50×100L","B",15,"EA",49.25,738.75]
[2000,"045","JKEAH386","合金二刃钻头; φ11.4×刃25×60L×150°","B",14,"EA",165.48,{"v":2316.72,"d":"2,316.72"}]
[2000,"045","JKEAH389","φ4.56~φ10阶梯二刃钻; LTT-DSK-1467","B",8,"EA",135,{"v":1080,"d":"1,080.00"}]
[2000,"045","JKEB148","直柄键槽铣刀 Φ3.7×15×40;GB1112-81","B",1,"EA",18.09938,18.1]
[2000,"045","JKEB192","Φ9.38铰刀;LTT-DSK-1340 φ9.38×φ12×80","B",21,"EA",215,{"v":4515,"d":"4,515.00"}]
[2000,"045","JKEB195","φ10滚珠铰刀;SHR391; 工作长度4in;Cogsdill","B",1,"EA",{"v":4753.89,"d":"4,753.89"},{"v":4753.89,"d":"4,753.89"}]
[2000,"045","JKEB196","φ13滚珠铰刀;SHR500; 工作长度4in;Cogsdill","B",1,"EA",{"v":4903.45,"d":"4,903.45"},{"v":4903.45,"d":"4,903.45"}]
[2000,"045","JKEB197","φ19滚珠铰刀;SHR750; 工作长度6in;Cogsdill","B",1,"EA",{"v":5245.3,"d":"5,245.30"},{"v":5245.3,"d":"5,245.30"}]
[2000,"045","JKEB216","钻铰刀;φ10.1; LTT-DSK-1587","B",4,"EA",192.075,768.3]
[2000,"045","JKEB220","通孔滚珠铰刀;φ11;","B",1,"EA",{"v":3680,"d":"3,680.00"},{"v":3680,"d":"3,680.00"}]
[2000,"045","JKED337","珩磨头;φ44","B",2,"EA",{"v":6000,"d":"6,000.00"},{"v":12000,"d":"12,000.00"}]
[2000,"045","JKED342","珩磨头;φ41","B",2,"EA",{"v":6000,"d":"6,000.00"},{"v":12000,"d":"12,000.00"}]
[2000,"045","JKED452","珩磨头;φ39","B",2,"EA",{"v":6000,"d":"6,000.00"},{"v":12000,"d":"12,000.00"}]
[2000,"045","JKED462","油石;300目; 2.05×2.2×24;浙江东阳","B",400,"EA",12.39316,{"v":4957.26,"d":"4,957.26"}]
[2000,"045","JKED549","珩磨油石;300目; 3×3×24;浙江东阳;","B",{"v":1500,"d":"1,500.00"},"EA",14.2735,{"v":21410.25,"d":"21,410.25"}]
[2000,"045","JKED550","珩磨油石;500目; 3×3×24;浙江东阳;","B",{"v":1000,"d":"1,000.00"},"EA",14.2735,{"v":14273.5,"d":"14,273.50"}]
[2000,"045","JKED564","抛光油石;3×3×24;","B",{"v":1000,"d":"1,000.00"},"EA",8.46163,{"v":8461.63,"d":"8,461.63"}]
[2000,"045","JKEFC006","钻石四方形精搪孔刀 5×5×10","B",33,"EA",342,{"v":11286,"d":"11,286.00"}]
[2000,"045","JKEFC007","钻石四方形精搪孔刀 6×6×15","B",205,"EA",342,{"v":70110,"d":"70,110.00"}]
[2000,"045","JKEHB027","E200大孔精镗刀 LTT-DSK-244","B",4,"EA",300,{"v":1200,"d":"1,200.00"}]
[2000,"045","JKEHB028","E350大孔精镗刀 LTT-DSK-350","B",3,"EA",300,900]
[2000,"045","JKEHB031","Q150、E150大孔精镗刀头 LTT-DSK-806-3","B",12,"EA",82,984]
[2000,"045","JKEJA015","火花塞孔加工组合刀; LTT-DSK-1169;φ16.25×35","B",12,"EA",421.0875,{"v":5053.05,"d":"5,053.05"}]
[2000,"045","JKEJG080","钻孔倒角刀;DGFEQ; φ6×60","B",23,"EA",50.235,{"v":1155.41,"d":"1,155.41"}]
[2000,"045","JKEJG096","60度倒角刀(钻头); LTT-DSK-985","B",3,"EA",556.525,{"v":1669.58,"d":"1,669.58"}]
[2000,"045","JKEJG112","钻头倒角刀;LTT-DSK-1339 φ9.15×φ14×100","B",27,"EA",245,{"v":6615,"d":"6,615.00"}]
[2000,"045","JKEJG115","90°单刃倒角刀;STK; EM592-0300;30×12×88;",null,1,"EA",252.7,252.7]
[2000,"045","JKEJG123","福特摇臂T11孔精锪面倒角 刀;LTT-DSK-1610;","B",1,"EA",{"v":2050,"d":"2,050.00"},{"v":2050,"d":"2,050.00"}]
[2000,"045","JKEJG125","E孔锪面倒角刀; LTT-DSK-1617;","B",1,"EA",{"v":2050,"d":"2,050.00"},{"v":2050,"d":"2,050.00"}]
[2000,"045","JKEJG127","J孔粗镗锪面倒角刀; LTT-DSK-1618;","B",1,"EA",950,950]
[2000,"045","JKEJG131","Q150台阶孔倒角刀头; LTT-DSK-808-3","B",1,"EA",0,0]
[2000,"045","JKEJG133","二刃成型倒角刀; Φ9.1×0.6;LTT-DSK-1729;","B",9,"EA",220,{"v":1980,"d":"1,980.00"}]
[2000,"045","JKEJG134","成型倒角刀; Φ7.1;LTT-DSK-1727;","B",13,"EA",220,{"v":2860,"d":"2,860.00"}]
[2000,"045","JKEJJ030","钨钢棒;φ10×100","B",4,"EA",87.20279,348.81]
[2000,"045","JKEJJ170","42汽缸内孔粗镗刀; LTT-DSK-1659","B",1,"EA",{"v":2000,"d":"2,000.00"},{"v":2000,"d":"2,000.00"}]
[2000,"045","JKEJJ179","CTB粗镗头;CTB43-55;勤堃;","B",2,"EA",{"v":1520,"d":"1,520.00"},{"v":3040,"d":"3,040.00"}]
[2000,"045","JKEJJ180","FBN精镗头; FBN43-55ECK3-FSM508;勤堃","B",1,"EA",{"v":2180,"d":"2,180.00"},{"v":2180,"d":"2,180.00"}]
[2000,"045","JKEJJ181","FBN精镗头;勤堃; FBN75-105ECK5-FSM810;","B",2,"EA",{"v":2435,"d":"2,435.00"},{"v":4870,"d":"4,870.00"}]
[2000,"045","JKEJK006","圆锯片铣刀;100×2×25.4; TT-DSK-031","B",73,"EA",53,{"v":3869,"d":"3,869.00"}]
[2000,"045","JKEJM037","梯升节温器罩1.37切槽刀; LTT-DSK-760","B",26,"EA",200,{"v":5200,"d":"5,200.00"}]
[2000,"045","JKEJM038","梯升节温器罩1.17切槽刀; LTT-DSK-761","B",29,"EA",200,{"v":5800,"d":"5,800.00"}]
[2000,"045","JKEJM042","键槽铣刀;GB1112-81; φ11.67×刃20×φ10×70L","B",2,"EA",127.065,254.13]
[2000,"045","JKEJM061","Φ4.6键槽铣刀; LTT-DSK-1637","B",3,"EA",55.16,165.48]
[2000,"045","JKEJM064","Φ14键槽铣刀;SED2140KPG; 三菱","B",2,"EA",864,{"v":1728,"d":"1,728.00"}]
[2000,"045","JKEJM066","F4000活塞齿条槽车刀; LTT-DSK-1653","B",1,"EA",0,0]
[2000,"045","JKEJN060","合金四刃立铣刀 φ16×刃长40×120L","B",1,"EA",202.3,202.3]
[2000,"045","JKEJN061","全钨钢三刃立铣刀 φ6×70","B",10,"EA",36.5435,365.44]
[2000,"045","JKEJN062","全钨钢三刃立铣刀 φ10×100","B",18,"EA",157.7114,{"v":2838.81,"d":"2,838.81"}]
[2000,"045","JKEJN063","全钨钢立铣刀;Φ3×70","B",1,"EA",45.5,45.5]
[2000,"045","JKEJN086","合金二刃立铣刀; φ10X刃75X130L;GB6138-85","B",4,"EA",151.743,606.97]
[2000,"045","JKEJN089","直柄合金四刃立铣刀 φ10×刃长60×100L","B",2,"EA",108.6624,217.32]
[2000,"045","JKEJN090","直柄合金四刃立铣刀 φ12×刃长60×100L","B",16,"EA",238.91175,{"v":3822.59,"d":"3,822.59"}]
[2000,"045","JKEJN097","钨钢四刃立铣刀 φ20×刃长50×100L","B",1,"EA",488.775,488.78]
[2000,"045","JKEJN100","四刃立铣刀;LTT-DSK-349 φ18×35×100L×φ16","B",18,"EA",214.13,{"v":3854.34,"d":"3,854.34"}]
[2000,"045","JKEJN101","四刃立铣刀;LTT-DSK-349 φ23×40×100L×φ20","B",33,"EA",242.06,{"v":7987.98,"d":"7,987.98"}]
[2000,"045","JKEJN102","四刃立铣刀;LTT-DSK-349 φ27×45×100L×φ20","B",8,"EA",271.852,{"v":2174.82,"d":"2,174.82"}]
[2000,"045","JKEJN112","合金直柄三刃立铣刀 φ6.4×刃长20×70L","B",3,"EA",96.99817,290.99]
[2000,"045","JKEJN113","合金直柄四刃立铣刀 φ8.8×刃长20×70L","B",8,"EA",147.3,{"v":1178.4,"d":"1,178.40"}]
[2000,"045","JKEJN156","钨钢三刃铣刀;LTT-DSK-552 Φ8.1×11×166×Φ12","B",6,"EA",329.4125,{"v":1976.48,"d":"1,976.48"}]
[2000,"045","JKEJN163","合金四刃铣刀;LTT-DSK-536 φ14×刃长40×168L×φ20","B",8,"EA",376.55364,{"v":3012.43,"d":"3,012.43"}]
[2000,"045","JKEJN198","八刃立铣刀;PJ-DSK-064; φ25×刃长50×115L","B",1,"EA",983.03,983.03]
[2000,"045","JKEJN202","三刃铣刀;VPDJR φ12.1×50×100L×φ13","B",1,"EA",279.96557,279.97]
[2000,"045","JKEJN268","四刃立铣刀;φ5; LTM20070119-3","B",3,"EA",97.515,292.55]
[2000,"045","JKEJN306","Q150阀体三刃立铣刀;φ13; LTT-DSK-778","B",9,"EA",243.7875,{"v":2194.09,"d":"2,194.09"}]
[2000,"045","JKEJN363","φ13四刃立铣刀; LTT-DSK-936","B",1,"EA",554.0625,554.06]
[2000,"045","JKEJN387","φ7.7立铣刀; LTT-DSK-972","B",5,"EA",108.35,541.75]
[2000,"045","JKEJN399","钨钢四刃立铣刀; φ13.7×刃40×100L","B",12,"EA",254.13,{"v":3049.56,"d":"3,049.56"}]
[2000,"045","JKEJN411","035十字联轴节螺旋立铣刀; LTT-DSK-1042","B",6,"EA",431.43,{"v":2588.58,"d":"2,588.58"}]
[2000,"045","JKEJN415","四刃立铣刀;LTT-DSK-1068; φ4.56×30×75L×φ5","B",21,"EA",57.13,{"v":1199.73,"d":"1,199.73"}]
[2000,"045","JKEJN419","钨钢四刃立铣刀; φ4×刃长20×50L",null,4,"EA",19.7,78.8]
[2000,"045","JKEJN424","三刃立铣刀;LTT-DSK-1091; φ5.5×刃长40×φ6×100L","B",29,"EA",83.725,{"v":2428.03,"d":"2,428.03"}]
[2000,"045","JKEJN429","二刃长颈球头立铣刀;三菱; MS2XLBR0250N300;(R2.5)",null,12,"EA",238,{"v":2856,"d":"2,856.00"}]
[2000,"045","JKEJN432","Φ3.3立铣刀; LTT-DSK-1103","B",55,"EA",117.215,{"v":6446.83,"d":"6,446.83"}]
[2000,"045","JKEJN447","带涂层钨钢四刃立铣刀; VF4MDD0100;三菱;",null,38,"EA",172.9,{"v":6570.2,"d":"6,570.20"}]
[2000,"045","JKEJN450","带涂层钨钢四刃立铣刀; VF4MDD0250;三菱;",null,13,"EA",238,{"v":3094,"d":"3,094.00"}]
[2000,"045","JKEJN452","带涂层钨钢四刃立铣刀; VF4MDD0400;三菱;",null,2,"EA",179.2,358.4]
[2000,"045","JKEJN465","φ3.1钨钢立铣刀 LTT-DSK-1131","B",40,"EA",78.8,{"v":3152,"d":"3,152.00"}]
[2000,"045","JKEJN482","带涂层强力圆弧头立铣刀; 三菱;MS4MRBD0800R100钨钢",null,10,"EA",297.5,{"v":2975,"d":"2,975.00"}]
[2000,"045","JKEJN488","三刃立铣刀;LTT-DSK-1171 φ5.5×40×φ6×35×100L","B",17,"EA",69.935,{"v":1188.9,"d":"1,188.90"}]
[2000,"045","JKEJN491","立铣刀;RCMS08TFT-20 φ16×刃长32×92L R0.75","B",3,"EA",{"v":2229.05,"d":"2,229.05"},{"v":6687.15,"d":"6,687.15"}]
[2000,"045","JKEJN513","带涂层强力圆弧头立铣刀; 三菱;MSMHDRBD0400R050",null,13,"EA",213.5,{"v":2775.5,"d":"2,775.50"}]
[2000,"045","JKEJN525","内孔铣刀;LTT-DSK-1371; Φ28.6×12刃×Φ20×100L","B",4,"EA",{"v":1472.575,"d":"1,472.58"},{"v":5890.3,"d":"5,890.30"}]
[2000,"045","JKEJN548","硬质合金立铣刀; φ7×80×φ5×12","B",3,"EA",76.83,230.49]
[2000,"045","JKEJN551","带涂层二刃钨钢立铣刀; VF2XLD0150N160;三菱;",null,1,"EA",203,203]
[2000,"045","JKEJN553","带涂层四刃钨钢立铣刀; VFMDD0150;三菱;",null,2,"EA",251.3,502.6]
[2000,"045","JKEJN566","四刃立铣刀;MSJHDD2000; 三菱;","B",1,"EA",{"v":1590,"d":"1,590.00"},{"v":1590,"d":"1,590.00"}]
[2000,"045","JKEJP038","阀体成型刀;LTT-DSK-165 φ8×φ17.25×139L×φ16","B",5,"EA",514.843,{"v":2574.22,"d":"2,574.22"}]
[2000,"045","JKEJP048","阀体成型刀;LTT-DSK-346 φ8×24.5×114.5L×φ16","B",28,"EA",340.5133,{"v":9534.37,"d":"9,534.37"}]
[2000,"045","JKEJP059","阀体成型刀;LTT-DSK-359 φ8×刃长28×148L×φ16","B",9,"EA",365.8,{"v":3292.2,"d":"3,292.20"}]
[2000,"045","JKEJP060","阀体成型刀;LTT-DSK-360 φ8.5×18.5×138.5L×20","B",15,"EA",440.4561,{"v":6606.84,"d":"6,606.84"}]
[2000,"045","JKEJP064","阀体成型刀;LTT-DSK-360 φ14×刃长40×160L×25","B",14,"EA",758.45,{"v":10618.3,"d":"10,618.30"}]
[2000,"045","JKEJP073","成型钻铰刀;PJ-DSK-077","B",2,"EA",681.74313,{"v":1363.49,"d":"1,363.49"}]
[2000,"045","JKEJQ076","钨钢球头立铣刀;VF2XLB; R0075NO60S04;三菱;",null,2,"EA",160.3,320.6]
[2000,"045","JKEJQ085","φ12球形铣刀; LTT-DSK-1390","B",1,"EA",172.375,172.38]
[2000,"045","JKEJQ086","φ14球形铣刀; LTT-DSK-1389","B",2,"EA",192.075,384.15]
[2000,"045","JKEJQ087","球铣刀;LTT-DSK-1468","B",1,"EA",760.6838,760.68]
[2000,"045","JKEJS048","三面刃铣刀;RDUUC; φ100×12×8.9;山特维克","B",1,"EA",{"v":5000,"d":"5,000.00"},{"v":5000,"d":"5,000.00"}]
[2000,"045","JKEJT009","活塞槽成型铣刀 LTT-DSK-401;φ100×165","B",1,"EA",646,646]
[2000,"045","JKEJT011","五刃螺旋铣刀;LTT-DSK-031 φ28×刃长40×95L×φ25","B",7,"EA",935.75,{"v":6550.25,"d":"6,550.25"}]
[2000,"045","JKEJT017","活塞槽成型铣刀 LTT-DSK-146;φ100×150","B",3,"EA",309,927]
[2000,"045","JKEJT049","T6孔精铣刀头; LTT-DSK-1613","B",1,"EA",103.425,103.43]
[2000,"045","JKEJT050","粗铣刀头; DC 1890M-SC;京瓷;","B",1,"EA",510,510]
[2000,"045","JKEJU003","台中精机外径刀 MTJNR2525M16M1","B",11,"EA",553.5641,{"v":6089.21,"d":"6,089.21"}]
[2000,"045","JKEJY162","密封槽铣刀头; LTT-DSK-842-1","B",20,"EA",93.575,{"v":1871.5,"d":"1,871.50"}]
[2000,"045","JKEJY217","槽4.1铣刀刀头;QKUCK; 6×5×26","B",7,"EA",0.816,5.71]
[2000,"045","JKEJY233","面铣刀盘;Φ100×8T","B",1,"EA",{"v":3690,"d":"3,690.00"},{"v":3690,"d":"3,690.00"}]
[2000,"045","JKEJY258","玉米铣刀盘;京瓷; MECH050R-17-4-4T-M","B",3,"EA",{"v":5074.88,"d":"5,074.88"},{"v":15224.64,"d":"15,224.64"}]
[2000,"045","JKEJY261","F350阀体M16底孔预钻刀; LTT-DSK-1585","B",2,"EA",{"v":1556.3,"d":"1,556.30"},{"v":3112.6,"d":"3,112.60"}]
[2000,"045","JKEJY264","福特摇臂T14孔扩孔刀;NC; LTT-DSK-1611;","B",8,"EA",350,{"v":2800,"d":"2,800.00"}]
[2000,"045","JKEKB006","内径车刀杆; S08K-SCLCR-06D09台湾三井","B",4,"EA",169.703,678.81]
[2000,"045","JKEKB010","内径车刀杆;台湾三井 S10K-SCLCR-06-D11","B",1,"EA",170,170]
[2000,"045","JKEKG010","车牙刀杆 SNR-0010K-11"," B             ",2,"EA         ",211.288,422.58]
[2000,"045","JKEKH163","XL281台阶孔精镗刀杆 LTT-DSK-095","B",1,"EA",100,100]
[2000,"045","JKEKJ010","三刃立铣刀杆;φ20 R390-020A20-11M","B",1,"EA",{"v":1552.5,"d":"1,552.50"},{"v":1552.5,"d":"1,552.50"}]
[2000,"045","JKEKJ044","刀杆;2S-TE90AP; 322-W20-09;","B",2,"EA",{"v":1280.7,"d":"1,280.70"},{"v":2561.4,"d":"2,561.40"}]
[2000,"045","JKEKJ070","扣槽刀;LTT-DSK-885","B",16,"EA",463.344,{"v":7413.5,"d":"7,413.50"}]
[2000,"045","JKEKJ076","\"T\"钻;TDR4180-25T2-06; 杰瑞特","B",1,"EA",{"v":1812.62368,"d":"1,812.62"},{"v":1812.62,"d":"1,812.62"}]
[2000,"045","JKEKJ098","刀杆;TDR5170-25T2-06; 杰瑞特","B",3,"EA",{"v":2619.52,"d":"2,619.52"},{"v":7858.56,"d":"7,858.56"}]
[2000,"045","JKEKJ138","加工内铣牙刀杆; MT1616F33;1.5;ISO;京瓷;","B",1,"EA",{"v":2450,"d":"2,450.00"},{"v":2450,"d":"2,450.00"}]
[2000,"045","JKELA028","钨钢片;3X3X10","B",27,"EA",3.79363,102.43]
[2000,"045","JKELA099","钨钢块;3×3×7","B",17,"EA",3.71641,63.18]
[2000,"045","JKELB050","合金刀片◇; CCGT060204-AKΦ32","B",24,"EA",23.52,564.48]
[2000,"045","JKELB104","合金刀片◇; DCGX11T302-ALH10山特维克","B",12,"EA",69.44,833.28]
[2000,"045","JKELB112","合金刀片 □;山特维克; LCMX020204P-531120","B",35,"EA",58.22,{"v":2037.7,"d":"2,037.70"}]
[2000,"045","JKELB115","合金刀片◇; CNMG120404-MS/HTI10","B",4,"EA",21.4,85.6]
[2000,"045","JKELB142","合金刀片△;山特维克; TCMW090204FP(PCD)","B",4,"EA",505.7,{"v":2022.8,"d":"2,022.80"}]
[2000,"045","JKELB143","合金刀片△; TPGH110304R-FS HTi10","B",79,"EA",19.6,{"v":1548.4,"d":"1,548.40"}]
[2000,"045","JKELB144","合金刀片◇;山特维克; CCGX09T304-ALH10","B",2,"EA",59.52,119.04]
[2000,"045","JKELB221","合金刀片△; TPGT080204R;","B",21,"EA",50.83397,{"v":1067.51,"d":"1,067.51"}]
[2000,"045","JKELB274","铝用刀片 ◇;LW610; DCGT11T304BAL;德国LMT","B",35,"EA",41.881,{"v":1465.84,"d":"1,465.84"}]
[2000,"045","JKELB286","铝用刀片 ◇;LW610; VCGT110302BAL;德国LMT","B",1,"EA",45.8,45.8]
[2000,"045","JKELB305","钻石刀片△;修磨; TCMW090204FP(PCD)","B",4,"EA",45,180]
[2000,"045","JKELB316","刀片■;CCGW120408 PCD; 兴车磨","B",10,"EA",189.15,{"v":1891.5,"d":"1,891.50"}]
[2000,"045","JKELB317","刀片■;DCGT070204 BAL; LW610;兴车磨","B",48,"EA",37.8,{"v":1814.4,"d":"1,814.40"}]
[2000,"045","JKELB321","刀片△;CCGT09T304 BAL; LW610;兴车磨","B",13,"EA",45.3,588.9]
[2000,"045","JKELB351","钻石刀片◇;CCMW060204 PCD;兴车磨","B",15,"EA",350,{"v":5250,"d":"5,250.00"}]
[2000,"045","JKELB384","切槽刀片;GMM3020-TMR; PR1115;京瓷","B",9,"EA",45.76,411.84]
[2000,"045","JKELB410","刀片★;GER100-005B; 京瓷;","B",4,"EA",72,288]
[2000,"045","JKELC029","铣刀片;S44E-W2E KT9","B",4,"EA",58.6334,234.53]
[2000,"045","JMAA050","内六角螺丝;12X50;12.9级; 晋亿","C",84,"EA",1.2936,108.66]
[2000,"045","JMAA281","止付螺丝;12X15","C",16,"EA",0.471,7.54]
[2000,"045","JMAA7288","外六角螺丝;M12×50;8.8级","B",49,"EA",0.588,28.81]
[2000,"045","JMAA7436","刀片压紧螺丝; M3.5×0.6×8L;","B",31,"EA",7.448,230.89]
[2000,"045","JMAA7556","刀垫螺丝;SHXN0610F 杰瑞特","B",18,"EA",28,504]
[2000,"045","JMAA7582","螺丝;TS18041I/GH","B",18,"EA",20,360]
[2000,"045","JMAA7584","螺丝;FTKA02565S","B",2,"EA",24,48]
[2000,"045","JMAA7710","紧固螺钉;SB-2045TR;","B",3,"EA",11.2,33.6]
[2000,"045","JMAD055","螺母;配BT40-ER11-70","C",2,"EA",143,286]
[2000,"045","JMAD152","螺帽; ER16-A;速技能","B",6,"EA",110.446,662.68]
[2000,"045","JMAD159","ER螺帽;ER20-A型;速技能","B",1,"EA",115.248,115.25]
[2000,"045","JMAD173","ER螺母;ER20; 正河源","B",7,"EA",130.614,914.3]
[2000,"045","JMAD185","ER锁紧螺母;ER32; 5533051-04;山特维克;","B",2,"EA",612,{"v":1224,"d":"1,224.00"}]
[2000,"045","JMAG004","白铁垫片;0.04×12.7; 5M/卷;西德","C",1,"卷",84.85115,84.85]
[2000,"045","JMAG005","白铁垫片;0.05×12.7; 5M/卷;西德","C",2,"卷",84.85115,169.7]
[2000,"045","JMAG006","白铁垫片;0.06×12.7; 5M/卷;西德","C",3,"卷",79.233,237.7]
[2000,"045","JMAG007","白铁垫片;0.07×12.7; 5M/卷;西德","C",2,"卷",69.629,139.26]
[2000,"045","JMAG008","白铁垫片;0.08×12.7; 5M/卷;西德","C",3,"卷",66.14755,198.44]
[2000,"045","JMAG012","白铁垫片;0.3×12.7; 5M/卷;西德","C",1,"卷",69.84,69.84]
[2000,"045","JMBH273","珩磨头拉伸弹簧;单头锥度; 中Φ2.0×线Φ0.4×130L","B",40,"EA",4.8,192]
[2000,"045","PG097-0002-004-00","XL1371活塞铣齿防振工装","B",1,"ST",{"v":1978.3,"d":"1,978.30"},{"v":1978.3,"d":"1,978.30"}]
[2000,"045","PG097-0021-001-00","P950活塞铣齿工装","B",1,"EA",0,0]
[2000,"045","PG097-0022-001-00","F1600活塞铣齿工装","B",1,"EA",0,0]
[2000,"045","PG115-0025-001-00","十字联工装第一套","B",1,"EA",0,0]
[2000,"045","PG115-0025-002-00","十字联工装第二套","B",1,"EA",0,0]
[2000,"065","C010-3180-720","318631-4;2.0;NO MARK毛坯 OTHER;NC二冲;8A-1","A",{"v":1314,"d":"1,314.00"},"EA",0,0]
[2000,"065","C010-3862-720","195.132.110;2.0JCC专MARK 毛坯;OTHER;NC二冲;9B","A",365,"EA",0,0]
[2000,"065","C010-4353-733","318665-7;3.3;毛坯; OTHER;JCC及专MARK;9B","A",10,"EA",0,0]
[2000,"065","C010-4469-710","318441A9;1.0;毛坯; OTHER;NO MARK;B390.0","A",176,"EA",1.11416,196.09]
[2000,"065","C030-0011-001","COPELAND连杆毛坯;A380 2983125-2;0399","A",286,"EA",5.18828,{"v":1483.85,"d":"1,483.85"}]
[2000,"065","C030-0021-001","COPELAND连杆本体毛坯A380 008-0306-99","A",319,"EA",0,0]
[2000,"065","C030-0021-002","COPELAND连杆端帽毛坯A380 005-0820-99","A",319,"EA",0,0]
[2000,"065","C030-0043-001","COPELAND连杆毛坯;A380; 008-0443-99","A",145,"EA",6.18458,896.76]
[2000,"065","C030-0050-001","Z1VA-3连杆毛坯;ZL106; 嘉陵本田","A",174,"EA",4.22256,734.73]
[2000,"065","C030-0051-001","ZOT-3连杆毛坯;ZL106; 嘉陵本田","A",537,"EA",4.17752,{"v":2243.33,"d":"2,243.33"}]
[2000,"065","C030-0078-001","COPELAND捷克连杆毛坯; 008-0532-99;A380;","A",26,"EA",5.77831,150.24]
[2000,"065","C030-0079-001","COPELAND捷克连杆体毛坯; 008-0531-99;A380;","A",34,"EA",0.67414,22.92]
[2000,"065","C030-0079-002","COPELAND捷克连杆盖毛坯; 005-2169-99;A380;","A",34,"EA",0.67414,22.92]
[2000,"065","C030-0080-001","COPELAND捷克连杆毛坯; 008-0533-99;A380;","A",27,"EA",1.37356,37.09]
[2000,"065","C030-0081-001","COPELAND捷克连杆体毛坯; 008-0530-99;A380;","A",32,"EA",3.97894,127.33]
[2000,"065","C030-0081-002","COPELAND捷克连杆盖毛坯; 005-2168-99;A380;","A",32,"EA",2.2473,71.91]
[2000,"065","C050-0083-002","富士华汽缸Φ44毛坯A380 5440885;M版","A",{"v":1780,"d":"1,780.00"},"EA",15.15627,{"v":26978.16,"d":"26,978.16"}]
[2000,"065","C050-0100-003","富士华D41缸体毛坯;A380 5444056-02;P版;","A",317,"EA",13.79728,{"v":4373.74,"d":"4,373.74"}]
[2000,"065","C050-0100-004","富士华D41缸体毛坯;A380 5444056-03;P版;","A",971,"EA",13.79728,{"v":13397.15,"d":"13,397.15"}]
[2000,"065","C050-0104-002","富士华38CC汽缸(新版)毛坯 B390;545-105701","A",{"v":1295,"d":"1,295.00"},"EA",14.08817,{"v":18244.18,"d":"18,244.18"}]
[2000,"065","C070-0027-001","特灵底座毛坯; A380;X68108952","A",29,"EA",9.54785,276.89]
[2000,"065","C070-0028-001","底座毛坯;A380;X62108940;","A",39,"EA",17.60177,686.47]
[2000,"065","C070-0029-001","底座毛坯;A380;X62108926;","A",526,"EA",4.91969,{"v":2587.75,"d":"2,587.75"}]
[2000,"065","C070-0030-001","特灵底座毛坯;无M4预铸孔; A380;X62107757","A",82,"EA",9.54785,782.92]
[2000,"065","C098-0001-001","活塞体XL1126毛坯;ZL101A; XL2C208","A",6,"EA",44.84463,269.07]
[2000,"065","C098-0021-001","活塞体F950毛坯;ZL101A; VA001-106-30","A",9,"EA",56.99867,512.99]
[2000,"065","C098-0022-001","活塞体F1600毛坯;ZL101A; VA001-106-34","A",57,"EA",78.63834,{"v":4482.39,"d":"4,482.39"}]
[2000,"065","C100-0001-001","XL281缸体毛坯;ZL101A","A",19,"EA",72.09982,{"v":1369.9,"d":"1,369.90"}]
[2000,"065","C100-0002-001","XL426缸体毛坯;ZL101A","A",18,"EA",89.691,{"v":1614.44,"d":"1,614.44"}]
[2000,"065","C100-0003-001","XL681缸体毛坯;ZL101A","A",21,"EA",114.58441,{"v":2406.27,"d":"2,406.27"}]
[2000,"065","C100-0011-001","XL26缸体毛坯;ZL101A","A",6,"EA",22.11689,132.7]
[2000,"065","C100-0015-001","XL221缸体毛坯;ZL101A","A",26,"EA",65.81612,{"v":1711.22,"d":"1,711.22"}]
[2000,"065","C100-0070-001","F350缸体毛坯;350M;ZL101A VA001-029-60","A",131,"EA",96.67427,{"v":12664.33,"d":"12,664.33"}]
[2000,"065","C100-0072-001","F25缸体毛坯;25M;ZL101A; VA001-027-58","A",29,"EA",17.18543,498.38]
[2000,"065","C100-0076-001","XL1127缸体毛坯;ZL101A; VA-ED-001-4639","A",18,"EA",174.69033,{"v":3144.43,"d":"3,144.43"}]
[2000,"065","C100-0083-001","Q0350缸体毛坯;ZL101A; VA-ED-002-3761;","A",247,"EA",107.99904,{"v":26675.76,"d":"26,675.76"}]
[2000,"065","C120-0015-004","十字连轴节毛坯;AlSi9Cu3; 5105076","A",79,"EA",4.8259,381.25]
[2000,"065","C120-0022-001","十字连轴节毛坯; AlSi9Cu3;X62108939","A",29,"EA",2.46728,71.55]
[2000,"065","C120-0023-001","十字连轴节毛坯; AlSi9Cu3;X62108950","A",41,"EA",2.46728,101.16]
[2000,"065","C120-0024-001","十字连轴节毛坯; AlSi9Cu3;X62108958","A",64,"EA",1.8625,119.2]
[2000,"065","C120-0027-001","十字连轴节毛坯; AlSi9Cu3;X62108315","A",63,"EA",2.90639,183.1]
[2000,"065","C160-0010-001","XL1126SR端盖毛坯;ZL101A; XL2D208","A",4,"EA",52.89705,211.59]
[2000,"065","C185-0002-001","轮毂盖毛坯; 90-60-00004-000;","A",350,"EA",7.26075,{"v":2541.26,"d":"2,541.26"}]
[2000,"065","C185-0003-001","轮毂毛坯; 90-60-00003-000;","A",704,"EA",19.44277,{"v":13687.71,"d":"13,687.71"}]
[2000,"065","C285-0001-001","C1209 进气摇臂毛坯A356.0","A",917,"EA",0,0]
[2000,"065","C285-0002-001","C1210 进气摇臂毛坯A356.0","A",{"v":1568,"d":"1,568.00"},"EA",2.34602,{"v":3678.56,"d":"3,678.56"}]
[2000,"065","C285-0003-001","C1227排气摇臂毛坯;354.0","A",{"v":1327,"d":"1,327.00"},"EA",4.81768,{"v":6393.06,"d":"6,393.06"}]
[2000,"065","C285-0007-001","C1196进气摇臂;毛坯A356.0 4663130","A",686,"EA",3.1928,{"v":2190.26,"d":"2,190.26"}]
[2000,"065","C285-0009-001","福特摇臂毛坯;354.0 RK03610","A",{"v":7889,"d":"7,889.00"},"EA",3.01264,{"v":23766.75,"d":"23,766.75"}]
[2000,"065","C300-0019-002","嘉陵本田Z6L歧管毛坯;4B; 17101-Z6L-0100","A",71,"EA",17.48532,{"v":1241.46,"d":"1,241.46"}]
[2000,"065","C505-0025-001","科勒进气歧管毛坯;AA319.0 24-164-01-1","A",77,"EA",14.95157,{"v":1151.27,"d":"1,151.27"}]
[2000,"999","JCHD098","PU管;Φ12×8;","C",200,"M",2.7,540]
[2000,"999","JCHD136","PU管;Φ8×6;","C",500,"M",0.91,455]
[2000,"A01","C025-0050-001","Z1VA-3连杆总成;嘉陵本田; 13200-Z1V-6000","A",{"v":24287,"d":"24,287.00"},"EA",7.87221,{"v":191192.27,"d":"191,192.27"}]
[2000,"A01","C025-0051-001","ZOT-3连杆总成;嘉陵本田; 13200-Z1T-6000","A",{"v":10718,"d":"10,718.00"},"EA",8.02478,{"v":86009.61,"d":"86,009.61"}]
[2000,"A01","C305-0018-001","Z6M歧管;17101-Z6M-0000 嘉陵本田","A",198,"EA",33.64359,{"v":6661.43,"d":"6,661.43"}]
[2000,"A01","C305-0018-002","Z6M歧管;17101-Z6M-0100 嘉陵本田","A",326,"EA",33.64359,{"v":10967.81,"d":"10,967.81"}]
[2000,"A01","C305-0019-002","Z6L歧管;17101-Z6L-0100 嘉陵本田","A",{"v":4297,"d":"4,297.00"},"EA",27.34622,{"v":117506.71,"d":"117,506.71"}]
[2000,"A01","C305-0019-003","Z6L歧管;17101-Z6L-3050 嘉陵本田","A",72,"EA",26.36958,{"v":1898.61,"d":"1,898.61"}]
[2000,"A03","C045-0104-003","富士华38CC汽缸(E版); 545 1057 03","A",{"v":2311,"d":"2,311.00"},"EA",33.91973,{"v":78388.51,"d":"78,388.51"}]